{"text_format":"3","workbook":"xlsx","n_sheets":2,"sheets":["SUMMARY","Detailed Estimate"],"not_rendered":{"images":1,"defined_names":3},"read":"whole","date_system":"1900"}

{"sheet":"SUMMARY","index":0,"n_rows":32,"n_cols":5,"rows_kept":32,"merged":[[0,4,0,5],[0,9,0,10],[0,11,0,15],[1,4,1,5],[1,6,1,10],[2,0,2,2],[2,4,2,5],[2,6,2,10],[3,0,3,2]]}
[]
[{"$nulls":4},"Project Name:"]
["www.biddingpartners.com",{"$nulls":3},"Address:"]
["+1 (347) 994-0941"]
[]
[null,"CSI DIV.","DESCRIPTION","TOTAL TRADE COST","REMARKS"]
[]
[null,"DIV.01","GENERAL CONDITIONS",{"$f":"'Detailed Estimate'!P8","v":{"v":125593.25000000001,"d":"$125,593.25"}}]
[null,{"$f":"'Detailed Estimate'!D14","v":"DIV. 02"},{"$f":"'Detailed Estimate'!E14","v":"DEMOLITION / EXISTING CONDITION"},{"$f":"'Detailed Estimate'!P14","v":{"v":46838.97,"d":"$46,838.97"}}]
[null,"DIV.03","CONCRETE",{"$f":"'Detailed Estimate'!P28","v":{"v":247176.327736963,"d":"$247,176.33"}}]
[null,"DIV.04",{"$f":"'Detailed Estimate'!E77","v":"MASONRY"},{"$f":"'Detailed Estimate'!P77","v":{"v":8576.7,"d":"$8,576.70"}}]
[null,"DIV.05","METALS",{"$f":"'Detailed Estimate'!P81","v":{"v":86833.27309999998,"d":"$86,833.27"}}]
[null,"DIV.06","WOOD PLASTICS & COMPOSITES",{"$f":"'Detailed Estimate'!P162","v":{"v":259630.5964949999,"d":"$259,630.60"}}]
[null,"DIV.07","THERMAL & MOISTURE PROTECTION",{"$f":"'Detailed Estimate'!P607","v":{"v":271920.24860000005,"d":"$271,920.25"}}]
[null,{"$f":"'Detailed Estimate'!D695","v":"DIV. 08"},{"$f":"'Detailed Estimate'!E695","v":"OPENINGS"},{"$f":"'Detailed Estimate'!P695","v":{"v":148187.0302200001,"d":"$148,187.03"}}]
[null,{"$f":"'Detailed Estimate'!D812","v":"DIV. 09"},{"$f":"'Detailed Estimate'!E812","v":"FINISHES"},{"$f":"'Detailed Estimate'!P812","v":{"v":470625.6737267761,"d":"$470,625.67"}}]
[null,{"$f":"'Detailed Estimate'!D1357","v":"DIV. 10"},{"$f":"'Detailed Estimate'!E1357","v":"SPECIALITIES"},{"$f":"'Detailed Estimate'!P1357","v":{"v":10210.720000000001,"d":"$10,210.72"}}]
[null,{"$f":"'Detailed Estimate'!D1367","v":"DIV. 11"},{"$f":"'Detailed Estimate'!E1367","v":"EQUIPMENTS"},{"$f":"'Detailed Estimate'!P1367","v":{"v":92364.865888,"d":"$92,364.87"}}]
[null,{"$f":"'Detailed Estimate'!D1408","v":"DIV. 12"},{"$f":"'Detailed Estimate'!E1408","v":"FURNISHING"},{"$f":"'Detailed Estimate'!P1408","v":{"v":148041.70150000002,"d":"$148,041.70"}}]
[null,{"$f":"'Detailed Estimate'!D1462","v":"DIV. 22"},{"$f":"'Detailed Estimate'!E1462","v":"PLUMBING"},{"$f":"'Detailed Estimate'!P1462","v":{"v":45488.287306,"d":"$45,488.29"}}]
[null,{"$f":"'Detailed Estimate'!D1499","v":"DIV. 23"},{"$f":"'Detailed Estimate'!E1499","v":"HEAT VENTILATION & AIR CONDITIONING"},{"$f":"'Detailed Estimate'!P1499","v":{"v":114218.706,"d":"$114,218.71"}}]
[null,{"$f":"'Detailed Estimate'!D1628","v":"DIV. 26"},{"$f":"'Detailed Estimate'!E1628","v":"ELECTRICAL"},{"$f":"'Detailed Estimate'!P1628","v":{"v":96439.31845599998,"d":"$96,439.32"}}]
[{"$f":"IF(G23<>\"\",1+MAX($A$1:A14),\"\")","v":""},"DIV.31","EARTHWORKS",{"$f":"'Detailed Estimate'!P1778","v":{"v":327070.36592592596,"d":"$327,070.37"}}]
[{"$f":"IF(G24<>\"\",1+MAX($A$1:A23),\"\")","v":""},"DIV.32","EXTERIOR IMPROVEMENTS",{"$f":"'Detailed Estimate'!P1799","v":{"v":170401.4184120518,"d":"$170,401.42"}}]
[{"$f":"IF(G25<>\"\",1+MAX($A$1:A24),\"\")","v":""},"DIV.33","UTILITIES",{"$f":"'Detailed Estimate'!P1877","v":{"v":47126.6295,"d":"$47,126.63"}}]
[{"$f":"IF(G26<>\"\",1+MAX($A$1:A14),\"\")","v":""}]
[null,null,"SUBTOTAL",{"$f":"SUM(D8:D26)","v":{"v":2716744.0828667167,"d":"$2,716,744.08"}}]
[null,null,"OVERHEAD & PROFIT - 25%",{"$f":"0.25*D27","v":{"v":679186.0207166792,"d":"$679,186.02"}}]
[null,null,"TOTAL BID",{"$f":"SUM(D27:D28)","v":{"v":3395930.103583396,"d":"$3,395,930.10"}}]
[]
[{"$f":"IF(G42<>\"\",1+MAX($A$1:A30),\"\")","v":""},null,"EXCLUSIONS"]
[{"$f":"IF(G43<>\"\",1+MAX($A$1:A31),\"\")","v":""},null,"ALL ITEMS NOT MENTIONED ABOVE ARE EXCLUDED"]

{"sheet":"Detailed Estimate","index":1,"n_rows":1936,"n_cols":16,"rows_kept":1936,"merged":[[0,9,0,10],[0,11,0,15],[1,9,1,10],[1,11,1,15],[2,0,2,3],[2,9,2,10],[2,11,2,15],[3,0,3,3],[1368,6,1368,7],[1409,6,1409,7],[1463,6,1463,7],[1501,6,1501,7],[1505,6,1505,7],[1509,6,1509,7],[1541,6,1541,7],[1546,6,1546,7],[1551,6,1551,7],[1590,6,1590,7],[1597,6,1597,7],[1601,6,1601,7],[1933,0,1933,3],[1935,0,1935,3]]}
[]
[{"$nulls":9},"Project Name:"]
["www.biddingpartners.com",{"$nulls":8},"Address:"]
[{"v":3479940941,"d":"+1 (347) 994-0941"}]
[]
["SR #","REFERENCE SHEET","DETAIL SHEET","CSI SECT","DESCRIPTION","QTY.","WASTAGE","QTY WITH\nWASTAGE","UNIT OF\nMEASURMENT","UNIT LABOR COST","TOTAL LABOR COST","UNIT MATERIAL COST","TOTAL MATERIAL COST","UNIT COST","TOTAL ITEM\nCOST","TOTAL TRADE\nCOST"]
[]
[{"$nulls":3},"DIV. 01","GENERAL REQUIREMENTS",{"$nulls":10},{"$f":"SUM(O10:O12)","v":{"v":125593.25000000001,"d":"$125,593"}}]
[]
[{"$f":"IF(I10<>\"\",1+MAX($A$6:A9),\"\")","v":1},{"$nulls":3},"PERMITS, SITE SUPERVISION, FINAL CLEANUP & DUMPSTER",1,{"v":0,"d":"0%"},{"$f":"F10*(1+G10)","v":1},"LS",{"$nulls":4},{"v":50237.3,"d":"$50,237.3"},{"$f":"N10*H10","v":{"v":50237.3,"d":"$50,237"}}]
[{"$f":"IF(I11<>\"\",1+MAX($A$6:A10),\"\")","v":2},{"$nulls":3},"Allowances",1,{"v":0,"d":"0%"},{"$f":"F11*(1+G11)","v":1},"LS",{"$nulls":4},{"v":25118.65,"d":"$25,118.7"},{"$f":"N11*H11","v":{"v":25118.65,"d":"$25,119"}}]
[{"$f":"IF(I12<>\"\",1+MAX($A$6:A11),\"\")","v":3},{"$nulls":3},"Mobilization",1,{"v":0,"d":"0%"},1,"LS",{"$nulls":4},{"v":50237.3,"d":"$50,237.3"},{"v":50237.3,"d":"$50,237"}]
[{"$f":"IF(I13<>\"\",1+MAX($A$6:A12),\"\")","v":""}]
[{"$f":"IF(I14<>\"\",1+MAX($A$6:A13),\"\")","v":""},null,null,"DIV. 02","DEMOLITION / EXISTING CONDITION",{"$nulls":10},{"$f":"SUM(O16:O26)","v":{"v":46838.97,"d":"$46,839"}}]
[{"$f":"IF(I15<>\"\",1+MAX($A$6:A14),\"\")","v":""}]
[{"$f":"IF(I16<>\"\",1+MAX($A$6:A15),\"\")","v":""},{"$nulls":3},"SITE DEMOLITION"]
[{"$f":"IF(I17<>\"\",1+MAX($A$6:A16),\"\")","v":""}]
[{"$f":"IF(I18<>\"\",1+MAX($A$6:A17),\"\")","v":4},"A1.0a","A1.0a",null,"Existing Building To Be Removed w/ Its Entirety",{"v":2430,"d":"2,430"},{"v":0,"d":"0%"},{"$f":"F18*(1+G18)","v":2430},"SF",{"v":13,"d":"$13.0"},{"$f":"J18*H18","v":{"v":31590,"d":"$31,590.00"}},0,{"$f":"L18*H18","v":0},{"v":13,"d":"$13.0"},{"$f":"N18*H18","v":{"v":31590,"d":"$31,590"}}]
[{"$f":"IF(I19<>\"\",1+MAX($A$6:A18),\"\")","v":5},"A1.0a","A1.0a",null,"Existing Shed To Be Removed",{"v":224.02,"d":"224"},{"v":0,"d":"0%"},{"$f":"F19*(1+G19)","v":{"v":224.02,"d":"224"}},"SF",{"v":7,"d":"$7.0"},{"$f":"J19*H19","v":{"v":1568.14,"d":"$1,568.14"}},0,{"$f":"L19*H19","v":0},{"v":7,"d":"$7.0"},{"$f":"N19*H19","v":{"v":1568.14,"d":"$1,568"}}]
[{"$f":"IF(I20<>\"\",1+MAX($A$6:A19),\"\")","v":6},"A1.0a","A1.0a",null,"Existing SPA To Be Relocated",{"v":36.47,"d":"36"},{"v":0,"d":"0%"},{"v":36.47,"d":"36"},"SF",{"v":35,"d":"$35.0"},{"$f":"J20*H20","v":{"v":1276.45,"d":"$1,276.45"}},0,{"$f":"L20*H20","v":0},{"v":35,"d":"$35.0"},{"v":1276.45,"d":"$1,276"}]
[{"$f":"IF(I21<>\"\",1+MAX($A$6:A20),\"\")","v":7},"A1.0a","A1.0a",null,"Existing Pond To Be Removed",{"v":277.04,"d":"277"},{"v":0,"d":"0%"},{"v":277.04,"d":"277"},"SF",{"v":12,"d":"$12.0"},{"$f":"J21*H21","v":{"v":3324.4800000000005,"d":"$3,324.48"}},0,{"$f":"L21*H21","v":0},{"v":12,"d":"$12.0"},{"v":3324.4800000000005,"d":"$3,324"}]
[{"$f":"IF(I22<>\"\",1+MAX($A$6:A21),\"\")","v":8},"A1.0a","A1.0a",null,"Existing Water Pipe To Be Removed",{"v":82.99,"d":"83"},{"v":0,"d":"0%"},{"v":82.99,"d":"83"},"LF",{"v":10,"d":"$10.0"},{"$f":"J22*H22","v":{"v":829.9,"d":"$829.90"}},0,{"$f":"L22*H22","v":0},{"v":10,"d":"$10.0"},{"v":829.9,"d":"$830"}]
[{"$f":"IF(I23<>\"\",1+MAX($A$6:A22),\"\")","v":9},"A1.0a","A1.0a",null,"Existing Trees To Be Removed",6,{"v":0,"d":"0%"},6,"EA",{"v":1200,"d":"$1,200.0"},{"$f":"J23*H23","v":{"v":7200,"d":"$7,200.00"}},0,{"$f":"L23*H23","v":0},{"v":1200,"d":"$1,200.0"},{"v":7200,"d":"$7,200"}]
[{"$f":"IF(I24<>\"\",1+MAX($A$6:A23),\"\")","v":10},"A1.0a","A1.0a",null,"Existing Water Line To Disconnected & Plugged",1,{"v":0,"d":"0%"},1,"EA",{"v":250,"d":"$250.0"},{"v":250,"d":"$250.00"},0,0,{"v":250,"d":"$250.0"},{"v":250,"d":"$250"}]
[{"$f":"IF(I25<>\"\",1+MAX($A$6:A24),\"\")","v":11},"A1.0a","A1.0a",null,"Existing Electrical Meter To Be Removed",1,{"v":0,"d":"0%"},1,"EA",{"v":350,"d":"$350.0"},{"v":350,"d":"$350.00"},0,0,{"v":350,"d":"$350.0"},{"v":350,"d":"$350"}]
[{"$f":"IF(I26<>\"\",1+MAX($A$6:A25),\"\")","v":12},"A1.0a","A1.0a",null,"Existing Gas Meter To Be Removed",1,{"v":0,"d":"0%"},1,"EA",{"v":450,"d":"$450.0"},{"v":450,"d":"$450.00"},0,0,{"v":450,"d":"$450.0"},{"v":450,"d":"$450"}]
[{"$f":"IF(I27<>\"\",1+MAX($A$6:A26),\"\")","v":""}]
[{"$f":"IF(I28<>\"\",1+MAX($A$6:A27),\"\")","v":""},null,null,"DIV. 03","CONCRETE",{"$nulls":10},{"$f":"SUM(O34:O76)","v":{"v":247176.327736963,"d":"$247,176"}}]
[{"$f":"IF(I29<>\"\",1+MAX($A$6:A28),\"\")","v":""}]
[{"$f":"IF(I30<>\"\",1+MAX($A$6:A29),\"\")","v":""},{"$nulls":3},"BUILDING CONCRETE"]
[{"$f":"IF(I31<>\"\",1+MAX($A$6:A30),\"\")","v":""}]
[{"$f":"IF(I32<>\"\",1+MAX($A$6:A31),\"\")","v":""},{"$nulls":3},"RAT SLAB"]
[{"$f":"IF(I33<>\"\",1+MAX($A$6:A32),\"\")","v":""}]
[{"$f":"IF(I34<>\"\",1+MAX($A$6:A33),\"\")","v":13},"S-2.2","A-5",null,"4\" Rat Slab @ Crawl Space",{"v":558.9,"d":"559"},{"v":0.1,"d":"10%"},{"$f":"F34*(1+G34)","v":{"v":614.7900000000001,"d":"615"}},"SF",{"v":3.42,"d":"$3.4"},{"$f":"J34*H34","v":{"v":2102.5818000000004,"d":"$2,102.58"}},{"v":2.58,"d":"$2.58"},{"$f":"L34*H34","v":{"v":1586.1582000000003,"d":"$1,586.16"}},{"v":6,"d":"$6.0"},{"$f":"N34*H34","v":{"v":3688.7400000000007,"d":"$3,689"}}]
[{"$f":"IF(I35<>\"\",1+MAX($A$6:A34),\"\")","v":14},"S-2.2","A-5",null,"Wire Mesh For Rat Slab",{"v":558.9,"d":"559"},{"v":0.1,"d":"10%"},{"$f":"F35*(1+G35)","v":{"v":614.7900000000001,"d":"615"}},"SF",{"v":1.36,"d":"$1.4"},{"$f":"J35*H35","v":{"v":836.1144000000002,"d":"$836.11"}},{"v":0.64,"d":"$0.64"},{"$f":"L35*H35","v":{"v":393.46560000000005,"d":"$393.47"}},{"v":2,"d":"$2.0"},{"$f":"N35*H35","v":{"v":1229.5800000000002,"d":"$1,230"}}]
[{"$f":"IF(I36<>\"\",1+MAX($A$6:A35),\"\")","v":""}]
[{"$f":"IF(I37<>\"\",1+MAX($A$6:A36),\"\")","v":""},{"$nulls":3},"STRUCTURAL SLABS"]
[{"$f":"IF(I38<>\"\",1+MAX($A$6:A37),\"\")","v":""}]
[{"$f":"IF(I39<>\"\",1+MAX($A$6:A38),\"\")","v":15},"S-2.2","S-3.2",null,"4\" Thick Slab On Grade w/ #4 Bars @ 18\" O.C. Each Way",{"v":771.46,"d":"771"},{"v":0.1,"d":"10%"},{"$f":"F39*(1+G39)","v":{"v":848.6060000000001,"d":"849"}},"SF",{"v":3.42,"d":"$3.4"},{"$f":"J39*H39","v":{"v":2902.2325200000005,"d":"$2,902.23"}},{"v":2.58,"d":"$2.58"},{"$f":"L39*H39","v":{"v":2189.4034800000004,"d":"$2,189.40"}},{"v":6,"d":"$6.0"},{"$f":"N39*H39","v":{"v":5091.636,"d":"$5,092"}}]
[{"$f":"IF(I40<>\"\",1+MAX($A$6:A39),\"\")","v":16},"S-2.2","S-3.2",null," #4 Bars @ 18\" O.C. Each Way",{"$f":"F39/1.5*2*0.668","v":{"v":687.1137066666668,"d":"687"}},{"v":0.1,"d":"10%"},{"$f":"F40*(1+G40)","v":{"v":755.8250773333335,"d":"756"}},"LBS",{"v":1.7000000000000002,"d":"$1.7"},{"$f":"J40*H40","v":{"v":1284.9026314666671,"d":"$1,284.90"}},{"v":0.8,"d":"$0.80"},{"$f":"L40*H40","v":{"v":604.6600618666669,"d":"$604.66"}},{"v":2.5,"d":"$2.5"},{"$f":"N40*H40","v":{"v":1889.5626933333338,"d":"$1,890"}}]
[{"$f":"IF(I41<>\"\",1+MAX($A$6:A40),\"\")","v":""}]
[{"$f":"IF(I42<>\"\",1+MAX($A$6:A41),\"\")","v":""},{"$nulls":3},"CONCRETE PIERS"]
[{"$f":"IF(I43<>\"\",1+MAX($A$6:A42),\"\")","v":""}]
[{"$f":"IF(I44<>\"\",1+MAX($A$6:A43),\"\")","v":17},"S-2.2","S-2.2",null,"P1 - 18\" Dia Drilled Concrete Pier w/ (6) Verti. Bars & #4 Spiral Ties Bars @ 3\" O.C. - 12' High",{"v":9.42,"d":"9"},{"v":0.1,"d":"10%"},{"$f":"F44*(1+G44)","v":{"v":10.362,"d":"10"}},"CY",{"v":258.5,"d":"$258.5"},{"$f":"J44*H44","v":{"v":2678.577,"d":"$2,678.58"}},{"v":291.5,"d":"$291.50"},{"$f":"L44*H44","v":{"v":3020.523,"d":"$3,020.52"}},{"v":550,"d":"$550.0"},{"$f":"N44*H44","v":{"v":5699.1,"d":"$5,699"}}]
[{"$f":"IF(I45<>\"\",1+MAX($A$6:A44),\"\")","v":18},"S-2.2","S-2.2",null,"(6) #6 Verti. Bars",{"$f":"12*6*1.5*12","v":{"v":1296,"d":"1,296"}},{"v":0.1,"d":"10%"},{"$f":"F45*(1+G45)","v":{"v":1425.6000000000001,"d":"1426"}},"LBS",{"v":2.176,"d":"$2.2"},{"$f":"J45*H45","v":{"v":3102.1056000000003,"d":"$3,102.11"}},{"v":1.024,"d":"$1.02"},{"$f":"L45*H45","v":{"v":1459.8144000000002,"d":"$1,459.81"}},{"v":3.2,"d":"$3.2"},{"$f":"N45*H45","v":{"v":4561.920000000001,"d":"$4,562"}}]
[{"$f":"IF(I46<>\"\",1+MAX($A$6:A45),\"\")","v":19},"S-2.2","S-2.2",null,"#4 Spiral Ties Bars @ 3\" O.C.",{"v":382.52736,"d":"383"},{"v":0.1,"d":"10%"},{"v":420.780096,"d":"421"},"LBS",{"v":1.7000000000000002,"d":"$1.7"},{"$f":"J46*H46","v":{"v":715.3261632000001,"d":"$715.33"}},{"v":0.8,"d":"$0.80"},{"$f":"L46*H46","v":{"v":336.6240768,"d":"$336.62"}},{"v":2.5,"d":"$2.5"},{"v":1051.9502400000001,"d":"$1,052"}]
[{"$f":"IF(I47<>\"\",1+MAX($A$6:A46),\"\")","v":""}]
[{"$f":"IF(I48<>\"\",1+MAX($A$6:A47),\"\")","v":20},"S-2.2","S-2.2",null,"P1 - 18\" Dia Drilled Concrete Pier w/ (6) Verti. Bars & #4 Spiral Ties Bars @ 3\" O.C. - 16' High",{"v":6.28,"d":"6"},{"v":0.1,"d":"10%"},{"$f":"F48*(1+G48)","v":{"v":6.908000000000001,"d":"7"}},"CY",{"v":258.5,"d":"$258.5"},{"$f":"J48*H48","v":{"v":1785.7180000000003,"d":"$1,785.72"}},{"v":291.5,"d":"$291.50"},{"$f":"L48*H48","v":{"v":2013.6820000000005,"d":"$2,013.68"}},{"v":550,"d":"$550.0"},{"$f":"N48*H48","v":{"v":3799.4000000000005,"d":"$3,799"}}]
[{"$f":"IF(I49<>\"\",1+MAX($A$6:A48),\"\")","v":21},"S-2.2","S-2.2",null,"(6) #6 Verti. Bars",{"$f":"16*6*1.5*6","v":864},{"v":0.1,"d":"10%"},{"v":950.4000000000001,"d":"950"},"LBS",{"v":2.176,"d":"$2.2"},{"$f":"J49*H49","v":{"v":2068.0704000000005,"d":"$2,068.07"}},{"v":1.024,"d":"$1.02"},{"$f":"L49*H49","v":{"v":973.2096000000001,"d":"$973.21"}},{"v":3.2,"d":"$3.2"},{"v":3041.2800000000007,"d":"$3,041"}]
[{"$f":"IF(I50<>\"\",1+MAX($A$6:A49),\"\")","v":22},"S-2.2","S-2.2",null,"#4 Spiral Ties Bars @ 3\" O.C.",{"v":255.01,"d":"255"},{"v":0.1,"d":"10%"},{"v":280.511,"d":"281"},"LBS",{"v":1.7000000000000002,"d":"$1.7"},{"$f":"J50*H50","v":{"v":476.8687000000001,"d":"$476.87"}},{"v":0.8,"d":"$0.80"},{"$f":"L50*H50","v":{"v":224.40880000000004,"d":"$224.41"}},{"v":2.5,"d":"$2.5"},{"v":701.2775,"d":"$701"}]
[{"$f":"IF(I51<>\"\",1+MAX($A$6:A50),\"\")","v":""}]
[{"$f":"IF(I52<>\"\",1+MAX($A$6:A51),\"\")","v":""},{"$nulls":3},"RETAINING WALL"]
[{"$f":"IF(I53<>\"\",1+MAX($A$6:A52),\"\")","v":""}]
[{"$f":"IF(I54<>\"\",1+MAX($A$6:A53),\"\")","v":23},"S-2.1","S-3.2",null,"12\" Thick Concrete Retaining Wall - 10' High",{"$f":"1*196.95*10/27","v":{"v":72.94444444444444,"d":"73"}},{"v":0.1,"d":"10%"},{"$f":"F54*(1+G54)","v":{"v":80.2388888888889,"d":"80"}},"CY",{"v":220.89999999999998,"d":"$220.9"},{"$f":"J54*H54","v":{"v":17724.770555555555,"d":"$17,724.77"}},{"v":249.10000000000002,"d":"$249.10"},{"$f":"L54*H54","v":{"v":19987.507222222226,"d":"$19,987.51"}},{"v":470,"d":"$470.0"},{"$f":"N54*H54","v":{"v":37712.27777777778,"d":"$37,712"}}]
[{"$f":"IF(I55<>\"\",1+MAX($A$6:A54),\"\")","v":24},"S-2.1","S-3.2",null,"2#4 Bars Horizontal @ 24\" O.C.",{"$f":"(196.95*10)/2*2*0.668","v":{"v":1315.626,"d":"1,316"}},{"v":0.1,"d":"10%"},{"v":1447.1886000000002,"d":"1447"},"LBS",{"v":1.7000000000000002,"d":"$1.7"},{"$f":"J55*H55","v":{"v":2460.2206200000005,"d":"$2,460.22"}},{"v":0.8,"d":"$0.80"},{"$f":"L55*H55","v":{"v":1157.7508800000003,"d":"$1,157.75"}},{"v":2.5,"d":"$2.5"},{"v":3617.9715000000006,"d":"$3,618"}]
[{"$f":"IF(I56<>\"\",1+MAX($A$6:A55),\"\")","v":25},"S-2.1","S-3.2",null,"#6 Verti. @ 6\" O.C.",{"$f":"(196.95*10)/0.5*1.5","v":{"v":5908.5,"d":"5,909"}},{"v":0.1,"d":"10%"},{"$f":"F56*(1+G56)","v":{"v":6499.35,"d":"6499"}},"LBS",{"v":2.176,"d":"$2.2"},{"$f":"J56*H56","v":{"v":14142.585600000002,"d":"$14,142.59"}},{"v":1.024,"d":"$1.02"},{"$f":"L56*H56","v":{"v":6655.334400000001,"d":"$6,655.33"}},{"v":3.2,"d":"$3.2"},{"$f":"N56*H56","v":{"v":20797.920000000002,"d":"$20,798"}}]
[{"$f":"IF(I57<>\"\",1+MAX($A$6:A56),\"\")","v":26},"S-2.1","S-3.2",null,"#4 Bars @ 24\" O.C. Verti",{"$f":"(196.95*10)/2*0.668","v":{"v":657.813,"d":"658"}},{"v":0.1,"d":"10%"},{"$f":"F57*(1+G57)","v":{"v":723.5943000000001,"d":"724"}},"LBS",{"v":1.7000000000000002,"d":"$1.7"},{"$f":"J57*H57","v":{"v":1230.1103100000003,"d":"$1,230.11"}},{"v":0.8,"d":"$0.80"},{"$f":"L57*H57","v":{"v":578.8754400000001,"d":"$578.88"}},{"v":2.5,"d":"$2.5"},{"$f":"N57*H57","v":{"v":1808.9857500000003,"d":"$1,809"}}]
[{"$f":"IF(I58<>\"\",1+MAX($A$6:A57),\"\")","v":""}]
[{"$f":"IF(I59<>\"\",1+MAX($A$6:A58),\"\")","v":""},{"$nulls":3},"MAT FOOTING"]
[{"$f":"IF(I60<>\"\",1+MAX($A$6:A59),\"\")","v":""}]
[{"$f":"IF(I61<>\"\",1+MAX($A$6:A60),\"\")","v":27},"S-2.1","S-3.2",null,"14\" Thick Mat Slab ",{"$f":"1.16*2464.44/27","v":{"v":105.87964444444444,"d":"106"}},{"v":0.1,"d":"10%"},{"$f":"F61*(1+G61)","v":{"v":116.46760888888889,"d":"116"}},"CY",{"v":246.75,"d":"$246.8"},{"$f":"J61*H61","v":{"v":28738.382493333334,"d":"$28,738.38"}},{"v":278.25,"d":"$278.25"},{"$f":"L61*H61","v":{"v":32407.112173333335,"d":"$32,407.11"}},{"v":525,"d":"$525.0"},{"$f":"N61*H61","v":{"v":61145.494666666666,"d":"$61,145"}}]
[{"$f":"IF(I62<>\"\",1+MAX($A$6:A61),\"\")","v":28},"S-2.1","S-3.2",null,"#6 Bars @ 12\" O.C. EW. Top & Bottom.",{"$f":"2464.44/1*2*2*1.5","v":{"v":14786.64,"d":"14,787"}},{"v":0.1,"d":"10%"},{"v":16265.304,"d":"16265"},"LBS",{"v":2.176,"d":"$2.2"},{"$f":"J62*H62","v":{"v":35393.301504,"d":"$35,393.30"}},{"v":1.024,"d":"$1.02"},{"$f":"L62*H62","v":{"v":16655.671296,"d":"$16,655.67"}},{"v":3.2,"d":"$3.2"},{"v":52048.9728,"d":"$52,049"}]
[{"$f":"IF(I63<>\"\",1+MAX($A$6:A62),\"\")","v":29},"S-2.1","S-3.2",null,"#6 Bars @ 6\" O.C. At Bottom - 9' Long",{"$f":"(207.32/0.5)*9*1.5","v":{"v":5597.639999999999,"d":"5,598"}},{"v":0.1,"d":"10%"},{"v":6157.4039999999995,"d":"6157"},"LBS",{"v":2.176,"d":"$2.2"},{"$f":"J63*H63","v":{"v":13398.511104,"d":"$13,398.51"}},{"v":1.024,"d":"$1.02"},{"$f":"L63*H63","v":{"v":6305.181696,"d":"$6,305.18"}},{"v":3.2,"d":"$3.2"},{"v":19703.6928,"d":"$19,704"}]
[{"$f":"IF(I64<>\"\",1+MAX($A$6:A63),\"\")","v":30},"S-2.1","S-3.2",null,"(2) #5 Diagonal Reinf. Top & Bottom At Corner - 8' Long",{"$f":"4*8*1.043","v":{"v":33.376,"d":"33"}},{"v":0.1,"d":"10%"},{"v":36.7136,"d":"37"},"LBS",{"v":2.04,"d":"$2.0"},{"$f":"J64*H64","v":{"v":74.895744,"d":"$74.90"}},{"v":0.96,"d":"$0.96"},{"$f":"L64*H64","v":{"v":35.245056,"d":"$35.25"}},{"v":3,"d":"$3.0"},{"v":110.1408,"d":"$110"}]
[{"$f":"IF(I65<>\"\",1+MAX($A$6:A64),\"\")","v":""}]
[{"$f":"IF(I66<>\"\",1+MAX($A$6:A65),\"\")","v":""},{"$nulls":3},"CONCRETE STEM WALLS"]
[{"$f":"IF(I67<>\"\",1+MAX($A$6:A66),\"\")","v":""}]
[{"$f":"IF(I68<>\"\",1+MAX($A$6:A67),\"\")","v":31},"S-2.2","S-3.1",null,"8\" Thick Concrete Stem Wall - 12\" High",{"$f":"181.1*1*0.67/27","v":{"v":4.493962962962963,"d":"4"}},{"v":0.1,"d":"10%"},{"$f":"F68*(1+G68)","v":{"v":4.94335925925926,"d":"4.9"}},"CY",{"v":220.89999999999998,"d":"$220.9"},{"$f":"J68*H68","v":{"v":1091.9880603703705,"d":"$1,091.99"}},{"v":249.10000000000002,"d":"$249.10"},{"$f":"L68*H68","v":{"v":1231.3907914814818,"d":"$1,231.39"}},{"v":470,"d":"$470.0"},{"$f":"N68*H68","v":{"v":2323.3788518518522,"d":"$2,323"}}]
[{"$f":"IF(I69<>\"\",1+MAX($A$6:A68),\"\")","v":32},"S-2.2","S-3.1",null,"#4 Bar Cont.",{"$f":"1*181.1*0.668","v":{"v":120.9748,"d":"121"}},{"v":0.1,"d":"10%"},{"$f":"F69*(1+G69)","v":{"v":133.07228,"d":"133.1"}},"LBS",{"v":1.7000000000000002,"d":"$1.7"},{"$f":"J69*H69","v":{"v":226.22287600000004,"d":"$226.22"}},{"v":0.8,"d":"$0.80"},{"$f":"L69*H69","v":{"v":106.45782400000002,"d":"$106.46"}},{"v":2.5,"d":"$2.5"},{"$f":"N69*H69","v":{"v":332.6807,"d":"$333"}}]
[{"$f":"IF(I70<>\"\",1+MAX($A$6:A69),\"\")","v":33},"S-2.2","S-3.1",null,"#4 Bars @ 18\" O.C. Verti.",{"$f":"181.1*1/1.5*0.668","v":{"v":80.64986666666667,"d":"81"}},{"v":0.1,"d":"10%"},{"$f":"F70*(1+G70)","v":{"v":88.71485333333334,"d":"88.7"}},"LBS",{"v":1.7000000000000002,"d":"$1.7"},{"v":150.81525066666669,"d":"$150.82"},{"v":0.8,"d":"$0.80"},{"v":70.97188266666667,"d":"$70.97"},{"v":2.5,"d":"$2.5"},{"$f":"N70*H70","v":{"v":221.78713333333334,"d":"$222"}}]
[{"$f":"IF(I71<>\"\",1+MAX($A$6:A70),\"\")","v":""}]
[{"$f":"IF(I72<>\"\",1+MAX($A$6:A71),\"\")","v":""},{"$nulls":3},"CONCRETE GRADE BEAM"]
[{"$f":"IF(I73<>\"\",1+MAX($A$6:A72),\"\")","v":""}]
[{"$f":"IF(I74<>\"\",1+MAX($A$6:A73),\"\")","v":34},"S-2.2","S-3.1",null,"(18\"X18\") Grade Beam w/ (3) #5 Bars Top & Bottom",{"$f":"1.5*1.5*249.66/27","v":{"v":20.805,"d":"21"}},{"v":0.1,"d":"10%"},{"$f":"F74*(1+G74)","v":{"v":22.8855,"d":"22.9"}},"CY",{"v":235,"d":"$235.0"},{"$f":"J74*H74","v":{"v":5378.0925,"d":"$5,378.09"}},{"v":265,"d":"$265.00"},{"$f":"L74*H74","v":{"v":6064.6575,"d":"$6,064.66"}},{"v":500,"d":"$500.0"},{"$f":"N74*H74","v":{"v":11442.75,"d":"$11,443"}}]
[{"$f":"IF(I75<>\"\",1+MAX($A$6:A74),\"\")","v":35},"S-2.2","S-3.1",null,"(3) #5 Bars Top & Bottom",{"$f":"6*249.66*1.043","v":{"v":1562.3722799999998,"d":"1,562"}},{"v":0.1,"d":"10%"},{"v":1718.609508,"d":"1718.6"},"LBS",{"v":2.04,"d":"$2.0"},{"$f":"J75*H75","v":{"v":3505.96339632,"d":"$3,505.96"}},{"v":0.96,"d":"$0.96"},{"$f":"L75*H75","v":{"v":1649.86512768,"d":"$1,649.87"}},{"v":3,"d":"$3.0"},{"v":5155.8285240000005,"d":"$5,156"}]
[{"$f":"IF(I76<>\"\",1+MAX($A$6:A75),\"\")","v":""}]
[{"$f":"IF(I77<>\"\",1+MAX($A$6:A76),\"\")","v":""},null,null,"DIV. 04","MASONRY",{"$nulls":10},{"$f":"SUM(O78:O80)","v":{"v":8576.7,"d":"$8,577"}}]
[{"$f":"IF(I78<>\"\",1+MAX($A$6:A77),\"\")","v":""}]
[{"$f":"IF(I79<>\"\",1+MAX($A$6:A78),\"\")","v":36},"A-2.1","A-2.1",null,"12\" Thick CMU Wall @ Chimney - (23'-0\" H)",{"$f":"11.3*23","v":{"v":259.90000000000003,"d":"260"}},{"v":0.1,"d":"10%"},{"$f":"F79*(1+G79)","v":{"v":285.89000000000004,"d":"286"}},"SF",{"v":14,"d":"$14.0"},{"$f":"J79*H79","v":{"v":4002.4600000000005,"d":"$4,002.46"}},{"v":16,"d":"$16.00"},{"$f":"L79*H79","v":{"v":4574.240000000001,"d":"$4,574.24"}},{"v":30,"d":"$30.0"},{"$f":"N79*H79","v":{"v":8576.7,"d":"$8,577"}}]
[{"$f":"IF(I80<>\"\",1+MAX($A$6:A79),\"\")","v":""}]
[{"$f":"IF(I81<>\"\",1+MAX($A$6:A80),\"\")","v":""},null,null,"DIV. 05","METALS",{"$nulls":10},{"$f":"SUM(O84:O161)","v":{"v":86833.27309999998,"d":"$86,833"}}]
[{"$f":"IF(I82<>\"\",1+MAX($A$6:A81),\"\")","v":""}]
[{"$f":"IF(I83<>\"\",1+MAX($A$6:A82),\"\")","v":""},{"$nulls":3},"LEVEL-1"]
[{"$f":"IF(I84<>\"\",1+MAX($A$6:A83),\"\")","v":""}]
[{"$f":"IF(I85<>\"\",1+MAX($A$6:A84),\"\")","v":""},{"$nulls":3},"METAL COLUMNS"]
[{"$f":"IF(I86<>\"\",1+MAX($A$6:A85),\"\")","v":""}]
[{"$f":"IF(I87<>\"\",1+MAX($A$6:A86),\"\")","v":37},"S-2.2","S-2.2",null,"HSS5X5X1/4\" - 10' High",{"$f":"15.62*7*10","v":{"v":1093.3999999999999,"d":"1,093"}},{"v":0.1,"d":"10%"},{"$f":"F87*(1+G87)","v":{"v":1202.74,"d":"1203"}},"LBS",{"v":1.41,"d":"$1.4"},{"$f":"J87*H87","v":{"v":1695.8634,"d":"$1,695.86"}},{"v":1.59,"d":"$1.59"},{"$f":"L87*H87","v":{"v":1912.3566,"d":"$1,912.36"}},{"v":3,"d":"$3.0"},{"$f":"N87*H87","v":{"v":3608.2200000000003,"d":"$3,608"}}]
[{"$f":"IF(I88<>\"\",1+MAX($A$6:A87),\"\")","v":""}]
[{"$f":"IF(I89<>\"\",1+MAX($A$6:A88),\"\")","v":""},{"$nulls":3},"BASEPLATES"]
[{"$f":"IF(I90<>\"\",1+MAX($A$6:A89),\"\")","v":""}]
[{"$f":"IF(I91<>\"\",1+MAX($A$6:A90),\"\")","v":38},"S-2.2","S-2.2",null,"Column Baseplate",7,{"v":0,"d":"0%"},{"$f":"F91*(1+G91)","v":7},"EA",{"v":47,"d":"$47.0"},{"$f":"J91*H91","v":{"v":329,"d":"$329.00"}},{"v":70,"d":"$70.00"},{"$f":"L91*H91","v":{"v":490,"d":"$490.00"}},{"v":117,"d":"$117.0"},{"$f":"N91*H91","v":{"v":819,"d":"$819"}}]
[{"$f":"IF(I92<>\"\",1+MAX($A$6:A91),\"\")","v":""}]
[{"$f":"IF(I93<>\"\",1+MAX($A$6:A92),\"\")","v":""},{"$nulls":3},"METAL BEAMS"]
[{"$f":"IF(I94<>\"\",1+MAX($A$6:A93),\"\")","v":""}]
[{"$f":"IF(I95<>\"\",1+MAX($A$6:A94),\"\")","v":39},"S-2.2","S-2.2",null,"W14X30",{"$f":"30*43.81","v":{"v":1314.3000000000002,"d":"1314"}},{"v":0.1,"d":"10%"},{"$f":"F95*(1+G95)","v":{"v":1445.7300000000002,"d":"1446"}},"LBS",{"v":0.94,"d":"$0.9"},{"$f":"J95*H95","v":{"v":1358.9862,"d":"$1,358.99"}},{"v":1.06,"d":"$1.06"},{"$f":"L95*H95","v":{"v":1532.4738000000004,"d":"$1,532.47"}},{"v":2,"d":"$2.0"},{"$f":"N95*H95","v":{"v":2891.4600000000005,"d":"$2,891"}}]
[{"$f":"IF(I96<>\"\",1+MAX($A$6:A95),\"\")","v":40},"S-2.2","S-2.2",null,"W14X145",{"$f":"145*28.33","v":{"v":4107.849999999999,"d":"4108"}},{"v":0.1,"d":"10%"},{"$f":"F96*(1+G96)","v":{"v":4518.635,"d":"4519"}},"LBS",{"v":0.94,"d":"$0.9"},{"$f":"J96*H96","v":{"v":4247.5169,"d":"$4,247.52"}},{"v":1.06,"d":"$1.06"},{"$f":"L96*H96","v":{"v":4789.753100000001,"d":"$4,789.75"}},{"v":2,"d":"$2.0"},{"$f":"N96*H96","v":{"v":9037.27,"d":"$9,037"}}]
[{"$f":"IF(I97<>\"\",1+MAX($A$6:A96),\"\")","v":41},"S-2.2","S-2.2",null,"W14X109",{"$f":"109*28.76","v":{"v":3134.84,"d":"3135"}},{"v":0.1,"d":"10%"},{"v":3448.3240000000005,"d":"3448"},"LBS",{"v":0.94,"d":"$0.9"},{"$f":"J97*H97","v":{"v":3241.4245600000004,"d":"$3,241.42"}},{"v":1.06,"d":"$1.06"},{"$f":"L97*H97","v":{"v":3655.2234400000007,"d":"$3,655.22"}},{"v":2,"d":"$2.0"},{"v":6896.648000000001,"d":"$6,897"}]
[{"$f":"IF(I98<>\"\",1+MAX($A$6:A97),\"\")","v":42},"S-2.2","S-2.2",null,"W14X34",{"$f":"34*13.68","v":{"v":465.12,"d":"465"}},{"v":0.1,"d":"10%"},{"v":511.63200000000006,"d":"512"},"LBS",{"v":0.94,"d":"$0.9"},{"$f":"J98*H98","v":{"v":480.93408000000005,"d":"$480.93"}},{"v":1.06,"d":"$1.06"},{"$f":"L98*H98","v":{"v":542.3299200000001,"d":"$542.33"}},{"v":2,"d":"$2.0"},{"v":1023.2640000000001,"d":"$1,023"}]
[{"$f":"IF(I99<>\"\",1+MAX($A$6:A98),\"\")","v":43},"S-2.2","S-2.2",null,"MC 8x8.5 Stringer",{"$f":"8.5*73.49","v":{"v":624.665,"d":"625"}},{"v":0.1,"d":"10%"},{"v":687.1315,"d":"687"},"LBS",{"v":0.94,"d":"$0.9"},{"$f":"J99*H99","v":{"v":645.90361,"d":"$645.90"}},{"v":1.06,"d":"$1.06"},{"$f":"L99*H99","v":{"v":728.35939,"d":"$728.36"}},{"v":2,"d":"$2.0"},{"v":1374.263,"d":"$1,374"}]
[{"$f":"IF(I100<>\"\",1+MAX($A$6:A99),\"\")","v":""}]
[{"$f":"IF(I101<>\"\",1+MAX($A$6:A100),\"\")","v":""},{"$nulls":3},"LEVEL-2 / LOWER ROOF"]
[{"$f":"IF(I102<>\"\",1+MAX($A$6:A101),\"\")","v":""}]
[{"$f":"IF(I103<>\"\",1+MAX($A$6:A102),\"\")","v":""},{"$nulls":3},"METAL COLUMNS"]
[{"$f":"IF(I104<>\"\",1+MAX($A$6:A103),\"\")","v":""}]
[{"$f":"IF(I105<>\"\",1+MAX($A$6:A104),\"\")","v":44},"S-2.2","S-2.2",null,"HSS5X5X1/4\" - 10' High",{"$f":"15.62*5*10","v":781},{"v":0.1,"d":"10%"},{"$f":"F105*(1+G105)","v":{"v":859.1,"d":"859"}},"LBS",{"v":1.41,"d":"$1.4"},{"$f":"J105*H105","v":{"v":1211.331,"d":"$1,211.33"}},{"v":1.59,"d":"$1.59"},{"$f":"L105*H105","v":{"v":1365.969,"d":"$1,365.97"}},{"v":3,"d":"$3.0"},{"$f":"N105*H105","v":{"v":2577.3,"d":"$2,577"}}]
[{"$f":"IF(I106<>\"\",1+MAX($A$6:A105),\"\")","v":45},"S-2.2","S-2.2",null,"HSS 6.00X0.025 - 10' High",{"$f":"17.04*4*10","v":{"v":681.5999999999999,"d":"682"}},{"v":0.1,"d":"10%"},{"$f":"F106*(1+G106)","v":{"v":749.76,"d":"750"}},"LBS",{"v":1.41,"d":"$1.4"},{"v":1057.1616,"d":"$1,057.16"},{"v":1.59,"d":"$1.59"},{"v":1192.1184,"d":"$1,192.12"},{"v":3,"d":"$3.0"},{"$f":"N106*H106","v":{"v":2249.2799999999997,"d":"$2,249"}}]
[{"$f":"IF(I107<>\"\",1+MAX($A$6:A106),\"\")","v":""}]
[{"$f":"IF(I108<>\"\",1+MAX($A$6:A107),\"\")","v":""},{"$nulls":3},"BASEPLATES"]
[{"$f":"IF(I109<>\"\",1+MAX($A$6:A108),\"\")","v":""}]
[{"$f":"IF(I110<>\"\",1+MAX($A$6:A109),\"\")","v":46},"S-2.2","S-2.2",null,"Column Baseplate",9,{"v":0,"d":"0%"},{"$f":"F110*(1+G110)","v":9},"EA",{"v":47,"d":"$47.0"},{"$f":"J110*H110","v":{"v":423,"d":"$423.00"}},{"v":70,"d":"$70.00"},{"$f":"L110*H110","v":{"v":630,"d":"$630.00"}},{"v":117,"d":"$117.0"},{"$f":"N110*H110","v":{"v":1053,"d":"$1,053"}}]
[{"$f":"IF(I111<>\"\",1+MAX($A$6:A110),\"\")","v":""}]
[{"$f":"IF(I112<>\"\",1+MAX($A$6:A111),\"\")","v":""},{"$nulls":3},"METAL BEAMS"]
[{"$f":"IF(I113<>\"\",1+MAX($A$6:A112),\"\")","v":""}]
[{"$f":"IF(I114<>\"\",1+MAX($A$6:A113),\"\")","v":47},"S-2.3","S-2.3",null,"W8X40",{"$f":"40*17.46","v":{"v":698.4000000000001,"d":"698"}},{"v":0.1,"d":"10%"},{"$f":"F114*(1+G114)","v":{"v":768.2400000000001,"d":"768"}},"LBS",{"v":0.94,"d":"$0.9"},{"$f":"J114*H114","v":{"v":722.1456000000001,"d":"$722.15"}},{"v":1.06,"d":"$1.06"},{"$f":"L114*H114","v":{"v":814.3344000000002,"d":"$814.33"}},{"v":2,"d":"$2.0"},{"$f":"N114*H114","v":{"v":1536.4800000000002,"d":"$1,536"}}]
[{"$f":"IF(I115<>\"\",1+MAX($A$6:A114),\"\")","v":48},"S-2.3","S-2.3",null,"W10X45",{"$f":"45*22.46","v":{"v":1010.7,"d":"1,011"}},{"v":0.1,"d":"10%"},{"v":1111.7700000000002,"d":"1112"},"LBS",{"v":0.94,"d":"$0.9"},{"v":1045.0638000000001,"d":"$1,045.06"},{"v":1.06,"d":"$1.06"},{"v":1178.4762000000003,"d":"$1,178.48"},{"v":2,"d":"$2.0"},{"$f":"N115*H115","v":{"v":2223.5400000000004,"d":"$2,224"}}]
[{"$f":"IF(I116<>\"\",1+MAX($A$6:A115),\"\")","v":49},"S-2.3","S-2.3",null,"W10X33",{"$f":"33*21.9","v":{"v":722.6999999999999,"d":"723"}},{"v":0.1,"d":"10%"},{"$f":"F116*(1+G116)","v":{"v":794.97,"d":"795"}},"LBS",{"v":0.94,"d":"$0.9"},{"v":747.2718,"d":"$747.27"},{"v":1.06,"d":"$1.06"},{"v":842.6682000000001,"d":"$842.67"},{"v":2,"d":"$2.0"},{"$f":"N116*H116","v":{"v":1589.94,"d":"$1,590"}}]
[{"$f":"IF(I117<>\"\",1+MAX($A$6:A116),\"\")","v":50},"S-2.3","S-2.3",null,"W14X82",{"$f":"82*23.02","v":{"v":1887.6399999999999,"d":"1,888"}},{"v":0.1,"d":"10%"},{"v":2076.404,"d":"2076"},"LBS",{"v":0.94,"d":"$0.9"},{"v":1951.8197599999999,"d":"$1,951.82"},{"v":1.06,"d":"$1.06"},{"v":2200.98824,"d":"$2,200.99"},{"v":2,"d":"$2.0"},{"v":4152.808,"d":"$4,153"}]
[{"$f":"IF(I118<>\"\",1+MAX($A$6:A117),\"\")","v":51},"S-2.3","S-2.3",null,"W14X68",{"$f":"68*22.37","v":{"v":1521.16,"d":"1,521"}},{"v":0.1,"d":"10%"},{"v":1673.2760000000003,"d":"1673"},"LBS",{"v":0.94,"d":"$0.9"},{"v":1572.8794400000002,"d":"$1,572.88"},{"v":1.06,"d":"$1.06"},{"v":1773.6725600000004,"d":"$1,773.67"},{"v":2,"d":"$2.0"},{"v":3346.5520000000006,"d":"$3,347"}]
[{"$f":"IF(I119<>\"\",1+MAX($A$6:A118),\"\")","v":52},"S-2.3","S-2.3",null,"W21X93",{"$f":"93*22.77","v":{"v":2117.61,"d":"2,118"}},{"v":0.1,"d":"10%"},{"v":2329.3710000000005,"d":"2329"},"LBS",{"v":0.94,"d":"$0.9"},{"v":2189.6087400000006,"d":"$2,189.61"},{"v":1.06,"d":"$1.06"},{"v":2469.1332600000005,"d":"$2,469.13"},{"v":2,"d":"$2.0"},{"v":4658.742000000001,"d":"$4,659"}]
[{"$f":"IF(I120<>\"\",1+MAX($A$6:A119),\"\")","v":53},"S-2.3","S-2.3",null,"W10X45",{"$f":"45*20.44","v":{"v":919.8000000000001,"d":"920"}},{"v":0.1,"d":"10%"},{"v":1011.7800000000002,"d":"1012"},"LBS",{"v":0.94,"d":"$0.9"},{"v":951.0732000000002,"d":"$951.07"},{"v":1.06,"d":"$1.06"},{"v":1072.4868000000004,"d":"$1,072.49"},{"v":2,"d":"$2.0"},{"v":2023.5600000000004,"d":"$2,024"}]
[{"$f":"IF(I121<>\"\",1+MAX($A$6:A120),\"\")","v":54},"S-2.3","S-2.3",null,"W14X43",{"$f":"43*39.65","v":{"v":1704.95,"d":"1,705"}},{"v":0.1,"d":"10%"},{"$f":"F121*(1+G121)","v":{"v":1875.4450000000002,"d":"1875"}},"LBS",{"v":0.94,"d":"$0.9"},{"v":1762.9183,"d":"$1,762.92"},{"v":1.06,"d":"$1.06"},{"v":1987.9717000000003,"d":"$1,987.97"},{"v":2,"d":"$2.0"},{"$f":"N121*H121","v":{"v":3750.8900000000003,"d":"$3,751"}}]
[{"$f":"IF(I122<>\"\",1+MAX($A$6:A121),\"\")","v":55},"S-2.3","S-2.3",null,"W14X30",{"$f":"30*33.33","v":{"v":999.9,"d":"1,000"}},{"v":0.1,"d":"10%"},{"v":1099.89,"d":"1100"},"LBS",{"v":0.94,"d":"$0.9"},{"v":1033.8966,"d":"$1,033.90"},{"v":1.06,"d":"$1.06"},{"v":1165.8834000000002,"d":"$1,165.88"},{"v":2,"d":"$2.0"},{"v":2199.78,"d":"$2,200"}]
[{"$f":"IF(I123<>\"\",1+MAX($A$6:A122),\"\")","v":56},"S-2.3","S-2.3",null,"W14X22",{"$f":"22*29.73","v":{"v":654.0600000000001,"d":"654"}},{"v":0.1,"d":"10%"},{"v":719.4660000000001,"d":"719"},"LBS",{"v":0.94,"d":"$0.9"},{"v":676.2980400000001,"d":"$676.30"},{"v":1.06,"d":"$1.06"},{"v":762.6339600000001,"d":"$762.63"},{"v":2,"d":"$2.0"},{"v":1438.9320000000002,"d":"$1,439"}]
[{"$f":"IF(I124<>\"\",1+MAX($A$6:A123),\"\")","v":57},"S-2.3","S-2.3",null,"MC 8x8.5 Stringer",{"$f":"8.5*22.05","v":{"v":187.425,"d":"187"}},{"v":0.1,"d":"10%"},{"v":206.16750000000002,"d":"206"},"LBS",{"v":0.94,"d":"$0.9"},{"v":193.79745,"d":"$193.80"},{"v":1.06,"d":"$1.06"},{"v":218.53755000000004,"d":"$218.54"},{"v":2,"d":"$2.0"},{"v":412.33500000000004,"d":"$412"}]
[{"$f":"IF(I125<>\"\",1+MAX($A$6:A124),\"\")","v":58},"S-2.3","S-2.3",null,"MC 12X10.6 ",{"$f":"10.5*39.82","v":{"v":418.11,"d":"418"}},{"v":0.1,"d":"10%"},{"v":459.92100000000005,"d":"460"},"LBS",{"v":0.94,"d":"$0.9"},{"v":432.32574,"d":"$432.33"},{"v":1.06,"d":"$1.06"},{"v":487.5162600000001,"d":"$487.52"},{"v":2,"d":"$2.0"},{"v":919.8420000000001,"d":"$920"}]
[{"$f":"IF(I126<>\"\",1+MAX($A$6:A125),\"\")","v":59},"S-2.3","S-2.3",null,"C8X11.75",{"$f":"11.75*32.77","v":{"v":385.0475,"d":"385"}},{"v":0.1,"d":"10%"},{"v":423.5522500000001,"d":"424"},"LBS",{"v":0.94,"d":"$0.9"},{"v":398.13911500000006,"d":"$398.14"},{"v":1.06,"d":"$1.06"},{"v":448.9653850000001,"d":"$448.97"},{"v":2,"d":"$2.0"},{"v":847.1045000000001,"d":"$847"}]
[{"$f":"IF(I127<>\"\",1+MAX($A$6:A126),\"\")","v":60},"S-2.3","S-2.3",null,"C8X13.75",{"$f":"13.75*19.92","v":{"v":273.90000000000003,"d":"274"}},{"v":0.1,"d":"10%"},{"v":301.2900000000001,"d":"301"},"LBS",{"v":0.94,"d":"$0.9"},{"v":283.21260000000007,"d":"$283.21"},{"v":1.06,"d":"$1.06"},{"v":319.3674000000001,"d":"$319.37"},{"v":2,"d":"$2.0"},{"v":602.5800000000002,"d":"$603"}]
[{"$f":"IF(I128<>\"\",1+MAX($A$6:A127),\"\")","v":61},"S-2.3","S-2.3",null,"HSS 5X4X3/8\"",{"$f":"19.82*9.5","v":{"v":188.29,"d":"188"}},{"v":0.1,"d":"10%"},{"v":207.119,"d":"207"},"LBS",{"v":0.94,"d":"$0.9"},{"v":194.69186,"d":"$194.69"},{"v":1.06,"d":"$1.06"},{"v":219.54614,"d":"$219.55"},{"v":2,"d":"$2.0"},{"v":414.238,"d":"$414"}]
[{"$f":"IF(I129<>\"\",1+MAX($A$6:A128),\"\")","v":""}]
[{"$f":"IF(I130<>\"\",1+MAX($A$6:A129),\"\")","v":""},{"$nulls":3},"UPPER ROOF LEVEL"]
[{"$f":"IF(I131<>\"\",1+MAX($A$6:A130),\"\")","v":""}]
[{"$f":"IF(I132<>\"\",1+MAX($A$6:A131),\"\")","v":""},{"$nulls":3},"METAL BEAMS"]
[{"$f":"IF(I133<>\"\",1+MAX($A$6:A132),\"\")","v":""}]
[{"$f":"IF(I134<>\"\",1+MAX($A$6:A133),\"\")","v":62},"S-2.4","S-2.4",null,"W12X16",{"$f":"16*23.5","v":376},{"v":0.1,"d":"10%"},{"$f":"F134*(1+G134)","v":{"v":413.6,"d":"414"}},"LBS",{"v":0.94,"d":"$0.9"},{"$f":"J134*H134","v":{"v":388.784,"d":"$388.78"}},{"v":1.06,"d":"$1.06"},{"$f":"L134*H134","v":{"v":438.41600000000005,"d":"$438.42"}},{"v":2,"d":"$2.0"},{"$f":"N134*H134","v":{"v":827.2,"d":"$827"}}]
[{"$f":"IF(I135<>\"\",1+MAX($A$6:A134),\"\")","v":63},"S-2.4","S-2.4",null,"W12X45",{"$f":"45*34.51","v":{"v":1552.9499999999998,"d":"1,553"}},{"v":0.1,"d":"10%"},{"$f":"F135*(1+G135)","v":{"v":1708.245,"d":"1708"}},"LBS",{"v":0.94,"d":"$0.9"},{"v":1605.7502999999997,"d":"$1,605.75"},{"v":1.06,"d":"$1.06"},{"v":1810.7397,"d":"$1,810.74"},{"v":2,"d":"$2.0"},{"$f":"N135*H135","v":{"v":3416.49,"d":"$3,416"}}]
[{"$f":"IF(I136<>\"\",1+MAX($A$6:A135),\"\")","v":64},"S-2.4","S-2.4",null,"W10X33",{"$f":"33*37.51","v":{"v":1237.83,"d":"1,238"}},{"v":0.1,"d":"10%"},{"v":1361.613,"d":"1362"},"LBS",{"v":0.94,"d":"$0.9"},{"v":1279.91622,"d":"$1,279.92"},{"v":1.06,"d":"$1.06"},{"v":1443.30978,"d":"$1,443.31"},{"v":2,"d":"$2.0"},{"v":2723.226,"d":"$2,723"}]
[{"$f":"IF(I137<>\"\",1+MAX($A$6:A136),\"\")","v":65},"S-2.4","S-2.4",null,"W12X40",{"$f":"40*49.04","v":{"v":1961.6,"d":"1,962"}},{"v":0.1,"d":"10%"},{"v":2157.76,"d":"2158"},"LBS",{"v":0.94,"d":"$0.9"},{"v":2028.2944,"d":"$2,028.29"},{"v":1.06,"d":"$1.06"},{"v":2287.2256,"d":"$2,287.23"},{"v":2,"d":"$2.0"},{"v":4315.52,"d":"$4,316"}]
[{"$f":"IF(I138<>\"\",1+MAX($A$6:A137),\"\")","v":66},"S-2.4","S-2.4",null,"W12X14",{"$f":"14*29.35","v":{"v":410.90000000000003,"d":"411"}},{"v":0.1,"d":"10%"},{"v":451.99000000000007,"d":"452"},"LBS",{"v":0.94,"d":"$0.9"},{"v":424.8706,"d":"$424.87"},{"v":1.06,"d":"$1.06"},{"v":479.1094000000001,"d":"$479.11"},{"v":2,"d":"$2.0"},{"v":903.9800000000001,"d":"$904"}]
[{"$f":"IF(I139<>\"\",1+MAX($A$6:A138),\"\")","v":67},"S-2.4","S-2.4",null,"MC12X10.6 ",{"$f":"10.5*45.72","v":{"v":480.06,"d":"480"}},{"v":0.1,"d":"10%"},{"v":528.066,"d":"528"},"LBS",{"v":0.94,"d":"$0.9"},{"v":496.38204,"d":"$496.38"},{"v":1.06,"d":"$1.06"},{"v":559.7499600000001,"d":"$559.75"},{"v":2,"d":"$2.0"},{"v":1056.132,"d":"$1,056"}]
[{"$f":"IF(I140<>\"\",1+MAX($A$6:A139),\"\")","v":68},"S-2.4","S-2.4",null,"C12X20.7",{"$f":"20.7*24.92","v":{"v":515.844,"d":"516"}},{"v":0.1,"d":"10%"},{"v":567.4284000000001,"d":"567"},"LBS",{"v":0.94,"d":"$0.9"},{"v":533.3826960000001,"d":"$533.38"},{"v":1.06,"d":"$1.06"},{"v":601.4741040000001,"d":"$601.47"},{"v":2,"d":"$2.0"},{"$f":"N140*H140","v":{"v":1134.8568000000002,"d":"$1,135"}}]
[{"$f":"IF(I141<>\"\",1+MAX($A$6:A140),\"\")","v":69},"S-2.4","S-2.4",null,"C12X10.6",{"$f":"10.6*19.89","v":{"v":210.834,"d":"211"}},{"v":0.1,"d":"10%"},{"v":231.91740000000001,"d":"232"},"LBS",{"v":0.94,"d":"$0.9"},{"v":218.002356,"d":"$218.00"},{"v":1.06,"d":"$1.06"},{"v":245.83244400000004,"d":"$245.83"},{"v":2,"d":"$2.0"},{"v":463.83480000000003,"d":"$464"}]
[{"$f":"IF(I142<>\"\",1+MAX($A$6:A141),\"\")","v":""}]
[{"$f":"IF(I143<>\"\",1+MAX($A$6:A142),\"\")","v":""},{"$nulls":3},"BASEMENT FLOOR"]
[{"$f":"IF(I144<>\"\",1+MAX($A$6:A143),\"\")","v":""}]
[{"$f":"IF(I145<>\"\",1+MAX($A$6:A144),\"\")","v":""},{"$nulls":3},"RAILING"]
[{"$f":"IF(I146<>\"\",1+MAX($A$6:A145),\"\")","v":""}]
[{"$f":"IF(I147<>\"\",1+MAX($A$6:A146),\"\")","v":70},"A2.5A","A2.5A",null,"Full Height Steel Cable Guard Rail - (9'-0\" H)",{"v":10.97,"d":"11"},{"v":0.1,"d":"10%"},{"$f":"F147*(1+G147)","v":{"v":12.067000000000002,"d":"12"}},"LF",{"v":62.900000000000006,"d":"$62.9"},{"$f":"J147*H147","v":{"v":759.0143000000002,"d":"$759.01"}},{"v":122.10000000000001,"d":"$122.10"},{"$f":"L147*H147","v":{"v":1473.3807000000004,"d":"$1,473.38"}},{"v":185,"d":"$185.0"},{"$f":"N147*H147","v":{"v":2232.3950000000004,"d":"$2,232"}}]
[{"$f":"IF(I148<>\"\",1+MAX($A$6:A147),\"\")","v":""}]
[{"$f":"IF(I149<>\"\",1+MAX($A$6:A148),\"\")","v":""},{"$nulls":3},"GROUND FLOOR"]
[{"$f":"IF(I150<>\"\",1+MAX($A$6:A149),\"\")","v":""}]
[{"$f":"IF(I151<>\"\",1+MAX($A$6:A150),\"\")","v":""},{"$nulls":3},"RAILING"]
[{"$f":"IF(I152<>\"\",1+MAX($A$6:A151),\"\")","v":""}]
[{"$f":"IF(I153<>\"\",1+MAX($A$6:A152),\"\")","v":71},"A2.5A","A2.5A",null,"Full Height Steel Cable Guard Rail - (9'-3\" H)",{"v":10.96,"d":"11"},{"v":0.1,"d":"10%"},{"$f":"F153*(1+G153)","v":{"v":12.056000000000003,"d":"12"}},"LF",{"v":62.900000000000006,"d":"$62.9"},{"$f":"J153*H153","v":{"v":758.3224000000002,"d":"$758.32"}},{"v":122.10000000000001,"d":"$122.10"},{"$f":"L153*H153","v":{"v":1472.0376000000003,"d":"$1,472.04"}},{"v":185,"d":"$185.0"},{"$f":"N153*H153","v":{"v":2230.3600000000006,"d":"$2,230"}}]
[{"$f":"IF(I154<>\"\",1+MAX($A$6:A153),\"\")","v":72},"A2.5A","A2.5A",null,"Guard Rail Top Mounted - (42\" H)",{"v":35.06,"d":"35"},{"v":0.1,"d":"10%"},{"v":38.566,"d":"39"},"LF",{"v":45.900000000000006,"d":"$45.9"},{"v":1770.1794000000004,"d":"$1,770.18"},{"v":89.10000000000001,"d":"$89.10"},{"$f":"L154*H154","v":{"v":3436.230600000001,"d":"$3,436.23"}},{"v":135,"d":"$135.0"},{"$f":"N154*H154","v":{"v":5206.410000000001,"d":"$5,206"}}]
[{"$f":"IF(I155<>\"\",1+MAX($A$6:A154),\"\")","v":""}]
[{"$f":"IF(I156<>\"\",1+MAX($A$6:A155),\"\")","v":""},{"$nulls":3},"2ND FLOOR"]
[{"$f":"IF(I157<>\"\",1+MAX($A$6:A156),\"\")","v":""}]
[{"$f":"IF(I158<>\"\",1+MAX($A$6:A157),\"\")","v":""},{"$nulls":3},"RAILING"]
[{"$f":"IF(I159<>\"\",1+MAX($A$6:A158),\"\")","v":""}]
[{"$f":"IF(I160<>\"\",1+MAX($A$6:A159),\"\")","v":73},"A2.5A","A2.5A",null,"Full Height Steel Cable Guard Rail - (8'-0\" H)",{"v":3.84,"d":"4"},{"v":0.1,"d":"10%"},{"$f":"F160*(1+G160)","v":{"v":4.224,"d":"4"}},"LF",{"v":54.400000000000006,"d":"$54.4"},{"$f":"J160*H160","v":{"v":229.78560000000004,"d":"$229.79"}},{"v":105.60000000000001,"d":"$105.60"},{"$f":"L160*H160","v":{"v":446.05440000000004,"d":"$446.05"}},{"v":160,"d":"$160.0"},{"$f":"N160*H160","v":{"v":675.84,"d":"$676"}}]
[{"$f":"IF(I161<>\"\",1+MAX($A$6:A160),\"\")","v":""}]
[{"$f":"IF(I162<>\"\",1+MAX($A$6:A161),\"\")","v":""},null,null,"DIV. 06","WOOD PLASTICS & COMPOSITE",{"$nulls":10},{"$f":"SUM(O165:O606)","v":{"v":259630.5964949999,"d":"$259,631"}}]
[{"$f":"IF(I163<>\"\",1+MAX($A$6:A162),\"\")","v":""}]
[{"$f":"IF(I164<>\"\",1+MAX($A$6:A163),\"\")","v":""},{"$nulls":3},"LEVEL -1 FRAMING"]
[{"$f":"IF(I165<>\"\",1+MAX($A$6:A164),\"\")","v":""}]
[{"$f":"IF(I166<>\"\",1+MAX($A$6:A165),\"\")","v":""},{"$nulls":3},"SHEATHING"]
[{"$f":"IF(I167<>\"\",1+MAX($A$6:A166),\"\")","v":74},"S-2.2","S-2.2",null,"3/4\" Thick Tongue & Groove Plywood Sheathing (4'X8') Ea.",{"$f":"2674.18/32","v":{"v":83.568125,"d":"84"}},{"v":0,"d":"0%"},{"$f":"F167*(1+G167)","v":{"v":83.568125,"d":"84"}},"EA",{"v":90,"d":"$90.0"},{"$f":"J167*H167","v":{"v":7521.131249999999,"d":"$7,521.13"}},{"v":53,"d":"$53.00"},{"$f":"L167*H167","v":{"v":4429.110624999999,"d":"$4,429.11"}},{"v":143,"d":"$143.0"},{"$f":"N167*H167","v":{"v":11950.241875,"d":"$11,950"}}]
[{"$f":"IF(I168<>\"\",1+MAX($A$6:A167),\"\")","v":""}]
[{"$f":"IF(I169<>\"\",1+MAX($A$6:A168),\"\")","v":""},{"$nulls":3},"FLOOR JOISTS"]
[{"$f":"IF(I170<>\"\",1+MAX($A$6:A169),\"\")","v":75},"S-2.2","S-2.2",null,"14\" TJI 110 Floor Joist @ 16\" O.C. @ 59.51'",11,{"v":0,"d":"0%"},{"$f":"F170*(1+G170)","v":11},"EA",{"v":897.4107999999999,"d":"$897.4"},{"$f":"J170*H170","v":{"v":9871.518799999998,"d":"$9,871.52"}},{"v":649.8492,"d":"$649.85"},{"$f":"L170*H170","v":{"v":7148.3412,"d":"$7,148.34"}},{"v":1547.26,"d":"$1,547.3"},{"$f":"N170*H170","v":{"v":17019.86,"d":"$17,020"}}]
[{"$f":"IF(I171<>\"\",1+MAX($A$6:A170),\"\")","v":76},"S-2.2","S-2.2",null,"14\" TJI 110 Floor Joist @ 16\" O.C. @ 53.98'",1,{"v":0,"d":"0%"},{"$f":"F171*(1+G171)","v":1},"EA",{"v":814.0183999999999,"d":"$814.0"},{"$f":"J171*H171","v":{"v":814.0183999999999,"d":"$814.02"}},{"v":589.4616,"d":"$589.46"},{"$f":"L171*H171","v":{"v":589.4616,"d":"$589.46"}},{"v":1403.48,"d":"$1,403.5"},{"$f":"N171*H171","v":{"v":1403.48,"d":"$1,403"}}]
[{"$f":"IF(I172<>\"\",1+MAX($A$6:A171),\"\")","v":77},"S-2.2","S-2.2",null,"14\" TJI 110 Floor Joist @ 16\" O.C. @ 54.83'",5,{"v":0,"d":"0%"},{"$f":"F172*(1+G172)","v":5},"EA",{"v":826.8363999999999,"d":"$826.8"},{"v":4134.182,"d":"$4,134.18"},{"v":598.7435999999999,"d":"$598.74"},{"v":2993.7179999999994,"d":"$2,993.72"},{"v":1425.58,"d":"$1,425.6"},{"$f":"N172*H172","v":{"v":7127.9,"d":"$7,128"}}]
[{"$f":"IF(I173<>\"\",1+MAX($A$6:A172),\"\")","v":78},"S-2.2","S-2.2",null,"14\" TJI 110 Floor Joist @ 16\" O.C. @ 20.74'",1,{"v":0,"d":"0%"},1,"EA",{"v":312.75919999999996,"d":"$312.8"},{"v":312.75919999999996,"d":"$312.76"},{"v":226.4808,"d":"$226.48"},{"v":226.4808,"d":"$226.48"},{"v":539.24,"d":"$539.2"},{"v":539.24,"d":"$539"}]
[{"$f":"IF(I174<>\"\",1+MAX($A$6:A173),\"\")","v":79},"S-2.2","S-2.2",null,"14\" TJI 110 Floor Joist @ 16\" O.C. @ 5.57'",4,{"v":0,"d":"0%"},4,"EA",{"v":83.9956,"d":"$84.0"},{"v":335.9824,"d":"$335.98"},{"v":60.8244,"d":"$60.82"},{"v":243.2976,"d":"$243.30"},{"v":144.82,"d":"$144.8"},{"v":579.28,"d":"$579"}]
[{"$f":"IF(I175<>\"\",1+MAX($A$6:A174),\"\")","v":80},"S-2.2","S-2.2",null,"14\" TJI 110 Floor Joist @ 16\" O.C. @ 11.19'",7,{"v":0,"d":"0%"},7,"EA",{"v":168.74519999999998,"d":"$168.7"},{"v":1181.2163999999998,"d":"$1,181.22"},{"v":122.1948,"d":"$122.19"},{"v":855.3636,"d":"$855.36"},{"v":290.94,"d":"$290.9"},{"v":2036.58,"d":"$2,037"}]
[{"$f":"IF(I176<>\"\",1+MAX($A$6:A175),\"\")","v":81},"S-2.2","S-2.2",null,"14\" TJI 110 Floor Joist @ 16\" O.C. @ 25.97'",1,{"v":0,"d":"0%"},1,"EA",{"v":391.6276,"d":"$391.6"},{"v":391.6276,"d":"$391.63"},{"v":283.5924,"d":"$283.59"},{"v":283.5924,"d":"$283.59"},{"v":675.22,"d":"$675.2"},{"v":675.22,"d":"$675"}]
[{"$f":"IF(I177<>\"\",1+MAX($A$6:A176),\"\")","v":82},"S-2.2","S-2.2",null,"14\" TJI 110 Floor Joist @ 16\" O.C. @ 20.42'",1,{"v":0,"d":"0%"},1,"EA",{"v":307.9336,"d":"$307.9"},{"v":307.9336,"d":"$307.93"},{"v":222.98640000000003,"d":"$222.99"},{"v":222.98640000000003,"d":"$222.99"},{"v":530.9200000000001,"d":"$530.9"},{"v":530.9200000000001,"d":"$531"}]
[{"$f":"IF(I178<>\"\",1+MAX($A$6:A177),\"\")","v":83},"S-2.2","S-2.2",null,"14\" TJI 110 Floor Joist @ 16\" O.C. @ 13.55'",9,{"v":0,"d":"0%"},9,"EA",{"v":204.334,"d":"$204.3"},{"v":1839.006,"d":"$1,839.01"},{"v":147.966,"d":"$147.97"},{"v":1331.694,"d":"$1,331.69"},{"v":352.3,"d":"$352.3"},{"v":3170.7000000000003,"d":"$3,171"}]
[{"$f":"IF(I179<>\"\",1+MAX($A$6:A178),\"\")","v":84},"S-2.2","S-2.2",null,"14\" TJI 110 Floor Joist @ 16\" O.C. @ 14.98'",6,{"v":0,"d":"0%"},6,"EA",{"v":225.89839999999998,"d":"$225.9"},{"v":1355.3903999999998,"d":"$1,355.39"},{"v":163.5816,"d":"$163.58"},{"v":981.4896000000001,"d":"$981.49"},{"v":389.48,"d":"$389.5"},{"v":2336.88,"d":"$2,337"}]
[{"$f":"IF(I180<>\"\",1+MAX($A$6:A179),\"\")","v":85},"S-2.2","S-2.2",null,"14\" TJI 110 Floor Joist @ 16\" O.C. @ 14.97'",6,{"v":0,"d":"0%"},6,"EA",{"v":225.7476,"d":"$225.7"},{"v":1354.4856,"d":"$1,354.49"},{"v":163.4724,"d":"$163.47"},{"v":980.8344,"d":"$980.83"},{"v":389.22,"d":"$389.2"},{"v":2335.32,"d":"$2,335"}]
[{"$f":"IF(I181<>\"\",1+MAX($A$6:A180),\"\")","v":86},"S-2.2","S-2.2",null,"14\" TJI 110 Floor Joist @ 16\" O.C. @ 14.96'",1,{"v":0,"d":"0%"},1,"EA",{"v":225.5968,"d":"$225.6"},{"v":225.5968,"d":"$225.60"},{"v":163.3632,"d":"$163.36"},{"v":163.3632,"d":"$163.36"},{"v":388.96000000000004,"d":"$389.0"},{"v":388.96000000000004,"d":"$389"}]
[{"$f":"IF(I182<>\"\",1+MAX($A$6:A181),\"\")","v":87},"S-2.2","S-2.2",null,"14\" TJI 110 Floor Joist @ 16\" O.C. @ 22.31'",1,{"v":0,"d":"0%"},1,"EA",{"v":336.43479999999994,"d":"$336.4"},{"v":336.43479999999994,"d":"$336.43"},{"v":243.62519999999998,"d":"$243.63"},{"v":243.62519999999998,"d":"$243.63"},{"v":580.06,"d":"$580.1"},{"v":580.06,"d":"$580"}]
[{"$f":"IF(I183<>\"\",1+MAX($A$6:A182),\"\")","v":88},"S-2.2","S-2.2",null,"14\" TJI 110 Floor Joist @ 16\" O.C. @ 22.32'",1,{"v":0,"d":"0%"},1,"EA",{"v":336.5856,"d":"$336.6"},{"v":336.5856,"d":"$336.59"},{"v":243.73440000000002,"d":"$243.73"},{"v":243.73440000000002,"d":"$243.73"},{"v":580.32,"d":"$580.3"},{"v":580.32,"d":"$580"}]
[{"$f":"IF(I184<>\"\",1+MAX($A$6:A183),\"\")","v":89},"S-2.2","S-2.2",null,"14\" TJI 110 Floor Joist @ 16\" O.C. @ 22.33'",2,{"v":0,"d":"0%"},2,"EA",{"v":336.73639999999995,"d":"$336.7"},{"v":673.4727999999999,"d":"$673.47"},{"v":243.84359999999995,"d":"$243.84"},{"v":487.6871999999999,"d":"$487.69"},{"v":580.5799999999999,"d":"$580.6"},{"v":1161.1599999999999,"d":"$1,161"}]
[{"$f":"IF(I185<>\"\",1+MAX($A$6:A184),\"\")","v":90},"S-2.2","S-2.2",null,"14\" TJI 110 Floor Joist @ 16\" O.C. @ 22.34'",1,{"v":0,"d":"0%"},1,"EA",{"v":336.8872,"d":"$336.9"},{"v":336.8872,"d":"$336.89"},{"v":243.9528,"d":"$243.95"},{"v":243.9528,"d":"$243.95"},{"v":580.84,"d":"$580.8"},{"v":580.84,"d":"$581"}]
[{"$f":"IF(I186<>\"\",1+MAX($A$6:A185),\"\")","v":91},"S-2.2","S-2.2",null,"14\" TJI 110 Floor Joist @ 16\" O.C. @ 22.35'",2,{"v":0,"d":"0%"},2,"EA",{"v":337.038,"d":"$337.0"},{"v":674.076,"d":"$674.08"},{"v":244.062,"d":"$244.06"},{"v":488.124,"d":"$488.12"},{"v":581.1,"d":"$581.1"},{"v":1162.2,"d":"$1,162"}]
[{"$f":"IF(I187<>\"\",1+MAX($A$6:A186),\"\")","v":92},"S-2.2","S-2.2",null,"14\" TJI 110 Floor Joist @ 16\" O.C. @ 22.36'",1,{"v":0,"d":"0%"},{"$f":"F187*(1+G187)","v":1},"EA",{"v":337.18879999999996,"d":"$337.2"},{"v":337.18879999999996,"d":"$337.19"},{"v":244.1712,"d":"$244.17"},{"v":244.1712,"d":"$244.17"},{"v":581.36,"d":"$581.4"},{"$f":"N187*H187","v":{"v":581.36,"d":"$581"}}]
[{"$f":"IF(I188<>\"\",1+MAX($A$6:A187),\"\")","v":93},"S-2.2","S-2.2",null,"14\" TJI 110 Floor Joist @ 16\" O.C. @ 22.37'",2,{"v":0,"d":"0%"},2,"EA",{"v":337.33959999999996,"d":"$337.3"},{"v":674.6791999999999,"d":"$674.68"},{"v":244.2804,"d":"$244.28"},{"v":488.5608,"d":"$488.56"},{"v":581.62,"d":"$581.6"},{"v":1163.24,"d":"$1,163"}]
[{"$f":"IF(I189<>\"\",1+MAX($A$6:A188),\"\")","v":94},"S-2.2","S-2.2",null,"14\" TJI 110 Floor Joist @ 16\" O.C. @ 22.38'",1,{"v":0,"d":"0%"},1,"EA",{"v":337.49039999999997,"d":"$337.5"},{"v":337.49039999999997,"d":"$337.49"},{"v":244.3896,"d":"$244.39"},{"v":244.3896,"d":"$244.39"},{"v":581.88,"d":"$581.9"},{"v":581.88,"d":"$582"}]
[{"$f":"IF(I190<>\"\",1+MAX($A$6:A189),\"\")","v":95},"S-2.2","S-2.2",null,"14\" TJI 110 Floor Joist @ 16\" O.C. @ 22.39'",2,{"v":0,"d":"0%"},2,"EA",{"v":337.64119999999997,"d":"$337.6"},{"v":675.2823999999999,"d":"$675.28"},{"v":244.4988,"d":"$244.50"},{"v":488.9976,"d":"$489.00"},{"v":582.14,"d":"$582.1"},{"v":1164.28,"d":"$1,164"}]
[{"$f":"IF(I191<>\"\",1+MAX($A$6:A190),\"\")","v":96},"S-2.2","S-2.2",null,"14\" TJI 110 Floor Joist @ 16\" O.C. @ 22.4'",1,{"v":0,"d":"0%"},1,"EA",{"v":337.792,"d":"$337.8"},{"v":337.792,"d":"$337.79"},{"v":244.60799999999998,"d":"$244.61"},{"v":244.60799999999998,"d":"$244.61"},{"v":582.4,"d":"$582.4"},{"v":582.4,"d":"$582"}]
[{"$f":"IF(I192<>\"\",1+MAX($A$6:A191),\"\")","v":97},"S-2.2","S-2.2",null,"14\" TJI 110 Floor Joist @ 16\" O.C. @ 22.41'",2,{"v":0,"d":"0%"},2,"EA",{"v":337.9428,"d":"$337.9"},{"v":675.8856,"d":"$675.89"},{"v":244.7172,"d":"$244.72"},{"v":489.4344,"d":"$489.43"},{"v":582.66,"d":"$582.7"},{"v":1165.32,"d":"$1,165"}]
[{"$f":"IF(I193<>\"\",1+MAX($A$6:A192),\"\")","v":98},"S-2.2","S-2.2",null,"14\" TJI 110 Floor Joist @ 16\" O.C. @ 22.42'",1,{"v":0,"d":"0%"},1,"EA",{"v":338.09360000000004,"d":"$338.1"},{"v":338.09360000000004,"d":"$338.09"},{"v":244.82640000000004,"d":"$244.83"},{"v":244.82640000000004,"d":"$244.83"},{"v":582.9200000000001,"d":"$582.9"},{"v":582.9200000000001,"d":"$583"}]
[{"$f":"IF(I194<>\"\",1+MAX($A$6:A193),\"\")","v":99},"S-2.2","S-2.2",null,"14\" TJI 110 Floor Joist @ 16\" O.C. @ 18.96'",2,{"v":0,"d":"0%"},2,"EA",{"v":285.9168,"d":"$285.9"},{"v":571.8336,"d":"$571.83"},{"v":207.0432,"d":"$207.04"},{"v":414.0864,"d":"$414.09"},{"v":492.96000000000004,"d":"$493.0"},{"v":985.9200000000001,"d":"$986"}]
[{"$f":"IF(I195<>\"\",1+MAX($A$6:A194),\"\")","v":100},"S-2.2","S-2.2",null,"14\" TJI 110 Floor Joist @ 16\" O.C. @ 18.97'",7,{"v":0,"d":"0%"},7,"EA",{"v":286.06759999999997,"d":"$286.1"},{"v":2002.4732,"d":"$2,002.47"},{"v":207.15239999999997,"d":"$207.15"},{"v":1450.0667999999998,"d":"$1,450.07"},{"v":493.21999999999997,"d":"$493.2"},{"v":3452.54,"d":"$3,453"}]
[{"$f":"IF(I196<>\"\",1+MAX($A$6:A195),\"\")","v":101},"S-2.2","S-2.2",null,"14\" TJI 110 Floor Joist @ 16\" O.C. @ 18.98'",1,{"v":0,"d":"0%"},1,"EA",{"v":286.2184,"d":"$286.2"},{"v":286.2184,"d":"$286.22"},{"v":207.2616,"d":"$207.26"},{"v":207.2616,"d":"$207.26"},{"v":493.48,"d":"$493.5"},{"v":493.48,"d":"$493"}]
[{"$f":"IF(I197<>\"\",1+MAX($A$6:A196),\"\")","v":""}]
[{"$f":"IF(I198<>\"\",1+MAX($A$6:A197),\"\")","v":102},"S-2.2","S-2.2",null,"3-1/2 Floor Joist w/ BN @ 11'",1,{"v":0,"d":"0%"},{"$f":"F198*(1+G198)","v":1},"EA",{"v":78.42999999999999,"d":"$78.4"},{"$f":"J198*H198","v":{"v":78.42999999999999,"d":"$78.43"}},{"v":48.07,"d":"$48.07"},{"$f":"L198*H198","v":{"v":48.07,"d":"$48.07"}},{"v":126.5,"d":"$126.5"},{"$f":"N198*H198","v":{"v":126.5,"d":"$127"}}]
[{"$f":"IF(I199<>\"\",1+MAX($A$6:A198),\"\")","v":""}]
[{"$f":"IF(I200<>\"\",1+MAX($A$6:A199),\"\")","v":""},{"$nulls":3},"WOODEN BEAMS & HEADER"]
[{"$f":"IF(I201<>\"\",1+MAX($A$6:A200),\"\")","v":103},"S-2.2","S-2.2",null,"(6\"X6\") Wooden Header - 3'",3,{"v":0,"d":"0%"},{"$f":"F201*(1+G201)","v":3},"EA",{"v":34.875,"d":"$34.9"},{"$f":"J201*H201","v":{"v":104.625,"d":"$104.63"}},{"v":21.375,"d":"$21.38"},{"$f":"L201*H201","v":{"v":64.125,"d":"$64.13"}},{"v":56.25,"d":"$56.3"},{"$f":"N201*H201","v":{"v":168.75,"d":"$169"}}]
[{"$f":"IF(I202<>\"\",1+MAX($A$6:A201),\"\")","v":104},"S-2.2","S-2.2",null,"5-1/4\"X14\" LVL - 15'",{"v":15.42,"d":"15"},{"v":0,"d":"0%"},{"$f":"F202*(1+G202)","v":{"v":15.42,"d":"15"}},"EA",{"v":277.875,"d":"$277.9"},{"v":4284.8324999999995,"d":"$4,284.83"},{"v":453.375,"d":"$453.38"},{"$f":"L202*H202","v":{"v":6991.0425,"d":"$6,991.04"}},{"v":731.25,"d":"$731.3"},{"$f":"N202*H202","v":{"v":11275.875,"d":"$11,276"}}]
[{"$f":"IF(I203<>\"\",1+MAX($A$6:A202),\"\")","v":105},"S-2.2","S-2.2",null,"5-1/4\"X14\" LVL - 4'",{"v":4.42,"d":"4"},{"v":0,"d":"0%"},{"v":4.42,"d":"4"},"EA",{"v":74.1,"d":"$74.1"},{"$f":"J203*H203","v":{"v":327.522,"d":"$327.52"}},{"v":120.9,"d":"$120.90"},{"v":534.378,"d":"$534.38"},{"v":195,"d":"$195.0"},{"v":861.9,"d":"$862"}]
[{"$f":"IF(I204<>\"\",1+MAX($A$6:A203),\"\")","v":106},"S-2.2","S-2.2",null,"5-1/4\"X14\" LVL - 6'",{"v":6.19,"d":"6"},{"v":0,"d":"0%"},{"v":6.19,"d":"6"},"EA",{"v":111.15,"d":"$111.2"},{"$f":"J204*H204","v":{"v":688.0185000000001,"d":"$688.02"}},{"v":181.35,"d":"$181.35"},{"v":1122.5565000000001,"d":"$1,122.56"},{"v":292.5,"d":"$292.5"},{"v":1810.575,"d":"$1,811"}]
[{"$f":"IF(I205<>\"\",1+MAX($A$6:A204),\"\")","v":107},"S-2.2","S-2.2",null,"5-1/4\"X14\" LVL - 5'",{"v":4.99,"d":"5"},{"v":0,"d":"0%"},{"v":4.99,"d":"5"},"EA",{"v":92.625,"d":"$92.6"},{"v":462.19875,"d":"$462.20"},{"v":151.125,"d":"$151.13"},{"v":754.11375,"d":"$754.11"},{"v":243.75,"d":"$243.8"},{"v":1216.3125,"d":"$1,216"}]
[{"$f":"IF(I206<>\"\",1+MAX($A$6:A205),\"\")","v":108},"S-2.2","S-2.2",null,"3-1/2\"X14\" LVL - 12'",{"v":11.52,"d":"12"},{"v":0,"d":"0%"},{"v":11.52,"d":"12"},"EA",{"v":57.24,"d":"$57.2"},{"v":659.4048,"d":"$659.40"},{"v":50.76,"d":"$50.76"},{"v":584.7552,"d":"$584.76"},{"v":108,"d":"$108.0"},{"v":1244.1599999999999,"d":"$1,244"}]
[{"$f":"IF(I207<>\"\",1+MAX($A$6:A206),\"\")","v":109},"S-2.2","S-2.2",null,"3-1/2\"X11-7/8\" LVL - 13'",{"v":12.84,"d":"13"},{"v":0,"d":"0%"},{"$f":"F207*(1+G207)","v":{"v":12.84,"d":"13"}},"EA",{"v":55.120000000000005,"d":"$55.1"},{"$f":"J207*H207","v":{"v":707.7408,"d":"$707.74"}},{"v":48.879999999999995,"d":"$48.88"},{"$f":"L207*H207","v":{"v":627.6192,"d":"$627.62"}},{"v":104,"d":"$104.0"},{"$f":"N207*H207","v":{"v":1335.36,"d":"$1,335"}}]
[{"$f":"IF(I208<>\"\",1+MAX($A$6:A207),\"\")","v":110},"S-2.2","S-2.2",null,"5-1/4\"X14\" LVL - 13'",{"v":13.21,"d":"13"},{"v":0,"d":"0%"},{"v":13.21,"d":"13"},"EA",{"v":240.825,"d":"$240.8"},{"v":3181.2982500000003,"d":"$3,181.30"},{"v":392.925,"d":"$392.93"},{"v":5190.539250000001,"d":"$5,190.54"},{"v":633.75,"d":"$633.8"},{"v":8371.8375,"d":"$8,372"}]
[{"$f":"IF(I209<>\"\",1+MAX($A$6:A208),\"\")","v":""}]
[{"$f":"IF(I210<>\"\",1+MAX($A$6:A209),\"\")","v":""},{"$nulls":3},"FRAMING MISC."]
[{"$f":"IF(I211<>\"\",1+MAX($A$6:A210),\"\")","v":111},"S-2.2","S-2.2",null,"HDU4",24,{"v":0,"d":"0%"},{"$f":"F211*(1+G211)","v":24},"EA",{"v":12.8,"d":"$12.8"},{"$f":"J211*H211","v":{"v":307.20000000000005,"d":"$307.20"}},{"v":27.200000000000003,"d":"$27.20"},{"$f":"L211*H211","v":{"v":652.8000000000001,"d":"$652.80"}},{"v":40,"d":"$40.0"},{"$f":"N211*H211","v":{"v":960,"d":"$960"}}]
[{"$f":"IF(I212<>\"\",1+MAX($A$6:A211),\"\")","v":112},"S-2.2","S-2.2",null,"HDU5",8,{"v":0,"d":"0%"},{"$f":"F212*(1+G212)","v":8},"EA",{"v":16,"d":"$16.0"},{"$f":"J212*H212","v":{"v":128,"d":"$128.00"}},{"v":34,"d":"$34.00"},{"$f":"L212*H212","v":{"v":272,"d":"$272.00"}},{"v":50,"d":"$50.0"},{"$f":"N212*H212","v":{"v":400,"d":"$400"}}]
[{"$f":"IF(I213<>\"\",1+MAX($A$6:A212),\"\")","v":113},"S-2.2","S-2.2",null,"HDU8",24,{"v":0,"d":"0%"},24,"EA",{"v":19.2,"d":"$19.2"},{"$f":"J213*H213","v":{"v":460.79999999999995,"d":"$460.80"}},{"v":40.800000000000004,"d":"$40.80"},{"$f":"L213*H213","v":{"v":979.2,"d":"$979.20"}},{"v":60,"d":"$60.0"},{"v":1440,"d":"$1,440"}]
[{"$f":"IF(I214<>\"\",1+MAX($A$6:A213),\"\")","v":114},"S-2.2","S-2.2",null,"CMST14",5,{"v":0,"d":"0%"},{"$f":"F214*(1+G214)","v":5},"EA",{"v":16,"d":"$16.0"},{"$f":"J214*H214","v":{"v":80,"d":"$80.00"}},{"v":34,"d":"$34.00"},{"$f":"L214*H214","v":{"v":170,"d":"$170.00"}},{"v":50,"d":"$50.0"},{"$f":"N214*H214","v":{"v":250,"d":"$250"}}]
[{"$f":"IF(I215<>\"\",1+MAX($A$6:A214),\"\")","v":115},"S-2.2","S-2.2",null,"HDU 11",4,{"v":0,"d":"0%"},4,"EA",{"v":24,"d":"$24.0"},{"$f":"J215*H215","v":{"v":96,"d":"$96.00"}},{"v":51.00000000000001,"d":"$51.00"},{"$f":"L215*H215","v":{"v":204.00000000000003,"d":"$204.00"}},{"v":75,"d":"$75.0"},{"v":300,"d":"$300"}]
[{"$f":"IF(I216<>\"\",1+MAX($A$6:A215),\"\")","v":""}]
[{"$f":"IF(I217<>\"\",1+MAX($A$6:A216),\"\")","v":""},{"$nulls":3},"EXTERIOR WOODEN STAIRS"]
[{"$f":"IF(I218<>\"\",1+MAX($A$6:A217),\"\")","v":116},"S-2.2","S-2.2",null,"(3'x10\") Wooden Stain Treads @17EA & 6\" High Riser @ 18 EA",1,{"v":0,"d":"0%"},{"$f":"F218*(1+G218)","v":1},"EA",{"v":1094.4,"d":"$1,094.4"},{"$f":"J218*H218","v":{"v":1094.4,"d":"$1,094.40"}},{"v":1785.6,"d":"$1,785.60"},{"$f":"L218*H218","v":{"v":1785.6,"d":"$1,785.60"}},{"v":2880,"d":"$2,880.0"},{"v":2880,"d":"$2,880"}]
[{"$f":"IF(I219<>\"\",1+MAX($A$6:A218),\"\")","v":""}]
[{"$f":"IF(I220<>\"\",1+MAX($A$6:A219),\"\")","v":""},{"$nulls":3},"INTERIOR WOODEN STAIRS"]
[{"$f":"IF(I221<>\"\",1+MAX($A$6:A220),\"\")","v":117},"S-2.2","S-2.2",null,"(3'-4\"x12\") Wooden Stain Treads @19EA & 6\" High Riser @ 20 EA",1,{"v":0,"d":"0%"},{"$f":"F221*(1+G221)","v":1},"EA",{"v":1368,"d":"$1,368.0"},{"$f":"J221*H221","v":{"v":1368,"d":"$1,368.00"}},{"v":2232,"d":"$2,232.00"},{"$f":"L221*H221","v":{"v":2232,"d":"$2,232.00"}},{"v":3600,"d":"$3,600.0"},{"$f":"N221*H221","v":{"v":3600,"d":"$3,600"}}]
[{"$f":"IF(I222<>\"\",1+MAX($A$6:A221),\"\")","v":""}]
[{"$f":"IF(I223<>\"\",1+MAX($A$6:A222),\"\")","v":""},{"$nulls":3},"RAILINGS"]
[{"$f":"IF(I224<>\"\",1+MAX($A$6:A223),\"\")","v":118},"S-2.2","S-2.2",null,"1 1/2\" Handrail @ 36\" Max Above Stair Nosing w/ Full Height Tempered Glass Guardrail",{"v":9.13,"d":"9"},{"v":0.1,"d":"10%"},{"$f":"F224*(1+G224)","v":{"v":10.043000000000001,"d":"10"}},"LF",{"v":121.6,"d":"$121.6"},{"$f":"J224*H224","v":{"v":1221.2288,"d":"$1,221.23"}},{"v":198.4,"d":"$198.40"},{"$f":"L224*H224","v":{"v":1992.5312000000004,"d":"$1,992.53"}},{"v":320,"d":"$320.0"},{"$f":"N224*H224","v":{"v":3213.76,"d":"$3,214"}}]
[{"$f":"IF(I225<>\"\",1+MAX($A$6:A224),\"\")","v":119},"S-2.2","S-2.2",null,"1 1/2\" Handrail @ 36\" Max Above Stair Nosing w/ 36\" Guard rail",{"v":7.27,"d":"7"},{"v":0.1,"d":"10%"},{"$f":"F225*(1+G225)","v":{"v":7.997,"d":"8"}},"LF",{"v":121.6,"d":"$121.6"},{"$f":"J225*H225","v":{"v":972.4351999999999,"d":"$972.44"}},{"v":198.4,"d":"$198.40"},{"$f":"L225*H225","v":{"v":1586.6048,"d":"$1,586.60"}},{"v":320,"d":"$320.0"},{"$f":"N225*H225","v":{"v":2559.04,"d":"$2,559"}}]
[{"$f":"IF(I226<>\"\",1+MAX($A$6:A225),\"\")","v":""}]
[{"$f":"IF(I227<>\"\",1+MAX($A$6:A226),\"\")","v":""},{"$nulls":3},"WOODEN POST & BRACING"]
[{"$f":"IF(I228<>\"\",1+MAX($A$6:A227),\"\")","v":""}]
[{"$f":"IF(I229<>\"\",1+MAX($A$6:A228),\"\")","v":120},"S-2.2","S-2.2",null,"4\"X8\" Blocking @ 10' O.C.",{"$f":"2674.18/10","v":{"v":267.418,"d":"267"}},{"v":0.1,"d":"10%"},{"$f":"F229*(1+G229)","v":{"v":294.1598,"d":"294"}},"LF",{"v":7.261,"d":"$7.26"},{"$f":"J229*H229","v":{"v":2135.8943078,"d":"$2,135.89"}},{"v":6.438999999999999,"d":"$6.44"},{"$f":"L229*H229","v":{"v":1894.0949521999999,"d":"$1,894.09"}},{"v":13.7,"d":"$13.7"},{"$f":"N229*H229","v":{"v":4029.98926,"d":"$4,030.0"}}]
[{"$f":"IF(I230<>\"\",1+MAX($A$6:A229),\"\")","v":""}]
[{"$f":"IF(I231<>\"\",1+MAX($A$6:A230),\"\")","v":""},{"$nulls":3},"LEVEL-2 / LOWER ROOF FRAMING"]
[{"$f":"IF(I232<>\"\",1+MAX($A$6:A231),\"\")","v":""}]
[{"$f":"IF(I233<>\"\",1+MAX($A$6:A232),\"\")","v":""},{"$nulls":3},"FLOOR SHEATHING"]
[{"$f":"IF(I234<>\"\",1+MAX($A$6:A233),\"\")","v":121},"S-2.3","S-2.3",null,"3/4\" Thick Tongue & Groove Plywood Sheathing (4'X8') Ea.",{"$f":"1361.48/32","v":{"v":42.54625,"d":"43"}},{"v":0,"d":"0%"},{"$f":"F234*(1+G234)","v":{"v":42.54625,"d":"43"}},"EA",{"v":90,"d":"$90.0"},{"$f":"J234*H234","v":{"v":3829.1625,"d":"$3,829.16"}},{"v":53,"d":"$53.00"},{"$f":"L234*H234","v":{"v":2254.95125,"d":"$2,254.95"}},{"v":143,"d":"$143.0"},{"$f":"N234*H234","v":{"v":6084.11375,"d":"$6,084"}}]
[{"$f":"IF(I235<>\"\",1+MAX($A$6:A234),\"\")","v":""}]
[{"$f":"IF(I236<>\"\",1+MAX($A$6:A235),\"\")","v":""},{"$nulls":3},"ROOF SHEATHING"]
[{"$f":"IF(I237<>\"\",1+MAX($A$6:A236),\"\")","v":122},"S-2.3","S-2.3",null,"5/8\" Thick Plywood Sheathing (4'X8') Ea.",{"$f":"2769.67/32","v":{"v":86.5521875,"d":"87"}},{"v":0,"d":"0%"},{"$f":"F237*(1+G237)","v":{"v":86.5521875,"d":"87"}},"EA",{"v":90,"d":"$90.0"},{"$f":"J237*H237","v":{"v":7789.696875000001,"d":"$7,789.70"}},{"v":30,"d":"$30.00"},{"$f":"L237*H237","v":{"v":2596.565625,"d":"$2,596.57"}},{"v":120,"d":"$120.0"},{"$f":"N237*H237","v":{"v":10386.2625,"d":"$10,386"}}]
[{"$f":"IF(I238<>\"\",1+MAX($A$6:A237),\"\")","v":""}]
[{"$f":"IF(I239<>\"\",1+MAX($A$6:A238),\"\")","v":""},{"$nulls":3},"WOODEN BEAMS & HEADER"]
[{"$f":"IF(I240<>\"\",1+MAX($A$6:A239),\"\")","v":123},"S-2.3","S-2.3",null,"(6\"x6\") Wooden Header - 3'",3,{"v":0,"d":"0%"},{"$f":"F240*(1+G240)","v":3},"EA",{"v":34.875,"d":"$34.9"},{"$f":"J240*H240","v":{"v":104.625,"d":"$104.63"}},{"v":21.375,"d":"$21.38"},{"$f":"L240*H240","v":{"v":64.125,"d":"$64.13"}},{"v":56.25,"d":"$56.3"},{"$f":"N240*H240","v":{"v":168.75,"d":"$169"}}]
[{"$f":"IF(I241<>\"\",1+MAX($A$6:A240),\"\")","v":124},"S-2.3","S-2.3",null,"(6\"x8\") Wooden Header - 3'",2,{"v":0,"d":"0%"},{"$f":"F241*(1+G241)","v":2},"EA",{"v":37.2,"d":"$37.2"},{"v":74.4,"d":"$74.40"},{"v":22.8,"d":"$22.80"},{"v":45.6,"d":"$45.60"},{"v":60,"d":"$60.0"},{"$f":"N241*H241","v":{"v":120,"d":"$120"}}]
[{"$f":"IF(I242<>\"\",1+MAX($A$6:A241),\"\")","v":125},"S-2.3","S-2.3",null,"(6\"x6\") Wooden Header - 4'",4,{"v":0,"d":"0%"},4,"EA",{"v":46.5,"d":"$46.5"},{"$f":"J242*H242","v":{"v":186,"d":"$186.00"}},{"v":28.5,"d":"$28.50"},{"$f":"L242*H242","v":{"v":114,"d":"$114.00"}},{"v":75,"d":"$75.0"},{"v":300,"d":"$300"}]
[{"$f":"IF(I243<>\"\",1+MAX($A$6:A242),\"\")","v":126},"S-2.3","S-2.3",null,"(6\"x8\") Wooden Header - 7'",1,{"v":0,"d":"0%"},1,"EA",{"v":86.8,"d":"$86.8"},{"v":86.8,"d":"$86.80"},{"v":53.2,"d":"$53.20"},{"v":53.2,"d":"$53.20"},{"v":140,"d":"$140.0"},{"v":140,"d":"$140"}]
[{"$f":"IF(I244<>\"\",1+MAX($A$6:A243),\"\")","v":127},"S-2.3","S-2.3",null,"(4\"x12\") Wooden Beam - 18'",1,{"v":0,"d":"0%"},1,"EA",{"v":216,"d":"$216.0"},{"v":216,"d":"$216.00"},{"v":193.5,"d":"$193.50"},{"v":193.5,"d":"$193.50"},{"v":409.5,"d":"$409.5"},{"v":409.5,"d":"$410"}]
[{"$f":"IF(I245<>\"\",1+MAX($A$6:A244),\"\")","v":128},"S-2.3","S-2.3",null,"(4\"x8\") Wooden Header - 14'",1,{"v":0,"d":"0%"},1,"EA",{"v":101.654,"d":"$101.65"},{"v":101.654,"d":"$101.65"},{"v":90.14599999999999,"d":"$90.15"},{"v":90.14599999999999,"d":"$90.15"},{"v":191.79999999999998,"d":"$191.8"},{"v":191.79999999999998,"d":"$192"}]
[{"$f":"IF(I246<>\"\",1+MAX($A$6:A245),\"\")","v":129},"S-2.3","S-2.3",null,"(4\"x8\") Wooden Beam - 17'",1,{"v":0,"d":"0%"},1,"EA",{"v":123.437,"d":"$123.44"},{"v":123.437,"d":"$123.44"},{"v":109.46299999999998,"d":"$109.46"},{"v":109.46299999999998,"d":"$109.46"},{"v":232.89999999999998,"d":"$232.9"},{"v":232.89999999999998,"d":"$233"}]
[{"$f":"IF(I247<>\"\",1+MAX($A$6:A246),\"\")","v":130},"S-2.3","S-2.3",null,"(4\"x12\") Wooden Beam - 16'",1,{"v":0,"d":"0%"},1,"EA",{"v":189.28,"d":"$189.3"},{"v":189.28,"d":"$189.28"},{"v":174.72,"d":"$174.72"},{"v":174.72,"d":"$174.72"},{"v":364,"d":"$364.0"},{"v":364,"d":"$364"}]
[{"$f":"IF(I248<>\"\",1+MAX($A$6:A247),\"\")","v":131},"S-2.3","S-2.3",null,"(4\"x8\") Wooden Beam - 14'",1,{"v":0,"d":"0%"},1,"EA",{"v":101.654,"d":"$101.65"},{"v":101.654,"d":"$101.65"},{"v":90.14599999999999,"d":"$90.15"},{"v":90.14599999999999,"d":"$90.15"},{"v":191.79999999999998,"d":"$191.8"},{"v":191.79999999999998,"d":"$192"}]
[{"$f":"IF(I249<>\"\",1+MAX($A$6:A248),\"\")","v":132},"S-2.3","S-2.3",null,"(4\"x8\") Wooden Beam - 6'",2,{"v":0,"d":"0%"},2,"EA",{"v":43.565999999999995,"d":"$43.57"},{"v":87.13199999999999,"d":"$87.13"},{"v":38.63399999999999,"d":"$38.63"},{"v":77.26799999999999,"d":"$77.27"},{"v":82.19999999999999,"d":"$82.2"},{"v":164.39999999999998,"d":"$164"}]
[{"$f":"IF(I250<>\"\",1+MAX($A$6:A249),\"\")","v":133},"S-2.3","S-2.3",null,"(4\"x8\") Wooden Beam - 5'",1,{"v":0,"d":"0%"},1,"EA",{"v":36.305,"d":"$36.31"},{"v":36.305,"d":"$36.31"},{"v":32.195,"d":"$32.20"},{"v":32.195,"d":"$32.20"},{"v":68.5,"d":"$68.5"},{"v":68.5,"d":"$69"}]
[{"$f":"IF(I251<>\"\",1+MAX($A$6:A250),\"\")","v":134},"S-2.3","S-2.3",null,"(4\"x12\") Wooden Beam - 6'",1,{"v":0,"d":"0%"},1,"EA",{"v":70.98,"d":"$71.0"},{"$f":"J251*H251","v":{"v":70.98,"d":"$70.98"}},{"v":65.52,"d":"$65.52"},{"v":65.52,"d":"$65.52"},{"v":136.5,"d":"$136.5"},{"v":136.5,"d":"$137"}]
[{"$f":"IF(I252<>\"\",1+MAX($A$6:A251),\"\")","v":135},"S-2.3","S-2.3",null,"3-1/2\"X9-1/2\" LVL - 8'",1,{"v":0,"d":"0%"},1,"EA",{"v":29.68,"d":"$29.7"},{"v":29.68,"d":"$29.68"},{"v":26.32,"d":"$26.32"},{"v":26.32,"d":"$26.32"},{"v":56,"d":"$56.0"},{"v":56,"d":"$56"}]
[{"$f":"IF(I253<>\"\",1+MAX($A$6:A252),\"\")","v":136},"S-2.3","S-2.3",null,"3-1/2\"X7-1/4\" LVL - 15'",1,{"v":0,"d":"0%"},1,"EA",{"v":47.7,"d":"$47.7"},{"$f":"J253*H253","v":{"v":47.7,"d":"$47.70"}},{"v":42.3,"d":"$42.30"},{"$f":"L253*H253","v":{"v":42.3,"d":"$42.30"}},{"v":90,"d":"$90.0"},{"v":90,"d":"$90"}]
[{"$f":"IF(I254<>\"\",1+MAX($A$6:A253),\"\")","v":137},"S-2.3","S-2.3",null,"5-1/4\"X14\" LVL - 17'",1,{"v":0,"d":"0%"},1,"EA",{"v":314.925,"d":"$314.9"},{"v":314.925,"d":"$314.93"},{"v":513.825,"d":"$513.83"},{"v":513.825,"d":"$513.83"},{"v":828.75,"d":"$828.8"},{"v":828.75,"d":"$829"}]
[{"$f":"IF(I255<>\"\",1+MAX($A$6:A254),\"\")","v":138},"S-2.3","S-2.3",null,"5-1/4\"X14\" LVL - 5'",1,{"v":0,"d":"0%"},1,"EA",{"v":92.625,"d":"$92.6"},{"v":92.625,"d":"$92.63"},{"v":151.125,"d":"$151.13"},{"v":151.125,"d":"$151.13"},{"v":243.75,"d":"$243.8"},{"v":243.75,"d":"$244"}]
[{"$f":"IF(I256<>\"\",1+MAX($A$6:A255),\"\")","v":139},"S-2.3","S-2.3",null,"5-1/4\"X14\" PSL - 12'",2,{"v":0,"d":"0%"},2,"EA",{"v":228,"d":"$228.0"},{"v":456,"d":"$456.00"},{"v":372,"d":"$372.00"},{"v":744,"d":"$744.00"},{"v":600,"d":"$600.0"},{"v":1200,"d":"$1,200"}]
[{"$f":"IF(I257<>\"\",1+MAX($A$6:A256),\"\")","v":140},"S-2.3","S-2.3",null,"5-1/4\"X14\" LVL - 8'",1,{"v":0,"d":"0%"},1,"EA",{"v":148.2,"d":"$148.2"},{"v":148.2,"d":"$148.20"},{"v":241.8,"d":"$241.80"},{"v":241.8,"d":"$241.80"},{"v":390,"d":"$390.0"},{"v":390,"d":"$390"}]
[{"$f":"IF(I258<>\"\",1+MAX($A$6:A257),\"\")","v":141},"S-2.3","S-2.3",null,"3-1/2\"X14\" LVL - 11'",1,{"v":0,"d":"0%"},1,"EA",{"v":52.470000000000006,"d":"$52.5"},{"v":52.470000000000006,"d":"$52.47"},{"v":46.529999999999994,"d":"$46.53"},{"v":46.529999999999994,"d":"$46.53"},{"v":99,"d":"$99.0"},{"v":99,"d":"$99"}]
[{"$f":"IF(I259<>\"\",1+MAX($A$6:A258),\"\")","v":142},"S-2.3","S-2.3",null,"3-1/2\"X14\" LVL - 14'",1,{"v":0,"d":"0%"},1,"EA",{"v":66.78,"d":"$66.8"},{"v":66.78,"d":"$66.78"},{"v":59.22,"d":"$59.22"},{"v":59.22,"d":"$59.22"},{"v":126,"d":"$126.0"},{"v":126,"d":"$126"}]
[{"$f":"IF(I260<>\"\",1+MAX($A$6:A259),\"\")","v":143},"S-2.3","S-2.3",null,"5-1/4\"X9-1/2\" LVL - 13'",1,{"v":0,"d":"0%"},1,"EA",{"v":197.6,"d":"$197.6"},{"$f":"J260*H260","v":{"v":197.6,"d":"$197.60"}},{"v":322.4,"d":"$322.40"},{"$f":"L260*H260","v":{"v":322.4,"d":"$322.40"}},{"v":520,"d":"$520.0"},{"v":520,"d":"$520"}]
[{"$f":"IF(I261<>\"\",1+MAX($A$6:A260),\"\")","v":144},"S-2.3","S-2.3",null,"3-1/2\"X16\" LVL - 20'",1,{"v":0,"d":"0%"},1,"EA",{"v":116.60000000000001,"d":"$116.6"},{"v":116.60000000000001,"d":"$116.60"},{"v":103.39999999999999,"d":"$103.40"},{"v":103.39999999999999,"d":"$103.40"},{"v":220,"d":"$220.0"},{"v":220,"d":"$220"}]
[{"$f":"IF(I262<>\"\",1+MAX($A$6:A261),\"\")","v":145},"S-2.3","S-2.3",null,"5-1/4\"X7-1/4\" LVL - 19'",1,{"v":0,"d":"0%"},1,"EA",{"v":259.92,"d":"$259.9"},{"$f":"J262*H262","v":{"v":259.92,"d":"$259.92"}},{"v":424.08,"d":"$424.08"},{"$f":"L262*H262","v":{"v":424.08,"d":"$424.08"}},{"v":684,"d":"$684.0"},{"v":684,"d":"$684"}]
[{"$f":"IF(I263<>\"\",1+MAX($A$6:A262),\"\")","v":146},"S-2.3","S-2.3",null,"3-1/2\"X7-1/4\" LVL - 16'",2,{"v":0,"d":"0%"},2,"EA",{"v":50.88,"d":"$50.9"},{"v":101.76,"d":"$101.76"},{"v":45.12,"d":"$45.12"},{"v":90.24,"d":"$90.24"},{"v":96,"d":"$96.0"},{"v":192,"d":"$192"}]
[{"$f":"IF(I264<>\"\",1+MAX($A$6:A263),\"\")","v":147},"S-2.3","S-2.3",null,"3-1/2\"X7-1/4\" LVL - 15'",4,{"v":0,"d":"0%"},4,"EA",{"v":47.7,"d":"$47.7"},{"v":190.8,"d":"$190.80"},{"v":42.3,"d":"$42.30"},{"v":169.2,"d":"$169.20"},{"v":90,"d":"$90.0"},{"v":360,"d":"$360"}]
[{"$f":"IF(I265<>\"\",1+MAX($A$6:A264),\"\")","v":148},"S-2.3","S-2.3",null,"3-1/2\"X7-1/4\" LVL - 11'",2,{"v":0,"d":"0%"},2,"EA",{"v":34.980000000000004,"d":"$35.0"},{"v":69.96000000000001,"d":"$69.96"},{"v":31.02,"d":"$31.02"},{"v":62.04,"d":"$62.04"},{"v":66,"d":"$66.0"},{"v":132,"d":"$132"}]
[{"$f":"IF(I266<>\"\",1+MAX($A$6:A265),\"\")","v":149},"S-2.3","S-2.3",null,"5-1/4\"X9-1/2\" LVL - 15'",1,{"v":0,"d":"0%"},{"$f":"F266*(1+G266)","v":1},"EA",{"v":228,"d":"$228.0"},{"v":228,"d":"$228.00"},{"v":372,"d":"$372.00"},{"v":372,"d":"$372.00"},{"v":600,"d":"$600.0"},{"$f":"N266*H266","v":{"v":600,"d":"$600"}}]
[{"$f":"IF(I267<>\"\",1+MAX($A$6:A266),\"\")","v":150},"S-2.3","S-2.3",null,"3-1/2\"X11-7/8\" LVL - 9'",1,{"v":0,"d":"0%"},1,"EA",{"v":38.160000000000004,"d":"$38.2"},{"$f":"J267*H267","v":{"v":38.160000000000004,"d":"$38.16"}},{"v":33.839999999999996,"d":"$33.84"},{"$f":"L267*H267","v":{"v":33.839999999999996,"d":"$33.84"}},{"v":72,"d":"$72.0"},{"v":72,"d":"$72"}]
[{"$f":"IF(I268<>\"\",1+MAX($A$6:A267),\"\")","v":151},"S-2.3","S-2.3",null,"3-1/2\"X11-7/8\" LVL - 7'",1,{"v":0,"d":"0%"},1,"EA",{"v":29.68,"d":"$29.7"},{"v":29.68,"d":"$29.68"},{"v":26.32,"d":"$26.32"},{"v":26.32,"d":"$26.32"},{"v":56,"d":"$56.0"},{"v":56,"d":"$56"}]
[{"$f":"IF(I269<>\"\",1+MAX($A$6:A268),\"\")","v":152},"S-2.3","S-2.3",null,"3-1/2\"X7-1/4\" LVL - 10'",1,{"v":0,"d":"0%"},1,"EA",{"v":31.8,"d":"$31.8"},{"v":31.8,"d":"$31.80"},{"v":28.2,"d":"$28.20"},{"v":28.2,"d":"$28.20"},{"v":60,"d":"$60.0"},{"v":60,"d":"$60"}]
[{"$f":"IF(I270<>\"\",1+MAX($A$6:A269),\"\")","v":153},"S-2.3","S-2.3",null,"3-1/2\"X14\" LVL - 10'",1,{"v":0,"d":"0%"},1,"EA",{"v":47.7,"d":"$47.7"},{"v":47.7,"d":"$47.70"},{"v":42.3,"d":"$42.30"},{"v":42.3,"d":"$42.30"},{"v":90,"d":"$90.0"},{"v":90,"d":"$90"}]
[{"$f":"IF(I271<>\"\",1+MAX($A$6:A270),\"\")","v":154},"S-2.3","S-2.3",null,"3-1/2\"X14\" LVL - 8'",1,{"v":0,"d":"0%"},1,"EA",{"v":38.160000000000004,"d":"$38.2"},{"v":38.160000000000004,"d":"$38.16"},{"v":33.839999999999996,"d":"$33.84"},{"v":33.839999999999996,"d":"$33.84"},{"v":72,"d":"$72.0"},{"v":72,"d":"$72"}]
[{"$f":"IF(I272<>\"\",1+MAX($A$6:A271),\"\")","v":155},"S-2.3","S-2.3",null,"3-1/2\"X14\" LVL - 11'",1,{"v":0,"d":"0%"},1,"EA",{"v":52.470000000000006,"d":"$52.5"},{"v":52.470000000000006,"d":"$52.47"},{"v":46.529999999999994,"d":"$46.53"},{"v":46.529999999999994,"d":"$46.53"},{"v":99,"d":"$99.0"},{"v":99,"d":"$99"}]
[{"$f":"IF(I273<>\"\",1+MAX($A$6:A272),\"\")","v":156},"S-2.3","S-2.3",null,"3-1/2\"X11-7/8\" LVL - 19'",1,{"v":0,"d":"0%"},1,"EA",{"v":80.56,"d":"$80.6"},{"v":80.56,"d":"$80.56"},{"v":71.44,"d":"$71.44"},{"v":71.44,"d":"$71.44"},{"v":152,"d":"$152.0"},{"v":152,"d":"$152"}]
[{"$f":"IF(I274<>\"\",1+MAX($A$6:A273),\"\")","v":157},"S-2.3","S-2.3",null,"5-1/4\"X14\" LVL - 14'",1,{"v":0,"d":"0%"},1,"EA",{"v":259.35,"d":"$259.4"},{"v":259.35,"d":"$259.35"},{"v":423.15,"d":"$423.15"},{"v":423.15,"d":"$423.15"},{"v":682.5,"d":"$682.5"},{"v":682.5,"d":"$683"}]
[{"$f":"IF(I275<>\"\",1+MAX($A$6:A274),\"\")","v":158},"S-2.3","S-2.3",null,"3-1/2\"X14\" LVL - 4'",2,{"v":0,"d":"0%"},2,"EA",{"v":19.080000000000002,"d":"$19.1"},{"v":38.160000000000004,"d":"$38.16"},{"v":16.919999999999998,"d":"$16.92"},{"v":33.839999999999996,"d":"$33.84"},{"v":36,"d":"$36.0"},{"v":72,"d":"$72"}]
[{"$f":"IF(I276<>\"\",1+MAX($A$6:A275),\"\")","v":159},"S-2.3","S-2.3",null,"3-1/2\"X14\" LVL - 13'",1,{"v":0,"d":"0%"},1,"EA",{"v":62.010000000000005,"d":"$62.0"},{"v":62.010000000000005,"d":"$62.01"},{"v":54.989999999999995,"d":"$54.99"},{"v":54.989999999999995,"d":"$54.99"},{"v":117,"d":"$117.0"},{"v":117,"d":"$117"}]
[{"$f":"IF(I277<>\"\",1+MAX($A$6:A276),\"\")","v":160},"S-2.3","S-2.3",null,"3-1/2\"X14\" LVL - 5'",1,{"v":0,"d":"0%"},1,"EA",{"v":23.85,"d":"$23.9"},{"v":23.85,"d":"$23.85"},{"v":21.15,"d":"$21.15"},{"v":21.15,"d":"$21.15"},{"v":45,"d":"$45.0"},{"v":45,"d":"$45"}]
[{"$f":"IF(I278<>\"\",1+MAX($A$6:A277),\"\")","v":161},"S-2.3","S-2.3",null,"3-1/2\"X14\" LVL - 8'",1,{"v":0,"d":"0%"},1,"EA",{"v":38.160000000000004,"d":"$38.2"},{"v":38.160000000000004,"d":"$38.16"},{"v":33.839999999999996,"d":"$33.84"},{"v":33.839999999999996,"d":"$33.84"},{"v":72,"d":"$72.0"},{"v":72,"d":"$72"}]
[{"$f":"IF(I279<>\"\",1+MAX($A$6:A278),\"\")","v":162},"S-2.3","S-2.3",null,"5-1/4\"X24\" PSL - 7'",1,{"v":0,"d":"0%"},1,"EA",{"v":140.315,"d":"$140.3"},{"$f":"J279*H279","v":{"v":140.315,"d":"$140.32"}},{"v":228.935,"d":"$228.94"},{"$f":"L279*H279","v":{"v":228.935,"d":"$228.94"}},{"v":369.25,"d":"$369.3"},{"v":369.25,"d":"$369"}]
[{"$f":"IF(I280<>\"\",1+MAX($A$6:A279),\"\")","v":163},"S-2.3","S-2.3",null,"3-1/2\"X14\" LVL - 4'",1,{"v":0,"d":"0%"},1,"EA",{"v":19.080000000000002,"d":"$19.1"},{"v":19.080000000000002,"d":"$19.08"},{"v":16.919999999999998,"d":"$16.92"},{"v":16.919999999999998,"d":"$16.92"},{"v":36,"d":"$36.0"},{"v":36,"d":"$36"}]
[{"$f":"IF(I281<>\"\",1+MAX($A$6:A280),\"\")","v":164},"S-2.3","S-2.3",null,"3-1/2\"X14\" LVL - 7'",1,{"v":0,"d":"0%"},1,"EA",{"v":33.39,"d":"$33.4"},{"v":33.39,"d":"$33.39"},{"v":29.61,"d":"$29.61"},{"v":29.61,"d":"$29.61"},{"v":63,"d":"$63.0"},{"v":63,"d":"$63"}]
[{"$f":"IF(I282<>\"\",1+MAX($A$6:A281),\"\")","v":165},"S-2.3","S-2.3",null,"3-1/2\"X11-7/8\" LVL - 13'",1,{"v":0,"d":"0%"},1,"EA",{"v":55.120000000000005,"d":"$55.1"},{"v":55.120000000000005,"d":"$55.12"},{"v":48.879999999999995,"d":"$48.88"},{"v":48.879999999999995,"d":"$48.88"},{"v":104,"d":"$104.0"},{"v":104,"d":"$104"}]
[{"$f":"IF(I283<>\"\",1+MAX($A$6:A282),\"\")","v":166},"S-2.3","S-2.3",null,"3-1/2\"X11-7/8\" LVL - 10'",1,{"v":0,"d":"0%"},{"$f":"F283*(1+G283)","v":1},"EA",{"v":42.400000000000006,"d":"$42.4"},{"v":42.400000000000006,"d":"$42.40"},{"v":37.599999999999994,"d":"$37.60"},{"$f":"L283*H283","v":{"v":37.599999999999994,"d":"$37.60"}},{"v":80,"d":"$80.0"},{"$f":"N283*H283","v":{"v":80,"d":"$80"}}]
[{"$f":"IF(I284<>\"\",1+MAX($A$6:A283),\"\")","v":167},"S-2.3","S-2.3",null,"5-1/4\"X11-7/8\" LVL Ridge - 13'",1,{"v":0,"d":"0%"},1,"EA",{"v":212.42000000000002,"d":"$212.4"},{"v":212.42000000000002,"d":"$212.42"},{"v":346.58,"d":"$346.58"},{"v":346.58,"d":"$346.58"},{"v":559,"d":"$559.0"},{"v":559,"d":"$559"}]
[{"$f":"IF(I285<>\"\",1+MAX($A$6:A284),\"\")","v":168},"S-2.3","S-2.3",null,"5-1/4\"X11-7/8\" LVL Ridge - 17'",1,{"v":0,"d":"0%"},1,"EA",{"v":277.78000000000003,"d":"$277.8"},{"$f":"J285*H285","v":{"v":277.78000000000003,"d":"$277.78"}},{"v":453.21999999999997,"d":"$453.22"},{"$f":"L285*H285","v":{"v":453.21999999999997,"d":"$453.22"}},{"v":731,"d":"$731.0"},{"v":731,"d":"$731"}]
[{"$f":"IF(I286<>\"\",1+MAX($A$6:A285),\"\")","v":169},"S-2.3","S-2.3",null,"5-1/4\"X7-1/4\" Struct Fascia - 10'",1,{"v":0,"d":"0%"},1,"EA",{"v":136.8,"d":"$136.8"},{"v":136.8,"d":"$136.80"},{"v":223.2,"d":"$223.20"},{"v":223.2,"d":"$223.20"},{"v":360,"d":"$360.0"},{"v":360,"d":"$360"}]
[{"$f":"IF(I287<>\"\",1+MAX($A$6:A286),\"\")","v":170},"S-2.3","S-2.3",null,"(4\"X8\") Struct Fascia - 14'",1,{"v":0,"d":"0%"},1,"EA",{"v":101.654,"d":"$101.65"},{"$f":"J287*H287","v":{"v":101.654,"d":"$101.65"}},{"v":90.14599999999999,"d":"$90.15"},{"v":90.14599999999999,"d":"$90.15"},{"v":191.79999999999998,"d":"$191.8"},{"v":191.79999999999998,"d":"$192"}]
[{"$f":"IF(I288<>\"\",1+MAX($A$6:A287),\"\")","v":171},"S-2.3","S-2.3",null,"1-3/4\"X7-1/4\" LVL Struct Fascia - 11'",1,{"v":0,"d":"0%"},1,"EA",{"v":89.32,"d":"$89.3"},{"v":89.32,"d":"$89.32"},{"v":64.67999999999999,"d":"$64.68"},{"v":64.67999999999999,"d":"$64.68"},{"v":154,"d":"$154.0"},{"v":154,"d":"$154"}]
[{"$f":"IF(I289<>\"\",1+MAX($A$6:A288),\"\")","v":172},"S-2.3","S-2.3",null,"1-3/4\"X7-1/4\" LVL Struct Fascia - 9'",1,{"v":0,"d":"0%"},{"$f":"F289*(1+G289)","v":1},"EA",{"v":73.08,"d":"$73.1"},{"$f":"J289*H289","v":{"v":73.08,"d":"$73.08"}},{"v":52.919999999999995,"d":"$52.92"},{"$f":"L289*H289","v":{"v":52.919999999999995,"d":"$52.92"}},{"v":126,"d":"$126.0"},{"$f":"N289*H289","v":{"v":126,"d":"$126"}}]
[{"$f":"IF(I290<>\"\",1+MAX($A$6:A289),\"\")","v":""}]
[{"$f":"IF(I291<>\"\",1+MAX($A$6:A290),\"\")","v":""},{"$nulls":3},"FLOOR JOIST"]
[{"$f":"IF(I292<>\"\",1+MAX($A$6:A291),\"\")","v":173},"S-2.3","S-2.3",null,"14\" TJI 110 Floor Joist @ 16\" O.C. @ 8.28'",15,{"v":0,"d":"0%"},{"$f":"F292*(1+G292)","v":15},"EA",{"v":124.86239999999998,"d":"$124.9"},{"$f":"J292*H292","v":{"v":1872.9359999999997,"d":"$1,872.94"}},{"v":90.41759999999998,"d":"$90.42"},{"$f":"L292*H292","v":{"v":1356.2639999999997,"d":"$1,356.26"}},{"v":215.27999999999997,"d":"$215.3"},{"$f":"N292*H292","v":{"v":3229.2,"d":"$3,229"}}]
[{"$f":"IF(I293<>\"\",1+MAX($A$6:A292),\"\")","v":174},"S-2.3","S-2.3",null,"14\" TJI 110 Floor Joist @ 16\" O.C. @ 7.52'",22,{"v":0,"d":"0%"},22,"EA",{"v":113.40159999999999,"d":"$113.4"},{"v":2494.8351999999995,"d":"$2,494.84"},{"v":82.1184,"d":"$82.12"},{"v":1806.6047999999998,"d":"$1,806.60"},{"v":195.51999999999998,"d":"$195.5"},{"v":4301.44,"d":"$4,301"}]
[{"$f":"IF(I294<>\"\",1+MAX($A$6:A293),\"\")","v":175},"S-2.3","S-2.3",null,"14\" TJI 110 Floor Joist @ 16\" O.C. @ 33.68'",8,{"v":0,"d":"0%"},{"$f":"F294*(1+G294)","v":8},"EA",{"v":507.89439999999996,"d":"$507.9"},{"v":4063.1551999999997,"d":"$4,063.16"},{"v":367.7856,"d":"$367.79"},{"v":2942.2848,"d":"$2,942.28"},{"v":875.68,"d":"$875.7"},{"$f":"N294*H294","v":{"v":7005.44,"d":"$7,005"}}]
[{"$f":"IF(I295<>\"\",1+MAX($A$6:A294),\"\")","v":176},"S-2.3","S-2.3",null,"14\" TJI 110 Floor Joist @ 16\" O.C. @ 26.72'",8,{"v":0,"d":"0%"},8,"EA",{"v":402.9376,"d":"$402.9"},{"v":3223.5008,"d":"$3,223.50"},{"v":291.7824,"d":"$291.78"},{"v":2334.2592,"d":"$2,334.26"},{"v":694.72,"d":"$694.7"},{"v":5557.76,"d":"$5,558"}]
[{"$f":"IF(I296<>\"\",1+MAX($A$6:A295),\"\")","v":177},"S-2.3","S-2.3",null,"14\" TJI 110 Floor Joist @ 16\" O.C. @ 33.66'",1,{"v":0,"d":"0%"},1,"EA",{"v":507.5927999999999,"d":"$507.6"},{"v":507.5927999999999,"d":"$507.59"},{"v":367.5671999999999,"d":"$367.57"},{"v":367.5671999999999,"d":"$367.57"},{"v":875.1599999999999,"d":"$875.2"},{"v":875.1599999999999,"d":"$875"}]
[{"$f":"IF(I297<>\"\",1+MAX($A$6:A296),\"\")","v":178},"S-2.3","S-2.3",null,"14\" TJI 110 Floor Joist @ 16\" O.C. @ 29.71'",4,{"v":0,"d":"0%"},4,"EA",{"v":448.0268,"d":"$448.0"},{"v":1792.1072,"d":"$1,792.11"},{"v":324.4332,"d":"$324.43"},{"v":1297.7328,"d":"$1,297.73"},{"v":772.46,"d":"$772.5"},{"v":3089.84,"d":"$3,090"}]
[{"$f":"IF(I298<>\"\",1+MAX($A$6:A297),\"\")","v":179},"S-2.3","S-2.3",null,"14\" TJI 110 Floor Joist @ 16\" O.C. @ 7.59'",7,{"v":0,"d":"0%"},7,"EA",{"v":114.4572,"d":"$114.5"},{"v":801.2004,"d":"$801.20"},{"v":82.8828,"d":"$82.88"},{"v":580.1796,"d":"$580.18"},{"v":197.34,"d":"$197.3"},{"v":1381.38,"d":"$1,381"}]
[{"$f":"IF(I299<>\"\",1+MAX($A$6:A298),\"\")","v":""}]
[{"$f":"IF(I300<>\"\",1+MAX($A$6:A299),\"\")","v":180},"S-2.3","S-2.3",null,"11-7/8\" TJI 210 Floor Joist @ 16\" O.C. @ 8.34'",1,{"v":0,"d":"0%"},1,"EA",{"v":106.41839999999999,"d":"$106.4"},{"$f":"J300*H300","v":{"v":106.41839999999999,"d":"$106.42"}},{"v":77.0616,"d":"$77.06"},{"$f":"L300*H300","v":{"v":77.0616,"d":"$77.06"}},{"v":183.48,"d":"$183.5"},{"v":183.48,"d":"$183"}]
[{"$f":"IF(I301<>\"\",1+MAX($A$6:A300),\"\")","v":181},"S-2.3","S-2.3",null,"11-7/8\" TJI 210 Floor Joist @ 16\" O.C. @ 8.38'",1,{"v":0,"d":"0%"},1,"EA",{"v":106.9288,"d":"$106.9"},{"$f":"J301*H301","v":{"v":106.9288,"d":"$106.93"}},{"v":77.4312,"d":"$77.43"},{"$f":"L301*H301","v":{"v":77.4312,"d":"$77.43"}},{"v":184.36,"d":"$184.4"},{"v":184.36,"d":"$184"}]
[{"$f":"IF(I302<>\"\",1+MAX($A$6:A301),\"\")","v":182},"S-2.3","S-2.3",null,"11-7/8\" TJI 210 Floor Joist @ 16\" O.C. @ 8.42'",1,{"v":0,"d":"0%"},1,"EA",{"v":107.4392,"d":"$107.4"},{"v":107.4392,"d":"$107.44"},{"v":77.8008,"d":"$77.80"},{"v":77.8008,"d":"$77.80"},{"v":185.24,"d":"$185.2"},{"v":185.24,"d":"$185"}]
[{"$f":"IF(I303<>\"\",1+MAX($A$6:A302),\"\")","v":183},"S-2.3","S-2.3",null,"11-7/8\" TJI 210 Floor Joist @ 16\" O.C. @ 8.31'",1,{"v":0,"d":"0%"},1,"EA",{"v":106.0356,"d":"$106.0"},{"v":106.0356,"d":"$106.04"},{"v":76.7844,"d":"$76.78"},{"v":76.7844,"d":"$76.78"},{"v":182.82000000000002,"d":"$182.8"},{"v":182.82000000000002,"d":"$183"}]
[{"$f":"IF(I304<>\"\",1+MAX($A$6:A303),\"\")","v":""}]
[{"$f":"IF(I305<>\"\",1+MAX($A$6:A304),\"\")","v":184},"S-2.3","S-2.3",null,"3-1/2 Floor Joist LVL w/ BN @ 11'",4,{"v":0,"d":"0%"},4,"EA",{"v":78.42999999999999,"d":"$78.4"},{"$f":"J305*H305","v":{"v":313.71999999999997,"d":"$313.72"}},{"v":48.07,"d":"$48.07"},{"$f":"L305*H305","v":{"v":192.28,"d":"$192.28"}},{"v":126.5,"d":"$126.5"},{"v":506,"d":"$506"}]
[{"$f":"IF(I306<>\"\",1+MAX($A$6:A305),\"\")","v":""}]
[{"$f":"IF(I307<>\"\",1+MAX($A$6:A306),\"\")","v":""},{"$nulls":3},"ROOF JOIST"]
[{"$f":"IF(I308<>\"\",1+MAX($A$6:A307),\"\")","v":185},"S-2.3","S-2.3",null,"1-3/4\"X7-1/4 LVL Roof Joist @ 12\" O.C. @ 6.09'",3,{"v":0,"d":"0%"},{"$f":"F308*(1+G308)","v":3},"EA",{"v":49.450799999999994,"d":"$49.5"},{"$f":"J308*H308","v":{"v":148.3524,"d":"$148.35"}},{"v":35.8092,"d":"$35.81"},{"$f":"L308*H308","v":{"v":107.42759999999998,"d":"$107.43"}},{"v":85.25999999999999,"d":"$85.3"},{"$f":"N308*H308","v":{"v":255.77999999999997,"d":"$256"}}]
[{"$f":"IF(I309<>\"\",1+MAX($A$6:A308),\"\")","v":186},"S-2.3","S-2.3",null,"1-3/4\"X7-1/4 LVL Roof Joist @ 12\" O.C. @ 7.49'",3,{"v":0,"d":"0%"},3,"EA",{"v":60.818799999999996,"d":"$60.8"},{"v":182.45639999999997,"d":"$182.46"},{"v":44.041199999999996,"d":"$44.04"},{"v":132.12359999999998,"d":"$132.12"},{"v":104.86,"d":"$104.9"},{"v":314.58,"d":"$315"}]
[{"$f":"IF(I310<>\"\",1+MAX($A$6:A309),\"\")","v":187},"S-2.3","S-2.3",null,"1-3/4\"X7-1/4 LVL Roof Joist @ 12\" O.C. @ 11.18'",7,{"v":0,"d":"0%"},7,"EA",{"v":90.78159999999998,"d":"$90.8"},{"v":635.4711999999998,"d":"$635.47"},{"v":65.73839999999998,"d":"$65.74"},{"v":460.1687999999999,"d":"$460.17"},{"v":156.51999999999998,"d":"$156.5"},{"v":1095.6399999999999,"d":"$1,096"}]
[{"$f":"IF(I311<>\"\",1+MAX($A$6:A310),\"\")","v":188},"S-2.3","S-2.3",null,"1-3/4\"X7-1/4 LVL Roof Joist @ 12\" O.C. @ 1.91'",7,{"v":0,"d":"0%"},7,"EA",{"v":15.509199999999998,"d":"$15.5"},{"v":108.56439999999999,"d":"$108.56"},{"v":11.230799999999999,"d":"$11.23"},{"v":78.61559999999999,"d":"$78.62"},{"v":26.74,"d":"$26.7"},{"v":187.17999999999998,"d":"$187"}]
[{"$f":"IF(I312<>\"\",1+MAX($A$6:A311),\"\")","v":189},"S-2.3","S-2.3",null,"1-3/4\"X7-1/4 LVL Roof Joist @ 12\" O.C. @ 13.38'",1,{"v":0,"d":"0%"},1,"EA",{"v":108.6456,"d":"$108.6"},{"v":108.6456,"d":"$108.65"},{"v":78.6744,"d":"$78.67"},{"v":78.6744,"d":"$78.67"},{"v":187.32000000000002,"d":"$187.3"},{"v":187.32000000000002,"d":"$187"}]
[{"$f":"IF(I313<>\"\",1+MAX($A$6:A312),\"\")","v":190},"S-2.3","S-2.3",null,"1-3/4\"X7-1/4 LVL Roof Joist @ 12\" O.C. @ 1.03'",9,{"v":0,"d":"0%"},9,"EA",{"v":8.3636,"d":"$8.4"},{"v":75.2724,"d":"$75.27"},{"v":6.0564,"d":"$6.06"},{"v":54.5076,"d":"$54.51"},{"v":14.42,"d":"$14.4"},{"v":129.78,"d":"$130"}]
[{"$f":"IF(I314<>\"\",1+MAX($A$6:A313),\"\")","v":191},"S-2.3","S-2.3",null,"1-3/4\"X7-1/4 LVL Roof Joist @ 12\" O.C. @ 13.37'",5,{"v":0,"d":"0%"},5,"EA",{"v":108.56439999999998,"d":"$108.6"},{"v":542.8219999999999,"d":"$542.82"},{"v":78.61559999999999,"d":"$78.62"},{"v":393.0779999999999,"d":"$393.08"},{"v":187.17999999999998,"d":"$187.2"},{"v":935.8999999999999,"d":"$936"}]
[{"$f":"IF(I315<>\"\",1+MAX($A$6:A314),\"\")","v":192},"S-2.3","S-2.3",null,"1-3/4\"X7-1/4 LVL Roof Joist @ 12\" O.C. @ 1.83'",3,{"v":0,"d":"0%"},3,"EA",{"v":14.8596,"d":"$14.9"},{"v":44.5788,"d":"$44.58"},{"v":10.7604,"d":"$10.76"},{"v":32.2812,"d":"$32.28"},{"v":25.62,"d":"$25.6"},{"v":76.86,"d":"$77"}]
[{"$f":"IF(I316<>\"\",1+MAX($A$6:A315),\"\")","v":193},"S-2.3","S-2.3",null,"1-3/4\"X7-1/4 LVL Roof Joist @ 12\" O.C. @ 8.24'",2,{"v":0,"d":"0%"},2,"EA",{"v":66.9088,"d":"$66.9"},{"v":133.8176,"d":"$133.82"},{"v":48.4512,"d":"$48.45"},{"v":96.9024,"d":"$96.90"},{"v":115.36,"d":"$115.4"},{"v":230.72,"d":"$231"}]
[{"$f":"IF(I317<>\"\",1+MAX($A$6:A316),\"\")","v":194},"S-2.3","S-2.3",null,"1-3/4\"X7-1/4 LVL Roof Joist @ 12\" O.C. @ 8.23'",1,{"v":0,"d":"0%"},{"$f":"F317*(1+G317)","v":1},"EA",{"v":66.82759999999999,"d":"$66.8"},{"v":66.82759999999999,"d":"$66.83"},{"v":48.392399999999995,"d":"$48.39"},{"v":48.392399999999995,"d":"$48.39"},{"v":115.22,"d":"$115.2"},{"$f":"N317*H317","v":{"v":115.22,"d":"$115"}}]
[{"$f":"IF(I318<>\"\",1+MAX($A$6:A317),\"\")","v":195},"S-2.3","S-2.3",null,"1-3/4\"X7-1/4 LVL Roof Joist @ 12\" O.C. @ 22.98'",7,{"v":0,"d":"0%"},7,"EA",{"v":186.5976,"d":"$186.6"},{"v":1306.1832,"d":"$1,306.18"},{"v":135.1224,"d":"$135.12"},{"v":945.8568,"d":"$945.86"},{"v":321.72,"d":"$321.7"},{"v":2252.04,"d":"$2,252"}]
[{"$f":"IF(I319<>\"\",1+MAX($A$6:A318),\"\")","v":196},"S-2.3","S-2.3",null,"1-3/4\"X7-1/4 LVL Roof Joist @ 12\" O.C. @ 22.22'",1,{"v":0,"d":"0%"},1,"EA",{"v":180.42639999999997,"d":"$180.4"},{"v":180.42639999999997,"d":"$180.43"},{"v":130.65359999999998,"d":"$130.65"},{"v":130.65359999999998,"d":"$130.65"},{"v":311.08,"d":"$311.1"},{"v":311.08,"d":"$311"}]
[{"$f":"IF(I320<>\"\",1+MAX($A$6:A319),\"\")","v":197},"S-2.3","S-2.3",null,"1-3/4\"X7-1/4 LVL Roof Joist @ 12\" O.C. @ 22.24'",1,{"v":0,"d":"0%"},1,"EA",{"v":180.58879999999996,"d":"$180.6"},{"v":180.58879999999996,"d":"$180.59"},{"v":130.77119999999996,"d":"$130.77"},{"v":130.77119999999996,"d":"$130.77"},{"v":311.35999999999996,"d":"$311.4"},{"v":311.35999999999996,"d":"$311"}]
[{"$f":"IF(I321<>\"\",1+MAX($A$6:A320),\"\")","v":198},"S-2.3","S-2.3",null,"1-3/4\"X7-1/4 LVL Roof Joist @ 12\" O.C. @ 22.26'",1,{"v":0,"d":"0%"},1,"EA",{"v":180.7512,"d":"$180.8"},{"v":180.7512,"d":"$180.75"},{"v":130.8888,"d":"$130.89"},{"v":130.8888,"d":"$130.89"},{"v":311.64000000000004,"d":"$311.6"},{"v":311.64000000000004,"d":"$312"}]
[{"$f":"IF(I322<>\"\",1+MAX($A$6:A321),\"\")","v":199},"S-2.3","S-2.3",null,"1-3/4\"X7-1/4 LVL Roof Joist @ 12\" O.C. @ 22.28'",1,{"v":0,"d":"0%"},1,"EA",{"v":180.9136,"d":"$180.9"},{"v":180.9136,"d":"$180.91"},{"v":131.0064,"d":"$131.01"},{"v":131.0064,"d":"$131.01"},{"v":311.92,"d":"$311.9"},{"v":311.92,"d":"$312"}]
[{"$f":"IF(I323<>\"\",1+MAX($A$6:A322),\"\")","v":200},"S-2.3","S-2.3",null,"1-3/4\"X7-1/4 LVL Roof Joist @ 12\" O.C. @ 22.3'",1,{"v":0,"d":"0%"},1,"EA",{"v":181.076,"d":"$181.1"},{"v":181.076,"d":"$181.08"},{"v":131.124,"d":"$131.12"},{"v":131.124,"d":"$131.12"},{"v":312.2,"d":"$312.2"},{"v":312.2,"d":"$312"}]
[{"$f":"IF(I324<>\"\",1+MAX($A$6:A323),\"\")","v":201},"S-2.3","S-2.3",null,"1-3/4\"X7-1/4 LVL Roof Joist @ 12\" O.C. @ 16.69'",1,{"v":0,"d":"0%"},1,"EA",{"v":135.52280000000002,"d":"$135.5"},{"v":135.52280000000002,"d":"$135.52"},{"v":98.1372,"d":"$98.14"},{"v":98.1372,"d":"$98.14"},{"v":233.66000000000003,"d":"$233.7"},{"v":233.66000000000003,"d":"$234"}]
[{"$f":"IF(I325<>\"\",1+MAX($A$6:A324),\"\")","v":202},"S-2.3","S-2.3",null,"1-3/4\"X7-1/4 LVL Roof Joist @ 12\" O.C. @ 16.68'",1,{"v":0,"d":"0%"},{"$f":"F325*(1+G325)","v":1},"EA",{"v":135.4416,"d":"$135.4"},{"v":135.4416,"d":"$135.44"},{"v":98.07839999999999,"d":"$98.08"},{"v":98.07839999999999,"d":"$98.08"},{"v":233.51999999999998,"d":"$233.5"},{"$f":"N325*H325","v":{"v":233.51999999999998,"d":"$234"}}]
[{"$f":"IF(I326<>\"\",1+MAX($A$6:A325),\"\")","v":203},"S-2.3","S-2.3",null,"1-3/4\"X7-1/4 LVL Roof Joist @ 12\" O.C. @ 16.67'",1,{"v":0,"d":"0%"},1,"EA",{"v":135.3604,"d":"$135.4"},{"v":135.3604,"d":"$135.36"},{"v":98.01960000000001,"d":"$98.02"},{"v":98.01960000000001,"d":"$98.02"},{"v":233.38000000000002,"d":"$233.4"},{"v":233.38000000000002,"d":"$233"}]
[{"$f":"IF(I327<>\"\",1+MAX($A$6:A326),\"\")","v":204},"S-2.3","S-2.3",null,"1-3/4\"X7-1/4 LVL Roof Joist @ 12\" O.C. @ 16.66'",1,{"v":0,"d":"0%"},1,"EA",{"v":135.2792,"d":"$135.3"},{"v":135.2792,"d":"$135.28"},{"v":97.9608,"d":"$97.96"},{"v":97.9608,"d":"$97.96"},{"v":233.24,"d":"$233.2"},{"v":233.24,"d":"$233"}]
[{"$f":"IF(I328<>\"\",1+MAX($A$6:A327),\"\")","v":205},"S-2.3","S-2.3",null,"1-3/4\"X7-1/4 LVL Roof Joist @ 12\" O.C. @ 16.65'",1,{"v":0,"d":"0%"},1,"EA",{"v":135.19799999999998,"d":"$135.2"},{"v":135.19799999999998,"d":"$135.20"},{"v":97.90199999999999,"d":"$97.90"},{"v":97.90199999999999,"d":"$97.90"},{"v":233.09999999999997,"d":"$233.1"},{"v":233.09999999999997,"d":"$233"}]
[{"$f":"IF(I329<>\"\",1+MAX($A$6:A328),\"\")","v":206},"S-2.3","S-2.3",null,"1-3/4\"X7-1/4 LVL Roof Joist @ 12\" O.C. @ 16.64'",1,{"v":0,"d":"0%"},1,"EA",{"v":135.11679999999998,"d":"$135.1"},{"v":135.11679999999998,"d":"$135.12"},{"v":97.8432,"d":"$97.84"},{"v":97.8432,"d":"$97.84"},{"v":232.96,"d":"$233.0"},{"v":232.96,"d":"$233"}]
[{"$f":"IF(I330<>\"\",1+MAX($A$6:A329),\"\")","v":207},"S-2.3","S-2.3",null,"1-3/4\"X7-1/4 LVL Roof Joist @ 12\" O.C. @ 16.62'",1,{"v":0,"d":"0%"},1,"EA",{"v":134.9544,"d":"$135.0"},{"v":134.9544,"d":"$134.95"},{"v":97.7256,"d":"$97.73"},{"v":97.7256,"d":"$97.73"},{"v":232.68,"d":"$232.7"},{"v":232.68,"d":"$233"}]
[{"$f":"IF(I331<>\"\",1+MAX($A$6:A330),\"\")","v":208},"S-2.3","S-2.3",null,"1-3/4\"X7-1/4 LVL Roof Joist @ 12\" O.C. @ 16.61'",4,{"v":0,"d":"0%"},4,"EA",{"v":134.8732,"d":"$134.9"},{"v":539.4928,"d":"$539.49"},{"v":97.6668,"d":"$97.67"},{"v":390.6672,"d":"$390.67"},{"v":232.54,"d":"$232.5"},{"v":930.16,"d":"$930"}]
[{"$f":"IF(I332<>\"\",1+MAX($A$6:A331),\"\")","v":209},"S-2.3","S-2.3",null,"1-3/4\"X7-1/4 LVL Roof Joist @ 12\" O.C. @ 1.32'",8,{"v":0,"d":"0%"},8,"EA",{"v":10.718399999999999,"d":"$10.7"},{"v":85.74719999999999,"d":"$85.75"},{"v":7.7616,"d":"$7.76"},{"v":62.0928,"d":"$62.09"},{"v":18.48,"d":"$18.5"},{"v":147.84,"d":"$148"}]
[{"$f":"IF(I333<>\"\",1+MAX($A$6:A332),\"\")","v":210},"S-2.3","S-2.3",null,"1-3/4\"X7-1/4 LVL Roof Joist @ 12\" O.C. @ 16.59'",2,{"v":0,"d":"0%"},2,"EA",{"v":134.71079999999998,"d":"$134.7"},{"v":269.42159999999996,"d":"$269.42"},{"v":97.5492,"d":"$97.55"},{"v":195.0984,"d":"$195.10"},{"v":232.26,"d":"$232.3"},{"v":464.52,"d":"$465"}]
[{"$f":"IF(I334<>\"\",1+MAX($A$6:A333),\"\")","v":211},"S-2.3","S-2.3",null,"1-3/4\"X7-1/4 LVL Roof Joist @ 12\" O.C. @ 16.6'",5,{"v":0,"d":"0%"},5,"EA",{"v":134.792,"d":"$134.8"},{"v":673.96,"d":"$673.96"},{"v":97.608,"d":"$97.61"},{"v":488.04,"d":"$488.04"},{"v":232.40000000000003,"d":"$232.4"},{"v":1162.0000000000002,"d":"$1,162"}]
[{"$f":"IF(I335<>\"\",1+MAX($A$6:A334),\"\")","v":""}]
[{"$f":"IF(I336<>\"\",1+MAX($A$6:A335),\"\")","v":212},"S-2.3","S-2.3",null,"11-7/8\" TJI 210 Roof Joist @ 16\" O.C. @ 4.87'",5,{"v":0,"d":"0%"},5,"EA",{"v":62.1412,"d":"$62.1"},{"$f":"J336*H336","v":{"v":310.706,"d":"$310.71"}},{"v":44.998799999999996,"d":"$45.00"},{"$f":"L336*H336","v":{"v":224.99399999999997,"d":"$224.99"}},{"v":107.14,"d":"$107.1"},{"v":535.7,"d":"$536"}]
[{"$f":"IF(I337<>\"\",1+MAX($A$6:A336),\"\")","v":213},"S-2.3","S-2.3",null,"11-7/8\" TJI 210 Roof Joist @ 16\" O.C. @ 4.88'",2,{"v":0,"d":"0%"},2,"EA",{"v":62.2688,"d":"$62.3"},{"v":124.5376,"d":"$124.54"},{"v":45.0912,"d":"$45.09"},{"v":90.1824,"d":"$90.18"},{"v":107.36,"d":"$107.4"},{"v":214.72,"d":"$215"}]
[{"$f":"IF(I338<>\"\",1+MAX($A$6:A337),\"\")","v":214},"S-2.3","S-2.3",null,"11-7/8\" TJI 210 Roof Joist @ 16\" O.C. @ 4.86'",1,{"v":0,"d":"0%"},1,"EA",{"v":62.0136,"d":"$62.0"},{"v":62.0136,"d":"$62.01"},{"v":44.9064,"d":"$44.91"},{"v":44.9064,"d":"$44.91"},{"v":106.92,"d":"$106.9"},{"v":106.92,"d":"$107"}]
[{"$f":"IF(I339<>\"\",1+MAX($A$6:A338),\"\")","v":215},"S-2.3","S-2.3",null,"11-7/8\" TJI 210 Roof Joist @ 16\" O.C. @ 5.4'",1,{"v":0,"d":"0%"},{"$f":"F339*(1+G339)","v":1},"EA",{"v":68.904,"d":"$68.9"},{"v":68.904,"d":"$68.90"},{"v":49.896,"d":"$49.90"},{"v":49.896,"d":"$49.90"},{"v":118.80000000000001,"d":"$118.8"},{"$f":"N339*H339","v":{"v":118.80000000000001,"d":"$119"}}]
[{"$f":"IF(I340<>\"\",1+MAX($A$6:A339),\"\")","v":216},"S-2.3","S-2.3",null,"11-7/8\" TJI 210 Roof Joist @ 16\" O.C. @ 3.55'",1,{"v":0,"d":"0%"},1,"EA",{"v":45.297999999999995,"d":"$45.3"},{"v":45.297999999999995,"d":"$45.30"},{"v":32.802,"d":"$32.80"},{"v":32.802,"d":"$32.80"},{"v":78.1,"d":"$78.1"},{"v":78.1,"d":"$78"}]
[{"$f":"IF(I341<>\"\",1+MAX($A$6:A340),\"\")","v":217},"S-2.3","S-2.3",null,"11-7/8\" TJI 210 Roof Joist @ 16\" O.C. @ 3.53'",1,{"v":0,"d":"0%"},1,"EA",{"v":45.04279999999999,"d":"$45.0"},{"v":45.04279999999999,"d":"$45.04"},{"v":32.6172,"d":"$32.62"},{"v":32.6172,"d":"$32.62"},{"v":77.66,"d":"$77.7"},{"v":77.66,"d":"$78"}]
[{"$f":"IF(I342<>\"\",1+MAX($A$6:A341),\"\")","v":218},"S-2.3","S-2.3",null,"11-7/8\" TJI 210 Roof Joist @ 16\" O.C. @ 3.52'",1,{"v":0,"d":"0%"},1,"EA",{"v":44.9152,"d":"$44.9"},{"v":44.9152,"d":"$44.92"},{"v":32.5248,"d":"$32.52"},{"v":32.5248,"d":"$32.52"},{"v":77.44,"d":"$77.4"},{"v":77.44,"d":"$77"}]
[{"$f":"IF(I343<>\"\",1+MAX($A$6:A342),\"\")","v":219},"S-2.3","S-2.3",null,"11-7/8\" TJI 210 Roof Joist @ 16\" O.C. @ 3.51'",1,{"v":0,"d":"0%"},1,"EA",{"v":44.7876,"d":"$44.8"},{"v":44.7876,"d":"$44.79"},{"v":32.4324,"d":"$32.43"},{"v":32.4324,"d":"$32.43"},{"v":77.22,"d":"$77.2"},{"v":77.22,"d":"$77"}]
[{"$f":"IF(I344<>\"\",1+MAX($A$6:A343),\"\")","v":220},"S-2.3","S-2.3",null,"11-7/8\" TJI 210 Roof Joist @ 16\" O.C. @ 3.5'",1,{"v":0,"d":"0%"},1,"EA",{"v":44.66,"d":"$44.7"},{"v":44.66,"d":"$44.66"},{"v":32.339999999999996,"d":"$32.34"},{"v":32.339999999999996,"d":"$32.34"},{"v":77,"d":"$77.0"},{"v":77,"d":"$77"}]
[{"$f":"IF(I345<>\"\",1+MAX($A$6:A344),\"\")","v":221},"S-2.3","S-2.3",null,"11-7/8\" TJI 210 Roof Joist @ 16\" O.C. @ 3.49'",1,{"v":0,"d":"0%"},1,"EA",{"v":44.532399999999996,"d":"$44.5"},{"v":44.532399999999996,"d":"$44.53"},{"v":32.2476,"d":"$32.25"},{"v":32.2476,"d":"$32.25"},{"v":76.78,"d":"$76.8"},{"v":76.78,"d":"$77"}]
[{"$f":"IF(I346<>\"\",1+MAX($A$6:A345),\"\")","v":222},"S-2.3","S-2.3",null,"11-7/8\" TJI 210 Roof Joist @ 16\" O.C. @ 3.47'",1,{"v":0,"d":"0%"},1,"EA",{"v":44.2772,"d":"$44.3"},{"v":44.2772,"d":"$44.28"},{"v":32.0628,"d":"$32.06"},{"v":32.0628,"d":"$32.06"},{"v":76.34,"d":"$76.3"},{"v":76.34,"d":"$76"}]
[{"$f":"IF(I347<>\"\",1+MAX($A$6:A346),\"\")","v":223},"S-2.3","S-2.3",null,"11-7/8\" TJI 210 Roof Joist @ 16\" O.C. @ 3.46'",1,{"v":0,"d":"0%"},1,"EA",{"v":44.1496,"d":"$44.1"},{"v":44.1496,"d":"$44.15"},{"v":31.9704,"d":"$31.97"},{"v":31.9704,"d":"$31.97"},{"v":76.12,"d":"$76.1"},{"v":76.12,"d":"$76"}]
[{"$f":"IF(I348<>\"\",1+MAX($A$6:A347),\"\")","v":224},"S-2.3","S-2.3",null,"11-7/8\" TJI 210 Roof Joist @ 16\" O.C. @ 3.45'",1,{"v":0,"d":"0%"},1,"EA",{"v":44.022,"d":"$44.0"},{"v":44.022,"d":"$44.02"},{"v":31.878,"d":"$31.88"},{"v":31.878,"d":"$31.88"},{"v":75.9,"d":"$75.9"},{"v":75.9,"d":"$76"}]
[{"$f":"IF(I349<>\"\",1+MAX($A$6:A348),\"\")","v":225},"S-2.3","S-2.3",null,"11-7/8\" TJI 210 Roof Joist @ 16\" O.C. @ 3.44'",1,{"v":0,"d":"0%"},1,"EA",{"v":43.89439999999999,"d":"$43.9"},{"v":43.89439999999999,"d":"$43.89"},{"v":31.785599999999995,"d":"$31.79"},{"v":31.785599999999995,"d":"$31.79"},{"v":75.67999999999999,"d":"$75.7"},{"v":75.67999999999999,"d":"$76"}]
[{"$f":"IF(I350<>\"\",1+MAX($A$6:A349),\"\")","v":226},"S-2.3","S-2.3",null,"11-7/8\" TJI 210 Roof Joist @ 16\" O.C. @ 3.42'",1,{"v":0,"d":"0%"},1,"EA",{"v":43.639199999999995,"d":"$43.6"},{"v":43.639199999999995,"d":"$43.64"},{"v":31.600799999999996,"d":"$31.60"},{"v":31.600799999999996,"d":"$31.60"},{"v":75.24,"d":"$75.2"},{"v":75.24,"d":"$75"}]
[{"$f":"IF(I351<>\"\",1+MAX($A$6:A350),\"\")","v":227},"S-2.3","S-2.3",null,"11-7/8\" TJI 210 Roof Joist @ 16\" O.C. @ 3.41'",1,{"v":0,"d":"0%"},1,"EA",{"v":43.5116,"d":"$43.5"},{"v":43.5116,"d":"$43.51"},{"v":31.5084,"d":"$31.51"},{"v":31.5084,"d":"$31.51"},{"v":75.02000000000001,"d":"$75.0"},{"v":75.02000000000001,"d":"$75"}]
[{"$f":"IF(I352<>\"\",1+MAX($A$6:A351),\"\")","v":228},"S-2.3","S-2.3",null,"11-7/8\" TJI 210 Roof Joist @ 16\" O.C. @ 3.56'",1,{"v":0,"d":"0%"},1,"EA",{"v":45.4256,"d":"$45.4"},{"v":45.4256,"d":"$45.43"},{"v":32.894400000000005,"d":"$32.89"},{"v":32.894400000000005,"d":"$32.89"},{"v":78.32000000000001,"d":"$78.3"},{"v":78.32000000000001,"d":"$78"}]
[{"$f":"IF(I353<>\"\",1+MAX($A$6:A352),\"\")","v":229},"S-2.3","S-2.3",null,"11-7/8\" TJI 210 Roof Joist @ 16\" O.C. @ 3.57'",1,{"v":0,"d":"0%"},1,"EA",{"v":45.55319999999999,"d":"$45.6"},{"v":45.55319999999999,"d":"$45.55"},{"v":32.986799999999995,"d":"$32.99"},{"v":32.986799999999995,"d":"$32.99"},{"v":78.53999999999999,"d":"$78.5"},{"v":78.53999999999999,"d":"$79"}]
[{"$f":"IF(I354<>\"\",1+MAX($A$6:A353),\"\")","v":230},"S-2.3","S-2.3",null,"11-7/8\" TJI 210 Roof Joist @ 16\" O.C. @ 3.58'",1,{"v":0,"d":"0%"},1,"EA",{"v":45.6808,"d":"$45.7"},{"v":45.6808,"d":"$45.68"},{"v":33.0792,"d":"$33.08"},{"v":33.0792,"d":"$33.08"},{"v":78.76,"d":"$78.8"},{"v":78.76,"d":"$79"}]
[{"$f":"IF(I355<>\"\",1+MAX($A$6:A354),\"\")","v":231},"S-2.3","S-2.3",null,"11-7/8\" TJI 210 Roof Joist @ 16\" O.C. @ 3.6'",1,{"v":0,"d":"0%"},1,"EA",{"v":45.936,"d":"$45.9"},{"v":45.936,"d":"$45.94"},{"v":33.264,"d":"$33.26"},{"v":33.264,"d":"$33.26"},{"v":79.2,"d":"$79.2"},{"v":79.2,"d":"$79"}]
[{"$f":"IF(I356<>\"\",1+MAX($A$6:A355),\"\")","v":232},"S-2.3","S-2.3",null,"11-7/8\" TJI 210 Roof Joist @ 16\" O.C. @ 3.61'",1,{"v":0,"d":"0%"},1,"EA",{"v":46.0636,"d":"$46.1"},{"v":46.0636,"d":"$46.06"},{"v":33.3564,"d":"$33.36"},{"v":33.3564,"d":"$33.36"},{"v":79.42,"d":"$79.4"},{"v":79.42,"d":"$79"}]
[{"$f":"IF(I357<>\"\",1+MAX($A$6:A356),\"\")","v":233},"S-2.3","S-2.3",null,"11-7/8\" TJI 210 Roof Joist @ 16\" O.C. @ 3.62'",1,{"v":0,"d":"0%"},1,"EA",{"v":46.191199999999995,"d":"$46.2"},{"v":46.191199999999995,"d":"$46.19"},{"v":33.4488,"d":"$33.45"},{"v":33.4488,"d":"$33.45"},{"v":79.64,"d":"$79.6"},{"v":79.64,"d":"$80"}]
[{"$f":"IF(I358<>\"\",1+MAX($A$6:A357),\"\")","v":234},"S-2.3","S-2.3",null,"11-7/8\" TJI 210 Roof Joist @ 16\" O.C. @ 3.63'",1,{"v":0,"d":"0%"},1,"EA",{"v":46.318799999999996,"d":"$46.3"},{"v":46.318799999999996,"d":"$46.32"},{"v":33.541199999999996,"d":"$33.54"},{"v":33.541199999999996,"d":"$33.54"},{"v":79.86,"d":"$79.9"},{"v":79.86,"d":"$80"}]
[{"$f":"IF(I359<>\"\",1+MAX($A$6:A358),\"\")","v":235},"S-2.3","S-2.3",null,"11-7/8\" TJI 210 Roof Joist @ 16\" O.C. @ 3.64'",1,{"v":0,"d":"0%"},1,"EA",{"v":46.4464,"d":"$46.4"},{"v":46.4464,"d":"$46.45"},{"v":33.6336,"d":"$33.63"},{"v":33.6336,"d":"$33.63"},{"v":80.08,"d":"$80.1"},{"v":80.08,"d":"$80"}]
[{"$f":"IF(I360<>\"\",1+MAX($A$6:A359),\"\")","v":236},"S-2.3","S-2.3",null,"11-7/8\" TJI 210 Roof Joist @ 16\" O.C. @ 3.66'",1,{"v":0,"d":"0%"},1,"EA",{"v":46.701600000000006,"d":"$46.7"},{"v":46.701600000000006,"d":"$46.70"},{"v":33.818400000000004,"d":"$33.82"},{"v":33.818400000000004,"d":"$33.82"},{"v":80.52000000000001,"d":"$80.5"},{"v":80.52000000000001,"d":"$81"}]
[{"$f":"IF(I361<>\"\",1+MAX($A$6:A360),\"\")","v":237},"S-2.3","S-2.3",null,"11-7/8\" TJI 210 Roof Joist @ 16\" O.C. @ 3.67'",1,{"v":0,"d":"0%"},1,"EA",{"v":46.82919999999999,"d":"$46.8"},{"v":46.82919999999999,"d":"$46.83"},{"v":33.910799999999995,"d":"$33.91"},{"v":33.910799999999995,"d":"$33.91"},{"v":80.74,"d":"$80.7"},{"v":80.74,"d":"$81"}]
[{"$f":"IF(I362<>\"\",1+MAX($A$6:A361),\"\")","v":238},"S-2.3","S-2.3",null,"11-7/8\" TJI 210 Roof Joist @ 16\" O.C. @ 3.68'",1,{"v":0,"d":"0%"},1,"EA",{"v":46.9568,"d":"$47.0"},{"v":46.9568,"d":"$46.96"},{"v":34.0032,"d":"$34.00"},{"v":34.0032,"d":"$34.00"},{"v":80.96000000000001,"d":"$81.0"},{"v":80.96000000000001,"d":"$81"}]
[{"$f":"IF(I363<>\"\",1+MAX($A$6:A362),\"\")","v":239},"S-2.3","S-2.3",null,"11-7/8\" TJI 210 Roof Joist @ 16\" O.C. @ 3.69'",1,{"v":0,"d":"0%"},1,"EA",{"v":47.084399999999995,"d":"$47.1"},{"v":47.084399999999995,"d":"$47.08"},{"v":34.0956,"d":"$34.10"},{"v":34.0956,"d":"$34.10"},{"v":81.17999999999999,"d":"$81.2"},{"v":81.17999999999999,"d":"$81"}]
[{"$f":"IF(I364<>\"\",1+MAX($A$6:A363),\"\")","v":240},"S-2.3","S-2.3",null,"11-7/8\" TJI 210 Roof Joist @ 16\" O.C. @ 3.71'",1,{"v":0,"d":"0%"},1,"EA",{"v":47.3396,"d":"$47.3"},{"v":47.3396,"d":"$47.34"},{"v":34.2804,"d":"$34.28"},{"v":34.2804,"d":"$34.28"},{"v":81.62,"d":"$81.6"},{"v":81.62,"d":"$82"}]
[{"$f":"IF(I365<>\"\",1+MAX($A$6:A364),\"\")","v":241},"S-2.3","S-2.3",null,"11-7/8\" TJI 210 Roof Joist @ 16\" O.C. @ 13.34'",3,{"v":0,"d":"0%"},3,"EA",{"v":170.2184,"d":"$170.2"},{"v":510.65520000000004,"d":"$510.66"},{"v":123.2616,"d":"$123.26"},{"v":369.7848,"d":"$369.78"},{"v":293.48,"d":"$293.5"},{"v":880.44,"d":"$880"}]
[{"$f":"IF(I366<>\"\",1+MAX($A$6:A365),\"\")","v":242},"S-2.3","S-2.3",null,"11-7/8\" TJI 210 Roof Joist @ 16\" O.C. @ 13.35'",2,{"v":0,"d":"0%"},2,"EA",{"v":170.34599999999998,"d":"$170.3"},{"v":340.69199999999995,"d":"$340.69"},{"v":123.35399999999998,"d":"$123.35"},{"v":246.70799999999997,"d":"$246.71"},{"v":293.7,"d":"$293.7"},{"v":587.4,"d":"$587"}]
[{"$f":"IF(I367<>\"\",1+MAX($A$6:A366),\"\")","v":243},"S-2.3","S-2.3",null,"11-7/8\" TJI 210 Roof Joist @ 16\" O.C. @ 13.36'",2,{"v":0,"d":"0%"},2,"EA",{"v":170.47359999999998,"d":"$170.5"},{"v":340.94719999999995,"d":"$340.95"},{"v":123.44639999999998,"d":"$123.45"},{"v":246.89279999999997,"d":"$246.89"},{"v":293.91999999999996,"d":"$293.9"},{"v":587.8399999999999,"d":"$588"}]
[{"$f":"IF(I368<>\"\",1+MAX($A$6:A367),\"\")","v":244},"S-2.3","S-2.3",null,"11-7/8\" TJI 210 Roof Joist @ 16\" O.C. @ 13.37'",1,{"v":0,"d":"0%"},1,"EA",{"v":170.60119999999998,"d":"$170.6"},{"v":170.60119999999998,"d":"$170.60"},{"v":123.5388,"d":"$123.54"},{"v":123.5388,"d":"$123.54"},{"v":294.14,"d":"$294.1"},{"v":294.14,"d":"$294"}]
[{"$f":"IF(I369<>\"\",1+MAX($A$6:A368),\"\")","v":245},"S-2.3","S-2.3",null,"11-7/8\" TJI 210 Roof Joist @ 16\" O.C. @ 13.33'",2,{"v":0,"d":"0%"},2,"EA",{"v":170.09079999999997,"d":"$170.1"},{"v":340.18159999999995,"d":"$340.18"},{"v":123.16919999999999,"d":"$123.17"},{"v":246.33839999999998,"d":"$246.34"},{"v":293.26,"d":"$293.3"},{"v":586.52,"d":"$587"}]
[{"$f":"IF(I370<>\"\",1+MAX($A$6:A369),\"\")","v":246},"S-2.3","S-2.3",null,"11-7/8\" TJI 210 Roof Joist @ 16\" O.C. @ 13.32'",1,{"v":0,"d":"0%"},1,"EA",{"v":169.9632,"d":"$170.0"},{"v":169.9632,"d":"$169.96"},{"v":123.0768,"d":"$123.08"},{"v":123.0768,"d":"$123.08"},{"v":293.04,"d":"$293.0"},{"v":293.04,"d":"$293"}]
[{"$f":"IF(I371<>\"\",1+MAX($A$6:A370),\"\")","v":""}]
[{"$f":"IF(I372<>\"\",1+MAX($A$6:A371),\"\")","v":""},{"$nulls":3},"ROOF RAFTER"]
[{"$f":"IF(I373<>\"\",1+MAX($A$6:A372),\"\")","v":247},"S-2.3","S-2.3",null,"(2\"X8\") DF#2 Roof Rafters @ 16\" O.C. @ 20.61'",3,{"v":0,"d":"0%"},{"$f":"F373*(1+G373)","v":3},"EA",{"v":59.76899999999999,"d":"$59.8"},{"$f":"J373*H373","v":{"v":179.30699999999996,"d":"$179.31"}},{"v":43.281,"d":"$43.28"},{"$f":"L373*H373","v":{"v":129.843,"d":"$129.84"}},{"v":103.05,"d":"$103.1"},{"$f":"N373*H373","v":{"v":309.15,"d":"$309"}}]
[{"$f":"IF(I374<>\"\",1+MAX($A$6:A373),\"\")","v":248},"S-2.3","S-2.3",null,"(2\"X8\") DF#2 Roof Rafters @ 16\" O.C. @ 16.74'",1,{"v":0,"d":"0%"},{"$f":"F374*(1+G374)","v":1},"EA",{"v":48.54599999999999,"d":"$48.5"},{"$f":"J374*H374","v":{"v":48.54599999999999,"d":"$48.55"}},{"v":35.153999999999996,"d":"$35.15"},{"$f":"L374*H374","v":{"v":35.153999999999996,"d":"$35.15"}},{"v":83.69999999999999,"d":"$83.7"},{"$f":"N374*H374","v":{"v":83.69999999999999,"d":"$84"}}]
[{"$f":"IF(I375<>\"\",1+MAX($A$6:A374),\"\")","v":249},"S-2.3","S-2.3",null,"(2\"X8\") DF#2 Roof Rafters @ 16\" O.C. @ 16.67'",1,{"v":0,"d":"0%"},1,"EA",{"v":48.343,"d":"$48.3"},{"v":48.343,"d":"$48.34"},{"v":35.007000000000005,"d":"$35.01"},{"v":35.007000000000005,"d":"$35.01"},{"v":83.35000000000001,"d":"$83.4"},{"v":83.35000000000001,"d":"$83"}]
[{"$f":"IF(I376<>\"\",1+MAX($A$6:A375),\"\")","v":250},"S-2.3","S-2.3",null,"(2\"X8\") DF#2 Roof Rafters @ 16\" O.C. @ 16.61'",1,{"v":0,"d":"0%"},{"$f":"F376*(1+G376)","v":1},"EA",{"v":48.169,"d":"$48.2"},{"v":48.169,"d":"$48.17"},{"v":34.881,"d":"$34.88"},{"v":34.881,"d":"$34.88"},{"v":83.05,"d":"$83.1"},{"$f":"N376*H376","v":{"v":83.05,"d":"$83"}}]
[{"$f":"IF(I377<>\"\",1+MAX($A$6:A376),\"\")","v":251},"S-2.3","S-2.3",null,"(2\"X8\") DF#2 Roof Rafters @ 16\" O.C. @ 20.62'",2,{"v":0,"d":"0%"},2,"EA",{"v":59.798,"d":"$59.8"},{"v":119.596,"d":"$119.60"},{"v":43.302,"d":"$43.30"},{"v":86.604,"d":"$86.60"},{"v":103.10000000000001,"d":"$103.1"},{"v":206.20000000000002,"d":"$206"}]
[{"$f":"IF(I378<>\"\",1+MAX($A$6:A377),\"\")","v":252},"S-2.3","S-2.3",null,"(2\"X8\") DF#2 Roof Rafters @ 16\" O.C. @ 20.63'",1,{"v":0,"d":"0%"},1,"EA",{"v":59.82699999999999,"d":"$59.8"},{"v":59.82699999999999,"d":"$59.83"},{"v":43.32299999999999,"d":"$43.32"},{"v":43.32299999999999,"d":"$43.32"},{"v":103.14999999999999,"d":"$103.2"},{"v":103.14999999999999,"d":"$103"}]
[{"$f":"IF(I379<>\"\",1+MAX($A$6:A378),\"\")","v":253},"S-2.3","S-2.3",null,"(2\"X8\") DF#2 Roof Rafters @ 16\" O.C. @ 20.64'",2,{"v":0,"d":"0%"},2,"EA",{"v":59.855999999999995,"d":"$59.9"},{"v":119.71199999999999,"d":"$119.71"},{"v":43.344,"d":"$43.34"},{"v":86.688,"d":"$86.69"},{"v":103.2,"d":"$103.2"},{"v":206.4,"d":"$206"}]
[{"$f":"IF(I380<>\"\",1+MAX($A$6:A379),\"\")","v":254},"S-2.3","S-2.3",null,"(2\"X8\") DF#2 Roof Rafters @ 16\" O.C. @ 20.65'",1,{"v":0,"d":"0%"},1,"EA",{"v":59.885,"d":"$59.9"},{"v":59.885,"d":"$59.89"},{"v":43.364999999999995,"d":"$43.37"},{"v":43.364999999999995,"d":"$43.37"},{"v":103.25,"d":"$103.3"},{"v":103.25,"d":"$103"}]
[{"$f":"IF(I381<>\"\",1+MAX($A$6:A380),\"\")","v":255},"S-2.3","S-2.3",null,"(2\"X8\") DF#2 Roof Rafters @ 16\" O.C. @ 20.66'",2,{"v":0,"d":"0%"},2,"EA",{"v":59.913999999999994,"d":"$59.9"},{"v":119.82799999999999,"d":"$119.83"},{"v":43.385999999999996,"d":"$43.39"},{"v":86.77199999999999,"d":"$86.77"},{"v":103.3,"d":"$103.3"},{"v":206.6,"d":"$207"}]
[{"$f":"IF(I382<>\"\",1+MAX($A$6:A381),\"\")","v":""}]
[{"$f":"IF(I383<>\"\",1+MAX($A$6:A382),\"\")","v":256},"S-2.3","S-2.3",null,"(2\"X12\") DF#2 Roof Rafters @ 16\" O.C. @ 28.95'",5,{"v":0,"d":"0%"},5,"EA",{"v":120.89519999999999,"d":"$120.9"},{"$f":"J383*H383","v":{"v":604.4759999999999,"d":"$604.48"}},{"v":87.5448,"d":"$87.54"},{"$f":"L383*H383","v":{"v":437.724,"d":"$437.72"}},{"v":208.44,"d":"$208.4"},{"v":1042.2,"d":"$1,042"}]
[{"$f":"IF(I384<>\"\",1+MAX($A$6:A383),\"\")","v":257},"S-2.3","S-2.3",null,"(2\"X12\") DF#2 Roof Rafters @ 16\" O.C. @ 19.54'",5,{"v":0,"d":"0%"},5,"EA",{"v":81.59903999999999,"d":"$81.6"},{"$f":"J384*H384","v":{"v":407.99519999999995,"d":"$408.00"}},{"v":59.08895999999999,"d":"$59.09"},{"$f":"L384*H384","v":{"v":295.4448,"d":"$295.44"}},{"v":140.688,"d":"$140.7"},{"v":703.4399999999999,"d":"$703"}]
[{"$f":"IF(I385<>\"\",1+MAX($A$6:A384),\"\")","v":258},"S-2.3","S-2.3",null,"(2\"X12\") DF#2 Roof Rafters @ 16\" O.C. @ 6.99'",1,{"v":0,"d":"0%"},1,"EA",{"v":29.19024,"d":"$29.2"},{"v":29.19024,"d":"$29.19"},{"v":21.13776,"d":"$21.14"},{"v":21.13776,"d":"$21.14"},{"v":50.328,"d":"$50.3"},{"v":50.328,"d":"$50"}]
[{"$f":"IF(I386<>\"\",1+MAX($A$6:A385),\"\")","v":259},"S-2.3","S-2.3",null,"(2\"X12\") DF#2 Roof Rafters @ 16\" O.C. @ 7.83'",1,{"v":0,"d":"0%"},1,"EA",{"v":32.69808,"d":"$32.7"},{"v":32.69808,"d":"$32.70"},{"v":23.67792,"d":"$23.68"},{"v":23.67792,"d":"$23.68"},{"v":56.376000000000005,"d":"$56.4"},{"v":56.376000000000005,"d":"$56"}]
[{"$f":"IF(I387<>\"\",1+MAX($A$6:A386),\"\")","v":260},"S-2.3","S-2.3",null,"(2\"X12\") DF#2 Roof Rafters @ 16\" O.C. @ 8.67'",1,{"v":0,"d":"0%"},1,"EA",{"v":36.20592,"d":"$36.2"},{"v":36.20592,"d":"$36.21"},{"v":26.21808,"d":"$26.22"},{"v":26.21808,"d":"$26.22"},{"v":62.424,"d":"$62.4"},{"v":62.424,"d":"$62"}]
[{"$f":"IF(I388<>\"\",1+MAX($A$6:A387),\"\")","v":261},"S-2.3","S-2.3",null,"(2\"X12\") DF#2 Roof Rafters @ 16\" O.C. @ 6.14'",1,{"v":0,"d":"0%"},1,"EA",{"v":25.640639999999998,"d":"$25.6"},{"v":25.640639999999998,"d":"$25.64"},{"v":18.567359999999997,"d":"$18.57"},{"v":18.567359999999997,"d":"$18.57"},{"v":44.208,"d":"$44.2"},{"v":44.208,"d":"$44"}]
[{"$f":"IF(I389<>\"\",1+MAX($A$6:A388),\"\")","v":262},"S-2.3","S-2.3",null,"(2\"X12\") DF#2 Roof Rafters @ 16\" O.C. @ 5.3'",1,{"v":0,"d":"0%"},1,"EA",{"v":22.132799999999996,"d":"$22.1"},{"v":22.132799999999996,"d":"$22.13"},{"v":16.027199999999997,"d":"$16.03"},{"v":16.027199999999997,"d":"$16.03"},{"v":38.16,"d":"$38.2"},{"v":38.16,"d":"$38"}]
[{"$f":"IF(I390<>\"\",1+MAX($A$6:A389),\"\")","v":263},"S-2.3","S-2.3",null,"(2\"X12\") DF#2 Roof Rafters @ 16\" O.C. @ 4.46'",1,{"v":0,"d":"0%"},1,"EA",{"v":18.62496,"d":"$18.6"},{"v":18.62496,"d":"$18.62"},{"v":13.48704,"d":"$13.49"},{"v":13.48704,"d":"$13.49"},{"v":32.112,"d":"$32.1"},{"v":32.112,"d":"$32"}]
[{"$f":"IF(I391<>\"\",1+MAX($A$6:A390),\"\")","v":264},"S-2.3","S-2.3",null,"(2\"X12\") DF#2 Roof Rafters @ 16\" O.C. @ 3.62'",1,{"v":0,"d":"0%"},1,"EA",{"v":15.117119999999998,"d":"$15.1"},{"v":15.117119999999998,"d":"$15.12"},{"v":10.94688,"d":"$10.95"},{"v":10.94688,"d":"$10.95"},{"v":26.064,"d":"$26.1"},{"v":26.064,"d":"$26"}]
[{"$f":"IF(I392<>\"\",1+MAX($A$6:A391),\"\")","v":265},"S-2.3","S-2.3",null,"(2\"X12\") DF#2 Roof Rafters @ 16\" O.C. @ 2.77'",1,{"v":0,"d":"0%"},1,"EA",{"v":11.567519999999998,"d":"$11.6"},{"v":11.567519999999998,"d":"$11.57"},{"v":8.376479999999999,"d":"$8.38"},{"v":8.376479999999999,"d":"$8.38"},{"v":19.944,"d":"$19.9"},{"v":19.944,"d":"$20"}]
[{"$f":"IF(I393<>\"\",1+MAX($A$6:A392),\"\")","v":266},"S-2.3","S-2.3",null,"(2\"X12\") DF#2 Roof Rafters @ 16\" O.C. @ 22.89'",1,{"v":0,"d":"0%"},1,"EA",{"v":95.58864000000001,"d":"$95.6"},{"v":95.58864000000001,"d":"$95.59"},{"v":69.21936000000001,"d":"$69.22"},{"v":69.21936000000001,"d":"$69.22"},{"v":164.80800000000002,"d":"$164.8"},{"v":164.80800000000002,"d":"$165"}]
[{"$f":"IF(I394<>\"\",1+MAX($A$6:A393),\"\")","v":267},"S-2.3","S-2.3",null,"(2\"X12\") DF#2 Roof Rafters @ 16\" O.C. @ 22.85'",1,{"v":0,"d":"0%"},1,"EA",{"v":95.4216,"d":"$95.4"},{"v":95.4216,"d":"$95.42"},{"v":69.0984,"d":"$69.10"},{"v":69.0984,"d":"$69.10"},{"v":164.52,"d":"$164.5"},{"v":164.52,"d":"$165"}]
[{"$f":"IF(I395<>\"\",1+MAX($A$6:A394),\"\")","v":268},"S-2.3","S-2.3",null,"(2\"X12\") DF#2 Roof Rafters @ 16\" O.C. @ 22.81'",1,{"v":0,"d":"0%"},1,"EA",{"v":95.25456,"d":"$95.3"},{"v":95.25456,"d":"$95.25"},{"v":68.97744,"d":"$68.98"},{"v":68.97744,"d":"$68.98"},{"v":164.232,"d":"$164.2"},{"v":164.232,"d":"$164"}]
[{"$f":"IF(I396<>\"\",1+MAX($A$6:A395),\"\")","v":269},"S-2.3","S-2.3",null,"(2\"X12\") DF#2 Roof Rafters @ 16\" O.C. @ 22.78'",1,{"v":0,"d":"0%"},1,"EA",{"v":95.12928000000001,"d":"$95.1"},{"v":95.12928000000001,"d":"$95.13"},{"v":68.88672000000001,"d":"$68.89"},{"v":68.88672000000001,"d":"$68.89"},{"v":164.01600000000002,"d":"$164.0"},{"v":164.01600000000002,"d":"$164"}]
[{"$f":"IF(I397<>\"\",1+MAX($A$6:A396),\"\")","v":270},"S-2.3","S-2.3",null,"(2\"X12\") DF#2 Roof Rafters @ 16\" O.C. @ 22.74'",1,{"v":0,"d":"0%"},1,"EA",{"v":94.96223999999998,"d":"$95.0"},{"v":94.96223999999998,"d":"$94.96"},{"v":68.76575999999999,"d":"$68.77"},{"v":68.76575999999999,"d":"$68.77"},{"v":163.72799999999998,"d":"$163.7"},{"v":163.72799999999998,"d":"$164"}]
[{"$f":"IF(I398<>\"\",1+MAX($A$6:A397),\"\")","v":271},"S-2.3","S-2.3",null,"(2\"X12\") DF#2 Roof Rafters @ 16\" O.C. @ 22.7'",1,{"v":0,"d":"0%"},1,"EA",{"v":94.7952,"d":"$94.8"},{"v":94.7952,"d":"$94.80"},{"v":68.6448,"d":"$68.64"},{"v":68.6448,"d":"$68.64"},{"v":163.44,"d":"$163.4"},{"v":163.44,"d":"$163"}]
[{"$f":"IF(I399<>\"\",1+MAX($A$6:A398),\"\")","v":272},"S-2.3","S-2.3",null,"(2\"X12\") DF#2 Roof Rafters @ 16\" O.C. @ 22.93'",1,{"v":0,"d":"0%"},1,"EA",{"v":95.75568,"d":"$95.8"},{"v":95.75568,"d":"$95.76"},{"v":69.34032,"d":"$69.34"},{"v":69.34032,"d":"$69.34"},{"v":165.096,"d":"$165.1"},{"v":165.096,"d":"$165"}]
[{"$f":"IF(I400<>\"\",1+MAX($A$6:A399),\"\")","v":273},"S-2.3","S-2.3",null,"(2\"X12\") DF#2 Roof Rafters @ 16\" O.C. @ 22.97'",1,{"v":0,"d":"0%"},1,"EA",{"v":95.92271999999998,"d":"$95.9"},{"v":95.92271999999998,"d":"$95.92"},{"v":69.46127999999999,"d":"$69.46"},{"v":69.46127999999999,"d":"$69.46"},{"v":165.384,"d":"$165.4"},{"v":165.384,"d":"$165"}]
[{"$f":"IF(I401<>\"\",1+MAX($A$6:A400),\"\")","v":274},"S-2.3","S-2.3",null,"(2\"X12\") DF#2 Roof Rafters @ 16\" O.C. @ 23.01'",1,{"v":0,"d":"0%"},1,"EA",{"v":96.08976000000001,"d":"$96.1"},{"v":96.08976000000001,"d":"$96.09"},{"v":69.58224000000001,"d":"$69.58"},{"v":69.58224000000001,"d":"$69.58"},{"v":165.67200000000003,"d":"$165.7"},{"v":165.67200000000003,"d":"$166"}]
[{"$f":"IF(I402<>\"\",1+MAX($A$6:A401),\"\")","v":275},"S-2.3","S-2.3",null,"(2\"X12\") DF#2 Roof Rafters @ 16\" O.C. @ 26.06'",2,{"v":0,"d":"0%"},2,"EA",{"v":108.82656,"d":"$108.8"},{"v":217.65312,"d":"$217.65"},{"v":78.80544,"d":"$78.81"},{"v":157.61088,"d":"$157.61"},{"v":187.632,"d":"$187.6"},{"v":375.264,"d":"$375"}]
[{"$f":"IF(I403<>\"\",1+MAX($A$6:A402),\"\")","v":276},"S-2.3","S-2.3",null,"(2\"X12\") DF#2 Roof Rafters @ 16\" O.C. @ 20.33'",1,{"v":0,"d":"0%"},1,"EA",{"v":84.89808,"d":"$84.9"},{"v":84.89808,"d":"$84.90"},{"v":61.47792,"d":"$61.48"},{"v":61.47792,"d":"$61.48"},{"v":146.376,"d":"$146.4"},{"v":146.376,"d":"$146"}]
[{"$f":"IF(I404<>\"\",1+MAX($A$6:A403),\"\")","v":277},"S-2.3","S-2.3",null,"(2\"X12\") DF#2 Roof Rafters @ 16\" O.C. @ 12.47'",1,{"v":0,"d":"0%"},1,"EA",{"v":52.07472,"d":"$52.1"},{"v":52.07472,"d":"$52.07"},{"v":37.70928,"d":"$37.71"},{"v":37.70928,"d":"$37.71"},{"v":89.784,"d":"$89.8"},{"v":89.784,"d":"$90"}]
[{"$f":"IF(I405<>\"\",1+MAX($A$6:A404),\"\")","v":278},"S-2.3","S-2.3",null,"(2\"X12\") DF#2 Roof Rafters @ 16\" O.C. @ 4.61'",1,{"v":0,"d":"0%"},1,"EA",{"v":19.25136,"d":"$19.3"},{"v":19.25136,"d":"$19.25"},{"v":13.94064,"d":"$13.94"},{"v":13.94064,"d":"$13.94"},{"v":33.192,"d":"$33.2"},{"v":33.192,"d":"$33"}]
[{"$f":"IF(I406<>\"\",1+MAX($A$6:A405),\"\")","v":""}]
[{"$f":"IF(I407<>\"\",1+MAX($A$6:A406),\"\")","v":279},"S-2.3","S-2.3",null,"(2\"X8\") DF#1 Roof Rafters @ 12\" O.C. @ 3.86'",3,{"v":0,"d":"0%"},3,"EA",{"v":11.193999999999999,"d":"$11.2"},{"$f":"J407*H407","v":{"v":33.581999999999994,"d":"$33.58"}},{"v":8.106,"d":"$8.11"},{"$f":"L407*H407","v":{"v":24.317999999999998,"d":"$24.32"}},{"v":19.3,"d":"$19.3"},{"v":57.900000000000006,"d":"$58"}]
[{"$f":"IF(I408<>\"\",1+MAX($A$6:A407),\"\")","v":280},"S-2.3","S-2.3",null,"(2\"X8\") DF#1 Roof Rafters @ 12\" O.C. @ 2.05'",1,{"v":0,"d":"0%"},1,"EA",{"v":5.944999999999999,"d":"$5.9"},{"v":5.944999999999999,"d":"$5.95"},{"v":4.305,"d":"$4.31"},{"v":4.305,"d":"$4.31"},{"v":10.25,"d":"$10.3"},{"v":10.25,"d":"$10"}]
[{"$f":"IF(I409<>\"\",1+MAX($A$6:A408),\"\")","v":281},"S-2.3","S-2.3",null,"(2\"X8\") DF#1 Roof Rafters @ 12\" O.C. @ 2.04'",2,{"v":0,"d":"0%"},{"$f":"F409*(1+G409)","v":2},"EA",{"v":5.9159999999999995,"d":"$5.9"},{"v":11.831999999999999,"d":"$11.83"},{"v":4.284,"d":"$4.28"},{"v":8.568,"d":"$8.57"},{"v":10.2,"d":"$10.2"},{"$f":"N409*H409","v":{"v":20.4,"d":"$20"}}]
[{"$f":"IF(I410<>\"\",1+MAX($A$6:A409),\"\")","v":282},"S-2.3","S-2.3",null,"(2\"X8\") DF#1 Roof Rafters @ 12\" O.C. @ 9.08'",2,{"v":0,"d":"0%"},2,"EA",{"v":26.331999999999997,"d":"$26.3"},{"v":52.663999999999994,"d":"$52.66"},{"v":19.067999999999998,"d":"$19.07"},{"v":38.135999999999996,"d":"$38.14"},{"v":45.4,"d":"$45.4"},{"v":90.8,"d":"$91"}]
[{"$f":"IF(I411<>\"\",1+MAX($A$6:A410),\"\")","v":283},"S-2.3","S-2.3",null,"(2\"X8\") DF#1 Roof Rafters @ 12\" O.C. @ 9.09'",1,{"v":0,"d":"0%"},1,"EA",{"v":26.361,"d":"$26.4"},{"v":26.361,"d":"$26.36"},{"v":19.089000000000002,"d":"$19.09"},{"v":19.089000000000002,"d":"$19.09"},{"v":45.45,"d":"$45.5"},{"v":45.45,"d":"$45"}]
[{"$f":"IF(I412<>\"\",1+MAX($A$6:A411),\"\")","v":284},"S-2.3","S-2.3",null,"(2\"X8\") DF#1 Roof Rafters @ 12\" O.C. @ 9.1'",1,{"v":0,"d":"0%"},1,"EA",{"v":26.389999999999997,"d":"$26.4"},{"v":26.389999999999997,"d":"$26.39"},{"v":19.11,"d":"$19.11"},{"v":19.11,"d":"$19.11"},{"v":45.5,"d":"$45.5"},{"v":45.5,"d":"$46"}]
[{"$f":"IF(I413<>\"\",1+MAX($A$6:A412),\"\")","v":285},"S-2.3","S-2.3",null,"(2\"X8\") DF#1 Roof Rafters @ 12\" O.C. @ 6.85'",1,{"v":0,"d":"0%"},1,"EA",{"v":19.865,"d":"$19.9"},{"v":19.865,"d":"$19.87"},{"v":14.385,"d":"$14.39"},{"v":14.385,"d":"$14.39"},{"v":34.25,"d":"$34.3"},{"v":34.25,"d":"$34"}]
[{"$f":"IF(I414<>\"\",1+MAX($A$6:A413),\"\")","v":286},"S-2.3","S-2.3",null,"(2\"X8\") DF#1 Roof Rafters @ 12\" O.C. @ 7.1'",1,{"v":0,"d":"0%"},1,"EA",{"v":20.59,"d":"$20.6"},{"v":20.59,"d":"$20.59"},{"v":14.91,"d":"$14.91"},{"v":14.91,"d":"$14.91"},{"v":35.5,"d":"$35.5"},{"v":35.5,"d":"$36"}]
[{"$f":"IF(I415<>\"\",1+MAX($A$6:A414),\"\")","v":287},"S-2.3","S-2.3",null,"(2\"X8\") DF#1 Roof Rafters @ 12\" O.C. @ 7.36'",1,{"v":0,"d":"0%"},1,"EA",{"v":21.344,"d":"$21.3"},{"v":21.344,"d":"$21.34"},{"v":15.456000000000001,"d":"$15.46"},{"v":15.456000000000001,"d":"$15.46"},{"v":36.800000000000004,"d":"$36.8"},{"v":36.800000000000004,"d":"$37"}]
[{"$f":"IF(I416<>\"\",1+MAX($A$6:A415),\"\")","v":288},"S-2.3","S-2.3",null,"(2\"X8\") DF#1 Roof Rafters @ 12\" O.C. @ 7.61'",1,{"v":0,"d":"0%"},1,"EA",{"v":22.069000000000003,"d":"$22.1"},{"v":22.069000000000003,"d":"$22.07"},{"v":15.981000000000002,"d":"$15.98"},{"v":15.981000000000002,"d":"$15.98"},{"v":38.050000000000004,"d":"$38.1"},{"v":38.050000000000004,"d":"$38"}]
[{"$f":"IF(I417<>\"\",1+MAX($A$6:A416),\"\")","v":289},"S-2.3","S-2.3",null,"(2\"X8\") DF#1 Roof Rafters @ 12\" O.C. @ 7.86'",1,{"v":0,"d":"0%"},1,"EA",{"v":22.794,"d":"$22.8"},{"v":22.794,"d":"$22.79"},{"v":16.506,"d":"$16.51"},{"v":16.506,"d":"$16.51"},{"v":39.300000000000004,"d":"$39.3"},{"v":39.300000000000004,"d":"$39"}]
[{"$f":"IF(I418<>\"\",1+MAX($A$6:A417),\"\")","v":290},"S-2.3","S-2.3",null,"(2\"X8\") DF#1 Roof Rafters @ 12\" O.C. @ 8.12'",1,{"v":0,"d":"0%"},1,"EA",{"v":23.547999999999995,"d":"$23.5"},{"v":23.547999999999995,"d":"$23.55"},{"v":17.051999999999996,"d":"$17.05"},{"v":17.051999999999996,"d":"$17.05"},{"v":40.599999999999994,"d":"$40.6"},{"v":40.599999999999994,"d":"$41"}]
[{"$f":"IF(I419<>\"\",1+MAX($A$6:A418),\"\")","v":291},"S-2.3","S-2.3",null,"(2\"X8\") DF#1 Roof Rafters @ 12\" O.C. @ 8.37'",1,{"v":0,"d":"0%"},1,"EA",{"v":24.272999999999996,"d":"$24.3"},{"v":24.272999999999996,"d":"$24.27"},{"v":17.576999999999998,"d":"$17.58"},{"v":17.576999999999998,"d":"$17.58"},{"v":41.849999999999994,"d":"$41.9"},{"v":41.849999999999994,"d":"$42"}]
[{"$f":"IF(I420<>\"\",1+MAX($A$6:A419),\"\")","v":292},"S-2.3","S-2.3",null,"(2\"X8\") DF#1 Roof Rafters @ 12\" O.C. @ 8.63'",1,{"v":0,"d":"0%"},1,"EA",{"v":25.027,"d":"$25.0"},{"v":25.027,"d":"$25.03"},{"v":18.123,"d":"$18.12"},{"v":18.123,"d":"$18.12"},{"v":43.150000000000006,"d":"$43.2"},{"v":43.150000000000006,"d":"$43"}]
[{"$f":"IF(I421<>\"\",1+MAX($A$6:A420),\"\")","v":293},"S-2.3","S-2.3",null,"(2\"X8\") DF#1 Roof Rafters @ 12\" O.C. @ 8.89'",1,{"v":0,"d":"0%"},1,"EA",{"v":25.781,"d":"$25.8"},{"v":25.781,"d":"$25.78"},{"v":18.669,"d":"$18.67"},{"v":18.669,"d":"$18.67"},{"v":44.45,"d":"$44.5"},{"v":44.45,"d":"$44"}]
[{"$f":"IF(I422<>\"\",1+MAX($A$6:A421),\"\")","v":294},"S-2.3","S-2.3",null,"(2\"X8\") DF#1 Roof Rafters @ 12\" O.C. @ 6.59'",1,{"v":0,"d":"0%"},1,"EA",{"v":19.111,"d":"$19.1"},{"v":19.111,"d":"$19.11"},{"v":13.839,"d":"$13.84"},{"v":13.839,"d":"$13.84"},{"v":32.95,"d":"$33.0"},{"v":32.95,"d":"$33"}]
[{"$f":"IF(I423<>\"\",1+MAX($A$6:A422),\"\")","v":295},"S-2.3","S-2.3",null,"(2\"X8\") DF#1 Roof Rafters @ 12\" O.C. @ 6.34'",1,{"v":0,"d":"0%"},1,"EA",{"v":18.386,"d":"$18.4"},{"v":18.386,"d":"$18.39"},{"v":13.314,"d":"$13.31"},{"v":13.314,"d":"$13.31"},{"v":31.7,"d":"$31.7"},{"v":31.7,"d":"$32"}]
[{"$f":"IF(I424<>\"\",1+MAX($A$6:A423),\"\")","v":296},"S-2.3","S-2.3",null,"(2\"X8\") DF#1 Roof Rafters @ 12\" O.C. @ 6.09'",1,{"v":0,"d":"0%"},1,"EA",{"v":17.660999999999998,"d":"$17.7"},{"v":17.660999999999998,"d":"$17.66"},{"v":12.789,"d":"$12.79"},{"v":12.789,"d":"$12.79"},{"v":30.45,"d":"$30.5"},{"v":30.45,"d":"$30"}]
[{"$f":"IF(I425<>\"\",1+MAX($A$6:A424),\"\")","v":297},"S-2.3","S-2.3",null,"(2\"X8\") DF#1 Roof Rafters @ 12\" O.C. @ 5.83'",1,{"v":0,"d":"0%"},1,"EA",{"v":16.906999999999996,"d":"$16.9"},{"v":16.906999999999996,"d":"$16.91"},{"v":12.242999999999999,"d":"$12.24"},{"v":12.242999999999999,"d":"$12.24"},{"v":29.15,"d":"$29.2"},{"v":29.15,"d":"$29"}]
[{"$f":"IF(I426<>\"\",1+MAX($A$6:A425),\"\")","v":298},"S-2.3","S-2.3",null,"(2\"X8\") DF#1 Roof Rafters @ 12\" O.C. @ 5.58'",1,{"v":0,"d":"0%"},1,"EA",{"v":16.182,"d":"$16.2"},{"v":16.182,"d":"$16.18"},{"v":11.717999999999998,"d":"$11.72"},{"v":11.717999999999998,"d":"$11.72"},{"v":27.9,"d":"$27.9"},{"v":27.9,"d":"$28"}]
[{"$f":"IF(I427<>\"\",1+MAX($A$6:A426),\"\")","v":299},"S-2.3","S-2.3",null,"(2\"X8\") DF#1 Roof Rafters @ 12\" O.C. @ 5.32'",1,{"v":0,"d":"0%"},1,"EA",{"v":15.427999999999999,"d":"$15.4"},{"v":15.427999999999999,"d":"$15.43"},{"v":11.172,"d":"$11.17"},{"v":11.172,"d":"$11.17"},{"v":26.6,"d":"$26.6"},{"v":26.6,"d":"$27"}]
[{"$f":"IF(I428<>\"\",1+MAX($A$6:A427),\"\")","v":300},"S-2.3","S-2.3",null,"(2\"X8\") DF#1 Roof Rafters @ 12\" O.C. @ 5.07'",1,{"v":0,"d":"0%"},1,"EA",{"v":14.703,"d":"$14.7"},{"v":14.703,"d":"$14.70"},{"v":10.647,"d":"$10.65"},{"v":10.647,"d":"$10.65"},{"v":25.35,"d":"$25.4"},{"v":25.35,"d":"$25"}]
[{"$f":"IF(I429<>\"\",1+MAX($A$6:A428),\"\")","v":301},"S-2.3","S-2.3",null,"(2\"X8\") DF#1 Roof Rafters @ 12\" O.C. @ 4.81'",1,{"v":0,"d":"0%"},1,"EA",{"v":13.948999999999998,"d":"$13.9"},{"v":13.948999999999998,"d":"$13.95"},{"v":10.100999999999999,"d":"$10.10"},{"v":10.100999999999999,"d":"$10.10"},{"v":24.049999999999997,"d":"$24.1"},{"v":24.049999999999997,"d":"$24"}]
[{"$f":"IF(I430<>\"\",1+MAX($A$6:A429),\"\")","v":302},"S-2.3","S-2.3",null,"(2\"X8\") DF#1 Roof Rafters @ 12\" O.C. @ 4.56'",1,{"v":0,"d":"0%"},1,"EA",{"v":13.223999999999997,"d":"$13.2"},{"v":13.223999999999997,"d":"$13.22"},{"v":9.575999999999999,"d":"$9.58"},{"v":9.575999999999999,"d":"$9.58"},{"v":22.799999999999997,"d":"$22.8"},{"v":22.799999999999997,"d":"$23"}]
[{"$f":"IF(I431<>\"\",1+MAX($A$6:A430),\"\")","v":303},"S-2.3","S-2.3",null,"(2\"X8\") DF#1 Roof Rafters @ 12\" O.C. @ 4.31'",2,{"v":0,"d":"0%"},2,"EA",{"v":12.498999999999997,"d":"$12.5"},{"v":24.997999999999994,"d":"$25.00"},{"v":9.050999999999998,"d":"$9.05"},{"v":18.101999999999997,"d":"$18.10"},{"v":21.549999999999997,"d":"$21.6"},{"v":43.099999999999994,"d":"$43"}]
[{"$f":"IF(I432<>\"\",1+MAX($A$6:A431),\"\")","v":304},"S-2.3","S-2.3",null,"(2\"X8\") DF#1 Roof Rafters @ 12\" O.C. @ 4.05'",1,{"v":0,"d":"0%"},1,"EA",{"v":11.745,"d":"$11.7"},{"v":11.745,"d":"$11.75"},{"v":8.504999999999999,"d":"$8.51"},{"v":8.504999999999999,"d":"$8.51"},{"v":20.25,"d":"$20.3"},{"v":20.25,"d":"$20"}]
[{"$f":"IF(I433<>\"\",1+MAX($A$6:A432),\"\")","v":305},"S-2.3","S-2.3",null,"(2\"X8\") DF#1 Roof Rafters @ 12\" O.C. @ 9.22'",1,{"v":0,"d":"0%"},1,"EA",{"v":26.738,"d":"$26.7"},{"v":26.738,"d":"$26.74"},{"v":19.362,"d":"$19.36"},{"v":19.362,"d":"$19.36"},{"v":46.1,"d":"$46.1"},{"v":46.1,"d":"$46"}]
[{"$f":"IF(I434<>\"\",1+MAX($A$6:A433),\"\")","v":306},"S-2.3","S-2.3",null,"(2\"X8\") DF#1 Roof Rafters @ 12\" O.C. @ 9.2'",1,{"v":0,"d":"0%"},1,"EA",{"v":26.68,"d":"$26.7"},{"v":26.68,"d":"$26.68"},{"v":19.32,"d":"$19.32"},{"v":19.32,"d":"$19.32"},{"v":46,"d":"$46.0"},{"v":46,"d":"$46"}]
[{"$f":"IF(I435<>\"\",1+MAX($A$6:A434),\"\")","v":307},"S-2.3","S-2.3",null,"(2\"X8\") DF#1 Roof Rafters @ 12\" O.C. @ 9.18'",1,{"v":0,"d":"0%"},1,"EA",{"v":26.621999999999996,"d":"$26.6"},{"v":26.621999999999996,"d":"$26.62"},{"v":19.278,"d":"$19.28"},{"v":19.278,"d":"$19.28"},{"v":45.9,"d":"$45.9"},{"v":45.9,"d":"$46"}]
[{"$f":"IF(I436<>\"\",1+MAX($A$6:A435),\"\")","v":308},"S-2.3","S-2.3",null,"(2\"X8\") DF#1 Roof Rafters @ 12\" O.C. @ 7.21'",1,{"v":0,"d":"0%"},1,"EA",{"v":20.908999999999995,"d":"$20.9"},{"v":20.908999999999995,"d":"$20.91"},{"v":15.140999999999998,"d":"$15.14"},{"v":15.140999999999998,"d":"$15.14"},{"v":36.05,"d":"$36.1"},{"v":36.05,"d":"$36"}]
[{"$f":"IF(I437<>\"\",1+MAX($A$6:A436),\"\")","v":309},"S-2.3","S-2.3",null,"(2\"X8\") DF#1 Roof Rafters @ 12\" O.C. @ 3.45'",1,{"v":0,"d":"0%"},1,"EA",{"v":10.004999999999999,"d":"$10.0"},{"v":10.004999999999999,"d":"$10.01"},{"v":7.245,"d":"$7.25"},{"v":7.245,"d":"$7.25"},{"v":17.25,"d":"$17.3"},{"v":17.25,"d":"$17"}]
[{"$f":"IF(I438<>\"\",1+MAX($A$6:A437),\"\")","v":310},"S-2.3","S-2.3",null,"(2\"X8\") DF#1 Roof Rafters @ 12\" O.C. @ 9.23'",1,{"v":0,"d":"0%"},1,"EA",{"v":26.767000000000003,"d":"$26.8"},{"v":26.767000000000003,"d":"$26.77"},{"v":19.383000000000003,"d":"$19.38"},{"v":19.383000000000003,"d":"$19.38"},{"v":46.150000000000006,"d":"$46.2"},{"v":46.150000000000006,"d":"$46"}]
[{"$f":"IF(I439<>\"\",1+MAX($A$6:A438),\"\")","v":311},"S-2.3","S-2.3",null,"(2\"X8\") DF#1 Roof Rafters @ 12\" O.C. @ 9.25'",1,{"v":0,"d":"0%"},1,"EA",{"v":26.825,"d":"$26.8"},{"v":26.825,"d":"$26.83"},{"v":19.425,"d":"$19.43"},{"v":19.425,"d":"$19.43"},{"v":46.25,"d":"$46.3"},{"v":46.25,"d":"$46"}]
[{"$f":"IF(I440<>\"\",1+MAX($A$6:A439),\"\")","v":312},"S-2.3","S-2.3",null,"(2\"X8\") DF#1 Roof Rafters @ 12\" O.C. @ 9.27'",1,{"v":0,"d":"0%"},1,"EA",{"v":26.882999999999996,"d":"$26.9"},{"v":26.882999999999996,"d":"$26.88"},{"v":19.466999999999995,"d":"$19.47"},{"v":19.466999999999995,"d":"$19.47"},{"v":46.349999999999994,"d":"$46.4"},{"v":46.349999999999994,"d":"$46"}]
[{"$f":"IF(I441<>\"\",1+MAX($A$6:A440),\"\")","v":313},"S-2.3","S-2.3",null,"(2\"X8\") DF#1 Roof Rafters @ 12\" O.C. @ 9.29'",1,{"v":0,"d":"0%"},1,"EA",{"v":26.940999999999995,"d":"$26.9"},{"v":26.940999999999995,"d":"$26.94"},{"v":19.508999999999997,"d":"$19.51"},{"v":19.508999999999997,"d":"$19.51"},{"v":46.449999999999996,"d":"$46.5"},{"v":46.449999999999996,"d":"$46"}]
[{"$f":"IF(I442<>\"\",1+MAX($A$6:A441),\"\")","v":314},"S-2.3","S-2.3",null,"(2\"X8\") DF#1 Roof Rafters @ 12\" O.C. @ 9.31'",1,{"v":0,"d":"0%"},1,"EA",{"v":26.999000000000002,"d":"$27.0"},{"v":26.999000000000002,"d":"$27.00"},{"v":19.551000000000002,"d":"$19.55"},{"v":19.551000000000002,"d":"$19.55"},{"v":46.550000000000004,"d":"$46.6"},{"v":46.550000000000004,"d":"$47"}]
[{"$f":"IF(I443<>\"\",1+MAX($A$6:A442),\"\")","v":315},"S-2.3","S-2.3",null,"(2\"X8\") DF#1 Roof Rafters @ 12\" O.C. @ 9.32'",1,{"v":0,"d":"0%"},1,"EA",{"v":27.028,"d":"$27.0"},{"v":27.028,"d":"$27.03"},{"v":19.572,"d":"$19.57"},{"v":19.572,"d":"$19.57"},{"v":46.6,"d":"$46.6"},{"v":46.6,"d":"$47"}]
[{"$f":"IF(I444<>\"\",1+MAX($A$6:A443),\"\")","v":316},"S-2.3","S-2.3",null,"(2\"X8\") DF#1 Roof Rafters @ 12\" O.C. @ 9.34'",1,{"v":0,"d":"0%"},1,"EA",{"v":27.086,"d":"$27.1"},{"v":27.086,"d":"$27.09"},{"v":19.614,"d":"$19.61"},{"v":19.614,"d":"$19.61"},{"v":46.7,"d":"$46.7"},{"v":46.7,"d":"$47"}]
[{"$f":"IF(I445<>\"\",1+MAX($A$6:A444),\"\")","v":317},"S-2.3","S-2.3",null,"(2\"X8\") DF#1 Roof Rafters @ 12\" O.C. @ 9.36'",1,{"v":0,"d":"0%"},1,"EA",{"v":27.143999999999995,"d":"$27.1"},{"v":27.143999999999995,"d":"$27.14"},{"v":19.656,"d":"$19.66"},{"v":19.656,"d":"$19.66"},{"v":46.8,"d":"$46.8"},{"v":46.8,"d":"$47"}]
[{"$f":"IF(I446<>\"\",1+MAX($A$6:A445),\"\")","v":318},"S-2.3","S-2.3",null,"(2\"X8\") DF#1 Roof Rafters @ 12\" O.C. @ 9.38'",1,{"v":0,"d":"0%"},1,"EA",{"v":27.202,"d":"$27.2"},{"v":27.202,"d":"$27.20"},{"v":19.698,"d":"$19.70"},{"v":19.698,"d":"$19.70"},{"v":46.900000000000006,"d":"$46.9"},{"v":46.900000000000006,"d":"$47"}]
[{"$f":"IF(I447<>\"\",1+MAX($A$6:A446),\"\")","v":319},"S-2.3","S-2.3",null,"(2\"X8\") DF#1 Roof Rafters @ 12\" O.C. @ 9.4'",1,{"v":0,"d":"0%"},1,"EA",{"v":27.259999999999998,"d":"$27.3"},{"v":27.259999999999998,"d":"$27.26"},{"v":19.74,"d":"$19.74"},{"v":19.74,"d":"$19.74"},{"v":47,"d":"$47.0"},{"v":47,"d":"$47"}]
[{"$f":"IF(I448<>\"\",1+MAX($A$6:A447),\"\")","v":320},"S-2.3","S-2.3",null,"(2\"X8\") DF#1 Roof Rafters @ 12\" O.C. @ 6.21'",1,{"v":0,"d":"0%"},1,"EA",{"v":18.009,"d":"$18.0"},{"v":18.009,"d":"$18.01"},{"v":13.041,"d":"$13.04"},{"v":13.041,"d":"$13.04"},{"v":31.05,"d":"$31.1"},{"v":31.05,"d":"$31"}]
[{"$f":"IF(I449<>\"\",1+MAX($A$6:A448),\"\")","v":321},"S-2.3","S-2.3",null,"(2\"X8\") DF#1 Roof Rafters @ 12\" O.C. @ 5.94'",1,{"v":0,"d":"0%"},1,"EA",{"v":17.226,"d":"$17.2"},{"v":17.226,"d":"$17.23"},{"v":12.474,"d":"$12.47"},{"v":12.474,"d":"$12.47"},{"v":29.700000000000003,"d":"$29.7"},{"v":29.700000000000003,"d":"$30"}]
[{"$f":"IF(I450<>\"\",1+MAX($A$6:A449),\"\")","v":322},"S-2.3","S-2.3",null,"(2\"X8\") DF#1 Roof Rafters @ 12\" O.C. @ 5.67'",1,{"v":0,"d":"0%"},1,"EA",{"v":16.443,"d":"$16.4"},{"v":16.443,"d":"$16.44"},{"v":11.907,"d":"$11.91"},{"v":11.907,"d":"$11.91"},{"v":28.35,"d":"$28.4"},{"v":28.35,"d":"$28"}]
[{"$f":"IF(I451<>\"\",1+MAX($A$6:A450),\"\")","v":323},"S-2.3","S-2.3",null,"(2\"X8\") DF#1 Roof Rafters @ 12\" O.C. @ 5.4'",1,{"v":0,"d":"0%"},1,"EA",{"v":15.659999999999998,"d":"$15.7"},{"v":15.659999999999998,"d":"$15.66"},{"v":11.34,"d":"$11.34"},{"v":11.34,"d":"$11.34"},{"v":27,"d":"$27.0"},{"v":27,"d":"$27"}]
[{"$f":"IF(I452<>\"\",1+MAX($A$6:A451),\"\")","v":324},"S-2.3","S-2.3",null,"(2\"X8\") DF#1 Roof Rafters @ 12\" O.C. @ 5.13'",1,{"v":0,"d":"0%"},1,"EA",{"v":14.876999999999999,"d":"$14.9"},{"v":14.876999999999999,"d":"$14.88"},{"v":10.773,"d":"$10.77"},{"v":10.773,"d":"$10.77"},{"v":25.65,"d":"$25.7"},{"v":25.65,"d":"$26"}]
[{"$f":"IF(I453<>\"\",1+MAX($A$6:A452),\"\")","v":325},"S-2.3","S-2.3",null,"(2\"X8\") DF#1 Roof Rafters @ 12\" O.C. @ 4.86'",1,{"v":0,"d":"0%"},1,"EA",{"v":14.094,"d":"$14.1"},{"v":14.094,"d":"$14.09"},{"v":10.206,"d":"$10.21"},{"v":10.206,"d":"$10.21"},{"v":24.3,"d":"$24.3"},{"v":24.3,"d":"$24"}]
[{"$f":"IF(I454<>\"\",1+MAX($A$6:A453),\"\")","v":326},"S-2.3","S-2.3",null,"(2\"X8\") DF#1 Roof Rafters @ 12\" O.C. @ 4.59'",1,{"v":0,"d":"0%"},1,"EA",{"v":13.310999999999998,"d":"$13.3"},{"v":13.310999999999998,"d":"$13.31"},{"v":9.639,"d":"$9.64"},{"v":9.639,"d":"$9.64"},{"v":22.95,"d":"$23.0"},{"v":22.95,"d":"$23"}]
[{"$f":"IF(I455<>\"\",1+MAX($A$6:A454),\"\")","v":327},"S-2.3","S-2.3",null,"(2\"X8\") DF#1 Roof Rafters @ 12\" O.C. @ 4.04'",1,{"v":0,"d":"0%"},1,"EA",{"v":11.716,"d":"$11.7"},{"v":11.716,"d":"$11.72"},{"v":8.484,"d":"$8.48"},{"v":8.484,"d":"$8.48"},{"v":20.2,"d":"$20.2"},{"v":20.2,"d":"$20"}]
[{"$f":"IF(I456<>\"\",1+MAX($A$6:A455),\"\")","v":328},"S-2.3","S-2.3",null,"(2\"X8\") DF#1 Roof Rafters @ 12\" O.C. @ 3.77'",1,{"v":0,"d":"0%"},1,"EA",{"v":10.933,"d":"$10.9"},{"v":10.933,"d":"$10.93"},{"v":7.917000000000001,"d":"$7.92"},{"v":7.917000000000001,"d":"$7.92"},{"v":18.85,"d":"$18.9"},{"v":18.85,"d":"$19"}]
[{"$f":"IF(I457<>\"\",1+MAX($A$6:A456),\"\")","v":329},"S-2.3","S-2.3",null,"(2\"X8\") DF#1 Roof Rafters @ 12\" O.C. @ 3.5'",1,{"v":0,"d":"0%"},1,"EA",{"v":10.149999999999999,"d":"$10.2"},{"v":10.149999999999999,"d":"$10.15"},{"v":7.35,"d":"$7.35"},{"v":7.35,"d":"$7.35"},{"v":17.5,"d":"$17.5"},{"v":17.5,"d":"$18"}]
[{"$f":"IF(I458<>\"\",1+MAX($A$6:A457),\"\")","v":330},"S-2.3","S-2.3",null,"(2\"X8\") DF#1 Roof Rafters @ 12\" O.C. @ 3.23'",1,{"v":0,"d":"0%"},1,"EA",{"v":9.366999999999999,"d":"$9.4"},{"v":9.366999999999999,"d":"$9.37"},{"v":6.7829999999999995,"d":"$6.78"},{"v":6.7829999999999995,"d":"$6.78"},{"v":16.15,"d":"$16.2"},{"v":16.15,"d":"$16"}]
[{"$f":"IF(I459<>\"\",1+MAX($A$6:A458),\"\")","v":331},"S-2.3","S-2.3",null,"(2\"X8\") DF#1 Roof Rafters @ 12\" O.C. @ 2.96'",1,{"v":0,"d":"0%"},1,"EA",{"v":8.584,"d":"$8.6"},{"v":8.584,"d":"$8.58"},{"v":6.216,"d":"$6.22"},{"v":6.216,"d":"$6.22"},{"v":14.8,"d":"$14.8"},{"v":14.8,"d":"$15"}]
[{"$f":"IF(I460<>\"\",1+MAX($A$6:A459),\"\")","v":332},"S-2.3","S-2.3",null,"(2\"X8\") DF#1 Roof Rafters @ 12\" O.C. @ 2.69'",1,{"v":0,"d":"0%"},1,"EA",{"v":7.800999999999999,"d":"$7.8"},{"v":7.800999999999999,"d":"$7.80"},{"v":5.648999999999999,"d":"$5.65"},{"v":5.648999999999999,"d":"$5.65"},{"v":13.45,"d":"$13.5"},{"v":13.45,"d":"$13"}]
[{"$f":"IF(I461<>\"\",1+MAX($A$6:A460),\"\")","v":333},"S-2.3","S-2.3",null,"(2\"X8\") DF#1 Roof Rafters @ 12\" O.C. @ 2.42'",1,{"v":0,"d":"0%"},1,"EA",{"v":7.017999999999999,"d":"$7.0"},{"v":7.017999999999999,"d":"$7.02"},{"v":5.082,"d":"$5.08"},{"v":5.082,"d":"$5.08"},{"v":12.1,"d":"$12.1"},{"v":12.1,"d":"$12"}]
[{"$f":"IF(I462<>\"\",1+MAX($A$6:A461),\"\")","v":334},"S-2.3","S-2.3",null,"(2\"X8\") DF#1 Roof Rafters @ 12\" O.C. @ 2.15'",1,{"v":0,"d":"0%"},1,"EA",{"v":6.234999999999999,"d":"$6.2"},{"v":6.234999999999999,"d":"$6.24"},{"v":4.515,"d":"$4.52"},{"v":4.515,"d":"$4.52"},{"v":10.75,"d":"$10.8"},{"v":10.75,"d":"$11"}]
[{"$f":"IF(I463<>\"\",1+MAX($A$6:A462),\"\")","v":335},"S-2.3","S-2.3",null,"(2\"X8\") DF#1 Roof Rafters @ 12\" O.C. @ 1.88'",1,{"v":0,"d":"0%"},1,"EA",{"v":5.451999999999999,"d":"$5.5"},{"v":5.451999999999999,"d":"$5.45"},{"v":3.947999999999999,"d":"$3.95"},{"v":3.947999999999999,"d":"$3.95"},{"v":9.399999999999999,"d":"$9.4"},{"v":9.399999999999999,"d":"$9"}]
[{"$f":"IF(I464<>\"\",1+MAX($A$6:A463),\"\")","v":336},"S-2.3","S-2.3",null,"(2\"X8\") DF#1 Roof Rafters @ 12\" O.C. @ 6.48'",1,{"v":0,"d":"0%"},1,"EA",{"v":18.792,"d":"$18.8"},{"v":18.792,"d":"$18.79"},{"v":13.608000000000002,"d":"$13.61"},{"v":13.608000000000002,"d":"$13.61"},{"v":32.400000000000006,"d":"$32.4"},{"v":32.400000000000006,"d":"$32"}]
[{"$f":"IF(I465<>\"\",1+MAX($A$6:A464),\"\")","v":337},"S-2.3","S-2.3",null,"(2\"X8\") DF#1 Roof Rafters @ 12\" O.C. @ 6.75'",1,{"v":0,"d":"0%"},1,"EA",{"v":19.575,"d":"$19.6"},{"v":19.575,"d":"$19.58"},{"v":14.174999999999999,"d":"$14.18"},{"v":14.174999999999999,"d":"$14.18"},{"v":33.75,"d":"$33.8"},{"v":33.75,"d":"$34"}]
[{"$f":"IF(I466<>\"\",1+MAX($A$6:A465),\"\")","v":338},"S-2.3","S-2.3",null,"(2\"X8\") DF#1 Roof Rafters @ 12\" O.C. @ 7.03'",1,{"v":0,"d":"0%"},1,"EA",{"v":20.386999999999997,"d":"$20.4"},{"v":20.386999999999997,"d":"$20.39"},{"v":14.762999999999998,"d":"$14.76"},{"v":14.762999999999998,"d":"$14.76"},{"v":35.15,"d":"$35.2"},{"v":35.15,"d":"$35"}]
[{"$f":"IF(I467<>\"\",1+MAX($A$6:A466),\"\")","v":339},"S-2.3","S-2.3",null,"(2\"X8\") DF#1 Roof Rafters @ 12\" O.C. @ 7.3'",1,{"v":0,"d":"0%"},1,"EA",{"v":21.169999999999998,"d":"$21.2"},{"v":21.169999999999998,"d":"$21.17"},{"v":15.33,"d":"$15.33"},{"v":15.33,"d":"$15.33"},{"v":36.5,"d":"$36.5"},{"v":36.5,"d":"$37"}]
[{"$f":"IF(I468<>\"\",1+MAX($A$6:A467),\"\")","v":340},"S-2.3","S-2.3",null,"(2\"X8\") DF#1 Roof Rafters @ 12\" O.C. @ 7.57'",1,{"v":0,"d":"0%"},1,"EA",{"v":21.953,"d":"$22.0"},{"v":21.953,"d":"$21.95"},{"v":15.897,"d":"$15.90"},{"v":15.897,"d":"$15.90"},{"v":37.85,"d":"$37.9"},{"v":37.85,"d":"$38"}]
[{"$f":"IF(I469<>\"\",1+MAX($A$6:A468),\"\")","v":""}]
[{"$f":"IF(I470<>\"\",1+MAX($A$6:A469),\"\")","v":""},{"$nulls":3},"WOODEN POST"]
[{"$f":"IF(I471<>\"\",1+MAX($A$6:A470),\"\")","v":341},"S-2.3","S-2.3",null,"(6\"x6\") Wooden Post - 10' High",23,{"v":0,"d":"0%"},{"$f":"F471*(1+G471)","v":23},"EA",{"v":116.25,"d":"$116.3"},{"$f":"J471*H471","v":{"v":2673.75,"d":"$2,673.75"}},{"v":71.25,"d":"$71.25"},{"$f":"L471*H471","v":{"v":1638.75,"d":"$1,638.75"}},{"v":187.5,"d":"$187.5"},{"$f":"N471*H471","v":{"v":4312.5,"d":"$4,313"}}]
[{"$f":"IF(I472<>\"\",1+MAX($A$6:A471),\"\")","v":342},"S-2.3","S-2.3",null,"(2\"x6\") Wooden Post- 10' High",7,{"v":0,"d":"0%"},{"$f":"F472*(1+G472)","v":7},"EA",{"v":24.8,"d":"$24.80"},{"$f":"J472*H472","v":{"v":173.6,"d":"$173.60"}},{"v":15.2,"d":"$15.20"},{"$f":"L472*H472","v":{"v":106.39999999999999,"d":"$106.40"}},{"v":40,"d":"$40.0"},{"$f":"N472*H472","v":{"v":280,"d":"$280"}}]
[{"$f":"IF(I473<>\"\",1+MAX($A$6:A472),\"\")","v":343},"S-2.3","S-2.3",null,"(4\"x6\") Wooden Post- 10' High",9,{"v":0,"d":"0%"},9,"EA",{"v":72,"d":"$72.00"},{"$f":"J473*H473","v":{"v":648,"d":"$648.00"}},{"v":62,"d":"$62.00"},{"$f":"L473*H473","v":{"v":558,"d":"$558.00"}},{"v":134,"d":"$134.0"},{"v":1206,"d":"$1,206"}]
[{"$f":"IF(I474<>\"\",1+MAX($A$6:A473),\"\")","v":344},"S-2.3","S-2.3",null,"(6\"x8\") Wooden Post- 10' High",1,{"v":0,"d":"0%"},1,"EA",{"v":124,"d":"$124.0"},{"v":124,"d":"$124.00"},{"v":76,"d":"$76.00"},{"v":76,"d":"$76.00"},{"v":200,"d":"$200.0"},{"v":200,"d":"$200"}]
[{"$f":"IF(I475<>\"\",1+MAX($A$6:A474),\"\")","v":345},"S-2.3","S-2.3",null,"(6\"x10\") Wooden Post- 10' High",1,{"v":0,"d":"0%"},1,"EA",{"v":151.9,"d":"$151.9"},{"$f":"J475*H475","v":{"v":151.9,"d":"$151.90"}},{"v":93.1,"d":"$93.10"},{"$f":"L475*H475","v":{"v":93.1,"d":"$93.10"}},{"v":245,"d":"$245.0"},{"v":245,"d":"$245"}]
[{"$f":"IF(I476<>\"\",1+MAX($A$6:A475),\"\")","v":""}]
[{"$f":"IF(I477<>\"\",1+MAX($A$6:A476),\"\")","v":""},{"$nulls":3},"FRAMING MISC."]
[{"$f":"IF(I478<>\"\",1+MAX($A$6:A477),\"\")","v":346},"S-2.3","S-2.3",null,"CMST12 Strap",{"v":51.89,"d":"52"},{"v":0.1,"d":"10%"},{"$f":"F478*(1+G478)","v":{"v":57.07900000000001,"d":"57"}},"LF",{"v":2.2800000000000002,"d":"$2.28"},{"$f":"J478*H478","v":{"v":130.14012000000002,"d":"$130.14"}},{"v":3.7199999999999998,"d":"$3.72"},{"$f":"L478*H478","v":{"v":212.33388000000002,"d":"$212.33"}},{"v":6,"d":"$6.0"},{"v":342.47400000000005,"d":"$342"}]
[{"$f":"IF(I479<>\"\",1+MAX($A$6:A478),\"\")","v":347},"S-2.3","S-2.3",null,"CS14 Strap",{"v":181.77,"d":"182"},{"v":0.1,"d":"10%"},{"v":199.94700000000003,"d":"200"},"LF",{"v":2.66,"d":"$2.66"},{"$f":"J479*H479","v":{"v":531.8590200000001,"d":"$531.86"}},{"v":4.34,"d":"$4.34"},{"$f":"L479*H479","v":{"v":867.7699800000001,"d":"$867.77"}},{"v":7,"d":"$7.0"},{"v":1399.6290000000001,"d":"$1,400"}]
[{"$f":"IF(I480<>\"\",1+MAX($A$6:A479),\"\")","v":348},"S-2.3","S-2.3",null,"CMST14 Strap",{"v":47.72,"d":"48"},{"v":0.1,"d":"10%"},{"$f":"F480*(1+G480)","v":{"v":52.492000000000004,"d":"52"}},"LF",{"v":2.66,"d":"$2.66"},{"$f":"J480*H480","v":{"v":139.62872000000002,"d":"$139.63"}},{"v":4.34,"d":"$4.34"},{"$f":"L480*H480","v":{"v":227.81528,"d":"$227.82"}},{"v":7,"d":"$7.0"},{"$f":"N480*H480","v":{"v":367.444,"d":"$367"}}]
[{"$f":"IF(I481<>\"\",1+MAX($A$6:A480),\"\")","v":349},"S-2.3","S-2.3",null,"CMSTC16 Strap",{"v":25.97,"d":"26"},{"v":0.1,"d":"10%"},{"v":28.567,"d":"29"},"LF",{"v":3.04,"d":"$3.04"},{"$f":"J481*H481","v":{"v":86.84368,"d":"$86.84"}},{"v":4.96,"d":"$4.96"},{"$f":"L481*H481","v":{"v":141.69232,"d":"$141.69"}},{"v":8,"d":"$8.0"},{"v":228.536,"d":"$229"}]
[{"$f":"IF(I482<>\"\",1+MAX($A$6:A481),\"\")","v":350},"S-2.3","S-2.3",null,"(2\"X6\") Blocking",{"v":80.18,"d":"80"},{"v":0.1,"d":"10%"},{"v":88.19800000000002,"d":"88"},"LF",{"v":2.48,"d":"$2.48"},{"$f":"J482*H482","v":{"v":218.73104000000006,"d":"$218.73"}},{"v":1.52,"d":"$1.52"},{"$f":"L482*H482","v":{"v":134.06096000000002,"d":"$134.06"}},{"v":4,"d":"$4.0"},{"v":352.7920000000001,"d":"$353"}]
[{"$f":"IF(I483<>\"\",1+MAX($A$6:A482),\"\")","v":351},"S-2.3","S-2.3",null,"4\"X8\" Blocking @ 10' O.C.",413,{"v":0.1,"d":"10%"},{"$f":"F483*(1+G483)","v":{"v":454.3,"d":"454"}},"LF",{"v":7.261,"d":"$7.26"},{"$f":"J483*H483","v":{"v":3298.6723,"d":"$3,298.67"}},{"v":6.438999999999999,"d":"$6.44"},{"$f":"L483*H483","v":{"v":2925.2376999999997,"d":"$2,925.24"}},{"v":13.7,"d":"$13.7"},{"v":6223.91,"d":"$6,223.9"}]
[{"$f":"IF(I484<>\"\",1+MAX($A$6:A483),\"\")","v":""}]
[{"$f":"IF(I485<>\"\",1+MAX($A$6:A484),\"\")","v":""},{"$nulls":3},"INTERIOR WOODEN STAIRS"]
[{"$f":"IF(I486<>\"\",1+MAX($A$6:A485),\"\")","v":352},"S-2.2","S-2.2",null,"(3'-4\"x12\") Wooden Stain Treads @19EA & 6\" High Riser @ 20 EA",1,{"v":0,"d":"0%"},{"$f":"F486*(1+G486)","v":1},"EA",{"v":1368,"d":"$1,368.0"},{"$f":"J486*H486","v":{"v":1368,"d":"$1,368.00"}},{"v":2232,"d":"$2,232.00"},{"$f":"L486*H486","v":{"v":2232,"d":"$2,232.00"}},{"v":3600,"d":"$3,600.0"},{"v":3600,"d":"$3,600"}]
[{"$f":"IF(I487<>\"\",1+MAX($A$6:A486),\"\")","v":""}]
[{"$f":"IF(I488<>\"\",1+MAX($A$6:A487),\"\")","v":""},{"$nulls":3},"RAILINGS"]
[{"$f":"IF(I489<>\"\",1+MAX($A$6:A488),\"\")","v":353},"S-2.2","S-2.2",null,"1 1/2\" Handrail @ 36\" Max Above Stair Nosing w/ Full Height Tempered Glass Guardrail",{"v":16.82,"d":"17"},{"v":0.1,"d":"10%"},{"$f":"F489*(1+G489)","v":{"v":18.502000000000002,"d":"19"}},"LF",{"v":121.6,"d":"$121.6"},{"v":2249.8432000000003,"d":"$2,249.84"},{"v":198.4,"d":"$198.40"},{"v":3670.7968000000005,"d":"$3,670.80"},{"v":320,"d":"$320.0"},{"v":5920.640000000001,"d":"$5,921"}]
[{"$f":"IF(I490<>\"\",1+MAX($A$6:A489),\"\")","v":354},"S-2.2","S-2.2",null,"1 1/2\" Handrail @ 36\" Max Above Stair Nosing w/ 36\" Guard rail",{"v":13.18,"d":"13"},{"v":0.1,"d":"10%"},{"v":14.498000000000001,"d":"14"},"LF",{"v":121.6,"d":"$121.6"},{"v":1762.9568000000002,"d":"$1,762.96"},{"v":198.4,"d":"$198.40"},{"v":2876.4032,"d":"$2,876.40"},{"v":320,"d":"$320.0"},{"v":4639.360000000001,"d":"$4,639"}]
[{"$f":"IF(I491<>\"\",1+MAX($A$6:A490),\"\")","v":""}]
[{"$f":"IF(I492<>\"\",1+MAX($A$6:A491),\"\")","v":""},{"$nulls":3},"UPPER ROOF FRAMING"]
[{"$f":"IF(I493<>\"\",1+MAX($A$6:A492),\"\")","v":""}]
[{"$f":"IF(I494<>\"\",1+MAX($A$6:A493),\"\")","v":""},{"$nulls":3},"ROOF SHEATHING"]
[{"$f":"IF(I495<>\"\",1+MAX($A$6:A494),\"\")","v":355},"S-2.4","S-2.4",null,"5/8\" Thick Plywood Sheathing (4'X8') Ea.",{"$f":"2200.23/32","v":{"v":68.7571875,"d":"69"}},{"v":0,"d":"0%"},{"$f":"F495*(1+G495)","v":{"v":68.7571875,"d":"69"}},"EA",{"v":90,"d":"$90.0"},{"$f":"J495*H495","v":{"v":6188.146875,"d":"$6,188.15"}},{"v":30,"d":"$30.00"},{"$f":"L495*H495","v":{"v":2062.715625,"d":"$2,062.72"}},{"v":120,"d":"$120.0"},{"$f":"N495*H495","v":{"v":8250.8625,"d":"$8,251"}}]
[{"$f":"IF(I496<>\"\",1+MAX($A$6:A495),\"\")","v":""}]
[{"$f":"IF(I497<>\"\",1+MAX($A$6:A496),\"\")","v":""},{"$nulls":3},"WOODEN BEAMS & HEADER"]
[{"$f":"IF(I498<>\"\",1+MAX($A$6:A497),\"\")","v":356},"S-2.4","S-2.4",null,"(4\"x12\") Wooden Beam - 9'",1,{"v":0,"d":"0%"},{"$f":"F498*(1+G498)","v":1},"EA",{"v":106.47,"d":"$106.5"},{"$f":"J498*H498","v":{"v":106.47,"d":"$106.47"}},{"v":98.28,"d":"$98.28"},{"$f":"L498*H498","v":{"v":98.28,"d":"$98.28"}},{"v":204.75,"d":"$204.8"},{"$f":"N498*H498","v":{"v":204.75,"d":"$205"}}]
[{"$f":"IF(I499<>\"\",1+MAX($A$6:A498),\"\")","v":357},"S-2.4","S-2.4",null,"(4\"x12\") Wooden Beam - 8'",1,{"v":0,"d":"0%"},1,"EA",{"v":94.64,"d":"$94.6"},{"v":94.64,"d":"$94.64"},{"v":87.36,"d":"$87.36"},{"v":87.36,"d":"$87.36"},{"v":182,"d":"$182.0"},{"v":182,"d":"$182"}]
[{"$f":"IF(I500<>\"\",1+MAX($A$6:A499),\"\")","v":358},"S-2.4","S-2.4",null,"(4\"x12\") Wooden Beam - 7'",1,{"v":0,"d":"0%"},1,"EA",{"v":82.81,"d":"$82.8"},{"v":82.81,"d":"$82.81"},{"v":76.44,"d":"$76.44"},{"v":76.44,"d":"$76.44"},{"v":159.25,"d":"$159.3"},{"v":159.25,"d":"$159"}]
[{"$f":"IF(I501<>\"\",1+MAX($A$6:A500),\"\")","v":359},"S-2.4","S-2.4",null,"(4\"x12\") Wooden Beam - 15'",1,{"v":0,"d":"0%"},1,"EA",{"v":177.45000000000002,"d":"$177.5"},{"v":177.45000000000002,"d":"$177.45"},{"v":163.79999999999998,"d":"$163.80"},{"v":163.79999999999998,"d":"$163.80"},{"v":341.25,"d":"$341.3"},{"v":341.25,"d":"$341"}]
[{"$f":"IF(I502<>\"\",1+MAX($A$6:A501),\"\")","v":360},"S-2.4","S-2.4",null,"(4\"x12\") Wooden Beam - 14'",2,{"v":0,"d":"0%"},2,"EA",{"v":165.62,"d":"$165.6"},{"v":331.24,"d":"$331.24"},{"v":152.88,"d":"$152.88"},{"v":305.76,"d":"$305.76"},{"v":318.5,"d":"$318.5"},{"v":637,"d":"$637"}]
[{"$f":"IF(I503<>\"\",1+MAX($A$6:A502),\"\")","v":361},"S-2.4","S-2.4",null,"(6\"x12\") Wooden Beam - 11'",1,{"v":0,"d":"0%"},1,"EA",{"v":233.20000000000002,"d":"$233.2"},{"$f":"J503*H503","v":{"v":233.20000000000002,"d":"$233.20"}},{"v":206.79999999999998,"d":"$206.80"},{"v":206.79999999999998,"d":"$206.80"},{"v":440,"d":"$440.0"},{"v":440,"d":"$440"}]
[{"$f":"IF(I504<>\"\",1+MAX($A$6:A503),\"\")","v":362},"S-2.4","S-2.4",null,"(4\"x6\") Wooden Beam - 4'",2,{"v":0,"d":"0%"},2,"EA",{"v":28.8,"d":"$28.80"},{"v":57.6,"d":"$57.60"},{"v":24.8,"d":"$24.80"},{"v":49.6,"d":"$49.60"},{"v":53.6,"d":"$53.6"},{"v":107.2,"d":"$107"}]
[{"$f":"IF(I505<>\"\",1+MAX($A$6:A504),\"\")","v":363},"S-2.4","S-2.4",null,"(2\"x12\") Cant Beam - 18'",8,{"v":0,"d":"0%"},8,"EA",{"v":75.16799999999999,"d":"$75.2"},{"v":601.3439999999999,"d":"$601.34"},{"v":54.431999999999995,"d":"$54.43"},{"v":435.45599999999996,"d":"$435.46"},{"v":129.6,"d":"$129.6"},{"v":1036.8,"d":"$1,037"}]
[{"$f":"IF(I506<>\"\",1+MAX($A$6:A505),\"\")","v":364},"S-2.4","S-2.4",null,"(6\"x12\") Cant Beam - 17'",1,{"v":0,"d":"0%"},1,"EA",{"v":360.40000000000003,"d":"$360.4"},{"$f":"J506*H506","v":{"v":360.40000000000003,"d":"$360.40"}},{"v":319.59999999999997,"d":"$319.60"},{"v":319.59999999999997,"d":"$319.60"},{"v":680,"d":"$680.0"},{"v":680,"d":"$680"}]
[{"$f":"IF(I507<>\"\",1+MAX($A$6:A506),\"\")","v":365},"S-2.4","S-2.4",null,"(2\"X12\") Struct Fascia - 37'",1,{"v":0,"d":"0%"},1,"EA",{"v":154.512,"d":"$154.5"},{"v":154.512,"d":"$154.51"},{"v":111.888,"d":"$111.89"},{"v":111.888,"d":"$111.89"},{"v":266.40000000000003,"d":"$266.4"},{"v":266.40000000000003,"d":"$266"}]
[{"$f":"IF(I508<>\"\",1+MAX($A$6:A507),\"\")","v":366},"S-2.4","S-2.4",null,"(6\"x10\") Wooden Header - 4'",1,{"v":0,"d":"0%"},1,"EA",{"v":60.76,"d":"$60.8"},{"v":60.76,"d":"$60.76"},{"v":37.24,"d":"$37.24"},{"v":37.24,"d":"$37.24"},{"v":98,"d":"$98.0"},{"v":98,"d":"$98"}]
[{"$f":"IF(I509<>\"\",1+MAX($A$6:A508),\"\")","v":367},"S-2.4","S-2.4",null,"(4\"x12\") Wooden Header - 12'",1,{"v":0,"d":"0%"},1,"EA",{"v":141.96,"d":"$142.0"},{"v":141.96,"d":"$141.96"},{"v":131.04,"d":"$131.04"},{"v":131.04,"d":"$131.04"},{"v":273,"d":"$273.0"},{"v":273,"d":"$273"}]
[{"$f":"IF(I510<>\"\",1+MAX($A$6:A509),\"\")","v":368},"S-2.4","S-2.4",null,"(6\"x6\") Wooden Header - 4'",1,{"v":0,"d":"0%"},1,"EA",{"v":46.5,"d":"$46.5"},{"v":46.5,"d":"$46.50"},{"v":28.5,"d":"$28.50"},{"v":28.5,"d":"$28.50"},{"v":75,"d":"$75.0"},{"v":75,"d":"$75"}]
[{"$f":"IF(I511<>\"\",1+MAX($A$6:A510),\"\")","v":""}]
[{"$f":"IF(I512<>\"\",1+MAX($A$6:A511),\"\")","v":""},{"$nulls":3},"ROOF RAFTER"]
[{"$f":"IF(I513<>\"\",1+MAX($A$6:A512),\"\")","v":369},"S-2.4","S-2.4",null,"(2\"X12\") DF#2 Roof Rafters @ 16\" O.C. @ 18.1'",27,{"v":0,"d":"0%"},{"$f":"F513*(1+G513)","v":27},"EA",{"v":75.58560000000001,"d":"$75.6"},{"$f":"J513*H513","v":{"v":2040.8112000000003,"d":"$2,040.81"}},{"v":54.73440000000001,"d":"$54.73"},{"$f":"L513*H513","v":{"v":1477.8288000000002,"d":"$1,477.83"}},{"v":130.32000000000002,"d":"$130.3"},{"$f":"N513*H513","v":{"v":3518.640000000001,"d":"$3,519"}}]
[{"$f":"IF(I514<>\"\",1+MAX($A$6:A513),\"\")","v":370},"S-2.4","S-2.4",null,"(2\"X12\") DF#2 Roof Rafters @ 16\" O.C. @ 16.03'",1,{"v":0,"d":"0%"},1,"EA",{"v":66.94128,"d":"$66.9"},{"v":66.94128,"d":"$66.94"},{"v":48.474720000000005,"d":"$48.47"},{"v":48.474720000000005,"d":"$48.47"},{"v":115.41600000000001,"d":"$115.4"},{"v":115.41600000000001,"d":"$115"}]
[{"$f":"IF(I515<>\"\",1+MAX($A$6:A514),\"\")","v":371},"S-2.4","S-2.4",null,"(2\"X12\") DF#2 Roof Rafters @ 16\" O.C. @ 4.32'",1,{"v":0,"d":"0%"},1,"EA",{"v":18.04032,"d":"$18.0"},{"v":18.04032,"d":"$18.04"},{"v":13.063680000000002,"d":"$13.06"},{"v":13.063680000000002,"d":"$13.06"},{"v":31.104000000000003,"d":"$31.1"},{"v":31.104000000000003,"d":"$31"}]
[{"$f":"IF(I516<>\"\",1+MAX($A$6:A515),\"\")","v":372},"S-2.4","S-2.4",null,"(2\"X12\") DF#2 Roof Rafters @ 16\" O.C. @ 12.45'",1,{"v":0,"d":"0%"},{"$f":"F516*(1+G516)","v":1},"EA",{"v":51.9912,"d":"$52.0"},{"v":51.9912,"d":"$51.99"},{"v":37.6488,"d":"$37.65"},{"v":37.6488,"d":"$37.65"},{"v":89.64,"d":"$89.6"},{"$f":"N516*H516","v":{"v":89.64,"d":"$90"}}]
[{"$f":"IF(I517<>\"\",1+MAX($A$6:A516),\"\")","v":373},"S-2.4","S-2.4",null,"(2\"X12\") DF#2 Roof Rafters @ 16\" O.C. @ 3.51'",1,{"v":0,"d":"0%"},1,"EA",{"v":14.657759999999998,"d":"$14.7"},{"v":14.657759999999998,"d":"$14.66"},{"v":10.614239999999999,"d":"$10.61"},{"v":10.614239999999999,"d":"$10.61"},{"v":25.272,"d":"$25.3"},{"v":25.272,"d":"$25"}]
[{"$f":"IF(I518<>\"\",1+MAX($A$6:A517),\"\")","v":374},"S-2.4","S-2.4",null,"(2\"X12\") DF#2 Roof Rafters @ 16\" O.C. @ 13.78'",1,{"v":0,"d":"0%"},1,"EA",{"v":57.54527999999999,"d":"$57.5"},{"v":57.54527999999999,"d":"$57.55"},{"v":41.670719999999996,"d":"$41.67"},{"v":41.670719999999996,"d":"$41.67"},{"v":99.216,"d":"$99.2"},{"v":99.216,"d":"$99"}]
[{"$f":"IF(I519<>\"\",1+MAX($A$6:A518),\"\")","v":375},"S-2.4","S-2.4",null,"(2\"X12\") DF#2 Roof Rafters @ 16\" O.C. @ 2.88'",1,{"v":0,"d":"0%"},1,"EA",{"v":12.02688,"d":"$12.0"},{"v":12.02688,"d":"$12.03"},{"v":8.70912,"d":"$8.71"},{"v":8.70912,"d":"$8.71"},{"v":20.736,"d":"$20.7"},{"v":20.736,"d":"$21"}]
[{"$f":"IF(I520<>\"\",1+MAX($A$6:A519),\"\")","v":376},"S-2.4","S-2.4",null,"(2\"X12\") DF#2 Roof Rafters @ 16\" O.C. @ 30.63'",1,{"v":0,"d":"0%"},1,"EA",{"v":127.91087999999999,"d":"$127.9"},{"v":127.91087999999999,"d":"$127.91"},{"v":92.62512,"d":"$92.63"},{"v":92.62512,"d":"$92.63"},{"v":220.536,"d":"$220.5"},{"v":220.536,"d":"$221"}]
[{"$f":"IF(I521<>\"\",1+MAX($A$6:A520),\"\")","v":377},"S-2.4","S-2.4",null,"(2\"X12\") DF#2 Roof Rafters @ 16\" O.C. @ 30'",1,{"v":0,"d":"0%"},1,"EA",{"v":125.27999999999999,"d":"$125.3"},{"v":125.27999999999999,"d":"$125.28"},{"v":90.72,"d":"$90.72"},{"v":90.72,"d":"$90.72"},{"v":216,"d":"$216.0"},{"v":216,"d":"$216"}]
[{"$f":"IF(I522<>\"\",1+MAX($A$6:A521),\"\")","v":378},"S-2.4","S-2.4",null,"(2\"X12\") DF#2 Roof Rafters @ 16\" O.C. @ 12.33'",1,{"v":0,"d":"0%"},1,"EA",{"v":51.49007999999999,"d":"$51.5"},{"v":51.49007999999999,"d":"$51.49"},{"v":37.28592,"d":"$37.29"},{"v":37.28592,"d":"$37.29"},{"v":88.776,"d":"$88.8"},{"v":88.776,"d":"$89"}]
[{"$f":"IF(I523<>\"\",1+MAX($A$6:A522),\"\")","v":379},"S-2.4","S-2.4",null,"(2\"X12\") DF#2 Roof Rafters @ 16\" O.C. @ 0.6'",1,{"v":0,"d":"0%"},1,"EA",{"v":2.5056,"d":"$2.5"},{"v":2.5056,"d":"$2.51"},{"v":1.8144,"d":"$1.81"},{"v":1.8144,"d":"$1.81"},{"v":4.32,"d":"$4.3"},{"v":4.32,"d":"$4"}]
[{"$f":"IF(I524<>\"\",1+MAX($A$6:A523),\"\")","v":380},"S-2.4","S-2.4",null,"(2\"X12\") DF#2 Roof Rafters @ 16\" O.C. @ 11.12'",2,{"v":0,"d":"0%"},2,"EA",{"v":46.43711999999999,"d":"$46.4"},{"v":92.87423999999999,"d":"$92.87"},{"v":33.62687999999999,"d":"$33.63"},{"v":67.25375999999999,"d":"$67.25"},{"v":80.064,"d":"$80.1"},{"v":160.128,"d":"$160"}]
[{"$f":"IF(I525<>\"\",1+MAX($A$6:A524),\"\")","v":381},"S-2.4","S-2.4",null,"(2\"X12\") DF#2 Roof Rafters @ 16\" O.C. @ 4.14'",1,{"v":0,"d":"0%"},1,"EA",{"v":17.288639999999997,"d":"$17.3"},{"v":17.288639999999997,"d":"$17.29"},{"v":12.519359999999999,"d":"$12.52"},{"v":12.519359999999999,"d":"$12.52"},{"v":29.808,"d":"$29.8"},{"v":29.808,"d":"$30"}]
[{"$f":"IF(I526<>\"\",1+MAX($A$6:A525),\"\")","v":382},"S-2.4","S-2.4",null,"(2\"X12\") DF#2 Roof Rafters @ 16\" O.C. @ 9.79'",1,{"v":0,"d":"0%"},1,"EA",{"v":40.883039999999994,"d":"$40.9"},{"v":40.883039999999994,"d":"$40.88"},{"v":29.60496,"d":"$29.60"},{"v":29.60496,"d":"$29.60"},{"v":70.488,"d":"$70.5"},{"v":70.488,"d":"$70"}]
[{"$f":"IF(I527<>\"\",1+MAX($A$6:A526),\"\")","v":383},"S-2.4","S-2.4",null,"(2\"X12\") DF#2 Roof Rafters @ 16\" O.C. @ 4.77'",1,{"v":0,"d":"0%"},1,"EA",{"v":19.91952,"d":"$19.9"},{"v":19.91952,"d":"$19.92"},{"v":14.424479999999999,"d":"$14.42"},{"v":14.424479999999999,"d":"$14.42"},{"v":34.344,"d":"$34.3"},{"v":34.344,"d":"$34"}]
[{"$f":"IF(I528<>\"\",1+MAX($A$6:A527),\"\")","v":384},"S-2.4","S-2.4",null,"(2\"X12\") DF#2 Roof Rafters @ 16\" O.C. @ 8.46'",1,{"v":0,"d":"0%"},1,"EA",{"v":35.32896,"d":"$35.3"},{"v":35.32896,"d":"$35.33"},{"v":25.58304,"d":"$25.58"},{"v":25.58304,"d":"$25.58"},{"v":60.912000000000006,"d":"$60.9"},{"v":60.912000000000006,"d":"$61"}]
[{"$f":"IF(I529<>\"\",1+MAX($A$6:A528),\"\")","v":385},"S-2.4","S-2.4",null,"(2\"X12\") DF#2 Roof Rafters @ 16\" O.C. @ 5.39'",1,{"v":0,"d":"0%"},1,"EA",{"v":22.50864,"d":"$22.5"},{"v":22.50864,"d":"$22.51"},{"v":16.29936,"d":"$16.30"},{"v":16.29936,"d":"$16.30"},{"v":38.808,"d":"$38.8"},{"v":38.808,"d":"$39"}]
[{"$f":"IF(I530<>\"\",1+MAX($A$6:A529),\"\")","v":386},"S-2.4","S-2.4",null,"(2\"X12\") DF#2 Roof Rafters @ 16\" O.C. @ 7.13'",1,{"v":0,"d":"0%"},1,"EA",{"v":29.774879999999996,"d":"$29.8"},{"v":29.774879999999996,"d":"$29.77"},{"v":21.56112,"d":"$21.56"},{"v":21.56112,"d":"$21.56"},{"v":51.336,"d":"$51.3"},{"v":51.336,"d":"$51"}]
[{"$f":"IF(I531<>\"\",1+MAX($A$6:A530),\"\")","v":387},"S-2.4","S-2.4",null,"(2\"X12\") DF#2 Roof Rafters @ 16\" O.C. @ 6.02'",1,{"v":0,"d":"0%"},1,"EA",{"v":25.139519999999997,"d":"$25.1"},{"v":25.139519999999997,"d":"$25.14"},{"v":18.20448,"d":"$18.20"},{"v":18.20448,"d":"$18.20"},{"v":43.344,"d":"$43.3"},{"v":43.344,"d":"$43"}]
[{"$f":"IF(I532<>\"\",1+MAX($A$6:A531),\"\")","v":388},"S-2.4","S-2.4",null,"(2\"X12\") DF#2 Roof Rafters @ 16\" O.C. @ 5.8'",1,{"v":0,"d":"0%"},1,"EA",{"v":24.220799999999997,"d":"$24.2"},{"v":24.220799999999997,"d":"$24.22"},{"v":17.539199999999997,"d":"$17.54"},{"v":17.539199999999997,"d":"$17.54"},{"v":41.76,"d":"$41.8"},{"v":41.76,"d":"$42"}]
[{"$f":"IF(I533<>\"\",1+MAX($A$6:A532),\"\")","v":389},"S-2.4","S-2.4",null,"(2\"X12\") DF#2 Roof Rafters @ 16\" O.C. @ 6.65'",1,{"v":0,"d":"0%"},1,"EA",{"v":27.7704,"d":"$27.8"},{"v":27.7704,"d":"$27.77"},{"v":20.1096,"d":"$20.11"},{"v":20.1096,"d":"$20.11"},{"v":47.88,"d":"$47.9"},{"v":47.88,"d":"$48"}]
[{"$f":"IF(I534<>\"\",1+MAX($A$6:A533),\"\")","v":390},"S-2.4","S-2.4",null,"(2\"X12\") DF#2 Roof Rafters @ 16\" O.C. @ 4.47'",1,{"v":0,"d":"0%"},1,"EA",{"v":18.666719999999998,"d":"$18.7"},{"v":18.666719999999998,"d":"$18.67"},{"v":13.517279999999998,"d":"$13.52"},{"v":13.517279999999998,"d":"$13.52"},{"v":32.184,"d":"$32.2"},{"v":32.184,"d":"$32"}]
[{"$f":"IF(I535<>\"\",1+MAX($A$6:A534),\"\")","v":391},"S-2.4","S-2.4",null,"(2\"X12\") DF#2 Roof Rafters @ 16\" O.C. @ 7.27'",2,{"v":0,"d":"0%"},2,"EA",{"v":30.35952,"d":"$30.4"},{"v":60.71904,"d":"$60.72"},{"v":21.98448,"d":"$21.98"},{"v":43.96896,"d":"$43.97"},{"v":52.344,"d":"$52.3"},{"v":104.688,"d":"$105"}]
[{"$f":"IF(I536<>\"\",1+MAX($A$6:A535),\"\")","v":392},"S-2.4","S-2.4",null,"(2\"X12\") DF#2 Roof Rafters @ 16\" O.C. @ 3.14'",1,{"v":0,"d":"0%"},1,"EA",{"v":13.112639999999999,"d":"$13.1"},{"v":13.112639999999999,"d":"$13.11"},{"v":9.49536,"d":"$9.50"},{"v":9.49536,"d":"$9.50"},{"v":22.608,"d":"$22.6"},{"v":22.608,"d":"$23"}]
[{"$f":"IF(I537<>\"\",1+MAX($A$6:A536),\"\")","v":393},"S-2.4","S-2.4",null,"(2\"X12\") DF#2 Roof Rafters @ 16\" O.C. @ 7.9'",1,{"v":0,"d":"0%"},1,"EA",{"v":32.9904,"d":"$33.0"},{"v":32.9904,"d":"$32.99"},{"v":23.8896,"d":"$23.89"},{"v":23.8896,"d":"$23.89"},{"v":56.88,"d":"$56.9"},{"v":56.88,"d":"$57"}]
[{"$f":"IF(I538<>\"\",1+MAX($A$6:A537),\"\")","v":394},"S-2.4","S-2.4",null,"(2\"X12\") DF#2 Roof Rafters @ 16\" O.C. @ 1.81'",1,{"v":0,"d":"0%"},1,"EA",{"v":7.558559999999999,"d":"$7.6"},{"v":7.558559999999999,"d":"$7.56"},{"v":5.47344,"d":"$5.47"},{"v":5.47344,"d":"$5.47"},{"v":13.032,"d":"$13.0"},{"v":13.032,"d":"$13"}]
[{"$f":"IF(I539<>\"\",1+MAX($A$6:A538),\"\")","v":395},"S-2.4","S-2.4",null,"(2\"X12\") DF#2 Roof Rafters @ 16\" O.C. @ 8.53'",1,{"v":0,"d":"0%"},1,"EA",{"v":35.62128,"d":"$35.6"},{"v":35.62128,"d":"$35.62"},{"v":25.794719999999998,"d":"$25.79"},{"v":25.794719999999998,"d":"$25.79"},{"v":61.416,"d":"$61.4"},{"v":61.416,"d":"$61"}]
[{"$f":"IF(I540<>\"\",1+MAX($A$6:A539),\"\")","v":396},"S-2.4","S-2.4",null,"(2\"X12\") DF#2 Roof Rafters @ 16\" O.C. @ 0.48'",1,{"v":0,"d":"0%"},1,"EA",{"v":2.00448,"d":"$2.0"},{"v":2.00448,"d":"$2.00"},{"v":1.45152,"d":"$1.45"},{"v":1.45152,"d":"$1.45"},{"v":3.456,"d":"$3.5"},{"v":3.456,"d":"$3"}]
[{"$f":"IF(I541<>\"\",1+MAX($A$6:A540),\"\")","v":397},"S-2.4","S-2.4",null,"(2\"X12\") DF#2 Roof Rafters @ 16\" O.C. @ 9.15'",1,{"v":0,"d":"0%"},1,"EA",{"v":38.2104,"d":"$38.2"},{"v":38.2104,"d":"$38.21"},{"v":27.669600000000003,"d":"$27.67"},{"v":27.669600000000003,"d":"$27.67"},{"v":65.88000000000001,"d":"$65.9"},{"v":65.88000000000001,"d":"$66"}]
[{"$f":"IF(I542<>\"\",1+MAX($A$6:A541),\"\")","v":398},"S-2.4","S-2.4",null,"(2\"X12\") DF#2 Roof Rafters @ 16\" O.C. @ 8.69'",1,{"v":0,"d":"0%"},1,"EA",{"v":36.28944,"d":"$36.3"},{"v":36.28944,"d":"$36.29"},{"v":26.27856,"d":"$26.28"},{"v":26.27856,"d":"$26.28"},{"v":62.568,"d":"$62.6"},{"v":62.568,"d":"$63"}]
[{"$f":"IF(I543<>\"\",1+MAX($A$6:A542),\"\")","v":399},"S-2.4","S-2.4",null,"(2\"X12\") DF#2 Roof Rafters @ 16\" O.C. @ 7.98'",1,{"v":0,"d":"0%"},1,"EA",{"v":33.32448,"d":"$33.3"},{"v":33.32448,"d":"$33.32"},{"v":24.131520000000002,"d":"$24.13"},{"v":24.131520000000002,"d":"$24.13"},{"v":57.456,"d":"$57.5"},{"v":57.456,"d":"$57"}]
[{"$f":"IF(I544<>\"\",1+MAX($A$6:A543),\"\")","v":400},"S-2.4","S-2.4",null,"(2\"X12\") DF#2 Roof Rafters @ 16\" O.C. @ 6.55'",1,{"v":0,"d":"0%"},{"$f":"F544*(1+G544)","v":1},"EA",{"v":27.352799999999995,"d":"$27.4"},{"v":27.352799999999995,"d":"$27.35"},{"v":19.807199999999998,"d":"$19.81"},{"v":19.807199999999998,"d":"$19.81"},{"v":47.16,"d":"$47.2"},{"$f":"N544*H544","v":{"v":47.16,"d":"$47"}}]
[{"$f":"IF(I545<>\"\",1+MAX($A$6:A544),\"\")","v":401},"S-2.4","S-2.4",null,"(2\"X12\") DF#2 Roof Rafters @ 16\" O.C. @ 5.84'",1,{"v":0,"d":"0%"},1,"EA",{"v":24.38784,"d":"$24.4"},{"v":24.38784,"d":"$24.39"},{"v":17.66016,"d":"$17.66"},{"v":17.66016,"d":"$17.66"},{"v":42.048,"d":"$42.0"},{"v":42.048,"d":"$42"}]
[{"$f":"IF(I546<>\"\",1+MAX($A$6:A545),\"\")","v":402},"S-2.4","S-2.4",null,"(2\"X12\") DF#2 Roof Rafters @ 16\" O.C. @ 5.13'",1,{"v":0,"d":"0%"},1,"EA",{"v":21.42288,"d":"$21.4"},{"v":21.42288,"d":"$21.42"},{"v":15.513119999999999,"d":"$15.51"},{"v":15.513119999999999,"d":"$15.51"},{"v":36.936,"d":"$36.9"},{"v":36.936,"d":"$37"}]
[{"$f":"IF(I547<>\"\",1+MAX($A$6:A546),\"\")","v":403},"S-2.4","S-2.4",null,"(2\"X12\") DF#2 Roof Rafters @ 16\" O.C. @ 4.42'",1,{"v":0,"d":"0%"},1,"EA",{"v":18.45792,"d":"$18.5"},{"v":18.45792,"d":"$18.46"},{"v":13.36608,"d":"$13.37"},{"v":13.36608,"d":"$13.37"},{"v":31.824,"d":"$31.8"},{"v":31.824,"d":"$32"}]
[{"$f":"IF(I548<>\"\",1+MAX($A$6:A547),\"\")","v":404},"S-2.4","S-2.4",null,"(2\"X12\") DF#2 Roof Rafters @ 16\" O.C. @ 3.7'",1,{"v":0,"d":"0%"},1,"EA",{"v":15.4512,"d":"$15.5"},{"v":15.4512,"d":"$15.45"},{"v":11.1888,"d":"$11.19"},{"v":11.1888,"d":"$11.19"},{"v":26.64,"d":"$26.6"},{"v":26.64,"d":"$27"}]
[{"$f":"IF(I549<>\"\",1+MAX($A$6:A548),\"\")","v":405},"S-2.4","S-2.4",null,"(2\"X12\") DF#2 Roof Rafters @ 16\" O.C. @ 2.99'",1,{"v":0,"d":"0%"},{"$f":"F549*(1+G549)","v":1},"EA",{"v":12.48624,"d":"$12.5"},{"v":12.48624,"d":"$12.49"},{"v":9.04176,"d":"$9.04"},{"v":9.04176,"d":"$9.04"},{"v":21.528000000000002,"d":"$21.5"},{"$f":"N549*H549","v":{"v":21.528000000000002,"d":"$22"}}]
[{"$f":"IF(I550<>\"\",1+MAX($A$6:A549),\"\")","v":406},"S-2.4","S-2.4",null,"(2\"X12\") DF#2 Roof Rafters @ 16\" O.C. @ 2.28'",1,{"v":0,"d":"0%"},{"$f":"F550*(1+G550)","v":1},"EA",{"v":9.521279999999999,"d":"$9.5"},{"v":9.521279999999999,"d":"$9.52"},{"v":6.8947199999999995,"d":"$6.89"},{"v":6.8947199999999995,"d":"$6.89"},{"v":16.416,"d":"$16.4"},{"$f":"N550*H550","v":{"v":16.416,"d":"$16"}}]
[{"$f":"IF(I551<>\"\",1+MAX($A$6:A550),\"\")","v":407},"S-2.4","S-2.4",null,"(2\"X12\") DF#2 Roof Rafters @ 16\" O.C. @ 1.57'",1,{"v":0,"d":"0%"},1,"EA",{"v":6.5563199999999995,"d":"$6.6"},{"v":6.5563199999999995,"d":"$6.56"},{"v":4.74768,"d":"$4.75"},{"v":4.74768,"d":"$4.75"},{"v":11.304,"d":"$11.3"},{"v":11.304,"d":"$11"}]
[{"$f":"IF(I552<>\"\",1+MAX($A$6:A551),\"\")","v":408},"S-2.4","S-2.4",null,"(2\"X12\") DF#2 Roof Rafters @ 16\" O.C. @ 13.17'",1,{"v":0,"d":"0%"},1,"EA",{"v":54.99791999999999,"d":"$55.0"},{"v":54.99791999999999,"d":"$55.00"},{"v":39.82608,"d":"$39.83"},{"v":39.82608,"d":"$39.83"},{"v":94.824,"d":"$94.8"},{"v":94.824,"d":"$95"}]
[{"$f":"IF(I553<>\"\",1+MAX($A$6:A552),\"\")","v":409},"S-2.4","S-2.4",null,"(2\"X12\") DF#2 Roof Rafters @ 16\" O.C. @ 9.08'",1,{"v":0,"d":"0%"},1,"EA",{"v":37.91808,"d":"$37.9"},{"v":37.91808,"d":"$37.92"},{"v":27.45792,"d":"$27.46"},{"v":27.45792,"d":"$27.46"},{"v":65.376,"d":"$65.4"},{"v":65.376,"d":"$65"}]
[{"$f":"IF(I554<>\"\",1+MAX($A$6:A553),\"\")","v":410},"S-2.4","S-2.4",null,"(2\"X12\") DF#2 Roof Rafters @ 16\" O.C. @ 7.04'",1,{"v":0,"d":"0%"},1,"EA",{"v":29.39904,"d":"$29.4"},{"v":29.39904,"d":"$29.40"},{"v":21.28896,"d":"$21.29"},{"v":21.28896,"d":"$21.29"},{"v":50.688,"d":"$50.7"},{"v":50.688,"d":"$51"}]
[{"$f":"IF(I555<>\"\",1+MAX($A$6:A554),\"\")","v":411},"S-2.4","S-2.4",null,"(2\"X12\") DF#2 Roof Rafters @ 16\" O.C. @ 5'",1,{"v":0,"d":"0%"},1,"EA",{"v":20.88,"d":"$20.9"},{"v":20.88,"d":"$20.88"},{"v":15.12,"d":"$15.12"},{"v":15.12,"d":"$15.12"},{"v":36,"d":"$36.0"},{"v":36,"d":"$36"}]
[{"$f":"IF(I556<>\"\",1+MAX($A$6:A555),\"\")","v":412},"S-2.4","S-2.4",null,"(2\"X12\") DF#2 Roof Rafters @ 16\" O.C. @ 2.95'",1,{"v":0,"d":"0%"},1,"EA",{"v":12.3192,"d":"$12.3"},{"v":12.3192,"d":"$12.32"},{"v":8.9208,"d":"$8.92"},{"v":8.9208,"d":"$8.92"},{"v":21.240000000000002,"d":"$21.2"},{"v":21.240000000000002,"d":"$21"}]
[{"$f":"IF(I557<>\"\",1+MAX($A$6:A556),\"\")","v":413},"S-2.4","S-2.4",null,"(2\"X12\") DF#2 Roof Rafters @ 16\" O.C. @ 0.91'",1,{"v":0,"d":"0%"},1,"EA",{"v":3.80016,"d":"$3.8"},{"v":3.80016,"d":"$3.80"},{"v":2.75184,"d":"$2.75"},{"v":2.75184,"d":"$2.75"},{"v":6.5520000000000005,"d":"$6.6"},{"v":6.5520000000000005,"d":"$7"}]
[{"$f":"IF(I558<>\"\",1+MAX($A$6:A557),\"\")","v":414},"S-2.4","S-2.4",null,"(2\"X12\") DF#2 Roof Rafters @ 16\" O.C. @ 29.59'",10,{"v":0,"d":"0%"},10,"EA",{"v":123.56783999999999,"d":"$123.6"},{"v":1235.6783999999998,"d":"$1,235.68"},{"v":89.48016,"d":"$89.48"},{"v":894.8016,"d":"$894.80"},{"v":213.048,"d":"$213.0"},{"v":2130.48,"d":"$2,130"}]
[{"$f":"IF(I559<>\"\",1+MAX($A$6:A558),\"\")","v":415},"S-2.4","S-2.4",null,"(2\"X12\") DF#2 Roof Rafters @ 16\" O.C. @ 10.18'",1,{"v":0,"d":"0%"},1,"EA",{"v":42.51168,"d":"$42.5"},{"v":42.51168,"d":"$42.51"},{"v":30.78432,"d":"$30.78"},{"v":30.78432,"d":"$30.78"},{"v":73.296,"d":"$73.3"},{"v":73.296,"d":"$73"}]
[{"$f":"IF(I560<>\"\",1+MAX($A$6:A559),\"\")","v":416},"S-2.4","S-2.4",null,"(2\"X12\") DF#2 Roof Rafters @ 16\" O.C. @ 8.55'",1,{"v":0,"d":"0%"},1,"EA",{"v":35.704800000000006,"d":"$35.7"},{"v":35.704800000000006,"d":"$35.70"},{"v":25.855200000000004,"d":"$25.86"},{"v":25.855200000000004,"d":"$25.86"},{"v":61.56000000000001,"d":"$61.6"},{"v":61.56000000000001,"d":"$62"}]
[{"$f":"IF(I561<>\"\",1+MAX($A$6:A560),\"\")","v":417},"S-2.4","S-2.4",null,"(2\"X12\") DF#2 Roof Rafters @ 16\" O.C. @ 6.92'",1,{"v":0,"d":"0%"},1,"EA",{"v":28.897919999999996,"d":"$28.9"},{"v":28.897919999999996,"d":"$28.90"},{"v":20.92608,"d":"$20.93"},{"v":20.92608,"d":"$20.93"},{"v":49.824,"d":"$49.8"},{"v":49.824,"d":"$50"}]
[{"$f":"IF(I562<>\"\",1+MAX($A$6:A561),\"\")","v":418},"S-2.4","S-2.4",null,"(2\"X12\") DF#2 Roof Rafters @ 16\" O.C. @ 5.29'",1,{"v":0,"d":"0%"},1,"EA",{"v":22.09104,"d":"$22.1"},{"v":22.09104,"d":"$22.09"},{"v":15.99696,"d":"$16.00"},{"v":15.99696,"d":"$16.00"},{"v":38.088,"d":"$38.1"},{"v":38.088,"d":"$38"}]
[{"$f":"IF(I563<>\"\",1+MAX($A$6:A562),\"\")","v":419},"S-2.4","S-2.4",null,"(2\"X12\") DF#2 Roof Rafters @ 16\" O.C. @ 3.65'",1,{"v":0,"d":"0%"},1,"EA",{"v":15.2424,"d":"$15.2"},{"v":15.2424,"d":"$15.24"},{"v":11.0376,"d":"$11.04"},{"v":11.0376,"d":"$11.04"},{"v":26.28,"d":"$26.3"},{"v":26.28,"d":"$26"}]
[{"$f":"IF(I564<>\"\",1+MAX($A$6:A563),\"\")","v":420},"S-2.4","S-2.4",null,"(2\"X12\") DF#2 Roof Rafters @ 16\" O.C. @ 2.02'",1,{"v":0,"d":"0%"},1,"EA",{"v":8.43552,"d":"$8.4"},{"v":8.43552,"d":"$8.44"},{"v":6.10848,"d":"$6.11"},{"v":6.10848,"d":"$6.11"},{"v":14.544,"d":"$14.5"},{"v":14.544,"d":"$15"}]
[{"$f":"IF(I565<>\"\",1+MAX($A$6:A564),\"\")","v":421},"S-2.4","S-2.4",null,"(2\"X12\") DF#2 Roof Rafters @ 16\" O.C. @ 0.39'",1,{"v":0,"d":"0%"},1,"EA",{"v":1.62864,"d":"$1.6"},{"v":1.62864,"d":"$1.63"},{"v":1.17936,"d":"$1.18"},{"v":1.17936,"d":"$1.18"},{"v":2.8080000000000003,"d":"$2.8"},{"v":2.8080000000000003,"d":"$3"}]
[{"$f":"IF(I566<>\"\",1+MAX($A$6:A565),\"\")","v":422},"S-2.4","S-2.4",null,"(2\"X12\") DF#2 Roof Rafters @ 16\" O.C. @ 41.26'",1,{"v":0,"d":"0%"},1,"EA",{"v":172.30176,"d":"$172.3"},{"v":172.30176,"d":"$172.30"},{"v":124.77024,"d":"$124.77"},{"v":124.77024,"d":"$124.77"},{"v":297.072,"d":"$297.1"},{"v":297.072,"d":"$297"}]
[{"$f":"IF(I567<>\"\",1+MAX($A$6:A566),\"\")","v":423},"S-2.4","S-2.4",null,"(2\"X12\") DF#2 Roof Rafters @ 16\" O.C. @ 40.23'",1,{"v":0,"d":"0%"},1,"EA",{"v":168.00047999999998,"d":"$168.0"},{"v":168.00047999999998,"d":"$168.00"},{"v":121.65552,"d":"$121.66"},{"v":121.65552,"d":"$121.66"},{"v":289.656,"d":"$289.7"},{"v":289.656,"d":"$290"}]
[{"$f":"IF(I568<>\"\",1+MAX($A$6:A567),\"\")","v":424},"S-2.4","S-2.4",null,"(2\"X12\") DF#2 Roof Rafters @ 16\" O.C. @ 39.2'",1,{"v":0,"d":"0%"},1,"EA",{"v":163.6992,"d":"$163.7"},{"v":163.6992,"d":"$163.70"},{"v":118.5408,"d":"$118.54"},{"v":118.5408,"d":"$118.54"},{"v":282.24,"d":"$282.2"},{"v":282.24,"d":"$282"}]
[{"$f":"IF(I569<>\"\",1+MAX($A$6:A568),\"\")","v":425},"S-2.4","S-2.4",null,"(2\"X12\") DF#2 Roof Rafters @ 16\" O.C. @ 38.17'",1,{"v":0,"d":"0%"},1,"EA",{"v":159.39792,"d":"$159.4"},{"v":159.39792,"d":"$159.40"},{"v":115.42608,"d":"$115.43"},{"v":115.42608,"d":"$115.43"},{"v":274.824,"d":"$274.8"},{"v":274.824,"d":"$275"}]
[{"$f":"IF(I570<>\"\",1+MAX($A$6:A569),\"\")","v":426},"S-2.4","S-2.4",null,"(2\"X12\") DF#2 Roof Rafters @ 16\" O.C. @ 37.15'",1,{"v":0,"d":"0%"},1,"EA",{"v":155.1384,"d":"$155.1"},{"v":155.1384,"d":"$155.14"},{"v":112.3416,"d":"$112.34"},{"v":112.3416,"d":"$112.34"},{"v":267.48,"d":"$267.5"},{"v":267.48,"d":"$267"}]
[{"$f":"IF(I571<>\"\",1+MAX($A$6:A570),\"\")","v":427},"S-2.4","S-2.4",null,"(2\"X12\") DF#2 Roof Rafters @ 16\" O.C. @ 36.12'",1,{"v":0,"d":"0%"},1,"EA",{"v":150.83711999999997,"d":"$150.8"},{"v":150.83711999999997,"d":"$150.84"},{"v":109.22687999999998,"d":"$109.23"},{"v":109.22687999999998,"d":"$109.23"},{"v":260.06399999999996,"d":"$260.1"},{"v":260.06399999999996,"d":"$260"}]
[{"$f":"IF(I572<>\"\",1+MAX($A$6:A571),\"\")","v":428},"S-2.4","S-2.4",null,"(2\"X12\") DF#2 Roof Rafters @ 16\" O.C. @ 35.09'",1,{"v":0,"d":"0%"},1,"EA",{"v":146.53584,"d":"$146.5"},{"v":146.53584,"d":"$146.54"},{"v":106.11216,"d":"$106.11"},{"v":106.11216,"d":"$106.11"},{"v":252.64800000000002,"d":"$252.6"},{"v":252.64800000000002,"d":"$253"}]
[{"$f":"IF(I573<>\"\",1+MAX($A$6:A572),\"\")","v":429},"S-2.4","S-2.4",null,"(2\"X12\") DF#2 Roof Rafters @ 16\" O.C. @ 34.07'",1,{"v":0,"d":"0%"},1,"EA",{"v":142.27632,"d":"$142.3"},{"v":142.27632,"d":"$142.28"},{"v":103.02768,"d":"$103.03"},{"v":103.02768,"d":"$103.03"},{"v":245.304,"d":"$245.3"},{"v":245.304,"d":"$245"}]
[{"$f":"IF(I574<>\"\",1+MAX($A$6:A573),\"\")","v":430},"S-2.4","S-2.4",null,"(2\"X12\") DF#2 Roof Rafters @ 16\" O.C. @ 33.04'",1,{"v":0,"d":"0%"},1,"EA",{"v":137.97504,"d":"$138.0"},{"v":137.97504,"d":"$137.98"},{"v":99.91296,"d":"$99.91"},{"v":99.91296,"d":"$99.91"},{"v":237.888,"d":"$237.9"},{"v":237.888,"d":"$238"}]
[{"$f":"IF(I575<>\"\",1+MAX($A$6:A574),\"\")","v":431},"S-2.4","S-2.4",null,"(2\"X12\") DF#2 Roof Rafters @ 16\" O.C. @ 32.01'",1,{"v":0,"d":"0%"},1,"EA",{"v":133.67376,"d":"$133.7"},{"v":133.67376,"d":"$133.67"},{"v":96.79823999999999,"d":"$96.80"},{"v":96.79823999999999,"d":"$96.80"},{"v":230.47199999999998,"d":"$230.5"},{"v":230.47199999999998,"d":"$230"}]
[{"$f":"IF(I576<>\"\",1+MAX($A$6:A575),\"\")","v":432},"S-2.4","S-2.4",null,"(2\"X12\") DF#2 Roof Rafters @ 16\" O.C. @ 30.98'",1,{"v":0,"d":"0%"},1,"EA",{"v":129.37248,"d":"$129.4"},{"v":129.37248,"d":"$129.37"},{"v":93.68352,"d":"$93.68"},{"v":93.68352,"d":"$93.68"},{"v":223.056,"d":"$223.1"},{"v":223.056,"d":"$223"}]
[{"$f":"IF(I577<>\"\",1+MAX($A$6:A576),\"\")","v":433},"S-2.4","S-2.4",null,"(2\"X12\") DF#2 Roof Rafters @ 16\" O.C. @ 29.96'",1,{"v":0,"d":"0%"},1,"EA",{"v":125.11296,"d":"$125.1"},{"$f":"J577*H577","v":{"v":125.11296,"d":"$125.11"}},{"v":90.59904,"d":"$90.60"},{"$f":"L577*H577","v":{"v":90.59904,"d":"$90.60"}},{"v":215.71200000000002,"d":"$215.7"},{"v":215.71200000000002,"d":"$216"}]
[{"$f":"IF(I578<>\"\",1+MAX($A$6:A577),\"\")","v":434},"S-2.4","S-2.4",null,"(2\"X12\") DF#2 Roof Rafters @ 16\" O.C. @ 10.76'",1,{"v":0,"d":"0%"},1,"EA",{"v":44.93375999999999,"d":"$44.9"},{"v":44.93375999999999,"d":"$44.93"},{"v":32.538239999999995,"d":"$32.54"},{"v":32.538239999999995,"d":"$32.54"},{"v":77.472,"d":"$77.5"},{"v":77.472,"d":"$77"}]
[{"$f":"IF(I579<>\"\",1+MAX($A$6:A578),\"\")","v":435},"S-2.4","S-2.4",null,"(2\"X12\") DF#2 Roof Rafters @ 16\" O.C. @ 10.01'",1,{"v":0,"d":"0%"},1,"EA",{"v":41.80176,"d":"$41.8"},{"v":41.80176,"d":"$41.80"},{"v":30.27024,"d":"$30.27"},{"v":30.27024,"d":"$30.27"},{"v":72.072,"d":"$72.1"},{"v":72.072,"d":"$72"}]
[{"$f":"IF(I580<>\"\",1+MAX($A$6:A579),\"\")","v":436},"S-2.4","S-2.4",null,"(2\"X12\") DF#2 Roof Rafters @ 16\" O.C. @ 9.25'",1,{"v":0,"d":"0%"},1,"EA",{"v":38.628,"d":"$38.6"},{"v":38.628,"d":"$38.63"},{"v":27.972,"d":"$27.97"},{"v":27.972,"d":"$27.97"},{"v":66.60000000000001,"d":"$66.6"},{"v":66.60000000000001,"d":"$67"}]
[{"$f":"IF(I581<>\"\",1+MAX($A$6:A580),\"\")","v":437},"S-2.4","S-2.4",null,"(2\"X12\") DF#2 Roof Rafters @ 16\" O.C. @ 8.5'",1,{"v":0,"d":"0%"},1,"EA",{"v":35.496,"d":"$35.5"},{"v":35.496,"d":"$35.50"},{"v":25.704,"d":"$25.70"},{"v":25.704,"d":"$25.70"},{"v":61.2,"d":"$61.2"},{"v":61.2,"d":"$61"}]
[{"$f":"IF(I582<>\"\",1+MAX($A$6:A581),\"\")","v":438},"S-2.4","S-2.4",null,"(2\"X12\") DF#2 Roof Rafters @ 16\" O.C. @ 7.75'",1,{"v":0,"d":"0%"},{"$f":"F582*(1+G582)","v":1},"EA",{"v":32.364,"d":"$32.4"},{"v":32.364,"d":"$32.36"},{"v":23.436,"d":"$23.44"},{"v":23.436,"d":"$23.44"},{"v":55.800000000000004,"d":"$55.8"},{"$f":"N582*H582","v":{"v":55.800000000000004,"d":"$56"}}]
[{"$f":"IF(I583<>\"\",1+MAX($A$6:A582),\"\")","v":439},"S-2.4","S-2.4",null,"(2\"X12\") DF#2 Roof Rafters @ 16\" O.C. @ 7'",1,{"v":0,"d":"0%"},1,"EA",{"v":29.231999999999996,"d":"$29.2"},{"v":29.231999999999996,"d":"$29.23"},{"v":21.168,"d":"$21.17"},{"v":21.168,"d":"$21.17"},{"v":50.4,"d":"$50.4"},{"v":50.4,"d":"$50"}]
[{"$f":"IF(I584<>\"\",1+MAX($A$6:A583),\"\")","v":440},"S-2.4","S-2.4",null,"(2\"X12\") DF#2 Roof Rafters @ 16\" O.C. @ 6.25'",1,{"v":0,"d":"0%"},1,"EA",{"v":26.099999999999998,"d":"$26.1"},{"v":26.099999999999998,"d":"$26.10"},{"v":18.9,"d":"$18.90"},{"v":18.9,"d":"$18.90"},{"v":45,"d":"$45.0"},{"v":45,"d":"$45"}]
[{"$f":"IF(I585<>\"\",1+MAX($A$6:A584),\"\")","v":441},"S-2.4","S-2.4",null,"(2\"X12\") DF#2 Roof Rafters @ 16\" O.C. @ 5.5'",1,{"v":0,"d":"0%"},1,"EA",{"v":22.968,"d":"$23.0"},{"v":22.968,"d":"$22.97"},{"v":16.632,"d":"$16.63"},{"v":16.632,"d":"$16.63"},{"v":39.6,"d":"$39.6"},{"v":39.6,"d":"$40"}]
[{"$f":"IF(I586<>\"\",1+MAX($A$6:A585),\"\")","v":442},"S-2.4","S-2.4",null,"(2\"X12\") DF#2 Roof Rafters @ 16\" O.C. @ 4.75'",1,{"v":0,"d":"0%"},1,"EA",{"v":19.836,"d":"$19.8"},{"v":19.836,"d":"$19.84"},{"v":14.364,"d":"$14.36"},{"v":14.364,"d":"$14.36"},{"v":34.2,"d":"$34.2"},{"v":34.2,"d":"$34"}]
[{"$f":"IF(I587<>\"\",1+MAX($A$6:A586),\"\")","v":443},"S-2.4","S-2.4",null,"(2\"X12\") DF#2 Roof Rafters @ 16\" O.C. @ 4'",1,{"v":0,"d":"0%"},1,"EA",{"v":16.704,"d":"$16.7"},{"v":16.704,"d":"$16.70"},{"v":12.096,"d":"$12.10"},{"v":12.096,"d":"$12.10"},{"v":28.8,"d":"$28.8"},{"v":28.8,"d":"$29"}]
[{"$f":"IF(I588<>\"\",1+MAX($A$6:A587),\"\")","v":444},"S-2.4","S-2.4",null,"(2\"X12\") DF#2 Roof Rafters @ 16\" O.C. @ 3.25'",1,{"v":0,"d":"0%"},1,"EA",{"v":13.572000000000001,"d":"$13.6"},{"v":13.572000000000001,"d":"$13.57"},{"v":9.828000000000001,"d":"$9.83"},{"v":9.828000000000001,"d":"$9.83"},{"v":23.400000000000002,"d":"$23.4"},{"v":23.400000000000002,"d":"$23"}]
[{"$f":"IF(I589<>\"\",1+MAX($A$6:A588),\"\")","v":445},"S-2.4","S-2.4",null,"(2\"X12\") DF#2 Roof Rafters @ 16\" O.C. @ 2.5'",1,{"v":0,"d":"0%"},1,"EA",{"v":10.44,"d":"$10.4"},{"v":10.44,"d":"$10.44"},{"v":7.56,"d":"$7.56"},{"v":7.56,"d":"$7.56"},{"v":18,"d":"$18.0"},{"v":18,"d":"$18"}]
[{"$f":"IF(I590<>\"\",1+MAX($A$6:A589),\"\")","v":446},"S-2.4","S-2.4",null,"(2\"X12\") DF#2 Roof Rafters @ 16\" O.C. @ 1.75'",1,{"v":0,"d":"0%"},1,"EA",{"v":7.307999999999999,"d":"$7.3"},{"v":7.307999999999999,"d":"$7.31"},{"v":5.292,"d":"$5.29"},{"v":5.292,"d":"$5.29"},{"v":12.6,"d":"$12.6"},{"v":12.6,"d":"$13"}]
[{"$f":"IF(I591<>\"\",1+MAX($A$6:A590),\"\")","v":""}]
[{"$f":"IF(I592<>\"\",1+MAX($A$6:A591),\"\")","v":""},{"$nulls":3},"WOODEN POST"]
[{"$f":"IF(I593<>\"\",1+MAX($A$6:A592),\"\")","v":447},"S-2.4","S-2.4",null,"(6\"x6\") Wooden Post - 10' High",10,{"v":0,"d":"0%"},{"$f":"F593*(1+G593)","v":10},"EA",{"v":116.25,"d":"$116.3"},{"$f":"J593*H593","v":{"v":1162.5,"d":"$1,162.50"}},{"v":71.25,"d":"$71.25"},{"$f":"L593*H593","v":{"v":712.5,"d":"$712.50"}},{"v":187.5,"d":"$187.5"},{"$f":"N593*H593","v":{"v":1875,"d":"$1,875"}}]
[{"$f":"IF(I594<>\"\",1+MAX($A$6:A593),\"\")","v":448},"S-2.4","S-2.4",null,"(4\"x10\") Wooden Post- 10' High",2,{"v":0,"d":"0%"},{"$f":"F594*(1+G594)","v":2},"EA",{"v":73,"d":"$73.0"},{"v":146,"d":"$146.00"},{"v":68,"d":"$68.00"},{"v":136,"d":"$136.00"},{"v":141,"d":"$141.0"},{"$f":"N594*H594","v":{"v":282,"d":"$282"}}]
[{"$f":"IF(I595<>\"\",1+MAX($A$6:A594),\"\")","v":449},"S-2.4","S-2.4",null,"(4\"x6\") Wooden Post- 10' High",6,{"v":0,"d":"0%"},6,"EA",{"v":72,"d":"$72.00"},{"$f":"J595*H595","v":{"v":432,"d":"$432.00"}},{"v":62,"d":"$62.00"},{"$f":"L595*H595","v":{"v":372,"d":"$372.00"}},{"v":134,"d":"$134.0"},{"v":804,"d":"$804"}]
[{"$f":"IF(I596<>\"\",1+MAX($A$6:A595),\"\")","v":""}]
[{"$f":"IF(I597<>\"\",1+MAX($A$6:A596),\"\")","v":""},{"$nulls":3},"FRAMING MISC."]
[{"$f":"IF(I598<>\"\",1+MAX($A$6:A597),\"\")","v":450},"S-2.4","S-2.4",null,"CMST14 Strap",{"v":34.67,"d":"35"},{"v":0.1,"d":"10%"},{"$f":"F598*(1+G598)","v":{"v":38.13700000000001,"d":"38"}},"LF",{"v":2.66,"d":"$2.66"},{"$f":"J598*H598","v":{"v":101.44442000000002,"d":"$101.44"}},{"v":4.34,"d":"$4.34"},{"$f":"L598*H598","v":{"v":165.51458000000002,"d":"$165.51"}},{"v":7,"d":"$7.0"},{"$f":"N598*H598","v":{"v":266.95900000000006,"d":"$267"}}]
[{"$f":"IF(I599<>\"\",1+MAX($A$6:A598),\"\")","v":451},"S-2.4","S-2.4",null,"CMSTC 16 Strap",{"v":21.3,"d":"21"},{"v":0.1,"d":"10%"},{"$f":"F599*(1+G599)","v":{"v":23.430000000000003,"d":"23"}},"LF",{"v":3.04,"d":"$3.04"},{"$f":"J599*H599","v":{"v":71.22720000000001,"d":"$71.23"}},{"v":4.96,"d":"$4.96"},{"$f":"L599*H599","v":{"v":116.21280000000002,"d":"$116.21"}},{"v":8,"d":"$8.0"},{"$f":"N599*H599","v":{"v":187.44000000000003,"d":"$187"}}]
[{"$f":"IF(I600<>\"\",1+MAX($A$6:A599),\"\")","v":452},"S-2.4","S-2.4",null,"4\"X8\" Blocking @ 10' O.C.",{"v":23.6,"d":"24"},{"v":0.1,"d":"10%"},{"v":25.960000000000004,"d":"26"},"LF",{"v":7.261,"d":"$7.26"},{"$f":"J600*H600","v":{"v":188.49556000000004,"d":"$188.50"}},{"v":6.438999999999999,"d":"$6.44"},{"$f":"L600*H600","v":{"v":167.15644,"d":"$167.16"}},{"v":13.7,"d":"$13.7"},{"v":355.65200000000004,"d":"$356"}]
[{"$f":"IF(I601<>\"\",1+MAX($A$6:A600),\"\")","v":453},"S-2.4","S-2.4",null,"CS14 Strap",{"v":63.44,"d":"63"},{"v":0.1,"d":"10%"},{"v":69.784,"d":"70"},"LF",{"v":2.66,"d":"$2.66"},{"$f":"J601*H601","v":{"v":185.62544000000003,"d":"$185.63"}},{"v":4.34,"d":"$4.34"},{"$f":"L601*H601","v":{"v":302.86256000000003,"d":"$302.86"}},{"v":7,"d":"$7.0"},{"v":488.48800000000006,"d":"$488"}]
[{"$f":"IF(I602<>\"\",1+MAX($A$6:A601),\"\")","v":454},"S-2.4","S-2.4",null,"4\"X8\" Blocking @ 10' O.C.",{"$f":"2200.23/10","v":{"v":220.023,"d":"220"}},{"v":0.1,"d":"10%"},{"$f":"F602*(1+G602)","v":{"v":242.02530000000002,"d":"242"}},"LF",{"v":7.261,"d":"$7.26"},{"$f":"J602*H602","v":{"v":1757.3457033000002,"d":"$1,757.35"}},{"v":6.438999999999999,"d":"$6.44"},{"$f":"L602*H602","v":{"v":1558.4009067,"d":"$1,558.40"}},{"v":13.7,"d":"$13.7"},{"v":3315.74661,"d":"$3,315.7"}]
[{"$f":"IF(I603<>\"\",1+MAX($A$6:A602),\"\")","v":""}]
[{"$f":"IF(I604<>\"\",1+MAX($A$6:A603),\"\")","v":""},{"$nulls":3},"RAILINGS"]
[{"$f":"IF(I605<>\"\",1+MAX($A$6:A604),\"\")","v":455},"S-2.2","S-2.2",null,"1 1/2\" Handrail @ 36\" Max Above Stair Nosing w/ Full Height Tempered Glass Guardrail",{"v":16.22,"d":"16"},{"v":0.1,"d":"10%"},{"$f":"F605*(1+G605)","v":{"v":17.842,"d":"18"}},"LF",{"v":121.6,"d":"$121.6"},{"v":2169.5872,"d":"$2,169.59"},{"v":198.4,"d":"$198.40"},{"v":3539.8527999999997,"d":"$3,539.85"},{"v":320,"d":"$320.0"},{"v":5709.44,"d":"$5,709"}]
[{"$f":"IF(I606<>\"\",1+MAX($A$6:A605),\"\")","v":""}]
[{"$f":"IF(I607<>\"\",1+MAX($A$6:A606),\"\")","v":""},null,null,"DIV. 07","THERMAL & MOISTURE PROTECTION",{"$nulls":10},{"$f":"SUM(O609:O693)","v":{"v":271920.24860000005,"d":"$271,920"}}]
[{"$f":"IF(I608<>\"\",1+MAX($A$6:A607),\"\")","v":""}]
[{"$f":"IF(I609<>\"\",1+MAX($A$6:A608),\"\")","v":""},{"$nulls":3},"LOWER ROOFING"]
[{"$f":"IF(I610<>\"\",1+MAX($A$6:A609),\"\")","v":""}]
[{"$f":"IF(I611<>\"\",1+MAX($A$6:A610),\"\")","v":""},{"$nulls":3},"METAL ROOFING"]
[{"$f":"IF(I612<>\"\",1+MAX($A$6:A611),\"\")","v":456},"A-2.2a","A-2.2a",null,"Standing Seam Metal Roof - Class A (2:12) , Manufacturer: AEP Span, Gauge:22 , Color: Cool Zinc Gray",{"v":2380.2,"d":"2,380"},{"v":0.1,"d":"10%"},{"$f":"F612*(1+G612)","v":{"v":2618.22,"d":"2618"}},"SF",{"v":6.3,"d":"$6.3"},{"$f":"J612*H612","v":{"v":16494.786,"d":"$16,494.79"}},{"v":8.7,"d":"$8.70"},{"$f":"L612*H612","v":{"v":22778.513999999996,"d":"$22,778.51"}},{"v":15,"d":"$15.0"},{"$f":"N612*H612","v":{"v":39273.299999999996,"d":"$39,273"}}]
[{"$f":"IF(I613<>\"\",1+MAX($A$6:A612),\"\")","v":457},"A-2.2a","A-2.2a",null,"#30 Underlayment Felt Paper - 2 Layers",{"$f":"F612*2","v":{"v":4760.4,"d":"4,760"}},{"v":0.1,"d":"10%"},{"v":5236.44,"d":"5236"},"SF",{"v":1.3250000000000002,"d":"$1.3"},{"$f":"J613*H613","v":{"v":6938.283,"d":"$6,938.28"}},{"v":1.1749999999999998,"d":"$1.18"},{"$f":"L613*H613","v":{"v":6152.816999999998,"d":"$6,152.82"}},{"v":2.5,"d":"$2.5"},{"v":13091.099999999999,"d":"$13,091"}]
[{"$f":"IF(I614<>\"\",1+MAX($A$6:A613),\"\")","v":458},"A-2.2a","A-2.2a",null,"(2\"X4\") Roof Curb Around Skylight",{"v":93.01,"d":"93"},{"v":0.1,"d":"10%"},{"v":102.311,"d":"102"},"LF",{"v":10.92,"d":"$10.9"},{"$f":"J614*H614","v":{"v":1117.23612,"d":"$1,117.24"}},{"v":15.079999999999998,"d":"$15.08"},{"$f":"L614*H614","v":{"v":1542.84988,"d":"$1,542.85"}},{"v":26,"d":"$26.0"},{"v":2660.0860000000002,"d":"$2,660"}]
[{"$f":"IF(I615<>\"\",1+MAX($A$6:A614),\"\")","v":""}]
[{"$f":"IF(I616<>\"\",1+MAX($A$6:A615),\"\")","v":459},"A-2.2a","A-2.2a",null,"Plaster Soffit w/ F Channels At Both Ends - 18\" Wide",{"$f":"1.5*224","v":336},{"v":0.1,"d":"10%"},{"$f":"F616*(1+G616)","v":{"v":369.6,"d":"370"}},"SF",{"v":2.12,"d":"$2.1"},{"$f":"J616*H616","v":{"v":783.5520000000001,"d":"$783.55"}},{"v":1.88,"d":"$1.88"},{"$f":"L616*H616","v":{"v":694.848,"d":"$694.85"}},{"v":4,"d":"$4.0"},{"$f":"N616*H616","v":{"v":1478.4,"d":"$1,478"}}]
[{"$f":"IF(I617<>\"\",1+MAX($A$6:A616),\"\")","v":460},"A-2.2a","A-2.2a",null,"16 GA Rake Flashing",{"v":72.91,"d":"73"},{"v":0.1,"d":"10%"},{"$f":"F617*(1+G617)","v":{"v":80.20100000000001,"d":"80"}},"LF",{"v":14.84,"d":"$14.8"},{"$f":"J617*H617","v":{"v":1190.1828400000002,"d":"$1,190.18"}},{"v":13.16,"d":"$13.16"},{"$f":"L617*H617","v":{"v":1055.4451600000002,"d":"$1,055.45"}},{"v":28,"d":"$28.0"},{"$f":"N617*H617","v":{"v":2245.628,"d":"$2,246"}}]
[{"$f":"IF(I618<>\"\",1+MAX($A$6:A617),\"\")","v":461},"A-2.2a","A-2.2a",null,"26 GA Eave Flashing",{"v":151.2,"d":"151"},{"v":0.1,"d":"10%"},{"$f":"F618*(1+G618)","v":{"v":166.32,"d":"166"}},"LF",{"v":10.600000000000001,"d":"$10.6"},{"$f":"J618*H618","v":{"v":1762.9920000000002,"d":"$1,762.99"}},{"v":9.399999999999999,"d":"$9.40"},{"$f":"L618*H618","v":{"v":1563.4079999999997,"d":"$1,563.41"}},{"v":20,"d":"$20.0"},{"$f":"N618*H618","v":{"v":3326.3999999999996,"d":"$3,326"}}]
[{"$f":"IF(I619<>\"\",1+MAX($A$6:A618),\"\")","v":""}]
[{"$f":"IF(I620<>\"\",1+MAX($A$6:A619),\"\")","v":462},"A-2.2a","A-2.2a",null,"Metal Ridge Cap",{"v":36.59,"d":"37"},{"v":0.1,"d":"10%"},{"$f":"F620*(1+G620)","v":{"v":40.24900000000001,"d":"40"}},"LF",{"v":2,"d":"$2.0"},{"$f":"J620*H620","v":{"v":80.49800000000002,"d":"$80.50"}},{"v":5,"d":"$5.00"},{"$f":"L620*H620","v":{"v":201.24500000000006,"d":"$201.25"}},{"v":7,"d":"$7.0"},{"$f":"N620*H620","v":{"v":281.74300000000005,"d":"$282"}}]
[{"$f":"IF(I621<>\"\",1+MAX($A$6:A620),\"\")","v":463},"A-2.2a","A-2.2a",null,"24 GA Ridge Flashing",{"v":36.59,"d":"37"},{"v":0.1,"d":"10%"},{"$f":"F621*(1+G621)","v":{"v":40.24900000000001,"d":"40"}},"LF",{"v":11.66,"d":"$11.7"},{"$f":"J621*H621","v":{"v":469.3033400000001,"d":"$469.30"}},{"v":10.34,"d":"$10.34"},{"$f":"L621*H621","v":{"v":416.1746600000001,"d":"$416.17"}},{"v":22,"d":"$22.0"},{"$f":"N621*H621","v":{"v":885.4780000000002,"d":"$885"}}]
[{"$f":"IF(I622<>\"\",1+MAX($A$6:A621),\"\")","v":""}]
[{"$f":"IF(I623<>\"\",1+MAX($A$6:A622),\"\")","v":464},"A-2.2a","A-2.2a",null,"26 GA GSM Step Flashing",{"v":155.6,"d":"156"},{"v":0.1,"d":"10%"},{"$f":"F623*(1+G623)","v":{"v":171.16,"d":"171"}},"LF",{"v":10.600000000000001,"d":"$10.6"},{"$f":"J623*H623","v":{"v":1814.2960000000003,"d":"$1,814.30"}},{"v":9.399999999999999,"d":"$9.40"},{"$f":"L623*H623","v":{"v":1608.9039999999998,"d":"$1,608.90"}},{"v":20,"d":"$20.0"},{"$f":"N623*H623","v":{"v":3423.2,"d":"$3,423"}}]
[{"$f":"IF(I624<>\"\",1+MAX($A$6:A623),\"\")","v":465},"A-2.2a","A-2.2a",null,"16 GA GSM Apron Flashing",{"v":155.6,"d":"156"},{"v":0.1,"d":"10%"},{"$f":"F624*(1+G624)","v":{"v":171.16,"d":"171"}},"LF",{"v":14.84,"d":"$14.8"},{"v":2540.0144,"d":"$2,540.01"},{"v":13.16,"d":"$13.16"},{"v":2252.4656,"d":"$2,252.47"},{"v":28,"d":"$28.0"},{"$f":"N624*H624","v":{"v":4792.48,"d":"$4,792"}}]
[{"$f":"IF(I625<>\"\",1+MAX($A$6:A624),\"\")","v":466},"A-2.2a","A-2.2a",null,"16 GA GSM Thru Wall \"Z\" Bar Counter Flashing",{"v":155.6,"d":"156"},{"v":0.1,"d":"10%"},{"v":171.16,"d":"171"},"LF",{"v":14.84,"d":"$14.8"},{"$f":"J625*H625","v":{"v":2540.0144,"d":"$2,540.01"}},{"v":13.16,"d":"$13.16"},{"$f":"L625*H625","v":{"v":2252.4656,"d":"$2,252.47"}},{"v":28,"d":"$28.0"},{"v":4792.48,"d":"$4,792"}]
[{"$f":"IF(I626<>\"\",1+MAX($A$6:A625),\"\")","v":467},"A-2.2a","A-2.2a",null,"24 GA Ridge Flashing",{"v":155.6,"d":"156"},{"v":0.1,"d":"10%"},{"$f":"F626*(1+G626)","v":{"v":171.16,"d":"171"}},"LF",{"v":11.66,"d":"$11.7"},{"$f":"J626*H626","v":{"v":1995.7256,"d":"$1,995.73"}},{"v":10.34,"d":"$10.34"},{"$f":"L626*H626","v":{"v":1769.7944,"d":"$1,769.79"}},{"v":22,"d":"$22.0"},{"$f":"N626*H626","v":{"v":3765.52,"d":"$3,766"}}]
[{"$f":"IF(I627<>\"\",1+MAX($A$6:A626),\"\")","v":""}]
[{"$f":"IF(I628<>\"\",1+MAX($A$6:A627),\"\")","v":468},"A-2.2a","A-2.2a",null,"Flashing Around Roof Opening",{"v":25.35,"d":"25"},{"v":0.1,"d":"10%"},{"$f":"F628*(1+G628)","v":{"v":27.885000000000005,"d":"28"}},"LF",{"v":11.66,"d":"$11.7"},{"$f":"J628*H628","v":{"v":325.13910000000004,"d":"$325.14"}},{"v":10.34,"d":"$10.34"},{"$f":"L628*H628","v":{"v":288.33090000000004,"d":"$288.33"}},{"v":22,"d":"$22.0"},{"$f":"N628*H628","v":{"v":613.4700000000001,"d":"$613"}}]
[{"$f":"IF(I629<>\"\",1+MAX($A$6:A628),\"\")","v":469},"A-2.2a","A-2.2a",null,"Flashing Around Chimney",{"v":17.57,"d":"18"},{"v":0.1,"d":"10%"},{"$f":"F629*(1+G629)","v":{"v":19.327,"d":"19"}},"LF",{"v":11.66,"d":"$11.7"},{"v":225.35282000000004,"d":"$225.35"},{"v":10.34,"d":"$10.34"},{"v":199.84118,"d":"$199.84"},{"v":22,"d":"$22.0"},{"$f":"N629*H629","v":{"v":425.194,"d":"$425"}}]
[{"$f":"IF(I630<>\"\",1+MAX($A$6:A629),\"\")","v":""}]
[{"$f":"IF(I631<>\"\",1+MAX($A$6:A630),\"\")","v":470},"A-2.2a","A-2.2a",null,"22 GA GSM Concealed Gutter",{"v":152.22,"d":"152"},{"v":0.1,"d":"10%"},{"$f":"F631*(1+G631)","v":{"v":167.442,"d":"167"}},"LF",{"v":11.66,"d":"$11.7"},{"$f":"J631*H631","v":{"v":1952.37372,"d":"$1,952.37"}},{"v":10.34,"d":"$10.34"},{"$f":"L631*H631","v":{"v":1731.35028,"d":"$1,731.35"}},{"v":22,"d":"$22.0"},{"$f":"N631*H631","v":{"v":3683.724,"d":"$3,684"}}]
[{"$f":"IF(I632<>\"\",1+MAX($A$6:A631),\"\")","v":471},"A-2.2a","A-2.2a",null,"(2\"X3\") Rectangular GSM Downspout",{"$f":"7*12","v":84},{"v":0.1,"d":"10%"},{"$f":"F632*(1+G632)","v":{"v":92.4,"d":"92"}},"LF",{"v":9.01,"d":"$9.0"},{"v":832.524,"d":"$832.52"},{"v":7.989999999999999,"d":"$7.99"},{"v":738.276,"d":"$738.28"},{"v":17,"d":"$17.0"},{"$f":"N632*H632","v":{"v":1570.8000000000002,"d":"$1,571"}}]
[{"$f":"IF(I633<>\"\",1+MAX($A$6:A632),\"\")","v":472},"A-2.2a","A-2.2a",null,"Gutter Strap @ 3'O.C.",{"$f":"F631/3","v":{"v":50.74,"d":"51"}},{"v":0.1,"d":"10%"},{"v":55.81400000000001,"d":"56"},"EA",{"v":23.85,"d":"$23.9"},{"$f":"J633*H633","v":{"v":1331.1639000000002,"d":"$1,331.16"}},{"v":21.15,"d":"$21.15"},{"$f":"L633*H633","v":{"v":1180.4661,"d":"$1,180.47"}},{"v":45,"d":"$45.0"},{"v":2511.63,"d":"$2,512"}]
[{"$f":"IF(I634<>\"\",1+MAX($A$6:A633),\"\")","v":""}]
[{"$f":"IF(I635<>\"\",1+MAX($A$6:A634),\"\")","v":473},"A-2.2a","A-2.2a",null,"Soffit Strip Vent",{"v":167.48,"d":"167"},{"v":0.1,"d":"10%"},{"$f":"F635*(1+G635)","v":{"v":184.228,"d":"184"}},"LF",{"v":6.36,"d":"$6.4"},{"$f":"J635*H635","v":{"v":1171.69008,"d":"$1,171.69"}},{"v":5.64,"d":"$5.64"},{"$f":"L635*H635","v":{"v":1039.04592,"d":"$1,039.05"}},{"v":12,"d":"$12.0"},{"$f":"N635*H635","v":{"v":2210.736,"d":"$2,211"}}]
[{"$f":"IF(I636<>\"\",1+MAX($A$6:A635),\"\")","v":474},"A-2.2a","A-2.2a",null,"3\" Soffit Strip Vent",{"v":76.1,"d":"76"},{"v":0.1,"d":"10%"},{"$f":"F636*(1+G636)","v":{"v":83.71,"d":"84"}},"LF",{"v":6.36,"d":"$6.4"},{"v":532.3956,"d":"$532.40"},{"v":5.64,"d":"$5.64"},{"v":472.1243999999999,"d":"$472.12"},{"v":12,"d":"$12.0"},{"$f":"N636*H636","v":{"v":1004.52,"d":"$1,005"}}]
[{"$f":"IF(I637<>\"\",1+MAX($A$6:A636),\"\")","v":""}]
[{"$f":"IF(I638<>\"\",1+MAX($A$6:A637),\"\")","v":""},{"$nulls":3},"SINGLE PLY ROOFING"]
[{"$f":"IF(I639<>\"\",1+MAX($A$6:A638),\"\")","v":475},"A-2.2a","A-2.2a",null,"Single Ply Roofing, Minimum Class \"A\" , Manufacturer : GAF, Style : Fully Adhered Ever guard",{"v":389.38,"d":"389"},{"v":0.1,"d":"10%"},{"$f":"F639*(1+G639)","v":{"v":428.31800000000004,"d":"428"}},"SF",{"v":3.975,"d":"$4.0"},{"$f":"J639*H639","v":{"v":1702.5640500000002,"d":"$1,702.56"}},{"v":3.525,"d":"$3.53"},{"$f":"L639*H639","v":{"v":1509.82095,"d":"$1,509.82"}},{"v":7.5,"d":"$7.5"},{"$f":"N639*H639","v":{"v":3212.385,"d":"$3,212"}}]
[{"$f":"IF(I640<>\"\",1+MAX($A$6:A639),\"\")","v":476},"A-2.2a","A-2.2a",null,"60 MIL TPO Roofing Membrane",{"$f":"F639","v":{"v":389.38,"d":"389"}},{"v":0.1,"d":"10%"},{"v":428.31800000000004,"d":"428"},"SF",{"v":1.59,"d":"$1.6"},{"$f":"J640*H640","v":{"v":681.0256200000001,"d":"$681.03"}},{"v":1.41,"d":"$1.41"},{"$f":"L640*H640","v":{"v":603.9283800000001,"d":"$603.93"}},{"v":3,"d":"$3.0"},{"v":1284.9540000000002,"d":"$1,285"}]
[{"$f":"IF(I641<>\"\",1+MAX($A$6:A640),\"\")","v":477},"A-2.2a","A-2.2a",null,"1/2\" High Density Polyiso Board",{"$f":"F639","v":{"v":389.38,"d":"389"}},{"v":0.1,"d":"10%"},{"v":428.31800000000004,"d":"428"},"SF",{"v":2.6500000000000004,"d":"$2.7"},{"$f":"J641*H641","v":{"v":1135.0427000000002,"d":"$1,135.04"}},{"v":2.3499999999999996,"d":"$2.35"},{"$f":"L641*H641","v":{"v":1006.5473,"d":"$1,006.55"}},{"v":5,"d":"$5.0"},{"v":2141.59,"d":"$2,142"}]
[{"$f":"IF(I642<>\"\",1+MAX($A$6:A641),\"\")","v":478},"A-2.2a","A-2.2a",null,"Install River Washed Round Stone Ballast",{"$f":"F639","v":{"v":389.38,"d":"389"}},{"v":0.1,"d":"10%"},{"v":428.31800000000004,"d":"428"},"SF",{"v":1.06,"d":"$1.1"},{"$f":"J642*H642","v":{"v":454.0170800000001,"d":"$454.02"}},{"v":0.94,"d":"$0.94"},{"$f":"L642*H642","v":{"v":402.61892,"d":"$402.62"}},{"v":2,"d":"$2.0"},{"v":856.6360000000001,"d":"$857"}]
[{"$f":"IF(I643<>\"\",1+MAX($A$6:A642),\"\")","v":""}]
[{"$f":"IF(I644<>\"\",1+MAX($A$6:A643),\"\")","v":479},"A-2.2a","A-2.2a",null,"Primary Roof Drain",1,{"v":0,"d":"0%"},{"$f":"F644*(1+G644)","v":1},"EA",{"v":63,"d":"$63.0"},{"$f":"J644*H644","v":{"v":63,"d":"$63.00"}},{"v":150,"d":"$150.00"},{"$f":"L644*H644","v":{"v":150,"d":"$150.00"}},{"v":213,"d":"$213.0"},{"$f":"N644*H644","v":{"v":213,"d":"$213"}}]
[{"$f":"IF(I645<>\"\",1+MAX($A$6:A644),\"\")","v":480},"A-2.2a","A-2.2a",null,"Overflow Drain",1,{"v":0,"d":"0%"},{"$f":"F645*(1+G645)","v":1},"EA",{"v":75.6,"d":"$75.6"},{"$f":"J645*H645","v":{"v":75.6,"d":"$75.60"}},{"v":180,"d":"$180.00"},{"$f":"L645*H645","v":{"v":180,"d":"$180.00"}},{"v":255.6,"d":"$255.6"},{"$f":"N645*H645","v":{"v":255.6,"d":"$256"}}]
[{"$f":"IF(I646<>\"\",1+MAX($A$6:A645),\"\")","v":481},"A-2.2a","A-2.2a",null,"Built Up Roofing Cap Sheet . Size: (4'X4')",1,{"v":0,"d":"0%"},1,"EA",{"v":32,"d":"$32.0"},{"$f":"J646*H646","v":{"v":32,"d":"$32.00"}},{"v":100,"d":"$100.00"},{"$f":"L646*H646","v":{"v":100,"d":"$100.00"}},{"v":132,"d":"$132.0"},{"v":132,"d":"$132"}]
[{"$f":"IF(I647<>\"\",1+MAX($A$6:A646),\"\")","v":""}]
[{"$f":"IF(I648<>\"\",1+MAX($A$6:A647),\"\")","v":482},"A-2.2a","A-2.2a",null,"Parapet Flashing",{"v":108.53,"d":"109"},{"v":0.1,"d":"10%"},{"$f":"F648*(1+G648)","v":{"v":119.38300000000001,"d":"119"}},"LF",{"v":11.66,"d":"$11.7"},{"$f":"J648*H648","v":{"v":1392.0057800000002,"d":"$1,392.01"}},{"v":10.34,"d":"$10.34"},{"$f":"L648*H648","v":{"v":1234.42022,"d":"$1,234.42"}},{"v":22,"d":"$22.0"},{"$f":"N648*H648","v":{"v":2626.4260000000004,"d":"$2,626"}}]
[{"$f":"IF(I649<>\"\",1+MAX($A$6:A648),\"\")","v":483},"A-2.2a","A-2.2a",null,"Ice & Water Shield",{"$f":"108.53*3","v":{"v":325.59000000000003,"d":"326"}},{"v":0.1,"d":"10%"},{"$f":"F649*(1+G649)","v":{"v":358.14900000000006,"d":"358"}},"SF",{"v":3.4799999999999995,"d":"$3.5"},{"$f":"J649*H649","v":{"v":1246.35852,"d":"$1,246.36"}},{"v":2.52,"d":"$2.52"},{"$f":"L649*H649","v":{"v":902.5354800000001,"d":"$902.54"}},{"v":6,"d":"$6.0"},{"$f":"N649*H649","v":{"v":2148.8940000000002,"d":"$2,149"}}]
[{"$f":"IF(I650<>\"\",1+MAX($A$6:A649),\"\")","v":484},"A-2.2a","A-2.2a",null,"TEK Parapet Screed",{"v":108.53,"d":"109"},{"v":0.1,"d":"10%"},{"v":119.38300000000001,"d":"119"},"LF",{"v":3.4799999999999995,"d":"$3.5"},{"$f":"J650*H650","v":{"v":415.45284,"d":"$415.45"}},{"v":2.52,"d":"$2.52"},{"v":300.84516,"d":"$300.85"},{"v":6,"d":"$6.0"},{"v":716.298,"d":"$716"}]
[{"$f":"IF(I651<>\"\",1+MAX($A$6:A650),\"\")","v":""}]
[{"$f":"IF(I652<>\"\",1+MAX($A$6:A651),\"\")","v":""},{"$nulls":3},"UPPER ROOFING"]
[{"$f":"IF(I653<>\"\",1+MAX($A$6:A652),\"\")","v":""}]
[{"$f":"IF(I654<>\"\",1+MAX($A$6:A653),\"\")","v":""},{"$nulls":3},"METAL ROOFING"]
[{"$f":"IF(I655<>\"\",1+MAX($A$6:A654),\"\")","v":485},"A-2.2b","A-2.2b",null,"Standing Seam Metal Roof - Class A (2:12) , Manufacturer: AEP Span, Gauge:22 , Color: Cool Zinc Gray",{"$f":"1.014*2169.85","v":{"v":2200.2279,"d":"2,200"}},{"v":0.1,"d":"10%"},{"$f":"F655*(1+G655)","v":{"v":2420.25069,"d":"2420"}},"SF",{"v":6.3,"d":"$6.3"},{"$f":"J655*H655","v":{"v":15247.579346999999,"d":"$15,247.58"}},{"v":8.7,"d":"$8.70"},{"$f":"L655*H655","v":{"v":21056.181002999998,"d":"$21,056.18"}},{"v":15,"d":"$15.0"},{"$f":"N655*H655","v":{"v":36303.76035,"d":"$36,304"}}]
[{"$f":"IF(I656<>\"\",1+MAX($A$6:A655),\"\")","v":486},"A-2.2b","A-2.2b",null,"#30 Underlayment Felt Paper - 2 Layers",{"$f":"F655*2","v":{"v":4400.4558,"d":"4,400"}},{"v":0.1,"d":"10%"},{"v":4840.50138,"d":"4841"},"SF",{"v":1.3250000000000002,"d":"$1.3"},{"$f":"J656*H656","v":{"v":6413.6643285,"d":"$6,413.66"}},{"v":1.1749999999999998,"d":"$1.18"},{"$f":"L656*H656","v":{"v":5687.589121499999,"d":"$5,687.59"}},{"v":2.5,"d":"$2.5"},{"v":12101.25345,"d":"$12,101"}]
[{"$f":"IF(I657<>\"\",1+MAX($A$6:A656),\"\")","v":""}]
[{"$f":"IF(I658<>\"\",1+MAX($A$6:A657),\"\")","v":487},"A-2.2b","A-2.2b",null,"Plaster Soffit w/ F Channels At Both Ends - 18\" Wide",{"$f":"1.5*177.02","v":{"v":265.53000000000003,"d":"266"}},{"v":0.1,"d":"10%"},{"$f":"F658*(1+G658)","v":{"v":292.0830000000001,"d":"292"}},"SF",{"v":2.12,"d":"$2.1"},{"$f":"J658*H658","v":{"v":619.2159600000002,"d":"$619.22"}},{"v":1.88,"d":"$1.88"},{"$f":"L658*H658","v":{"v":549.1160400000001,"d":"$549.12"}},{"v":4,"d":"$4.0"},{"$f":"N658*H658","v":{"v":1168.3320000000003,"d":"$1,168"}}]
[{"$f":"IF(I659<>\"\",1+MAX($A$6:A658),\"\")","v":488},"A-2.2b","A-2.2b",null,"16 GA Rake Flashing",{"v":127.46,"d":"127"},{"v":0.1,"d":"10%"},{"$f":"F659*(1+G659)","v":{"v":140.20600000000002,"d":"140"}},"LF",{"v":14.84,"d":"$14.8"},{"$f":"J659*H659","v":{"v":2080.65704,"d":"$2,080.66"}},{"v":13.16,"d":"$13.16"},{"$f":"L659*H659","v":{"v":1845.1109600000002,"d":"$1,845.11"}},{"v":28,"d":"$28.0"},{"$f":"N659*H659","v":{"v":3925.7680000000005,"d":"$3,926"}}]
[{"$f":"IF(I660<>\"\",1+MAX($A$6:A659),\"\")","v":489},"A-2.2b","A-2.2b",null,"26 GA Eave Flashing",{"v":49.56,"d":"50"},{"v":0.1,"d":"10%"},{"$f":"F660*(1+G660)","v":{"v":54.516000000000005,"d":"55"}},"LF",{"v":10.600000000000001,"d":"$10.6"},{"$f":"J660*H660","v":{"v":577.8696000000001,"d":"$577.87"}},{"v":9.399999999999999,"d":"$9.40"},{"$f":"L660*H660","v":{"v":512.4504,"d":"$512.45"}},{"v":20,"d":"$20.0"},{"$f":"N660*H660","v":{"v":1090.3200000000002,"d":"$1,090"}}]
[{"$f":"IF(I661<>\"\",1+MAX($A$6:A660),\"\")","v":""}]
[{"$f":"IF(I662<>\"\",1+MAX($A$6:A661),\"\")","v":490},"A-2.2b","A-2.2b",null,"Metal Ridge Cap",{"v":86.22,"d":"86"},{"v":0.1,"d":"10%"},{"$f":"F662*(1+G662)","v":{"v":94.84200000000001,"d":"95"}},"LF",{"v":2,"d":"$2.0"},{"$f":"J662*H662","v":{"v":189.68400000000003,"d":"$189.68"}},{"v":5,"d":"$5.00"},{"$f":"L662*H662","v":{"v":474.21000000000004,"d":"$474.21"}},{"v":7,"d":"$7.0"},{"$f":"N662*H662","v":{"v":663.8940000000001,"d":"$664"}}]
[{"$f":"IF(I663<>\"\",1+MAX($A$6:A662),\"\")","v":491},"A-2.2b","A-2.2b",null,"24 GA Ridge Flashing",{"$f":"F662","v":{"v":86.22,"d":"86"}},{"v":0.1,"d":"10%"},{"$f":"F663*(1+G663)","v":{"v":94.84200000000001,"d":"95"}},"LF",{"v":11.66,"d":"$11.7"},{"$f":"J663*H663","v":{"v":1105.8577200000002,"d":"$1,105.86"}},{"v":10.34,"d":"$10.34"},{"$f":"L663*H663","v":{"v":980.6662800000001,"d":"$980.67"}},{"v":22,"d":"$22.0"},{"$f":"N663*H663","v":{"v":2086.5240000000003,"d":"$2,087"}}]
[{"$f":"IF(I664<>\"\",1+MAX($A$6:A663),\"\")","v":492},"A-2.2b","A-2.2b",null,"24 GA Valley Flashing",{"v":58.43,"d":"58"},{"v":0.1,"d":"10%"},{"$f":"F664*(1+G664)","v":{"v":64.27300000000001,"d":"64"}},"LF",{"v":11.66,"d":"$11.7"},{"v":749.4231800000001,"d":"$749.42"},{"v":10.34,"d":"$10.34"},{"v":664.5828200000001,"d":"$664.58"},{"v":22,"d":"$22.0"},{"$f":"N664*H664","v":{"v":1414.0060000000003,"d":"$1,414"}}]
[{"$f":"IF(I665<>\"\",1+MAX($A$6:A664),\"\")","v":""}]
[{"$f":"IF(I666<>\"\",1+MAX($A$6:A665),\"\")","v":493},"A-2.2b","A-2.2b",null,"26 GA GSM Step Flashing",{"v":155.6,"d":"156"},{"v":0.1,"d":"10%"},{"$f":"F666*(1+G666)","v":{"v":171.16,"d":"171"}},"LF",{"v":10.600000000000001,"d":"$10.6"},{"$f":"J666*H666","v":{"v":1814.2960000000003,"d":"$1,814.30"}},{"v":9.399999999999999,"d":"$9.40"},{"$f":"L666*H666","v":{"v":1608.9039999999998,"d":"$1,608.90"}},{"v":20,"d":"$20.0"},{"$f":"N666*H666","v":{"v":3423.2,"d":"$3,423"}}]
[{"$f":"IF(I667<>\"\",1+MAX($A$6:A666),\"\")","v":494},"A-2.2b","A-2.2b",null,"16 GA GSM Apron Flashing",{"v":155.6,"d":"156"},{"v":0.1,"d":"10%"},{"$f":"F667*(1+G667)","v":{"v":171.16,"d":"171"}},"LF",{"v":14.84,"d":"$14.8"},{"v":2540.0144,"d":"$2,540.01"},{"v":13.16,"d":"$13.16"},{"v":2252.4656,"d":"$2,252.47"},{"v":28,"d":"$28.0"},{"$f":"N667*H667","v":{"v":4792.48,"d":"$4,792"}}]
[{"$f":"IF(I668<>\"\",1+MAX($A$6:A667),\"\")","v":495},"A-2.2b","A-2.2b",null,"16 GA GSM Thru Wall \"Z\" Bar Counter Flashing",{"v":155.6,"d":"156"},{"v":0.1,"d":"10%"},{"v":171.16,"d":"171"},"LF",{"v":14.84,"d":"$14.8"},{"$f":"J668*H668","v":{"v":2540.0144,"d":"$2,540.01"}},{"v":13.16,"d":"$13.16"},{"$f":"L668*H668","v":{"v":2252.4656,"d":"$2,252.47"}},{"v":28,"d":"$28.0"},{"v":4792.48,"d":"$4,792"}]
[{"$f":"IF(I669<>\"\",1+MAX($A$6:A668),\"\")","v":496},"A-2.2b","A-2.2b",null,"24 GA Ridge Flashing",{"v":155.6,"d":"156"},{"v":0.1,"d":"10%"},{"$f":"F669*(1+G669)","v":{"v":171.16,"d":"171"}},"LF",{"v":11.66,"d":"$11.7"},{"v":1995.7256,"d":"$1,995.73"},{"v":10.34,"d":"$10.34"},{"v":1769.7944,"d":"$1,769.79"},{"v":22,"d":"$22.0"},{"$f":"N669*H669","v":{"v":3765.52,"d":"$3,766"}}]
[{"$f":"IF(I670<>\"\",1+MAX($A$6:A669),\"\")","v":""}]
[{"$f":"IF(I671<>\"\",1+MAX($A$6:A670),\"\")","v":497},"A-2.2b","A-2.2b",null,"Flashing Around Chimney",{"v":22.29,"d":"22"},{"v":0.1,"d":"10%"},{"$f":"F671*(1+G671)","v":{"v":24.519000000000002,"d":"25"}},"LF",{"v":11.66,"d":"$11.7"},{"$f":"J671*H671","v":{"v":285.89154,"d":"$285.89"}},{"v":10.34,"d":"$10.34"},{"$f":"L671*H671","v":{"v":253.52646000000001,"d":"$253.53"}},{"v":22,"d":"$22.0"},{"$f":"N671*H671","v":{"v":539.418,"d":"$539"}}]
[{"$f":"IF(I672<>\"\",1+MAX($A$6:A671),\"\")","v":""}]
[{"$f":"IF(I673<>\"\",1+MAX($A$6:A672),\"\")","v":498},"A-2.2b","A-2.2b",null,"22 GA GSM Concealed Gutter",{"v":52.12,"d":"52"},{"v":0.1,"d":"10%"},{"$f":"F673*(1+G673)","v":{"v":57.332,"d":"57"}},"LF",{"v":11.66,"d":"$11.7"},{"$f":"J673*H673","v":{"v":668.49112,"d":"$668.49"}},{"v":10.34,"d":"$10.34"},{"$f":"L673*H673","v":{"v":592.81288,"d":"$592.81"}},{"v":22,"d":"$22.0"},{"$f":"N673*H673","v":{"v":1261.304,"d":"$1,261"}}]
[{"$f":"IF(I674<>\"\",1+MAX($A$6:A673),\"\")","v":499},"A-2.2b","A-2.2b",null,"(2\"X3\") Rectangular GSM Downspout",45,{"v":0.1,"d":"10%"},{"v":49.50000000000001,"d":"50"},"LF",{"v":9.01,"d":"$9.0"},{"v":445.99500000000006,"d":"$446.00"},{"v":7.989999999999999,"d":"$7.99"},{"v":395.505,"d":"$395.51"},{"v":17,"d":"$17.0"},{"v":841.5000000000001,"d":"$842"}]
[{"$f":"IF(I675<>\"\",1+MAX($A$6:A674),\"\")","v":500},"A-2.2b","A-2.2b",null,"Gutter Strap @ 3'O.C.",{"$f":"F673/3","v":{"v":17.37333333333333,"d":"17"}},{"v":0.1,"d":"10%"},{"v":19.110666666666667,"d":"19"},"EA",{"v":23.85,"d":"$23.9"},{"$f":"J675*H675","v":{"v":455.78940000000006,"d":"$455.79"}},{"v":21.15,"d":"$21.15"},{"$f":"L675*H675","v":{"v":404.19059999999996,"d":"$404.19"}},{"v":45,"d":"$45.0"},{"v":859.98,"d":"$860"}]
[{"$f":"IF(I676<>\"\",1+MAX($A$6:A675),\"\")","v":501},"A-2.2b","A-2.2b",null,"Rain Chain",1,{"v":0.1,"d":"10%"},{"$f":"F676*(1+G676)","v":{"v":1.1,"d":"1"}},"EA",{"v":63.86,"d":"$63.9"},{"v":70.24600000000001,"d":"$70.25"},{"v":103,"d":"$103.00"},{"v":113.30000000000001,"d":"$113.30"},{"v":166.86,"d":"$166.9"},{"$f":"N676*H676","v":{"v":183.54600000000002,"d":"$184"}}]
[{"$f":"IF(I677<>\"\",1+MAX($A$6:A676),\"\")","v":""}]
[{"$f":"IF(I678<>\"\",1+MAX($A$6:A677),\"\")","v":502},"A-2.2b","A-2.2b",null,"Soffit Strip Vent",{"v":263.21,"d":"263"},{"v":0.1,"d":"10%"},{"$f":"F678*(1+G678)","v":{"v":289.531,"d":"290"}},"LF",{"v":6.36,"d":"$6.4"},{"$f":"J678*H678","v":{"v":1841.4171600000002,"d":"$1,841.42"}},{"v":5.64,"d":"$5.64"},{"$f":"L678*H678","v":{"v":1632.9548399999999,"d":"$1,632.95"}},{"v":12,"d":"$12.0"},{"$f":"N678*H678","v":{"v":3474.3720000000003,"d":"$3,474"}}]
[{"$f":"IF(I679<>\"\",1+MAX($A$6:A678),\"\")","v":""}]
[{"$f":"IF(I680<>\"\",1+MAX($A$6:A679),\"\")","v":""},{"$nulls":3},"INSULATION / WATERPROOFING"]
[{"$f":"IF(I681<>\"\",1+MAX($A$6:A680),\"\")","v":503},"W8.1","7/W8.1",null,"Pre-Applied Waterproofing Below Mat Slab",{"v":2324.47,"d":"2,324"},{"v":0.1,"d":"10%"},{"$f":"F681*(1+G681)","v":{"v":2556.917,"d":"2557"}},"SF",{"v":3.1,"d":"$3.1"},{"$f":"J681*H681","v":{"v":7926.4427,"d":"$7,926.44"}},{"v":1.9,"d":"$1.90"},{"$f":"L681*H681","v":{"v":4858.1422999999995,"d":"$4,858.14"}},{"v":5,"d":"$5.0"},{"$f":"N681*H681","v":{"v":12784.585,"d":"$12,785"}}]
[{"$f":"IF(I682<>\"\",1+MAX($A$6:A681),\"\")","v":504},"W8.1","7/W8.1",null,"Post-Applied Waterproofing At Retaining Wall - 2 Layers",{"$f":"204.83*10*2","v":{"v":4096.6,"d":"4,097"}},{"v":0.1,"d":"10%"},{"$f":"F682*(1+G682)","v":{"v":4506.260000000001,"d":"4506"}},"SF",{"v":3.1,"d":"$3.1"},{"v":13969.406000000004,"d":"$13,969.41"},{"v":1.9,"d":"$1.90"},{"v":8561.894000000002,"d":"$8,561.89"},{"v":5,"d":"$5.0"},{"$f":"N682*H682","v":{"v":22531.300000000007,"d":"$22,531"}}]
[{"$f":"IF(I683<>\"\",1+MAX($A$6:A682),\"\")","v":505},"W8.1","7/W8.1",null,"Protection Board At Retaining Wall ",{"$f":"F682/2","v":{"v":2048.3,"d":"2,048"}},{"v":0.1,"d":"10%"},{"$f":"F683*(1+G683)","v":{"v":2253.1300000000006,"d":"2253"}},"SF",{"v":2.72,"d":"$2.7"},{"$f":"J683*H683","v":{"v":6128.513600000002,"d":"$6,128.51"}},{"v":1.28,"d":"$1.28"},{"$f":"L683*H683","v":{"v":2884.0064000000007,"d":"$2,884.01"}},{"v":4,"d":"$4.0"},{"$f":"N683*H683","v":{"v":9012.520000000002,"d":"$9,013"}}]
[{"$f":"IF(I684<>\"\",1+MAX($A$6:A683),\"\")","v":506},"W8.1","7/W8.1",null,"Liquid Membrane At Retaining Wall ",{"$f":"F683","v":{"v":2048.3,"d":"2,048"}},{"v":0.1,"d":"10%"},{"$f":"F684*(1+G684)","v":{"v":2253.1300000000006,"d":"2253"}},"SF",{"v":3.1,"d":"$3.1"},{"v":6984.703000000002,"d":"$6,984.70"},{"v":1.9,"d":"$1.90"},{"v":4280.947000000001,"d":"$4,280.95"},{"v":5,"d":"$5.0"},{"$f":"N684*H684","v":{"v":11265.650000000003,"d":"$11,266"}}]
[{"$f":"IF(I685<>\"\",1+MAX($A$6:A684),\"\")","v":""}]
[{"$f":"IF(I686<>\"\",1+MAX($A$6:A685),\"\")","v":507},"S-2.2","S-3.2",null,"10 MIL Vapor Barrier At Slab On Grade",{"v":771.46,"d":"771"},{"v":0.1,"d":"10%"},{"$f":"F686*(1+G686)","v":{"v":848.6060000000001,"d":"849"}},"SF",{"v":1.116,"d":"$1.1"},{"$f":"J686*H686","v":{"v":947.0442960000003,"d":"$947.04"}},{"v":0.684,"d":"$0.68"},{"$f":"L686*H686","v":{"v":580.4465040000001,"d":"$580.45"}},{"v":1.8,"d":"$1.8"},{"$f":"N686*H686","v":{"v":1527.4908000000003,"d":"$1,527"}}]
[{"$f":"IF(I687<>\"\",1+MAX($A$6:A686),\"\")","v":508},"S-2.2","A-5",null,"Class I Vapor Barrier At Rat Slab",559,{"v":0.1,"d":"10%"},{"$f":"F687*(1+G687)","v":{"v":614.9000000000001,"d":"615"}},"SF",{"v":1.0664,"d":"$1.1"},{"$f":"J687*H687","v":{"v":655.7293600000002,"d":"$655.73"}},{"v":0.6536,"d":"$0.65"},{"$f":"L687*H687","v":{"v":401.89864000000006,"d":"$401.90"}},{"v":1.72,"d":"$1.7"},{"$f":"N687*H687","v":{"v":1057.6280000000002,"d":"$1,058"}}]
[{"$f":"IF(I688<>\"\",1+MAX($A$6:A687),\"\")","v":""}]
[{"$f":"IF(I689<>\"\",1+MAX($A$6:A688),\"\")","v":509},"A-2.2a , A-2.2b","A-2.2a , A-2.2b",null,"R-38 Batt Insulation At Roof",{"v":4970,"d":"4,970"},{"v":0.1,"d":"10%"},{"$f":"F689*(1+G689)","v":5467},"SF",{"v":1.643,"d":"$1.6"},{"$f":"J689*H689","v":{"v":8982.281,"d":"$8,982.28"}},{"v":1.007,"d":"$1.01"},{"$f":"L689*H689","v":{"v":5505.268999999999,"d":"$5,505.27"}},{"v":2.65,"d":"$2.65"},{"$f":"N689*H689","v":{"v":14487.55,"d":"$14,488"}}]
[{"$f":"IF(I690<>\"\",1+MAX($A$6:A689),\"\")","v":510},"A-2.2a , A-2.2b","A-2.2a , A-2.2b",null,"R-38 Batt Insulation At Attic",{"v":1361,"d":"1,361"},{"v":0.1,"d":"10%"},{"$f":"F690*(1+G690)","v":{"v":1497.1000000000001,"d":"1497"}},"SF",{"v":1.643,"d":"$1.6"},{"$f":"J690*H690","v":{"v":2459.7353000000003,"d":"$2,459.74"}},{"v":1.007,"d":"$1.01"},{"$f":"L690*H690","v":{"v":1507.5797,"d":"$1,507.58"}},{"v":2.65,"d":"$2.65"},{"$f":"N690*H690","v":{"v":3967.315,"d":"$3,967"}}]
[{"$f":"IF(I691<>\"\",1+MAX($A$6:A690),\"\")","v":511},"S-2.2","S-2.2",null,"R-19 Batt Insulation @ Crawl Space",{"v":2674,"d":"2,674"},{"v":0.1,"d":"10%"},{"v":2941.4,"d":"2941"},"SF",{"v":0.8370000000000001,"d":"$0.8"},{"$f":"J691*H691","v":{"v":2461.9518000000003,"d":"$2,461.95"}},{"v":0.513,"d":"$0.51"},{"$f":"L691*H691","v":{"v":1508.9382,"d":"$1,508.94"}},{"v":1.35,"d":"$1.35"},{"v":3970.8900000000003,"d":"$3,971"}]
[{"$f":"IF(I692<>\"\",1+MAX($A$6:A691),\"\")","v":512},{"$nulls":3},"Joint Sealant w/ Backer Rod At Windows",{"v":435.47,"d":"435"},{"v":0.1,"d":"10%"},{"v":479.01700000000005,"d":"479"},"LF",{"v":4.0200000000000005,"d":"$4.0"},{"$f":"J692*H692","v":{"v":1925.6483400000004,"d":"$1,925.65"}},{"v":1.98,"d":"$1.98"},{"$f":"L692*H692","v":{"v":948.4536600000001,"d":"$948.45"}},{"v":6,"d":"$6.0"},{"v":2874.1020000000003,"d":"$2,874"}]
[{"$f":"IF(I693<>\"\",1+MAX($A$6:A692),\"\")","v":513},{"$nulls":3},"Joint Sealant w/ Backer Rod At Doors",{"v":19.68,"d":"20"},{"v":0.1,"d":"10%"},{"v":21.648,"d":"22"},"LF",{"v":4.0200000000000005,"d":"$4.0"},{"$f":"J693*H693","v":{"v":87.02496000000001,"d":"$87.02"}},{"v":1.98,"d":"$1.98"},{"$f":"L693*H693","v":{"v":42.86304,"d":"$42.86"}},{"v":6,"d":"$6.0"},{"v":129.888,"d":"$130"}]
[{"$f":"IF(I694<>\"\",1+MAX($A$6:A693),\"\")","v":""}]
[{"$f":"IF(I695<>\"\",1+MAX($A$6:A694),\"\")","v":""},null,null,"DIV. 08","OPENINGS",{"$nulls":10},{"$f":"SUM(O702:O811)","v":{"v":148187.0302200001,"d":"$148,187"}}]
[{"$f":"IF(I696<>\"\",1+MAX($A$6:A695),\"\")","v":""}]
[{"$f":"IF(I697<>\"\",1+MAX($A$6:A696),\"\")","v":""},{"$nulls":3},"OPENINGS"]
[{"$f":"IF(I698<>\"\",1+MAX($A$6:A697),\"\")","v":""}]
[{"$f":"IF(I699<>\"\",1+MAX($A$6:A698),\"\")","v":""},{"$nulls":3},"BASEMENT FLOOR"]
[{"$f":"IF(I700<>\"\",1+MAX($A$6:A699),\"\")","v":""}]
[{"$f":"IF(I701<>\"\",1+MAX($A$6:A700),\"\")","v":""},{"$nulls":3},"DOORS"]
[{"$f":"IF(I702<>\"\",1+MAX($A$6:A701),\"\")","v":514},"A4.0","A4.0, A2.1 A",null,"A - ((3) 4'-0\"X9'-0\") Full Lite, 3-Panel Pocket, weather-strip, Fully Tempered, Manufacturer: Marvin Signature",1,{"v":0,"d":"0%"},{"$f":"F702*(1+G702)","v":1},"EA",{"v":1231.2,"d":"$1,231.2"},{"$f":"J702*H702","v":{"v":1231.2,"d":"$1,231.20"}},{"v":3240,"d":"$3,240.00"},{"$f":"L702*H702","v":{"v":3240,"d":"$3,240.00"}},{"v":4471.2,"d":"$4,471.2"},{"$f":"N702*H702","v":{"v":4471.2,"d":"$4,471"}}]
[{"$f":"IF(I703<>\"\",1+MAX($A$6:A702),\"\")","v":515},"A4.0","A4.0, A2.1 A",null,"B - ((3) 4'-0\"X9'-0\") Full Lite, 3-Panel Sliding Door egress, Weather-strip, Fully Tempered, Manufacturer: Marvin Signature",1,{"v":0,"d":"0%"},{"$f":"F703*(1+G703)","v":1},"EA",{"v":1231.2,"d":"$1,231.2"},{"v":1231.2,"d":"$1,231.20"},{"v":3240,"d":"$3,240.00"},{"v":3240,"d":"$3,240.00"},{"v":4471.2,"d":"$4,471.2"},{"v":4471.2,"d":"$4,471"}]
[{"$f":"IF(I704<>\"\",1+MAX($A$6:A703),\"\")","v":516},"A4.0","A4.0, A2.1 A",null,"C - (3'·0\"X8'-0\") Full Lite, Swing Door egress, Weather-strip, Fully Tempered, Manufacturer: Marvin Signature",1,{"v":0,"d":"0%"},1,"EA",{"v":228,"d":"$228.0"},{"v":228,"d":"$228.00"},{"v":600,"d":"$600.00"},{"v":600,"d":"$600.00"},{"v":828,"d":"$828.0"},{"v":828,"d":"$828"}]
[{"$f":"IF(I705<>\"\",1+MAX($A$6:A704),\"\")","v":517},"A4.0","A4.0, A2.1 A",null,"D - (3'-0\"X8'-0\") Solid Wood, Panel., Manufacturer: Marvin Signature",1,{"v":0,"d":"0%"},1,"EA",{"v":228,"d":"$228.0"},{"v":228,"d":"$228.00"},{"v":600,"d":"$600.00"},{"v":600,"d":"$600.00"},{"v":828,"d":"$828.0"},{"v":828,"d":"$828"}]
[{"$f":"IF(I706<>\"\",1+MAX($A$6:A705),\"\")","v":518},"A4.0","A4.0, A2.1 A",null,"E - (2'-10\"X8'-0\") Solid Wood, Pocket, Panel., Manufacturer: Marvin Signature",1,{"v":0,"d":"0%"},1,"EA",{"v":215.08,"d":"$215.1"},{"v":215.08,"d":"$215.08"},{"v":566,"d":"$566.00"},{"v":566,"d":"$566.00"},{"v":781.08,"d":"$781.1"},{"v":781.08,"d":"$781"}]
[{"$f":"IF(I707<>\"\",1+MAX($A$6:A706),\"\")","v":519},"A4.0","A4.0, A2.1 A",null,"F - (2'-6\"X8'-0\") Solid Wood, Pocket, Panel., Manufacturer: Marvin Signature",1,{"v":0,"d":"0%"},{"$f":"F707*(1+G707)","v":1},"EA",{"v":190,"d":"$190.0"},{"$f":"J707*H707","v":{"v":190,"d":"$190.00"}},{"v":500,"d":"$500.00"},{"$f":"L707*H707","v":{"v":500,"d":"$500.00"}},{"v":690,"d":"$690.0"},{"$f":"N707*H707","v":{"v":690,"d":"$690"}}]
[{"$f":"IF(I708<>\"\",1+MAX($A$6:A707),\"\")","v":520},"A4.0","A4.0, A2.1 A",null,"G - ((2) 2'-6\"X8'-0\") Solid Wood, Double Door louvered Door, Manufacturer: Marvin Signature",1,{"v":0,"d":"0%"},{"$f":"F708*(1+G708)","v":1},"EA",{"v":76,"d":"$76.0"},{"$f":"J708*H708","v":{"v":76,"d":"$76.00"}},{"v":200,"d":"$200.00"},{"$f":"L708*H708","v":{"v":200,"d":"$200.00"}},{"v":276,"d":"$276.0"},{"$f":"N708*H708","v":{"v":276,"d":"$276"}}]
[{"$f":"IF(I709<>\"\",1+MAX($A$6:A708),\"\")","v":521},"A4.0","A4.0, A2.1 A",null,"H - (3'-0\"X8'-0\") Solid Wood, Panel., Manufacturer: Marvin Signature",1,{"v":0,"d":"0%"},{"$f":"F709*(1+G709)","v":1},"EA",{"v":228,"d":"$228.0"},{"$f":"J709*H709","v":{"v":228,"d":"$228.00"}},{"v":600,"d":"$600.00"},{"$f":"L709*H709","v":{"v":600,"d":"$600.00"}},{"v":828,"d":"$828.0"},{"$f":"N709*H709","v":{"v":828,"d":"$828"}}]
[{"$f":"IF(I710<>\"\",1+MAX($A$6:A709),\"\")","v":522},"A4.0","A4.0, A2.1 A",null,"I - (2'-10\"X8'-0\") Solid Wood, Panel sauna Door Confirm Final Selection With Sauna\nManufacturer, Manufacturer: Marvin Signature",1,{"v":0,"d":"0%"},1,"EA",{"v":258.096,"d":"$258.1"},{"v":258.096,"d":"$258.10"},{"v":679.2,"d":"$679.20"},{"v":679.2,"d":"$679.20"},{"v":937.296,"d":"$937.3"},{"v":937.296,"d":"$937"}]
[{"$f":"IF(I711<>\"\",1+MAX($A$6:A710),\"\")","v":523},"A4.0","A4.0, A2.1 A",null,"J - ((2)2'-0\"X8'-0\") Solid Wood, Double Door Closet Door, Manufacturer: Marvin Signature",1,{"v":0,"d":"0%"},1,"EA",{"v":304,"d":"$304.0"},{"v":304,"d":"$304.00"},{"v":800,"d":"$800.00"},{"v":800,"d":"$800.00"},{"v":1104,"d":"$1,104.0"},{"v":1104,"d":"$1,104"}]
[{"$f":"IF(I712<>\"\",1+MAX($A$6:A711),\"\")","v":524},"A4.0","A4.0, A2.1 A",null,"K - (3'-0\"X8'-0\") Solid Wood, Panel., Manufacturer: Marvin Signature",1,{"v":0,"d":"0%"},1,"EA",{"v":228,"d":"$228.0"},{"v":228,"d":"$228.00"},{"v":600,"d":"$600.00"},{"v":600,"d":"$600.00"},{"v":828,"d":"$828.0"},{"v":828,"d":"$828"}]
[{"$f":"IF(I713<>\"\",1+MAX($A$6:A712),\"\")","v":525},"A4.0","A4.0, A2.1 A",null,"L - (3'-0\"X9'-0\") Glass Door fully Tempered Door At Conditioned Wine Room, Manufacturer: Marvin Signature",1,{"v":0,"d":"0%"},1,"EA",{"v":359.1,"d":"$359.1"},{"v":359.1,"d":"$359.10"},{"v":945,"d":"$945.00"},{"v":945,"d":"$945.00"},{"v":1304.1,"d":"$1,304.1"},{"v":1304.1,"d":"$1,304"}]
[{"$f":"IF(I714<>\"\",1+MAX($A$6:A713),\"\")","v":526},"A4.0","A4.0, A2.1 A",null,"M - (2'-6\"X8'-0\") Solid Wood, Panel sound Proof Door, Manufacturer: Marvin Signature",1,{"v":0,"d":"0%"},1,"EA",{"v":190,"d":"$190.0"},{"v":190,"d":"$190.00"},{"v":500,"d":"$500.00"},{"v":500,"d":"$500.00"},{"v":690,"d":"$690.0"},{"v":690,"d":"$690"}]
[{"$f":"IF(I715<>\"\",1+MAX($A$6:A714),\"\")","v":""}]
[{"$f":"IF(I716<>\"\",1+MAX($A$6:A715),\"\")","v":""},{"$nulls":3},"DOORS HARDWARE"]
[{"$f":"IF(I717<>\"\",1+MAX($A$6:A716),\"\")","v":527},"A4.0","A4.0, A2.1 A",null,"Doors Hardware - Assumed\nNote: We Assumed For All Doors where no hardware details found.",{"$f":"SUM(F702:F714)","v":13},{"v":0,"d":"0%"},{"$f":"F717*(1+G717)","v":13},"EA",{"v":240,"d":"$240.0"},{"$f":"J717*H717","v":{"v":3120,"d":"$3,120.00"}},{"v":510.00000000000006,"d":"$510.0"},{"$f":"L717*H717","v":{"v":6630.000000000001,"d":"$6,630.00"}},{"v":750,"d":"$750.0"},{"$f":"N717*H717","v":{"v":9750,"d":"$9,750"}}]
[{"$f":"IF(I718<>\"\",1+MAX($A$6:A717),\"\")","v":""}]
[{"$f":"IF(I719<>\"\",1+MAX($A$6:A718),\"\")","v":""},{"$nulls":3},"WINDOWS"]
[{"$f":"IF(I720<>\"\",1+MAX($A$6:A719),\"\")","v":528},"A4.0","A4.0, A2.1 A",null,"1 - (2'-0\"X4'-6\") Casement Window fully Tempered, Obscure Glazing, Manufacturer: Marvin Signature",1,{"v":0,"d":"0%"},{"$f":"F720*(1+G720)","v":1},"EA",{"v":102.6,"d":"$102.6"},{"$f":"J720*H720","v":{"v":102.6,"d":"$102.60"}},{"v":270,"d":"$270.00"},{"$f":"L720*H720","v":{"v":270,"d":"$270.00"}},{"v":372.6,"d":"$372.6"},{"$f":"N720*H720","v":{"v":372.6,"d":"$373"}}]
[{"$f":"IF(I721<>\"\",1+MAX($A$6:A720),\"\")","v":529},"A4.0","A4.0, A2.1 A",null,"2 - (2'-0\"X4'-6\") Casement Window fully Tempered, Obscure Glazing, Manufacturer: Marvin Signature",1,{"v":0,"d":"0%"},{"$f":"F721*(1+G721)","v":1},"EA",{"v":102.6,"d":"$102.6"},{"$f":"J721*H721","v":{"v":102.6,"d":"$102.60"}},{"v":270,"d":"$270.00"},{"$f":"L721*H721","v":{"v":270,"d":"$270.00"}},{"v":372.6,"d":"$372.6"},{"$f":"N721*H721","v":{"v":372.6,"d":"$373"}}]
[{"$f":"IF(I722<>\"\",1+MAX($A$6:A721),\"\")","v":""}]
[{"$f":"IF(I723<>\"\",1+MAX($A$6:A722),\"\")","v":""},{"$nulls":3},"GROUND FLOOR"]
[{"$f":"IF(I724<>\"\",1+MAX($A$6:A723),\"\")","v":""}]
[{"$f":"IF(I725<>\"\",1+MAX($A$6:A724),\"\")","v":""},{"$nulls":3},"DOORS"]
[{"$f":"IF(I726<>\"\",1+MAX($A$6:A725),\"\")","v":530},"A4.0","A4.0, A2.1 B",null,"Aa - (4'-6\"X9'-0\") Entry, Pivot Hinge, weather-strip, (Raw Steel) Front Door From \"Modern N Steel Doors\" 1-800-406- 1958. Integral Handle, Rehung, Allow ($18,000 Material And 8 Week Min. Lead Time)Raw Steel",1,{"v":0,"d":"0%"},{"$f":"F726*(1+G726)","v":1},"EA",{"v":538.65,"d":"$538.7"},{"$f":"J726*H726","v":{"v":538.65,"d":"$538.65"}},{"v":1417.5,"d":"$1,417.50"},{"$f":"L726*H726","v":{"v":1417.5,"d":"$1,417.50"}},{"v":1956.15,"d":"$1,956.2"},{"$f":"N726*H726","v":{"v":1956.15,"d":"$1,956"}}]
[{"$f":"IF(I727<>\"\",1+MAX($A$6:A726),\"\")","v":531},"A4.0","A4.0, A2.1 B",null,"Bb - (18'-0\"X7'-6\") Garage. Steel, Roll Up, weather-strip, Fully Tempered, Manufacturer: Marvin Signature",1,{"v":0,"d":"0%"},{"$f":"F727*(1+G727)","v":1},"EA",{"v":3078,"d":"$3,078.0"},{"v":3078,"d":"$3,078.00"},{"v":8100,"d":"$8,100.00"},{"v":8100,"d":"$8,100.00"},{"v":11178,"d":"$11,178.0"},{"v":11178,"d":"$11,178"}]
[{"$f":"IF(I728<>\"\",1+MAX($A$6:A727),\"\")","v":532},"A4.0","A4.0, A2.1 B",null,"Cc - (3'-0\"X7'-0\") Full Lite. Swing, weather-strip, Fully Tempered, Corner Latch Connection, Manufacturer: Marvin Signature",1,{"v":0,"d":"0%"},1,"EA",{"v":199.5,"d":"$199.5"},{"v":199.5,"d":"$199.50"},{"v":525,"d":"$525.00"},{"v":525,"d":"$525.00"},{"v":724.5,"d":"$724.5"},{"v":724.5,"d":"$725"}]
[{"$f":"IF(I729<>\"\",1+MAX($A$6:A728),\"\")","v":533},"A4.0","A4.0, A2.1 B",null,"Dd - ((3) 4'-6''X7'-0\") Full Lite. 3-Panel Sliding Door, Weather-strip, Fully Tempered, Corner Latch Connection, Manufacturer: Marvin Signature",1,{"v":0,"d":"0%"},1,"EA",{"v":1077.3,"d":"$1,077.3"},{"v":1077.3,"d":"$1,077.30"},{"v":2835,"d":"$2,835.00"},{"v":2835,"d":"$2,835.00"},{"v":3912.3,"d":"$3,912.3"},{"v":3912.3,"d":"$3,912"}]
[{"$f":"IF(I730<>\"\",1+MAX($A$6:A729),\"\")","v":534},"A4.0","A4.0, A2.1 B",null,"Ee - ((4) 4'-6\"X9'-3\") 4-Panel Full Lite, Sliding, Weather-strip, Fully Tempered, Manufacturer: Marvin Signature",1,{"v":0,"d":"0%"},1,"EA",{"v":1581.75,"d":"$1,581.8"},{"v":1581.75,"d":"$1,581.75"},{"v":4162.5,"d":"$4,162.50"},{"v":4162.5,"d":"$4,162.50"},{"v":5744.25,"d":"$5,744.3"},{"v":5744.25,"d":"$5,744"}]
[{"$f":"IF(I731<>\"\",1+MAX($A$6:A730),\"\")","v":535},"A4.0","A4.0, A2.1 B",null,"Ff - (3'-0\"X8'-0\") Solid Wood. Panel20 Min. Fire Rated Door With Self Closing Hinge, Manufacturer: Marvin Signature",1,{"v":0,"d":"0%"},{"$f":"F731*(1+G731)","v":1},"EA",{"v":228,"d":"$228.0"},{"$f":"J731*H731","v":{"v":228,"d":"$228.00"}},{"v":600,"d":"$600.00"},{"$f":"L731*H731","v":{"v":600,"d":"$600.00"}},{"v":828,"d":"$828.0"},{"$f":"N731*H731","v":{"v":828,"d":"$828"}}]
[{"$f":"IF(I732<>\"\",1+MAX($A$6:A731),\"\")","v":536},"A4.0","A4.0, A2.1 B",null,"Gg - (3'-0\"X8'-0\") Solid Wood, Panel, Manufacturer: Marvin Signature",1,{"v":0,"d":"0%"},{"$f":"F732*(1+G732)","v":1},"EA",{"v":228,"d":"$228.0"},{"$f":"J732*H732","v":{"v":228,"d":"$228.00"}},{"v":600,"d":"$600.00"},{"$f":"L732*H732","v":{"v":600,"d":"$600.00"}},{"v":828,"d":"$828.0"},{"$f":"N732*H732","v":{"v":828,"d":"$828"}}]
[{"$f":"IF(I733<>\"\",1+MAX($A$6:A732),\"\")","v":537},"A4.0","A4.0, A2.1 B",null,"Hh - (3'-0\"X8'-0\") Solid Wood, Pocket. Panel, Manufacturer: Marvin Signature",1,{"v":0,"d":"0%"},{"$f":"F733*(1+G733)","v":1},"EA",{"v":273.6,"d":"$273.6"},{"$f":"J733*H733","v":{"v":273.6,"d":"$273.60"}},{"v":720,"d":"$720.00"},{"$f":"L733*H733","v":{"v":720,"d":"$720.00"}},{"v":993.6,"d":"$993.6"},{"$f":"N733*H733","v":{"v":993.6,"d":"$994"}}]
[{"$f":"IF(I734<>\"\",1+MAX($A$6:A733),\"\")","v":538},"A4.0","A4.0, A2.1 B",null,"Ii - ((2) 2'-0\"X8'-0\") Sliding, Wardrobe, Manufacturer: Marvin Signature",1,{"v":0,"d":"0%"},1,"EA",{"v":304,"d":"$304.0"},{"v":304,"d":"$304.00"},{"v":800,"d":"$800.00"},{"v":800,"d":"$800.00"},{"v":1104,"d":"$1,104.0"},{"v":1104,"d":"$1,104"}]
[{"$f":"IF(I735<>\"\",1+MAX($A$6:A734),\"\")","v":539},"A4.0","A4.0, A2.1 B",null,"Jj - (3'-0\"X8'-0\") Solid Wood, Pocket, Panel, Manufacturer: Marvin Signature",1,{"v":0,"d":"0%"},1,"EA",{"v":273.6,"d":"$273.6"},{"v":273.6,"d":"$273.60"},{"v":720,"d":"$720.00"},{"v":720,"d":"$720.00"},{"v":993.6,"d":"$993.6"},{"v":993.6,"d":"$994"}]
[{"$f":"IF(I736<>\"\",1+MAX($A$6:A735),\"\")","v":540},"A4.0","A4.0, A2.1 B",null,"Kk - (3'-0\"X8'-0\") Solid Wood, Pocket, Panel, Manufacturer: Marvin Signature",1,{"v":0,"d":"0%"},1,"EA",{"v":273.6,"d":"$273.6"},{"v":273.6,"d":"$273.60"},{"v":720,"d":"$720.00"},{"v":720,"d":"$720.00"},{"v":993.6,"d":"$993.6"},{"v":993.6,"d":"$994"}]
[{"$f":"IF(I737<>\"\",1+MAX($A$6:A736),\"\")","v":541},"A4.0","A4.0, A2.1 B",null,"Ll - (3'-0\"X8'-0\") Solid Wood, Panel, Manufacturer: Marvin Signature",1,{"v":0,"d":"0%"},1,"EA",{"v":273.6,"d":"$273.6"},{"v":273.6,"d":"$273.60"},{"v":720,"d":"$720.00"},{"v":720,"d":"$720.00"},{"v":993.6,"d":"$993.6"},{"v":993.6,"d":"$994"}]
[{"$f":"IF(I738<>\"\",1+MAX($A$6:A737),\"\")","v":542},"A4.0","A4.0, A2.1 B",null,"Mm - (3'-0\"X8'-0\") Solid Wood, Panel45 Min. Fire Rated Door With Self Closing Hinge, Manufacturer: Marvin Signature",1,{"v":0,"d":"0%"},1,"EA",{"v":228,"d":"$228.0"},{"v":228,"d":"$228.00"},{"v":600,"d":"$600.00"},{"v":600,"d":"$600.00"},{"v":828,"d":"$828.0"},{"v":828,"d":"$828"}]
[{"$f":"IF(I739<>\"\",1+MAX($A$6:A738),\"\")","v":543},"A4.0","A4.0, A2.1 B",null,"Nn - (3'-0\"X7'-0\") Solid Wood, Panel45 Min. Fire Rated Door With Self Closing Hinge, Manufacturer: Marvin Signature",1,{"v":0,"d":"0%"},1,"EA",{"v":199.5,"d":"$199.5"},{"v":199.5,"d":"$199.50"},{"v":525,"d":"$525.00"},{"v":525,"d":"$525.00"},{"v":724.5,"d":"$724.5"},{"v":724.5,"d":"$725"}]
[{"$f":"IF(I740<>\"\",1+MAX($A$6:A739),\"\")","v":544},"A4.0","A4.0, A2.1 B",null,"Oo - (3'-0\"X7'-0\") Solid Wood, Panel, Manufacturer: Marvin Signature",1,{"v":0,"d":"0%"},1,"EA",{"v":199.5,"d":"$199.5"},{"v":199.5,"d":"$199.50"},{"v":525,"d":"$525.00"},{"v":525,"d":"$525.00"},{"v":724.5,"d":"$724.5"},{"v":724.5,"d":"$725"}]
[{"$f":"IF(I741<>\"\",1+MAX($A$6:A740),\"\")","v":545},"A4.0","A4.0, A2.1 B",null,"Pp - (3'-0\"X7'-0\") Solid Wood, Pocket, Panel, Manufacturer: Marvin Signature",1,{"v":0,"d":"0%"},1,"EA",{"v":199.5,"d":"$199.5"},{"v":199.5,"d":"$199.50"},{"v":525,"d":"$525.00"},{"v":525,"d":"$525.00"},{"v":724.5,"d":"$724.5"},{"v":724.5,"d":"$725"}]
[{"$f":"IF(I742<>\"\",1+MAX($A$6:A741),\"\")","v":546},"A4.0","A4.0, A2.1 B",null,"Qq - (3'-0\"X7'-0\") Solid Wood, Pocket, Panel, Manufacturer: Marvin Signature",1,{"v":0,"d":"0%"},1,"EA",{"v":199.5,"d":"$199.5"},{"v":199.5,"d":"$199.50"},{"v":525,"d":"$525.00"},{"v":525,"d":"$525.00"},{"v":724.5,"d":"$724.5"},{"v":724.5,"d":"$725"}]
[{"$f":"IF(I743<>\"\",1+MAX($A$6:A742),\"\")","v":""}]
[{"$f":"IF(I744<>\"\",1+MAX($A$6:A743),\"\")","v":""},{"$nulls":3},"DOORS HARDWARE"]
[{"$f":"IF(I745<>\"\",1+MAX($A$6:A744),\"\")","v":547},"A4.0","A4.0, A2.1 B",null,"Doors Hardware - Assumed\nNote: We Assumed For All Doors where no hardware details found.",{"$f":"SUM(F726:F742)","v":17},{"v":0,"d":"0%"},{"$f":"F745*(1+G745)","v":17},"EA",{"v":240,"d":"$240.0"},{"$f":"J745*H745","v":{"v":4080,"d":"$4,080.00"}},{"v":510.00000000000006,"d":"$510.0"},{"$f":"L745*H745","v":{"v":8670.000000000002,"d":"$8,670.00"}},{"v":750,"d":"$750.0"},{"$f":"N745*H745","v":{"v":12750,"d":"$12,750"}}]
[{"$f":"IF(I746<>\"\",1+MAX($A$6:A745),\"\")","v":""}]
[{"$f":"IF(I747<>\"\",1+MAX($A$6:A746),\"\")","v":""},{"$nulls":3},"WINDOWS"]
[{"$f":"IF(I748<>\"\",1+MAX($A$6:A747),\"\")","v":548},"A4.0","A4.0, A2.1 B",null,"3 - (7'-0\"X10'-9\", 11'-11\") Picture Window rake, Fully Tempered, Manufacturer: Marvin Signature",1,{"v":0,"d":"0%"},{"$f":"F748*(1+G748)","v":1},"EA",{"v":857.85,"d":"$857.9"},{"$f":"J748*H748","v":{"v":857.85,"d":"$857.85"}},{"v":2257.5,"d":"$2,257.50"},{"$f":"L748*H748","v":{"v":2257.5,"d":"$2,257.50"}},{"v":3115.35,"d":"$3,115.4"},{"$f":"N748*H748","v":{"v":3115.35,"d":"$3,115"}}]
[{"$f":"IF(I749<>\"\",1+MAX($A$6:A748),\"\")","v":549},"A4.0","A4.0, A2.1 B",null,"4A - (2'-1\"X5'-0\") Casement Window rake, Fully Tempered, Fixed Corner , Manufacturer: Marvin Signature",1,{"v":0,"d":"0%"},{"$f":"F749*(1+G749)","v":1},"EA",{"v":116.28,"d":"$116.3"},{"$f":"J749*H749","v":{"v":116.28,"d":"$116.28"}},{"v":306,"d":"$306.00"},{"$f":"L749*H749","v":{"v":306,"d":"$306.00"}},{"v":422.28,"d":"$422.3"},{"$f":"N749*H749","v":{"v":422.28,"d":"$422"}}]
[{"$f":"IF(I750<>\"\",1+MAX($A$6:A749),\"\")","v":550},"A4.0","A4.0, A2.1 B",null,"4B - (11'-8\", 6'-0\"X9'-7\", 7'-7\") Picture Window rake, Fully Tempered, Fixed Corner , Manufacturer: Marvin Signature",1,{"v":0,"d":"0%"},1,"EA",{"v":1208.6280000000002,"d":"$1,208.6"},{"v":1208.6280000000002,"d":"$1,208.63"},{"v":3180.6000000000004,"d":"$3,180.60"},{"v":3180.6000000000004,"d":"$3,180.60"},{"v":4389.228000000001,"d":"$4,389.2"},{"v":4389.228000000001,"d":"$4,389"}]
[{"$f":"IF(I751<>\"\",1+MAX($A$6:A750),\"\")","v":551},"A4.0","A4.0, A2.1 B",null,"4C - (2'-0\"X3'-0\") Hopper rake, Fully Tempered, Fixed Corner , Manufacturer: Marvin Signature",1,{"v":0,"d":"0%"},1,"EA",{"v":68.4,"d":"$68.4"},{"v":68.4,"d":"$68.40"},{"v":180,"d":"$180.00"},{"v":180,"d":"$180.00"},{"v":248.4,"d":"$248.4"},{"v":248.4,"d":"$248"}]
[{"$f":"IF(I752<>\"\",1+MAX($A$6:A751),\"\")","v":552},"A4.0","A4.0, A2.1 B",null,"5 - (3'-2\"X6'-3\") Casement Window egress. Removable Privacy Film, Manufacturer: Marvin Signature",1,{"v":0,"d":"0%"},1,"EA",{"v":187.625,"d":"$187.6"},{"v":187.625,"d":"$187.63"},{"v":493.75,"d":"$493.75"},{"v":493.75,"d":"$493.75"},{"v":681.375,"d":"$681.4"},{"v":681.375,"d":"$681"}]
[{"$f":"IF(I753<>\"\",1+MAX($A$6:A752),\"\")","v":553},"A4.0","A4.0, A2.1 B",null,"6 - (6'-10\",3'-7\"X6'-3\") Picture Window fixed Corner. Fully Tempered, Remo', Manufacturer: Marvin Signature",1,{"v":0,"d":"0%"},1,"EA",{"v":741.7125,"d":"$741.7"},{"v":741.7125,"d":"$741.71"},{"v":1951.875,"d":"$1,951.88"},{"v":1951.875,"d":"$1,951.88"},{"v":2693.5875,"d":"$2,693.6"},{"v":2693.5875,"d":"$2,694"}]
[{"$f":"IF(I754<>\"\",1+MAX($A$6:A753),\"\")","v":554},"A4.0","A4.0, A2.1 B",null,"7 - (4'-5\",9'-3\"X6'-3\") Picture Window fixed Corner, Manufacturer: Marvin Signature",1,{"v":0,"d":"0%"},1,"EA",{"v":973.9875,"d":"$974.0"},{"v":973.9875,"d":"$973.99"},{"v":2563.125,"d":"$2,563.13"},{"v":2563.125,"d":"$2,563.13"},{"v":3537.1125,"d":"$3,537.1"},{"v":3537.1125,"d":"$3,537"}]
[{"$f":"IF(I755<>\"\",1+MAX($A$6:A754),\"\")","v":555},"A4.0","A4.0, A2.1 B",null,"8 - (3'-0\"X5'-9\") Casement Window, Manufacturer: Marvin Signature",1,{"v":0,"d":"0%"},1,"EA",{"v":196.65,"d":"$196.7"},{"v":196.65,"d":"$196.65"},{"v":517.5,"d":"$517.50"},{"v":517.5,"d":"$517.50"},{"v":714.15,"d":"$714.2"},{"v":714.15,"d":"$714"}]
[{"$f":"IF(I756<>\"\",1+MAX($A$6:A755),\"\")","v":556},"A4.0","A4.0, A2.1 B",null,"9 - (3'-0\"X5'-9\") Casement Window, Manufacturer: Marvin Signature",1,{"v":0,"d":"0%"},1,"EA",{"v":196.65,"d":"$196.7"},{"v":196.65,"d":"$196.65"},{"v":517.5,"d":"$517.50"},{"v":517.5,"d":"$517.50"},{"v":714.15,"d":"$714.2"},{"v":714.15,"d":"$714"}]
[{"$f":"IF(I757<>\"\",1+MAX($A$6:A756),\"\")","v":557},"A4.0","A4.0, A2.1 B",null,"10 - (3'-0\"X5'-9\") Casement Window, Manufacturer: Marvin Signature",1,{"v":0,"d":"0%"},1,"EA",{"v":196.65,"d":"$196.7"},{"v":196.65,"d":"$196.65"},{"v":517.5,"d":"$517.50"},{"v":517.5,"d":"$517.50"},{"v":714.15,"d":"$714.2"},{"v":714.15,"d":"$714"}]
[{"$f":"IF(I758<>\"\",1+MAX($A$6:A757),\"\")","v":558},"A4.0","A4.0, A2.1 B",null,"1 1 - (2'-7\"X7'-0') Picture Window fully Tempered, Manufacturer: Marvin Signature",1,{"v":0,"d":"0%"},1,"EA",{"v":205.88400000000001,"d":"$205.9"},{"v":205.88400000000001,"d":"$205.88"},{"v":541.8000000000001,"d":"$541.80"},{"v":541.8000000000001,"d":"$541.80"},{"v":747.6840000000001,"d":"$747.7"},{"v":747.6840000000001,"d":"$748"}]
[{"$f":"IF(I759<>\"\",1+MAX($A$6:A758),\"\")","v":559},"A4.0","A4.0, A2.1 B",null,"12 - (2'-0\"X5'-0\") Casement Window, Manufacturer: Marvin Signature",1,{"v":0,"d":"0%"},1,"EA",{"v":114,"d":"$114.0"},{"v":114,"d":"$114.00"},{"v":300,"d":"$300.00"},{"v":300,"d":"$300.00"},{"v":414,"d":"$414.0"},{"v":414,"d":"$414"}]
[{"$f":"IF(I760<>\"\",1+MAX($A$6:A759),\"\")","v":560},"A4.0","A4.0, A2.1 B",null,"13 - (2'-0\"X5'-0\") Casement Window, Manufacturer: Marvin Signature",1,{"v":0,"d":"0%"},1,"EA",{"v":114,"d":"$114.0"},{"v":114,"d":"$114.00"},{"v":300,"d":"$300.00"},{"v":300,"d":"$300.00"},{"v":414,"d":"$414.0"},{"v":414,"d":"$414"}]
[{"$f":"IF(I761<>\"\",1+MAX($A$6:A760),\"\")","v":561},"A4.0","A4.0, A2.1 B",null,"14 - (2'-0\"X5'-0\") Casement Window fully Tempered, Obscure Glazing, Manufacturer: Marvin Signature",1,{"v":0,"d":"0%"},1,"EA",{"v":114,"d":"$114.0"},{"v":114,"d":"$114.00"},{"v":300,"d":"$300.00"},{"v":300,"d":"$300.00"},{"v":414,"d":"$414.0"},{"v":414,"d":"$414"}]
[{"$f":"IF(I762<>\"\",1+MAX($A$6:A761),\"\")","v":562},"A4.0","A4.0, A2.1 B",null,"15 - (2'-6\"X5'-0\") Casement Window egress, Manufacturer: Marvin Signature",1,{"v":0,"d":"0%"},1,"EA",{"v":142.5,"d":"$142.5"},{"v":142.5,"d":"$142.50"},{"v":375,"d":"$375.00"},{"v":375,"d":"$375.00"},{"v":517.5,"d":"$517.5"},{"v":517.5,"d":"$518"}]
[{"$f":"IF(I763<>\"\",1+MAX($A$6:A762),\"\")","v":563},"A4.0","A4.0, A2.1 B",null,"16 - (2'-6\"X5'-0\") Casement Window, Manufacturer: Marvin Signature",1,{"v":0,"d":"0%"},1,"EA",{"v":142.5,"d":"$142.5"},{"v":142.5,"d":"$142.50"},{"v":375,"d":"$375.00"},{"v":375,"d":"$375.00"},{"v":517.5,"d":"$517.5"},{"v":517.5,"d":"$518"}]
[{"$f":"IF(I764<>\"\",1+MAX($A$6:A763),\"\")","v":564},"A4.0","A4.0, A2.1 B",null,"17 - (2'-0\"X5'-0\") Picture Window, Manufacturer: Marvin Signature",1,{"v":0,"d":"0%"},1,"EA",{"v":114,"d":"$114.0"},{"v":114,"d":"$114.00"},{"v":300,"d":"$300.00"},{"v":300,"d":"$300.00"},{"v":414,"d":"$414.0"},{"v":414,"d":"$414"}]
[{"$f":"IF(I765<>\"\",1+MAX($A$6:A764),\"\")","v":""},{"$nulls":4},1]
[{"$f":"IF(I766<>\"\",1+MAX($A$6:A765),\"\")","v":""},{"$nulls":3},"2ND FLOOR"]
[{"$f":"IF(I767<>\"\",1+MAX($A$6:A766),\"\")","v":""}]
[{"$f":"IF(I768<>\"\",1+MAX($A$6:A767),\"\")","v":""},{"$nulls":3},"DOORS"]
[{"$f":"IF(I769<>\"\",1+MAX($A$6:A768),\"\")","v":565},"A4.0","A4.0, A2.1 C",null,"Aaa - (3'-0'X7'-0\") Solid Wood, Panel, Manufacturer: Marvin Signature",1,{"v":0,"d":"0%"},{"$f":"F769*(1+G769)","v":1},"EA",{"v":199.5,"d":"$199.5"},{"$f":"J769*H769","v":{"v":199.5,"d":"$199.50"}},{"v":525,"d":"$525.00"},{"$f":"L769*H769","v":{"v":525,"d":"$525.00"}},{"v":724.5,"d":"$724.5"},{"$f":"N769*H769","v":{"v":724.5,"d":"$725"}}]
[{"$f":"IF(I770<>\"\",1+MAX($A$6:A769),\"\")","v":566},"A4.0","A4.0, A2.1 C",null,"Bbb - (2'-8\"X7'-0\") Solid Wood, Panel, Manufacturer: Marvin Signature",1,{"v":0,"d":"0%"},{"$f":"F770*(1+G770)","v":1},"EA",{"v":177.55499999999998,"d":"$177.6"},{"v":177.55499999999998,"d":"$177.56"},{"v":467.24999999999994,"d":"$467.25"},{"v":467.24999999999994,"d":"$467.25"},{"v":644.805,"d":"$644.8"},{"v":644.805,"d":"$645"}]
[{"$f":"IF(I771<>\"\",1+MAX($A$6:A770),\"\")","v":567},"A4.0","A4.0, A2.1 C",null,"Ccc - ((2) 2'-6\"X7'-0\") Sliding, Wardrobe, Manufacturer: Marvin Signature",1,{"v":0,"d":"0%"},1,"EA",{"v":332.5,"d":"$332.5"},{"v":332.5,"d":"$332.50"},{"v":875,"d":"$875.00"},{"v":875,"d":"$875.00"},{"v":1207.5,"d":"$1,207.5"},{"v":1207.5,"d":"$1,208"}]
[{"$f":"IF(I772<>\"\",1+MAX($A$6:A771),\"\")","v":568},"A4.0","A4.0, A2.1 C",null,"Ddd - (3'-0\"X7'-0\") Solid Wood, Pocket, Panel, Manufacturer: Marvin Signature",1,{"v":0,"d":"0%"},1,"EA",{"v":199.5,"d":"$199.5"},{"v":199.5,"d":"$199.50"},{"v":525,"d":"$525.00"},{"v":525,"d":"$525.00"},{"v":724.5,"d":"$724.5"},{"v":724.5,"d":"$725"}]
[{"$f":"IF(I773<>\"\",1+MAX($A$6:A772),\"\")","v":569},"A4.0","A4.0, A2.1 C",null,"Eee - (2'-10\"X7'-0\") Solid Wood, Panel, Manufacturer: Marvin Signature",1,{"v":0,"d":"0%"},1,"EA",{"v":188.19500000000002,"d":"$188.2"},{"v":188.19500000000002,"d":"$188.20"},{"v":495.25000000000006,"d":"$495.25"},{"v":495.25000000000006,"d":"$495.25"},{"v":683.445,"d":"$683.4"},{"v":683.445,"d":"$683"}]
[{"$f":"IF(I774<>\"\",1+MAX($A$6:A773),\"\")","v":570},"A4.0","A4.0, A2.1 C",null,"Fff - (2'-6\"X7'-0\") Solid Wood, Panel, Manufacturer: Marvin Signature",1,{"v":0,"d":"0%"},{"$f":"F774*(1+G774)","v":1},"EA",{"v":166.25,"d":"$166.3"},{"$f":"J774*H774","v":{"v":166.25,"d":"$166.25"}},{"v":437.5,"d":"$437.50"},{"$f":"L774*H774","v":{"v":437.5,"d":"$437.50"}},{"v":603.75,"d":"$603.8"},{"$f":"N774*H774","v":{"v":603.75,"d":"$604"}}]
[{"$f":"IF(I775<>\"\",1+MAX($A$6:A774),\"\")","v":571},"A4.0","A4.0, A2.1 C",null,"Ggg - (2'-6\"X7'-0\") Solid Wood, Panel, Manufacturer: Marvin Signature",1,{"v":0,"d":"0%"},{"$f":"F775*(1+G775)","v":1},"EA",{"v":166.25,"d":"$166.3"},{"$f":"J775*H775","v":{"v":166.25,"d":"$166.25"}},{"v":437.5,"d":"$437.50"},{"$f":"L775*H775","v":{"v":437.5,"d":"$437.50"}},{"v":603.75,"d":"$603.8"},{"$f":"N775*H775","v":{"v":603.75,"d":"$604"}}]
[{"$f":"IF(I776<>\"\",1+MAX($A$6:A775),\"\")","v":572},"A4.0","A4.0, A2.1 C",null,"Hhh - (3'-0\"X7'-0\") Solid Wood, Pocket, Full Lite fully Tempered, Obscure Glazing, Manufacturer: Marvin Signature",1,{"v":0,"d":"0%"},{"$f":"F776*(1+G776)","v":1},"EA",{"v":239.4,"d":"$239.4"},{"$f":"J776*H776","v":{"v":239.4,"d":"$239.40"}},{"v":630,"d":"$630.00"},{"$f":"L776*H776","v":{"v":630,"d":"$630.00"}},{"v":869.4,"d":"$869.4"},{"$f":"N776*H776","v":{"v":869.4,"d":"$869"}}]
[{"$f":"IF(I777<>\"\",1+MAX($A$6:A776),\"\")","v":573},"A4.0","A4.0, A2.1 C",null,"Ill - (2'-6\"X7'-0\") Full Lite fully Tempered. Obscure Glazing, Manufacturer: Marvin Signature",1,{"v":0,"d":"0%"},1,"EA",{"v":232.75,"d":"$232.8"},{"v":232.75,"d":"$232.75"},{"v":612.5,"d":"$612.50"},{"v":612.5,"d":"$612.50"},{"v":845.25,"d":"$845.3"},{"v":845.25,"d":"$845"}]
[{"$f":"IF(I778<>\"\",1+MAX($A$6:A777),\"\")","v":574},"A4.0","A4.0, A2.1 C",null,"Jjj - (2'-10\"X7'-0\") Solid Wood, Panel, Manufacturer: Marvin Signature",1,{"v":0,"d":"0%"},1,"EA",{"v":188.19500000000002,"d":"$188.2"},{"v":188.19500000000002,"d":"$188.20"},{"v":495.25000000000006,"d":"$495.25"},{"v":495.25000000000006,"d":"$495.25"},{"v":683.445,"d":"$683.4"},{"v":683.445,"d":"$683"}]
[{"$f":"IF(I779<>\"\",1+MAX($A$6:A778),\"\")","v":575},"A4.0","A4.0, A2.1 C",null,"Lll - ((2) 1'-6\"X8'-0\") Double Barn Door , Full Lite fully Tempered, Obscure Glazing, Manufacturer: Marvin Signature",1,{"v":0,"d":"0%"},1,"EA",{"v":273.6,"d":"$273.6"},{"v":273.6,"d":"$273.60"},{"v":720,"d":"$720.00"},{"v":720,"d":"$720.00"},{"v":993.6,"d":"$993.6"},{"v":993.6,"d":"$994"}]
[{"$f":"IF(I780<>\"\",1+MAX($A$6:A779),\"\")","v":576},{"$nulls":3},"Mmm - (2'-10\"X7'-0\") Solid Wood, Pocket, Panel, Manufacturer: Marvin Signature",1,{"v":0,"d":"0%"},1,"EA",{"v":225.83400000000003,"d":"$225.8"},{"v":225.83400000000003,"d":"$225.83"},{"v":594.3000000000001,"d":"$594.30"},{"v":594.3000000000001,"d":"$594.30"},{"v":820.1340000000001,"d":"$820.1"},{"v":820.1340000000001,"d":"$820"}]
[{"$f":"IF(I781<>\"\",1+MAX($A$6:A780),\"\")","v":""}]
[{"$f":"IF(I782<>\"\",1+MAX($A$6:A781),\"\")","v":""},{"$nulls":3},"DOORS HARDWARE"]
[{"$f":"IF(I783<>\"\",1+MAX($A$6:A782),\"\")","v":577},"A4.0","A4.0, A2.1 C",null,"Doors Hardware - Assumed\nNote: We Assumed For All Doors where no hardware details found.",{"$f":"SUM(F769:F780)","v":12},{"v":0,"d":"0%"},{"$f":"F783*(1+G783)","v":12},"EA",{"v":240,"d":"$240.0"},{"$f":"J783*H783","v":{"v":2880,"d":"$2,880.00"}},{"v":510.00000000000006,"d":"$510.0"},{"$f":"L783*H783","v":{"v":6120.000000000001,"d":"$6,120.00"}},{"v":750,"d":"$750.0"},{"$f":"N783*H783","v":{"v":9000,"d":"$9,000"}}]
[{"$f":"IF(I784<>\"\",1+MAX($A$6:A783),\"\")","v":""}]
[{"$f":"IF(I785<>\"\",1+MAX($A$6:A784),\"\")","v":""},{"$nulls":3},"WINDOWS"]
[{"$f":"IF(I786<>\"\",1+MAX($A$6:A785),\"\")","v":578},"A4.0","A4.0, A2.1 C",null,"18 - (1 1'-2 1/2\"X3'-9\") Picture Window, Manufacturer: Marvin Signature",1,{"v":0,"d":"0%"},{"$f":"F786*(1+G786)","v":1},"EA",{"v":477.09000000000003,"d":"$477.1"},{"$f":"J786*H786","v":{"v":477.09000000000003,"d":"$477.09"}},{"v":1255.5,"d":"$1,255.50"},{"$f":"L786*H786","v":{"v":1255.5,"d":"$1,255.50"}},{"v":1732.5900000000001,"d":"$1,732.6"},{"$f":"N786*H786","v":{"v":1732.5900000000001,"d":"$1,733"}}]
[{"$f":"IF(I787<>\"\",1+MAX($A$6:A786),\"\")","v":579},"A4.0","A4.0, A2.1 C",null,"19A - (3'-0\"X5'-3\") Casement Window egress, Rake, Fully Tempered, Fixed Corner , Manufacturer: Marvin Signature",1,{"v":0,"d":"0%"},{"$f":"F787*(1+G787)","v":1},"EA",{"v":179.55,"d":"$179.6"},{"$f":"J787*H787","v":{"v":179.55,"d":"$179.55"}},{"v":472.5,"d":"$472.50"},{"$f":"L787*H787","v":{"v":472.5,"d":"$472.50"}},{"v":652.05,"d":"$652.1"},{"$f":"N787*H787","v":{"v":652.05,"d":"$652"}}]
[{"$f":"IF(I788<>\"\",1+MAX($A$6:A787),\"\")","v":580},"A4.0","A4.0, A2.1 C",null,"19B - (2'-2\", 7'-0\"X5'-3\", 6'-5\") Picture Window egress, Rake, Fully Tempered, Fixed Corner , Manufacturer: Marvin Signature",1,{"v":0,"d":"0%"},1,"EA",{"v":1218.6280800000002,"d":"$1,218.6"},{"v":1218.6280800000002,"d":"$1,218.63"},{"v":3206.916,"d":"$3,206.92"},{"v":3206.916,"d":"$3,206.92"},{"v":4425.544080000001,"d":"$4,425.5"},{"v":4425.544080000001,"d":"$4,426"}]
[{"$f":"IF(I789<>\"\",1+MAX($A$6:A788),\"\")","v":581},"A4.0","A4.0, A2.1 C",null,"20A - (3'-0\"X5'-9\") Casement Window egress, Rake, Fully Tempered, Fixed Corner , Manufacturer: Marvin Signature",1,{"v":0,"d":"0%"},1,"EA",{"v":196.65,"d":"$196.7"},{"v":196.65,"d":"$196.65"},{"v":517.5,"d":"$517.50"},{"v":517.5,"d":"$517.50"},{"v":714.15,"d":"$714.2"},{"v":714.15,"d":"$714"}]
[{"$f":"IF(I790<>\"\",1+MAX($A$6:A789),\"\")","v":582},"A4.0","A4.0, A2.1 C",null,"20B - (15'-0\", 2'-0\"X8'-3\", 5'-9\") Picture Window egress, Rake, Fully Tempered, Fixed Corner , Manufacturer: Marvin Signature",1,{"v":0,"d":"0%"},1,"EA",{"v":2761.65,"d":"$2,761.7"},{"v":2761.65,"d":"$2,761.65"},{"v":7267.5,"d":"$7,267.50"},{"v":7267.5,"d":"$7,267.50"},{"v":10029.15,"d":"$10,029.2"},{"v":10029.15,"d":"$10,029"}]
[{"$f":"IF(I791<>\"\",1+MAX($A$6:A790),\"\")","v":583},"A4.0","A4.0, A2.1 C",null,"21 - (3'-0\"X6'-0\") Casement Window fully Tempered, Obscure Glazing, Manufacturer: Marvin Signature",1,{"v":0,"d":"0%"},1,"EA",{"v":205.2,"d":"$205.2"},{"v":205.2,"d":"$205.20"},{"v":540,"d":"$540.00"},{"v":540,"d":"$540.00"},{"v":745.2,"d":"$745.2"},{"v":745.2,"d":"$745"}]
[{"$f":"IF(I792<>\"\",1+MAX($A$6:A791),\"\")","v":584},"A4.0","A4.0, A2.1 C",null,"22A - (2'-6\"X6'-0\") Casement Window egress. Rake, Fully Tempered, Manufacturer: Marvin Signature",1,{"v":0,"d":"0%"},1,"EA",{"v":171,"d":"$171.0"},{"v":171,"d":"$171.00"},{"v":450,"d":"$450.00"},{"v":450,"d":"$450.00"},{"v":621,"d":"$621.0"},{"v":621,"d":"$621"}]
[{"$f":"IF(I793<>\"\",1+MAX($A$6:A792),\"\")","v":585},"A4.0","A4.0, A2.1 C",null,"22B - (13'-3\"X8'-10\", 6'-8\") Picture Window egress. Rake, Fully Tempered, Manufacturer: Marvin Signature",1,{"v":0,"d":"0%"},1,"EA",{"v":2341.275,"d":"$2,341.3"},{"v":2341.275,"d":"$2,341.28"},{"v":6161.25,"d":"$6,161.25"},{"v":6161.25,"d":"$6,161.25"},{"v":8502.525,"d":"$8,502.5"},{"v":8502.525,"d":"$8,503"}]
[{"$f":"IF(I794<>\"\",1+MAX($A$6:A793),\"\")","v":586},"A4.0","A4.0, A2.1 C",null,"22C - (2'-6\"X6'-0\") Casement Window egress. Rake, Fully Tempered, Manufacturer: Marvin Signature",1,{"v":0,"d":"0%"},1,"EA",{"v":171,"d":"$171.0"},{"v":171,"d":"$171.00"},{"v":450,"d":"$450.00"},{"v":450,"d":"$450.00"},{"v":621,"d":"$621.0"},{"v":621,"d":"$621"}]
[{"$f":"IF(I795<>\"\",1+MAX($A$6:A794),\"\")","v":587},"A4.0","A4.0, A2.1 C",null,"23 - (7'-8\"X3'-0\") Picture Window, Manufacturer: Marvin Signature",1,{"v":0,"d":"0%"},1,"EA",{"v":262.31399999999996,"d":"$262.3"},{"v":262.31399999999996,"d":"$262.31"},{"v":690.3,"d":"$690.30"},{"v":690.3,"d":"$690.30"},{"v":952.6139999999999,"d":"$952.6"},{"v":952.6139999999999,"d":"$953"}]
[{"$f":"IF(I796<>\"\",1+MAX($A$6:A795),\"\")","v":588},"A4.0","A4.0, A2.1 C",null,"24 - (9'-3\"X3'-0\") Picture Window fully Tempered, Obscure Glazing, Manufacturer: Marvin Signature",1,{"v":0,"d":"0%"},1,"EA",{"v":316.35,"d":"$316.4"},{"v":316.35,"d":"$316.35"},{"v":832.5,"d":"$832.50"},{"v":832.5,"d":"$832.50"},{"v":1148.85,"d":"$1,148.9"},{"v":1148.85,"d":"$1,149"}]
[{"$f":"IF(I797<>\"\",1+MAX($A$6:A796),\"\")","v":589},"A4.0","A4.0, A2.1 C",null,"25 - (3'-0\"X3'-9\") Casement Window fully Tempered, Obscure Glazing, Manufacturer: Marvin Signature",1,{"v":0,"d":"0%"},1,"EA",{"v":128.25,"d":"$128.3"},{"v":128.25,"d":"$128.25"},{"v":337.5,"d":"$337.50"},{"v":337.5,"d":"$337.50"},{"v":465.75,"d":"$465.8"},{"v":465.75,"d":"$466"}]
[{"$f":"IF(I798<>\"\",1+MAX($A$6:A797),\"\")","v":590},"A4.0","A4.0, A2.1 C",null,"26 - (3'- 1\"X3'-9\") Casement Window fully Tempered, Obscure Glazing, Manufacturer: Marvin Signature",1,{"v":0,"d":"0%"},1,"EA",{"v":131.67,"d":"$131.7"},{"v":131.67,"d":"$131.67"},{"v":346.5,"d":"$346.50"},{"v":346.5,"d":"$346.50"},{"v":478.16999999999996,"d":"$478.2"},{"v":478.16999999999996,"d":"$478"}]
[{"$f":"IF(I799<>\"\",1+MAX($A$6:A798),\"\")","v":591},"A4.0","A4.0, A2.1 C",null,"27 - (3'-7\"X3'-9\") Casement Window, Manufacturer: Marvin Signature",1,{"v":0,"d":"0%"},1,"EA",{"v":153.04500000000002,"d":"$153.0"},{"v":153.04500000000002,"d":"$153.05"},{"v":402.75,"d":"$402.75"},{"v":402.75,"d":"$402.75"},{"v":555.7950000000001,"d":"$555.8"},{"v":555.7950000000001,"d":"$556"}]
[{"$f":"IF(I800<>\"\",1+MAX($A$6:A799),\"\")","v":""}]
[{"$f":"IF(I801<>\"\",1+MAX($A$6:A800),\"\")","v":""},{"$nulls":3},"SKY LIGHT WINDOW"]
[{"$f":"IF(I802<>\"\",1+MAX($A$6:A801),\"\")","v":592},"A4.0","A4.0, A2.1 B, A2.1C",null,"S 1 - (2'- 10\"X2'-10\") Electrical Operated Skylight, Manufacturer: Velux (Velux Vce 3434)",1,{"v":0,"d":"0%"},{"$f":"F802*(1+G802)","v":1},"EA",{"v":91.30146,"d":"$91.3"},{"$f":"J802*H802","v":{"v":91.30146,"d":"$91.30"}},{"v":240.26700000000002,"d":"$240.27"},{"$f":"L802*H802","v":{"v":240.26700000000002,"d":"$240.27"}},{"v":331.56846,"d":"$331.6"},{"$f":"N802*H802","v":{"v":331.56846,"d":"$332"}}]
[{"$f":"IF(I803<>\"\",1+MAX($A$6:A802),\"\")","v":593},"A4.0","A4.0, A2.1 B, A2.1C",null,"S2 - (2'-10\"X2'-10\") Electrical Operated Skylight, Manufacturer: Velux (Velux Vce 3434)",1,{"v":0,"d":"0%"},1,"EA",{"v":91.30146,"d":"$91.3"},{"v":91.30146,"d":"$91.30"},{"v":240.26700000000002,"d":"$240.27"},{"v":240.26700000000002,"d":"$240.27"},{"v":331.56846,"d":"$331.6"},{"v":331.56846,"d":"$332"}]
[{"$f":"IF(I804<>\"\",1+MAX($A$6:A803),\"\")","v":594},"A4.0","A4.0, A2.1 B, A2.1C",null,"S3 - (2'-10\"X2'-10\") Electrical Operated Skylight, Manufacturer: Velux (Velux Vce 3434)",1,{"v":0,"d":"0%"},1,"EA",{"v":91.30146,"d":"$91.3"},{"v":91.30146,"d":"$91.30"},{"v":240.26700000000002,"d":"$240.27"},{"v":240.26700000000002,"d":"$240.27"},{"v":331.56846,"d":"$331.6"},{"v":331.56846,"d":"$332"}]
[{"$f":"IF(I805<>\"\",1+MAX($A$6:A804),\"\")","v":595},"A4.0","A4.0, A2.1 B, A2.1C",null,"S4 - (2'-10\"X2'-10\") Electrical Operated Skylight, Manufacturer: Velux (Velux Vce 3434)",1,{"v":0,"d":"0%"},1,"EA",{"v":91.30146,"d":"$91.3"},{"v":91.30146,"d":"$91.30"},{"v":240.26700000000002,"d":"$240.27"},{"v":240.26700000000002,"d":"$240.27"},{"v":331.56846,"d":"$331.6"},{"v":331.56846,"d":"$332"}]
[{"$f":"IF(I806<>\"\",1+MAX($A$6:A805),\"\")","v":596},"A4.0","A4.0, A2.1 B, A2.1C",null,"S5 - (2'-10\"X2'-10\") Electrical Operated Skylight, Manufacturer: Velux (Velux Vce 3434)",1,{"v":0,"d":"0%"},1,"EA",{"v":91.30146,"d":"$91.3"},{"v":91.30146,"d":"$91.30"},{"v":240.26700000000002,"d":"$240.27"},{"v":240.26700000000002,"d":"$240.27"},{"v":331.56846,"d":"$331.6"},{"v":331.56846,"d":"$332"}]
[{"$f":"IF(I807<>\"\",1+MAX($A$6:A806),\"\")","v":597},"A4.0","A4.0, A2.1 B, A2.1C",null,"S6 - (1'-10\"X1'-10\") Electrical Operated Skylight, Manufacturer: Velux (Velux Vce 3434)",1,{"v":0,"d":"0%"},1,"EA",{"v":38.17746,"d":"$38.2"},{"v":38.17746,"d":"$38.18"},{"v":100.46700000000001,"d":"$100.47"},{"v":100.46700000000001,"d":"$100.47"},{"v":138.64446,"d":"$138.6"},{"v":138.64446,"d":"$139"}]
[{"$f":"IF(I808<>\"\",1+MAX($A$6:A807),\"\")","v":598},"A4.0","A4.0, A2.1 B, A2.1C",null,"S7 - (1'- 10\"X1'-10\") Electrical Operated Skylight, Manufacturer: Velux (Velux Vce 3434)",1,{"v":0,"d":"0%"},1,"EA",{"v":38.17746,"d":"$38.2"},{"v":38.17746,"d":"$38.18"},{"v":100.46700000000001,"d":"$100.47"},{"v":100.46700000000001,"d":"$100.47"},{"v":138.64446,"d":"$138.6"},{"v":138.64446,"d":"$139"}]
[{"$f":"IF(I809<>\"\",1+MAX($A$6:A808),\"\")","v":599},"A4.0","A4.0, A2.1 B, A2.1C",null,"S8 - (1'- 10\"X1'-10\") Electrical Operated Skylight, Manufacturer: Velux (Velux Vce 3434)",1,{"v":0,"d":"0%"},1,"EA",{"v":38.17746,"d":"$38.2"},{"v":38.17746,"d":"$38.18"},{"v":100.46700000000001,"d":"$100.47"},{"v":100.46700000000001,"d":"$100.47"},{"v":138.64446,"d":"$138.6"},{"v":138.64446,"d":"$139"}]
[{"$f":"IF(I810<>\"\",1+MAX($A$6:A809),\"\")","v":600},"A4.0","A4.0, A2.1 B, A2.1C",null,"S9 - (1'-10\"X1'-10\") Electrical Operated Skylight, Manufacturer: Velux (Velux Vce 3434)",1,{"v":0,"d":"0%"},1,"EA",{"v":38.17746,"d":"$38.2"},{"v":38.17746,"d":"$38.18"},{"v":100.46700000000001,"d":"$100.47"},{"v":100.46700000000001,"d":"$100.47"},{"v":138.64446,"d":"$138.6"},{"v":138.64446,"d":"$139"}]
[{"$f":"IF(I811<>\"\",1+MAX($A$6:A810),\"\")","v":""}]
[{"$f":"IF(I812<>\"\",1+MAX($A$6:A811),\"\")","v":""},null,null,"DIV. 09","FINISHES",{"$nulls":10},{"$f":"SUM(O819:O1356)","v":{"v":470625.6737267761,"d":"$470,626"}}]
[{"$f":"IF(I813<>\"\",1+MAX($A$6:A812),\"\")","v":""}]
[{"$f":"IF(I814<>\"\",1+MAX($A$6:A813),\"\")","v":""},{"$nulls":3},"BASEMENT FLOOR"]
[{"$f":"IF(I815<>\"\",1+MAX($A$6:A814),\"\")","v":""}]
[{"$f":"IF(I816<>\"\",1+MAX($A$6:A815),\"\")","v":""},{"$nulls":3},"DRYWALLS"]
[{"$f":"IF(I817<>\"\",1+MAX($A$6:A816),\"\")","v":""}]
[{"$f":"IF(I818<>\"\",1+MAX($A$6:A817),\"\")","v":""},{"$nulls":3},"FURRING WALLS - (2\"X6\")",{"v":102.73,"d":"103"},9]
[{"$f":"IF(I819<>\"\",1+MAX($A$6:A818),\"\")","v":""}]
[{"$f":"IF(I820<>\"\",1+MAX($A$6:A819),\"\")","v":601},"A2.1A","A2.1A, A8.2, A5.0",null,"5/8\" Type X Gypsum Wall Board - (4'X8' ea.) - One Side",{"$f":"F818*G818/32","v":{"v":28.8928125,"d":"29"}},{"v":0,"d":"0%"},{"$f":"F820*(1+G820)","v":{"v":28.8928125,"d":"29"}},"EA",{"v":62,"d":"$62.0"},{"$f":"J820*H820","v":{"v":1791.3543750000001,"d":"$1,791.35"}},{"v":14,"d":"$14.00"},{"$f":"L820*H820","v":{"v":404.49937500000004,"d":"$404.50"}},{"v":76,"d":"$76.0"},{"$f":"N820*H820","v":{"v":2195.85375,"d":"$2,196"}}]
[{"$f":"IF(I821<>\"\",1+MAX($A$6:A820),\"\")","v":602},"A2.1A","A2.1A, A8.2, A5.0",null,"R-21 Batt Insulation",{"$f":"F818*G818","v":{"v":924.57,"d":"925"}},{"v":0.1,"d":"10%"},{"v":1017.0270000000002,"d":"1017"},"SF",{"v":1.147,"d":"$1.1"},{"v":1166.5299690000002,"d":"$1,166.53"},{"v":0.7030000000000001,"d":"$0.70"},{"v":714.9699810000002,"d":"$714.97"},{"v":1.85,"d":"$1.9"},{"v":1881.4999500000004,"d":"$1,881"}]
[{"$f":"IF(I822<>\"\",1+MAX($A$6:A821),\"\")","v":603},"A2.1A","A2.1A, A8.2, A5.0",null,"Acoustic Sealant",{"$f":"F818*2","v":{"v":205.46,"d":"205"}},{"v":0.1,"d":"10%"},{"v":226.00600000000003,"d":"226"},"LF",{"v":3.35,"d":"$3.4"},{"v":757.1201000000001,"d":"$757.12"},{"v":1.6500000000000001,"d":"$1.65"},{"v":372.90990000000005,"d":"$372.91"},{"v":5,"d":"$5.0"},{"v":1130.0300000000002,"d":"$1,130"}]
[{"$f":"IF(I823<>\"\",1+MAX($A$6:A822),\"\")","v":604},"A2.1A","A2.1A, A8.2, A5.0",null,"(2\"x6\") Pressure Treated Plate @ Bottom",{"$f":"F818*1","v":{"v":102.73,"d":"103"}},{"v":0.1,"d":"10%"},{"v":113.00300000000001,"d":"113"},"LF",{"v":2.48,"d":"$2.48"},{"v":280.24744000000004,"d":"$280.25"},{"v":1.52,"d":"$1.52"},{"v":171.76456000000002,"d":"$171.76"},{"v":4,"d":"$4.0"},{"v":452.01200000000006,"d":"$452"}]
[{"$f":"IF(I824<>\"\",1+MAX($A$6:A823),\"\")","v":605},"A2.1A","A2.1A, A8.2, A5.0",null,"(2\"x6\") Pressure Treated Plate @ Top (Double Plate)",{"$f":"F818*2","v":{"v":205.46,"d":"205"}},{"v":0.1,"d":"10%"},{"v":226.00600000000003,"d":"226"},"LF",{"v":2.48,"d":"$2.48"},{"v":560.4948800000001,"d":"$560.49"},{"v":1.52,"d":"$1.52"},{"v":343.52912000000003,"d":"$343.53"},{"v":4,"d":"$4.0"},{"v":904.0240000000001,"d":"$904"}]
[{"$f":"IF(I825<>\"\",1+MAX($A$6:A824),\"\")","v":606},"A2.1A","A2.1A, A8.2, A5.0",null,"(2\"x6\") Wooden Studs @ 16\" O.C. - 9' High",{"$f":"F818/1.33","v":{"v":77.2406015037594,"d":"77"}},{"v":0,"d":"0%"},{"v":77.2406015037594,"d":"77"},"EA",{"v":22.32,"d":"$22.32"},{"v":1724.0102255639097,"d":"$1,724.01"},{"v":13.68,"d":"$13.68"},{"v":1056.6514285714284,"d":"$1,056.65"},{"v":36,"d":"$36.0"},{"v":2780.6616541353383,"d":"$2,781"}]
[{"$f":"IF(I826<>\"\",1+MAX($A$6:A825),\"\")","v":""}]
[{"$f":"IF(I827<>\"\",1+MAX($A$6:A826),\"\")","v":""},{"$nulls":3},"FURRING WALLS - (2\"X6\") - ONE SIDE MOISTURE RESISTANT",{"v":16.07,"d":"16"},9]
[{"$f":"IF(I828<>\"\",1+MAX($A$6:A827),\"\")","v":""}]
[{"$f":"IF(I829<>\"\",1+MAX($A$6:A828),\"\")","v":607},"A2.1A","A2.1A, A8.2, A5.0",null,"5/8\" Cement Board Or Tile Backer Board - (4'X8' ea.) - One Side",{"$f":"F827*G827/32","v":{"v":4.5196875,"d":"5"}},{"v":0,"d":"0%"},{"$f":"F829*(1+G829)","v":{"v":4.5196875,"d":"5"}},"EA",{"v":70,"d":"$70.0"},{"$f":"J829*H829","v":{"v":316.378125,"d":"$316.38"}},{"v":20,"d":"$20.00"},{"$f":"L829*H829","v":{"v":90.39375,"d":"$90.39"}},{"v":90,"d":"$90.0"},{"$f":"N829*H829","v":{"v":406.77187499999997,"d":"$407"}}]
[{"$f":"IF(I830<>\"\",1+MAX($A$6:A829),\"\")","v":608},"A2.1A","A2.1A, A8.2, A5.0",null,"R-21 Batt Insulation",{"$f":"F827*G827","v":{"v":144.63,"d":"145"}},{"v":0.1,"d":"10%"},{"v":159.09300000000002,"d":"159"},"SF",{"v":1.147,"d":"$1.1"},{"v":182.47967100000002,"d":"$182.48"},{"v":0.7030000000000001,"d":"$0.70"},{"v":111.84237900000002,"d":"$111.84"},{"v":1.85,"d":"$1.9"},{"v":294.32205000000005,"d":"$294"}]
[{"$f":"IF(I831<>\"\",1+MAX($A$6:A830),\"\")","v":609},"A2.1A","A2.1A, A8.2, A5.0",null,"Acoustic Sealant",{"$f":"F827*2","v":{"v":32.14,"d":"32"}},{"v":0.1,"d":"10%"},{"v":35.354000000000006,"d":"35"},"LF",{"v":3.35,"d":"$3.4"},{"v":118.43590000000002,"d":"$118.44"},{"v":1.6500000000000001,"d":"$1.65"},{"v":58.334100000000014,"d":"$58.33"},{"v":5,"d":"$5.0"},{"v":176.77000000000004,"d":"$177"}]
[{"$f":"IF(I832<>\"\",1+MAX($A$6:A831),\"\")","v":610},"A2.1A","A2.1A, A8.2, A5.0",null,"(2\"x6\") Pressure Treated Plate @ Bottom",{"$f":"F827*1","v":{"v":16.07,"d":"16"}},{"v":0.1,"d":"10%"},{"v":17.677000000000003,"d":"18"},"LF",{"v":2.48,"d":"$2.48"},{"v":43.83896000000001,"d":"$43.84"},{"v":1.52,"d":"$1.52"},{"v":26.869040000000005,"d":"$26.87"},{"v":4,"d":"$4.0"},{"v":70.70800000000001,"d":"$71"}]
[{"$f":"IF(I833<>\"\",1+MAX($A$6:A832),\"\")","v":611},"A2.1A","A2.1A, A8.2, A5.0",null,"(2\"x6\") Pressure Treated Plate @ Top (Double Plate)",{"$f":"F827*2","v":{"v":32.14,"d":"32"}},{"v":0.1,"d":"10%"},{"v":35.354000000000006,"d":"35"},"LF",{"v":2.48,"d":"$2.48"},{"v":87.67792000000001,"d":"$87.68"},{"v":1.52,"d":"$1.52"},{"v":53.73808000000001,"d":"$53.74"},{"v":4,"d":"$4.0"},{"v":141.41600000000003,"d":"$141"}]
[{"$f":"IF(I834<>\"\",1+MAX($A$6:A833),\"\")","v":612},"A2.1A","A2.1A, A8.2, A5.0",null,"(2\"x6\") Wooden Studs @ 16\" O.C. - 9' High",{"$f":"F827/1.33","v":{"v":12.082706766917292,"d":"12"}},{"v":0,"d":"0%"},{"v":12.082706766917292,"d":"12"},"EA",{"v":22.32,"d":"$22.32"},{"v":269.68601503759396,"d":"$269.69"},{"v":13.68,"d":"$13.68"},{"v":165.29142857142855,"d":"$165.29"},{"v":36,"d":"$36.0"},{"v":434.97744360902254,"d":"$435"}]
[{"$f":"IF(I835<>\"\",1+MAX($A$6:A834),\"\")","v":""}]
[{"$f":"IF(I836<>\"\",1+MAX($A$6:A835),\"\")","v":""},{"$nulls":3},"FURRING WALLS - (2\"X10\")",{"v":24.6,"d":"25"},9]
[{"$f":"IF(I837<>\"\",1+MAX($A$6:A836),\"\")","v":""}]
[{"$f":"IF(I838<>\"\",1+MAX($A$6:A837),\"\")","v":613},"A2.1A","A2.1A, A8.2, A5.0",null,"5/8\" Type X Gypsum Wall Board - (4'X8' ea.) - One Side",{"$f":"F836*G836/32","v":{"v":6.91875,"d":"7"}},{"v":0,"d":"0%"},{"$f":"F838*(1+G838)","v":{"v":6.91875,"d":"7"}},"EA",{"v":62,"d":"$62.0"},{"$f":"J838*H838","v":{"v":428.96250000000003,"d":"$428.96"}},{"v":14,"d":"$14.00"},{"$f":"L838*H838","v":{"v":96.8625,"d":"$96.86"}},{"v":76,"d":"$76.0"},{"$f":"N838*H838","v":{"v":525.825,"d":"$526"}}]
[{"$f":"IF(I839<>\"\",1+MAX($A$6:A838),\"\")","v":614},"A2.1A","A2.1A, A8.2, A5.0",null,"R-21 Batt Insulation",{"$f":"F836*G836","v":{"v":221.4,"d":"221"}},{"v":0.1,"d":"10%"},{"v":243.54000000000002,"d":"244"},"SF",{"v":1.147,"d":"$1.1"},{"$f":"J839*H839","v":{"v":279.34038000000004,"d":"$279.34"}},{"v":0.7030000000000001,"d":"$0.70"},{"$f":"L839*H839","v":{"v":171.20862000000002,"d":"$171.21"}},{"v":1.85,"d":"$1.9"},{"v":450.54900000000004,"d":"$451"}]
[{"$f":"IF(I840<>\"\",1+MAX($A$6:A839),\"\")","v":615},"A2.1A","A2.1A, A8.2, A5.0",null,"Acoustic Sealant",{"$f":"F836*2","v":{"v":49.2,"d":"49"}},{"v":0.1,"d":"10%"},{"v":54.120000000000005,"d":"54"},"LF",{"v":3.35,"d":"$3.4"},{"$f":"J840*H840","v":{"v":181.30200000000002,"d":"$181.30"}},{"v":1.6500000000000001,"d":"$1.65"},{"$f":"L840*H840","v":{"v":89.29800000000002,"d":"$89.30"}},{"v":5,"d":"$5.0"},{"v":270.6,"d":"$271"}]
[{"$f":"IF(I841<>\"\",1+MAX($A$6:A840),\"\")","v":616},"A2.1A","A2.1A, A8.2, A5.0",null,"(2\"x10\") Pressure Treated Plate @ Bottom",{"$f":"F836*1","v":{"v":24.6,"d":"25"}},{"v":0.1,"d":"10%"},{"v":27.060000000000002,"d":"27"},"LF",{"v":4.34,"d":"$4.3"},{"$f":"J841*H841","v":{"v":117.44040000000001,"d":"$117.44"}},{"v":2.66,"d":"$2.66"},{"$f":"L841*H841","v":{"v":71.9796,"d":"$71.98"}},{"v":7,"d":"$7.0"},{"v":189.42000000000002,"d":"$189"}]
[{"$f":"IF(I842<>\"\",1+MAX($A$6:A841),\"\")","v":617},"A2.1A","A2.1A, A8.2, A5.0",null,"(2\"x10\") Pressure Treated Plate @ Top (Double Plate)",{"$f":"F836*2","v":{"v":49.2,"d":"49"}},{"v":0.1,"d":"10%"},{"v":54.120000000000005,"d":"54"},"LF",{"v":4.34,"d":"$4.3"},{"$f":"J842*H842","v":{"v":234.88080000000002,"d":"$234.88"}},{"v":2.66,"d":"$2.66"},{"v":143.9592,"d":"$143.96"},{"v":7,"d":"$7.0"},{"v":378.84000000000003,"d":"$379"}]
[{"$f":"IF(I843<>\"\",1+MAX($A$6:A842),\"\")","v":618},"A2.1A","A2.1A, A8.2, A5.0",null,"(2\"x10\") Wooden Studs @ 16\" O.C. - 9' High",{"$f":"F836/1.33","v":{"v":18.49624060150376,"d":"18"}},{"v":0,"d":"0%"},{"v":18.49624060150376,"d":"18"},"EA",{"v":39.06,"d":"$39.1"},{"v":722.4631578947369,"d":"$722.46"},{"v":23.94,"d":"$23.94"},{"v":442.80000000000007,"d":"$442.80"},{"v":63,"d":"$63.0"},{"v":1165.2631578947369,"d":"$1,165"}]
[{"$f":"IF(I844<>\"\",1+MAX($A$6:A843),\"\")","v":""}]
[{"$f":"IF(I845<>\"\",1+MAX($A$6:A844),\"\")","v":""},{"$nulls":3},"INTERIOR WALLS - (2\"X4\")",{"v":88.93,"d":"89"},9]
[{"$f":"IF(I846<>\"\",1+MAX($A$6:A845),\"\")","v":""}]
[{"$f":"IF(I847<>\"\",1+MAX($A$6:A846),\"\")","v":619},"A2.1A","A2.1A, A8.2, A5.0",null,"5/8\" Type X Gypsum Wall Board - (4'X8' ea.) - Both Side",{"$f":"F845*G845*2/32","v":{"v":50.02312500000001,"d":"50"}},{"v":0,"d":"0%"},{"$f":"F847*(1+G847)","v":{"v":50.02312500000001,"d":"50"}},"EA",{"v":62,"d":"$62.0"},{"$f":"J847*H847","v":{"v":3101.4337500000006,"d":"$3,101.43"}},{"v":14,"d":"$14.00"},{"$f":"L847*H847","v":{"v":700.3237500000001,"d":"$700.32"}},{"v":76,"d":"$76.0"},{"$f":"N847*H847","v":{"v":3801.7575000000006,"d":"$3,802"}}]
[{"$f":"IF(I848<>\"\",1+MAX($A$6:A847),\"\")","v":620},"A2.1A","A2.1A, A8.2, A5.0",null,"R-13 Batt Insulation",{"$f":"F845*G845","v":{"v":800.3700000000001,"d":"800"}},{"v":0.1,"d":"10%"},{"$f":"F848*(1+G848)","v":{"v":880.4070000000002,"d":"880"}},"SF",{"v":0.744,"d":"$0.7"},{"v":655.022808,"d":"$655.02"},{"v":0.45599999999999996,"d":"$0.46"},{"v":401.465592,"d":"$401.47"},{"v":1.2,"d":"$1.20"},{"v":1056.4884000000002,"d":"$1,056"}]
[{"$f":"IF(I849<>\"\",1+MAX($A$6:A848),\"\")","v":621},"A2.1A","A2.1A, A8.2, A5.0",null,"Acoustic Sealant",{"$f":"F845*4","v":{"v":355.72,"d":"356"}},{"v":0.1,"d":"10%"},{"v":391.2920000000001,"d":"391"},"LF",{"v":3.35,"d":"$3.4"},{"v":1310.8282000000004,"d":"$1,310.83"},{"v":1.6500000000000001,"d":"$1.65"},{"v":645.6318000000002,"d":"$645.63"},{"v":5,"d":"$5.0"},{"v":1956.4600000000005,"d":"$1,956"}]
[{"$f":"IF(I850<>\"\",1+MAX($A$6:A849),\"\")","v":622},"A2.1A","A2.1A, A8.2, A5.0",null,"(2\"x4\") Pressure Treated Plate @ Bottom",{"$f":"F845*1","v":{"v":88.93,"d":"89"}},{"v":0.1,"d":"10%"},{"v":97.82300000000002,"d":"98"},"LF",{"v":1.8599999999999999,"d":"$1.86"},{"v":181.95078000000004,"d":"$181.95"},{"v":1.1400000000000001,"d":"$1.14"},{"v":111.51822000000004,"d":"$111.52"},{"v":3,"d":"$3.0"},{"v":293.46900000000005,"d":"$293"}]
[{"$f":"IF(I851<>\"\",1+MAX($A$6:A850),\"\")","v":623},"A2.1A","A2.1A, A8.2, A5.0",null,"(2\"x4\") Pressure Treated Plate @ Top (Double Plate)",{"$f":"F845*2","v":{"v":177.86,"d":"178"}},{"v":0.1,"d":"10%"},{"v":195.64600000000004,"d":"196"},"LF",{"v":1.8599999999999999,"d":"$1.86"},{"v":363.9015600000001,"d":"$363.90"},{"v":1.1400000000000001,"d":"$1.14"},{"v":223.03644000000008,"d":"$223.04"},{"v":3,"d":"$3.0"},{"v":586.9380000000001,"d":"$587"}]
[{"$f":"IF(I852<>\"\",1+MAX($A$6:A851),\"\")","v":624},"A2.1A","A2.1A, A8.2, A5.0",null,"(2\"x4\") Wooden Studs @ 16\" O.C. - 9' High",{"$f":"F845/1.33","v":{"v":66.86466165413535,"d":"67"}},{"v":0,"d":"0%"},{"v":66.86466165413535,"d":"67"},"EA",{"v":16.74,"d":"$16.74"},{"v":1119.3144360902256,"d":"$1,119.31"},{"v":10.26,"d":"$10.26"},{"v":686.0314285714286,"d":"$686.03"},{"v":27,"d":"$27.0"},{"v":1805.3458646616543,"d":"$1,805"}]
[{"$f":"IF(I853<>\"\",1+MAX($A$6:A852),\"\")","v":""}]
[{"$f":"IF(I854<>\"\",1+MAX($A$6:A853),\"\")","v":""},{"$nulls":3},"INTERIOR WALLS - (2\"X4\") - ONE SIDE WEATHER RESISTANT",{"v":41.41,"d":"41"},9]
[{"$f":"IF(I855<>\"\",1+MAX($A$6:A854),\"\")","v":""}]
[{"$f":"IF(I856<>\"\",1+MAX($A$6:A855),\"\")","v":625},"A2.1A","A2.1A, A8.2, A5.0",null,"5/8\" Type X Gypsum Wall Board - (4'X8' ea.) - One Side",{"$f":"F854*G854/32","v":{"v":11.646562499999998,"d":"12"}},{"v":0,"d":"0%"},{"$f":"F856*(1+G856)","v":{"v":11.646562499999998,"d":"12"}},"EA",{"v":62,"d":"$62.0"},{"$f":"J856*H856","v":{"v":722.0868749999998,"d":"$722.09"}},{"v":14,"d":"$14.00"},{"$f":"L856*H856","v":{"v":163.05187499999997,"d":"$163.05"}},{"v":76,"d":"$76.0"},{"$f":"N856*H856","v":{"v":885.1387499999998,"d":"$885"}}]
[{"$f":"IF(I857<>\"\",1+MAX($A$6:A856),\"\")","v":626},"A2.1A","A2.1A, A8.2, A5.0",null,"5/8\" Cement Board Or Tile Backer Board - (4'X8' ea.) - One Side",{"$f":"F854*G854/32","v":{"v":11.646562499999998,"d":"12"}},{"v":0,"d":"0%"},{"$f":"F857*(1+G857)","v":{"v":11.646562499999998,"d":"12"}},"EA",{"v":70,"d":"$70.0"},{"v":815.2593749999999,"d":"$815.26"},{"v":20,"d":"$20.00"},{"v":232.93124999999998,"d":"$232.93"},{"v":90,"d":"$90.0"},{"v":1048.1906249999997,"d":"$1,048"}]
[{"$f":"IF(I858<>\"\",1+MAX($A$6:A857),\"\")","v":627},"A2.1A","A2.1A, A8.2, A5.0",null,"R-13 Batt Insulation",{"$f":"F854*G854","v":{"v":372.68999999999994,"d":"373"}},{"v":0.1,"d":"10%"},{"$f":"F858*(1+G858)","v":{"v":409.95899999999995,"d":"410"}},"SF",{"v":0.744,"d":"$0.7"},{"v":305.00949599999996,"d":"$305.01"},{"v":0.45599999999999996,"d":"$0.46"},{"v":186.94130399999995,"d":"$186.94"},{"v":1.2,"d":"$1.20"},{"v":491.9507999999999,"d":"$492"}]
[{"$f":"IF(I859<>\"\",1+MAX($A$6:A858),\"\")","v":628},"A2.1A","A2.1A, A8.2, A5.0",null,"Acoustic Sealant",{"$f":"F854*4","v":{"v":165.64,"d":"166"}},{"v":0.1,"d":"10%"},{"v":182.204,"d":"182"},"LF",{"v":3.35,"d":"$3.4"},{"v":610.3834,"d":"$610.38"},{"v":1.6500000000000001,"d":"$1.65"},{"v":300.63660000000004,"d":"$300.64"},{"v":5,"d":"$5.0"},{"v":911.02,"d":"$911"}]
[{"$f":"IF(I860<>\"\",1+MAX($A$6:A859),\"\")","v":629},"A2.1A","A2.1A, A8.2, A5.0",null,"(2\"x4\") Pressure Treated Plate @ Bottom",{"$f":"F854*1","v":{"v":41.41,"d":"41"}},{"v":0.1,"d":"10%"},{"v":45.551,"d":"46"},"LF",{"v":1.8599999999999999,"d":"$1.86"},{"v":84.72485999999999,"d":"$84.72"},{"v":1.1400000000000001,"d":"$1.14"},{"v":51.928140000000006,"d":"$51.93"},{"v":3,"d":"$3.0"},{"v":136.65300000000002,"d":"$137"}]
[{"$f":"IF(I861<>\"\",1+MAX($A$6:A860),\"\")","v":630},"A2.1A","A2.1A, A8.2, A5.0",null,"(2\"x4\") Pressure Treated Plate @ Top (Double Plate)",{"$f":"F854*2","v":{"v":82.82,"d":"83"}},{"v":0.1,"d":"10%"},{"v":91.102,"d":"91"},"LF",{"v":1.8599999999999999,"d":"$1.86"},{"v":169.44971999999999,"d":"$169.45"},{"v":1.1400000000000001,"d":"$1.14"},{"v":103.85628000000001,"d":"$103.86"},{"v":3,"d":"$3.0"},{"v":273.30600000000004,"d":"$273"}]
[{"$f":"IF(I862<>\"\",1+MAX($A$6:A861),\"\")","v":631},"A2.1A","A2.1A, A8.2, A5.0",null,"(2\"x4\") Wooden Studs @ 16\" O.C. - 9' High",{"$f":"F854/1.33","v":{"v":31.135338345864657,"d":"31"}},{"v":0,"d":"0%"},{"v":31.135338345864657,"d":"31"},"EA",{"v":16.74,"d":"$16.74"},{"v":521.2055639097744,"d":"$521.21"},{"v":10.26,"d":"$10.26"},{"v":319.44857142857137,"d":"$319.45"},{"v":27,"d":"$27.0"},{"v":840.6541353383458,"d":"$841"}]
[{"$f":"IF(I863<>\"\",1+MAX($A$6:A862),\"\")","v":""}]
[{"$f":"IF(I864<>\"\",1+MAX($A$6:A863),\"\")","v":""},{"$nulls":3},"INTERIOR WALLS - (2\"X4\") - BOTH SIDE WEATHER RESISTANT",{"v":3.45,"d":"3"},9]
[{"$f":"IF(I865<>\"\",1+MAX($A$6:A864),\"\")","v":""}]
[{"$f":"IF(I866<>\"\",1+MAX($A$6:A865),\"\")","v":632},"A2.1A","A2.1A, A8.2, A5.0",null,"5/8\" Cement Board Or Tile Backer Board - (4'X8' ea.) - Both Side",{"$f":"F864*G864*2/32","v":{"v":1.940625,"d":"2"}},{"v":0,"d":"0%"},{"$f":"F866*(1+G866)","v":{"v":1.940625,"d":"2"}},"EA",{"v":70,"d":"$70.0"},{"$f":"J866*H866","v":{"v":135.84375,"d":"$135.84"}},{"v":20,"d":"$20.00"},{"$f":"L866*H866","v":{"v":38.8125,"d":"$38.81"}},{"v":90,"d":"$90.0"},{"$f":"N866*H866","v":{"v":174.65625,"d":"$175"}}]
[{"$f":"IF(I867<>\"\",1+MAX($A$6:A866),\"\")","v":633},"A2.1A","A2.1A, A8.2, A5.0",null,"R-13 Batt Insulation",{"$f":"F864*G864","v":{"v":31.05,"d":"31"}},{"v":0.1,"d":"10%"},{"$f":"F867*(1+G867)","v":{"v":34.155,"d":"34"}},"SF",{"v":0.744,"d":"$0.7"},{"v":25.41132,"d":"$25.41"},{"v":0.45599999999999996,"d":"$0.46"},{"v":15.574679999999999,"d":"$15.57"},{"v":1.2,"d":"$1.20"},{"v":40.986,"d":"$41"}]
[{"$f":"IF(I868<>\"\",1+MAX($A$6:A867),\"\")","v":634},"A2.1A","A2.1A, A8.2, A5.0",null,"Acoustic Sealant",{"$f":"F864*4","v":{"v":13.8,"d":"14"}},{"v":0.1,"d":"10%"},{"v":15.180000000000001,"d":"15"},"LF",{"v":3.35,"d":"$3.4"},{"v":50.85300000000001,"d":"$50.85"},{"v":1.6500000000000001,"d":"$1.65"},{"v":25.047000000000004,"d":"$25.05"},{"v":5,"d":"$5.0"},{"v":75.9,"d":"$76"}]
[{"$f":"IF(I869<>\"\",1+MAX($A$6:A868),\"\")","v":635},"A2.1A","A2.1A, A8.2, A5.0",null,"(2\"x4\") Pressure Treated Plate @ Bottom",{"$f":"F864*1","v":{"v":3.45,"d":"3"}},{"v":0.1,"d":"10%"},{"v":3.7950000000000004,"d":"4"},"LF",{"v":1.8599999999999999,"d":"$1.86"},{"v":7.0587,"d":"$7.06"},{"v":1.1400000000000001,"d":"$1.14"},{"v":4.326300000000001,"d":"$4.33"},{"v":3,"d":"$3.0"},{"v":11.385000000000002,"d":"$11"}]
[{"$f":"IF(I870<>\"\",1+MAX($A$6:A869),\"\")","v":636},"A2.1A","A2.1A, A8.2, A5.0",null,"(2\"x4\") Pressure Treated Plate @ Top (Double Plate)",{"$f":"F864*2","v":{"v":6.9,"d":"7"}},{"v":0.1,"d":"10%"},{"v":7.590000000000001,"d":"8"},"LF",{"v":1.8599999999999999,"d":"$1.86"},{"v":14.1174,"d":"$14.12"},{"v":1.1400000000000001,"d":"$1.14"},{"v":8.652600000000001,"d":"$8.65"},{"v":3,"d":"$3.0"},{"v":22.770000000000003,"d":"$23"}]
[{"$f":"IF(I871<>\"\",1+MAX($A$6:A870),\"\")","v":637},"A2.1A","A2.1A, A8.2, A5.0",null,"(2\"x4\") Wooden Studs @ 16\" O.C. - 9' High",{"$f":"F864/1.33","v":{"v":2.593984962406015,"d":"3"}},{"v":0,"d":"0%"},{"v":2.593984962406015,"d":"3"},"EA",{"v":16.74,"d":"$16.74"},{"v":43.42330827067669,"d":"$43.42"},{"v":10.26,"d":"$10.26"},{"v":26.614285714285714,"d":"$26.61"},{"v":27,"d":"$27.0"},{"v":70.03759398496241,"d":"$70"}]
[{"$f":"IF(I872<>\"\",1+MAX($A$6:A871),\"\")","v":""}]
[{"$f":"IF(I873<>\"\",1+MAX($A$6:A872),\"\")","v":""},{"$nulls":3},"INTERIOR WALLS - (2\"X6\")",{"v":24.62,"d":"25"},9]
[{"$f":"IF(I874<>\"\",1+MAX($A$6:A873),\"\")","v":""}]
[{"$f":"IF(I875<>\"\",1+MAX($A$6:A874),\"\")","v":638},"A2.1A","A2.1A, A8.2, A5.0",null,"5/8\" Type X Gypsum Wall Board - (4'X8' ea.) - Both Side",{"$f":"F873*G873*2/32","v":{"v":13.84875,"d":"14"}},{"v":0,"d":"0%"},{"$f":"F875*(1+G875)","v":{"v":13.84875,"d":"14"}},"EA",{"v":62,"d":"$62.0"},{"$f":"J875*H875","v":{"v":858.6225000000001,"d":"$858.62"}},{"v":14,"d":"$14.00"},{"$f":"L875*H875","v":{"v":193.88250000000002,"d":"$193.88"}},{"v":76,"d":"$76.0"},{"$f":"N875*H875","v":{"v":1052.505,"d":"$1,053"}}]
[{"$f":"IF(I876<>\"\",1+MAX($A$6:A875),\"\")","v":639},"A2.1A","A2.1A, A8.2, A5.0",null,"R-15 Batt Insulation",{"$f":"F873*G873","v":{"v":221.58,"d":"222"}},{"v":0.1,"d":"10%"},{"$f":"F876*(1+G876)","v":{"v":243.73800000000003,"d":"244"}},"SF",{"v":0.7936,"d":"$0.8"},{"v":193.4304768,"d":"$193.43"},{"v":0.4864,"d":"$0.49"},{"v":118.55416320000002,"d":"$118.55"},{"v":1.28,"d":"$1.28"},{"v":311.98464000000007,"d":"$312"}]
[{"$f":"IF(I877<>\"\",1+MAX($A$6:A876),\"\")","v":640},"A2.1A","A2.1A, A8.2, A5.0",null,"Acoustic Sealant",{"$f":"F873*4","v":{"v":98.48,"d":"98"}},{"v":0.1,"d":"10%"},{"v":108.32800000000002,"d":"108"},"LF",{"v":3.35,"d":"$3.4"},{"v":362.89880000000005,"d":"$362.90"},{"v":1.6500000000000001,"d":"$1.65"},{"v":178.74120000000005,"d":"$178.74"},{"v":5,"d":"$5.0"},{"v":541.6400000000001,"d":"$542"}]
[{"$f":"IF(I878<>\"\",1+MAX($A$6:A877),\"\")","v":641},"A2.1A","A2.1A, A8.2, A5.0",null,"(2\"x6\") Pressure Treated Plate @ Bottom",{"$f":"F873*1","v":{"v":24.62,"d":"25"}},{"v":0.1,"d":"10%"},{"v":27.082000000000004,"d":"27"},"LF",{"v":2.48,"d":"$2.48"},{"v":67.16336000000001,"d":"$67.16"},{"v":1.52,"d":"$1.52"},{"v":41.164640000000006,"d":"$41.16"},{"v":4,"d":"$4.0"},{"v":108.32800000000002,"d":"$108"}]
[{"$f":"IF(I879<>\"\",1+MAX($A$6:A878),\"\")","v":642},"A2.1A","A2.1A, A8.2, A5.0",null,"(2\"x6\") Pressure Treated Plate @ Top (Double Plate)",{"$f":"F873*2","v":{"v":49.24,"d":"49"}},{"v":0.1,"d":"10%"},{"v":54.16400000000001,"d":"54"},"LF",{"v":2.48,"d":"$2.48"},{"v":134.32672000000002,"d":"$134.33"},{"v":1.52,"d":"$1.52"},{"v":82.32928000000001,"d":"$82.33"},{"v":4,"d":"$4.0"},{"v":216.65600000000003,"d":"$217"}]
[{"$f":"IF(I880<>\"\",1+MAX($A$6:A879),\"\")","v":643},"A2.1A","A2.1A, A8.2, A5.0",null,"(2\"x6\") Wooden Studs @ 16\" O.C. - 9' High",{"$f":"F873/1.33","v":{"v":18.51127819548872,"d":"19"}},{"v":0,"d":"0%"},{"v":18.51127819548872,"d":"19"},"EA",{"v":22.32,"d":"$22.32"},{"v":413.1717293233083,"d":"$413.17"},{"v":13.68,"d":"$13.68"},{"v":253.2342857142857,"d":"$253.23"},{"v":36,"d":"$36.0"},{"v":666.406015037594,"d":"$666"}]
[{"$f":"IF(I881<>\"\",1+MAX($A$6:A880),\"\")","v":""}]
[{"$f":"IF(I882<>\"\",1+MAX($A$6:A881),\"\")","v":""},{"$nulls":3},"INTERIOR WALLS - (2\"X6\") - DOUBLE STUD WALL",{"v":32.3,"d":"32"},9]
[{"$f":"IF(I883<>\"\",1+MAX($A$6:A882),\"\")","v":""}]
[{"$f":"IF(I884<>\"\",1+MAX($A$6:A883),\"\")","v":644},"A2.1B","A2.1B, A8.2, A5.0",null,"R-25 Batt Insulation",{"$f":"F882*G882","v":{"v":290.7,"d":"291"}},{"v":0.1,"d":"10%"},{"$f":"F884*(1+G884)","v":{"v":319.77000000000004,"d":"320"}},"SF",{"v":1.426,"d":"$1.4"},{"$f":"J884*H884","v":{"v":455.99202,"d":"$455.99"}},{"v":0.8739999999999999,"d":"$0.87"},{"$f":"L884*H884","v":{"v":279.47898,"d":"$279.48"}},{"v":2.3,"d":"$2.3"},{"$f":"N884*H884","v":{"v":735.471,"d":"$735"}}]
[{"$f":"IF(I885<>\"\",1+MAX($A$6:A884),\"\")","v":645},"A2.1B","A2.1B, A8.2, A5.0",null,"House Wrap - Tyvek",{"$f":"F882*G882","v":{"v":290.7,"d":"291"}},{"v":0.1,"d":"10%"},{"v":319.77000000000004,"d":"320"},"SF",{"v":1.2060000000000002,"d":"$1.2"},{"v":385.6426200000001,"d":"$385.64"},{"v":0.5940000000000001,"d":"$0.59"},{"v":189.94338000000005,"d":"$189.94"},{"v":1.8,"d":"$1.8"},{"v":575.5860000000001,"d":"$576"}]
[{"$f":"IF(I886<>\"\",1+MAX($A$6:A885),\"\")","v":646},"A2.1B","A2.1B, A8.2, A5.0",null,"Acoustic Sealant",{"$f":"F882*4","v":{"v":129.2,"d":"129"}},{"v":0.1,"d":"10%"},{"v":142.12,"d":"142"},"LF",{"v":3.35,"d":"$3.4"},{"v":476.10200000000003,"d":"$476.10"},{"v":1.6500000000000001,"d":"$1.65"},{"v":234.49800000000002,"d":"$234.50"},{"v":5,"d":"$5.0"},{"v":710.6,"d":"$711"}]
[{"$f":"IF(I887<>\"\",1+MAX($A$6:A886),\"\")","v":647},"A2.1B","A2.1B, A8.2, A5.0",null,"(2\"x6\") Pressure Treated Plate @ Bottom",{"$f":"F882*2","v":{"v":64.6,"d":"65"}},{"v":0.1,"d":"10%"},{"v":71.06,"d":"71"},"LF",{"v":2.48,"d":"$2.48"},{"v":176.2288,"d":"$176.23"},{"v":1.52,"d":"$1.52"},{"v":108.0112,"d":"$108.01"},{"v":4,"d":"$4.0"},{"v":284.24,"d":"$284"}]
[{"$f":"IF(I888<>\"\",1+MAX($A$6:A887),\"\")","v":648},"A2.1B","A2.1B, A8.2, A5.0",null,"(2\"x6\") Pressure Treated Plate @ Top (Double Plate)",{"$f":"F882*4","v":{"v":129.2,"d":"129"}},{"v":0.1,"d":"10%"},{"v":142.12,"d":"142"},"LF",{"v":2.48,"d":"$2.48"},{"v":352.4576,"d":"$352.46"},{"v":1.52,"d":"$1.52"},{"v":216.0224,"d":"$216.02"},{"v":4,"d":"$4.0"},{"v":568.48,"d":"$568"}]
[{"$f":"IF(I889<>\"\",1+MAX($A$6:A888),\"\")","v":649},"A2.1B","A2.1B, A8.2, A5.0",null,"(2\"x6\") Wooden Studs @ 16\" O.C. - 9' High",{"$f":"F882*2/1.33","v":{"v":48.57142857142856,"d":"49"}},{"v":0,"d":"0%"},{"v":48.57142857142856,"d":"49"},"EA",{"v":22.32,"d":"$22.32"},{"v":1084.1142857142854,"d":"$1,084.11"},{"v":13.68,"d":"$13.68"},{"v":664.4571428571427,"d":"$664.46"},{"v":36,"d":"$36.0"},{"v":1748.5714285714282,"d":"$1,749"}]
[{"$f":"IF(I890<>\"\",1+MAX($A$6:A889),\"\")","v":""}]
[{"$f":"IF(I891<>\"\",1+MAX($A$6:A890),\"\")","v":""},{"$nulls":3},"WALL BASE"]
[{"$f":"IF(I892<>\"\",1+MAX($A$6:A891),\"\")","v":650},"ID1.0","ID0.1",null,"Wooden Base Board - (6\" H)",{"v":292.81,"d":"293"},{"v":0.1,"d":"10%"},{"$f":"F892*(1+G892)","v":{"v":322.091,"d":"322"}},"LF",{"v":2.94,"d":"$2.9"},{"$f":"J892*H892","v":{"v":946.94754,"d":"$946.95"}},{"v":4.06,"d":"$4.06"},{"$f":"L892*H892","v":{"v":1307.6894599999998,"d":"$1,307.69"}},{"v":7,"d":"$7.0"},{"$f":"N892*H892","v":{"v":2254.637,"d":"$2,255"}}]
[{"$f":"IF(I893<>\"\",1+MAX($A$6:A892),\"\")","v":""}]
[{"$f":"IF(I894<>\"\",1+MAX($A$6:A893),\"\")","v":""},{"$nulls":3},"FLOORING"]
[{"$f":"IF(I895<>\"\",1+MAX($A$6:A894),\"\")","v":651},"ID1.0","ID1.0",null,"Polished Concrete @ Basement Floor",{"v":1565.85,"d":"1,566"},{"v":0.1,"d":"10%"},{"$f":"F895*(1+G895)","v":{"v":1722.435,"d":"1722"}},"SF",{"v":5.8,"d":"$5.8"},{"$f":"J895*H895","v":{"v":9990.123,"d":"$9,990.12"}},{"v":4.2,"d":"$4.20"},{"$f":"L895*H895","v":{"v":7234.227,"d":"$7,234.23"}},{"v":10,"d":"$10.0"},{"$f":"N895*H895","v":{"v":17224.35,"d":"$17,224"}}]
[{"$f":"IF(I896<>\"\",1+MAX($A$6:A895),\"\")","v":652},"ID1.0","ID1.0",null,"Wooden Flooring @ Sauna",{"v":33.38,"d":"33"},{"v":0.1,"d":"10%"},{"v":36.718,"d":"37"},"SF",{"v":7.56,"d":"$7.6"},{"$f":"J896*H896","v":{"v":277.58808,"d":"$277.59"}},{"v":10.44,"d":"$10.44"},{"$f":"L896*H896","v":{"v":383.33592000000004,"d":"$383.34"}},{"v":18,"d":"$18.0"},{"v":660.9240000000001,"d":"$661"}]
[{"$f":"IF(I897<>\"\",1+MAX($A$6:A896),\"\")","v":653},"ID1.0","ID1.0",null,"Tile Flooring @ Bathroom",{"v":83.79,"d":"84"},{"v":0.1,"d":"10%"},{"v":92.16900000000001,"d":"92"},"SF",{"v":11.76,"d":"$11.8"},{"$f":"J897*H897","v":{"v":1083.9074400000002,"d":"$1,083.91"}},{"v":16.24,"d":"$16.24"},{"$f":"L897*H897","v":{"v":1496.82456,"d":"$1,496.82"}},{"v":28,"d":"$28.0"},{"v":2580.7320000000004,"d":"$2,581"}]
[{"$f":"IF(I898<>\"\",1+MAX($A$6:A897),\"\")","v":654},"ID1.0","ID1.0",null,"Tile Flooring @ Open Area",{"v":103.29,"d":"103"},{"v":0.1,"d":"10%"},{"v":113.61900000000001,"d":"114"},"SF",{"v":11.76,"d":"$11.8"},{"$f":"J898*H898","v":{"v":1336.1594400000001,"d":"$1,336.16"}},{"v":16.24,"d":"$16.24"},{"$f":"L898*H898","v":{"v":1845.17256,"d":"$1,845.17"}},{"v":28,"d":"$28.0"},{"v":3181.3320000000003,"d":"$3,181"}]
[{"$f":"IF(I899<>\"\",1+MAX($A$6:A898),\"\")","v":655},"ID1.0","ID1.0",null,"Tile Flooring @ Shower",{"v":30.12,"d":"30"},{"v":0.1,"d":"10%"},{"v":33.132000000000005,"d":"33"},"SF",{"v":11.76,"d":"$11.8"},{"$f":"J899*H899","v":{"v":389.63232000000005,"d":"$389.63"}},{"v":16.24,"d":"$16.24"},{"$f":"L899*H899","v":{"v":538.06368,"d":"$538.06"}},{"v":28,"d":"$28.0"},{"v":927.6960000000001,"d":"$928"}]
[{"$f":"IF(I900<>\"\",1+MAX($A$6:A899),\"\")","v":656},"ID1.0","ID1.0",null,"Sealed Concrete",{"v":18.75,"d":"19"},{"v":0.1,"d":"10%"},{"v":20.625,"d":"21"},"SF",{"v":10.44,"d":"$10.44"},{"$f":"J900*H900","v":{"v":215.325,"d":"$215.33"}},{"v":7.56,"d":"$7.56"},{"$f":"L900*H900","v":{"v":155.92499999999998,"d":"$155.93"}},{"v":18,"d":"$18.0"},{"v":371.25,"d":"$371"}]
[{"$f":"IF(I901<>\"\",1+MAX($A$6:A900),\"\")","v":""}]
[{"$f":"IF(I902<>\"\",1+MAX($A$6:A901),\"\")","v":""},{"$nulls":3},"CEILING"]
[{"$f":"IF(I903<>\"\",1+MAX($A$6:A902),\"\")","v":657},"A2.3A","A2.3A",null,"5/8\" Moisture Resistant Type \"X\" Gypsum Board Ceiling",{"$f":"147.98/32","v":{"v":4.624375,"d":"5"}},{"v":0,"d":"0%"},{"$f":"F903*(1+G903)","v":{"v":4.624375,"d":"5"}},"EA",{"v":62,"d":"$62.0"},{"$f":"J903*H903","v":{"v":286.71125,"d":"$286.71"}},{"v":16,"d":"$16.00"},{"$f":"L903*H903","v":{"v":73.99,"d":"$73.99"}},{"v":78,"d":"$78.0"},{"$f":"N903*H903","v":{"v":360.70124999999996,"d":"$361"}}]
[{"$f":"IF(I904<>\"\",1+MAX($A$6:A903),\"\")","v":658},"A2.3A","A2.3A",null,"5/8\" Type \"X\" Gypsum Board Ceiling",{"$f":"1059.06/32","v":{"v":33.095625,"d":"33"}},{"v":0,"d":"0%"},{"$f":"F904*(1+G904)","v":{"v":33.095625,"d":"33"}},"EA",{"v":62,"d":"$62.0"},{"$f":"J904*H904","v":{"v":2051.92875,"d":"$2,051.93"}},{"v":14,"d":"$14.00"},{"$f":"L904*H904","v":{"v":463.33875,"d":"$463.34"}},{"v":76,"d":"$76.0"},{"v":2515.2675,"d":"$2,515"}]
[{"$f":"IF(I905<>\"\",1+MAX($A$6:A904),\"\")","v":659},"A2.3A","A2.3A",null,"5/8\" Type \"X\" Gypsum Board Ceiling @ Underside Of Stairs",{"$f":"50.48/32","v":{"v":1.5775,"d":"2"}},{"v":0,"d":"0%"},{"$f":"F905*(1+G905)","v":{"v":1.5775,"d":"2"}},"EA",{"v":62,"d":"$62.0"},{"$f":"J905*H905","v":{"v":97.80499999999999,"d":"$97.81"}},{"v":14,"d":"$14.00"},{"$f":"L905*H905","v":{"v":22.084999999999997,"d":"$22.09"}},{"v":76,"d":"$76.0"},{"v":119.88999999999999,"d":"$120"}]
[{"$f":"IF(I906<>\"\",1+MAX($A$6:A905),\"\")","v":""}]
[{"$f":"IF(I907<>\"\",1+MAX($A$6:A906),\"\")","v":""},{"$nulls":3},"CEILING SOFFITS"]
[{"$f":"IF(I908<>\"\",1+MAX($A$6:A907),\"\")","v":660},"A2.3A","A2.3A",null,"5/8\" Type \"X\" Gypsum Board Ceiling Soffit - (4\" H)",{"$f":"43.44*0.33/32","v":{"v":0.447975,"d":"0.4"}},{"v":0,"d":"0%"},{"$f":"F908*(1+G908)","v":{"v":0.447975,"d":"0.4"}},"EA",{"v":62,"d":"$62.0"},{"$f":"J908*H908","v":{"v":27.77445,"d":"$27.77"}},{"v":14,"d":"$14.00"},{"$f":"L908*H908","v":{"v":6.27165,"d":"$6.27"}},{"v":76,"d":"$76.0"},{"$f":"N908*H908","v":{"v":34.0461,"d":"$34"}}]
[{"$f":"IF(I909<>\"\",1+MAX($A$6:A908),\"\")","v":661},"A2.3A","A2.3A",null,"5/8\" Type \"X\" Gypsum Board Ceiling Soffit - (6\" H)",{"$f":"76.07*0.5/32","v":{"v":1.18859375,"d":"1"}},{"v":0,"d":"0%"},{"$f":"F909*(1+G909)","v":{"v":1.18859375,"d":"1.2"}},"EA",{"v":62,"d":"$62.0"},{"$f":"J909*H909","v":{"v":73.69281249999999,"d":"$73.69"}},{"v":14,"d":"$14.00"},{"$f":"L909*H909","v":{"v":16.6403125,"d":"$16.64"}},{"v":76,"d":"$76.0"},{"v":90.333125,"d":"$90"}]
[{"$f":"IF(I910<>\"\",1+MAX($A$6:A909),\"\")","v":""}]
[{"$f":"IF(I911<>\"\",1+MAX($A$6:A910),\"\")","v":""},{"$nulls":3},"WOODEN CEILING"]
[{"$f":"IF(I912<>\"\",1+MAX($A$6:A911),\"\")","v":662},"A2.3A","A2.3A",null,"Grade Tongue and Groove Ceiling",{"$f":"406.9","v":{"v":406.9,"d":"407"}},{"v":0.1,"d":"10%"},{"$f":"F912*(1+G912)","v":{"v":447.59000000000003,"d":"448"}},"SF",{"v":3.71,"d":"$3.7"},{"$f":"J912*H912","v":{"v":1660.5589,"d":"$1,660.56"}},{"v":3.29,"d":"$3.29"},{"$f":"L912*H912","v":{"v":1472.5711000000001,"d":"$1,472.57"}},{"v":7,"d":"$7.0"},{"v":3133.13,"d":"$3,133"}]
[{"$f":"IF(I913<>\"\",1+MAX($A$6:A912),\"\")","v":""}]
[{"$f":"IF(I914<>\"\",1+MAX($A$6:A913),\"\")","v":""},{"$nulls":3},"INTERIOR WALL FINISHES"]
[{"$f":"IF(I915<>\"\",1+MAX($A$6:A914),\"\")","v":663},"ID2.26-ID231","ASSUMED",null,"Wooden Cladding @ Bedroom 6",{"v":172.71,"d":"173"},{"v":0.1,"d":"10%"},{"$f":"F915*(1+G915)","v":{"v":189.98100000000002,"d":"190"}},"SF",{"v":4.2,"d":"$4.2"},{"$f":"J915*H915","v":{"v":797.9202000000001,"d":"$797.92"}},{"v":5.8,"d":"$5.80"},{"$f":"L915*H915","v":{"v":1101.8898000000002,"d":"$1,101.89"}},{"v":10,"d":"$10.0"},{"$f":"N915*H915","v":{"v":1899.8100000000002,"d":"$1,900"}}]
[{"$f":"IF(I916<>\"\",1+MAX($A$6:A915),\"\")","v":664},"ID2.26-ID231","ASSUMED",null,"Wooden Covering @ Bedroom 5",{"v":110.33,"d":"110"},{"v":0.1,"d":"10%"},{"v":121.36300000000001,"d":"121"},"SF",{"v":4.2,"d":"$4.2"},{"v":509.72460000000007,"d":"$509.72"},{"v":5.8,"d":"$5.80"},{"$f":"L916*H916","v":{"v":703.9054000000001,"d":"$703.91"}},{"v":10,"d":"$10.0"},{"v":1213.63,"d":"$1,214"}]
[{"$f":"IF(I917<>\"\",1+MAX($A$6:A916),\"\")","v":665},"ID2.26-ID231","ASSUMED",null,"Wooden Covering @ Rec. Room",{"v":147.29,"d":"147"},{"v":0.1,"d":"10%"},{"v":162.019,"d":"162"},"SF",{"v":4.2,"d":"$4.2"},{"v":680.4798000000001,"d":"$680.48"},{"v":5.8,"d":"$5.80"},{"$f":"L917*H917","v":{"v":939.7102,"d":"$939.71"}},{"v":10,"d":"$10.0"},{"v":1620.19,"d":"$1,620"}]
[{"$f":"IF(I918<>\"\",1+MAX($A$6:A917),\"\")","v":666},"ID2.26-ID231","ASSUMED",null,"Wooden Covering @ Vine",{"v":212.32,"d":"212"},{"v":0.1,"d":"10%"},{"v":233.55200000000002,"d":"234"},"SF",{"v":4.2,"d":"$4.2"},{"v":980.9184000000001,"d":"$980.92"},{"v":5.8,"d":"$5.80"},{"$f":"L918*H918","v":{"v":1354.6016000000002,"d":"$1,354.60"}},{"v":10,"d":"$10.0"},{"v":2335.5200000000004,"d":"$2,336"}]
[{"$f":"IF(I919<>\"\",1+MAX($A$6:A918),\"\")","v":667},"ID2.26-ID231","ASSUMED",null,"Wall Covering @ Rec. Room",{"v":90.98,"d":"91"},{"v":0.1,"d":"10%"},{"v":100.07800000000002,"d":"100"},"SF",{"v":4.2,"d":"$4.2"},{"v":420.3276000000001,"d":"$420.33"},{"v":5.8,"d":"$5.80"},{"$f":"L919*H919","v":{"v":580.4524000000001,"d":"$580.45"}},{"v":10,"d":"$10.0"},{"v":1000.7800000000002,"d":"$1,001"}]
[{"$f":"IF(I920<>\"\",1+MAX($A$6:A919),\"\")","v":668},"ID2.26-ID231","ASSUMED",null,"Fixed Glass Panel",{"v":81.9,"d":"82"},{"v":0.1,"d":"10%"},{"v":90.09000000000002,"d":"90"},"SF",{"v":9.24,"d":"$9.2"},{"v":832.4316000000002,"d":"$832.43"},{"v":12.76,"d":"$12.76"},{"$f":"L920*H920","v":{"v":1149.5484000000001,"d":"$1,149.55"}},{"v":22,"d":"$22.0"},{"v":1981.9800000000005,"d":"$1,982"}]
[{"$f":"IF(I921<>\"\",1+MAX($A$6:A920),\"\")","v":""}]
[{"$f":"IF(I922<>\"\",1+MAX($A$6:A921),\"\")","v":""},{"$nulls":3},"WALL PAINT"]
[{"$f":"IF(I923<>\"\",1+MAX($A$6:A922),\"\")","v":669},"ID2.26-ID234","ASSUMED",null,"Wall Paint @ Gym",{"v":445.11,"d":"445"},{"v":0.1,"d":"10%"},{"$f":"F923*(1+G923)","v":{"v":489.62100000000004,"d":"490"}},"SF",{"v":1.2160000000000002,"d":"$1.2"},{"$f":"J923*H923","v":{"v":595.3791360000001,"d":"$595.38"}},{"v":0.384,"d":"$0.38"},{"$f":"L923*H923","v":{"v":188.01446400000003,"d":"$188.01"}},{"v":1.6,"d":"$1.6"},{"$f":"N923*H923","v":{"v":783.3936000000001,"d":"$783"}}]
[{"$f":"IF(I924<>\"\",1+MAX($A$6:A923),\"\")","v":670},"ID2.26-ID234","ASSUMED",null,"Wall Paint @ Bathroom 6",{"v":107.36,"d":"107"},{"v":0.1,"d":"10%"},{"v":118.096,"d":"118"},"SF",{"v":1.2160000000000002,"d":"$1.2"},{"v":143.60473600000003,"d":"$143.60"},{"v":0.384,"d":"$0.38"},{"v":45.348864,"d":"$45.35"},{"v":1.6,"d":"$1.6"},{"v":188.95360000000002,"d":"$189"}]
[{"$f":"IF(I925<>\"\",1+MAX($A$6:A924),\"\")","v":671},"ID2.26-ID234","ASSUMED",null,"Wall Paint @ Bathroom 5",{"v":174.49,"d":"174"},{"v":0.1,"d":"10%"},{"v":191.93900000000002,"d":"192"},"SF",{"v":1.2160000000000002,"d":"$1.2"},{"v":233.39782400000007,"d":"$233.40"},{"v":0.384,"d":"$0.38"},{"v":73.704576,"d":"$73.70"},{"v":1.6,"d":"$1.6"},{"v":307.10240000000005,"d":"$307"}]
[{"$f":"IF(I926<>\"\",1+MAX($A$6:A925),\"\")","v":672},"ID2.26-ID234","ASSUMED",null,"Wall Paint @ Bedroom 5",{"v":299.78,"d":"300"},{"v":0.1,"d":"10%"},{"v":329.758,"d":"330"},"SF",{"v":1.2160000000000002,"d":"$1.2"},{"v":400.98572800000005,"d":"$400.99"},{"v":0.384,"d":"$0.38"},{"v":126.627072,"d":"$126.63"},{"v":1.6,"d":"$1.6"},{"v":527.6128,"d":"$528"}]
[{"$f":"IF(I927<>\"\",1+MAX($A$6:A926),\"\")","v":673},"ID2.26-ID234","ASSUMED",null,"Wall Paint @ Rec. Room",{"v":715.04,"d":"715"},{"v":0.1,"d":"10%"},{"v":786.544,"d":"787"},"SF",{"v":1.2160000000000002,"d":"$1.2"},{"v":956.4375040000001,"d":"$956.44"},{"v":0.384,"d":"$0.38"},{"v":302.032896,"d":"$302.03"},{"v":1.6,"d":"$1.6"},{"v":1258.4704000000002,"d":"$1,258"}]
[{"$f":"IF(I928<>\"\",1+MAX($A$6:A927),\"\")","v":674},"ID2.26-ID234","ASSUMED",null,"Wall Paint, Color: Gray @ Rec. Room",{"v":184.8,"d":"185"},{"v":0.1,"d":"10%"},{"v":203.28000000000003,"d":"203"},"SF",{"v":1.2160000000000002,"d":"$1.2"},{"v":247.18848000000008,"d":"$247.19"},{"v":0.384,"d":"$0.38"},{"v":78.05952,"d":"$78.06"},{"v":1.6,"d":"$1.6"},{"v":325.24800000000005,"d":"$325"}]
[{"$f":"IF(I929<>\"\",1+MAX($A$6:A928),\"\")","v":675},"ID2.26-ID234","ASSUMED",null,"Wall Paint @ Vine",{"v":24.61,"d":"25"},{"v":0.1,"d":"10%"},{"v":27.071,"d":"27"},"SF",{"v":1.2160000000000002,"d":"$1.2"},{"v":32.918336000000004,"d":"$32.92"},{"v":0.384,"d":"$0.38"},{"v":10.395264000000001,"d":"$10.40"},{"v":1.6,"d":"$1.6"},{"v":43.31360000000001,"d":"$43"}]
[{"$f":"IF(I930<>\"\",1+MAX($A$6:A929),\"\")","v":""}]
[{"$f":"IF(I931<>\"\",1+MAX($A$6:A930),\"\")","v":""},{"$nulls":3},"WALL TILE"]
[{"$f":"IF(I932<>\"\",1+MAX($A$6:A931),\"\")","v":676},"ID2.30-ID2.31","ASSUMED",null,"Wall Tile @ Bathroom 6",{"v":108.82,"d":"109"},{"v":0.1,"d":"10%"},{"$f":"F932*(1+G932)","v":{"v":119.702,"d":"120"}},"SF",{"v":13.44,"d":"$13.4"},{"$f":"J932*H932","v":{"v":1608.79488,"d":"$1,608.79"}},{"v":18.56,"d":"$18.56"},{"$f":"L932*H932","v":{"v":2221.66912,"d":"$2,221.67"}},{"v":32,"d":"$32.0"},{"$f":"N932*H932","v":{"v":3830.464,"d":"$3,830"}}]
[{"$f":"IF(I933<>\"\",1+MAX($A$6:A932),\"\")","v":677},"ID2.30-ID2.31","ASSUMED",null,"Wall Tile @ Bathroom 5",{"v":64.31,"d":"64"},{"v":0.1,"d":"10%"},{"v":70.74100000000001,"d":"71"},"SF",{"v":13.44,"d":"$13.4"},{"$f":"J933*H933","v":{"v":950.7590400000001,"d":"$950.76"}},{"v":18.56,"d":"$18.56"},{"$f":"L933*H933","v":{"v":1312.95296,"d":"$1,312.95"}},{"v":32,"d":"$32.0"},{"v":2263.7120000000004,"d":"$2,264"}]
[{"$f":"IF(I934<>\"\",1+MAX($A$6:A933),\"\")","v":""}]
[{"$f":"IF(I935<>\"\",1+MAX($A$6:A934),\"\")","v":""},{"$nulls":3},"CEILING PAINT"]
[{"$f":"IF(I936<>\"\",1+MAX($A$6:A935),\"\")","v":678},"ASSUMED","ASSUMED",null,"Ceiling Paint\nMANUFACTURER: IS NOT MENTIONED",{"v":1716.8202,"d":"1,717"},{"v":0.1,"d":"10%"},{"$f":"F936*(1+G936)","v":{"v":1888.5022200000003,"d":"1889"}},"SF",{"v":1.9760000000000002,"d":"$2.0"},{"$f":"J936*H936","v":{"v":3731.680386720001,"d":"$3,731.68"}},{"v":0.624,"d":"$0.62"},{"$f":"L936*H936","v":{"v":1178.4253852800002,"d":"$1,178.43"}},{"v":2.6,"d":"$2.6"},{"$f":"N936*H936","v":{"v":4910.105772000001,"d":"$4,910"}}]
[{"$f":"IF(I937<>\"\",1+MAX($A$6:A936),\"\")","v":""}]
[{"$f":"IF(I938<>\"\",1+MAX($A$6:A937),\"\")","v":""},{"$nulls":3},"DOOR PAINT"]
[{"$f":"IF(I939<>\"\",1+MAX($A$6:A938),\"\")","v":679},"ASSUMED","ASSUMED",null,"Door Paint\nMANUFACTURER: IS NOT MENTIONED",{"$f":"SUM(F704:F713)","v":10},{"v":0,"d":"0%"},{"$f":"F939*(1+G939)","v":10},"EA",{"v":125.4,"d":"$125.4"},{"$f":"J939*H939","v":{"v":1254,"d":"$1,254.00"}},{"v":39.6,"d":"$39.60"},{"$f":"L939*H939","v":{"v":396,"d":"$396.00"}},{"v":165,"d":"$165.0"},{"$f":"N939*H939","v":{"v":1650,"d":"$1,650"}}]
[{"$f":"IF(I940<>\"\",1+MAX($A$6:A939),\"\")","v":""}]
[{"$f":"IF(I941<>\"\",1+MAX($A$6:A940),\"\")","v":""},{"$nulls":3},"GROUND FLOOR"]
[{"$f":"IF(I942<>\"\",1+MAX($A$6:A941),\"\")","v":""}]
[{"$f":"IF(I943<>\"\",1+MAX($A$6:A942),\"\")","v":""},{"$nulls":3},"DRYWALLS"]
[{"$f":"IF(I944<>\"\",1+MAX($A$6:A943),\"\")","v":""}]
[{"$f":"IF(I945<>\"\",1+MAX($A$6:A944),\"\")","v":""},{"$nulls":3},"EXTERIOR WALLS - (2\"X4\")",{"v":7.19,"d":"7"},{"v":9.25,"d":"9"}]
[{"$f":"IF(I946<>\"\",1+MAX($A$6:A945),\"\")","v":""}]
[{"$f":"IF(I947<>\"\",1+MAX($A$6:A946),\"\")","v":680},"A2.1B","A2.1B, A8.2, A5.0",null,"15/32\" Structural 1 Plywood Sheathing - (4'X8' ea.)",{"$f":"F945*G945/32","v":{"v":2.0783593750000002,"d":"2"}},{"v":0,"d":"0%"},{"$f":"F947*(1+G947)","v":{"v":2.0783593750000002,"d":"2"}},"EA",{"v":90,"d":"$90.0"},{"$f":"J947*H947","v":{"v":187.05234375000003,"d":"$187.05"}},{"v":26,"d":"$26.00"},{"$f":"L947*H947","v":{"v":54.037343750000005,"d":"$54.04"}},{"v":116,"d":"$116.0"},{"$f":"N947*H947","v":{"v":241.08968750000003,"d":"$241"}}]
[{"$f":"IF(I948<>\"\",1+MAX($A$6:A947),\"\")","v":681},"A2.1B","A2.1B, A8.2, A5.0",null,"5/8\" Type X Gypsum Wall Board - (4'X8' ea.) - One Side",{"$f":"F945*G945/32","v":{"v":2.0783593750000002,"d":"2"}},{"v":0,"d":"0%"},{"$f":"F948*(1+G948)","v":{"v":2.0783593750000002,"d":"2"}},"EA",{"v":62,"d":"$62.0"},{"v":128.85828125,"d":"$128.86"},{"v":14,"d":"$14.00"},{"v":29.097031250000004,"d":"$29.10"},{"v":76,"d":"$76.0"},{"v":157.95531250000002,"d":"$158"}]
[{"$f":"IF(I949<>\"\",1+MAX($A$6:A948),\"\")","v":682},"A2.1B","A2.1B, A8.2, A5.0",null,"R-21 Batt Insulation",{"$f":"F945*G945","v":{"v":66.50750000000001,"d":"67"}},{"v":0.1,"d":"10%"},{"v":73.15825000000001,"d":"73"},"SF",{"v":1.147,"d":"$1.1"},{"v":83.91251275000002,"d":"$83.91"},{"v":0.7030000000000001,"d":"$0.70"},{"v":51.43024975000001,"d":"$51.43"},{"v":1.85,"d":"$1.9"},{"v":135.34276250000002,"d":"$135"}]
[{"$f":"IF(I950<>\"\",1+MAX($A$6:A949),\"\")","v":683},"A2.1B","A2.1B, A8.2, A5.0",null,"House Wrap - Tyvek",{"$f":"F945*G945","v":{"v":66.50750000000001,"d":"67"}},{"v":0.1,"d":"10%"},{"v":73.15825000000001,"d":"73"},"SF",{"v":1.2060000000000002,"d":"$1.2"},{"v":88.22884950000002,"d":"$88.23"},{"v":0.5940000000000001,"d":"$0.59"},{"v":43.45600050000001,"d":"$43.46"},{"v":1.8,"d":"$1.8"},{"v":131.68485,"d":"$132"}]
[{"$f":"IF(I951<>\"\",1+MAX($A$6:A950),\"\")","v":684},"A2.1B","A2.1B, A8.2, A5.0",null,"Acoustic Sealant",{"$f":"F945*2","v":{"v":14.38,"d":"14"}},{"v":0.1,"d":"10%"},{"v":15.818000000000001,"d":"16"},"LF",{"v":3.35,"d":"$3.4"},{"v":52.990300000000005,"d":"$52.99"},{"v":1.6500000000000001,"d":"$1.65"},{"v":26.099700000000006,"d":"$26.10"},{"v":5,"d":"$5.0"},{"v":79.09,"d":"$79"}]
[{"$f":"IF(I952<>\"\",1+MAX($A$6:A951),\"\")","v":685},"A2.1B","A2.1B, A8.2, A5.0",null,"(2\"x4\") Pressure Treated Plate @ Bottom",{"$f":"F945*1","v":{"v":7.19,"d":"7"}},{"v":0.1,"d":"10%"},{"v":7.909000000000001,"d":"8"},"LF",{"v":1.8599999999999999,"d":"$1.86"},{"v":14.71074,"d":"$14.71"},{"v":1.1400000000000001,"d":"$1.14"},{"v":9.016260000000003,"d":"$9.02"},{"v":3,"d":"$3.0"},{"v":23.727000000000004,"d":"$24"}]
[{"$f":"IF(I953<>\"\",1+MAX($A$6:A952),\"\")","v":686},"A2.1B","A2.1B, A8.2, A5.0",null,"(2\"x4\") Pressure Treated Plate @ Top (Double Plate)",{"$f":"F945*2","v":{"v":14.38,"d":"14"}},{"v":0.1,"d":"10%"},{"v":15.818000000000001,"d":"16"},"LF",{"v":1.8599999999999999,"d":"$1.86"},{"v":29.42148,"d":"$29.42"},{"v":1.1400000000000001,"d":"$1.14"},{"v":18.032520000000005,"d":"$18.03"},{"v":3,"d":"$3.0"},{"v":47.45400000000001,"d":"$47"}]
[{"$f":"IF(I954<>\"\",1+MAX($A$6:A953),\"\")","v":687},"A2.1B","A2.1B, A8.2, A5.0",null,"(2\"x4\") Wooden Studs @ 16\" O.C. - 9'-3\" High",{"$f":"F945/1.33","v":{"v":5.406015037593985,"d":"5"}},{"v":0,"d":"0%"},{"v":5.406015037593985,"d":"5"},"EA",{"v":17.205,"d":"$17.21"},{"v":93.0104887218045,"d":"$93.01"},{"v":10.545,"d":"$10.55"},{"v":57.00642857142857,"d":"$57.01"},{"v":27.75,"d":"$27.8"},{"v":150.0169172932331,"d":"$150"}]
[{"$f":"IF(I955<>\"\",1+MAX($A$6:A954),\"\")","v":""}]
[{"$f":"IF(I956<>\"\",1+MAX($A$6:A955),\"\")","v":""},{"$nulls":3},"EXTERIOR WALLS - (2\"X4\")",{"v":55.26,"d":"55"},{"v":11.5,"d":"12"}]
[{"$f":"IF(I957<>\"\",1+MAX($A$6:A956),\"\")","v":""}]
[{"$f":"IF(I958<>\"\",1+MAX($A$6:A957),\"\")","v":688},"A2.1B","A2.1B, A8.2, A5.0",null,"15/32\" Structural 1 Plywood Sheathing - (4'X8' ea.)",{"$f":"F956*G956/32","v":{"v":19.8590625,"d":"20"}},{"v":0,"d":"0%"},{"$f":"F958*(1+G958)","v":{"v":19.8590625,"d":"20"}},"EA",{"v":90,"d":"$90.0"},{"$f":"J958*H958","v":{"v":1787.315625,"d":"$1,787.32"}},{"v":26,"d":"$26.00"},{"$f":"L958*H958","v":{"v":516.335625,"d":"$516.34"}},{"v":116,"d":"$116.0"},{"$f":"N958*H958","v":{"v":2303.65125,"d":"$2,304"}}]
[{"$f":"IF(I959<>\"\",1+MAX($A$6:A958),\"\")","v":689},"A2.1B","A2.1B, A8.2, A5.0",null,"5/8\" Type X Gypsum Wall Board - (4'X8' ea.) - One Side",{"$f":"F956*G956/32","v":{"v":19.8590625,"d":"20"}},{"v":0,"d":"0%"},{"$f":"F959*(1+G959)","v":{"v":19.8590625,"d":"20"}},"EA",{"v":62,"d":"$62.0"},{"v":1231.261875,"d":"$1,231.26"},{"v":14,"d":"$14.00"},{"v":278.026875,"d":"$278.03"},{"v":76,"d":"$76.0"},{"v":1509.28875,"d":"$1,509"}]
[{"$f":"IF(I960<>\"\",1+MAX($A$6:A959),\"\")","v":690},"A2.1B","A2.1B, A8.2, A5.0",null,"R-21 Batt Insulation",{"$f":"F956*G956","v":{"v":635.49,"d":"635"}},{"v":0.1,"d":"10%"},{"v":699.0390000000001,"d":"699"},"SF",{"v":1.147,"d":"$1.1"},{"v":801.7977330000001,"d":"$801.80"},{"v":0.7030000000000001,"d":"$0.70"},{"v":491.4244170000001,"d":"$491.42"},{"v":1.85,"d":"$1.9"},{"v":1293.2221500000003,"d":"$1,293"}]
[{"$f":"IF(I961<>\"\",1+MAX($A$6:A960),\"\")","v":691},"A2.1B","A2.1B, A8.2, A5.0",null,"House Wrap - Tyvek",{"$f":"F956*G956","v":{"v":635.49,"d":"635"}},{"v":0.1,"d":"10%"},{"v":699.0390000000001,"d":"699"},"SF",{"v":1.2060000000000002,"d":"$1.2"},{"v":843.0410340000002,"d":"$843.04"},{"v":0.5940000000000001,"d":"$0.59"},{"v":415.22916600000013,"d":"$415.23"},{"v":1.8,"d":"$1.8"},{"v":1258.2702000000002,"d":"$1,258"}]
[{"$f":"IF(I962<>\"\",1+MAX($A$6:A961),\"\")","v":692},"A2.1B","A2.1B, A8.2, A5.0",null,"Acoustic Sealant",{"$f":"F956*2","v":{"v":110.52,"d":"111"}},{"v":0.1,"d":"10%"},{"v":121.572,"d":"122"},"LF",{"v":3.35,"d":"$3.4"},{"v":407.2662,"d":"$407.27"},{"v":1.6500000000000001,"d":"$1.65"},{"v":200.59380000000002,"d":"$200.59"},{"v":5,"d":"$5.0"},{"v":607.86,"d":"$608"}]
[{"$f":"IF(I963<>\"\",1+MAX($A$6:A962),\"\")","v":693},"A2.1B","A2.1B, A8.2, A5.0",null,"(2\"x4\") Pressure Treated Plate @ Bottom",{"$f":"F956*1","v":{"v":55.26,"d":"55"}},{"v":0.1,"d":"10%"},{"v":60.786,"d":"61"},"LF",{"v":1.8599999999999999,"d":"$1.86"},{"v":113.06196,"d":"$113.06"},{"v":1.1400000000000001,"d":"$1.14"},{"v":69.29604,"d":"$69.30"},{"v":3,"d":"$3.0"},{"v":182.358,"d":"$182"}]
[{"$f":"IF(I964<>\"\",1+MAX($A$6:A963),\"\")","v":694},"A2.1B","A2.1B, A8.2, A5.0",null,"(2\"x4\") Pressure Treated Plate @ Top (Double Plate)",{"$f":"F956*2","v":{"v":110.52,"d":"111"}},{"v":0.1,"d":"10%"},{"v":121.572,"d":"122"},"LF",{"v":1.8599999999999999,"d":"$1.86"},{"v":226.12392,"d":"$226.12"},{"v":1.1400000000000001,"d":"$1.14"},{"v":138.59208,"d":"$138.59"},{"v":3,"d":"$3.0"},{"v":364.716,"d":"$365"}]
[{"$f":"IF(I965<>\"\",1+MAX($A$6:A964),\"\")","v":695},"A2.1B","A2.1B, A8.2, A5.0",null,"(2\"x4\") Wooden Studs @ 16\" O.C. - 11'-6\" High",{"$f":"F956/1.33","v":{"v":41.54887218045113,"d":"42"}},{"v":0,"d":"0%"},{"v":41.54887218045113,"d":"42"},"EA",{"v":21.39,"d":"$21.39"},{"v":888.7303759398496,"d":"$888.73"},{"v":13.11,"d":"$13.11"},{"v":544.7057142857143,"d":"$544.71"},{"v":34.5,"d":"$34.5"},{"v":1433.436090225564,"d":"$1,433"}]
[{"$f":"IF(I966<>\"\",1+MAX($A$6:A965),\"\")","v":""}]
[{"$f":"IF(I967<>\"\",1+MAX($A$6:A966),\"\")","v":""},{"$nulls":3},"EXTERIOR WALLS - (2\"X6\")",{"v":153.94,"d":"154"},{"v":9.25,"d":"9"}]
[{"$f":"IF(I968<>\"\",1+MAX($A$6:A967),\"\")","v":""}]
[{"$f":"IF(I969<>\"\",1+MAX($A$6:A968),\"\")","v":696},"A2.1B","A2.1B, A8.2, A5.0",null,"15/32\" Structural 1 Plywood Sheathing - (4'X8' ea.)",{"$f":"F967*G967/32","v":{"v":44.49828125,"d":"44"}},{"v":0,"d":"0%"},{"$f":"F969*(1+G969)","v":{"v":44.49828125,"d":"44"}},"EA",{"v":90,"d":"$90.0"},{"$f":"J969*H969","v":{"v":4004.8453124999996,"d":"$4,004.85"}},{"v":26,"d":"$26.00"},{"$f":"L969*H969","v":{"v":1156.9553125,"d":"$1,156.96"}},{"v":116,"d":"$116.0"},{"$f":"N969*H969","v":{"v":5161.800625,"d":"$5,162"}}]
[{"$f":"IF(I970<>\"\",1+MAX($A$6:A969),\"\")","v":697},"A2.1B","A2.1B, A8.2, A5.0",null,"5/8\" Type X Gypsum Wall Board - (4'X8' ea.) - One Side",{"$f":"F967*G967/32","v":{"v":44.49828125,"d":"44"}},{"v":0,"d":"0%"},{"$f":"F970*(1+G970)","v":{"v":44.49828125,"d":"44"}},"EA",{"v":62,"d":"$62.0"},{"v":2758.8934375,"d":"$2,758.89"},{"v":14,"d":"$14.00"},{"v":622.9759375,"d":"$622.98"},{"v":76,"d":"$76.0"},{"v":3381.8693749999998,"d":"$3,382"}]
[{"$f":"IF(I971<>\"\",1+MAX($A$6:A970),\"\")","v":698},"A2.1B","A2.1B, A8.2, A5.0",null,"R-25 Batt Insulation",{"$f":"F967*G967","v":{"v":1423.945,"d":"1,424"}},{"v":0.1,"d":"10%"},{"v":1566.3395,"d":"1566"},"SF",{"v":1.426,"d":"$1.4"},{"v":2233.600127,"d":"$2,233.60"},{"v":0.8739999999999999,"d":"$0.87"},{"v":1368.980723,"d":"$1,368.98"},{"v":2.3,"d":"$2.3"},{"v":3602.58085,"d":"$3,603"}]
[{"$f":"IF(I972<>\"\",1+MAX($A$6:A971),\"\")","v":699},"A2.1B","A2.1B, A8.2, A5.0",null,"House Wrap - Tyvek",{"$f":"F967*G967","v":{"v":1423.945,"d":"1,424"}},{"v":0.1,"d":"10%"},{"v":1566.3395,"d":"1566"},"SF",{"v":1.2060000000000002,"d":"$1.2"},{"v":1889.0054370000003,"d":"$1,889.01"},{"v":0.5940000000000001,"d":"$0.59"},{"v":930.4056630000001,"d":"$930.41"},{"v":1.8,"d":"$1.8"},{"v":2819.4111000000003,"d":"$2,819"}]
[{"$f":"IF(I973<>\"\",1+MAX($A$6:A972),\"\")","v":700},"A2.1B","A2.1B, A8.2, A5.0",null,"Acoustic Sealant",{"$f":"F967*2","v":{"v":307.88,"d":"308"}},{"v":0.1,"d":"10%"},{"v":338.668,"d":"339"},"LF",{"v":3.35,"d":"$3.4"},{"v":1134.5378,"d":"$1,134.54"},{"v":1.6500000000000001,"d":"$1.65"},{"v":558.8022000000001,"d":"$558.80"},{"v":5,"d":"$5.0"},{"v":1693.3400000000001,"d":"$1,693"}]
[{"$f":"IF(I974<>\"\",1+MAX($A$6:A973),\"\")","v":701},"A2.1B","A2.1B, A8.2, A5.0",null,"(2\"x6\") Pressure Treated Plate @ Bottom",{"$f":"F967*1","v":{"v":153.94,"d":"154"}},{"v":0.1,"d":"10%"},{"v":169.334,"d":"169"},"LF",{"v":2.48,"d":"$2.48"},{"v":419.94832,"d":"$419.95"},{"v":1.52,"d":"$1.52"},{"v":257.38768,"d":"$257.39"},{"v":4,"d":"$4.0"},{"v":677.336,"d":"$677"}]
[{"$f":"IF(I975<>\"\",1+MAX($A$6:A974),\"\")","v":702},"A2.1B","A2.1B, A8.2, A5.0",null,"(2\"x6\") Pressure Treated Plate @ Top (Double Plate)",{"$f":"F967*2","v":{"v":307.88,"d":"308"}},{"v":0.1,"d":"10%"},{"v":338.668,"d":"339"},"LF",{"v":2.48,"d":"$2.48"},{"v":839.89664,"d":"$839.90"},{"v":1.52,"d":"$1.52"},{"v":514.77536,"d":"$514.78"},{"v":4,"d":"$4.0"},{"v":1354.672,"d":"$1,355"}]
[{"$f":"IF(I976<>\"\",1+MAX($A$6:A975),\"\")","v":703},"A2.1B","A2.1B, A8.2, A5.0",null,"(2\"x6\") Wooden Studs @ 16\" O.C. - 9'-3\" High",{"$f":"F967/1.33","v":{"v":115.74436090225564,"d":"116"}},{"v":0,"d":"0%"},{"v":115.74436090225564,"d":"116"},"EA",{"v":22.94,"d":"$22.94"},{"v":2655.1756390977444,"d":"$2,655.18"},{"v":14.06,"d":"$14.06"},{"v":1627.3657142857144,"d":"$1,627.37"},{"v":37,"d":"$37.0"},{"v":4282.541353383459,"d":"$4,283"}]
[{"$f":"IF(I977<>\"\",1+MAX($A$6:A976),\"\")","v":""}]
[{"$f":"IF(I978<>\"\",1+MAX($A$6:A977),\"\")","v":""},{"$nulls":3},"EXTERIOR WALLS - (2\"X6\") - ONE SIDE MOISTURE RESISTANT",{"v":6.12,"d":"6"},{"v":9.25,"d":"9"}]
[{"$f":"IF(I979<>\"\",1+MAX($A$6:A978),\"\")","v":""}]
[{"$f":"IF(I980<>\"\",1+MAX($A$6:A979),\"\")","v":704},"A2.1B","A2.1B, A8.2, A5.0",null,"15/32\" Structural 1 Plywood Sheathing - (4'X8' ea.)",{"$f":"F978*G978/32","v":{"v":1.7690625,"d":"2"}},{"v":0,"d":"0%"},{"$f":"F980*(1+G980)","v":{"v":1.7690625,"d":"2"}},"EA",{"v":90,"d":"$90.0"},{"$f":"J980*H980","v":{"v":159.215625,"d":"$159.22"}},{"v":26,"d":"$26.00"},{"$f":"L980*H980","v":{"v":45.995625,"d":"$46.00"}},{"v":116,"d":"$116.0"},{"$f":"N980*H980","v":{"v":205.21125,"d":"$205"}}]
[{"$f":"IF(I981<>\"\",1+MAX($A$6:A980),\"\")","v":705},"A2.1B","A2.1B, A8.2, A5.0",null,"5/8\" Cement Board Or Tile Backer Board - (4'X8' ea.) - One Side",{"$f":"F978*G978/32","v":{"v":1.7690625,"d":"2"}},{"v":0,"d":"0%"},{"$f":"F981*(1+G981)","v":{"v":1.7690625,"d":"2"}},"EA",{"v":70,"d":"$70.0"},{"v":123.834375,"d":"$123.83"},{"v":20,"d":"$20.00"},{"v":35.38125,"d":"$35.38"},{"v":90,"d":"$90.0"},{"v":159.215625,"d":"$159"}]
[{"$f":"IF(I982<>\"\",1+MAX($A$6:A981),\"\")","v":706},"A2.1B","A2.1B, A8.2, A5.0",null,"R-25 Batt Insulation",{"$f":"F978*G978","v":{"v":56.61,"d":"57"}},{"v":0.1,"d":"10%"},{"v":62.27100000000001,"d":"62"},"SF",{"v":1.426,"d":"$1.4"},{"v":88.79844600000001,"d":"$88.80"},{"v":0.8739999999999999,"d":"$0.87"},{"v":54.424854,"d":"$54.42"},{"v":2.3,"d":"$2.3"},{"v":143.2233,"d":"$143"}]
[{"$f":"IF(I983<>\"\",1+MAX($A$6:A982),\"\")","v":707},"A2.1B","A2.1B, A8.2, A5.0",null,"House Wrap - Tyvek",{"$f":"F978*G978","v":{"v":56.61,"d":"57"}},{"v":0.1,"d":"10%"},{"v":62.27100000000001,"d":"62"},"SF",{"v":1.2060000000000002,"d":"$1.2"},{"v":75.09882600000002,"d":"$75.10"},{"v":0.5940000000000001,"d":"$0.59"},{"v":36.98897400000001,"d":"$36.99"},{"v":1.8,"d":"$1.8"},{"v":112.08780000000002,"d":"$112"}]
[{"$f":"IF(I984<>\"\",1+MAX($A$6:A983),\"\")","v":708},"A2.1B","A2.1B, A8.2, A5.0",null,"Acoustic Sealant",{"$f":"F978*2","v":{"v":12.24,"d":"12"}},{"v":0.1,"d":"10%"},{"v":13.464000000000002,"d":"13"},"LF",{"v":3.35,"d":"$3.4"},{"v":45.104400000000005,"d":"$45.10"},{"v":1.6500000000000001,"d":"$1.65"},{"v":22.215600000000006,"d":"$22.22"},{"v":5,"d":"$5.0"},{"v":67.32000000000001,"d":"$67"}]
[{"$f":"IF(I985<>\"\",1+MAX($A$6:A984),\"\")","v":709},"A2.1B","A2.1B, A8.2, A5.0",null,"(2\"x6\") Pressure Treated Plate @ Bottom",{"$f":"F978*1","v":{"v":6.12,"d":"6"}},{"v":0.1,"d":"10%"},{"v":6.732000000000001,"d":"7"},"LF",{"v":2.48,"d":"$2.48"},{"v":16.69536,"d":"$16.70"},{"v":1.52,"d":"$1.52"},{"v":10.232640000000002,"d":"$10.23"},{"v":4,"d":"$4.0"},{"v":26.928000000000004,"d":"$27"}]
[{"$f":"IF(I986<>\"\",1+MAX($A$6:A985),\"\")","v":710},"A2.1B","A2.1B, A8.2, A5.0",null,"(2\"x6\") Pressure Treated Plate @ Top (Double Plate)",{"$f":"F978*2","v":{"v":12.24,"d":"12"}},{"v":0.1,"d":"10%"},{"v":13.464000000000002,"d":"13"},"LF",{"v":2.48,"d":"$2.48"},{"v":33.39072,"d":"$33.39"},{"v":1.52,"d":"$1.52"},{"v":20.465280000000003,"d":"$20.47"},{"v":4,"d":"$4.0"},{"v":53.85600000000001,"d":"$54"}]
[{"$f":"IF(I987<>\"\",1+MAX($A$6:A986),\"\")","v":711},"A2.1B","A2.1B, A8.2, A5.0",null,"(2\"x6\") Wooden Studs @ 16\" O.C. - 9'-3\" High",{"$f":"F978/1.33","v":{"v":4.601503759398496,"d":"5"}},{"v":0,"d":"0%"},{"v":4.601503759398496,"d":"5"},"EA",{"v":22.94,"d":"$22.94"},{"v":105.55849624060151,"d":"$105.56"},{"v":14.06,"d":"$14.06"},{"v":64.69714285714286,"d":"$64.70"},{"v":37,"d":"$37.0"},{"v":170.25563909774436,"d":"$170"}]
[{"$f":"IF(I988<>\"\",1+MAX($A$6:A987),\"\")","v":""}]
[{"$f":"IF(I989<>\"\",1+MAX($A$6:A988),\"\")","v":""},{"$nulls":3},"EXTERIOR WALLS - (2\"X6\")",{"v":30.5,"d":"31"},{"v":11.5,"d":"12"}]
[{"$f":"IF(I990<>\"\",1+MAX($A$6:A989),\"\")","v":""}]
[{"$f":"IF(I991<>\"\",1+MAX($A$6:A990),\"\")","v":712},"A2.1B","A2.1B, A8.2, A5.0",null,"15/32\" Structural 1 Plywood Sheathing - (4'X8' ea.)",{"$f":"F989*G989/32","v":{"v":10.9609375,"d":"11"}},{"v":0,"d":"0%"},{"$f":"F991*(1+G991)","v":{"v":10.9609375,"d":"11"}},"EA",{"v":90,"d":"$90.0"},{"$f":"J991*H991","v":{"v":986.484375,"d":"$986.48"}},{"v":26,"d":"$26.00"},{"$f":"L991*H991","v":{"v":284.984375,"d":"$284.98"}},{"v":116,"d":"$116.0"},{"$f":"N991*H991","v":{"v":1271.46875,"d":"$1,271"}}]
[{"$f":"IF(I992<>\"\",1+MAX($A$6:A991),\"\")","v":713},"A2.1B","A2.1B, A8.2, A5.0",null,"5/8\" Type X Gypsum Wall Board - (4'X8' ea.)",{"$f":"F989*G989/32","v":{"v":10.9609375,"d":"11"}},{"v":0,"d":"0%"},{"$f":"F992*(1+G992)","v":{"v":10.9609375,"d":"11"}},"EA",{"v":62,"d":"$62.0"},{"v":679.578125,"d":"$679.58"},{"v":14,"d":"$14.00"},{"v":153.453125,"d":"$153.45"},{"v":76,"d":"$76.0"},{"v":833.03125,"d":"$833"}]
[{"$f":"IF(I993<>\"\",1+MAX($A$6:A992),\"\")","v":714},"A2.1B","A2.1B, A8.2, A5.0",null,"R-25 Batt Insulation",{"$f":"F989*G989","v":{"v":350.75,"d":"351"}},{"v":0.1,"d":"10%"},{"v":385.82500000000005,"d":"386"},"SF",{"v":1.426,"d":"$1.4"},{"v":550.18645,"d":"$550.19"},{"v":0.8739999999999999,"d":"$0.87"},{"v":337.21105,"d":"$337.21"},{"v":2.3,"d":"$2.3"},{"v":887.3975,"d":"$887"}]
[{"$f":"IF(I994<>\"\",1+MAX($A$6:A993),\"\")","v":715},"A2.1B","A2.1B, A8.2, A5.0",null,"House Wrap - Tyvek",{"$f":"F989*G989","v":{"v":350.75,"d":"351"}},{"v":0.1,"d":"10%"},{"v":385.82500000000005,"d":"386"},"SF",{"v":1.2060000000000002,"d":"$1.2"},{"v":465.30495000000013,"d":"$465.30"},{"v":0.5940000000000001,"d":"$0.59"},{"v":229.18005000000005,"d":"$229.18"},{"v":1.8,"d":"$1.8"},{"v":694.4850000000001,"d":"$694"}]
[{"$f":"IF(I995<>\"\",1+MAX($A$6:A994),\"\")","v":716},"A2.1B","A2.1B, A8.2, A5.0",null,"Acoustic Sealant",{"$f":"F989*2","v":61},{"v":0.1,"d":"10%"},{"v":67.10000000000001,"d":"67"},"LF",{"v":3.35,"d":"$3.4"},{"v":224.78500000000003,"d":"$224.79"},{"v":1.6500000000000001,"d":"$1.65"},{"v":110.71500000000002,"d":"$110.72"},{"v":5,"d":"$5.0"},{"v":335.50000000000006,"d":"$336"}]
[{"$f":"IF(I996<>\"\",1+MAX($A$6:A995),\"\")","v":717},"A2.1B","A2.1B, A8.2, A5.0",null,"(2\"x6\") Pressure Treated Plate @ Bottom",{"$f":"F989*1","v":{"v":30.5,"d":"31"}},{"v":0.1,"d":"10%"},{"v":33.550000000000004,"d":"34"},"LF",{"v":2.48,"d":"$2.48"},{"v":83.20400000000001,"d":"$83.20"},{"v":1.52,"d":"$1.52"},{"v":50.99600000000001,"d":"$51.00"},{"v":4,"d":"$4.0"},{"v":134.20000000000002,"d":"$134"}]
[{"$f":"IF(I997<>\"\",1+MAX($A$6:A996),\"\")","v":718},"A2.1B","A2.1B, A8.2, A5.0",null,"(2\"x6\") Pressure Treated Plate @ Top (Double Plate)",{"$f":"F989*2","v":61},{"v":0.1,"d":"10%"},{"v":67.10000000000001,"d":"67"},"LF",{"v":2.48,"d":"$2.48"},{"v":166.40800000000002,"d":"$166.41"},{"v":1.52,"d":"$1.52"},{"v":101.99200000000002,"d":"$101.99"},{"v":4,"d":"$4.0"},{"v":268.40000000000003,"d":"$268"}]
[{"$f":"IF(I998<>\"\",1+MAX($A$6:A997),\"\")","v":719},"A2.1B","A2.1B, A8.2, A5.0",null,"(2\"x6\") Wooden Studs @ 16\" O.C. - 11'-6\" High",{"$f":"F989/1.33","v":{"v":22.932330827067666,"d":"23"}},{"v":0,"d":"0%"},{"v":22.932330827067666,"d":"23"},"EA",{"v":28.52,"d":"$28.52"},{"v":654.0300751879698,"d":"$654.03"},{"v":17.48,"d":"$17.48"},{"v":400.85714285714283,"d":"$400.86"},{"v":46,"d":"$46.0"},{"v":1054.8872180451126,"d":"$1,055"}]
[{"$f":"IF(I999<>\"\",1+MAX($A$6:A998),\"\")","v":""}]
[{"$f":"IF(I1000<>\"\",1+MAX($A$6:A999),\"\")","v":""},{"$nulls":3},"INTERIOR WALLS - (2\"X6\") - DOUBLE STUD WALL",{"v":13.1,"d":"13"},{"v":9.25,"d":"9"}]
[{"$f":"IF(I1001<>\"\",1+MAX($A$6:A1000),\"\")","v":""}]
[{"$f":"IF(I1002<>\"\",1+MAX($A$6:A1001),\"\")","v":720},"A2.1B","A2.1B, A8.2, A5.0",null,"5/8\" Type X Gypsum Wall Board - (4'X8' ea.) - Both Sides",{"$f":"F1000*G1000*2/32","v":{"v":7.5734375,"d":"8"}},{"v":0,"d":"0%"},{"$f":"F1002*(1+G1002)","v":{"v":7.5734375,"d":"8"}},"EA",{"v":62,"d":"$62.0"},{"$f":"J1002*H1002","v":{"v":469.55312499999997,"d":"$469.55"}},{"v":14,"d":"$14.00"},{"$f":"L1002*H1002","v":{"v":106.028125,"d":"$106.03"}},{"v":76,"d":"$76.0"},{"$f":"N1002*H1002","v":{"v":575.58125,"d":"$576"}}]
[{"$f":"IF(I1003<>\"\",1+MAX($A$6:A1002),\"\")","v":721},"A2.1B","A2.1B, A8.2, A5.0",null,"R-25 Batt Insulation",{"$f":"F1000*G1000","v":{"v":121.175,"d":"121"}},{"v":0.1,"d":"10%"},{"v":133.29250000000002,"d":"133"},"SF",{"v":1.426,"d":"$1.4"},{"v":190.075105,"d":"$190.08"},{"v":0.8739999999999999,"d":"$0.87"},{"v":116.497645,"d":"$116.50"},{"v":2.3,"d":"$2.3"},{"v":306.57275000000004,"d":"$307"}]
[{"$f":"IF(I1004<>\"\",1+MAX($A$6:A1003),\"\")","v":722},"A2.1B","A2.1B, A8.2, A5.0",null,"House Wrap - Tyvek",{"$f":"F1000*G1000","v":{"v":121.175,"d":"121"}},{"v":0.1,"d":"10%"},{"v":133.29250000000002,"d":"133"},"SF",{"v":1.2060000000000002,"d":"$1.2"},{"v":160.75075500000005,"d":"$160.75"},{"v":0.5940000000000001,"d":"$0.59"},{"v":79.17574500000002,"d":"$79.18"},{"v":1.8,"d":"$1.8"},{"v":239.92650000000003,"d":"$240"}]
[{"$f":"IF(I1005<>\"\",1+MAX($A$6:A1004),\"\")","v":723},"A2.1B","A2.1B, A8.2, A5.0",null,"Acoustic Sealant",{"$f":"F1000*2","v":{"v":26.2,"d":"26"}},{"v":0.1,"d":"10%"},{"v":28.82,"d":"29"},"LF",{"v":3.35,"d":"$3.4"},{"v":96.547,"d":"$96.55"},{"v":1.6500000000000001,"d":"$1.65"},{"v":47.553000000000004,"d":"$47.55"},{"v":5,"d":"$5.0"},{"v":144.1,"d":"$144"}]
[{"$f":"IF(I1006<>\"\",1+MAX($A$6:A1005),\"\")","v":724},"A2.1B","A2.1B, A8.2, A5.0",null,"(2\"x6\") Pressure Treated Plate @ Bottom",{"$f":"F1000*2","v":{"v":26.2,"d":"26"}},{"v":0.1,"d":"10%"},{"v":28.82,"d":"29"},"LF",{"v":2.48,"d":"$2.48"},{"v":71.4736,"d":"$71.47"},{"v":1.52,"d":"$1.52"},{"v":43.806400000000004,"d":"$43.81"},{"v":4,"d":"$4.0"},{"v":115.28,"d":"$115"}]
[{"$f":"IF(I1007<>\"\",1+MAX($A$6:A1006),\"\")","v":725},"A2.1B","A2.1B, A8.2, A5.0",null,"(2\"x6\") Pressure Treated Plate @ Top (Double Plate)",{"$f":"F1000*4","v":{"v":52.4,"d":"52"}},{"v":0.1,"d":"10%"},{"v":57.64,"d":"58"},"LF",{"v":2.48,"d":"$2.48"},{"v":142.9472,"d":"$142.95"},{"v":1.52,"d":"$1.52"},{"v":87.61280000000001,"d":"$87.61"},{"v":4,"d":"$4.0"},{"v":230.56,"d":"$231"}]
[{"$f":"IF(I1008<>\"\",1+MAX($A$6:A1007),\"\")","v":726},"A2.1B","A2.1B, A8.2, A5.0",null,"(2\"x6\") Wooden Studs @ 16\" O.C. - 9'-3\" High",{"$f":"F1000*2/1.33","v":{"v":19.69924812030075,"d":"20"}},{"v":0,"d":"0%"},{"v":19.69924812030075,"d":"20"},"EA",{"v":22.94,"d":"$22.94"},{"v":451.90075187969927,"d":"$451.90"},{"v":14.06,"d":"$14.06"},{"v":276.9714285714286,"d":"$276.97"},{"v":37,"d":"$37.0"},{"v":728.8721804511279,"d":"$729"}]
[{"$f":"IF(I1009<>\"\",1+MAX($A$6:A1008),\"\")","v":""}]
[{"$f":"IF(I1010<>\"\",1+MAX($A$6:A1009),\"\")","v":""},{"$nulls":3},"INTERIOR WALLS - (2\"X4\")",{"v":30.05,"d":"30"},{"v":9.25,"d":"9"}]
[{"$f":"IF(I1011<>\"\",1+MAX($A$6:A1010),\"\")","v":""}]
[{"$f":"IF(I1012<>\"\",1+MAX($A$6:A1011),\"\")","v":727},"A2.1B","A2.1B, A8.2, A5.0",null,"5/8\" Type X Gypsum Wall Board - (4'X8' ea.) - Both Side",{"$f":"F1010*G1010*2/32","v":{"v":17.372656250000002,"d":"17"}},{"v":0,"d":"0%"},{"$f":"F1012*(1+G1012)","v":{"v":17.372656250000002,"d":"17"}},"EA",{"v":62,"d":"$62.0"},{"$f":"J1012*H1012","v":{"v":1077.1046875000002,"d":"$1,077.10"}},{"v":14,"d":"$14.00"},{"$f":"L1012*H1012","v":{"v":243.21718750000002,"d":"$243.22"}},{"v":76,"d":"$76.0"},{"$f":"N1012*H1012","v":{"v":1320.321875,"d":"$1,320"}}]
[{"$f":"IF(I1013<>\"\",1+MAX($A$6:A1012),\"\")","v":728},"A2.1B","A2.1B, A8.2, A5.0",null,"R-13 Batt Insulation",{"$f":"F1010*G1010","v":{"v":277.96250000000003,"d":"278"}},{"v":0.1,"d":"10%"},{"$f":"F1013*(1+G1013)","v":{"v":305.7587500000001,"d":"306"}},"SF",{"v":0.744,"d":"$0.7"},{"v":227.48451000000006,"d":"$227.48"},{"v":0.45599999999999996,"d":"$0.46"},{"v":139.42599,"d":"$139.43"},{"v":1.2,"d":"$1.20"},{"v":366.91050000000007,"d":"$367"}]
[{"$f":"IF(I1014<>\"\",1+MAX($A$6:A1013),\"\")","v":729},"A2.1B","A2.1B, A8.2, A5.0",null,"Acoustic Sealant",{"$f":"F1010*2","v":{"v":60.1,"d":"60"}},{"v":0.1,"d":"10%"},{"v":66.11000000000001,"d":"66"},"LF",{"v":3.35,"d":"$3.4"},{"v":221.46850000000006,"d":"$221.47"},{"v":1.6500000000000001,"d":"$1.65"},{"v":109.08150000000003,"d":"$109.08"},{"v":5,"d":"$5.0"},{"v":330.55000000000007,"d":"$331"}]
[{"$f":"IF(I1015<>\"\",1+MAX($A$6:A1014),\"\")","v":730},"A2.1B","A2.1B, A8.2, A5.0",null,"(2\"x4\") Pressure Treated Plate @ Bottom",{"$f":"F1010*1","v":{"v":30.05,"d":"30"}},{"v":0.1,"d":"10%"},{"v":33.05500000000001,"d":"33"},"LF",{"v":1.8599999999999999,"d":"$1.86"},{"v":61.48230000000001,"d":"$61.48"},{"v":1.1400000000000001,"d":"$1.14"},{"v":37.68270000000001,"d":"$37.68"},{"v":3,"d":"$3.0"},{"v":99.16500000000002,"d":"$99"}]
[{"$f":"IF(I1016<>\"\",1+MAX($A$6:A1015),\"\")","v":731},"A2.1B","A2.1B, A8.2, A5.0",null,"(2\"x4\") Pressure Treated Plate @ Top (Double Plate)",{"$f":"F1010*2","v":{"v":60.1,"d":"60"}},{"v":0.1,"d":"10%"},{"v":66.11000000000001,"d":"66"},"LF",{"v":1.8599999999999999,"d":"$1.86"},{"v":122.96460000000002,"d":"$122.96"},{"v":1.1400000000000001,"d":"$1.14"},{"v":75.36540000000002,"d":"$75.37"},{"v":3,"d":"$3.0"},{"v":198.33000000000004,"d":"$198"}]
[{"$f":"IF(I1017<>\"\",1+MAX($A$6:A1016),\"\")","v":732},"A2.1B","A2.1B, A8.2, A5.0",null,"(2\"x4\") Wooden Studs @ 16\" O.C. - 9'-3\" High",{"$f":"F1010/1.33","v":{"v":22.593984962406015,"d":"23"}},{"v":0,"d":"0%"},{"v":22.593984962406015,"d":"23"},"EA",{"v":17.205,"d":"$17.21"},{"v":388.72951127819545,"d":"$388.73"},{"v":10.545,"d":"$10.55"},{"v":238.25357142857143,"d":"$238.25"},{"v":27.75,"d":"$27.8"},{"v":626.9830827067669,"d":"$627"}]
[{"$f":"IF(I1018<>\"\",1+MAX($A$6:A1017),\"\")","v":""}]
[{"$f":"IF(I1019<>\"\",1+MAX($A$6:A1018),\"\")","v":""},{"$nulls":3},"INTERIOR WALLS - (2\"X4\") - ONE SIDE WEATHER RESISTANT",{"v":34.42,"d":"34"},{"v":9.25,"d":"9"}]
[{"$f":"IF(I1020<>\"\",1+MAX($A$6:A1019),\"\")","v":""}]
[{"$f":"IF(I1021<>\"\",1+MAX($A$6:A1020),\"\")","v":733},"A2.1B","A2.1B, A8.2, A5.0",null,"5/8\" Type X Gypsum Wall Board - (4'X8' ea.) - One Side",{"$f":"F1019*G1019/32","v":{"v":9.94953125,"d":"10"}},{"v":0,"d":"0%"},{"$f":"F1021*(1+G1021)","v":{"v":9.94953125,"d":"10"}},"EA",{"v":62,"d":"$62.0"},{"$f":"J1021*H1021","v":{"v":616.8709375,"d":"$616.87"}},{"v":14,"d":"$14.00"},{"$f":"L1021*H1021","v":{"v":139.29343749999998,"d":"$139.29"}},{"v":76,"d":"$76.0"},{"$f":"N1021*H1021","v":{"v":756.164375,"d":"$756"}}]
[{"$f":"IF(I1022<>\"\",1+MAX($A$6:A1021),\"\")","v":734},"A2.1B","A2.1B, A8.2, A5.0",null,"5/8\" Cement Board Or Tile Backer Board - (4'X8' ea.) - One Side",{"$f":"F1019*G1019/32","v":{"v":9.94953125,"d":"10"}},{"v":0,"d":"0%"},{"$f":"F1022*(1+G1022)","v":{"v":9.94953125,"d":"10"}},"EA",{"v":70,"d":"$70.0"},{"v":696.4671875,"d":"$696.47"},{"v":20,"d":"$20.00"},{"v":198.990625,"d":"$198.99"},{"v":90,"d":"$90.0"},{"v":895.4578124999999,"d":"$895"}]
[{"$f":"IF(I1023<>\"\",1+MAX($A$6:A1022),\"\")","v":735},"A2.1B","A2.1B, A8.2, A5.0",null,"R-13 Batt Insulation",{"$f":"F1019*G1019","v":{"v":318.385,"d":"318"}},{"v":0.1,"d":"10%"},{"$f":"F1023*(1+G1023)","v":{"v":350.2235,"d":"350"}},"SF",{"v":0.744,"d":"$0.7"},{"v":260.566284,"d":"$260.57"},{"v":0.45599999999999996,"d":"$0.46"},{"v":159.70191599999998,"d":"$159.70"},{"v":1.2,"d":"$1.20"},{"v":420.2682,"d":"$420"}]
[{"$f":"IF(I1024<>\"\",1+MAX($A$6:A1023),\"\")","v":736},"A2.1B","A2.1B, A8.2, A5.0",null,"Acoustic Sealant",{"$f":"F1019*4","v":{"v":137.68,"d":"138"}},{"v":0.1,"d":"10%"},{"v":151.448,"d":"151"},"LF",{"v":3.35,"d":"$3.4"},{"v":507.35080000000005,"d":"$507.35"},{"v":1.6500000000000001,"d":"$1.65"},{"v":249.88920000000005,"d":"$249.89"},{"v":5,"d":"$5.0"},{"v":757.24,"d":"$757"}]
[{"$f":"IF(I1025<>\"\",1+MAX($A$6:A1024),\"\")","v":737},"A2.1B","A2.1B, A8.2, A5.0",null,"(2\"x4\") Pressure Treated Plate @ Bottom",{"$f":"F1019*1","v":{"v":34.42,"d":"34"}},{"v":0.1,"d":"10%"},{"v":37.862,"d":"38"},"LF",{"v":1.8599999999999999,"d":"$1.86"},{"v":70.42332,"d":"$70.42"},{"v":1.1400000000000001,"d":"$1.14"},{"v":43.16268000000001,"d":"$43.16"},{"v":3,"d":"$3.0"},{"v":113.58600000000001,"d":"$114"}]
[{"$f":"IF(I1026<>\"\",1+MAX($A$6:A1025),\"\")","v":738},"A2.1B","A2.1B, A8.2, A5.0",null,"(2\"x4\") Pressure Treated Plate @ Top (Double Plate)",{"$f":"F1019*2","v":{"v":68.84,"d":"69"}},{"v":0.1,"d":"10%"},{"v":75.724,"d":"76"},"LF",{"v":1.8599999999999999,"d":"$1.86"},{"v":140.84664,"d":"$140.85"},{"v":1.1400000000000001,"d":"$1.14"},{"v":86.32536000000002,"d":"$86.33"},{"v":3,"d":"$3.0"},{"v":227.17200000000003,"d":"$227"}]
[{"$f":"IF(I1027<>\"\",1+MAX($A$6:A1026),\"\")","v":739},"A2.1B","A2.1B, A8.2, A5.0",null,"(2\"x4\") Wooden Studs @ 16\" O.C. - 9'-3\" High",{"$f":"F1019/1.33","v":{"v":25.8796992481203,"d":"26"}},{"v":0,"d":"0%"},{"v":25.8796992481203,"d":"26"},"EA",{"v":17.205,"d":"$17.21"},{"v":445.2602255639097,"d":"$445.26"},{"v":10.545,"d":"$10.55"},{"v":272.90142857142854,"d":"$272.90"},{"v":27.75,"d":"$27.8"},{"v":718.1616541353383,"d":"$718"}]
[{"$f":"IF(I1028<>\"\",1+MAX($A$6:A1027),\"\")","v":""}]
[{"$f":"IF(I1029<>\"\",1+MAX($A$6:A1028),\"\")","v":""},{"$nulls":3},"INTERIOR WALLS - (2\"X4\") - ONE SIDE WEATHER RESISTANT",{"v":30.86,"d":"31"},{"v":11.5,"d":"12"}]
[{"$f":"IF(I1030<>\"\",1+MAX($A$6:A1029),\"\")","v":""}]
[{"$f":"IF(I1031<>\"\",1+MAX($A$6:A1030),\"\")","v":740},"A2.1B","A2.1B, A8.2, A5.0",null,"5/8\" Type X Gypsum Wall Board - (4'X8' ea.) - One Side",{"$f":"F1029*G1029/32","v":{"v":11.0903125,"d":"11"}},{"v":0,"d":"0%"},{"$f":"F1031*(1+G1031)","v":{"v":11.0903125,"d":"11"}},"EA",{"v":62,"d":"$62.0"},{"$f":"J1031*H1031","v":{"v":687.599375,"d":"$687.60"}},{"v":14,"d":"$14.00"},{"$f":"L1031*H1031","v":{"v":155.264375,"d":"$155.26"}},{"v":76,"d":"$76.0"},{"$f":"N1031*H1031","v":{"v":842.86375,"d":"$843"}}]
[{"$f":"IF(I1032<>\"\",1+MAX($A$6:A1031),\"\")","v":741},"A2.1B","A2.1B, A8.2, A5.0",null,"5/8\" Cement Board Or Tile Backer Board - (4'X8' ea.) - One Side",{"$f":"F1029*G1029/32","v":{"v":11.0903125,"d":"11"}},{"v":0,"d":"0%"},{"$f":"F1032*(1+G1032)","v":{"v":11.0903125,"d":"11"}},"EA",{"v":70,"d":"$70.0"},{"v":776.321875,"d":"$776.32"},{"v":20,"d":"$20.00"},{"v":221.80624999999998,"d":"$221.81"},{"v":90,"d":"$90.0"},{"v":998.128125,"d":"$998"}]
[{"$f":"IF(I1033<>\"\",1+MAX($A$6:A1032),\"\")","v":742},"A2.1B","A2.1B, A8.2, A5.0",null,"R-13 Batt Insulation",{"$f":"F1029*G1029","v":{"v":354.89,"d":"355"}},{"v":0.1,"d":"10%"},{"$f":"F1033*(1+G1033)","v":{"v":390.379,"d":"390"}},"SF",{"v":0.744,"d":"$0.7"},{"v":290.441976,"d":"$290.44"},{"v":0.45599999999999996,"d":"$0.46"},{"v":178.012824,"d":"$178.01"},{"v":1.2,"d":"$1.20"},{"v":468.4548,"d":"$468"}]
[{"$f":"IF(I1034<>\"\",1+MAX($A$6:A1033),\"\")","v":743},"A2.1B","A2.1B, A8.2, A5.0",null,"Acoustic Sealant",{"$f":"F1029*4","v":{"v":123.44,"d":"123"}},{"v":0.1,"d":"10%"},{"v":135.78400000000002,"d":"136"},"LF",{"v":3.35,"d":"$3.4"},{"v":454.8764000000001,"d":"$454.88"},{"v":1.6500000000000001,"d":"$1.65"},{"v":224.04360000000005,"d":"$224.04"},{"v":5,"d":"$5.0"},{"v":678.9200000000001,"d":"$679"}]
[{"$f":"IF(I1035<>\"\",1+MAX($A$6:A1034),\"\")","v":744},"A2.1B","A2.1B, A8.2, A5.0",null,"(2\"x4\") Pressure Treated Plate @ Bottom",{"$f":"F1029*1","v":{"v":30.86,"d":"31"}},{"v":0.1,"d":"10%"},{"v":33.946000000000005,"d":"34"},"LF",{"v":1.8599999999999999,"d":"$1.86"},{"v":63.13956,"d":"$63.14"},{"v":1.1400000000000001,"d":"$1.14"},{"v":38.69844000000001,"d":"$38.70"},{"v":3,"d":"$3.0"},{"v":101.83800000000002,"d":"$102"}]
[{"$f":"IF(I1036<>\"\",1+MAX($A$6:A1035),\"\")","v":745},"A2.1B","A2.1B, A8.2, A5.0",null,"(2\"x4\") Pressure Treated Plate @ Top (Double Plate)",{"$f":"F1029*2","v":{"v":61.72,"d":"62"}},{"v":0.1,"d":"10%"},{"v":67.89200000000001,"d":"68"},"LF",{"v":1.8599999999999999,"d":"$1.86"},{"v":126.27912,"d":"$126.28"},{"v":1.1400000000000001,"d":"$1.14"},{"v":77.39688000000002,"d":"$77.40"},{"v":3,"d":"$3.0"},{"v":203.67600000000004,"d":"$204"}]
[{"$f":"IF(I1037<>\"\",1+MAX($A$6:A1036),\"\")","v":746},"A2.1B","A2.1B, A8.2, A5.0",null,"(2\"x4\") Wooden Studs @ 16\" O.C. - 11'-6\" High",{"$f":"F1029/1.33","v":{"v":23.20300751879699,"d":"23"}},{"v":0,"d":"0%"},{"v":23.20300751879699,"d":"23"},"EA",{"v":21.39,"d":"$21.39"},{"v":496.3123308270676,"d":"$496.31"},{"v":13.11,"d":"$13.11"},{"v":304.19142857142856,"d":"$304.19"},{"v":34.5,"d":"$34.5"},{"v":800.5037593984962,"d":"$801"}]
[{"$f":"IF(I1038<>\"\",1+MAX($A$6:A1037),\"\")","v":""}]
[{"$f":"IF(I1039<>\"\",1+MAX($A$6:A1038),\"\")","v":""},{"$nulls":3},"INTERIOR WALLS - (2\"X6\")",{"v":24.4,"d":"24"},{"v":9.25,"d":"9"}]
[{"$f":"IF(I1040<>\"\",1+MAX($A$6:A1039),\"\")","v":""}]
[{"$f":"IF(I1041<>\"\",1+MAX($A$6:A1040),\"\")","v":747},"A2.1B","A2.1B, A8.2, A5.0",null,"5/8\" Type X Gypsum Wall Board - (4'X8' ea.) - Both Side",{"$f":"F1039*G1039*2/32","v":{"v":14.10625,"d":"14"}},{"v":0,"d":"0%"},{"$f":"F1041*(1+G1041)","v":{"v":14.10625,"d":"14"}},"EA",{"v":62,"d":"$62.0"},{"$f":"J1041*H1041","v":{"v":874.5875,"d":"$874.59"}},{"v":14,"d":"$14.00"},{"$f":"L1041*H1041","v":{"v":197.48749999999998,"d":"$197.49"}},{"v":76,"d":"$76.0"},{"$f":"N1041*H1041","v":{"v":1072.075,"d":"$1,072"}}]
[{"$f":"IF(I1042<>\"\",1+MAX($A$6:A1041),\"\")","v":748},"A2.1B","A2.1B, A8.2, A5.0",null,"R-15 Batt Insulation",{"$f":"F1039*G1039","v":{"v":225.7,"d":"226"}},{"v":0.1,"d":"10%"},{"$f":"F1042*(1+G1042)","v":{"v":248.27,"d":"248"}},"SF",{"v":0.7936,"d":"$0.8"},{"v":197.027072,"d":"$197.03"},{"v":0.4864,"d":"$0.49"},{"v":120.758528,"d":"$120.76"},{"v":1.28,"d":"$1.28"},{"v":317.78560000000004,"d":"$318"}]
[{"$f":"IF(I1043<>\"\",1+MAX($A$6:A1042),\"\")","v":749},"A2.1B","A2.1B, A8.2, A5.0",null,"Acoustic Sealant",{"$f":"F1039*4","v":{"v":97.6,"d":"98"}},{"v":0.1,"d":"10%"},{"v":107.36,"d":"107"},"LF",{"v":3.35,"d":"$3.4"},{"v":359.656,"d":"$359.66"},{"v":1.6500000000000001,"d":"$1.65"},{"v":177.144,"d":"$177.14"},{"v":5,"d":"$5.0"},{"v":536.8,"d":"$537"}]
[{"$f":"IF(I1044<>\"\",1+MAX($A$6:A1043),\"\")","v":750},"A2.1B","A2.1B, A8.2, A5.0",null,"(2\"x6\") Pressure Treated Plate @ Bottom",{"$f":"F1039*1","v":{"v":24.4,"d":"24"}},{"v":0.1,"d":"10%"},{"v":26.84,"d":"27"},"LF",{"v":2.48,"d":"$2.48"},{"v":66.5632,"d":"$66.56"},{"v":1.52,"d":"$1.52"},{"v":40.7968,"d":"$40.80"},{"v":4,"d":"$4.0"},{"v":107.36,"d":"$107"}]
[{"$f":"IF(I1045<>\"\",1+MAX($A$6:A1044),\"\")","v":751},"A2.1B","A2.1B, A8.2, A5.0",null,"(2\"x6\") Pressure Treated Plate @ Top (Double Plate)",{"$f":"F1039*2","v":{"v":48.8,"d":"49"}},{"v":0.1,"d":"10%"},{"v":53.68,"d":"54"},"LF",{"v":2.48,"d":"$2.48"},{"v":133.1264,"d":"$133.13"},{"v":1.52,"d":"$1.52"},{"v":81.5936,"d":"$81.59"},{"v":4,"d":"$4.0"},{"v":214.72,"d":"$215"}]
[{"$f":"IF(I1046<>\"\",1+MAX($A$6:A1045),\"\")","v":752},"A2.1B","A2.1B, A8.2, A5.0",null,"(2\"x6\") Wooden Studs @ 16\" O.C. - 9'-3\" High",{"$f":"F1039/1.33","v":{"v":18.345864661654133,"d":"18"}},{"v":0,"d":"0%"},{"v":18.345864661654133,"d":"18"},"EA",{"v":22.94,"d":"$22.94"},{"v":420.8541353383458,"d":"$420.85"},{"v":14.06,"d":"$14.06"},{"v":257.9428571428571,"d":"$257.94"},{"v":37,"d":"$37.0"},{"v":678.7969924812029,"d":"$679"}]
[{"$f":"IF(I1047<>\"\",1+MAX($A$6:A1046),\"\")","v":""}]
[{"$f":"IF(I1048<>\"\",1+MAX($A$6:A1047),\"\")","v":""},{"$nulls":3},"INTERIOR WALLS - (2\"X6\") - ONE SIDE WEATHER RESISTANT",{"v":12.25,"d":"12"},{"v":9.25,"d":"9"}]
[{"$f":"IF(I1049<>\"\",1+MAX($A$6:A1048),\"\")","v":""}]
[{"$f":"IF(I1050<>\"\",1+MAX($A$6:A1049),\"\")","v":753},"A2.1B","A2.1B, A8.2, A5.0",null,"5/8\" Type X Gypsum Wall Board - (4'X8' ea.) - One Side",{"$f":"F1048*G1048*1/32","v":{"v":3.541015625,"d":"4"}},{"v":0,"d":"0%"},{"$f":"F1050*(1+G1050)","v":{"v":3.541015625,"d":"4"}},"EA",{"v":62,"d":"$62.0"},{"$f":"J1050*H1050","v":{"v":219.54296875,"d":"$219.54"}},{"v":14,"d":"$14.00"},{"$f":"L1050*H1050","v":{"v":49.57421875,"d":"$49.57"}},{"v":76,"d":"$76.0"},{"$f":"N1050*H1050","v":{"v":269.1171875,"d":"$269"}}]
[{"$f":"IF(I1051<>\"\",1+MAX($A$6:A1050),\"\")","v":754},"A2.1B","A2.1B, A8.2, A5.0",null,"5/8\" Cement Board Or Tile Backer Board - (4'X8' ea.) - One Side",{"$f":"F1048*G1048/32","v":{"v":3.541015625,"d":"4"}},{"v":0,"d":"0%"},{"$f":"F1051*(1+G1051)","v":{"v":3.541015625,"d":"4"}},"EA",{"v":70,"d":"$70.0"},{"v":247.87109375,"d":"$247.87"},{"v":20,"d":"$20.00"},{"v":70.8203125,"d":"$70.82"},{"v":90,"d":"$90.0"},{"v":318.69140625,"d":"$319"}]
[{"$f":"IF(I1052<>\"\",1+MAX($A$6:A1051),\"\")","v":755},"A2.1B","A2.1B, A8.2, A5.0",null,"R-15 Batt Insulation",{"$f":"F1048*G1048","v":{"v":113.3125,"d":"113"}},{"v":0.1,"d":"10%"},{"$f":"F1052*(1+G1052)","v":{"v":124.64375000000001,"d":"125"}},"SF",{"v":0.7936,"d":"$0.8"},{"v":98.91728,"d":"$98.92"},{"v":0.4864,"d":"$0.49"},{"v":60.626720000000006,"d":"$60.63"},{"v":1.28,"d":"$1.28"},{"v":159.544,"d":"$160"}]
[{"$f":"IF(I1053<>\"\",1+MAX($A$6:A1052),\"\")","v":756},"A2.1B","A2.1B, A8.2, A5.0",null,"Acoustic Sealant",{"$f":"F1048*4","v":49},{"v":0.1,"d":"10%"},{"v":53.900000000000006,"d":"54"},"LF",{"v":3.35,"d":"$3.4"},{"v":180.56500000000003,"d":"$180.57"},{"v":1.6500000000000001,"d":"$1.65"},{"v":88.93500000000002,"d":"$88.94"},{"v":5,"d":"$5.0"},{"v":269.5,"d":"$270"}]
[{"$f":"IF(I1054<>\"\",1+MAX($A$6:A1053),\"\")","v":757},"A2.1B","A2.1B, A8.2, A5.0",null,"(2\"x6\") Pressure Treated Plate @ Bottom",{"$f":"F1048*1","v":{"v":12.25,"d":"12"}},{"v":0.1,"d":"10%"},{"v":13.475000000000001,"d":"13"},"LF",{"v":2.48,"d":"$2.48"},{"v":33.418000000000006,"d":"$33.42"},{"v":1.52,"d":"$1.52"},{"v":20.482000000000003,"d":"$20.48"},{"v":4,"d":"$4.0"},{"v":53.900000000000006,"d":"$54"}]
[{"$f":"IF(I1055<>\"\",1+MAX($A$6:A1054),\"\")","v":758},"A2.1B","A2.1B, A8.2, A5.0",null,"(2\"x6\") Pressure Treated Plate @ Top (Double Plate)",{"$f":"F1048*2","v":{"v":24.5,"d":"25"}},{"v":0.1,"d":"10%"},{"v":26.950000000000003,"d":"27"},"LF",{"v":2.48,"d":"$2.48"},{"v":66.83600000000001,"d":"$66.84"},{"v":1.52,"d":"$1.52"},{"v":40.964000000000006,"d":"$40.96"},{"v":4,"d":"$4.0"},{"v":107.80000000000001,"d":"$108"}]
[{"$f":"IF(I1056<>\"\",1+MAX($A$6:A1055),\"\")","v":759},"A2.1B","A2.1B, A8.2, A5.0",null,"(2\"x6\") Wooden Studs @ 16\" O.C. - 9'-3\" High",{"$f":"F1048/1.33","v":{"v":9.210526315789473,"d":"9"}},{"v":0,"d":"0%"},{"v":9.210526315789473,"d":"9"},"EA",{"v":22.94,"d":"$22.94"},{"v":211.28947368421052,"d":"$211.29"},{"v":14.06,"d":"$14.06"},{"v":129.5,"d":"$129.50"},{"v":37,"d":"$37.0"},{"v":340.78947368421046,"d":"$341"}]
[{"$f":"IF(I1057<>\"\",1+MAX($A$6:A1056),\"\")","v":""}]
[{"$f":"IF(I1058<>\"\",1+MAX($A$6:A1057),\"\")","v":""},{"$nulls":3},"INTERIOR WALLS - (2\"X6\")",{"v":5.38,"d":"5"},{"v":11.5,"d":"12"}]
[{"$f":"IF(I1059<>\"\",1+MAX($A$6:A1058),\"\")","v":""}]
[{"$f":"IF(I1060<>\"\",1+MAX($A$6:A1059),\"\")","v":760},"A2.1B","A2.1B, A8.2, A5.0",null,"5/8\" Type X Gypsum Wall Board - (4'X8' ea.) - Both Side",{"$f":"F1058*G1058*2/32","v":{"v":3.866875,"d":"4"}},{"v":0,"d":"0%"},{"$f":"F1060*(1+G1060)","v":{"v":3.866875,"d":"4"}},"EA",{"v":62,"d":"$62.0"},{"$f":"J1060*H1060","v":{"v":239.74625,"d":"$239.75"}},{"v":14,"d":"$14.00"},{"$f":"L1060*H1060","v":{"v":54.13625,"d":"$54.14"}},{"v":76,"d":"$76.0"},{"$f":"N1060*H1060","v":{"v":293.8825,"d":"$294"}}]
[{"$f":"IF(I1061<>\"\",1+MAX($A$6:A1060),\"\")","v":761},"A2.1B","A2.1B, A8.2, A5.0",null,"R-15 Batt Insulation",{"$f":"F1058*G1058","v":{"v":61.87,"d":"62"}},{"v":0.1,"d":"10%"},{"$f":"F1061*(1+G1061)","v":{"v":68.057,"d":"68"}},"SF",{"v":0.7936,"d":"$0.8"},{"v":54.0100352,"d":"$54.01"},{"v":0.4864,"d":"$0.49"},{"v":33.102924800000004,"d":"$33.10"},{"v":1.28,"d":"$1.28"},{"v":87.11296,"d":"$87"}]
[{"$f":"IF(I1062<>\"\",1+MAX($A$6:A1061),\"\")","v":762},"A2.1B","A2.1B, A8.2, A5.0",null,"Acoustic Sealant",{"$f":"F1058*4","v":{"v":21.52,"d":"22"}},{"v":0.1,"d":"10%"},{"v":23.672,"d":"24"},"LF",{"v":3.35,"d":"$3.4"},{"v":79.30120000000001,"d":"$79.30"},{"v":1.6500000000000001,"d":"$1.65"},{"v":39.058800000000005,"d":"$39.06"},{"v":5,"d":"$5.0"},{"v":118.36,"d":"$118"}]
[{"$f":"IF(I1063<>\"\",1+MAX($A$6:A1062),\"\")","v":763},"A2.1B","A2.1B, A8.2, A5.0",null,"(2\"x6\") Pressure Treated Plate @ Bottom",{"$f":"F1058*1","v":{"v":5.38,"d":"5"}},{"v":0.1,"d":"10%"},{"v":5.918,"d":"6"},"LF",{"v":2.48,"d":"$2.48"},{"v":14.67664,"d":"$14.68"},{"v":1.52,"d":"$1.52"},{"v":8.99536,"d":"$9.00"},{"v":4,"d":"$4.0"},{"v":23.672,"d":"$24"}]
[{"$f":"IF(I1064<>\"\",1+MAX($A$6:A1063),\"\")","v":764},"A2.1B","A2.1B, A8.2, A5.0",null,"(2\"x6\") Pressure Treated Plate @ Top (Double Plate)",{"$f":"F1058*2","v":{"v":10.76,"d":"11"}},{"v":0.1,"d":"10%"},{"v":11.836,"d":"12"},"LF",{"v":2.48,"d":"$2.48"},{"v":29.35328,"d":"$29.35"},{"v":1.52,"d":"$1.52"},{"v":17.99072,"d":"$17.99"},{"v":4,"d":"$4.0"},{"v":47.344,"d":"$47"}]
[{"$f":"IF(I1065<>\"\",1+MAX($A$6:A1064),\"\")","v":765},"A2.1B","A2.1B, A8.2, A5.0",null,"(2\"x6\") Wooden Studs @ 16\" O.C. - 11'-6\" High",{"$f":"F1058/1.33","v":{"v":4.045112781954887,"d":"4"}},{"v":0,"d":"0%"},{"v":4.045112781954887,"d":"4"},"EA",{"v":28.52,"d":"$28.52"},{"v":115.36661654135338,"d":"$115.37"},{"v":17.48,"d":"$17.48"},{"v":70.70857142857143,"d":"$70.71"},{"v":46,"d":"$46.0"},{"v":186.0751879699248,"d":"$186"}]
[{"$f":"IF(I1066<>\"\",1+MAX($A$6:A1065),\"\")","v":""}]
[{"$f":"IF(I1067<>\"\",1+MAX($A$6:A1066),\"\")","v":""},{"$nulls":3},"INTERIOR WALLS - (2\"X6\") - ONE SIDE WEATHER RESISTANT",{"v":7.87,"d":"8"},{"v":11.5,"d":"12"}]
[{"$f":"IF(I1068<>\"\",1+MAX($A$6:A1067),\"\")","v":""}]
[{"$f":"IF(I1069<>\"\",1+MAX($A$6:A1068),\"\")","v":766},"A2.1B","A2.1B, A8.2, A5.0",null,"5/8\" Type X Gypsum Wall Board - (4'X8' ea.) - One Side",{"$f":"F1067*G1067*1/32","v":{"v":2.82828125,"d":"3"}},{"v":0,"d":"0%"},{"$f":"F1069*(1+G1069)","v":{"v":2.82828125,"d":"3"}},"EA",{"v":62,"d":"$62.0"},{"$f":"J1069*H1069","v":{"v":175.35343749999998,"d":"$175.35"}},{"v":14,"d":"$14.00"},{"$f":"L1069*H1069","v":{"v":39.5959375,"d":"$39.60"}},{"v":76,"d":"$76.0"},{"$f":"N1069*H1069","v":{"v":214.94937499999997,"d":"$215"}}]
[{"$f":"IF(I1070<>\"\",1+MAX($A$6:A1069),\"\")","v":767},"A2.1B","A2.1B, A8.2, A5.0",null,"5/8\" Cement Board Or Tile Backer Board - (4'X8' ea.) - One Side",{"$f":"F1067*G1067/32","v":{"v":2.82828125,"d":"3"}},{"v":0,"d":"0%"},{"$f":"F1070*(1+G1070)","v":{"v":2.82828125,"d":"3"}},"EA",{"v":70,"d":"$70.0"},{"v":197.97968749999998,"d":"$197.98"},{"v":20,"d":"$20.00"},{"v":56.565625,"d":"$56.57"},{"v":90,"d":"$90.0"},{"v":254.5453125,"d":"$255"}]
[{"$f":"IF(I1071<>\"\",1+MAX($A$6:A1070),\"\")","v":768},"A2.1B","A2.1B, A8.2, A5.0",null,"R-15 Batt Insulation",{"$f":"F1067*G1067","v":{"v":90.505,"d":"91"}},{"v":0.1,"d":"10%"},{"$f":"F1071*(1+G1071)","v":{"v":99.55550000000001,"d":"100"}},"SF",{"v":0.7936,"d":"$0.8"},{"v":79.00724480000001,"d":"$79.01"},{"v":0.4864,"d":"$0.49"},{"v":48.42379520000001,"d":"$48.42"},{"v":1.28,"d":"$1.28"},{"v":127.43104000000001,"d":"$127"}]
[{"$f":"IF(I1072<>\"\",1+MAX($A$6:A1071),\"\")","v":769},"A2.1B","A2.1B, A8.2, A5.0",null,"Acoustic Sealant",{"$f":"F1067*4","v":{"v":31.48,"d":"31"}},{"v":0.1,"d":"10%"},{"v":34.628,"d":"35"},"LF",{"v":3.35,"d":"$3.4"},{"v":116.0038,"d":"$116.00"},{"v":1.6500000000000001,"d":"$1.65"},{"v":57.1362,"d":"$57.14"},{"v":5,"d":"$5.0"},{"v":173.14,"d":"$173"}]
[{"$f":"IF(I1073<>\"\",1+MAX($A$6:A1072),\"\")","v":770},"A2.1B","A2.1B, A8.2, A5.0",null,"(2\"x6\") Pressure Treated Plate @ Bottom",{"$f":"F1067*1","v":{"v":7.87,"d":"8"}},{"v":0.1,"d":"10%"},{"v":8.657,"d":"9"},"LF",{"v":2.48,"d":"$2.48"},{"v":21.469359999999998,"d":"$21.47"},{"v":1.52,"d":"$1.52"},{"v":13.15864,"d":"$13.16"},{"v":4,"d":"$4.0"},{"v":34.628,"d":"$35"}]
[{"$f":"IF(I1074<>\"\",1+MAX($A$6:A1073),\"\")","v":771},"A2.1B","A2.1B, A8.2, A5.0",null,"(2\"x6\") Pressure Treated Plate @ Top (Double Plate)",{"$f":"F1067*2","v":{"v":15.74,"d":"16"}},{"v":0.1,"d":"10%"},{"v":17.314,"d":"17"},"LF",{"v":2.48,"d":"$2.48"},{"v":42.938719999999996,"d":"$42.94"},{"v":1.52,"d":"$1.52"},{"v":26.31728,"d":"$26.32"},{"v":4,"d":"$4.0"},{"v":69.256,"d":"$69"}]
[{"$f":"IF(I1075<>\"\",1+MAX($A$6:A1074),\"\")","v":772},"A2.1B","A2.1B, A8.2, A5.0",null,"(2\"x6\") Wooden Studs @ 16\" O.C. - 11'-6\" High",{"$f":"F1067/1.33","v":{"v":5.917293233082707,"d":"6"}},{"v":0,"d":"0%"},{"v":5.917293233082707,"d":"6"},"EA",{"v":28.52,"d":"$28.52"},{"v":168.7612030075188,"d":"$168.76"},{"v":17.48,"d":"$17.48"},{"v":103.43428571428572,"d":"$103.43"},{"v":46,"d":"$46.0"},{"v":272.1954887218045,"d":"$272"}]
[{"$f":"IF(I1076<>\"\",1+MAX($A$6:A1075),\"\")","v":""}]
[{"$f":"IF(I1077<>\"\",1+MAX($A$6:A1076),\"\")","v":""},{"$nulls":3},"INTERIOR WALLS - (2\"X4\") - 1 HOUR RATED ",{"v":12.49,"d":"12"},{"v":9.25,"d":"9"}]
[{"$f":"IF(I1078<>\"\",1+MAX($A$6:A1077),\"\")","v":""}]
[{"$f":"IF(I1079<>\"\",1+MAX($A$6:A1078),\"\")","v":773},"A2.1B","A2.1B, A8.2, A5.0",null,"5/8\" Type X Gypsum Wall Board - (4'X8' ea.) - Fire Rated",{"$f":"F1077*G1077*2/32","v":{"v":7.22078125,"d":"7"}},{"v":0,"d":"0%"},{"$f":"F1079*(1+G1079)","v":{"v":7.22078125,"d":"7"}},"EA",{"v":62,"d":"$62.0"},{"$f":"J1079*H1079","v":{"v":447.6884375,"d":"$447.69"}},{"v":16,"d":"$16.00"},{"$f":"L1079*H1079","v":{"v":115.5325,"d":"$115.53"}},{"v":78,"d":"$78.0"},{"$f":"N1079*H1079","v":{"v":563.2209375,"d":"$563"}}]
[{"$f":"IF(I1080<>\"\",1+MAX($A$6:A1079),\"\")","v":774},"A2.1B","A2.1B, A8.2, A5.0",null,"15/32\" Structural 1 Plywood Sheathing - (4'X8' ea.)",{"$f":"F1077*G1077/32","v":{"v":3.610390625,"d":"4"}},{"v":0,"d":"0%"},{"$f":"F1080*(1+G1080)","v":{"v":3.610390625,"d":"4"}},"EA",{"v":90,"d":"$90.0"},{"v":324.93515625,"d":"$324.94"},{"v":26,"d":"$26.00"},{"v":93.87015625,"d":"$93.87"},{"v":116,"d":"$116.0"},{"v":418.8053125,"d":"$419"}]
[{"$f":"IF(I1081<>\"\",1+MAX($A$6:A1080),\"\")","v":775},"A2.1B","A2.1B, A8.2, A5.0",null,"R-13 Batt Insulation",{"$f":"F1077*G1077","v":{"v":115.5325,"d":"116"}},{"v":0.1,"d":"10%"},{"$f":"F1081*(1+G1081)","v":{"v":127.08575,"d":"127"}},"SF",{"v":0.744,"d":"$0.7"},{"v":94.551798,"d":"$94.55"},{"v":0.45599999999999996,"d":"$0.46"},{"v":57.951102,"d":"$57.95"},{"v":1.2,"d":"$1.20"},{"v":152.5029,"d":"$153"}]
[{"$f":"IF(I1082<>\"\",1+MAX($A$6:A1081),\"\")","v":776},"A2.1B","A2.1B, A8.2, A5.0",null,"Acoustic Sealant - Fire Rated",{"$f":"F1077*4","v":{"v":49.96,"d":"50"}},{"v":0.1,"d":"10%"},{"v":54.956,"d":"55"},"LF",{"v":4.0200000000000005,"d":"$4.0"},{"v":220.92312000000004,"d":"$220.92"},{"v":1.98,"d":"$1.98"},{"v":108.81288,"d":"$108.81"},{"v":6,"d":"$6.0"},{"v":329.736,"d":"$330"}]
[{"$f":"IF(I1083<>\"\",1+MAX($A$6:A1082),\"\")","v":777},"A2.1B","A2.1B, A8.2, A5.0",null,"(2\"x4\") Pressure Treated Plate @ Bottom",{"$f":"F1077*1","v":{"v":12.49,"d":"12"}},{"v":0.1,"d":"10%"},{"v":13.739,"d":"14"},"LF",{"v":1.8599999999999999,"d":"$1.86"},{"v":25.55454,"d":"$25.55"},{"v":1.1400000000000001,"d":"$1.14"},{"v":15.662460000000003,"d":"$15.66"},{"v":3,"d":"$3.0"},{"v":41.217,"d":"$41"}]
[{"$f":"IF(I1084<>\"\",1+MAX($A$6:A1083),\"\")","v":778},"A2.1B","A2.1B, A8.2, A5.0",null,"(2\"x4\") Pressure Treated Plate @ Top (Double Plate)",{"$f":"F1077*2","v":{"v":24.98,"d":"25"}},{"v":0.1,"d":"10%"},{"v":27.478,"d":"27"},"LF",{"v":1.8599999999999999,"d":"$1.86"},{"v":51.10908,"d":"$51.11"},{"v":1.1400000000000001,"d":"$1.14"},{"v":31.324920000000006,"d":"$31.32"},{"v":3,"d":"$3.0"},{"v":82.434,"d":"$82"}]
[{"$f":"IF(I1085<>\"\",1+MAX($A$6:A1084),\"\")","v":779},"A2.1B","A2.1B, A8.2, A5.0",null,"(2\"x4\") Wooden Studs @ 16\" O.C. - 9'-3\" High",{"$f":"F1077/1.33","v":{"v":9.390977443609023,"d":"9"}},{"v":0,"d":"0%"},{"v":9.390977443609023,"d":"9"},"EA",{"v":17.205,"d":"$17.21"},{"v":161.57176691729322,"d":"$161.57"},{"v":10.545,"d":"$10.55"},{"v":99.02785714285714,"d":"$99.03"},{"v":27.75,"d":"$27.8"},{"v":260.5996240601504,"d":"$261"}]
[{"$f":"IF(I1086<>\"\",1+MAX($A$6:A1085),\"\")","v":""}]
[{"$f":"IF(I1087<>\"\",1+MAX($A$6:A1086),\"\")","v":""},{"$nulls":3},"INTERIOR WALLS - (2\"X6\") - 1 HOUR RATED ",{"v":28.55,"d":"29"},{"v":9.25,"d":"9"}]
[{"$f":"IF(I1088<>\"\",1+MAX($A$6:A1087),\"\")","v":""}]
[{"$f":"IF(I1089<>\"\",1+MAX($A$6:A1088),\"\")","v":780},"A2.1B","A2.1B, A8.2, A5.0",null,"5/8\" Type X Gypsum Wall Board - (4'X8' ea.) - Fire Rated",{"$f":"F1087*G1087*2/32","v":{"v":16.505468750000002,"d":"17"}},{"v":0,"d":"0%"},{"$f":"F1089*(1+G1089)","v":{"v":16.505468750000002,"d":"17"}},"EA",{"v":62,"d":"$62.0"},{"$f":"J1089*H1089","v":{"v":1023.3390625000002,"d":"$1,023.34"}},{"v":16,"d":"$16.00"},{"$f":"L1089*H1089","v":{"v":264.08750000000003,"d":"$264.09"}},{"v":78,"d":"$78.0"},{"$f":"N1089*H1089","v":{"v":1287.4265625000003,"d":"$1,287"}}]
[{"$f":"IF(I1090<>\"\",1+MAX($A$6:A1089),\"\")","v":781},"A2.1B","A2.1B, A8.2, A5.0",null,"15/32\" Structural 1 Plywood Sheathing - (4'X8' ea.)",{"$f":"F1087*G1087/32","v":{"v":8.252734375000001,"d":"8"}},{"v":0,"d":"0%"},{"$f":"F1090*(1+G1090)","v":{"v":8.252734375000001,"d":"8"}},"EA",{"v":90,"d":"$90.0"},{"v":742.7460937500001,"d":"$742.75"},{"v":26,"d":"$26.00"},{"v":214.57109375000002,"d":"$214.57"},{"v":116,"d":"$116.0"},{"v":957.3171875000002,"d":"$957"}]
[{"$f":"IF(I1091<>\"\",1+MAX($A$6:A1090),\"\")","v":782},"A2.1B","A2.1B, A8.2, A5.0",null,"R-13 Batt Insulation",{"$f":"F1087*G1087","v":{"v":264.08750000000003,"d":"264"}},{"v":0.1,"d":"10%"},{"$f":"F1091*(1+G1091)","v":{"v":290.4962500000001,"d":"290"}},"SF",{"v":0.744,"d":"$0.7"},{"v":216.12921000000006,"d":"$216.13"},{"v":0.45599999999999996,"d":"$0.46"},{"v":132.46629000000001,"d":"$132.47"},{"v":1.2,"d":"$1.20"},{"v":348.5955000000001,"d":"$349"}]
[{"$f":"IF(I1092<>\"\",1+MAX($A$6:A1091),\"\")","v":783},"A2.1B","A2.1B, A8.2, A5.0",null,"Acoustic Sealant - Fire Rated",{"$f":"F1087*4","v":{"v":114.2,"d":"114"}},{"v":0.1,"d":"10%"},{"v":125.62000000000002,"d":"126"},"LF",{"v":4.0200000000000005,"d":"$4.0"},{"v":504.99240000000015,"d":"$504.99"},{"v":1.98,"d":"$1.98"},{"v":248.72760000000002,"d":"$248.73"},{"v":6,"d":"$6.0"},{"v":753.7200000000001,"d":"$754"}]
[{"$f":"IF(I1093<>\"\",1+MAX($A$6:A1092),\"\")","v":784},"A2.1B","A2.1B, A8.2, A5.0",null,"(2\"x6\") Pressure Treated Plate @ Bottom",{"$f":"F1087*1","v":{"v":28.55,"d":"29"}},{"v":0.1,"d":"10%"},{"v":31.405000000000005,"d":"31"},"LF",{"v":2.48,"d":"$2.48"},{"v":77.88440000000001,"d":"$77.88"},{"v":1.52,"d":"$1.52"},{"v":47.735600000000005,"d":"$47.74"},{"v":4,"d":"$4.0"},{"v":125.62000000000002,"d":"$126"}]
[{"$f":"IF(I1094<>\"\",1+MAX($A$6:A1093),\"\")","v":785},"A2.1B","A2.1B, A8.2, A5.0",null,"(2\"x6\") Pressure Treated Plate @ Top (Double Plate)",{"$f":"F1087*2","v":{"v":57.1,"d":"57"}},{"v":0.1,"d":"10%"},{"v":62.81000000000001,"d":"63"},"LF",{"v":2.48,"d":"$2.48"},{"v":155.76880000000003,"d":"$155.77"},{"v":1.52,"d":"$1.52"},{"v":95.47120000000001,"d":"$95.47"},{"v":4,"d":"$4.0"},{"v":251.24000000000004,"d":"$251"}]
[{"$f":"IF(I1095<>\"\",1+MAX($A$6:A1094),\"\")","v":786},"A2.1B","A2.1B, A8.2, A5.0",null,"(2\"x6\") Wooden Studs @ 16\" O.C. - 9'-3\" High",{"$f":"F1087/1.33","v":{"v":21.466165413533833,"d":"21"}},{"v":0,"d":"0%"},{"v":21.466165413533833,"d":"21"},"EA",{"v":22.94,"d":"$22.94"},{"v":492.43383458646616,"d":"$492.43"},{"v":14.06,"d":"$14.06"},{"v":301.8142857142857,"d":"$301.81"},{"v":37,"d":"$37.0"},{"v":794.2481203007518,"d":"$794"}]
[{"$f":"IF(I1096<>\"\",1+MAX($A$6:A1095),\"\")","v":""}]
[{"$f":"IF(I1097<>\"\",1+MAX($A$6:A1096),\"\")","v":""},{"$nulls":3},"INTERIOR WALLS - (2\"X6\") - 1 HOUR RATED - ONE SIDE WEATHER RESISTANT",{"v":5.75,"d":"6"},{"v":9.25,"d":"9"}]
[{"$f":"IF(I1098<>\"\",1+MAX($A$6:A1097),\"\")","v":""}]
[{"$f":"IF(I1099<>\"\",1+MAX($A$6:A1098),\"\")","v":787},"A2.1B","A2.1B, A8.2, A5.0",null,"5/8\" Type X Gypsum Wall Board - (4'X8' ea.) - Fire Rated",{"$f":"F1097*G1097/32","v":{"v":1.662109375,"d":"2"}},{"v":0,"d":"0%"},{"$f":"F1099*(1+G1099)","v":{"v":1.662109375,"d":"2"}},"EA",{"v":62,"d":"$62.0"},{"$f":"J1099*H1099","v":{"v":103.05078125,"d":"$103.05"}},{"v":16,"d":"$16.00"},{"$f":"L1099*H1099","v":{"v":26.59375,"d":"$26.59"}},{"v":78,"d":"$78.0"},{"$f":"N1099*H1099","v":{"v":129.64453125,"d":"$130"}}]
[{"$f":"IF(I1100<>\"\",1+MAX($A$6:A1099),\"\")","v":788},"A2.1B","A2.1B, A8.2, A5.0",null,"5/8\" Cement Board Or Tile Backer Board - (4'X8' ea.) - Fire Rated",{"$f":"F1097*G1097/32","v":{"v":1.662109375,"d":"2"}},{"v":0,"d":"0%"},{"$f":"F1100*(1+G1100)","v":{"v":1.662109375,"d":"2"}},"EA",{"v":70,"d":"$70.0"},{"v":116.34765625,"d":"$116.35"},{"v":22,"d":"$22.00"},{"v":36.56640625,"d":"$36.57"},{"v":92,"d":"$92.0"},{"v":152.9140625,"d":"$153"}]
[{"$f":"IF(I1101<>\"\",1+MAX($A$6:A1100),\"\")","v":789},"A2.1B","A2.1B, A8.2, A5.0",null,"15/32\" Structural 1 Plywood Sheathing - (4'X8' ea.)",{"$f":"F1097*G1097/32","v":{"v":1.662109375,"d":"2"}},{"v":0,"d":"0%"},{"$f":"F1101*(1+G1101)","v":{"v":1.662109375,"d":"2"}},"EA",{"v":90,"d":"$90.0"},{"v":149.58984375,"d":"$149.59"},{"v":26,"d":"$26.00"},{"v":43.21484375,"d":"$43.21"},{"v":116,"d":"$116.0"},{"$f":"N1101*H1101","v":{"v":192.8046875,"d":"$193"}}]
[{"$f":"IF(I1102<>\"\",1+MAX($A$6:A1101),\"\")","v":790},"A2.1B","A2.1B, A8.2, A5.0",null,"R-15 Batt Insulation",{"$f":"F1097*G1097","v":{"v":53.1875,"d":"53"}},{"v":0.1,"d":"10%"},{"$f":"F1102*(1+G1102)","v":{"v":58.50625,"d":"59"}},"SF",{"v":0.7936,"d":"$0.8"},{"v":46.43056,"d":"$46.43"},{"v":0.4864,"d":"$0.49"},{"v":28.457440000000002,"d":"$28.46"},{"v":1.28,"d":"$1.28"},{"v":74.888,"d":"$75"}]
[{"$f":"IF(I1103<>\"\",1+MAX($A$6:A1102),\"\")","v":791},"A2.1B","A2.1B, A8.2, A5.0",null,"Acoustic Sealant - Fire Rated",{"$f":"F1097*4","v":23},{"v":0.1,"d":"10%"},{"v":25.3,"d":"25"},"LF",{"v":4.0200000000000005,"d":"$4.0"},{"v":101.70600000000002,"d":"$101.71"},{"v":1.98,"d":"$1.98"},{"v":50.094,"d":"$50.09"},{"v":6,"d":"$6.0"},{"v":151.8,"d":"$152"}]
[{"$f":"IF(I1104<>\"\",1+MAX($A$6:A1103),\"\")","v":792},"A2.1B","A2.1B, A8.2, A5.0",null,"(2\"x6\") Pressure Treated Plate @ Bottom",{"$f":"F1097*1","v":{"v":5.75,"d":"6"}},{"v":0.1,"d":"10%"},{"v":6.325,"d":"6"},"LF",{"v":2.48,"d":"$2.48"},{"v":15.686,"d":"$15.69"},{"v":1.52,"d":"$1.52"},{"v":9.614,"d":"$9.61"},{"v":4,"d":"$4.0"},{"v":25.3,"d":"$25"}]
[{"$f":"IF(I1105<>\"\",1+MAX($A$6:A1104),\"\")","v":793},"A2.1B","A2.1B, A8.2, A5.0",null,"(2\"x6\") Pressure Treated Plate @ Top (Double Plate)",{"$f":"F1097*2","v":{"v":11.5,"d":"12"}},{"v":0.1,"d":"10%"},{"v":12.65,"d":"13"},"LF",{"v":2.48,"d":"$2.48"},{"v":31.372,"d":"$31.37"},{"v":1.52,"d":"$1.52"},{"v":19.228,"d":"$19.23"},{"v":4,"d":"$4.0"},{"v":50.6,"d":"$51"}]
[{"$f":"IF(I1106<>\"\",1+MAX($A$6:A1105),\"\")","v":794},"A2.1B","A2.1B, A8.2, A5.0",null,"(2\"x6\") Wooden Studs @ 16\" O.C. - 9'-3\" High",{"$f":"F1097/1.33","v":{"v":4.323308270676692,"d":"4"}},{"v":0,"d":"0%"},{"v":4.323308270676692,"d":"4"},"EA",{"v":22.94,"d":"$22.94"},{"v":99.17669172932331,"d":"$99.18"},{"v":14.06,"d":"$14.06"},{"v":60.785714285714285,"d":"$60.79"},{"v":37,"d":"$37.0"},{"v":159.9624060150376,"d":"$160"}]
[{"$f":"IF(I1107<>\"\",1+MAX($A$6:A1106),\"\")","v":""}]
[{"$f":"IF(I1108<>\"\",1+MAX($A$6:A1107),\"\")","v":""},{"$nulls":3},"INTERIOR WALLS - (2\"X6\") - 1 HOUR RATED ",{"v":32.84,"d":"33"},{"v":11.6,"d":"12"}]
[{"$f":"IF(I1109<>\"\",1+MAX($A$6:A1108),\"\")","v":""}]
[{"$f":"IF(I1110<>\"\",1+MAX($A$6:A1109),\"\")","v":795},"A2.1B","A2.1B, A8.2, A5.0",null,"5/8\" Type X Gypsum Wall Board - (4'X8' ea.) - Fire Rated",{"$f":"F1108*G1108*2/32","v":{"v":23.809,"d":"24"}},{"v":0,"d":"0%"},{"$f":"F1110*(1+G1110)","v":{"v":23.809,"d":"24"}},"EA",{"v":62,"d":"$62.0"},{"$f":"J1110*H1110","v":{"v":1476.1580000000001,"d":"$1,476.16"}},{"v":16,"d":"$16.00"},{"$f":"L1110*H1110","v":{"v":380.944,"d":"$380.94"}},{"v":78,"d":"$78.0"},{"$f":"N1110*H1110","v":{"v":1857.102,"d":"$1,857"}}]
[{"$f":"IF(I1111<>\"\",1+MAX($A$6:A1110),\"\")","v":796},"A2.1B","A2.1B, A8.2, A5.0",null,"15/32\" Structural 1 Plywood Sheathing - (4'X8' ea.)",{"$f":"F1108*G1108/32","v":{"v":11.9045,"d":"12"}},{"v":0,"d":"0%"},{"$f":"F1111*(1+G1111)","v":{"v":11.9045,"d":"12"}},"EA",{"v":90,"d":"$90.0"},{"v":1071.405,"d":"$1,071.41"},{"v":26,"d":"$26.00"},{"v":309.517,"d":"$309.52"},{"v":116,"d":"$116.0"},{"v":1380.922,"d":"$1,381"}]
[{"$f":"IF(I1112<>\"\",1+MAX($A$6:A1111),\"\")","v":797},"A2.1B","A2.1B, A8.2, A5.0",null,"R-13 Batt Insulation",{"$f":"F1108*G1108","v":{"v":380.944,"d":"381"}},{"v":0.1,"d":"10%"},{"$f":"F1112*(1+G1112)","v":{"v":419.0384,"d":"419"}},"SF",{"v":0.744,"d":"$0.7"},{"v":311.7645696,"d":"$311.76"},{"v":0.45599999999999996,"d":"$0.46"},{"v":191.08151039999998,"d":"$191.08"},{"v":1.2,"d":"$1.20"},{"v":502.84608000000003,"d":"$503"}]
[{"$f":"IF(I1113<>\"\",1+MAX($A$6:A1112),\"\")","v":798},"A2.1B","A2.1B, A8.2, A5.0",null,"Acoustic Sealant - Fire Rated",{"$f":"F1108*4","v":{"v":131.36,"d":"131"}},{"v":0.1,"d":"10%"},{"v":144.49600000000004,"d":"144"},"LF",{"v":4.0200000000000005,"d":"$4.0"},{"v":580.8739200000002,"d":"$580.87"},{"v":1.98,"d":"$1.98"},{"v":286.10208000000006,"d":"$286.10"},{"v":6,"d":"$6.0"},{"v":866.9760000000002,"d":"$867"}]
[{"$f":"IF(I1114<>\"\",1+MAX($A$6:A1113),\"\")","v":799},"A2.1B","A2.1B, A8.2, A5.0",null,"(2\"x6\") Pressure Treated Plate @ Bottom",{"$f":"F1108*1","v":{"v":32.84,"d":"33"}},{"v":0.1,"d":"10%"},{"v":36.12400000000001,"d":"36"},"LF",{"v":2.48,"d":"$2.48"},{"v":89.58752000000003,"d":"$89.59"},{"v":1.52,"d":"$1.52"},{"v":54.90848000000001,"d":"$54.91"},{"v":4,"d":"$4.0"},{"v":144.49600000000004,"d":"$144"}]
[{"$f":"IF(I1115<>\"\",1+MAX($A$6:A1114),\"\")","v":800},"A2.1B","A2.1B, A8.2, A5.0",null,"(2\"x6\") Pressure Treated Plate @ Top (Double Plate)",{"$f":"F1108*2","v":{"v":65.68,"d":"66"}},{"v":0.1,"d":"10%"},{"v":72.24800000000002,"d":"72"},"LF",{"v":2.48,"d":"$2.48"},{"v":179.17504000000005,"d":"$179.18"},{"v":1.52,"d":"$1.52"},{"v":109.81696000000002,"d":"$109.82"},{"v":4,"d":"$4.0"},{"v":288.9920000000001,"d":"$289"}]
[{"$f":"IF(I1116<>\"\",1+MAX($A$6:A1115),\"\")","v":801},"A2.1B","A2.1B, A8.2, A5.0",null,"(2\"x6\") Wooden Studs @ 16\" O.C. - 11'-6\" High",{"$f":"F1108/1.33","v":{"v":24.691729323308273,"d":"25"}},{"v":0,"d":"0%"},{"v":24.691729323308273,"d":"25"},"EA",{"v":28.52,"d":"$28.52"},{"v":704.208120300752,"d":"$704.21"},{"v":17.48,"d":"$17.48"},{"v":431.61142857142863,"d":"$431.61"},{"v":46,"d":"$46.0"},{"v":1135.8195488721806,"d":"$1,136"}]
[{"$f":"IF(I1117<>\"\",1+MAX($A$6:A1116),\"\")","v":""}]
[{"$f":"IF(I1118<>\"\",1+MAX($A$6:A1117),\"\")","v":""},{"$nulls":3},"WALL BASE"]
[{"$f":"IF(I1119<>\"\",1+MAX($A$6:A1118),\"\")","v":802},"ID1.1","ID0.1",null,"Wooden Base Board - (6\" H)",{"v":427.36,"d":"427"},{"v":0.1,"d":"10%"},{"$f":"F1119*(1+G1119)","v":{"v":470.09600000000006,"d":"470"}},"LF",{"v":2.94,"d":"$2.9"},{"$f":"J1119*H1119","v":{"v":1382.0822400000002,"d":"$1,382.08"}},{"v":4.06,"d":"$4.06"},{"$f":"L1119*H1119","v":{"v":1908.58976,"d":"$1,908.59"}},{"v":7,"d":"$7.0"},{"$f":"N1119*H1119","v":{"v":3290.6720000000005,"d":"$3,291"}}]
[{"$f":"IF(I1120<>\"\",1+MAX($A$6:A1119),\"\")","v":""}]
[{"$f":"IF(I1121<>\"\",1+MAX($A$6:A1120),\"\")","v":""},{"$nulls":3},"FLOORING"]
[{"$f":"IF(I1122<>\"\",1+MAX($A$6:A1121),\"\")","v":803},"ID1.1","ID1.1",null,"Wooden Flooring @ 1ST Floor",{"v":1990.69,"d":"1,991"},{"v":0.1,"d":"10%"},{"$f":"F1122*(1+G1122)","v":{"v":2189.759,"d":"2190"}},"SF",{"v":7.56,"d":"$7.6"},{"$f":"J1122*H1122","v":{"v":16554.57804,"d":"$16,554.58"}},{"v":10.44,"d":"$10.44"},{"$f":"L1122*H1122","v":{"v":22861.08396,"d":"$22,861.08"}},{"v":18,"d":"$18.0"},{"$f":"N1122*H1122","v":{"v":39415.662,"d":"$39,416"}}]
[{"$f":"IF(I1123<>\"\",1+MAX($A$6:A1122),\"\")","v":804},"ID1.1","ID1.1",null,"Tile Flooring @ Bathroom",{"v":212.13,"d":"212"},{"v":0.1,"d":"10%"},{"v":233.34300000000002,"d":"233"},"SF",{"v":11.76,"d":"$11.8"},{"$f":"J1123*H1123","v":{"v":2744.1136800000004,"d":"$2,744.11"}},{"v":16.24,"d":"$16.24"},{"$f":"L1123*H1123","v":{"v":3789.49032,"d":"$3,789.49"}},{"v":28,"d":"$28.0"},{"v":6533.604,"d":"$6,534"}]
[{"$f":"IF(I1124<>\"\",1+MAX($A$6:A1123),\"\")","v":805},"ID1.1","ID1.1",null,"Tile Flooring @ Family Living Room",{"v":324.62,"d":"325"},{"v":0.1,"d":"10%"},{"v":357.08200000000005,"d":"357"},"SF",{"v":11.76,"d":"$11.8"},{"$f":"J1124*H1124","v":{"v":4199.284320000001,"d":"$4,199.28"}},{"v":16.24,"d":"$16.24"},{"$f":"L1124*H1124","v":{"v":5799.0116800000005,"d":"$5,799.01"}},{"v":28,"d":"$28.0"},{"v":9998.296000000002,"d":"$9,998"}]
[{"$f":"IF(I1125<>\"\",1+MAX($A$6:A1124),\"\")","v":806},"ID1.1","ID1.1",null,"Sealed Concrete",{"v":435.91,"d":"436"},{"v":0.1,"d":"10%"},{"v":479.5010000000001,"d":"480"},"SF",{"v":10.44,"d":"$10.44"},{"$f":"J1125*H1125","v":{"v":5005.9904400000005,"d":"$5,005.99"}},{"v":7.56,"d":"$7.56"},{"$f":"L1125*H1125","v":{"v":3625.0275600000004,"d":"$3,625.03"}},{"v":18,"d":"$18.0"},{"v":8631.018000000002,"d":"$8,631"}]
[{"$f":"IF(I1126<>\"\",1+MAX($A$6:A1125),\"\")","v":""}]
[{"$f":"IF(I1127<>\"\",1+MAX($A$6:A1126),\"\")","v":""},{"$nulls":3},"CEILING"]
[{"$f":"IF(I1128<>\"\",1+MAX($A$6:A1127),\"\")","v":807},"A2.3B","A2.3B",null,"5/8\" Moisture Resistant Type \"X\" Gypsum Board Ceiling",{"$f":"108.21/32","v":{"v":3.3815625,"d":"3"}},{"v":0,"d":"0%"},{"$f":"F1128*(1+G1128)","v":{"v":3.3815625,"d":"3"}},"EA",{"v":62,"d":"$62.0"},{"$f":"J1128*H1128","v":{"v":209.65687499999999,"d":"$209.66"}},{"v":16,"d":"$16.00"},{"$f":"L1128*H1128","v":{"v":54.105,"d":"$54.11"}},{"v":78,"d":"$78.0"},{"$f":"N1128*H1128","v":{"v":263.761875,"d":"$264"}}]
[{"$f":"IF(I1129<>\"\",1+MAX($A$6:A1128),\"\")","v":808},"A2.3B","A2.3B",null,"5/8\" Type \"X\" Gypsum Board Ceiling",{"$f":"1040.03/32","v":{"v":32.5009375,"d":"33"}},{"v":0,"d":"0%"},{"$f":"F1129*(1+G1129)","v":{"v":32.5009375,"d":"33"}},"EA",{"v":62,"d":"$62.0"},{"v":2015.058125,"d":"$2,015.06"},{"v":14,"d":"$14.00"},{"v":455.013125,"d":"$455.01"},{"v":76,"d":"$76.0"},{"v":2470.07125,"d":"$2,470"}]
[{"$f":"IF(I1130<>\"\",1+MAX($A$6:A1129),\"\")","v":809},"A2.3B","A2.3B",null,"5/8\" Type \"X\" Gypsum Board Ceiling @ Underside Of Stairs",{"$f":"77.79/32","v":{"v":2.4309375,"d":"2"}},{"v":0,"d":"0%"},{"$f":"F1130*(1+G1130)","v":{"v":2.4309375,"d":"2"}},"EA",{"v":62,"d":"$62.0"},{"v":150.71812500000001,"d":"$150.72"},{"v":14,"d":"$14.00"},{"v":34.033125000000005,"d":"$34.03"},{"v":76,"d":"$76.0"},{"v":184.75125000000003,"d":"$185"}]
[{"$f":"IF(I1131<>\"\",1+MAX($A$6:A1130),\"\")","v":810},"A2.3B","A2.3B",null,"5/8\" Type \"X\" Gypsum Board Ceiling @ Garage",{"$f":"431.1/32","v":{"v":13.471875,"d":"13"}},{"v":0,"d":"0%"},{"$f":"F1131*(1+G1131)","v":{"v":13.471875,"d":"13"}},"EA",{"v":62,"d":"$62.0"},{"v":835.25625,"d":"$835.26"},{"v":14,"d":"$14.00"},{"v":188.60625000000002,"d":"$188.61"},{"v":76,"d":"$76.0"},{"v":1023.8625000000001,"d":"$1,024"}]
[{"$f":"IF(I1132<>\"\",1+MAX($A$6:A1131),\"\")","v":811},"A2.3B","A2.3B",null,"5/8\" Moisture Resistant Type \"X\" Gypsum Board Vaulted Ceiling w/ Slop: 2:12",{"$f":"61.8*1.014/32","v":{"v":1.9582875,"d":"2"}},{"v":0,"d":"0%"},{"$f":"F1132*(1+G1132)","v":{"v":1.9582875,"d":"2"}},"EA",{"v":62,"d":"$62.0"},{"v":121.413825,"d":"$121.41"},{"v":16,"d":"$16.00"},{"v":31.3326,"d":"$31.33"},{"v":78,"d":"$78.0"},{"v":152.746425,"d":"$153"}]
[{"$f":"IF(I1133<>\"\",1+MAX($A$6:A1132),\"\")","v":812},"A2.3B","A2.3B",null,"5/8\" Type \"X\" Gypsum Board Vaulted Ceiling w/ Slop: 1 1/2:12",{"$f":"258.23*1.01/32","v":{"v":8.150384375,"d":"8"}},{"v":0,"d":"0%"},{"$f":"F1133*(1+G1133)","v":{"v":8.150384375,"d":"8"}},"EA",{"v":62,"d":"$62.0"},{"v":505.32383125,"d":"$505.32"},{"v":14,"d":"$14.00"},{"v":114.10538125,"d":"$114.11"},{"v":76,"d":"$76.0"},{"v":619.4292125,"d":"$619"}]
[{"$f":"IF(I1134<>\"\",1+MAX($A$6:A1133),\"\")","v":813},"A2.3B","A2.3B",null,"5/8\" Type \"X\" Gypsum Board Vaulted Ceiling w/ Slop: 2:12",{"$f":"538.41*1.014/32","v":{"v":17.060866875,"d":"17"}},{"v":0,"d":"0%"},{"$f":"F1134*(1+G1134)","v":{"v":17.060866875,"d":"17"}},"EA",{"v":62,"d":"$62.0"},{"v":1057.77374625,"d":"$1,057.77"},{"v":14,"d":"$14.00"},{"v":238.85213624999997,"d":"$238.85"},{"v":76,"d":"$76.0"},{"v":1296.6258825,"d":"$1,297"}]
[{"$f":"IF(I1135<>\"\",1+MAX($A$6:A1134),\"\")","v":""}]
[{"$f":"IF(I1136<>\"\",1+MAX($A$6:A1135),\"\")","v":""},{"$nulls":3},"CEILING SOFFITS"]
[{"$f":"IF(I1137<>\"\",1+MAX($A$6:A1136),\"\")","v":814},"A2.3B","A2.3B",null,"5/8\" Type \"X\" Gypsum Board Ceiling Soffit - (4\" H)",{"$f":"56.23*0.33/32","v":{"v":0.579871875,"d":"1"}},{"v":0,"d":"0%"},{"$f":"F1137*(1+G1137)","v":{"v":0.579871875,"d":"0.6"}},"EA",{"v":62,"d":"$62.0"},{"$f":"J1137*H1137","v":{"v":35.952056250000005,"d":"$35.95"}},{"v":14,"d":"$14.00"},{"$f":"L1137*H1137","v":{"v":8.11820625,"d":"$8.12"}},{"v":76,"d":"$76.0"},{"$f":"N1137*H1137","v":{"v":44.070262500000005,"d":"$44"}}]
[{"$f":"IF(I1138<>\"\",1+MAX($A$6:A1137),\"\")","v":815},"A2.3B","A2.3B",null,"5/8\" Type \"X\" Gypsum Board Ceiling Soffit - (6\" H)",{"$f":"97.83*0.5/32","v":{"v":1.52859375,"d":"2"}},{"v":0,"d":"0%"},{"$f":"F1138*(1+G1138)","v":{"v":1.52859375,"d":"1.5"}},"EA",{"v":62,"d":"$62.0"},{"$f":"J1138*H1138","v":{"v":94.7728125,"d":"$94.77"}},{"v":14,"d":"$14.00"},{"$f":"L1138*H1138","v":{"v":21.4003125,"d":"$21.40"}},{"v":76,"d":"$76.0"},{"v":116.173125,"d":"$116"}]
[{"$f":"IF(I1139<>\"\",1+MAX($A$6:A1138),\"\")","v":""}]
[{"$f":"IF(I1140<>\"\",1+MAX($A$6:A1139),\"\")","v":""},{"$nulls":3},"STUCCO SOFFIT CEILING"]
[{"$f":"IF(I1141<>\"\",1+MAX($A$6:A1140),\"\")","v":816},"A2.3B","A2.3B",null,"Stucco Finish Over 2 Layers Building Paper Grade Or Better",{"v":943.18,"d":"943"},{"v":0.1,"d":"10%"},{"$f":"F1141*(1+G1141)","v":{"v":1037.498,"d":"1037"}},"SF",{"v":3,"d":"$3.0"},{"$f":"J1141*H1141","v":{"v":3112.494,"d":"$3,112.49"}},{"v":6,"d":"$6.00"},{"$f":"L1141*H1141","v":{"v":6224.988,"d":"$6,224.99"}},{"v":9,"d":"$9.0"},{"$f":"N1141*H1141","v":{"v":9337.482,"d":"$9,337"}}]
[{"$f":"IF(I1142<>\"\",1+MAX($A$6:A1141),\"\")","v":817},"A2.3B","A2.3B",null,"Grade Tongue and Groove Ceiling",{"v":461.47,"d":"461"},{"v":0.1,"d":"10%"},{"v":507.6170000000001,"d":"508"},"SF",{"v":3.71,"d":"$3.7"},{"$f":"J1142*H1142","v":{"v":1883.2590700000003,"d":"$1,883.26"}},{"v":3.29,"d":"$3.29"},{"$f":"L1142*H1142","v":{"v":1670.0599300000003,"d":"$1,670.06"}},{"v":7,"d":"$7.0"},{"v":3553.3190000000004,"d":"$3,553"}]
[{"$f":"IF(I1143<>\"\",1+MAX($A$6:A1142),\"\")","v":818},"A2.3B","A2.3B",null,"Cement Plaster Soffit Material Dens glass Or Type \"X\" Gypsum Board",{"v":115.43,"d":"115"},{"v":0.1,"d":"10%"},{"v":126.97300000000001,"d":"127"},"SF",{"v":2.48,"d":"$2.5"},{"$f":"J1143*H1143","v":{"v":314.89304000000004,"d":"$314.89"}},{"v":1.52,"d":"$1.52"},{"$f":"L1143*H1143","v":{"v":192.99896,"d":"$193.00"}},{"v":4,"d":"$4.0"},{"v":507.89200000000005,"d":"$508"}]
[{"$f":"IF(I1144<>\"\",1+MAX($A$6:A1143),\"\")","v":""}]
[{"$f":"IF(I1145<>\"\",1+MAX($A$6:A1144),\"\")","v":""},{"$nulls":3},"WALL PAINT"]
[{"$f":"IF(I1146<>\"\",1+MAX($A$6:A1145),\"\")","v":819},"ID2.0-ID2.15","ASSUMED",null,"Wall Paint @ ADU Living",{"v":198.2,"d":"198"},{"v":0.1,"d":"10%"},{"$f":"F1146*(1+G1146)","v":{"v":218.02,"d":"218"}},"SF",{"v":1.2160000000000002,"d":"$1.2"},{"$f":"J1146*H1146","v":{"v":265.11232000000007,"d":"$265.11"}},{"v":0.384,"d":"$0.38"},{"$f":"L1146*H1146","v":{"v":83.71968000000001,"d":"$83.72"}},{"v":1.6,"d":"$1.6"},{"$f":"N1146*H1146","v":{"v":348.83200000000005,"d":"$349"}}]
[{"$f":"IF(I1147<>\"\",1+MAX($A$6:A1146),\"\")","v":820},"ID2.0-ID2.15","ASSUMED",null,"Wall Paint @ ADU Kitchen",{"v":310.23,"d":"310"},{"v":0.1,"d":"10%"},{"v":341.25300000000004,"d":"341"},"SF",{"v":1.2160000000000002,"d":"$1.2"},{"v":414.9636480000001,"d":"$414.96"},{"v":0.384,"d":"$0.38"},{"v":131.041152,"d":"$131.04"},{"v":1.6,"d":"$1.6"},{"v":546.0048,"d":"$546"}]
[{"$f":"IF(I1148<>\"\",1+MAX($A$6:A1147),\"\")","v":821},"ID2.0-ID2.15","ASSUMED",null,"Wall Paint @ ADU Bathroom",{"v":112.16,"d":"112"},{"v":0.1,"d":"10%"},{"v":123.376,"d":"123"},"SF",{"v":1.2160000000000002,"d":"$1.2"},{"v":150.02521600000003,"d":"$150.03"},{"v":0.384,"d":"$0.38"},{"v":47.376384,"d":"$47.38"},{"v":1.6,"d":"$1.6"},{"v":197.40160000000003,"d":"$197"}]
[{"$f":"IF(I1149<>\"\",1+MAX($A$6:A1148),\"\")","v":822},"ID2.0-ID2.15","ASSUMED",null,"Wall Paint @ ADU Bedroom",{"v":319.02,"d":"319"},{"v":0.1,"d":"10%"},{"v":350.922,"d":"351"},"SF",{"v":1.2160000000000002,"d":"$1.2"},{"v":426.7211520000001,"d":"$426.72"},{"v":0.384,"d":"$0.38"},{"v":134.754048,"d":"$134.75"},{"v":1.6,"d":"$1.6"},{"v":561.4752000000001,"d":"$561"}]
[{"$f":"IF(I1150<>\"\",1+MAX($A$6:A1149),\"\")","v":823},"ID2.0-ID2.15","ASSUMED",null,"Wall Paint @ Mudroom",{"v":252.72,"d":"253"},{"v":0.1,"d":"10%"},{"v":277.992,"d":"278"},"SF",{"v":1.2160000000000002,"d":"$1.2"},{"v":338.03827200000006,"d":"$338.04"},{"v":0.384,"d":"$0.38"},{"v":106.748928,"d":"$106.75"},{"v":1.6,"d":"$1.6"},{"v":444.78720000000004,"d":"$445"}]
[{"$f":"IF(I1151<>\"\",1+MAX($A$6:A1150),\"\")","v":824},"ID2.0-ID2.15","ASSUMED",null,"Wall Paint @ Pantry",243,{"v":0.1,"d":"10%"},{"v":267.3,"d":"267"},"SF",{"v":1.2160000000000002,"d":"$1.2"},{"v":325.0368000000001,"d":"$325.04"},{"v":0.384,"d":"$0.38"},{"v":102.64320000000001,"d":"$102.64"},{"v":1.6,"d":"$1.6"},{"v":427.68000000000006,"d":"$428"}]
[{"$f":"IF(I1152<>\"\",1+MAX($A$6:A1151),\"\")","v":825},"ID2.0-ID2.15","ASSUMED",null,"Wall Paint @ Nook",{"v":166.31,"d":"166"},{"v":0.1,"d":"10%"},{"v":182.94100000000003,"d":"183"},"SF",{"v":1.2160000000000002,"d":"$1.2"},{"v":222.45625600000008,"d":"$222.46"},{"v":0.384,"d":"$0.38"},{"v":70.24934400000001,"d":"$70.25"},{"v":1.6,"d":"$1.6"},{"v":292.70560000000006,"d":"$293"}]
[{"$f":"IF(I1153<>\"\",1+MAX($A$6:A1152),\"\")","v":826},"ID2.0-ID2.15","ASSUMED",null,"Wall Paint @ Kitchen",532,{"v":0.1,"d":"10%"},{"v":585.2,"d":"585"},"SF",{"v":1.2160000000000002,"d":"$1.2"},{"v":711.6032000000001,"d":"$711.60"},{"v":0.384,"d":"$0.38"},{"v":224.71680000000003,"d":"$224.72"},{"v":1.6,"d":"$1.6"},{"v":936.3200000000002,"d":"$936"}]
[{"$f":"IF(I1154<>\"\",1+MAX($A$6:A1153),\"\")","v":827},"ID2.0-ID2.15","ASSUMED",null,"Wall Paint @ Dinning Room",{"v":42.73,"d":"43"},{"v":0.1,"d":"10%"},{"v":47.003,"d":"47"},"SF",{"v":1.2160000000000002,"d":"$1.2"},{"v":57.15564800000001,"d":"$57.16"},{"v":0.384,"d":"$0.38"},{"v":18.049152,"d":"$18.05"},{"v":1.6,"d":"$1.6"},{"v":75.2048,"d":"$75"}]
[{"$f":"IF(I1155<>\"\",1+MAX($A$6:A1154),\"\")","v":828},"ID2.0-ID2.15","ASSUMED",null,"Wall Paint @ Family Room",{"v":96.56,"d":"97"},{"v":0.1,"d":"10%"},{"v":106.21600000000001,"d":"106"},"SF",{"v":1.2160000000000002,"d":"$1.2"},{"v":129.15865600000004,"d":"$129.16"},{"v":0.384,"d":"$0.38"},{"v":40.786944000000005,"d":"$40.79"},{"v":1.6,"d":"$1.6"},{"v":169.9456,"d":"$170"}]
[{"$f":"IF(I1156<>\"\",1+MAX($A$6:A1155),\"\")","v":829},"ID2.0-ID2.15","ASSUMED",null,"Wall Paint @ Bathroom 4",{"v":102.96,"d":"103"},{"v":0.1,"d":"10%"},{"v":113.256,"d":"113"},"SF",{"v":1.2160000000000002,"d":"$1.2"},{"v":137.719296,"d":"$137.72"},{"v":0.384,"d":"$0.38"},{"v":43.490304,"d":"$43.49"},{"v":1.6,"d":"$1.6"},{"v":181.20960000000002,"d":"$181"}]
[{"$f":"IF(I1157<>\"\",1+MAX($A$6:A1156),\"\")","v":830},"ID2.0-ID2.15","ASSUMED",null,"Wall Paint @ Bedroom 4",{"v":416.25,"d":"416"},{"v":0.1,"d":"10%"},{"v":457.87500000000006,"d":"458"},"SF",{"v":1.2160000000000002,"d":"$1.2"},{"v":556.7760000000002,"d":"$556.78"},{"v":0.384,"d":"$0.38"},{"v":175.824,"d":"$175.82"},{"v":1.6,"d":"$1.6"},{"v":732.6000000000001,"d":"$733"}]
[{"$f":"IF(I1158<>\"\",1+MAX($A$6:A1157),\"\")","v":831},"ID2.0-ID2.15","ASSUMED",null,"Wall Paint @ Living Room",{"v":217.91,"d":"218"},{"v":0.1,"d":"10%"},{"v":239.70100000000002,"d":"240"},"SF",{"v":1.2160000000000002,"d":"$1.2"},{"v":291.4764160000001,"d":"$291.48"},{"v":0.384,"d":"$0.38"},{"v":92.045184,"d":"$92.05"},{"v":1.6,"d":"$1.6"},{"v":383.52160000000003,"d":"$384"}]
[{"$f":"IF(I1159<>\"\",1+MAX($A$6:A1158),\"\")","v":832},"ID2.0-ID2.15","ASSUMED",null,"Wall Paint @ Foyer",{"v":155.77,"d":"156"},{"v":0.1,"d":"10%"},{"v":171.34700000000004,"d":"171"},"SF",{"v":1.2160000000000002,"d":"$1.2"},{"v":208.35795200000007,"d":"$208.36"},{"v":0.384,"d":"$0.38"},{"v":65.79724800000001,"d":"$65.80"},{"v":1.6,"d":"$1.6"},{"v":274.1552000000001,"d":"$274"}]
[{"$f":"IF(I1160<>\"\",1+MAX($A$6:A1159),\"\")","v":""}]
[{"$f":"IF(I1161<>\"\",1+MAX($A$6:A1160),\"\")","v":""},{"$nulls":3},"WALL TILE"]
[{"$f":"IF(I1162<>\"\",1+MAX($A$6:A1161),\"\")","v":833},"ID2.13","ASSUMED",null,"Wall Tile @ ADU Bathroom",{"v":171.99,"d":"172"},{"v":0.1,"d":"10%"},{"$f":"F1162*(1+G1162)","v":{"v":189.18900000000002,"d":"189"}},"SF",{"v":13.44,"d":"$13.4"},{"$f":"J1162*H1162","v":{"v":2542.7001600000003,"d":"$2,542.70"}},{"v":18.56,"d":"$18.56"},{"$f":"L1162*H1162","v":{"v":3511.3478400000004,"d":"$3,511.35"}},{"v":32,"d":"$32.0"},{"$f":"N1162*H1162","v":{"v":6054.048000000001,"d":"$6,054"}}]
[{"$f":"IF(I1163<>\"\",1+MAX($A$6:A1162),\"\")","v":834},"ID2.3","ASSUMED",null,"Wall Tile @ Bathroom 4",{"v":126.78,"d":"127"},{"v":0.1,"d":"10%"},{"v":139.458,"d":"139"},"SF",{"v":13.44,"d":"$13.4"},{"$f":"J1163*H1163","v":{"v":1874.3155199999999,"d":"$1,874.32"}},{"v":18.56,"d":"$18.56"},{"$f":"L1163*H1163","v":{"v":2588.34048,"d":"$2,588.34"}},{"v":32,"d":"$32.0"},{"v":4462.656,"d":"$4,463"}]
[{"$f":"IF(I1164<>\"\",1+MAX($A$6:A1163),\"\")","v":""}]
[{"$f":"IF(I1165<>\"\",1+MAX($A$6:A1164),\"\")","v":""},{"$nulls":3},"INTERIOR WALL FINISHES"]
[{"$f":"IF(I1166<>\"\",1+MAX($A$6:A1165),\"\")","v":835},"ID2.0-ID2.15","ASSUMED",null,"Wooden Cladding @ ADU Living",{"v":26.93,"d":"27"},{"v":0.1,"d":"10%"},{"$f":"F1166*(1+G1166)","v":{"v":29.623,"d":"30"}},"SF",{"v":4.2,"d":"$4.2"},{"$f":"J1166*H1166","v":{"v":124.41660000000002,"d":"$124.42"}},{"v":5.8,"d":"$5.80"},{"$f":"L1166*H1166","v":{"v":171.8134,"d":"$171.81"}},{"v":10,"d":"$10.0"},{"$f":"N1166*H1166","v":{"v":296.23,"d":"$296"}}]
[{"$f":"IF(I1167<>\"\",1+MAX($A$6:A1166),\"\")","v":836},"ID2.0-ID2.15","ASSUMED",null,"Wooden Cladding @ ADU Bedroom",{"v":43.98,"d":"44"},{"v":0.1,"d":"10%"},{"v":48.378,"d":"48"},"SF",{"v":4.2,"d":"$4.2"},{"v":203.1876,"d":"$203.19"},{"v":5.8,"d":"$5.80"},{"v":280.5924,"d":"$280.59"},{"v":10,"d":"$10.0"},{"v":483.78,"d":"$484"}]
[{"$f":"IF(I1168<>\"\",1+MAX($A$6:A1167),\"\")","v":837},"ID2.0-ID2.15","ASSUMED",null,"Wooden Cladding @ Mudroom",{"v":36.16,"d":"36"},{"v":0.1,"d":"10%"},{"v":39.775999999999996,"d":"40"},"SF",{"v":4.2,"d":"$4.2"},{"v":167.0592,"d":"$167.06"},{"v":5.8,"d":"$5.80"},{"v":230.70079999999996,"d":"$230.70"},{"v":10,"d":"$10.0"},{"v":397.76,"d":"$398"}]
[{"$f":"IF(I1169<>\"\",1+MAX($A$6:A1168),\"\")","v":838},"ID2.0-ID2.15","ASSUMED",null,"Wall Covering @ Powder",{"v":152.28,"d":"152"},{"v":0.1,"d":"10%"},{"v":167.508,"d":"168"},"SF",{"v":12.6,"d":"$12.6"},{"v":2110.6008,"d":"$2,110.60"},{"v":17.4,"d":"$17.40"},{"v":2914.6392,"d":"$2,914.64"},{"v":30,"d":"$30.0"},{"v":5025.240000000001,"d":"$5,025"}]
[{"$f":"IF(I1170<>\"\",1+MAX($A$6:A1169),\"\")","v":839},"ID2.0-ID2.15","ASSUMED",null,"Wooden Cladding @ Family Room",{"v":111.49,"d":"111"},{"v":0.1,"d":"10%"},{"v":122.63900000000001,"d":"123"},"SF",{"v":4.2,"d":"$4.2"},{"v":515.0838000000001,"d":"$515.08"},{"v":5.8,"d":"$5.80"},{"v":711.3062,"d":"$711.31"},{"v":10,"d":"$10.0"},{"v":1226.39,"d":"$1,226"}]
[{"$f":"IF(I1171<>\"\",1+MAX($A$6:A1170),\"\")","v":840},"ID2.0-ID2.15","ASSUMED",null,"Wooden Cladding @ Living Room",{"v":168.54,"d":"169"},{"v":0.1,"d":"10%"},{"v":185.394,"d":"185"},"SF",{"v":4.2,"d":"$4.2"},{"v":778.6548,"d":"$778.65"},{"v":5.8,"d":"$5.80"},{"v":1075.2852,"d":"$1,075.29"},{"v":10,"d":"$10.0"},{"v":1853.94,"d":"$1,854"}]
[{"$f":"IF(I1172<>\"\",1+MAX($A$6:A1171),\"\")","v":841},"ID2.0-ID2.15","ASSUMED",null,"Wall Covering @ Living Room",{"v":20.87,"d":"21"},{"v":0.1,"d":"10%"},{"v":22.957000000000004,"d":"23"},"SF",{"v":4.2,"d":"$4.2"},{"v":96.41940000000002,"d":"$96.42"},{"v":5.8,"d":"$5.80"},{"v":133.15060000000003,"d":"$133.15"},{"v":10,"d":"$10.0"},{"v":229.57000000000005,"d":"$230"}]
[{"$f":"IF(I1173<>\"\",1+MAX($A$6:A1172),\"\")","v":842},"ID2.0-ID2.15","ASSUMED",null,"Wooden Cladding @ Foyer",{"v":110.83,"d":"111"},{"v":0.1,"d":"10%"},{"v":121.91300000000001,"d":"122"},"SF",{"v":4.2,"d":"$4.2"},{"v":512.0346000000001,"d":"$512.03"},{"v":5.8,"d":"$5.80"},{"v":707.0954,"d":"$707.10"},{"v":10,"d":"$10.0"},{"v":1219.13,"d":"$1,219"}]
[{"$f":"IF(I1174<>\"\",1+MAX($A$6:A1173),\"\")","v":""}]
[{"$f":"IF(I1175<>\"\",1+MAX($A$6:A1174),\"\")","v":""},{"$nulls":3},"CEILING PAINT"]
[{"$f":"IF(I1176<>\"\",1+MAX($A$6:A1175),\"\")","v":843},"A2.3B","A2.3B",null,"Ceiling Paint\nMANUFACTURER: IS NOT MENTIONED",{"v":2583.0409,"d":"2,583"},{"v":0.1,"d":"10%"},{"$f":"F1176*(1+G1176)","v":{"v":2841.34499,"d":"2841"}},"SF",{"v":1.9760000000000002,"d":"$2.0"},{"$f":"J1176*H1176","v":{"v":5614.497700240001,"d":"$5,614.50"}},{"v":0.624,"d":"$0.62"},{"$f":"L1176*H1176","v":{"v":1772.99927376,"d":"$1,773.00"}},{"v":2.6,"d":"$2.6"},{"$f":"N1176*H1176","v":{"v":7387.496974000001,"d":"$7,387"}}]
[{"$f":"IF(I1177<>\"\",1+MAX($A$6:A1176),\"\")","v":844},"A2.3B","A2.3B",null,"Ceiling Paint On Stucco\nMANUFACTURER: IS NOT MENTIONED",{"v":1520.0800000000002,"d":"1,520"},{"v":0.1,"d":"10%"},{"v":1672.0880000000002,"d":"1672"},"SF",{"v":1.7479999999999998,"d":"$1.7"},{"$f":"J1177*H1177","v":{"v":2922.809824,"d":"$2,922.81"}},{"v":0.5519999999999999,"d":"$0.55"},{"$f":"L1177*H1177","v":{"v":922.992576,"d":"$922.99"}},{"v":2.3,"d":"$2.3"},{"v":3845.8024,"d":"$3,846"}]
[{"$f":"IF(I1178<>\"\",1+MAX($A$6:A1177),\"\")","v":""}]
[{"$f":"IF(I1179<>\"\",1+MAX($A$6:A1178),\"\")","v":""},{"$nulls":3},"DOOR PAINT"]
[{"$f":"IF(I1180<>\"\",1+MAX($A$6:A1179),\"\")","v":845},"ASSUMED","ASSUMED",null,"Door Paint\nMANUFACTURER: IS NOT MENTIONED",{"$f":"SUM(F730:F742)","v":13},{"v":0,"d":"0%"},{"$f":"F1180*(1+G1180)","v":13},"EA",{"v":125.4,"d":"$125.4"},{"$f":"J1180*H1180","v":{"v":1630.2,"d":"$1,630.20"}},{"v":39.6,"d":"$39.60"},{"$f":"L1180*H1180","v":{"v":514.8000000000001,"d":"$514.80"}},{"v":165,"d":"$165.0"},{"$f":"N1180*H1180","v":{"v":2145,"d":"$2,145"}}]
[{"$f":"IF(I1181<>\"\",1+MAX($A$6:A1180),\"\")","v":""}]
[{"$f":"IF(I1182<>\"\",1+MAX($A$6:A1181),\"\")","v":""},{"$nulls":3},"2ND FLOOR"]
[{"$f":"IF(I1183<>\"\",1+MAX($A$6:A1182),\"\")","v":""}]
[{"$f":"IF(I1184<>\"\",1+MAX($A$6:A1183),\"\")","v":""},{"$nulls":3},"DRYWALLS"]
[{"$f":"IF(I1185<>\"\",1+MAX($A$6:A1184),\"\")","v":""}]
[{"$f":"IF(I1186<>\"\",1+MAX($A$6:A1185),\"\")","v":""},{"$nulls":3},"EXTERIOR WALLS - (2\"X6\")",{"v":67.91,"d":"68"},8]
[{"$f":"IF(I1187<>\"\",1+MAX($A$6:A1186),\"\")","v":""}]
[{"$f":"IF(I1188<>\"\",1+MAX($A$6:A1187),\"\")","v":846},"A2.1C","A2.1C, A8.2, A5.0",null,"15/32\" Structural 1 Plywood Sheathing - (4'X8' ea.)",{"$f":"F1186*G1186/32","v":{"v":16.9775,"d":"17"}},{"v":0,"d":"0%"},{"$f":"F1188*(1+G1188)","v":{"v":16.9775,"d":"17"}},"EA",{"v":90,"d":"$90.0"},{"$f":"J1188*H1188","v":{"v":1527.975,"d":"$1,527.98"}},{"v":26,"d":"$26.00"},{"$f":"L1188*H1188","v":{"v":441.41499999999996,"d":"$441.42"}},{"v":116,"d":"$116.0"},{"$f":"N1188*H1188","v":{"v":1969.3899999999999,"d":"$1,969"}}]
[{"$f":"IF(I1189<>\"\",1+MAX($A$6:A1188),\"\")","v":847},"A2.1C","A2.1C, A8.2, A5.0",null,"5/8\" Type X Gypsum Wall Board - (4'X8' ea.) - One Side",{"$f":"F1186*G1186/32","v":{"v":16.9775,"d":"17"}},{"v":0,"d":"0%"},{"$f":"F1189*(1+G1189)","v":{"v":16.9775,"d":"17"}},"EA",{"v":62,"d":"$62.0"},{"v":1052.605,"d":"$1,052.61"},{"v":14,"d":"$14.00"},{"v":237.685,"d":"$237.69"},{"v":76,"d":"$76.0"},{"v":1290.29,"d":"$1,290"}]
[{"$f":"IF(I1190<>\"\",1+MAX($A$6:A1189),\"\")","v":848},"A2.1C","A2.1C, A8.2, A5.0",null,"R-25 Batt Insulation",{"$f":"F1186*G1186","v":{"v":543.28,"d":"543"}},{"v":0.1,"d":"10%"},{"v":597.6080000000001,"d":"598"},"SF",{"v":1.426,"d":"$1.4"},{"v":852.1890080000001,"d":"$852.19"},{"v":0.8739999999999999,"d":"$0.87"},{"v":522.309392,"d":"$522.31"},{"v":2.3,"d":"$2.3"},{"v":1374.4984,"d":"$1,374"}]
[{"$f":"IF(I1191<>\"\",1+MAX($A$6:A1190),\"\")","v":849},"A2.1C","A2.1C, A8.2, A5.0",null,"House Wrap - Tyvek",{"$f":"F1186*G1186","v":{"v":543.28,"d":"543"}},{"v":0.1,"d":"10%"},{"v":597.6080000000001,"d":"598"},"SF",{"v":1.2060000000000002,"d":"$1.2"},{"v":720.7152480000002,"d":"$720.72"},{"v":0.5940000000000001,"d":"$0.59"},{"v":354.9791520000001,"d":"$354.98"},{"v":1.8,"d":"$1.8"},{"v":1075.6944,"d":"$1,076"}]
[{"$f":"IF(I1192<>\"\",1+MAX($A$6:A1191),\"\")","v":850},"A2.1C","A2.1C, A8.2, A5.0",null,"Acoustic Sealant",{"$f":"F1186*2","v":{"v":135.82,"d":"136"}},{"v":0.1,"d":"10%"},{"v":149.40200000000002,"d":"149"},"LF",{"v":3.35,"d":"$3.4"},{"v":500.4967000000001,"d":"$500.50"},{"v":1.6500000000000001,"d":"$1.65"},{"v":246.51330000000004,"d":"$246.51"},{"v":5,"d":"$5.0"},{"v":747.0100000000001,"d":"$747"}]
[{"$f":"IF(I1193<>\"\",1+MAX($A$6:A1192),\"\")","v":851},"A2.1C","A2.1C, A8.2, A5.0",null,"(2\"x6\") Pressure Treated Plate @ Bottom",{"$f":"F1186*1","v":{"v":67.91,"d":"68"}},{"v":0.1,"d":"10%"},{"v":74.70100000000001,"d":"75"},"LF",{"v":2.48,"d":"$2.48"},{"v":185.25848000000002,"d":"$185.26"},{"v":1.52,"d":"$1.52"},{"v":113.54552000000001,"d":"$113.55"},{"v":4,"d":"$4.0"},{"v":298.80400000000003,"d":"$299"}]
[{"$f":"IF(I1194<>\"\",1+MAX($A$6:A1193),\"\")","v":852},"A2.1C","A2.1C, A8.2, A5.0",null,"(2\"x6\") Pressure Treated Plate @ Top (Double Plate)",{"$f":"F1186*2","v":{"v":135.82,"d":"136"}},{"v":0.1,"d":"10%"},{"v":149.40200000000002,"d":"149"},"LF",{"v":2.48,"d":"$2.48"},{"v":370.51696000000004,"d":"$370.52"},{"v":1.52,"d":"$1.52"},{"v":227.09104000000002,"d":"$227.09"},{"v":4,"d":"$4.0"},{"v":597.6080000000001,"d":"$598"}]
[{"$f":"IF(I1195<>\"\",1+MAX($A$6:A1194),\"\")","v":853},{"$nulls":3},"(2\"x6\") Wooden Studs @ 16\" O.C. - 8'-0\" High",{"$f":"F1186/1.33","v":{"v":51.06015037593984,"d":"51"}},{"v":0,"d":"0%"},{"v":51.06015037593984,"d":"51"},"EA",{"v":19.84,"d":"$19.84"},{"v":1013.0333834586464,"d":"$1,013.03"},{"v":12.16,"d":"$12.16"},{"v":620.8914285714285,"d":"$620.89"},{"v":32,"d":"$32.0"},{"v":1633.924812030075,"d":"$1,634"}]
[{"$f":"IF(I1196<>\"\",1+MAX($A$6:A1195),\"\")","v":""}]
[{"$f":"IF(I1197<>\"\",1+MAX($A$6:A1196),\"\")","v":""},{"$nulls":3},"EXTERIOR WALLS - (2\"X6\") - ONE SIDE MOISTURE RESISTANT",{"v":15.8,"d":"16"},8]
[{"$f":"IF(I1198<>\"\",1+MAX($A$6:A1197),\"\")","v":""}]
[{"$f":"IF(I1199<>\"\",1+MAX($A$6:A1198),\"\")","v":854},"A2.1C","A2.1C, A8.2, A5.0",null,"15/32\" Structural 1 Plywood Sheathing - (4'X8' ea.)",{"$f":"F1197*G1197/32","v":{"v":3.95,"d":"4"}},{"v":0,"d":"0%"},{"$f":"F1199*(1+G1199)","v":{"v":3.95,"d":"4"}},"EA",{"v":90,"d":"$90.0"},{"$f":"J1199*H1199","v":{"v":355.5,"d":"$355.50"}},{"v":26,"d":"$26.00"},{"$f":"L1199*H1199","v":{"v":102.7,"d":"$102.70"}},{"v":116,"d":"$116.0"},{"$f":"N1199*H1199","v":{"v":458.20000000000005,"d":"$458"}}]
[{"$f":"IF(I1200<>\"\",1+MAX($A$6:A1199),\"\")","v":855},"A2.1C","A2.1C, A8.2, A5.0",null,"5/8\" Cement Board Or Tile Backer Board - (4'X8' ea.) - One Side",{"$f":"F1197*G1197/32","v":{"v":3.95,"d":"4"}},{"v":0,"d":"0%"},{"$f":"F1200*(1+G1200)","v":{"v":3.95,"d":"4"}},"EA",{"v":70,"d":"$70.0"},{"v":276.5,"d":"$276.50"},{"v":20,"d":"$20.00"},{"v":79,"d":"$79.00"},{"v":90,"d":"$90.0"},{"v":355.5,"d":"$356"}]
[{"$f":"IF(I1201<>\"\",1+MAX($A$6:A1200),\"\")","v":856},"A2.1C","A2.1C, A8.2, A5.0",null,"R-25 Batt Insulation",{"$f":"F1197*G1197","v":{"v":126.4,"d":"126"}},{"v":0.1,"d":"10%"},{"v":139.04000000000002,"d":"139"},"SF",{"v":1.426,"d":"$1.4"},{"v":198.27104000000003,"d":"$198.27"},{"v":0.8739999999999999,"d":"$0.87"},{"v":121.52096,"d":"$121.52"},{"v":2.3,"d":"$2.3"},{"v":319.79200000000003,"d":"$320"}]
[{"$f":"IF(I1202<>\"\",1+MAX($A$6:A1201),\"\")","v":857},"A2.1C","A2.1C, A8.2, A5.0",null,"House Wrap - Tyvek",{"$f":"F1197*G1197","v":{"v":126.4,"d":"126"}},{"v":0.1,"d":"10%"},{"v":139.04000000000002,"d":"139"},"SF",{"v":1.2060000000000002,"d":"$1.2"},{"v":167.68224000000006,"d":"$167.68"},{"v":0.5940000000000001,"d":"$0.59"},{"v":82.58976000000003,"d":"$82.59"},{"v":1.8,"d":"$1.8"},{"v":250.27200000000005,"d":"$250"}]
[{"$f":"IF(I1203<>\"\",1+MAX($A$6:A1202),\"\")","v":858},"A2.1C","A2.1C, A8.2, A5.0",null,"Acoustic Sealant",{"$f":"F1197*2","v":{"v":31.6,"d":"32"}},{"v":0.1,"d":"10%"},{"v":34.760000000000005,"d":"35"},"LF",{"v":3.35,"d":"$3.4"},{"v":116.44600000000003,"d":"$116.45"},{"v":1.6500000000000001,"d":"$1.65"},{"v":57.35400000000001,"d":"$57.35"},{"v":5,"d":"$5.0"},{"v":173.8,"d":"$174"}]
[{"$f":"IF(I1204<>\"\",1+MAX($A$6:A1203),\"\")","v":859},"A2.1C","A2.1C, A8.2, A5.0",null,"(2\"x6\") Pressure Treated Plate @ Bottom",{"$f":"F1197*1","v":{"v":15.8,"d":"16"}},{"v":0.1,"d":"10%"},{"v":17.380000000000003,"d":"17"},"LF",{"v":2.48,"d":"$2.48"},{"v":43.1024,"d":"$43.10"},{"v":1.52,"d":"$1.52"},{"v":26.417600000000004,"d":"$26.42"},{"v":4,"d":"$4.0"},{"v":69.52000000000001,"d":"$70"}]
[{"$f":"IF(I1205<>\"\",1+MAX($A$6:A1204),\"\")","v":860},"A2.1C","A2.1C, A8.2, A5.0",null,"(2\"x6\") Pressure Treated Plate @ Top (Double Plate)",{"$f":"F1197*2","v":{"v":31.6,"d":"32"}},{"v":0.1,"d":"10%"},{"v":34.760000000000005,"d":"35"},"LF",{"v":2.48,"d":"$2.48"},{"v":86.2048,"d":"$86.20"},{"v":1.52,"d":"$1.52"},{"v":52.83520000000001,"d":"$52.84"},{"v":4,"d":"$4.0"},{"v":139.04000000000002,"d":"$139"}]
[{"$f":"IF(I1206<>\"\",1+MAX($A$6:A1205),\"\")","v":861},"A2.1C","A2.1C, A8.2, A5.0",null,"(2\"x6\") Wooden Studs @ 16\" O.C. - 8'-0\" High",{"$f":"F1197/1.33","v":{"v":11.8796992481203,"d":"12"}},{"v":0,"d":"0%"},{"v":11.8796992481203,"d":"12"},"EA",{"v":19.84,"d":"$19.84"},{"v":235.69323308270674,"d":"$235.69"},{"v":12.16,"d":"$12.16"},{"v":144.45714285714286,"d":"$144.46"},{"v":32,"d":"$32.0"},{"v":380.1503759398496,"d":"$380"}]
[{"$f":"IF(I1207<>\"\",1+MAX($A$6:A1206),\"\")","v":""}]
[{"$f":"IF(I1208<>\"\",1+MAX($A$6:A1207),\"\")","v":""},{"$nulls":3},"EXTERIOR WALLS - (2\"X6\")",{"v":62.95,"d":"63"},{"v":10.83,"d":"11"}]
[{"$f":"IF(I1209<>\"\",1+MAX($A$6:A1208),\"\")","v":""}]
[{"$f":"IF(I1210<>\"\",1+MAX($A$6:A1209),\"\")","v":862},"A2.1C","A2.1C, A8.2, A5.0",null,"15/32\" Structural 1 Plywood Sheathing - (4'X8' ea.)",{"$f":"F1208*G1208/32","v":{"v":21.304640625,"d":"21"}},{"v":0,"d":"0%"},{"$f":"F1210*(1+G1210)","v":{"v":21.304640625,"d":"21"}},"EA",{"v":90,"d":"$90.0"},{"$f":"J1210*H1210","v":{"v":1917.4176562500002,"d":"$1,917.42"}},{"v":26,"d":"$26.00"},{"$f":"L1210*H1210","v":{"v":553.92065625,"d":"$553.92"}},{"v":116,"d":"$116.0"},{"$f":"N1210*H1210","v":{"v":2471.3383125,"d":"$2,471"}}]
[{"$f":"IF(I1211<>\"\",1+MAX($A$6:A1210),\"\")","v":863},"A2.1C","A2.1C, A8.2, A5.0",null,"5/8\" Type X Gypsum Wall Board - (4'X8' ea.)",{"$f":"F1208*G1208/32","v":{"v":21.304640625,"d":"21"}},{"v":0,"d":"0%"},{"$f":"F1211*(1+G1211)","v":{"v":21.304640625,"d":"21"}},"EA",{"v":62,"d":"$62.0"},{"v":1320.88771875,"d":"$1,320.89"},{"v":14,"d":"$14.00"},{"v":298.26496875000004,"d":"$298.26"},{"v":76,"d":"$76.0"},{"v":1619.1526875000002,"d":"$1,619"}]
[{"$f":"IF(I1212<>\"\",1+MAX($A$6:A1211),\"\")","v":864},"A2.1C","A2.1C, A8.2, A5.0",null,"R-25 Batt Insulation",{"$f":"F1208*G1208","v":{"v":681.7485,"d":"682"}},{"v":0.1,"d":"10%"},{"v":749.9233500000001,"d":"750"},"SF",{"v":1.426,"d":"$1.4"},{"v":1069.3906971000001,"d":"$1,069.39"},{"v":0.8739999999999999,"d":"$0.87"},{"v":655.4330079,"d":"$655.43"},{"v":2.3,"d":"$2.3"},{"v":1724.8237050000002,"d":"$1,725"}]
[{"$f":"IF(I1213<>\"\",1+MAX($A$6:A1212),\"\")","v":865},"A2.1C","A2.1C, A8.2, A5.0",null,"House Wrap - Tyvek",{"$f":"F1208*G1208","v":{"v":681.7485,"d":"682"}},{"v":0.1,"d":"10%"},{"v":749.9233500000001,"d":"750"},"SF",{"v":1.2060000000000002,"d":"$1.2"},{"v":904.4075601000003,"d":"$904.41"},{"v":0.5940000000000001,"d":"$0.59"},{"v":445.45446990000016,"d":"$445.45"},{"v":1.8,"d":"$1.8"},{"v":1349.8620300000002,"d":"$1,350"}]
[{"$f":"IF(I1214<>\"\",1+MAX($A$6:A1213),\"\")","v":866},"A2.1C","A2.1C, A8.2, A5.0",null,"Acoustic Sealant",{"$f":"F1208*2","v":{"v":125.9,"d":"126"}},{"v":0.1,"d":"10%"},{"v":138.49,"d":"138"},"LF",{"v":3.35,"d":"$3.4"},{"v":463.9415,"d":"$463.94"},{"v":1.6500000000000001,"d":"$1.65"},{"v":228.50850000000003,"d":"$228.51"},{"v":5,"d":"$5.0"},{"v":692.45,"d":"$692"}]
[{"$f":"IF(I1215<>\"\",1+MAX($A$6:A1214),\"\")","v":867},"A2.1C","A2.1C, A8.2, A5.0",null,"(2\"x6\") Pressure Treated Plate @ Bottom",{"$f":"F1208*1","v":{"v":62.95,"d":"63"}},{"v":0.1,"d":"10%"},{"v":69.245,"d":"69"},"LF",{"v":2.48,"d":"$2.48"},{"v":171.72760000000002,"d":"$171.73"},{"v":1.52,"d":"$1.52"},{"v":105.25240000000001,"d":"$105.25"},{"v":4,"d":"$4.0"},{"v":276.98,"d":"$277"}]
[{"$f":"IF(I1216<>\"\",1+MAX($A$6:A1215),\"\")","v":868},"A2.1C","A2.1C, A8.2, A5.0",null,"(2\"x6\") Pressure Treated Plate @ Top (Double Plate)",{"$f":"F1208*2","v":{"v":125.9,"d":"126"}},{"v":0.1,"d":"10%"},{"v":138.49,"d":"138"},"LF",{"v":2.48,"d":"$2.48"},{"v":343.45520000000005,"d":"$343.46"},{"v":1.52,"d":"$1.52"},{"v":210.50480000000002,"d":"$210.50"},{"v":4,"d":"$4.0"},{"v":553.96,"d":"$554"}]
[{"$f":"IF(I1217<>\"\",1+MAX($A$6:A1216),\"\")","v":869},"A2.1C","A2.1C, A8.2, A5.0",null,"(2\"x6\") Wooden Studs @ 16\" O.C. - 10'-10\" High",{"$f":"F1208/1.33","v":{"v":47.33082706766917,"d":"47"}},{"v":0,"d":"0%"},{"v":47.33082706766917,"d":"47"},"EA",{"v":26.8584,"d":"$26.86"},{"v":1271.2302857142856,"d":"$1,271.23"},{"v":16.4616,"d":"$16.46"},{"v":779.1411428571429,"d":"$779.14"},{"v":43.32,"d":"$43.3"},{"v":2050.3714285714286,"d":"$2,050"}]
[{"$f":"IF(I1218<>\"\",1+MAX($A$6:A1217),\"\")","v":""}]
[{"$f":"IF(I1219<>\"\",1+MAX($A$6:A1218),\"\")","v":""},{"$nulls":3},"EXTERIOR WALLS - (2\"X6\") - ONE SIDE MOISTURE RESISTANT",{"v":8.77,"d":"9"},{"v":10.83,"d":"11"}]
[{"$f":"IF(I1220<>\"\",1+MAX($A$6:A1219),\"\")","v":""}]
[{"$f":"IF(I1221<>\"\",1+MAX($A$6:A1220),\"\")","v":870},"A2.1C","A2.1C, A8.2, A5.0",null,"15/32\" Structural 1 Plywood Sheathing - (4'X8' ea.)",{"$f":"F1219*G1219/32","v":{"v":2.968096875,"d":"3"}},{"v":0,"d":"0%"},{"$f":"F1221*(1+G1221)","v":{"v":2.968096875,"d":"3"}},"EA",{"v":90,"d":"$90.0"},{"$f":"J1221*H1221","v":{"v":267.12871875,"d":"$267.13"}},{"v":26,"d":"$26.00"},{"$f":"L1221*H1221","v":{"v":77.17051875,"d":"$77.17"}},{"v":116,"d":"$116.0"},{"$f":"N1221*H1221","v":{"v":344.2992375,"d":"$344"}}]
[{"$f":"IF(I1222<>\"\",1+MAX($A$6:A1221),\"\")","v":871},"A2.1C","A2.1C, A8.2, A5.0",null,"5/8\" Cement Board Or Tile Backer Board - (4'X8' ea.) - One Side",{"$f":"F1219*G1219/32","v":{"v":2.968096875,"d":"3"}},{"v":0,"d":"0%"},{"$f":"F1222*(1+G1222)","v":{"v":2.968096875,"d":"3"}},"EA",{"v":70,"d":"$70.0"},{"v":207.76678125,"d":"$207.77"},{"v":20,"d":"$20.00"},{"v":59.3619375,"d":"$59.36"},{"v":90,"d":"$90.0"},{"v":267.12871875,"d":"$267"}]
[{"$f":"IF(I1223<>\"\",1+MAX($A$6:A1222),\"\")","v":872},"A2.1C","A2.1C, A8.2, A5.0",null,"R-25 Batt Insulation",{"$f":"F1219*G1219","v":{"v":94.9791,"d":"95"}},{"v":0.1,"d":"10%"},{"v":104.47701,"d":"104"},"SF",{"v":1.426,"d":"$1.4"},{"v":148.98421626,"d":"$148.98"},{"v":0.8739999999999999,"d":"$0.87"},{"v":91.31290673999999,"d":"$91.31"},{"v":2.3,"d":"$2.3"},{"v":240.297123,"d":"$240"}]
[{"$f":"IF(I1224<>\"\",1+MAX($A$6:A1223),\"\")","v":873},"A2.1C","A2.1C, A8.2, A5.0",null,"House Wrap - Tyvek",{"$f":"F1219*G1219","v":{"v":94.9791,"d":"95"}},{"v":0.1,"d":"10%"},{"v":104.47701,"d":"104"},"SF",{"v":1.2060000000000002,"d":"$1.2"},{"v":125.99927406000003,"d":"$126.00"},{"v":0.5940000000000001,"d":"$0.59"},{"v":62.05934394000001,"d":"$62.06"},{"v":1.8,"d":"$1.8"},{"v":188.05861800000002,"d":"$188"}]
[{"$f":"IF(I1225<>\"\",1+MAX($A$6:A1224),\"\")","v":874},"A2.1C","A2.1C, A8.2, A5.0",null,"Acoustic Sealant",{"$f":"F1219*2","v":{"v":17.54,"d":"18"}},{"v":0.1,"d":"10%"},{"v":19.294,"d":"19"},"LF",{"v":3.35,"d":"$3.4"},{"v":64.6349,"d":"$64.63"},{"v":1.6500000000000001,"d":"$1.65"},{"v":31.835100000000004,"d":"$31.84"},{"v":5,"d":"$5.0"},{"v":96.47,"d":"$96"}]
[{"$f":"IF(I1226<>\"\",1+MAX($A$6:A1225),\"\")","v":875},"A2.1C","A2.1C, A8.2, A5.0",null,"(2\"x6\") Pressure Treated Plate @ Bottom",{"$f":"F1219*1","v":{"v":8.77,"d":"9"}},{"v":0.1,"d":"10%"},{"v":9.647,"d":"10"},"LF",{"v":2.48,"d":"$2.48"},{"v":23.92456,"d":"$23.92"},{"v":1.52,"d":"$1.52"},{"v":14.663440000000001,"d":"$14.66"},{"v":4,"d":"$4.0"},{"v":38.588,"d":"$39"}]
[{"$f":"IF(I1227<>\"\",1+MAX($A$6:A1226),\"\")","v":876},"A2.1C","A2.1C, A8.2, A5.0",null,"(2\"x6\") Pressure Treated Plate @ Top (Double Plate)",{"$f":"F1219*2","v":{"v":17.54,"d":"18"}},{"v":0.1,"d":"10%"},{"v":19.294,"d":"19"},"LF",{"v":2.48,"d":"$2.48"},{"v":47.84912,"d":"$47.85"},{"v":1.52,"d":"$1.52"},{"v":29.326880000000003,"d":"$29.33"},{"v":4,"d":"$4.0"},{"v":77.176,"d":"$77"}]
[{"$f":"IF(I1228<>\"\",1+MAX($A$6:A1227),\"\")","v":877},"A2.1C","A2.1C, A8.2, A5.0",null,"(2\"x6\") Wooden Studs @ 16\" O.C. - 10'-10\" High",{"$f":"F1219/1.33","v":{"v":6.593984962406014,"d":"7"}},{"v":0,"d":"0%"},{"v":6.593984962406014,"d":"7"},"EA",{"v":26.8584,"d":"$26.86"},{"v":177.1038857142857,"d":"$177.10"},{"v":16.4616,"d":"$16.46"},{"v":108.54754285714284,"d":"$108.55"},{"v":43.32,"d":"$43.3"},{"v":285.65142857142854,"d":"$286"}]
[{"$f":"IF(I1229<>\"\",1+MAX($A$6:A1228),\"\")","v":""}]
[{"$f":"IF(I1230<>\"\",1+MAX($A$6:A1229),\"\")","v":""},{"$nulls":3},"INTERIOR WALLS - (2\"X6\") - DOUBLE STUD WALL",{"v":6.8,"d":"7"},8]
[{"$f":"IF(I1231<>\"\",1+MAX($A$6:A1230),\"\")","v":""}]
[{"$f":"IF(I1232<>\"\",1+MAX($A$6:A1231),\"\")","v":878},"A2.1B","A2.1B, A8.2, A5.0",null,"R-25 Batt Insulation",{"$f":"F1230*G1230","v":{"v":54.4,"d":"54"}},{"v":0.1,"d":"10%"},{"$f":"F1232*(1+G1232)","v":{"v":59.84,"d":"60"}},"SF",{"v":1.426,"d":"$1.4"},{"$f":"J1232*H1232","v":{"v":85.33184,"d":"$85.33"}},{"v":0.8739999999999999,"d":"$0.87"},{"$f":"L1232*H1232","v":{"v":52.30016,"d":"$52.30"}},{"v":2.3,"d":"$2.3"},{"$f":"N1232*H1232","v":{"v":137.632,"d":"$138"}}]
[{"$f":"IF(I1233<>\"\",1+MAX($A$6:A1232),\"\")","v":879},"A2.1B","A2.1B, A8.2, A5.0",null,"House Wrap - Tyvek",{"$f":"F1230*G1230","v":{"v":54.4,"d":"54"}},{"v":0.1,"d":"10%"},{"v":59.84,"d":"60"},"SF",{"v":1.2060000000000002,"d":"$1.2"},{"v":72.16704000000001,"d":"$72.17"},{"v":0.5940000000000001,"d":"$0.59"},{"v":35.54496000000001,"d":"$35.54"},{"v":1.8,"d":"$1.8"},{"v":107.712,"d":"$108"}]
[{"$f":"IF(I1234<>\"\",1+MAX($A$6:A1233),\"\")","v":880},"A2.1B","A2.1B, A8.2, A5.0",null,"Acoustic Sealant",{"$f":"F1230*4","v":{"v":27.2,"d":"27"}},{"v":0.1,"d":"10%"},{"v":29.92,"d":"30"},"LF",{"v":3.35,"d":"$3.4"},{"v":100.23200000000001,"d":"$100.23"},{"v":1.6500000000000001,"d":"$1.65"},{"v":49.36800000000001,"d":"$49.37"},{"v":5,"d":"$5.0"},{"v":149.60000000000002,"d":"$150"}]
[{"$f":"IF(I1235<>\"\",1+MAX($A$6:A1234),\"\")","v":881},"A2.1B","A2.1B, A8.2, A5.0",null,"(2\"x6\") Pressure Treated Plate @ Bottom",{"$f":"F1230*2","v":{"v":13.6,"d":"14"}},{"v":0.1,"d":"10%"},{"v":14.96,"d":"15"},"LF",{"v":2.48,"d":"$2.48"},{"v":37.1008,"d":"$37.10"},{"v":1.52,"d":"$1.52"},{"v":22.7392,"d":"$22.74"},{"v":4,"d":"$4.0"},{"v":59.84,"d":"$60"}]
[{"$f":"IF(I1236<>\"\",1+MAX($A$6:A1235),\"\")","v":882},"A2.1B","A2.1B, A8.2, A5.0",null,"(2\"x6\") Pressure Treated Plate @ Top (Double Plate)",{"$f":"F1230*4","v":{"v":27.2,"d":"27"}},{"v":0.1,"d":"10%"},{"v":29.92,"d":"30"},"LF",{"v":2.48,"d":"$2.48"},{"v":74.2016,"d":"$74.20"},{"v":1.52,"d":"$1.52"},{"v":45.4784,"d":"$45.48"},{"v":4,"d":"$4.0"},{"v":119.68,"d":"$120"}]
[{"$f":"IF(I1237<>\"\",1+MAX($A$6:A1236),\"\")","v":883},"A2.1B","A2.1B, A8.2, A5.0",null,"(2\"x6\") Wooden Studs @ 16\" O.C. - 8'-0\" High",{"$f":"F1230*2/1.33","v":{"v":10.225563909774435,"d":"10"}},{"v":0,"d":"0%"},{"v":10.225563909774435,"d":"10"},"EA",{"v":19.84,"d":"$19.84"},{"v":202.87518796992478,"d":"$202.88"},{"v":12.16,"d":"$12.16"},{"v":124.34285714285713,"d":"$124.34"},{"v":32,"d":"$32.0"},{"v":327.2180451127819,"d":"$327"}]
[{"$f":"IF(I1238<>\"\",1+MAX($A$6:A1237),\"\")","v":""}]
[{"$f":"IF(I1239<>\"\",1+MAX($A$6:A1238),\"\")","v":""},{"$nulls":3},"INTERIOR WALLS - (2\"X4\")",{"v":88.98,"d":"89"},8]
[{"$f":"IF(I1240<>\"\",1+MAX($A$6:A1239),\"\")","v":""}]
[{"$f":"IF(I1241<>\"\",1+MAX($A$6:A1240),\"\")","v":884},"A2.1C","A2.1C, A8.2, A5.0",null,"5/8\" Type X Gypsum Wall Board - (4'X8' ea.) - Both Side",{"$f":"F1239*G1239*2/32","v":{"v":44.49,"d":"44"}},{"v":0,"d":"0%"},{"$f":"F1241*(1+G1241)","v":{"v":44.49,"d":"44"}},"EA",{"v":62,"d":"$62.0"},{"$f":"J1241*H1241","v":{"v":2758.38,"d":"$2,758.38"}},{"v":14,"d":"$14.00"},{"$f":"L1241*H1241","v":{"v":622.86,"d":"$622.86"}},{"v":76,"d":"$76.0"},{"$f":"N1241*H1241","v":{"v":3381.2400000000002,"d":"$3,381"}}]
[{"$f":"IF(I1242<>\"\",1+MAX($A$6:A1241),\"\")","v":885},"A2.1C","A2.1C, A8.2, A5.0",null,"R-13 Batt Insulation",{"$f":"F1239*G1239","v":{"v":711.84,"d":"712"}},{"v":0.1,"d":"10%"},{"$f":"F1242*(1+G1242)","v":{"v":783.0240000000001,"d":"783"}},"SF",{"v":0.744,"d":"$0.7"},{"v":582.5698560000001,"d":"$582.57"},{"v":0.45599999999999996,"d":"$0.46"},{"v":357.058944,"d":"$357.06"},{"v":1.2,"d":"$1.20"},{"v":939.6288000000001,"d":"$940"}]
[{"$f":"IF(I1243<>\"\",1+MAX($A$6:A1242),\"\")","v":886},"A2.1C","A2.1C, A8.2, A5.0",null,"Acoustic Sealant",{"$f":"F1239*4","v":{"v":355.92,"d":"356"}},{"v":0.1,"d":"10%"},{"v":391.51200000000006,"d":"392"},"LF",{"v":3.35,"d":"$3.4"},{"v":1311.5652000000002,"d":"$1,311.57"},{"v":1.6500000000000001,"d":"$1.65"},{"v":645.9948000000002,"d":"$645.99"},{"v":5,"d":"$5.0"},{"v":1957.5600000000004,"d":"$1,958"}]
[{"$f":"IF(I1244<>\"\",1+MAX($A$6:A1243),\"\")","v":887},"A2.1C","A2.1C, A8.2, A5.0",null,"(2\"x4\") Pressure Treated Plate @ Bottom",{"$f":"F1239*1","v":{"v":88.98,"d":"89"}},{"v":0.1,"d":"10%"},{"v":97.87800000000001,"d":"98"},"LF",{"v":1.8599999999999999,"d":"$1.86"},{"v":182.05308000000002,"d":"$182.05"},{"v":1.1400000000000001,"d":"$1.14"},{"v":111.58092000000003,"d":"$111.58"},{"v":3,"d":"$3.0"},{"v":293.634,"d":"$294"}]
[{"$f":"IF(I1245<>\"\",1+MAX($A$6:A1244),\"\")","v":888},"A2.1C","A2.1C, A8.2, A5.0",null,"(2\"x4\") Pressure Treated Plate @ Top (Double Plate)",{"$f":"F1239*2","v":{"v":177.96,"d":"178"}},{"v":0.1,"d":"10%"},{"v":195.75600000000003,"d":"196"},"LF",{"v":1.8599999999999999,"d":"$1.86"},{"v":364.10616000000005,"d":"$364.11"},{"v":1.1400000000000001,"d":"$1.14"},{"v":223.16184000000007,"d":"$223.16"},{"v":3,"d":"$3.0"},{"v":587.268,"d":"$587"}]
[{"$f":"IF(I1246<>\"\",1+MAX($A$6:A1245),\"\")","v":889},"A2.1C","A2.1C, A8.2, A5.0",null,"(2\"x4\") Wooden Studs @ 16\" O.C. - 8'-0\" High",{"$f":"F1239/1.33","v":{"v":66.90225563909775,"d":"67"}},{"v":0,"d":"0%"},{"v":66.90225563909775,"d":"67"},"EA",{"v":14.879999999999999,"d":"$14.88"},{"v":995.5055639097744,"d":"$995.51"},{"v":9.120000000000001,"d":"$9.12"},{"v":610.1485714285715,"d":"$610.15"},{"v":24,"d":"$24.0"},{"v":1605.654135338346,"d":"$1,606"}]
[{"$f":"IF(I1247<>\"\",1+MAX($A$6:A1246),\"\")","v":""}]
[{"$f":"IF(I1248<>\"\",1+MAX($A$6:A1247),\"\")","v":""},{"$nulls":3},"INTERIOR WALLS - (2\"X4\") - ONE SIDE WEATHER RESISTANT",{"v":39.44,"d":"39"},8]
[{"$f":"IF(I1249<>\"\",1+MAX($A$6:A1248),\"\")","v":""}]
[{"$f":"IF(I1250<>\"\",1+MAX($A$6:A1249),\"\")","v":890},"A2.1C","A2.1C, A8.2, A5.0",null,"5/8\" Type X Gypsum Wall Board - (4'X8' ea.) - One Side",{"$f":"F1248*G1248/32","v":{"v":9.86,"d":"10"}},{"v":0,"d":"0%"},{"$f":"F1250*(1+G1250)","v":{"v":9.86,"d":"10"}},"EA",{"v":62,"d":"$62.0"},{"$f":"J1250*H1250","v":{"v":611.3199999999999,"d":"$611.32"}},{"v":14,"d":"$14.00"},{"$f":"L1250*H1250","v":{"v":138.04,"d":"$138.04"}},{"v":76,"d":"$76.0"},{"$f":"N1250*H1250","v":{"v":749.3599999999999,"d":"$749"}}]
[{"$f":"IF(I1251<>\"\",1+MAX($A$6:A1250),\"\")","v":891},"A2.1C","A2.1C, A8.2, A5.0",null,"5/8\" Cement Board Or Tile Backer Board - (4'X8' ea.) - One Side",{"$f":"F1248*G1248/32","v":{"v":9.86,"d":"10"}},{"v":0,"d":"0%"},{"$f":"F1251*(1+G1251)","v":{"v":9.86,"d":"10"}},"EA",{"v":70,"d":"$70.0"},{"v":690.1999999999999,"d":"$690.20"},{"v":20,"d":"$20.00"},{"v":197.2,"d":"$197.20"},{"v":90,"d":"$90.0"},{"v":887.4,"d":"$887"}]
[{"$f":"IF(I1252<>\"\",1+MAX($A$6:A1251),\"\")","v":892},"A2.1C","A2.1C, A8.2, A5.0",null,"R-13 Batt Insulation",{"$f":"F1248*G1248","v":{"v":315.52,"d":"316"}},{"v":0.1,"d":"10%"},{"$f":"F1252*(1+G1252)","v":{"v":347.072,"d":"347"}},"SF",{"v":0.744,"d":"$0.7"},{"v":258.221568,"d":"$258.22"},{"v":0.45599999999999996,"d":"$0.46"},{"v":158.26483199999998,"d":"$158.26"},{"v":1.2,"d":"$1.20"},{"v":416.4864,"d":"$416"}]
[{"$f":"IF(I1253<>\"\",1+MAX($A$6:A1252),\"\")","v":893},"A2.1C","A2.1C, A8.2, A5.0",null,"Acoustic Sealant",{"$f":"F1248*4","v":{"v":157.76,"d":"158"}},{"v":0.1,"d":"10%"},{"v":173.536,"d":"174"},"LF",{"v":3.35,"d":"$3.4"},{"v":581.3456,"d":"$581.35"},{"v":1.6500000000000001,"d":"$1.65"},{"v":286.3344,"d":"$286.33"},{"v":5,"d":"$5.0"},{"v":867.6800000000001,"d":"$868"}]
[{"$f":"IF(I1254<>\"\",1+MAX($A$6:A1253),\"\")","v":894},"A2.1C","A2.1C, A8.2, A5.0",null,"(2\"x4\") Pressure Treated Plate @ Bottom",{"$f":"F1248*1","v":{"v":39.44,"d":"39"}},{"v":0.1,"d":"10%"},{"v":43.384,"d":"43"},"LF",{"v":1.8599999999999999,"d":"$1.86"},{"v":80.69424,"d":"$80.69"},{"v":1.1400000000000001,"d":"$1.14"},{"v":49.45776000000001,"d":"$49.46"},{"v":3,"d":"$3.0"},{"v":130.152,"d":"$130"}]
[{"$f":"IF(I1255<>\"\",1+MAX($A$6:A1254),\"\")","v":895},"A2.1C","A2.1C, A8.2, A5.0",null,"(2\"x4\") Pressure Treated Plate @ Top (Double Plate)",{"$f":"F1248*2","v":{"v":78.88,"d":"79"}},{"v":0.1,"d":"10%"},{"v":86.768,"d":"87"},"LF",{"v":1.8599999999999999,"d":"$1.86"},{"v":161.38848,"d":"$161.39"},{"v":1.1400000000000001,"d":"$1.14"},{"v":98.91552000000001,"d":"$98.92"},{"v":3,"d":"$3.0"},{"v":260.304,"d":"$260"}]
[{"$f":"IF(I1256<>\"\",1+MAX($A$6:A1255),\"\")","v":896},"A2.1C","A2.1C, A8.2, A5.0",null,"(2\"x4\") Wooden Studs @ 16\" O.C. - 8'-0\" High",{"$f":"F1248/1.33","v":{"v":29.65413533834586,"d":"30"}},{"v":0,"d":"0%"},{"v":29.65413533834586,"d":"30"},"EA",{"v":14.879999999999999,"d":"$14.88"},{"v":441.2535338345864,"d":"$441.25"},{"v":9.120000000000001,"d":"$9.12"},{"v":270.44571428571425,"d":"$270.45"},{"v":24,"d":"$24.0"},{"v":711.6992481203006,"d":"$712"}]
[{"$f":"IF(I1257<>\"\",1+MAX($A$6:A1256),\"\")","v":""}]
[{"$f":"IF(I1258<>\"\",1+MAX($A$6:A1257),\"\")","v":""},{"$nulls":3},"INTERIOR WALLS - (2\"X4\")",{"v":34.5,"d":"35"},{"v":10.83,"d":"11"}]
[{"$f":"IF(I1259<>\"\",1+MAX($A$6:A1258),\"\")","v":""}]
[{"$f":"IF(I1260<>\"\",1+MAX($A$6:A1259),\"\")","v":897},"A2.1C","A2.1C, A8.2, A5.0",null,"5/8\" Type X Gypsum Wall Board - (4'X8' ea.) - Both Side",{"$f":"F1258*G1258*2/32","v":{"v":23.3521875,"d":"23"}},{"v":0,"d":"0%"},{"$f":"F1260*(1+G1260)","v":{"v":23.3521875,"d":"23"}},"EA",{"v":62,"d":"$62.0"},{"$f":"J1260*H1260","v":{"v":1447.835625,"d":"$1,447.84"}},{"v":14,"d":"$14.00"},{"$f":"L1260*H1260","v":{"v":326.93062499999996,"d":"$326.93"}},{"v":76,"d":"$76.0"},{"$f":"N1260*H1260","v":{"v":1774.76625,"d":"$1,775"}}]
[{"$f":"IF(I1261<>\"\",1+MAX($A$6:A1260),\"\")","v":898},"A2.1C","A2.1C, A8.2, A5.0",null,"R-13 Batt Insulation",{"$f":"F1258*G1258","v":{"v":373.635,"d":"374"}},{"v":0.1,"d":"10%"},{"$f":"F1261*(1+G1261)","v":{"v":410.99850000000004,"d":"411"}},"SF",{"v":0.744,"d":"$0.7"},{"v":305.782884,"d":"$305.78"},{"v":0.45599999999999996,"d":"$0.46"},{"v":187.415316,"d":"$187.42"},{"v":1.2,"d":"$1.20"},{"v":493.19820000000004,"d":"$493"}]
[{"$f":"IF(I1262<>\"\",1+MAX($A$6:A1261),\"\")","v":899},"A2.1C","A2.1C, A8.2, A5.0",null,"Acoustic Sealant",{"$f":"F1258*4","v":138},{"v":0.1,"d":"10%"},{"v":151.8,"d":"152"},"LF",{"v":3.35,"d":"$3.4"},{"v":508.53000000000003,"d":"$508.53"},{"v":1.6500000000000001,"d":"$1.65"},{"v":250.47000000000003,"d":"$250.47"},{"v":5,"d":"$5.0"},{"v":759,"d":"$759"}]
[{"$f":"IF(I1263<>\"\",1+MAX($A$6:A1262),\"\")","v":900},"A2.1C","A2.1C, A8.2, A5.0",null,"(2\"x4\") Pressure Treated Plate @ Bottom",{"$f":"F1258*1","v":{"v":34.5,"d":"35"}},{"v":0.1,"d":"10%"},{"v":37.95,"d":"38"},"LF",{"v":1.8599999999999999,"d":"$1.86"},{"v":70.587,"d":"$70.59"},{"v":1.1400000000000001,"d":"$1.14"},{"v":43.263000000000005,"d":"$43.26"},{"v":3,"d":"$3.0"},{"v":113.85000000000001,"d":"$114"}]
[{"$f":"IF(I1264<>\"\",1+MAX($A$6:A1263),\"\")","v":901},"A2.1C","A2.1C, A8.2, A5.0",null,"(2\"x4\") Pressure Treated Plate @ Top (Double Plate)",{"$f":"F1258*2","v":69},{"v":0.1,"d":"10%"},{"v":75.9,"d":"76"},"LF",{"v":1.8599999999999999,"d":"$1.86"},{"v":141.174,"d":"$141.17"},{"v":1.1400000000000001,"d":"$1.14"},{"v":86.52600000000001,"d":"$86.53"},{"v":3,"d":"$3.0"},{"v":227.70000000000002,"d":"$228"}]
[{"$f":"IF(I1265<>\"\",1+MAX($A$6:A1264),\"\")","v":902},"A2.1C","A2.1C, A8.2, A5.0",null,"(2\"x4\") Wooden Studs @ 16\" O.C. - 10'-10\" High",{"$f":"F1258/1.33","v":{"v":25.939849624060148,"d":"26"}},{"v":0,"d":"0%"},{"v":25.939849624060148,"d":"26"},"EA",{"v":20.143800000000002,"d":"$20.14"},{"v":522.5271428571428,"d":"$522.53"},{"v":12.346200000000001,"d":"$12.35"},{"v":320.25857142857143,"d":"$320.26"},{"v":32.49,"d":"$32.5"},{"v":842.7857142857142,"d":"$843"}]
[{"$f":"IF(I1266<>\"\",1+MAX($A$6:A1265),\"\")","v":""}]
[{"$f":"IF(I1267<>\"\",1+MAX($A$6:A1266),\"\")","v":""},{"$nulls":3},"INTERIOR WALLS - (2\"X4\") - ONE SIDE WEATHER RESISTANT",{"v":23.94,"d":"24"},{"v":10.83,"d":"11"}]
[{"$f":"IF(I1268<>\"\",1+MAX($A$6:A1267),\"\")","v":""}]
[{"$f":"IF(I1269<>\"\",1+MAX($A$6:A1268),\"\")","v":903},"A2.1C","A2.1C, A8.2, A5.0",null,"5/8\" Type X Gypsum Wall Board - (4'X8' ea.) - One Side",{"$f":"F1267*G1267/32","v":{"v":8.10219375,"d":"8"}},{"v":0,"d":"0%"},{"$f":"F1269*(1+G1269)","v":{"v":8.10219375,"d":"8"}},"EA",{"v":62,"d":"$62.0"},{"$f":"J1269*H1269","v":{"v":502.3360125,"d":"$502.34"}},{"v":14,"d":"$14.00"},{"$f":"L1269*H1269","v":{"v":113.4307125,"d":"$113.43"}},{"v":76,"d":"$76.0"},{"$f":"N1269*H1269","v":{"v":615.766725,"d":"$616"}}]
[{"$f":"IF(I1270<>\"\",1+MAX($A$6:A1269),\"\")","v":904},"A2.1C","A2.1C, A8.2, A5.0",null,"5/8\" Cement Board Or Tile Backer Board - (4'X8' ea.) - One Side",{"$f":"F1267*G1267/32","v":{"v":8.10219375,"d":"8"}},{"v":0,"d":"0%"},{"$f":"F1270*(1+G1270)","v":{"v":8.10219375,"d":"8"}},"EA",{"v":70,"d":"$70.0"},{"v":567.1535625,"d":"$567.15"},{"v":20,"d":"$20.00"},{"v":162.04387499999999,"d":"$162.04"},{"v":90,"d":"$90.0"},{"v":729.1974375,"d":"$729"}]
[{"$f":"IF(I1271<>\"\",1+MAX($A$6:A1270),\"\")","v":905},"A2.1C","A2.1C, A8.2, A5.0",null,"R-13 Batt Insulation",{"$f":"F1267*G1267","v":{"v":259.2702,"d":"259"}},{"v":0.1,"d":"10%"},{"$f":"F1271*(1+G1271)","v":{"v":285.19722,"d":"285"}},"SF",{"v":0.744,"d":"$0.7"},{"v":212.18673168,"d":"$212.19"},{"v":0.45599999999999996,"d":"$0.46"},{"v":130.04993231999998,"d":"$130.05"},{"v":1.2,"d":"$1.20"},{"v":342.236664,"d":"$342"}]
[{"$f":"IF(I1272<>\"\",1+MAX($A$6:A1271),\"\")","v":906},"A2.1C","A2.1C, A8.2, A5.0",null,"Acoustic Sealant",{"$f":"F1267*4","v":{"v":95.76,"d":"96"}},{"v":0.1,"d":"10%"},{"v":105.33600000000001,"d":"105"},"LF",{"v":3.35,"d":"$3.4"},{"v":352.8756000000001,"d":"$352.88"},{"v":1.6500000000000001,"d":"$1.65"},{"v":173.80440000000004,"d":"$173.80"},{"v":5,"d":"$5.0"},{"v":526.6800000000001,"d":"$527"}]
[{"$f":"IF(I1273<>\"\",1+MAX($A$6:A1272),\"\")","v":907},"A2.1C","A2.1C, A8.2, A5.0",null,"(2\"x4\") Pressure Treated Plate @ Bottom",{"$f":"F1267*1","v":{"v":23.94,"d":"24"}},{"v":0.1,"d":"10%"},{"v":26.334000000000003,"d":"26"},"LF",{"v":1.8599999999999999,"d":"$1.86"},{"v":48.98124,"d":"$48.98"},{"v":1.1400000000000001,"d":"$1.14"},{"v":30.020760000000006,"d":"$30.02"},{"v":3,"d":"$3.0"},{"v":79.00200000000001,"d":"$79"}]
[{"$f":"IF(I1274<>\"\",1+MAX($A$6:A1273),\"\")","v":908},"A2.1C","A2.1C, A8.2, A5.0",null,"(2\"x4\") Pressure Treated Plate @ Top (Double Plate)",{"$f":"F1267*2","v":{"v":47.88,"d":"48"}},{"v":0.1,"d":"10%"},{"v":52.668000000000006,"d":"53"},"LF",{"v":1.8599999999999999,"d":"$1.86"},{"v":97.96248,"d":"$97.96"},{"v":1.1400000000000001,"d":"$1.14"},{"v":60.04152000000001,"d":"$60.04"},{"v":3,"d":"$3.0"},{"v":158.00400000000002,"d":"$158"}]
[{"$f":"IF(I1275<>\"\",1+MAX($A$6:A1274),\"\")","v":909},"A2.1C","A2.1C, A8.2, A5.0",null,"(2\"x4\") Wooden Studs @ 16\" O.C. - 10'-10\" High",{"$f":"F1267/1.33","v":18},{"v":0,"d":"0%"},18,"EA",{"v":20.143800000000002,"d":"$20.14"},{"v":362.58840000000004,"d":"$362.59"},{"v":12.346200000000001,"d":"$12.35"},{"v":222.23160000000001,"d":"$222.23"},{"v":32.49,"d":"$32.5"},{"v":584.82,"d":"$585"}]
[{"$f":"IF(I1276<>\"\",1+MAX($A$6:A1275),\"\")","v":""}]
[{"$f":"IF(I1277<>\"\",1+MAX($A$6:A1276),\"\")","v":""},{"$nulls":3},"INTERIOR WALLS - (2\"X4\") - BOTH SIDE WEATHER RESISTANT",{"v":8.29,"d":"8"},{"v":10.83,"d":"11"}]
[{"$f":"IF(I1278<>\"\",1+MAX($A$6:A1277),\"\")","v":""}]
[{"$f":"IF(I1279<>\"\",1+MAX($A$6:A1278),\"\")","v":910},"A2.1C","A2.1C, A8.2, A5.0",null,"5/8\" Cement Board Or Tile Backer Board - (4'X8' ea.) - Both Side",{"$f":"F1277*G1277*2/32","v":{"v":5.61129375,"d":"6"}},{"v":0,"d":"0%"},{"$f":"F1279*(1+G1279)","v":{"v":5.61129375,"d":"6"}},"EA",{"v":70,"d":"$70.0"},{"$f":"J1279*H1279","v":{"v":392.79056249999996,"d":"$392.79"}},{"v":20,"d":"$20.00"},{"$f":"L1279*H1279","v":{"v":112.225875,"d":"$112.23"}},{"v":90,"d":"$90.0"},{"$f":"N1279*H1279","v":{"v":505.0164375,"d":"$505"}}]
[{"$f":"IF(I1280<>\"\",1+MAX($A$6:A1279),\"\")","v":911},"A2.1C","A2.1C, A8.2, A5.0",null,"R-13 Batt Insulation",{"$f":"F1277*G1277","v":{"v":89.7807,"d":"90"}},{"v":0.1,"d":"10%"},{"$f":"F1280*(1+G1280)","v":{"v":98.75877,"d":"99"}},"SF",{"v":0.744,"d":"$0.7"},{"v":73.47652488,"d":"$73.48"},{"v":0.45599999999999996,"d":"$0.46"},{"v":45.03399912,"d":"$45.03"},{"v":1.2,"d":"$1.20"},{"v":118.51052399999999,"d":"$119"}]
[{"$f":"IF(I1281<>\"\",1+MAX($A$6:A1280),\"\")","v":912},"A2.1C","A2.1C, A8.2, A5.0",null,"Acoustic Sealant",{"$f":"F1277*4","v":{"v":33.16,"d":"33"}},{"v":0.1,"d":"10%"},{"v":36.476,"d":"36"},"LF",{"v":3.35,"d":"$3.4"},{"v":122.1946,"d":"$122.19"},{"v":1.6500000000000001,"d":"$1.65"},{"v":60.1854,"d":"$60.19"},{"v":5,"d":"$5.0"},{"v":182.38,"d":"$182"}]
[{"$f":"IF(I1282<>\"\",1+MAX($A$6:A1281),\"\")","v":913},"A2.1C","A2.1C, A8.2, A5.0",null,"(2\"x4\") Pressure Treated Plate @ Bottom",{"$f":"F1277*1","v":{"v":8.29,"d":"8"}},{"v":0.1,"d":"10%"},{"v":9.119,"d":"9"},"LF",{"v":1.8599999999999999,"d":"$1.86"},{"v":16.96134,"d":"$16.96"},{"v":1.1400000000000001,"d":"$1.14"},{"v":10.395660000000001,"d":"$10.40"},{"v":3,"d":"$3.0"},{"v":27.357,"d":"$27"}]
[{"$f":"IF(I1283<>\"\",1+MAX($A$6:A1282),\"\")","v":914},"A2.1C","A2.1C, A8.2, A5.0",null,"(2\"x4\") Pressure Treated Plate @ Top (Double Plate)",{"$f":"F1277*2","v":{"v":16.58,"d":"17"}},{"v":0.1,"d":"10%"},{"v":18.238,"d":"18"},"LF",{"v":1.8599999999999999,"d":"$1.86"},{"v":33.92268,"d":"$33.92"},{"v":1.1400000000000001,"d":"$1.14"},{"v":20.791320000000002,"d":"$20.79"},{"v":3,"d":"$3.0"},{"v":54.714,"d":"$55"}]
[{"$f":"IF(I1284<>\"\",1+MAX($A$6:A1283),\"\")","v":915},{"$nulls":3},"(2\"x4\") Wooden Studs @ 16\" O.C. - 10'-10\" High",{"$f":"F1277/1.33","v":{"v":6.233082706766917,"d":"6"}},{"v":0,"d":"0%"},{"v":6.233082706766917,"d":"6"},"EA",{"v":20.143800000000002,"d":"$20.14"},{"v":125.55797142857143,"d":"$125.56"},{"v":12.346200000000001,"d":"$12.35"},{"v":76.95488571428571,"d":"$76.95"},{"v":32.49,"d":"$32.5"},{"v":202.51285714285714,"d":"$203"}]
[{"$f":"IF(I1285<>\"\",1+MAX($A$6:A1284),\"\")","v":""}]
[{"$f":"IF(I1286<>\"\",1+MAX($A$6:A1285),\"\")","v":""},{"$nulls":3},"INTERIOR WALLS - (2\"X6\") - ONE SIDE WEATHER RESISTANT",{"v":6.22,"d":"6"},8]
[{"$f":"IF(I1287<>\"\",1+MAX($A$6:A1286),\"\")","v":""}]
[{"$f":"IF(I1288<>\"\",1+MAX($A$6:A1287),\"\")","v":916},"A2.1C","A2.1C, A8.2, A5.0",null,"5/8\" Type X Gypsum Wall Board - (4'X8' ea.) - One Side",{"$f":"F1286*G1286*1/32","v":{"v":1.555,"d":"2"}},{"v":0,"d":"0%"},{"$f":"F1288*(1+G1288)","v":{"v":1.555,"d":"2"}},"EA",{"v":62,"d":"$62.0"},{"$f":"J1288*H1288","v":{"v":96.41,"d":"$96.41"}},{"v":14,"d":"$14.00"},{"$f":"L1288*H1288","v":{"v":21.77,"d":"$21.77"}},{"v":76,"d":"$76.0"},{"$f":"N1288*H1288","v":{"v":118.17999999999999,"d":"$118"}}]
[{"$f":"IF(I1289<>\"\",1+MAX($A$6:A1288),\"\")","v":917},"A2.1C","A2.1C, A8.2, A5.0",null,"5/8\" Cement Board Or Tile Backer Board - (4'X8' ea.) - One Side",{"$f":"F1286*G1286/32","v":{"v":1.555,"d":"2"}},{"v":0,"d":"0%"},{"$f":"F1289*(1+G1289)","v":{"v":1.555,"d":"2"}},"EA",{"v":70,"d":"$70.0"},{"v":108.85,"d":"$108.85"},{"v":20,"d":"$20.00"},{"v":31.099999999999998,"d":"$31.10"},{"v":90,"d":"$90.0"},{"v":139.95,"d":"$140"}]
[{"$f":"IF(I1290<>\"\",1+MAX($A$6:A1289),\"\")","v":918},"A2.1C","A2.1C, A8.2, A5.0",null,"R-15 Batt Insulation",{"$f":"F1286*G1286","v":{"v":49.76,"d":"50"}},{"v":0.1,"d":"10%"},{"$f":"F1290*(1+G1290)","v":{"v":54.736000000000004,"d":"55"}},"SF",{"v":0.7936,"d":"$0.8"},{"v":43.438489600000004,"d":"$43.44"},{"v":0.4864,"d":"$0.49"},{"v":26.6235904,"d":"$26.62"},{"v":1.28,"d":"$1.28"},{"v":70.06208000000001,"d":"$70"}]
[{"$f":"IF(I1291<>\"\",1+MAX($A$6:A1290),\"\")","v":919},"A2.1C","A2.1C, A8.2, A5.0",null,"Acoustic Sealant",{"$f":"F1286*4","v":{"v":24.88,"d":"25"}},{"v":0.1,"d":"10%"},{"v":27.368000000000002,"d":"27"},"LF",{"v":3.35,"d":"$3.4"},{"v":91.68280000000001,"d":"$91.68"},{"v":1.6500000000000001,"d":"$1.65"},{"v":45.15720000000001,"d":"$45.16"},{"v":5,"d":"$5.0"},{"v":136.84,"d":"$137"}]
[{"$f":"IF(I1292<>\"\",1+MAX($A$6:A1291),\"\")","v":920},"A2.1C","A2.1C, A8.2, A5.0",null,"(2\"x6\") Pressure Treated Plate @ Bottom",{"$f":"F1286*1","v":{"v":6.22,"d":"6"}},{"v":0.1,"d":"10%"},{"v":6.8420000000000005,"d":"7"},"LF",{"v":2.48,"d":"$2.48"},{"v":16.96816,"d":"$16.97"},{"v":1.52,"d":"$1.52"},{"v":10.399840000000001,"d":"$10.40"},{"v":4,"d":"$4.0"},{"v":27.368000000000002,"d":"$27"}]
[{"$f":"IF(I1293<>\"\",1+MAX($A$6:A1292),\"\")","v":921},"A2.1C","A2.1C, A8.2, A5.0",null,"(2\"x6\") Pressure Treated Plate @ Top (Double Plate)",{"$f":"F1286*2","v":{"v":12.44,"d":"12"}},{"v":0.1,"d":"10%"},{"v":13.684000000000001,"d":"14"},"LF",{"v":2.48,"d":"$2.48"},{"v":33.93632,"d":"$33.94"},{"v":1.52,"d":"$1.52"},{"v":20.799680000000002,"d":"$20.80"},{"v":4,"d":"$4.0"},{"v":54.736000000000004,"d":"$55"}]
[{"$f":"IF(I1294<>\"\",1+MAX($A$6:A1293),\"\")","v":922},"A2.1C","A2.1C, A8.2, A5.0",null,"(2\"x6\") Wooden Studs @ 16\" O.C. - 8'-0\" High",{"$f":"F1286/1.33","v":{"v":4.6766917293233075,"d":"5"}},{"v":0,"d":"0%"},{"v":4.6766917293233075,"d":"5"},"EA",{"v":19.84,"d":"$19.84"},{"v":92.78556390977442,"d":"$92.79"},{"v":12.16,"d":"$12.16"},{"v":56.86857142857142,"d":"$56.87"},{"v":32,"d":"$32.0"},{"v":149.65413533834584,"d":"$150"}]
[{"$f":"IF(I1295<>\"\",1+MAX($A$6:A1294),\"\")","v":""}]
[{"$f":"IF(I1296<>\"\",1+MAX($A$6:A1295),\"\")","v":923},{"$nulls":3},"500' Tape Roll",{"$f":"678*24/500","v":{"v":32.544,"d":"33"}},{"v":0,"d":"0%"},{"$f":"F1296*(1+G1296)","v":{"v":32.544,"d":"33"}},"Rolls",0,{"$f":"J1296*H1296","v":0},{"v":10,"d":"$10.00"},{"$f":"L1296*H1296","v":{"v":325.43999999999994,"d":"$325.44"}},{"v":10,"d":"$10.00"},{"$f":"N1296*H1296","v":{"v":325.43999999999994,"d":"$325"}}]
[{"$f":"IF(I1297<>\"\",1+MAX($A$6:A1296),\"\")","v":924},{"$nulls":3},"Mudding",{"$f":"678*32/200","v":{"v":108.48,"d":"108"}},{"v":0.1,"d":"10%"},{"v":119.32800000000002,"d":"119"},"Gallons",0,0,{"v":7,"d":"$7.00"},{"$f":"L1297*H1297","v":{"v":835.2960000000002,"d":"$835.30"}},{"v":7,"d":"$7.00"},{"v":835.2960000000002,"d":"$835"}]
[{"$f":"IF(I1298<>\"\",1+MAX($A$6:A1297),\"\")","v":925},{"$nulls":3},"Screws",{"$f":"21696*5.25/1000","v":{"v":113.904,"d":"114"}},{"v":0.1,"d":"10%"},{"v":125.29440000000001,"d":"125"},"LBS",0,0,{"v":10,"d":"$10.00"},{"$f":"L1298*H1298","v":{"v":1252.9440000000002,"d":"$1,252.94"}},{"v":10,"d":"$10.00"},{"v":1252.9440000000002,"d":"$1,253"}]
[{"$f":"IF(I1299<>\"\",1+MAX($A$6:A1298),\"\")","v":""}]
[{"$f":"IF(I1300<>\"\",1+MAX($A$6:A1299),\"\")","v":""},{"$nulls":3},"WALL BASE"]
[{"$f":"IF(I1301<>\"\",1+MAX($A$6:A1300),\"\")","v":926},"ID1.2","ID0.1",null,"Wooden Base Board - (6\" H)",{"v":369.38,"d":"369"},{"v":0.1,"d":"10%"},{"$f":"F1301*(1+G1301)","v":{"v":406.31800000000004,"d":"406"}},"LF",{"v":2.94,"d":"$2.9"},{"$f":"J1301*H1301","v":{"v":1194.57492,"d":"$1,194.57"}},{"v":4.06,"d":"$4.06"},{"$f":"L1301*H1301","v":{"v":1649.65108,"d":"$1,649.65"}},{"v":7,"d":"$7.0"},{"$f":"N1301*H1301","v":{"v":2844.226,"d":"$2,844"}}]
[{"$f":"IF(I1302<>\"\",1+MAX($A$6:A1301),\"\")","v":""}]
[{"$f":"IF(I1303<>\"\",1+MAX($A$6:A1302),\"\")","v":""},{"$nulls":3},"FLOORING"]
[{"$f":"IF(I1304<>\"\",1+MAX($A$6:A1303),\"\")","v":927},"ID1.2","ID1.2",null,"Wooden Flooring @ 2ND Floor",{"v":942.16,"d":"942"},{"v":0.1,"d":"10%"},{"$f":"F1304*(1+G1304)","v":{"v":1036.376,"d":"1036"}},"SF",{"v":7.56,"d":"$7.6"},{"$f":"J1304*H1304","v":{"v":7835.002559999999,"d":"$7,835.00"}},{"v":10.44,"d":"$10.44"},{"$f":"L1304*H1304","v":{"v":10819.76544,"d":"$10,819.77"}},{"v":18,"d":"$18.0"},{"$f":"N1304*H1304","v":{"v":18654.768,"d":"$18,655"}}]
[{"$f":"IF(I1305<>\"\",1+MAX($A$6:A1304),\"\")","v":928},"ID1.2","ID1.2",null,"Tile Flooring @ Bathroom",{"v":232.14,"d":"232"},{"v":0.1,"d":"10%"},{"v":255.354,"d":"255"},"SF",{"v":11.76,"d":"$11.8"},{"$f":"J1305*H1305","v":{"v":3002.96304,"d":"$3,002.96"}},{"v":16.24,"d":"$16.24"},{"$f":"L1305*H1305","v":{"v":4146.94896,"d":"$4,146.95"}},{"v":28,"d":"$28.0"},{"v":7149.912,"d":"$7,150"}]
[{"$f":"IF(I1306<>\"\",1+MAX($A$6:A1305),\"\")","v":929},"ID1.2","ID1.2",null,"Tile Flooring @ Laundry",{"v":83.87,"d":"84"},{"v":0.1,"d":"10%"},{"v":92.25700000000002,"d":"92"},"SF",{"v":11.76,"d":"$11.8"},{"$f":"J1306*H1306","v":{"v":1084.94232,"d":"$1,084.94"}},{"v":16.24,"d":"$16.24"},{"$f":"L1306*H1306","v":{"v":1498.2536800000003,"d":"$1,498.25"}},{"v":28,"d":"$28.0"},{"v":2583.1960000000004,"d":"$2,583"}]
[{"$f":"IF(I1307<>\"\",1+MAX($A$6:A1306),\"\")","v":""}]
[{"$f":"IF(I1308<>\"\",1+MAX($A$6:A1307),\"\")","v":""},{"$nulls":3},"CEILING"]
[{"$f":"IF(I1309<>\"\",1+MAX($A$6:A1308),\"\")","v":930},"A2.3C","A2.3C",null,"5/8\" Moisture Resistant Type \"X\" Gypsum Board Ceiling",{"$f":"176.98/32","v":{"v":5.530625,"d":"6"}},{"v":0,"d":"0%"},{"$f":"F1309*(1+G1309)","v":{"v":5.530625,"d":"6"}},"EA",{"v":62,"d":"$62.0"},{"$f":"J1309*H1309","v":{"v":342.89875,"d":"$342.90"}},{"v":16,"d":"$16.00"},{"$f":"L1309*H1309","v":{"v":88.49,"d":"$88.49"}},{"v":78,"d":"$78.0"},{"$f":"N1309*H1309","v":{"v":431.38874999999996,"d":"$431"}}]
[{"$f":"IF(I1310<>\"\",1+MAX($A$6:A1309),\"\")","v":931},"A2.3C","A2.3C",null,"5/8\" Type \"X\" Gypsum Board Ceiling",{"$f":"531.99/32","v":{"v":16.6246875,"d":"17"}},{"v":0,"d":"0%"},{"$f":"F1310*(1+G1310)","v":{"v":16.6246875,"d":"17"}},"EA",{"v":62,"d":"$62.0"},{"$f":"J1310*H1310","v":{"v":1030.730625,"d":"$1,030.73"}},{"v":14,"d":"$14.00"},{"$f":"L1310*H1310","v":{"v":232.74562500000002,"d":"$232.75"}},{"v":76,"d":"$76.0"},{"v":1263.47625,"d":"$1,263"}]
[{"$f":"IF(I1311<>\"\",1+MAX($A$6:A1310),\"\")","v":932},"A2.3C","A2.3C",null,"5/8\" Type \"X\" Gypsum Board Vaulted Ceiling w/ Slop: 1 1/2:12",{"$f":"160.45*1.01/32","v":{"v":5.064203125,"d":"5"}},{"v":0,"d":"0%"},{"$f":"F1311*(1+G1311)","v":{"v":5.064203125,"d":"5"}},"EA",{"v":62,"d":"$62.0"},{"$f":"J1311*H1311","v":{"v":313.98059374999997,"d":"$313.98"}},{"v":14,"d":"$14.00"},{"$f":"L1311*H1311","v":{"v":70.89884375,"d":"$70.90"}},{"v":76,"d":"$76.0"},{"v":384.8794375,"d":"$385"}]
[{"$f":"IF(I1312<>\"\",1+MAX($A$6:A1311),\"\")","v":933},"A2.3C","A2.3C",null,"5/8\" Type \"X\" Gypsum Board Vaulted Ceiling w/ Slop: 2:12",{"$f":"442.99*1.014/32","v":{"v":14.037245625,"d":"14"}},{"v":0,"d":"0%"},{"$f":"F1312*(1+G1312)","v":{"v":14.037245625,"d":"14"}},"EA",{"v":62,"d":"$62.0"},{"$f":"J1312*H1312","v":{"v":870.30922875,"d":"$870.31"}},{"v":14,"d":"$14.00"},{"$f":"L1312*H1312","v":{"v":196.52143875000002,"d":"$196.52"}},{"v":76,"d":"$76.0"},{"v":1066.8306675000001,"d":"$1,067"}]
[{"$f":"IF(I1313<>\"\",1+MAX($A$6:A1312),\"\")","v":""}]
[{"$f":"IF(I1314<>\"\",1+MAX($A$6:A1313),\"\")","v":""},{"$nulls":3},"STUCCO SOFFIT CEILING"]
[{"$f":"IF(I1315<>\"\",1+MAX($A$6:A1314),\"\")","v":934},"A2.3C","A2.3C",null,"Stucco Finish Over 2 Layers Building Paper Grade Or Better",{"v":725.28,"d":"725"},{"v":0.1,"d":"10%"},{"$f":"F1315*(1+G1315)","v":{"v":797.808,"d":"798"}},"SF",{"v":3,"d":"$3.0"},{"$f":"J1315*H1315","v":{"v":2393.424,"d":"$2,393.42"}},{"v":6,"d":"$6.00"},{"$f":"L1315*H1315","v":{"v":4786.848,"d":"$4,786.85"}},{"v":9,"d":"$9.0"},{"$f":"N1315*H1315","v":{"v":7180.272,"d":"$7,180"}}]
[{"$f":"IF(I1316<>\"\",1+MAX($A$6:A1315),\"\")","v":""}]
[{"$f":"IF(I1317<>\"\",1+MAX($A$6:A1316),\"\")","v":""},{"$nulls":3},"WALL PAINT"]
[{"$f":"IF(I1318<>\"\",1+MAX($A$6:A1317),\"\")","v":935},"ID2.19-ID2.25","ASSUMED",null,"Wall Paint @ Master Bathroom",{"v":85.69,"d":"86"},{"v":0.1,"d":"10%"},{"$f":"F1318*(1+G1318)","v":{"v":94.259,"d":"94"}},"SF",{"v":1.2160000000000002,"d":"$1.2"},{"$f":"J1318*H1318","v":{"v":114.61894400000001,"d":"$114.62"}},{"v":0.384,"d":"$0.38"},{"$f":"L1318*H1318","v":{"v":36.195456,"d":"$36.20"}},{"v":1.6,"d":"$1.6"},{"$f":"N1318*H1318","v":{"v":150.8144,"d":"$151"}}]
[{"$f":"IF(I1319<>\"\",1+MAX($A$6:A1318),\"\")","v":936},"ID2.19-ID2.25","ASSUMED",null,"Wall Paint @ Master Bedroom",{"v":530.92,"d":"531"},{"v":0.1,"d":"10%"},{"v":584.0120000000001,"d":"584"},"SF",{"v":1.2160000000000002,"d":"$1.2"},{"v":710.1585920000002,"d":"$710.16"},{"v":0.384,"d":"$0.38"},{"v":224.26060800000002,"d":"$224.26"},{"v":1.6,"d":"$1.6"},{"v":934.4192000000002,"d":"$934"}]
[{"$f":"IF(I1320<>\"\",1+MAX($A$6:A1319),\"\")","v":937},"ID2.19-ID2.25","ASSUMED",null,"Wall Paint @ Bathroom 2",{"v":76.61,"d":"77"},{"v":0.1,"d":"10%"},{"v":84.271,"d":"84"},"SF",{"v":1.2160000000000002,"d":"$1.2"},{"v":102.47353600000002,"d":"$102.47"},{"v":0.384,"d":"$0.38"},{"v":32.360064,"d":"$32.36"},{"v":1.6,"d":"$1.6"},{"v":134.83360000000002,"d":"$135"}]
[{"$f":"IF(I1321<>\"\",1+MAX($A$6:A1320),\"\")","v":938},"ID2.19-ID2.25","ASSUMED",null,"Wall Paint @ Bedroom 2",{"v":236.75,"d":"237"},{"v":0.1,"d":"10%"},{"v":260.425,"d":"260"},"SF",{"v":1.2160000000000002,"d":"$1.2"},{"v":316.67680000000007,"d":"$316.68"},{"v":0.384,"d":"$0.38"},{"v":100.0032,"d":"$100.00"},{"v":1.6,"d":"$1.6"},{"v":416.68000000000006,"d":"$417"}]
[{"$f":"IF(I1322<>\"\",1+MAX($A$6:A1321),\"\")","v":939},"ID2.19-ID2.25","ASSUMED",null,"Wall Paint 2 @ Bedroom 2",{"v":445.1,"d":"445"},{"v":0.1,"d":"10%"},{"v":489.61000000000007,"d":"490"},"SF",{"v":1.2160000000000002,"d":"$1.2"},{"v":595.3657600000001,"d":"$595.37"},{"v":0.384,"d":"$0.38"},{"v":188.01024000000004,"d":"$188.01"},{"v":1.6,"d":"$1.6"},{"v":783.3760000000002,"d":"$783"}]
[{"$f":"IF(I1323<>\"\",1+MAX($A$6:A1322),\"\")","v":940},"ID2.19-ID2.25","ASSUMED",null,"Wall Paint @ Bathroom 3",{"v":100.04,"d":"100"},{"v":0.1,"d":"10%"},{"v":110.04400000000001,"d":"110"},"SF",{"v":1.2160000000000002,"d":"$1.2"},{"v":133.81350400000002,"d":"$133.81"},{"v":0.384,"d":"$0.38"},{"v":42.256896000000005,"d":"$42.26"},{"v":1.6,"d":"$1.6"},{"v":176.07040000000003,"d":"$176"}]
[{"$f":"IF(I1324<>\"\",1+MAX($A$6:A1323),\"\")","v":""}]
[{"$f":"IF(I1325<>\"\",1+MAX($A$6:A1324),\"\")","v":""},{"$nulls":3},"WALL TILE"]
[{"$f":"IF(I1326<>\"\",1+MAX($A$6:A1325),\"\")","v":941},"ID2.17-ID2.25","ASSUMED",null,"Wall Tile @ Master Bathroom",{"v":15.99,"d":"16"},{"v":0.1,"d":"10%"},{"$f":"F1326*(1+G1326)","v":{"v":17.589000000000002,"d":"18"}},"SF",{"v":13.44,"d":"$13.4"},{"$f":"J1326*H1326","v":{"v":236.39616,"d":"$236.40"}},{"v":18.56,"d":"$18.56"},{"$f":"L1326*H1326","v":{"v":326.45184,"d":"$326.45"}},{"v":32,"d":"$32.0"},{"$f":"N1326*H1326","v":{"v":562.8480000000001,"d":"$563"}}]
[{"$f":"IF(I1327<>\"\",1+MAX($A$6:A1326),\"\")","v":942},"ID2.17-ID2.25","ASSUMED",null,"Wall Tile 2 @ Master Bathroom",{"v":135.28,"d":"135"},{"v":0.1,"d":"10%"},{"v":148.80800000000002,"d":"149"},"SF",{"v":13.44,"d":"$13.4"},{"v":1999.9795200000003,"d":"$1,999.98"},{"v":18.56,"d":"$18.56"},{"v":2761.8764800000004,"d":"$2,761.88"},{"v":32,"d":"$32.0"},{"v":4761.856000000001,"d":"$4,762"}]
[{"$f":"IF(I1328<>\"\",1+MAX($A$6:A1327),\"\")","v":943},"ID2.17-ID2.25","ASSUMED",null,"Wall Tile @ Bathroom 2",{"v":135.46,"d":"135"},{"v":0.1,"d":"10%"},{"v":149.00600000000003,"d":"149"},"SF",{"v":13.44,"d":"$13.4"},{"v":2002.6406400000003,"d":"$2,002.64"},{"v":18.56,"d":"$18.56"},{"v":2765.5513600000004,"d":"$2,765.55"},{"v":32,"d":"$32.0"},{"v":4768.192000000001,"d":"$4,768"}]
[{"$f":"IF(I1329<>\"\",1+MAX($A$6:A1328),\"\")","v":944},"ID2.17-ID2.25","ASSUMED",null,"Wall Tile @ Bathroom 3",{"v":75.22,"d":"75"},{"v":0.1,"d":"10%"},{"v":82.742,"d":"83"},"SF",{"v":13.44,"d":"$13.4"},{"v":1112.05248,"d":"$1,112.05"},{"v":18.56,"d":"$18.56"},{"v":1535.69152,"d":"$1,535.69"},{"v":32,"d":"$32.0"},{"v":2647.744,"d":"$2,648"}]
[{"$f":"IF(I1330<>\"\",1+MAX($A$6:A1329),\"\")","v":945},"ID2.17-ID2.25","ASSUMED",null,"Wall Tile @ Laundry",{"v":220.89,"d":"221"},{"v":0.1,"d":"10%"},{"v":242.979,"d":"243"},"SF",{"v":13.44,"d":"$13.4"},{"v":3265.63776,"d":"$3,265.64"},{"v":18.56,"d":"$18.56"},{"v":4509.69024,"d":"$4,509.69"},{"v":32,"d":"$32.0"},{"v":7775.328,"d":"$7,775"}]
[{"$f":"IF(I1331<>\"\",1+MAX($A$6:A1330),\"\")","v":946},"ID2.17-ID2.25","ASSUMED",null,"Wall Tile @ Hallway",{"v":260.98,"d":"261"},{"v":0.1,"d":"10%"},{"v":287.07800000000003,"d":"287"},"SF",{"v":13.44,"d":"$13.4"},{"v":3858.32832,"d":"$3,858.33"},{"v":18.56,"d":"$18.56"},{"v":5328.1676800000005,"d":"$5,328.17"},{"v":32,"d":"$32.0"},{"v":9186.496000000001,"d":"$9,186"}]
[{"$f":"IF(I1332<>\"\",1+MAX($A$6:A1331),\"\")","v":""}]
[{"$f":"IF(I1333<>\"\",1+MAX($A$6:A1332),\"\")","v":""},{"$nulls":3},"INTERIOR WALL FINISHES"]
[{"$f":"IF(I1334<>\"\",1+MAX($A$6:A1333),\"\")","v":947},"ID2.21","ID2.21",null,"Unpolished Head Board",{"v":31.42,"d":"31"},{"v":0.1,"d":"10%"},{"$f":"F1334*(1+G1334)","v":{"v":34.562000000000005,"d":"35"}},"SF",{"v":5.04,"d":"$5.0"},{"$f":"J1334*H1334","v":{"v":174.19248000000002,"d":"$174.19"}},{"v":6.959999999999999,"d":"$6.96"},{"$f":"L1334*H1334","v":{"v":240.55152,"d":"$240.55"}},{"v":12,"d":"$12.0"},{"$f":"N1334*H1334","v":{"v":414.744,"d":"$415"}}]
[{"$f":"IF(I1335<>\"\",1+MAX($A$6:A1334),\"\")","v":948},"ID2.19","ASSUMED",null,"Wall Cladding @ Bedroom 2",{"v":71.94,"d":"72"},{"v":0.1,"d":"10%"},{"v":79.134,"d":"79"},"SF",{"v":4.2,"d":"$4.2"},{"$f":"J1335*H1335","v":{"v":332.3628,"d":"$332.36"}},{"v":5.8,"d":"$5.80"},{"$f":"L1335*H1335","v":{"v":458.9772,"d":"$458.98"}},{"v":10,"d":"$10.0"},{"v":791.34,"d":"$791"}]
[{"$f":"IF(I1336<>\"\",1+MAX($A$6:A1335),\"\")","v":949},"ID2.17","ASSUMED",null,"Wall Cladding @ Hallway",{"v":8.11,"d":"8"},{"v":0.1,"d":"10%"},{"v":8.921,"d":"9"},"SF",{"v":4.2,"d":"$4.2"},{"$f":"J1336*H1336","v":{"v":37.468199999999996,"d":"$37.47"}},{"v":5.8,"d":"$5.80"},{"$f":"L1336*H1336","v":{"v":51.7418,"d":"$51.74"}},{"v":10,"d":"$10.0"},{"v":89.21,"d":"$89"}]
[{"$f":"IF(I1337<>\"\",1+MAX($A$6:A1336),\"\")","v":""}]
[{"$f":"IF(I1338<>\"\",1+MAX($A$6:A1337),\"\")","v":""},{"$nulls":3},"CEILING PAINT"]
[{"$f":"IF(I1339<>\"\",1+MAX($A$6:A1338),\"\")","v":950},"A2.3C","A2.3C",null,"Ceiling Paint\nMANUFACTURER: IS NOT MENTIONED",{"v":1312.41,"d":"1,312"},{"v":0.1,"d":"10%"},{"$f":"F1339*(1+G1339)","v":{"v":1443.6510000000003,"d":"1444"}},"SF",{"v":1.9760000000000002,"d":"$2.0"},{"$f":"J1339*H1339","v":{"v":2852.654376000001,"d":"$2,852.65"}},{"v":0.624,"d":"$0.62"},{"$f":"L1339*H1339","v":{"v":900.8382240000002,"d":"$900.84"}},{"v":2.6,"d":"$2.6"},{"$f":"N1339*H1339","v":{"v":3753.492600000001,"d":"$3,753"}}]
[{"$f":"IF(I1340<>\"\",1+MAX($A$6:A1339),\"\")","v":951},"A2.3C","A2.3C",null,"Ceiling Paint On Stucco\nMANUFACTURER: IS NOT MENTIONED",{"v":725.28,"d":"725"},{"v":0.1,"d":"10%"},{"v":797.808,"d":"798"},"SF",{"v":1.7479999999999998,"d":"$1.7"},{"$f":"J1340*H1340","v":{"v":1394.5683839999997,"d":"$1,394.57"}},{"v":0.5519999999999999,"d":"$0.55"},{"$f":"L1340*H1340","v":{"v":440.39001599999995,"d":"$440.39"}},{"v":2.3,"d":"$2.3"},{"v":1834.9583999999998,"d":"$1,835"}]
[{"$f":"IF(I1341<>\"\",1+MAX($A$6:A1340),\"\")","v":""}]
[{"$f":"IF(I1342<>\"\",1+MAX($A$6:A1341),\"\")","v":""},{"$nulls":3},"DOOR PAINT"]
[{"$f":"IF(I1343<>\"\",1+MAX($A$6:A1342),\"\")","v":952},"ASSUMED","ASSUMED",null,"Door Paint\nMANUFACTURER: IS NOT MENTIONED",{"$f":"SUM(F768:F779)","v":11},{"v":0,"d":"0%"},{"$f":"F1343*(1+G1343)","v":11},"EA",{"v":125.4,"d":"$125.4"},{"$f":"J1343*H1343","v":{"v":1379.4,"d":"$1,379.40"}},{"v":39.6,"d":"$39.60"},{"$f":"L1343*H1343","v":{"v":435.6,"d":"$435.60"}},{"v":165,"d":"$165.0"},{"$f":"N1343*H1343","v":{"v":1815,"d":"$1,815"}}]
[{"$f":"IF(I1344<>\"\",1+MAX($A$6:A1343),\"\")","v":""}]
[{"$f":"IF(I1345<>\"\",1+MAX($A$6:A1344),\"\")","v":""},{"$nulls":3},"EXTERIOR FINISHES"]
[{"$f":"IF(I1346<>\"\",1+MAX($A$6:A1345),\"\")","v":953},"A3.0A, A3.0B","A3.0A, A3.0B",null,"Meta Fabricated Low Planter",{"v":87.58,"d":"88"},{"v":0.1,"d":"10%"},{"$f":"F1346*(1+G1346)","v":{"v":96.33800000000001,"d":"96"}},"SF",{"v":6.36,"d":"$6.4"},{"$f":"J1346*H1346","v":{"v":612.70968,"d":"$612.71"}},{"v":5.64,"d":"$5.64"},{"$f":"L1346*H1346","v":{"v":543.34632,"d":"$543.35"}},{"v":12,"d":"$12.0"},{"$f":"N1346*H1346","v":{"v":1156.056,"d":"$1,156"}}]
[{"$f":"IF(I1347<>\"\",1+MAX($A$6:A1346),\"\")","v":954},"A3.0A, A3.0B","A3.0A, A3.0B",null,"Painted Steel Troweled Ignition Resistant Cement Plaster System, Color: Dark Brown",{"v":1924.73,"d":"1,925"},{"v":0.1,"d":"10%"},{"v":2117.203,"d":"2117"},"SF",{"v":5.300000000000001,"d":"$5.3"},{"$f":"J1347*H1347","v":{"v":11221.175900000002,"d":"$11,221.18"}},{"v":4.699999999999999,"d":"$4.70"},{"$f":"L1347*H1347","v":{"v":9950.854099999999,"d":"$9,950.85"}},{"v":10,"d":"$10.0"},{"v":21172.03,"d":"$21,172"}]
[{"$f":"IF(I1348<>\"\",1+MAX($A$6:A1347),\"\")","v":955},"A3.0A, A3.0B","A3.0A, A3.0B",null,"Stain Grade Cedar Siding, Profile: T&G Cedar, Grade: Clear Heart per western Red Cedar Lumber Association Standards",{"v":953.62,"d":"954"},{"v":0.1,"d":"10%"},{"v":1048.9820000000002,"d":"1049"},"SF",{"v":6.36,"d":"$6.4"},{"$f":"J1348*H1348","v":{"v":6671.525520000002,"d":"$6,671.53"}},{"v":5.64,"d":"$5.64"},{"$f":"L1348*H1348","v":{"v":5916.25848,"d":"$5,916.26"}},{"v":12,"d":"$12.0"},{"v":12587.784000000003,"d":"$12,588"}]
[{"$f":"IF(I1349<>\"\",1+MAX($A$6:A1348),\"\")","v":956},"A3.0A, A3.0B","A3.0A, A3.0B",null,"Stone Veneer",22,{"v":0.1,"d":"10%"},{"v":24.200000000000003,"d":"24"},"SF",{"v":8.48,"d":"$8.5"},{"v":205.21600000000004,"d":"$205.22"},{"v":7.52,"d":"$7.52"},{"v":181.984,"d":"$181.98"},{"v":16,"d":"$16.0"},{"v":387.20000000000005,"d":"$387"}]
[{"$f":"IF(I1350<>\"\",1+MAX($A$6:A1349),\"\")","v":957},"A3.0A, A3.0B","A3.0A, A3.0B",null,"Wooden Frame Finishes",{"v":201.39,"d":"201"},{"v":0.1,"d":"10%"},{"v":221.529,"d":"222"},"SF",{"v":6.36,"d":"$6.4"},{"$f":"J1350*H1350","v":{"v":1408.92444,"d":"$1,408.92"}},{"v":5.64,"d":"$5.64"},{"$f":"L1350*H1350","v":{"v":1249.42356,"d":"$1,249.42"}},{"v":12,"d":"$12.0"},{"v":2658.348,"d":"$2,658"}]
[{"$f":"IF(I1351<>\"\",1+MAX($A$6:A1350),\"\")","v":""}]
[{"$f":"IF(I1352<>\"\",1+MAX($A$6:A1351),\"\")","v":958},"A3.0A, A3.0B","A3.0A, A3.0B",null,"Metal Corner Bead",{"v":127.78,"d":"128"},{"v":0.1,"d":"10%"},{"$f":"F1352*(1+G1352)","v":{"v":140.55800000000002,"d":"141"}},"LF",{"v":2.6500000000000004,"d":"$2.7"},{"$f":"J1352*H1352","v":{"v":372.4787000000001,"d":"$372.48"}},{"v":2.3499999999999996,"d":"$2.35"},{"$f":"L1352*H1352","v":{"v":330.3113,"d":"$330.31"}},{"v":5,"d":"$5.0"},{"$f":"N1352*H1352","v":{"v":702.7900000000001,"d":"$703"}}]
[{"$f":"IF(I1353<>\"\",1+MAX($A$6:A1352),\"\")","v":959},"A3.0A, A3.0B","A3.0A, A3.0B",null,"2\" Trim @ Door",{"v":19.68,"d":"20"},{"v":0.1,"d":"10%"},{"v":21.648,"d":"22"},"LF",{"v":2.12,"d":"$2.1"},{"$f":"J1353*H1353","v":{"v":45.89376,"d":"$45.89"}},{"v":1.88,"d":"$1.88"},{"$f":"L1353*H1353","v":{"v":40.69824,"d":"$40.70"}},{"v":4,"d":"$4.0"},{"v":86.592,"d":"$87"}]
[{"$f":"IF(I1354<>\"\",1+MAX($A$6:A1353),\"\")","v":960},"A3.0A, A3.0B","A3.0A, A3.0B",null,"2\" Trim @ Window",{"v":435.47,"d":"435"},{"v":0.1,"d":"10%"},{"v":479.01700000000005,"d":"479"},"LF",{"v":2.12,"d":"$2.1"},{"$f":"J1354*H1354","v":{"v":1015.5160400000002,"d":"$1,015.52"}},{"v":1.88,"d":"$1.88"},{"$f":"L1354*H1354","v":{"v":900.55196,"d":"$900.55"}},{"v":4,"d":"$4.0"},{"v":1916.0680000000002,"d":"$1,916"}]
[{"$f":"IF(I1355<>\"\",1+MAX($A$6:A1354),\"\")","v":961},"A3.0A, A3.0B","A3.0A, A3.0B",null,"2x12\" Fascia w/ Concealed (Painted Redwood Trim)",{"v":407.47,"d":"407"},{"v":0.1,"d":"10%"},{"v":448.21700000000004,"d":"448"},"SF",{"v":4.65,"d":"$4.7"},{"$f":"J1355*H1355","v":{"v":2084.2090500000004,"d":"$2,084.21"}},{"v":2.85,"d":"$2.85"},{"$f":"L1355*H1355","v":{"v":1277.4184500000001,"d":"$1,277.42"}},{"v":7.5,"d":"$7.5"},{"v":3361.6275000000005,"d":"$3,362"}]
[{"$f":"IF(I1356<>\"\",1+MAX($A$6:A1355),\"\")","v":""}]
[{"$f":"IF(I1357<>\"\",1+MAX($A$6:A1356),\"\")","v":""},null,null,"DIV. 10","SPECIALITIES",{"$nulls":10},{"$f":"SUM(O1360:O1365)","v":{"v":10210.720000000001,"d":"$10,211"}}]
[{"$f":"IF(I1358<>\"\",1+MAX($A$6:A1357),\"\")","v":""}]
[{"$f":"IF(I1359<>\"\",1+MAX($A$6:A1358),\"\")","v":""},{"$nulls":3},"ACCESSORIES",null,"ACCESSORIES ARE ASSUMED"]
[{"$f":"IF(I1360<>\"\",1+MAX($A$6:A1359),\"\")","v":962},"ASSUMED","ASSUMED",null,"Wall-Mounted Back light Mirror",10,{"v":0,"d":"0%"},{"$f":"F1360*(1+G1360)","v":10},"EA",{"v":86.72,"d":"$86.7"},{"$f":"J1360*H1360","v":{"v":867.2,"d":"$867.20"}},{"v":271,"d":"$271.00"},{"$f":"L1360*H1360","v":{"v":2710,"d":"$2,710.00"}},{"v":357.72,"d":"$357.7"},{"$f":"N1360*H1360","v":{"v":3577.2000000000003,"d":"$3,577"}}]
[{"$f":"IF(I1361<>\"\",1+MAX($A$6:A1360),\"\")","v":963},"ASSUMED","ASSUMED",null,"Recessed Paper Towel Dispenser & Waste Receptacle",10,{"v":0,"d":"0%"},{"$f":"F1361*(1+G1361)","v":10},"EA",{"v":99.84,"d":"$99.8"},{"v":998.4000000000001,"d":"$998.40"},{"v":312,"d":"$312.00"},{"v":3120,"d":"$3,120.00"},{"v":411.84000000000003,"d":"$411.8"},{"$f":"N1361*H1361","v":{"v":4118.400000000001,"d":"$4,118"}}]
[{"$f":"IF(I1362<>\"\",1+MAX($A$6:A1361),\"\")","v":964},"ASSUMED","ASSUMED",null,"Wall Mounted Toilet Paper Holder",8,{"v":0,"d":"0%"},8,"EA",{"v":10.24,"d":"$10.2"},{"v":81.92,"d":"$81.92"},{"v":32,"d":"$32.00"},{"v":256,"d":"$256.00"},{"v":42.24,"d":"$42.2"},{"v":337.92,"d":"$338"}]
[{"$f":"IF(I1363<>\"\",1+MAX($A$6:A1362),\"\")","v":965},"ASSUMED","ASSUMED",null,"Grab Bars",24,{"v":0,"d":"0%"},24,"EA",{"v":14.4,"d":"$14.4"},{"v":345.6,"d":"$345.60"},{"v":45,"d":"$45.00"},{"v":1080,"d":"$1,080.00"},{"v":59.4,"d":"$59.4"},{"v":1425.6,"d":"$1,426"}]
[{"$f":"IF(I1364<>\"\",1+MAX($A$6:A1363),\"\")","v":966},"ASSUMED","ASSUMED",null,"Towel Holder",10,{"v":0,"d":"0%"},10,"EA",{"v":8,"d":"$8.0"},{"v":80,"d":"$80.00"},{"v":17,"d":"$17.00"},{"v":170,"d":"$170.00"},{"v":25,"d":"$25.0"},{"v":250,"d":"$250"}]
[{"$f":"IF(I1365<>\"\",1+MAX($A$6:A1364),\"\")","v":967},"ASSUMED","ASSUMED",null,"Soap Dispenser",10,{"v":0,"d":"0%"},10,"EA",{"v":12.16,"d":"$12.2"},{"v":121.6,"d":"$121.60"},{"v":38,"d":"$38.00"},{"v":380,"d":"$380.00"},{"v":50.16,"d":"$50.2"},{"v":501.59999999999997,"d":"$502"}]
[{"$f":"IF(I1366<>\"\",1+MAX($A$6:A1365),\"\")","v":""}]
[{"$f":"IF(I1367<>\"\",1+MAX($A$6:A1366),\"\")","v":""},null,null,"DIV. 11","EQUIPMENTS",{"$nulls":10},{"$f":"SUM(O1368:O1407)","v":{"v":92364.865888,"d":"$92,365"}}]
[{"$f":"IF(I1368<>\"\",1+MAX($A$6:A1367),\"\")","v":""}]
[{"$f":"IF(I1369<>\"\",1+MAX($A$6:A1368),\"\")","v":""},{"$nulls":3},"EQUIPMENTS"]
[{"$f":"IF(I1370<>\"\",1+MAX($A$6:A1369),\"\")","v":""},{"$nulls":3},"BASEMENT FLOOR"]
[{"$f":"IF(I1371<>\"\",1+MAX($A$6:A1370),\"\")","v":""}]
[{"$f":"IF(I1372<>\"\",1+MAX($A$6:A1371),\"\")","v":968},"A2.5B","A2.5B",null,"Wine Display Rack - (8'-0\" H)",{"$f":"24.79*8","v":{"v":198.32,"d":"198"}},{"v":0.1,"d":"10%"},{"$f":"F1372*(1+G1372)","v":{"v":218.15200000000002,"d":"218"}},"SF",{"v":12.6,"d":"$12.6"},{"$f":"J1372*H1372","v":{"v":2748.7152,"d":"$2,748.72"}},{"v":17.4,"d":"$17.40"},{"$f":"L1372*H1372","v":{"v":3795.8448,"d":"$3,795.84"}},{"v":30,"d":"$30.0"},{"$f":"N1372*H1372","v":{"v":6544.56,"d":"$6,545"}}]
[{"$f":"IF(I1373<>\"\",1+MAX($A$6:A1372),\"\")","v":969},"ID2.34","ID2.34",null,"(3'-0\"x8'-6\") Glass Mirror",4,{"v":0,"d":"0%"},4,"EA",{"v":261.12,"d":"$261.1"},{"v":1044.48,"d":"$1,044.48"},{"v":816,"d":"$816.00"},{"v":3264,"d":"$3,264.00"},{"v":1077.12,"d":"$1,077.1"},{"v":4308.48,"d":"$4,308"}]
[{"$f":"IF(I1374<>\"\",1+MAX($A$6:A1373),\"\")","v":970},"ID2.34","ID2.34",null,"(3'-6\"x8'-6\") Glass Mirror",2,{"v":0,"d":"0%"},2,"EA",{"v":304.64,"d":"$304.6"},{"$f":"J1374*H1374","v":{"v":609.28,"d":"$609.28"}},{"v":952,"d":"$952.00"},{"$f":"L1374*H1374","v":{"v":1904,"d":"$1,904.00"}},{"v":1256.6399999999999,"d":"$1,256.6"},{"v":2513.2799999999997,"d":"$2,513"}]
[{"$f":"IF(I1375<>\"\",1+MAX($A$6:A1374),\"\")","v":971},"ID2.30, ID2.31","ID2.30, ID2.31",null,"(2'-0\"x3'-0\") Medicine Cabinet",3,{"v":0,"d":"0%"},3,"EA",{"v":80.64,"d":"$80.6"},{"v":241.92000000000002,"d":"$241.92"},{"v":252,"d":"$252.00"},{"v":756,"d":"$756.00"},{"v":332.64,"d":"$332.6"},{"v":997.92,"d":"$998"}]
[{"$f":"IF(I1376<>\"\",1+MAX($A$6:A1375),\"\")","v":972},"A2.5B","A2.5B",null,"24\" Under Count Refrigerator",1,{"v":0,"d":"0%"},1,"EA",{"v":441,"d":"$441.0"},{"v":441,"d":"$441.00"},{"v":1050,"d":"$1,050.00"},{"v":1050,"d":"$1,050.00"},{"v":1491,"d":"$1,491.0"},{"v":1491,"d":"$1,491"}]
[{"$f":"IF(I1377<>\"\",1+MAX($A$6:A1376),\"\")","v":973},"A2.5B","A2.5B",null,"Full Size Sink w/ 1.5 GPM Max. Faucet, Spray & Disposal",1,{"v":0,"d":"0%"},1,"EA",{"v":164,"d":"$164.0"},{"v":164,"d":"$164.00"},{"v":650,"d":"$650.00"},{"v":650,"d":"$650.00"},{"v":814,"d":"$814.0"},{"v":814,"d":"$814"}]
[{"$f":"IF(I1378<>\"\",1+MAX($A$6:A1377),\"\")","v":974},{"$nulls":3},"24\" Dishwasher",1,{"v":0,"d":"0%"},1,"EA",{"v":768,"d":"$768.0"},{"v":768,"d":"$768.00"},{"v":2400,"d":"$2,400.00"},{"v":2400,"d":"$2,400.00"},{"v":3168,"d":"$3,168.0"},{"v":3168,"d":"$3,168"}]
[{"$f":"IF(I1379<>\"\",1+MAX($A$6:A1378),\"\")","v":""}]
[{"$f":"IF(I1380<>\"\",1+MAX($A$6:A1379),\"\")","v":""},{"$nulls":3},"GROUND FLOOR"]
[{"$f":"IF(I1381<>\"\",1+MAX($A$6:A1380),\"\")","v":975},"A2.5B, A2.5D","A2.5B, A2.5D",null,"Removable Privacy Film",{"v":26.32,"d":"26"},{"v":0.1,"d":"10%"},{"$f":"F1381*(1+G1381)","v":{"v":28.952,"d":"29"}},"SF",{"v":3.84,"d":"$3.8"},{"$f":"J1381*H1381","v":{"v":111.17568,"d":"$111.18"}},{"v":8.16,"d":"$8.16"},{"$f":"L1381*H1381","v":{"v":236.24832,"d":"$236.25"}},{"v":12,"d":"$12.0"},{"$f":"N1381*H1381","v":{"v":347.42400000000004,"d":"$347"}}]
[{"$f":"IF(I1382<>\"\",1+MAX($A$6:A1381),\"\")","v":976},"A2.5B, A2.5D","A2.5B, A2.5D",null,"(2'-0\"x3'-0\") Medicine Cabinet",3,{"v":0,"d":"0%"},3,"EA",{"v":80.64,"d":"$80.6"},{"$f":"J1382*H1382","v":{"v":241.92000000000002,"d":"$241.92"}},{"v":252,"d":"$252.00"},{"$f":"L1382*H1382","v":{"v":756,"d":"$756.00"}},{"v":332.64,"d":"$332.6"},{"v":997.92,"d":"$998"}]
[{"$f":"IF(I1383<>\"\",1+MAX($A$6:A1382),\"\")","v":977},"A2.5B, A2.5D","A2.5B, A2.5D",null,"24\" Dishwasher",2,{"v":0,"d":"0%"},2,"EA",{"v":768,"d":"$768.0"},{"v":1536,"d":"$1,536.00"},{"v":2400,"d":"$2,400.00"},{"v":4800,"d":"$4,800.00"},{"v":3168,"d":"$3,168.0"},{"v":6336,"d":"$6,336"}]
[{"$f":"IF(I1384<>\"\",1+MAX($A$6:A1383),\"\")","v":978},"A2.5B, A2.5D","A2.5B, A2.5D",null,"36\" Undercounted Oven",2,{"v":0,"d":"0%"},2,"EA",{"v":1024,"d":"$1,024.0"},{"v":2048,"d":"$2,048.00"},{"v":3200,"d":"$3,200.00"},{"v":6400,"d":"$6,400.00"},{"v":4224,"d":"$4,224.0"},{"v":8448,"d":"$8,448"}]
[{"$f":"IF(I1385<>\"\",1+MAX($A$6:A1384),\"\")","v":979},"A2.5B, A2.5D","A2.5B, A2.5D",null,"36\" Refrigerator Flush Insert",2,{"v":0,"d":"0%"},2,"EA",{"v":2400,"d":"$2,400.0"},{"v":4800,"d":"$4,800.00"},{"v":7500,"d":"$7,500.00"},{"v":15000,"d":"$15,000.00"},{"v":9900,"d":"$9,900.0"},{"v":19800,"d":"$19,800"}]
[{"$f":"IF(I1386<>\"\",1+MAX($A$6:A1385),\"\")","v":980},"A2.5B, A2.5D","A2.5B, A2.5D",null,"30\" Refrigerator Column",2,{"v":0,"d":"0%"},2,"EA",{"v":352,"d":"$352.0"},{"$f":"J1386*H1386","v":{"v":704,"d":"$704.00"}},{"v":1100,"d":"$1,100.00"},{"$f":"L1386*H1386","v":{"v":2200,"d":"$2,200.00"}},{"v":1452,"d":"$1,452.0"},{"v":2904,"d":"$2,904"}]
[{"$f":"IF(I1387<>\"\",1+MAX($A$6:A1386),\"\")","v":981},"A2.5B, A2.5D","A2.5B, A2.5D",null,"Veggie Sink w/ 1.5 GPM Max. Faucet & Disposal",1,{"v":0,"d":"0%"},1,"EA",{"v":128,"d":"$128.0"},{"$f":"J1387*H1387","v":{"v":128,"d":"$128.00"}},{"v":400,"d":"$400.00"},{"$f":"L1387*H1387","v":{"v":400,"d":"$400.00"}},{"v":528,"d":"$528.0"},{"v":528,"d":"$528"}]
[{"$f":"IF(I1388<>\"\",1+MAX($A$6:A1387),\"\")","v":982},"A2.5B, A2.5D","A2.5B, A2.5D",null,"18\" Pull Out Trash Bin",1,{"v":0,"d":"0%"},1,"EA",{"v":61.44,"d":"$61.4"},{"$f":"J1388*H1388","v":{"v":61.44,"d":"$61.44"}},{"v":192,"d":"$192.00"},{"$f":"L1388*H1388","v":{"v":192,"d":"$192.00"}},{"v":253.44,"d":"$253.4"},{"v":253.44,"d":"$253"}]
[{"$f":"IF(I1389<>\"\",1+MAX($A$6:A1388),\"\")","v":983},"A2.5B, A2.5D","A2.5B, A2.5D",null,"Full Size Sink w/ 1.5 GPM Max. Faucet, Spray & Disposal",3,{"v":0,"d":"0%"},3,"EA",{"v":164,"d":"$164.0"},{"v":492,"d":"$492.00"},{"v":650,"d":"$650.00"},{"v":1950,"d":"$1,950.00"},{"v":814,"d":"$814.0"},{"v":2442,"d":"$2,442"}]
[{"$f":"IF(I1390<>\"\",1+MAX($A$6:A1389),\"\")","v":984},"A2.5B, A2.5D","A2.5B, A2.5D",null,"36\" Stacked Steam Oven (Convention Oven)",1,{"v":0,"d":"0%"},1,"EA",{"v":736,"d":"$736.0"},{"v":736,"d":"$736.00"},{"v":2300,"d":"$2,300.00"},{"v":2300,"d":"$2,300.00"},{"v":3036,"d":"$3,036.0"},{"v":3036,"d":"$3,036"}]
[{"$f":"IF(I1391<>\"\",1+MAX($A$6:A1390),\"\")","v":985},"A2.5B, A2.5D","A2.5B, A2.5D",null,"30\" Cooktop w/ 15\" Dia Hood",1,{"v":0,"d":"0%"},1,"EA",{"v":896,"d":"$896.0"},{"v":896,"d":"$896.00"},{"v":2800,"d":"$2,800.00"},{"v":2800,"d":"$2,800.00"},{"v":3696,"d":"$3,696.0"},{"v":3696,"d":"$3,696"}]
[{"$f":"IF(I1392<>\"\",1+MAX($A$6:A1391),\"\")","v":986},"A2.5B, A2.5D","A2.5B, A2.5D",null,"36\" Induction Cooktop",1,{"v":0,"d":"0%"},1,"EA",{"v":1088,"d":"$1,088.0"},{"v":1088,"d":"$1,088.00"},{"v":3400,"d":"$3,400.00"},{"v":3400,"d":"$3,400.00"},{"v":4488,"d":"$4,488.0"},{"v":4488,"d":"$4,488"}]
[{"$f":"IF(I1393<>\"\",1+MAX($A$6:A1392),\"\")","v":987},"A2.5B, A2.5D","A2.5B, A2.5D",null,"(11\"x2'-8\") Gas Fireplace",1,{"v":0,"d":"0%"},1,"EA",{"v":126.55372799999999,"d":"$126.6"},{"v":126.55372799999999,"d":"$126.55"},{"v":395.4804,"d":"$395.48"},{"v":395.4804,"d":"$395.48"},{"v":522.034128,"d":"$522.0"},{"v":522.034128,"d":"$522"}]
[{"$f":"IF(I1394<>\"\",1+MAX($A$6:A1393),\"\")","v":988},"A2.5B, A2.5D","A2.5B, A2.5D",null,"Gas Pizza Oven",1,{"v":0,"d":"0%"},1,"EA",{"v":147.20000000000002,"d":"$147.2"},{"v":147.20000000000002,"d":"$147.20"},{"v":460,"d":"$460.00"},{"v":460,"d":"$460.00"},{"v":607.2,"d":"$607.2"},{"v":607.2,"d":"$607"}]
[{"$f":"IF(I1395<>\"\",1+MAX($A$6:A1394),\"\")","v":989},"A2.5B, A2.5D","A2.5B, A2.5D",null,"Outdoor Gas Burner",1,{"v":0,"d":"0%"},1,"EA",{"v":336,"d":"$336.0"},{"v":336,"d":"$336.00"},{"v":1050,"d":"$1,050.00"},{"v":1050,"d":"$1,050.00"},{"v":1386,"d":"$1,386.0"},{"v":1386,"d":"$1,386"}]
[{"$f":"IF(I1396<>\"\",1+MAX($A$6:A1395),\"\")","v":""}]
[{"$f":"IF(I1397<>\"\",1+MAX($A$6:A1396),\"\")","v":""},{"$nulls":3},"MISC."]
[{"$f":"IF(I1398<>\"\",1+MAX($A$6:A1397),\"\")","v":990},"A2.5B, A2.5D","A2.5B, A2.5D",null,"Recessed Roller Shade",{"v":21.11,"d":"21"},{"v":0.1,"d":"10%"},{"$f":"F1398*(1+G1398)","v":{"v":23.221,"d":"23"}},"LF",{"v":2.56,"d":"$2.6"},{"$f":"J1398*H1398","v":{"v":59.44576,"d":"$59.45"}},{"v":8,"d":"$8.00"},{"$f":"L1398*H1398","v":{"v":185.768,"d":"$185.77"}},{"v":10.56,"d":"$10.6"},{"$f":"N1398*H1398","v":{"v":245.21376,"d":"$245"}}]
[{"$f":"IF(I1399<>\"\",1+MAX($A$6:A1398),\"\")","v":991},"A2.5B, A2.5D","A2.5B, A2.5D",null,"(24\"x24\") Attic Access",7,{"v":0,"d":"0%"},{"$f":"F1399*(1+G1399)","v":7},"EA",{"v":76,"d":"$76.0"},{"$f":"J1399*H1399","v":{"v":532,"d":"$532.00"}},{"v":124,"d":"$124.00"},{"$f":"L1399*H1399","v":{"v":868,"d":"$868.00"}},{"v":200,"d":"$200.0"},{"$f":"N1399*H1399","v":{"v":1400,"d":"$1,400"}}]
[{"$f":"IF(I1400<>\"\",1+MAX($A$6:A1399),\"\")","v":""}]
[{"$f":"IF(I1401<>\"\",1+MAX($A$6:A1400),\"\")","v":""},{"$nulls":3},"2ND FLOOR"]
[{"$f":"IF(I1402<>\"\",1+MAX($A$6:A1401),\"\")","v":992},"ID2.21","ID2.21",null,"Backlit Mirror (Half Circle)",{"v":26.95,"d":"27"},{"v":0.1,"d":"10%"},{"$f":"F1402*(1+G1402)","v":{"v":29.645000000000003,"d":"30"}},"SF",{"v":92.8,"d":"$92.8"},{"$f":"J1402*H1402","v":{"v":2751.056,"d":"$2,751.06"}},{"v":290,"d":"$290.00"},{"$f":"L1402*H1402","v":{"v":8597.050000000001,"d":"$8,597.05"}},{"v":382.8,"d":"$382.8"},{"$f":"N1402*H1402","v":{"v":11348.106000000002,"d":"$11,348"}}]
[{"$f":"IF(I1403<>\"\",1+MAX($A$6:A1402),\"\")","v":993},"ID2.21","ID2.21",null,"Removable Privacy Film",{"v":45.24,"d":"45"},{"v":0.1,"d":"10%"},{"v":49.764,"d":"50"},"SF",{"v":3.84,"d":"$3.8"},{"$f":"J1403*H1403","v":{"v":191.09376,"d":"$191.09"}},{"v":8.16,"d":"$8.16"},{"$f":"L1403*H1403","v":{"v":406.07424000000003,"d":"$406.07"}},{"v":12,"d":"$12.0"},{"v":597.168,"d":"$597"}]
[{"$f":"IF(I1404<>\"\",1+MAX($A$6:A1403),\"\")","v":994},"ID2.20","ID2.20",null,"(3'-0\"x2'-0\") Medicine Cabinet",1,{"v":0,"d":"0%"},1,"EA",{"v":80.64,"d":"$80.6"},{"v":80.64,"d":"$80.64"},{"v":252,"d":"$252.00"},{"v":252,"d":"$252.00"},{"v":332.64,"d":"$332.6"},{"v":332.64,"d":"$333"}]
[{"$f":"IF(I1405<>\"\",1+MAX($A$6:A1404),\"\")","v":995},"ID2.25","ID2.25",null,"(3'-3\"x3'-0\") Medicine Cabinet w/ Lights",2,{"v":0,"d":"0%"},2,"EA",{"v":162.24,"d":"$162.2"},{"v":324.48,"d":"$324.48"},{"v":507,"d":"$507.00"},{"v":1014,"d":"$1,014.00"},{"v":669.24,"d":"$669.2"},{"v":1338.48,"d":"$1,338"}]
[{"$f":"IF(I1406<>\"\",1+MAX($A$6:A1405),\"\")","v":996},"ID2.23","ID2.23",null,"Library Ladder (8'-2\" H)",1,{"v":0,"d":"0%"},1,"EA",{"v":300,"d":"$300.0"},{"v":300,"d":"$300.00"},{"v":1174,"d":"$1,174.00"},{"v":1174,"d":"$1,174.00"},{"v":1474,"d":"$1,474.0"},{"v":1474,"d":"$1,474"}]
[{"$f":"IF(I1407<>\"\",1+MAX($A$6:A1406),\"\")","v":""}]
[{"$f":"IF(I1408<>\"\",1+MAX($A$6:A1407),\"\")","v":""},null,null,"DIV. 12","FURNISHING",{"$nulls":10},{"$f":"SUM(O1409:O1461)","v":{"v":148041.70150000002,"d":"$148,042"}}]
[{"$f":"IF(I1409<>\"\",1+MAX($A$6:A1408),\"\")","v":""}]
[{"$f":"IF(I1410<>\"\",1+MAX($A$6:A1409),\"\")","v":""},{"$nulls":3},"MILLWORK"]
[{"$f":"IF(I1411<>\"\",1+MAX($A$6:A1410),\"\")","v":""},{"$nulls":3},"BASEMENT FLOOR"]
[{"$f":"IF(I1412<>\"\",1+MAX($A$6:A1411),\"\")","v":997},"ID2.27","ID2.27",null,"Solid Surface Countertop",{"v":49.64,"d":"50"},{"v":0.1,"d":"10%"},{"$f":"F1412*(1+G1412)","v":{"v":54.604000000000006,"d":"55"}},"SF",{"v":35.699999999999996,"d":"$35.7"},{"$f":"J1412*H1412","v":{"v":1949.3627999999999,"d":"$1,949.36"}},{"v":49.3,"d":"$49.30"},{"$f":"L1412*H1412","v":{"v":2691.9772000000003,"d":"$2,691.98"}},{"v":85,"d":"$85.0"},{"$f":"N1412*H1412","v":{"v":4641.34,"d":"$4,641"}}]
[{"$f":"IF(I1413<>\"\",1+MAX($A$6:A1412),\"\")","v":998},"ID2.27-ID2.30","ID2.27-ID2.30",null,"Full Height Cabinets w/ Shelves - (9'-0\" H)",{"v":4.67,"d":"5"},{"v":0.1,"d":"10%"},{"$f":"F1413*(1+G1413)","v":{"v":5.1370000000000005,"d":"5"}},"LF",{"v":147,"d":"$147.0"},{"$f":"J1413*H1413","v":{"v":755.1390000000001,"d":"$755.14"}},{"v":203,"d":"$203.00"},{"$f":"L1413*H1413","v":{"v":1042.8110000000001,"d":"$1,042.81"}},{"v":350,"d":"$350.0"},{"$f":"N1413*H1413","v":{"v":1797.9500000000003,"d":"$1,798"}}]
[{"$f":"IF(I1414<>\"\",1+MAX($A$6:A1413),\"\")","v":999},"ID2.27-ID2.30","ID2.27-ID2.30",null,"Base Cabinets - (2'-0\" H)",{"v":10.33,"d":"10"},{"v":0.1,"d":"10%"},{"v":11.363000000000001,"d":"11"},"LF",{"v":75.6,"d":"$75.6"},{"v":859.0428,"d":"$859.04"},{"v":104.39999999999999,"d":"$104.40"},{"v":1186.2972,"d":"$1,186.30"},{"v":180,"d":"$180.0"},{"v":2045.3400000000001,"d":"$2,045"}]
[{"$f":"IF(I1415<>\"\",1+MAX($A$6:A1414),\"\")","v":1000},"ID2.27-ID2.30","ID2.27-ID2.30",null,"Base Cabinets - (3'-0\" H)",10,{"v":0.1,"d":"10%"},11,"LF",{"v":92.39999999999999,"d":"$92.4"},{"v":1016.3999999999999,"d":"$1,016.40"},{"v":127.6,"d":"$127.60"},{"v":1403.6,"d":"$1,403.60"},{"v":220,"d":"$220.0"},{"v":2420,"d":"$2,420"}]
[{"$f":"IF(I1416<>\"\",1+MAX($A$6:A1415),\"\")","v":1001},"ID2.27-ID2.30","ID2.27-ID2.30",null,"Back Splash - (6\" H)",{"$f":"10.34*0.5","v":{"v":5.17,"d":"5"}},{"v":0.1,"d":"10%"},{"v":5.687,"d":"6"},"SF",{"v":14.7,"d":"$14.7"},{"v":83.5989,"d":"$83.60"},{"v":20.299999999999997,"d":"$20.30"},{"v":115.44609999999999,"d":"$115.45"},{"v":35,"d":"$35.0"},{"v":199.04500000000002,"d":"$199"}]
[{"$f":"IF(I1417<>\"\",1+MAX($A$6:A1416),\"\")","v":""}]
[{"$f":"IF(I1418<>\"\",1+MAX($A$6:A1417),\"\")","v":""},{"$nulls":3},"GROUND FLOOR"]
[{"$f":"IF(I1419<>\"\",1+MAX($A$6:A1418),\"\")","v":1002},"ID2.0-ID2.15","ID2.0-ID2.15",null,"Solid Surface Countertop",{"v":226.71,"d":"227"},{"v":0.1,"d":"10%"},{"$f":"F1419*(1+G1419)","v":{"v":249.38100000000003,"d":"249"}},"SF",{"v":35.699999999999996,"d":"$35.7"},{"$f":"J1419*H1419","v":{"v":8902.9017,"d":"$8,902.90"}},{"v":49.3,"d":"$49.30"},{"$f":"L1419*H1419","v":{"v":12294.4833,"d":"$12,294.48"}},{"v":85,"d":"$85.0"},{"$f":"N1419*H1419","v":{"v":21197.385000000002,"d":"$21,197"}}]
[{"$f":"IF(I1420<>\"\",1+MAX($A$6:A1419),\"\")","v":1003},"ID2.0-ID2.15","ID2.0-ID2.15",null,"Solid Surface Backsplash",{"v":256.23,"d":"256"},{"v":0.1,"d":"10%"},{"$f":"F1420*(1+G1420)","v":{"v":281.85300000000007,"d":"282"}},"SF",{"v":35.699999999999996,"d":"$35.7"},{"$f":"J1420*H1420","v":{"v":10062.152100000001,"d":"$10,062.15"}},{"v":49.3,"d":"$49.30"},{"$f":"L1420*H1420","v":{"v":13895.352900000002,"d":"$13,895.35"}},{"v":85,"d":"$85.0"},{"$f":"N1420*H1420","v":{"v":23957.505000000005,"d":"$23,958"}}]
[{"$f":"IF(I1421<>\"\",1+MAX($A$6:A1420),\"\")","v":1004},"ID2.0-ID2.15","ID2.0-ID2.15",null,"Solid Surface Side splash",{"v":16.52,"d":"17"},{"v":0.1,"d":"10%"},{"v":18.172,"d":"18"},"SF",{"v":12.6,"d":"$12.6"},{"$f":"J1421*H1421","v":{"v":228.9672,"d":"$228.97"}},{"v":17.4,"d":"$17.40"},{"$f":"L1421*H1421","v":{"v":316.1928,"d":"$316.19"}},{"v":30,"d":"$30.0"},{"v":545.16,"d":"$545"}]
[{"$f":"IF(I1422<>\"\",1+MAX($A$6:A1421),\"\")","v":1005},"ID2.0-ID2.15","ID2.0-ID2.15",null,"Wooden Countertop Water Resistant",10,{"v":0.1,"d":"10%"},11,"SF",{"v":37.8,"d":"$37.8"},{"$f":"J1422*H1422","v":{"v":415.79999999999995,"d":"$415.80"}},{"v":52.199999999999996,"d":"$52.20"},{"$f":"L1422*H1422","v":{"v":574.1999999999999,"d":"$574.20"}},{"v":90,"d":"$90.0"},{"v":990,"d":"$990"}]
[{"$f":"IF(I1423<>\"\",1+MAX($A$6:A1422),\"\")","v":""}]
[{"$f":"IF(I1424<>\"\",1+MAX($A$6:A1423),\"\")","v":1006},"ID2.0-ID2.15","ID2.0-ID2.15",null,"Back Splash - (6\" H)",{"$f":"5.01*0.5","v":{"v":2.505,"d":"3"}},{"v":0.1,"d":"10%"},{"$f":"F1424*(1+G1424)","v":{"v":2.7555,"d":"3"}},"SF",{"v":14.7,"d":"$14.7"},{"$f":"J1424*H1424","v":{"v":40.50585,"d":"$40.51"}},{"v":20.299999999999997,"d":"$20.30"},{"$f":"L1424*H1424","v":{"v":55.93664999999999,"d":"$55.94"}},{"v":35,"d":"$35.0"},{"$f":"N1424*H1424","v":{"v":96.4425,"d":"$96"}}]
[{"$f":"IF(I1425<>\"\",1+MAX($A$6:A1424),\"\")","v":1007},"ID2.0-ID2.15","ID2.0-ID2.15",null,"Full Height Cabinets w/ Shelves - (7'-6\" H)",{"v":9.02,"d":"9"},{"v":0.1,"d":"10%"},{"v":9.922,"d":"10"},"LF",{"v":134.4,"d":"$134.4"},{"v":1333.5168,"d":"$1,333.52"},{"v":185.6,"d":"$185.60"},{"v":1841.5232,"d":"$1,841.52"},{"v":320,"d":"$320.0"},{"v":3175.04,"d":"$3,175"}]
[{"$f":"IF(I1426<>\"\",1+MAX($A$6:A1425),\"\")","v":1008},"ID2.0-ID2.15","ID2.0-ID2.15",null,"Full Height Cabinets w/ Shelves - (9'-3\" H)",{"v":8.21,"d":"8"},{"v":0.1,"d":"10%"},{"v":9.031000000000002,"d":"9"},"LF",{"v":176.4,"d":"$176.4"},{"v":1593.0684000000006,"d":"$1,593.07"},{"v":243.6,"d":"$243.60"},{"v":2199.9516000000003,"d":"$2,199.95"},{"v":420,"d":"$420.0"},{"v":3793.020000000001,"d":"$3,793"}]
[{"$f":"IF(I1427<>\"\",1+MAX($A$6:A1426),\"\")","v":1009},"ID2.0-ID2.15","ID2.0-ID2.15",null,"Overhead Cabinets - (2'-0\" H)",{"v":12.61,"d":"13"},{"v":0.1,"d":"10%"},{"v":13.871,"d":"14"},"LF",{"v":75.6,"d":"$75.6"},{"v":1048.6476,"d":"$1,048.65"},{"v":104.39999999999999,"d":"$104.40"},{"v":1448.1324,"d":"$1,448.13"},{"v":180,"d":"$180.0"},{"v":2496.78,"d":"$2,497"}]
[{"$f":"IF(I1428<>\"\",1+MAX($A$6:A1427),\"\")","v":1010},"ID2.0-ID2.15","ID2.0-ID2.15",null,"Overhead Cabinets - (4'-3\" H)",{"v":8.93,"d":"9"},{"v":0.1,"d":"10%"},{"v":9.823,"d":"10"},"LF",{"v":117.6,"d":"$117.6"},{"v":1155.1848,"d":"$1,155.18"},{"v":162.39999999999998,"d":"$162.40"},{"v":1595.2551999999998,"d":"$1,595.26"},{"v":280,"d":"$280.0"},{"v":2750.44,"d":"$2,750"}]
[{"$f":"IF(I1429<>\"\",1+MAX($A$6:A1428),\"\")","v":1011},"ID2.0-ID2.15","ID2.0-ID2.15",null,"Overhead Cabinets - (3'-4\" H)",{"v":3.31,"d":"3"},{"v":0.1,"d":"10%"},{"v":3.6410000000000005,"d":"4"},"LF",{"v":100.8,"d":"$100.8"},{"v":367.0128,"d":"$367.01"},{"v":139.2,"d":"$139.20"},{"v":506.8272,"d":"$506.83"},{"v":240,"d":"$240.0"},{"v":873.8400000000001,"d":"$874"}]
[{"$f":"IF(I1430<>\"\",1+MAX($A$6:A1429),\"\")","v":1012},"ID2.0-ID2.15","ID2.0-ID2.15",null,"Overhead Cabinets w/ Glass in Front - (3'-5\" H)",{"v":6.3,"d":"6"},{"v":0.1,"d":"10%"},{"v":6.930000000000001,"d":"7"},"LF",{"v":115.5,"d":"$115.5"},{"$f":"J1430*H1430","v":{"v":800.4150000000001,"d":"$800.42"}},{"v":159.5,"d":"$159.50"},{"$f":"L1430*H1430","v":{"v":1105.335,"d":"$1,105.34"}},{"v":275,"d":"$275.0"},{"v":1905.7500000000002,"d":"$1,906"}]
[{"$f":"IF(I1431<>\"\",1+MAX($A$6:A1430),\"\")","v":1013},"ID2.0-ID2.15","ID2.0-ID2.15",null,"Overhead Cabinets - (6'-3\" H)",{"v":4.76,"d":"5"},{"v":0.1,"d":"10%"},{"v":5.236,"d":"5"},"LF",{"v":126,"d":"$126.0"},{"$f":"J1431*H1431","v":{"v":659.736,"d":"$659.74"}},{"v":174,"d":"$174.00"},{"v":911.064,"d":"$911.06"},{"v":300,"d":"$300.0"},{"v":1570.8,"d":"$1,571"}]
[{"$f":"IF(I1432<>\"\",1+MAX($A$6:A1431),\"\")","v":1014},"ID2.0-ID2.15","ID2.0-ID2.15",null,"Overhead Cabinets - (1'-4\" H)",{"v":6.96,"d":"7"},{"v":0.1,"d":"10%"},{"v":7.656000000000001,"d":"8"},"LF",{"v":58.8,"d":"$58.8"},{"v":450.1728,"d":"$450.17"},{"v":81.19999999999999,"d":"$81.20"},{"v":621.6672,"d":"$621.67"},{"v":140,"d":"$140.0"},{"v":1071.8400000000001,"d":"$1,072"}]
[{"$f":"IF(I1433<>\"\",1+MAX($A$6:A1432),\"\")","v":1015},"ID2.0-ID2.15","ID2.0-ID2.15",null,"Floating Cabinets - (0'-10\" H)",{"v":4.23,"d":"4"},{"v":0.1,"d":"10%"},{"v":4.6530000000000005,"d":"5"},"LF",{"v":46.199999999999996,"d":"$46.2"},{"$f":"J1433*H1433","v":{"v":214.9686,"d":"$214.97"}},{"v":63.8,"d":"$63.80"},{"v":296.8614,"d":"$296.86"},{"v":110,"d":"$110.0"},{"v":511.83000000000004,"d":"$512"}]
[{"$f":"IF(I1434<>\"\",1+MAX($A$6:A1433),\"\")","v":1016},"ID2.0-ID2.15","ID2.0-ID2.15",null,"(2) Floating Cabinets",{"v":5.01,"d":"5"},{"v":0.1,"d":"10%"},{"v":5.511,"d":"6"},"LF",{"v":46.199999999999996,"d":"$46.2"},{"$f":"J1434*H1434","v":{"v":254.60819999999998,"d":"$254.61"}},{"v":63.8,"d":"$63.80"},{"$f":"L1434*H1434","v":{"v":351.60179999999997,"d":"$351.60"}},{"v":110,"d":"$110.0"},{"v":606.21,"d":"$606"}]
[{"$f":"IF(I1435<>\"\",1+MAX($A$6:A1434),\"\")","v":1017},"ID2.0-ID2.15","ID2.0-ID2.15",null,"(3) Floating Cabinets",{"v":8.52,"d":"9"},{"v":0.1,"d":"10%"},{"v":9.372,"d":"9"},"LF",{"v":54.6,"d":"$54.6"},{"$f":"J1435*H1435","v":{"v":511.7112,"d":"$511.71"}},{"v":75.39999999999999,"d":"$75.40"},{"$f":"L1435*H1435","v":{"v":706.6487999999999,"d":"$706.65"}},{"v":130,"d":"$130.0"},{"v":1218.36,"d":"$1,218"}]
[{"$f":"IF(I1436<>\"\",1+MAX($A$6:A1435),\"\")","v":1018},"ID2.0-ID2.15","ID2.0-ID2.15",null,"Floating Cabinets - (1'-4\" H)",{"v":11.31,"d":"11"},{"v":0.1,"d":"10%"},{"v":12.441,"d":"12"},"LF",{"v":56.699999999999996,"d":"$56.7"},{"$f":"J1436*H1436","v":{"v":705.4046999999999,"d":"$705.40"}},{"v":78.3,"d":"$78.30"},{"v":974.1303,"d":"$974.13"},{"v":135,"d":"$135.0"},{"v":1679.535,"d":"$1,680"}]
[{"$f":"IF(I1437<>\"\",1+MAX($A$6:A1436),\"\")","v":1019},"ID2.0-ID2.15","ID2.0-ID2.15",null,"Base Cabinets - (1'-6\" H)",{"v":21.13,"d":"21"},{"v":0.1,"d":"10%"},{"v":23.243000000000002,"d":"23"},"LF",{"v":58.8,"d":"$58.8"},{"v":1366.6884,"d":"$1,366.69"},{"v":81.19999999999999,"d":"$81.20"},{"v":1887.3316,"d":"$1,887.33"},{"v":140,"d":"$140.0"},{"v":3254.0200000000004,"d":"$3,254"}]
[{"$f":"IF(I1438<>\"\",1+MAX($A$6:A1437),\"\")","v":1020},"ID2.0-ID2.15","ID2.0-ID2.15",null,"Base Cabinets - (1'-3\" H)",{"v":4.21,"d":"4"},{"v":0.1,"d":"10%"},{"v":4.631,"d":"5"},"LF",{"v":50.4,"d":"$50.4"},{"v":233.4024,"d":"$233.40"},{"v":69.6,"d":"$69.60"},{"v":322.31759999999997,"d":"$322.32"},{"v":120,"d":"$120.0"},{"v":555.72,"d":"$556"}]
[{"$f":"IF(I1439<>\"\",1+MAX($A$6:A1438),\"\")","v":1021},"ID2.0-ID2.15","ID2.0-ID2.15",null,"Base Cabinets - (2'-0\" H)",{"v":4.37,"d":"4"},{"v":0.1,"d":"10%"},{"v":4.807,"d":"5"},"LF",{"v":75.6,"d":"$75.6"},{"v":363.4092,"d":"$363.41"},{"v":104.39999999999999,"d":"$104.40"},{"v":501.8508,"d":"$501.85"},{"v":180,"d":"$180.0"},{"v":865.2600000000001,"d":"$865"}]
[{"$f":"IF(I1440<>\"\",1+MAX($A$6:A1439),\"\")","v":1022},"ID2.0-ID2.15","ID2.0-ID2.15",null,"Base Cabinets - (5'-3\" H)",4,{"v":0.1,"d":"10%"},{"v":4.4,"d":"4"},"LF",{"v":140.7,"d":"$140.7"},{"v":619.08,"d":"$619.08"},{"v":194.29999999999998,"d":"$194.30"},{"v":854.92,"d":"$854.92"},{"v":335,"d":"$335.0"},{"v":1474.0000000000002,"d":"$1,474"}]
[{"$f":"IF(I1441<>\"\",1+MAX($A$6:A1440),\"\")","v":1023},"ID2.0-ID2.15","ID2.0-ID2.15",null,"Base Cabinets - (2'-10\" H)",{"v":83.31,"d":"83"},{"v":0.1,"d":"10%"},{"v":91.641,"d":"92"},"LF",{"v":117.6,"d":"$117.6"},{"v":10776.981600000001,"d":"$10,776.98"},{"v":162.39999999999998,"d":"$162.40"},{"v":14882.498399999999,"d":"$14,882.50"},{"v":280,"d":"$280.0"},{"v":25659.480000000003,"d":"$25,659"}]
[{"$f":"IF(I1442<>\"\",1+MAX($A$6:A1441),\"\")","v":1024},"ID2.0-ID2.15","ID2.0-ID2.15",null,"Base Cabinets - (3'-0\" H)",{"v":9.22,"d":"9"},{"v":0.1,"d":"10%"},{"v":10.142000000000001,"d":"10"},"LF",{"v":92.39999999999999,"d":"$92.4"},{"v":937.1208,"d":"$937.12"},{"v":127.6,"d":"$127.60"},{"v":1294.1192,"d":"$1,294.12"},{"v":220,"d":"$220.0"},{"v":2231.2400000000002,"d":"$2,231"}]
[{"$f":"IF(I1443<>\"\",1+MAX($A$6:A1442),\"\")","v":1025},"ID2.0-ID2.15","ID2.0-ID2.15",null,"Night Stand",5,{"v":0.1,"d":"10%"},{"v":5.5,"d":"6"},"LF",{"v":50.4,"d":"$50.4"},{"$f":"J1443*H1443","v":{"v":277.2,"d":"$277.20"}},{"v":69.6,"d":"$69.60"},{"$f":"L1443*H1443","v":{"v":382.79999999999995,"d":"$382.80"}},{"v":120,"d":"$120.0"},{"v":660,"d":"$660"}]
[{"$f":"IF(I1444<>\"\",1+MAX($A$6:A1443),\"\")","v":1026},"ID2.0-ID2.15","ID2.0-ID2.15",null,"Valance Box",{"v":10.66,"d":"11"},{"v":0.1,"d":"10%"},{"v":11.726,"d":"12"},"LF",{"v":10.08,"d":"$10.1"},{"v":118.19808,"d":"$118.20"},{"v":13.919999999999998,"d":"$13.92"},{"v":163.22592,"d":"$163.23"},{"v":24,"d":"$24.0"},{"v":281.42400000000004,"d":"$281"}]
[{"$f":"IF(I1445<>\"\",1+MAX($A$6:A1444),\"\")","v":""}]
[{"$f":"IF(I1446<>\"\",1+MAX($A$6:A1445),\"\")","v":""},{"$nulls":3},"2ND FLOOR"]
[{"$f":"IF(I1447<>\"\",1+MAX($A$6:A1446),\"\")","v":1027},"ID2.18-ID2.25","ID2.18-ID2.25",null,"Solid Surface Countertop",{"v":34.69,"d":"35"},{"v":0.1,"d":"10%"},{"$f":"F1447*(1+G1447)","v":{"v":38.159,"d":"38"}},"SF",{"v":35.699999999999996,"d":"$35.7"},{"$f":"J1447*H1447","v":{"v":1362.2762999999998,"d":"$1,362.28"}},{"v":49.3,"d":"$49.30"},{"$f":"L1447*H1447","v":{"v":1881.2386999999999,"d":"$1,881.24"}},{"v":85,"d":"$85.0"},{"$f":"N1447*H1447","v":{"v":3243.515,"d":"$3,244"}}]
[{"$f":"IF(I1448<>\"\",1+MAX($A$6:A1447),\"\")","v":1028},"ID2.18-ID2.25","ID2.18-ID2.25",null,"Solid Surface Backsplash",{"v":91.37,"d":"91"},{"v":0.1,"d":"10%"},{"$f":"F1448*(1+G1448)","v":{"v":100.50700000000002,"d":"101"}},"SF",{"v":35.699999999999996,"d":"$35.7"},{"$f":"J1448*H1448","v":{"v":3588.0999,"d":"$3,588.10"}},{"v":49.3,"d":"$49.30"},{"$f":"L1448*H1448","v":{"v":4954.995100000001,"d":"$4,955.00"}},{"v":85,"d":"$85.0"},{"$f":"N1448*H1448","v":{"v":8543.095000000001,"d":"$8,543"}}]
[{"$f":"IF(I1449<>\"\",1+MAX($A$6:A1448),\"\")","v":1029},"ID2.18-ID2.25","ID2.18-ID2.25",null,"Customizable Slat Wall",{"v":19.78,"d":"20"},{"v":0.1,"d":"10%"},{"v":21.758000000000003,"d":"22"},"SF",{"v":8.48,"d":"$8.5"},{"$f":"J1449*H1449","v":{"v":184.50784000000004,"d":"$184.51"}},{"v":7.52,"d":"$7.52"},{"$f":"L1449*H1449","v":{"v":163.62016,"d":"$163.62"}},{"v":16,"d":"$16.0"},{"v":348.12800000000004,"d":"$348"}]
[{"$f":"IF(I1450<>\"\",1+MAX($A$6:A1449),\"\")","v":""}]
[{"$f":"IF(I1451<>\"\",1+MAX($A$6:A1450),\"\")","v":1030},"ID2.18-ID2.25","ID2.18-ID2.25",null,"Full Height Cabinets w/ Shelves - (8'-4\" H)",{"v":1.42,"d":"1"},{"v":0.1,"d":"10%"},{"$f":"F1451*(1+G1451)","v":{"v":1.562,"d":"2"}},"LF",{"v":147,"d":"$147.0"},{"$f":"J1451*H1451","v":{"v":229.614,"d":"$229.61"}},{"v":203,"d":"$203.00"},{"$f":"L1451*H1451","v":{"v":317.086,"d":"$317.09"}},{"v":350,"d":"$350.0"},{"$f":"N1451*H1451","v":{"v":546.7,"d":"$547"}}]
[{"$f":"IF(I1452<>\"\",1+MAX($A$6:A1451),\"\")","v":1031},"ID2.18-ID2.25","ID2.18-ID2.25",null,"Overhead Cabinets - (3'-0\" H)",{"v":3.51,"d":"4"},{"v":0.1,"d":"10%"},{"v":3.861,"d":"4"},"LF",{"v":92.39999999999999,"d":"$92.4"},{"v":356.7564,"d":"$356.76"},{"v":127.6,"d":"$127.60"},{"v":492.66360000000003,"d":"$492.66"},{"v":220,"d":"$220.0"},{"v":849.4200000000001,"d":"$849"}]
[{"$f":"IF(I1453<>\"\",1+MAX($A$6:A1452),\"\")","v":1032},"ID2.18-ID2.25","ID2.18-ID2.25",null,"Overhead Cabinets - (2'-5\" H)",{"v":7.89,"d":"8"},{"v":0.1,"d":"10%"},{"v":8.679,"d":"9"},"LF",{"v":81.89999999999999,"d":"$81.9"},{"$f":"J1453*H1453","v":{"v":710.8100999999999,"d":"$710.81"}},{"v":113.1,"d":"$113.10"},{"v":981.5948999999999,"d":"$981.59"},{"v":195,"d":"$195.0"},{"v":1692.405,"d":"$1,692"}]
[{"$f":"IF(I1454<>\"\",1+MAX($A$6:A1453),\"\")","v":1033},"ID2.18-ID2.25","ID2.18-ID2.25",null,"Overhead Cabinets - (4'-11\" H)",{"v":2.35,"d":"2"},{"v":0.1,"d":"10%"},{"v":2.5850000000000004,"d":"3"},"LF",{"v":138.6,"d":"$138.6"},{"v":358.28100000000006,"d":"$358.28"},{"v":191.39999999999998,"d":"$191.40"},{"v":494.769,"d":"$494.77"},{"v":330,"d":"$330.0"},{"v":853.0500000000002,"d":"$853"}]
[{"$f":"IF(I1455<>\"\",1+MAX($A$6:A1454),\"\")","v":1034},"ID2.18-ID2.25","ID2.18-ID2.25",null,"Floating Cabinets - (2'-0\" H)",{"v":6.78,"d":"7"},{"v":0.1,"d":"10%"},{"v":7.458000000000001,"d":"7"},"LF",{"v":79.8,"d":"$79.8"},{"v":595.1484,"d":"$595.15"},{"v":110.19999999999999,"d":"$110.20"},{"v":821.8716000000001,"d":"$821.87"},{"v":190,"d":"$190.0"},{"v":1417.0200000000002,"d":"$1,417"}]
[{"$f":"IF(I1456<>\"\",1+MAX($A$6:A1455),\"\")","v":1035},"ID2.18-ID2.25","ID2.18-ID2.25",null,"Base Cabinets - (2'-0\" H)",{"v":21.15,"d":"21"},{"v":0.1,"d":"10%"},{"v":23.265,"d":"23"},"LF",{"v":75.6,"d":"$75.6"},{"v":1758.8339999999998,"d":"$1,758.83"},{"v":104.39999999999999,"d":"$104.40"},{"v":2428.866,"d":"$2,428.87"},{"v":180,"d":"$180.0"},{"v":4187.7,"d":"$4,188"}]
[{"$f":"IF(I1457<>\"\",1+MAX($A$6:A1456),\"\")","v":1036},"ID2.18-ID2.25","ID2.18-ID2.25",null,"Base Cabinets - (2'-6\" H)",{"v":15.91,"d":"16"},{"v":0.1,"d":"10%"},{"v":17.501,"d":"18"},"LF",{"v":84,"d":"$84.0"},{"v":1470.084,"d":"$1,470.08"},{"v":115.99999999999999,"d":"$116.00"},{"v":2030.116,"d":"$2,030.12"},{"v":200,"d":"$200.0"},{"v":3500.2000000000003,"d":"$3,500"}]
[{"$f":"IF(I1458<>\"\",1+MAX($A$6:A1457),\"\")","v":1037},"ID2.18-ID2.25","ID2.18-ID2.25",null,"Base Cabinets - (2'-8\" H)",{"v":18.29,"d":"18"},{"v":0.1,"d":"10%"},{"v":20.119,"d":"20"},"LF",{"v":92.39999999999999,"d":"$92.4"},{"v":1858.9955999999997,"d":"$1,859.00"},{"v":127.6,"d":"$127.60"},{"v":2567.1843999999996,"d":"$2,567.18"},{"v":220,"d":"$220.0"},{"v":4426.18,"d":"$4,426"}]
[{"$f":"IF(I1459<>\"\",1+MAX($A$6:A1458),\"\")","v":1038},"ID2.18-ID2.25","ID2.18-ID2.25",null,"Base Cabinets - (3'-2\" H)",{"v":13.49,"d":"13"},{"v":0.1,"d":"10%"},{"v":14.839000000000002,"d":"15"},"LF",{"v":95.75999999999999,"d":"$95.8"},{"v":1420.9826400000002,"d":"$1,420.98"},{"v":132.23999999999998,"d":"$132.24"},{"v":1962.30936,"d":"$1,962.31"},{"v":228,"d":"$228.0"},{"v":3383.2920000000004,"d":"$3,383"}]
[{"$f":"IF(I1460<>\"\",1+MAX($A$6:A1459),\"\")","v":1039},"ID2.18-ID2.25","ID2.18-ID2.25",null,"(4) Floating Shelves",{"v":2.99,"d":"3"},{"v":0.1,"d":"10%"},{"v":3.2890000000000006,"d":"3"},"LF",{"v":67.2,"d":"$67.2"},{"v":221.02080000000004,"d":"$221.02"},{"v":92.8,"d":"$92.80"},{"v":305.21920000000006,"d":"$305.22"},{"v":160,"d":"$160.0"},{"v":526.2400000000001,"d":"$526"}]
[{"$f":"IF(I1461<>\"\",1+MAX($A$6:A1460),\"\")","v":""}]
[{"$f":"IF(I1462<>\"\",1+MAX($A$6:A1461),\"\")","v":""},null,null,"DIV. 22","PLUMBING",{"$nulls":10},{"$f":"SUM(O1463:O1498)","v":{"v":45488.287306,"d":"$45,488"}}]
[{"$f":"IF(I1463<>\"\",1+MAX($A$6:A1462),\"\")","v":""}]
[{"$f":"IF(I1464<>\"\",1+MAX($A$6:A1463),\"\")","v":""},{"$nulls":3},"FIXTURES"]
[{"$f":"IF(I1465<>\"\",1+MAX($A$6:A1464),\"\")","v":""},{"$nulls":3},"BASEMENT FLOOR"]
[{"$f":"IF(I1466<>\"\",1+MAX($A$6:A1465),\"\")","v":1040},"A2.5C","A2.5C",null,"Recessed Tile Niche (Bullnose Tile)",3,{"v":0.1,"d":"10%"},{"$f":"F1466*(1+G1466)","v":{"v":3.3000000000000003,"d":"3"}},"LF",{"v":31.28,"d":"$31.3"},{"$f":"J1466*H1466","v":{"v":103.22400000000002,"d":"$103.22"}},{"v":92,"d":"$92.00"},{"$f":"L1466*H1466","v":{"v":303.6,"d":"$303.60"}},{"v":123.28,"d":"$123.3"},{"$f":"N1466*H1466","v":{"v":406.824,"d":"$407"}}]
[{"$f":"IF(I1467<>\"\",1+MAX($A$6:A1466),\"\")","v":1041},"A2.5C","A2.5C",null,"Linear Floor Drain",{"v":6.76,"d":"7"},{"v":0.1,"d":"10%"},{"v":7.436,"d":"7"},"LF",{"v":17.748,"d":"$17.7"},{"$f":"J1467*H1467","v":{"v":131.974128,"d":"$131.97"}},{"v":52.2,"d":"$52.20"},{"$f":"L1467*H1467","v":{"v":388.1592,"d":"$388.16"}},{"v":69.94800000000001,"d":"$69.9"},{"v":520.133328,"d":"$520"}]
[{"$f":"IF(I1468<>\"\",1+MAX($A$6:A1467),\"\")","v":1042},"A2.5C","A2.5C",null,"Adjustable Shower (1.8 GPM @ 80 PSI max.)",2,{"v":0,"d":"0%"},2,"EA",{"v":129.88,"d":"$129.9"},{"v":259.76,"d":"$259.76"},{"v":382,"d":"$382.00"},{"v":764,"d":"$764.00"},{"v":511.88,"d":"$511.9"},{"v":1023.76,"d":"$1,024"}]
[{"$f":"IF(I1469<>\"\",1+MAX($A$6:A1468),\"\")","v":1043},"A2.5C","A2.5C",null,"Shower Fixture Control Valve",2,{"v":0,"d":"0%"},2,"EA",{"v":23.8,"d":"$23.8"},{"v":47.6,"d":"$47.60"},{"v":70,"d":"$70.00"},{"v":140,"d":"$140.00"},{"v":93.8,"d":"$93.8"},{"v":187.6,"d":"$188"}]
[{"$f":"IF(I1470<>\"\",1+MAX($A$6:A1469),\"\")","v":1044},"A2.5C","A2.5C",null,"Utility Sink w/ 1.2 GPM @ 60 PSI Max. Faucet",3,{"v":0,"d":"0%"},3,"EA",{"v":125.12,"d":"$125.1"},{"v":375.36,"d":"$375.36"},{"v":368,"d":"$368.00"},{"v":1104,"d":"$1,104.00"},{"v":493.12,"d":"$493.1"},{"v":1479.3600000000001,"d":"$1,479"}]
[{"$f":"IF(I1471<>\"\",1+MAX($A$6:A1470),\"\")","v":1045},"A2.5C","A2.5C",null,"Water closet w/ 1.28 Gallon Dual Flush Toilet",2,{"v":0,"d":"0%"},2,"EA",{"v":311.1,"d":"$311.1"},{"v":622.2,"d":"$622.20"},{"v":915,"d":"$915.00"},{"v":1830,"d":"$1,830.00"},{"v":1226.1,"d":"$1,226.1"},{"v":2452.2,"d":"$2,452"}]
[{"$f":"IF(I1472<>\"\",1+MAX($A$6:A1471),\"\")","v":1046},"A2.5C","A2.5C",null,"(3'-5 1/2\"x3'-8 1/2\") Shower Enclosure",1,{"v":0,"d":"0%"},1,"EA",{"v":280.82986800000003,"d":"$280.8"},{"v":280.82986800000003,"d":"$280.83"},{"v":825.9702,"d":"$825.97"},{"v":825.9702,"d":"$825.97"},{"v":1106.800068,"d":"$1,106.8"},{"v":1106.800068,"d":"$1,107"}]
[{"$f":"IF(I1473<>\"\",1+MAX($A$6:A1472),\"\")","v":""}]
[{"$f":"IF(I1474<>\"\",1+MAX($A$6:A1473),\"\")","v":""},{"$nulls":3},"GROUND FLOOR"]
[{"$f":"IF(I1475<>\"\",1+MAX($A$6:A1474),\"\")","v":1047},"A2.5C, A2.5D","A2.5C, A2.5D",null,"Recessed Tile Niche (Bullnose Tile)",{"v":2.77,"d":"3"},{"v":0.1,"d":"10%"},{"$f":"F1475*(1+G1475)","v":{"v":3.047,"d":"3"}},"LF",{"v":31.28,"d":"$31.3"},{"$f":"J1475*H1475","v":{"v":95.31016000000001,"d":"$95.31"}},{"v":92,"d":"$92.00"},{"$f":"L1475*H1475","v":{"v":280.324,"d":"$280.32"}},{"v":123.28,"d":"$123.3"},{"$f":"N1475*H1475","v":{"v":375.63416,"d":"$376"}}]
[{"$f":"IF(I1476<>\"\",1+MAX($A$6:A1475),\"\")","v":1048},"A2.5C, A2.5D","A2.5C, A2.5D",null,"Linear Floor Drain",{"v":3.37,"d":"3"},{"v":0.1,"d":"10%"},{"v":3.7070000000000003,"d":"4"},"LF",{"v":17.748,"d":"$17.7"},{"v":65.791836,"d":"$65.79"},{"v":52.2,"d":"$52.20"},{"v":193.50540000000004,"d":"$193.51"},{"v":69.94800000000001,"d":"$69.9"},{"v":259.29723600000005,"d":"$259"}]
[{"$f":"IF(I1477<>\"\",1+MAX($A$6:A1476),\"\")","v":1049},"A2.5C, A2.5D","A2.5C, A2.5D",null,"(34X27) Dryer",1,{"v":0,"d":"0%"},1,"EA",{"v":336,"d":"$336.0"},{"v":336,"d":"$336.00"},{"v":800,"d":"$800.00"},{"v":800,"d":"$800.00"},{"v":1136,"d":"$1,136.0"},{"v":1136,"d":"$1,136"}]
[{"$f":"IF(I1478<>\"\",1+MAX($A$6:A1477),\"\")","v":1050},"A2.5C, A2.5D","A2.5C, A2.5D",null,"(34X27) Washer",1,{"v":0,"d":"0%"},1,"EA",{"v":273,"d":"$273.0"},{"v":273,"d":"$273.00"},{"v":650,"d":"$650.00"},{"v":650,"d":"$650.00"},{"v":923,"d":"$923.0"},{"v":923,"d":"$923"}]
[{"$f":"IF(I1479<>\"\",1+MAX($A$6:A1478),\"\")","v":1051},"A2.5C, A2.5D","A2.5C, A2.5D",null,"30\" Stacked w/d",2,{"v":0,"d":"0%"},2,"EA",{"v":681.0200000000001,"d":"$681.0"},{"v":1362.0400000000002,"d":"$1,362.04"},{"v":2003,"d":"$2,003.00"},{"v":4006,"d":"$4,006.00"},{"v":2684.02,"d":"$2,684.0"},{"v":5368.04,"d":"$5,368"}]
[{"$f":"IF(I1480<>\"\",1+MAX($A$6:A1479),\"\")","v":1052},"A2.5C, A2.5D","A2.5C, A2.5D",null,"Adjustable Shower (1.8 GPM @ 80 PSI max.)",3,{"v":0,"d":"0%"},3,"EA",{"v":129.88,"d":"$129.9"},{"v":389.64,"d":"$389.64"},{"v":382,"d":"$382.00"},{"v":1146,"d":"$1,146.00"},{"v":511.88,"d":"$511.9"},{"v":1535.6399999999999,"d":"$1,536"}]
[{"$f":"IF(I1481<>\"\",1+MAX($A$6:A1480),\"\")","v":1053},"A2.5C, A2.5D","A2.5C, A2.5D",null,"Shower Fixture Control Valve",4,{"v":0,"d":"0%"},4,"EA",{"v":23.8,"d":"$23.8"},{"v":95.2,"d":"$95.20"},{"v":70,"d":"$70.00"},{"v":280,"d":"$280.00"},{"v":93.8,"d":"$93.8"},{"v":375.2,"d":"$375"}]
[{"$f":"IF(I1482<>\"\",1+MAX($A$6:A1481),\"\")","v":1054},"A2.5C, A2.5D","A2.5C, A2.5D",null,"Under Mount Sink w/ 1.2 GPM @ 60 PSI Max. Faucet",3,{"v":0,"d":"0%"},3,"EA",{"v":311.1,"d":"$311.1"},{"v":933.3000000000001,"d":"$933.30"},{"v":915,"d":"$915.00"},{"v":2745,"d":"$2,745.00"},{"v":1226.1,"d":"$1,226.1"},{"v":3678.2999999999997,"d":"$3,678"}]
[{"$f":"IF(I1483<>\"\",1+MAX($A$6:A1482),\"\")","v":1055},"A2.5C, A2.5D","A2.5C, A2.5D",null,"Utility Sink w/ 1.2 GPM @ 60 PSI Max. Faucet",2,{"v":0,"d":"0%"},2,"EA",{"v":125.12,"d":"$125.1"},{"v":250.24,"d":"$250.24"},{"v":368,"d":"$368.00"},{"v":736,"d":"$736.00"},{"v":493.12,"d":"$493.1"},{"v":986.24,"d":"$986"}]
[{"$f":"IF(I1484<>\"\",1+MAX($A$6:A1483),\"\")","v":1056},"A2.5C, A2.5D","A2.5C, A2.5D",null,"Water closet w/ 1.28 Gallon Dual Flush Toilet",3,{"v":0,"d":"0%"},3,"EA",{"v":311.1,"d":"$311.1"},{"v":933.3000000000001,"d":"$933.30"},{"v":915,"d":"$915.00"},{"v":2745,"d":"$2,745.00"},{"v":1226.1,"d":"$1,226.1"},{"v":3678.2999999999997,"d":"$3,678"}]
[{"$f":"IF(I1485<>\"\",1+MAX($A$6:A1484),\"\")","v":""}]
[{"$f":"IF(I1486<>\"\",1+MAX($A$6:A1485),\"\")","v":""},{"$nulls":3},"2ND FLOOR"]
[{"$f":"IF(I1487<>\"\",1+MAX($A$6:A1486),\"\")","v":1057},"A2.5C","A2.5C",null,"Recessed Tile Niche (Bullnose Tile)",{"v":7.64,"d":"8"},{"v":0.1,"d":"10%"},{"$f":"F1487*(1+G1487)","v":{"v":8.404,"d":"8"}},"LF",{"v":31.28,"d":"$31.3"},{"$f":"J1487*H1487","v":{"v":262.87712,"d":"$262.88"}},{"v":92,"d":"$92.00"},{"$f":"L1487*H1487","v":{"v":773.168,"d":"$773.17"}},{"v":123.28,"d":"$123.3"},{"$f":"N1487*H1487","v":{"v":1036.04512,"d":"$1,036"}}]
[{"$f":"IF(I1488<>\"\",1+MAX($A$6:A1487),\"\")","v":1058},"A2.5C","A2.5C",null,"Linear Floor Drain",{"v":3.38,"d":"3"},{"v":0.1,"d":"10%"},{"v":3.718,"d":"4"},"LF",{"v":17.748,"d":"$17.7"},{"$f":"J1488*H1488","v":{"v":65.987064,"d":"$65.99"}},{"v":52.2,"d":"$52.20"},{"$f":"L1488*H1488","v":{"v":194.0796,"d":"$194.08"}},{"v":69.94800000000001,"d":"$69.9"},{"v":260.066664,"d":"$260"}]
[{"$f":"IF(I1489<>\"\",1+MAX($A$6:A1488),\"\")","v":1059},"A2.5C","A2.5C",null,"(3'-0\"x3'-10\") Shower Enclosure",1,{"v":0,"d":"0%"},1,"EA",{"v":257.83560000000006,"d":"$257.8"},{"v":257.83560000000006,"d":"$257.84"},{"v":758.34,"d":"$758.34"},{"v":758.34,"d":"$758.34"},{"v":1016.1756,"d":"$1,016.2"},{"v":1016.1756,"d":"$1,016"}]
[{"$f":"IF(I1490<>\"\",1+MAX($A$6:A1489),\"\")","v":1060},"A2.5C","A2.5C",null,"(3'-8\"x2'-8\") Free Standing Bath Tub",1,{"v":0,"d":"0%"},1,"EA",{"v":682.98333,"d":"$683.0"},{"v":682.98333,"d":"$682.98"},{"v":2008.7745,"d":"$2,008.77"},{"v":2008.7745,"d":"$2,008.77"},{"v":2691.75783,"d":"$2,691.8"},{"v":2691.75783,"d":"$2,692"}]
[{"$f":"IF(I1491<>\"\",1+MAX($A$6:A1490),\"\")","v":1061},"A2.5C","A2.5C",null,"(4'-0\"x5'-1 1/2\") Shower Enclosure",1,{"v":0,"d":"0%"},1,"EA",{"v":455.98080000000004,"d":"$456.0"},{"$f":"J1491*H1491","v":{"v":455.98080000000004,"d":"$455.98"}},{"v":1341.1200000000001,"d":"$1,341.12"},{"$f":"L1491*H1491","v":{"v":1341.1200000000001,"d":"$1,341.12"}},{"v":1797.1008000000002,"d":"$1,797.1"},{"v":1797.1008000000002,"d":"$1,797"}]
[{"$f":"IF(I1492<>\"\",1+MAX($A$6:A1491),\"\")","v":1062},"A2.5C","A2.5C",null,"(9'-3\"X4'-9\") Shower Enclosure",1,{"v":0,"d":"0%"},1,"EA",{"v":985.9575000000001,"d":"$986.0"},{"v":985.9575000000001,"d":"$985.96"},{"v":2899.875,"d":"$2,899.88"},{"v":2899.875,"d":"$2,899.88"},{"v":3885.8325,"d":"$3,885.8"},{"v":3885.8325,"d":"$3,886"}]
[{"$f":"IF(I1493<>\"\",1+MAX($A$6:A1492),\"\")","v":1063},"A2.5C","A2.5C",null,"Adjustable Shower (1.8 GPM @ 80 PSI max.)",6,{"v":0,"d":"0%"},6,"EA",{"v":129.88,"d":"$129.9"},{"v":779.28,"d":"$779.28"},{"v":382,"d":"$382.00"},{"v":2292,"d":"$2,292.00"},{"v":511.88,"d":"$511.9"},{"v":3071.2799999999997,"d":"$3,071"}]
[{"$f":"IF(I1494<>\"\",1+MAX($A$6:A1493),\"\")","v":1064},"A2.5C","A2.5C",null,"Rain Shower 2.0 GPM @ 80 PSI Max.",1,{"v":0,"d":"0%"},1,"EA",{"v":53.720000000000006,"d":"$53.7"},{"v":53.720000000000006,"d":"$53.72"},{"v":158,"d":"$158.00"},{"v":158,"d":"$158.00"},{"v":211.72,"d":"$211.7"},{"v":211.72,"d":"$212"}]
[{"$f":"IF(I1495<>\"\",1+MAX($A$6:A1494),\"\")","v":1065},"A2.5C","A2.5C",null,"Shower Fixture Control Valve",4,{"v":0,"d":"0%"},4,"EA",{"v":23.8,"d":"$23.8"},{"v":95.2,"d":"$95.20"},{"v":70,"d":"$70.00"},{"v":280,"d":"$280.00"},{"v":93.8,"d":"$93.8"},{"v":375.2,"d":"$375"}]
[{"$f":"IF(I1496<>\"\",1+MAX($A$6:A1495),\"\")","v":1066},"A2.5C","A2.5C",null,"Utility Sink w/ 1.2 GPM @ 60 PSI Max. Faucet",4,{"v":0,"d":"0%"},4,"EA",{"v":125.12,"d":"$125.1"},{"v":500.48,"d":"$500.48"},{"v":368,"d":"$368.00"},{"v":1472,"d":"$1,472.00"},{"v":493.12,"d":"$493.1"},{"v":1972.48,"d":"$1,972"}]
[{"$f":"IF(I1497<>\"\",1+MAX($A$6:A1496),\"\")","v":1067},"A2.5C","A2.5C",null,"Water closet w/ 1.28 Gallon Dual Flush Toilet",3,{"v":0,"d":"0%"},3,"EA",{"v":311.1,"d":"$311.1"},{"v":933.3000000000001,"d":"$933.30"},{"v":915,"d":"$915.00"},{"v":2745,"d":"$2,745.00"},{"v":1226.1,"d":"$1,226.1"},{"v":3678.2999999999997,"d":"$3,678"}]
[{"$f":"IF(I1498<>\"\",1+MAX($A$6:A1497),\"\")","v":""}]
[{"$f":"IF(I1499<>\"\",1+MAX($A$6:A1498),\"\")","v":""},null,null,"DIV. 23","HEAT VENTILATION & AIR CONDITIONING",{"$nulls":10},{"$f":"SUM(O1501:O1627)","v":{"v":114218.706,"d":"$114,219"}}]
[{"$f":"IF(I1500<>\"\",1+MAX($A$6:A1499),\"\")","v":""}]
[{"$f":"IF(I1501<>\"\",1+MAX($A$6:A1500),\"\")","v":""},{"$nulls":3},"BASEMENT"]
[{"$f":"IF(I1502<>\"\",1+MAX($A$6:A1501),\"\")","v":""},{"$nulls":3},"EXHAUST DUCT"]
[{"$f":"IF(I1503<>\"\",1+MAX($A$6:A1502),\"\")","v":1068},"M2.1","M2.1",null,"6\" Dia Exhaust Air Duct",{"v":14.71,"d":"15"},{"v":0.1,"d":"10%"},{"$f":"F1503*(1+G1503)","v":{"v":16.181,"d":"16"}},"LF",{"v":4.62,"d":"$4.6"},{"$f":"J1503*H1503","v":{"v":74.75622,"d":"$74.76"}},{"v":6.38,"d":"$6.38"},{"$f":"L1503*H1503","v":{"v":103.23478,"d":"$103.23"}},{"v":11,"d":"$11.0"},{"$f":"N1503*H1503","v":{"v":177.991,"d":"$178"}}]
[{"$f":"IF(I1504<>\"\",1+MAX($A$6:A1503),\"\")","v":1069},"M2.1","M2.1",null,"4\" Dia Rigid Metal Dryer Exhaust Vent",{"v":13.37,"d":"13"},{"v":0.1,"d":"10%"},{"v":14.707,"d":"15"},"LF",{"v":3.78,"d":"$3.8"},{"v":55.59246,"d":"$55.59"},{"v":5.22,"d":"$5.22"},{"v":76.77054,"d":"$76.77"},{"v":9,"d":"$9.0"},{"v":132.363,"d":"$132"}]
[{"$f":"IF(I1505<>\"\",1+MAX($A$6:A1504),\"\")","v":""}]
[{"$f":"IF(I1506<>\"\",1+MAX($A$6:A1505),\"\")","v":""},{"$nulls":3},"RETURN DUCT"]
[{"$f":"IF(I1507<>\"\",1+MAX($A$6:A1506),\"\")","v":1070},"M2.1","M2.1",null,"8\" Dia Return Duct",{"v":16.96,"d":"17"},{"v":0.1,"d":"10%"},{"$f":"F1507*(1+G1507)","v":{"v":18.656000000000002,"d":"19"}},"LF",{"v":6.3,"d":"$6.3"},{"$f":"J1507*H1507","v":{"v":117.53280000000001,"d":"$117.53"}},{"v":8.7,"d":"$8.70"},{"$f":"L1507*H1507","v":{"v":162.3072,"d":"$162.31"}},{"v":15,"d":"$15.0"},{"$f":"N1507*H1507","v":{"v":279.84000000000003,"d":"$280"}}]
[{"$f":"IF(I1508<>\"\",1+MAX($A$6:A1507),\"\")","v":1071},"M2.1","M2.1",null,"10\" Dia Return Supply",{"v":16.91,"d":"17"},{"v":0.1,"d":"10%"},{"v":18.601000000000003,"d":"19"},"LF",{"v":7.9799999999999995,"d":"$8.0"},{"v":148.43598,"d":"$148.44"},{"v":11.02,"d":"$11.02"},{"v":204.98302,"d":"$204.98"},{"v":19,"d":"$19.0"},{"v":353.41900000000004,"d":"$353"}]
[{"$f":"IF(I1509<>\"\",1+MAX($A$6:A1508),\"\")","v":""}]
[{"$f":"IF(I1510<>\"\",1+MAX($A$6:A1509),\"\")","v":""},{"$nulls":3},"SUPPLY DUCT"]
[{"$f":"IF(I1511<>\"\",1+MAX($A$6:A1510),\"\")","v":1072},"M2.1","M2.1",null,"6\" Dia Supply Duct",{"v":26.29,"d":"26"},{"v":0.1,"d":"10%"},{"$f":"F1511*(1+G1511)","v":{"v":28.919,"d":"29"}},"LF",{"v":4.62,"d":"$4.6"},{"$f":"J1511*H1511","v":{"v":133.60578,"d":"$133.61"}},{"v":6.38,"d":"$6.38"},{"$f":"L1511*H1511","v":{"v":184.50322,"d":"$184.50"}},{"v":11,"d":"$11.0"},{"$f":"N1511*H1511","v":{"v":318.109,"d":"$318"}}]
[{"$f":"IF(I1512<>\"\",1+MAX($A$6:A1511),\"\")","v":1073},"M2.1","M2.1",null,"8\" Dia Supply Duct",{"v":26.75,"d":"27"},{"v":0.1,"d":"10%"},{"v":29.425,"d":"29"},"LF",{"v":6.3,"d":"$6.3"},{"v":185.3775,"d":"$185.38"},{"v":8.7,"d":"$8.70"},{"v":255.99749999999997,"d":"$256.00"},{"v":15,"d":"$15.0"},{"v":441.375,"d":"$441"}]
[{"$f":"IF(I1513<>\"\",1+MAX($A$6:A1512),\"\")","v":1074},"M2.1","M2.1",null,"10\" Dia Supply Duct",{"v":30.24,"d":"30"},{"v":0.1,"d":"10%"},{"v":33.264,"d":"33"},"LF",{"v":7.9799999999999995,"d":"$8.0"},{"v":265.44672,"d":"$265.45"},{"v":11.02,"d":"$11.02"},{"v":366.56928,"d":"$366.57"},{"v":19,"d":"$19.0"},{"v":632.0160000000001,"d":"$632"}]
[{"$f":"IF(I1514<>\"\",1+MAX($A$6:A1513),\"\")","v":1075},"M2.1","M2.1",null,"New Insulated 12\"x24\"x12\" (LxWxH) Return Air Plenum",{"$f":"2*10","v":20},{"v":0.1,"d":"10%"},{"$f":"F1514*(1+G1514)","v":22},"LF",{"v":100,"d":"$100.0"},{"$f":"J1514*H1514","v":{"v":2200,"d":"$2,200.00"}},{"v":80,"d":"$80.00"},{"$f":"L1514*H1514","v":{"v":1760,"d":"$1,760.00"}},{"v":180,"d":"$180.0"},{"$f":"N1514*H1514","v":{"v":3960,"d":"$3,960"}}]
[{"$f":"IF(I1515<>\"\",1+MAX($A$6:A1514),\"\")","v":1076},"M2.1","M2.1",null,"New Insulated 12\"x24\"x12\" (LxWxH) Supply Air Plenum",{"$f":"2*10","v":20},{"v":0.1,"d":"10%"},{"$f":"F1515*(1+G1515)","v":22},"LF",{"v":100,"d":"$100.0"},{"$f":"J1515*H1515","v":{"v":2200,"d":"$2,200.00"}},{"v":80,"d":"$80.00"},{"$f":"L1515*H1515","v":{"v":1760,"d":"$1,760.00"}},{"v":180,"d":"$180.0"},{"$f":"N1515*H1515","v":{"v":3960,"d":"$3,960"}}]
[{"$f":"IF(I1516<>\"\",1+MAX($A$6:A1515),\"\")","v":""}]
[{"$f":"IF(I1517<>\"\",1+MAX($A$6:A1516),\"\")","v":""},{"$nulls":3},"HVAC FIXTURES / EQUIPMENTS"]
[{"$f":"IF(I1518<>\"\",1+MAX($A$6:A1517),\"\")","v":1077},"M0.1","M2.1",null,"FCU1 - Fan Coil Unit, CFM:150, Weight: 60 LBS, Manufacturer: Carrier 40VMM007A",1,{"v":0,"d":"0%"},{"$f":"F1518*(1+G1518)","v":1},"EA",{"v":735,"d":"$735.0"},{"$f":"J1518*H1518","v":{"v":735,"d":"$735.00"}},{"v":1750,"d":"$1,750.00"},{"$f":"L1518*H1518","v":{"v":1750,"d":"$1,750.00"}},{"v":2485,"d":"$2,485.0"},{"$f":"N1518*H1518","v":{"v":2485,"d":"$2,485"}}]
[{"$f":"IF(I1519<>\"\",1+MAX($A$6:A1518),\"\")","v":1078},"M0.1","M2.1",null,"FCU2 - Fan Coil Unit, CFM:390, Weight: 120 LBS, Manufacturer: Carrier 40VMM015A",1,{"v":0,"d":"0%"},1,"EA",{"v":1218,"d":"$1,218.0"},{"v":1218,"d":"$1,218.00"},{"v":2900,"d":"$2,900.00"},{"v":2900,"d":"$2,900.00"},{"v":4118,"d":"$4,118.0"},{"v":4118,"d":"$4,118"}]
[{"$f":"IF(I1520<>\"\",1+MAX($A$6:A1519),\"\")","v":1079},"M0.1","M2.1",null,"FCU3 - Fan Coil Unit, CFM:70, Weight: 60 LBS, Manufacturer: Carrier 40VMI005",1,{"v":0,"d":"0%"},1,"EA",{"v":462,"d":"$462.0"},{"$f":"J1520*H1520","v":{"v":462,"d":"$462.00"}},{"v":1100,"d":"$1,100.00"},{"$f":"L1520*H1520","v":{"v":1100,"d":"$1,100.00"}},{"v":1562,"d":"$1,562.0"},{"v":1562,"d":"$1,562"}]
[{"$f":"IF(I1521<>\"\",1+MAX($A$6:A1520),\"\")","v":1080},"M0.1","M2.1",null,"CD-1 - (10\"x6\") Air Distribution, CFM: 195, Manufacturer: TITUS 301",2,{"v":0,"d":"0%"},2,"EA",{"v":23.099999999999998,"d":"$23.1"},{"v":46.199999999999996,"d":"$46.20"},{"v":55,"d":"$55.00"},{"v":110,"d":"$110.00"},{"v":78.1,"d":"$78.1"},{"v":156.2,"d":"$156"}]
[{"$f":"IF(I1522<>\"\",1+MAX($A$6:A1521),\"\")","v":1081},"M0.1","M2.1",null,"WRG-3 - (24\"x6\") Air Distribution, CFM: 390, Manufacturer: TITUS 350",1,{"v":0,"d":"0%"},1,"EA",{"v":33.6,"d":"$33.6"},{"v":33.6,"d":"$33.60"},{"v":80,"d":"$80.00"},{"v":80,"d":"$80.00"},{"v":113.6,"d":"$113.6"},{"v":113.6,"d":"$114"}]
[{"$f":"IF(I1523<>\"\",1+MAX($A$6:A1522),\"\")","v":1082},"M0.1","M2.1",null,"WSG-1 - (10\"x6\") Air Distribution, CFM: 110, Manufacturer: TITUS 301",1,{"v":0,"d":"0%"},1,"EA",{"v":13.44,"d":"$13.4"},{"v":13.44,"d":"$13.44"},{"v":32,"d":"$32.00"},{"v":32,"d":"$32.00"},{"v":45.44,"d":"$45.4"},{"v":45.44,"d":"$45"}]
[{"$f":"IF(I1524<>\"\",1+MAX($A$6:A1523),\"\")","v":1083},"M0.1","M2.1",null,"WSG-1 - (10\"x6\") Air Distribution, CFM: 50, Manufacturer: TITUS 301",1,{"v":0,"d":"0%"},1,"EA",{"v":8.4,"d":"$8.4"},{"v":8.4,"d":"$8.40"},{"v":20,"d":"$20.00"},{"v":20,"d":"$20.00"},{"v":28.4,"d":"$28.4"},{"v":28.4,"d":"$28"}]
[{"$f":"IF(I1525<>\"\",1+MAX($A$6:A1524),\"\")","v":1084},"M0.1","M2.1",null,"WRG-2 - (14\"x6\") Air Distribution, CFM: 110, Manufacturer: TITUS 350",1,{"v":0,"d":"0%"},1,"EA",{"v":15.12,"d":"$15.1"},{"$f":"J1525*H1525","v":{"v":15.12,"d":"$15.12"}},{"v":36,"d":"$36.00"},{"$f":"L1525*H1525","v":{"v":36,"d":"$36.00"}},{"v":51.12,"d":"$51.1"},{"v":51.12,"d":"$51"}]
[{"$f":"IF(I1526<>\"\",1+MAX($A$6:A1525),\"\")","v":1085},"M0.1","M2.1",null,"WRG-1 - (10\"x6\") Air Distribution, CFM: 50, Manufacturer: TITUS 350",1,{"v":0,"d":"0%"},1,"EA",{"v":8.4,"d":"$8.4"},{"v":8.4,"d":"$8.40"},{"v":20,"d":"$20.00"},{"v":20,"d":"$20.00"},{"v":28.4,"d":"$28.4"},{"v":28.4,"d":"$28"}]
[{"$f":"IF(I1527<>\"\",1+MAX($A$6:A1526),\"\")","v":1086},"M0.1","M2.1",null,"EF-1 - Exhaust Fan, Voltage: 115V, Phase: 1PH, CFM: 61, Manufacturer: Green Heck",1,{"v":0,"d":"0%"},1,"EA",{"v":84,"d":"$84.0"},{"$f":"J1527*H1527","v":{"v":84,"d":"$84.00"}},{"v":200,"d":"$200.00"},{"$f":"L1527*H1527","v":{"v":200,"d":"$200.00"}},{"v":284,"d":"$284.0"},{"v":284,"d":"$284"}]
[{"$f":"IF(I1528<>\"\",1+MAX($A$6:A1527),\"\")","v":1087},"M0.1","M2.1",null,"EF-2 - Exhaust Fan, Voltage: 115V, Phase: 1PH, CFM: 115, Manufacturer: Green Heck",2,{"v":0,"d":"0%"},2,"EA",{"v":122.64,"d":"$122.6"},{"v":245.28,"d":"$245.28"},{"v":292,"d":"$292.00"},{"v":584,"d":"$584.00"},{"v":414.64,"d":"$414.6"},{"v":829.28,"d":"$829"}]
[{"$f":"IF(I1529<>\"\",1+MAX($A$6:A1528),\"\")","v":1088},"M2.1","M2.1",null,"Backdraft Damper",1,{"v":0,"d":"0%"},1,"EA",{"v":24.36,"d":"$24.4"},{"v":24.36,"d":"$24.36"},{"v":58,"d":"$58.00"},{"v":58,"d":"$58.00"},{"v":82.36,"d":"$82.4"},{"v":82.36,"d":"$82"}]
[{"$f":"IF(I1530<>\"\",1+MAX($A$6:A1529),\"\")","v":1089},"M0.1","M0.1",null,"HP1 - Heat Pump Unit, Cooling Capacity: 60 MBH, Heating Capacity: 66 MBH, Weight: 265 LBS, Manufacturer: Carrier 38VMB060HDS3",1,{"v":0,"d":"0%"},1,"EA",{"v":2155.44,"d":"$2,155.4"},{"v":2155.44,"d":"$2,155.44"},{"v":5132,"d":"$5,132.00"},{"v":5132,"d":"$5,132.00"},{"v":7287.4400000000005,"d":"$7,287.4"},{"v":7287.4400000000005,"d":"$7,287"}]
[{"$f":"IF(I1531<>\"\",1+MAX($A$6:A1530),\"\")","v":1090},"M0.1","M0.1",null,"HP2 - Heat Pump Unit, Cooling Capacity: 60 MBH, Heating Capacity: 66 MBH, Weight: 265 LBS, Manufacturer: Carrier 38VMB060HDS3",1,{"v":0,"d":"0%"},1,"EA",{"v":2155.44,"d":"$2,155.4"},{"$f":"J1531*H1531","v":{"v":2155.44,"d":"$2,155.44"}},{"v":5132,"d":"$5,132.00"},{"$f":"L1531*H1531","v":{"v":5132,"d":"$5,132.00"}},{"v":7287.4400000000005,"d":"$7,287.4"},{"v":7287.4400000000005,"d":"$7,287"}]
[{"$f":"IF(I1532<>\"\",1+MAX($A$6:A1531),\"\")","v":""}]
[{"$f":"IF(I1533<>\"\",1+MAX($A$6:A1532),\"\")","v":""},{"$nulls":3},"FITTING"]
[{"$f":"IF(I1534<>\"\",1+MAX($A$6:A1533),\"\")","v":1091},"M2.1","M2.1",null,"8\" To 6\" Dia Reducing Wye",1,{"v":0,"d":"0%"},{"$f":"F1534*(1+G1534)","v":1},"EA",{"v":27,"d":"$27.0"},{"$f":"J1534*H1534","v":{"v":27,"d":"$27.00"}},{"v":48,"d":"$48.00"},{"$f":"L1534*H1534","v":{"v":48,"d":"$48.00"}},{"v":75,"d":"$75.0"},{"$f":"N1534*H1534","v":{"v":75,"d":"$75"}}]
[{"$f":"IF(I1535<>\"\",1+MAX($A$6:A1534),\"\")","v":1092},"M2.1","M2.1",null,"10\" To 8\" Dia Reducing Wye",1,{"v":0,"d":"0%"},1,"EA",{"v":30,"d":"$30.0"},{"v":30,"d":"$30.00"},{"v":55,"d":"$55.00"},{"v":55,"d":"$55.00"},{"v":85,"d":"$85.0"},{"v":85,"d":"$85"}]
[{"$f":"IF(I1536<>\"\",1+MAX($A$6:A1535),\"\")","v":1093},"M2.1","M2.1",null,"10\" Dia Wye",3,{"v":0,"d":"0%"},3,"EA",{"v":24.7,"d":"$24.7"},{"v":74.1,"d":"$74.10"},{"v":38,"d":"$38.00"},{"v":114,"d":"$114.00"},{"v":62.7,"d":"$62.7"},{"v":188.10000000000002,"d":"$188"}]
[{"$f":"IF(I1537<>\"\",1+MAX($A$6:A1536),\"\")","v":1094},"M2.1","M2.1",null,"4\" Dia Wye",1,{"v":0,"d":"0%"},1,"EA",{"v":24.7,"d":"$24.7"},{"$f":"J1537*H1537","v":{"v":24.7,"d":"$24.70"}},{"v":38,"d":"$38.00"},{"$f":"L1537*H1537","v":{"v":38,"d":"$38.00"}},{"v":62.7,"d":"$62.7"},{"v":62.7,"d":"$63"}]
[{"$f":"IF(I1538<>\"\",1+MAX($A$6:A1537),\"\")","v":1095},"M2.1","M2.1",null,"6\" Dia Wye",3,{"v":0,"d":"0%"},3,"EA",{"v":26,"d":"$26.0"},{"v":78,"d":"$78.00"},{"v":44,"d":"$44.00"},{"v":132,"d":"$132.00"},{"v":70,"d":"$70.0"},{"v":210,"d":"$210"}]
[{"$f":"IF(I1539<>\"\",1+MAX($A$6:A1538),\"\")","v":1096},"M2.1","M2.1",null,"8\" Dia Wye",2,{"v":0,"d":"0%"},2,"EA",{"v":27,"d":"$27.0"},{"v":54,"d":"$54.00"},{"v":48,"d":"$48.00"},{"v":96,"d":"$96.00"},{"v":75,"d":"$75.0"},{"v":150,"d":"$150"}]
[{"$f":"IF(I1540<>\"\",1+MAX($A$6:A1539),\"\")","v":""}]
[{"$f":"IF(I1541<>\"\",1+MAX($A$6:A1540),\"\")","v":""},{"$nulls":3},"GROUND FLOOR"]
[{"$f":"IF(I1542<>\"\",1+MAX($A$6:A1541),\"\")","v":""},{"$nulls":3},"EXHAUST DUCT"]
[{"$f":"IF(I1543<>\"\",1+MAX($A$6:A1542),\"\")","v":1097},"M2.2","M2.2",null,"6\" Dia Exhaust Air Duct",{"v":52.48,"d":"52"},{"v":0.1,"d":"10%"},{"$f":"F1543*(1+G1543)","v":{"v":57.728,"d":"58"}},"LF",{"v":4.62,"d":"$4.6"},{"$f":"J1543*H1543","v":{"v":266.70336000000003,"d":"$266.70"}},{"v":6.38,"d":"$6.38"},{"$f":"L1543*H1543","v":{"v":368.30464,"d":"$368.30"}},{"v":11,"d":"$11.0"},{"$f":"N1543*H1543","v":{"v":635.008,"d":"$635"}}]
[{"$f":"IF(I1544<>\"\",1+MAX($A$6:A1543),\"\")","v":1098},"M2.2","M2.2",null,"4\" Dia Rigid Metal Dryer Exhaust Vent",{"v":9.84,"d":"10"},{"v":0.1,"d":"10%"},{"v":10.824,"d":"11"},"LF",{"v":3.78,"d":"$3.8"},{"$f":"J1544*H1544","v":{"v":40.914719999999996,"d":"$40.91"}},{"v":5.22,"d":"$5.22"},{"$f":"L1544*H1544","v":{"v":56.501279999999994,"d":"$56.50"}},{"v":9,"d":"$9.0"},{"v":97.416,"d":"$97"}]
[{"$f":"IF(I1545<>\"\",1+MAX($A$6:A1544),\"\")","v":1099},"M2.2","M2.2",null,"6\" Dia Exhaust Air Riser Thru Roof",{"$f":"1*10","v":10},{"v":0.1,"d":"10%"},11,"LF",{"v":4.62,"d":"$4.6"},{"v":50.82,"d":"$50.82"},{"v":6.38,"d":"$6.38"},{"v":70.17999999999999,"d":"$70.18"},{"v":11,"d":"$11.0"},{"v":121,"d":"$121"}]
[{"$f":"IF(I1546<>\"\",1+MAX($A$6:A1545),\"\")","v":""}]
[{"$f":"IF(I1547<>\"\",1+MAX($A$6:A1546),\"\")","v":""},{"$nulls":3},"RETURN DUCT"]
[{"$f":"IF(I1548<>\"\",1+MAX($A$6:A1547),\"\")","v":1100},"M2.2","M2.2",null,"8\" Dia Return Duct",{"v":9.19,"d":"9"},{"v":0.1,"d":"10%"},{"$f":"F1548*(1+G1548)","v":{"v":10.109,"d":"10"}},"LF",{"v":6.3,"d":"$6.3"},{"$f":"J1548*H1548","v":{"v":63.686699999999995,"d":"$63.69"}},{"v":8.7,"d":"$8.70"},{"$f":"L1548*H1548","v":{"v":87.94829999999999,"d":"$87.95"}},{"v":15,"d":"$15.0"},{"$f":"N1548*H1548","v":{"v":151.635,"d":"$152"}}]
[{"$f":"IF(I1549<>\"\",1+MAX($A$6:A1548),\"\")","v":1101},"M2.2","M2.2",null,"10\" Dia Return Supply",{"v":13.73,"d":"14"},{"v":0.1,"d":"10%"},{"v":15.103000000000002,"d":"15"},"LF",{"v":7.9799999999999995,"d":"$8.0"},{"v":120.52194,"d":"$120.52"},{"v":11.02,"d":"$11.02"},{"v":166.43506000000002,"d":"$166.44"},{"v":19,"d":"$19.0"},{"v":286.95700000000005,"d":"$287"}]
[{"$f":"IF(I1550<>\"\",1+MAX($A$6:A1549),\"\")","v":1102},"M2.2","M2.2",null,"12\" Dia Return Supply",{"v":2.24,"d":"2"},{"v":0.1,"d":"10%"},{"v":2.4640000000000004,"d":"2"},"LF",{"v":9.24,"d":"$9.2"},{"v":22.767360000000004,"d":"$22.77"},{"v":12.76,"d":"$12.76"},{"v":31.440640000000005,"d":"$31.44"},{"v":22,"d":"$22.0"},{"v":54.20800000000001,"d":"$54"}]
[{"$f":"IF(I1551<>\"\",1+MAX($A$6:A1550),\"\")","v":""}]
[{"$f":"IF(I1552<>\"\",1+MAX($A$6:A1551),\"\")","v":""},{"$nulls":3},"SUPPLY DUCT"]
[{"$f":"IF(I1553<>\"\",1+MAX($A$6:A1552),\"\")","v":1103},"M2.2","M2.2",null,"6\" Dia Supply Duct",{"v":6.98,"d":"7"},{"v":0.1,"d":"10%"},{"$f":"F1553*(1+G1553)","v":{"v":7.678000000000001,"d":"8"}},"LF",{"v":4.62,"d":"$4.6"},{"$f":"J1553*H1553","v":{"v":35.47236,"d":"$35.47"}},{"v":6.38,"d":"$6.38"},{"$f":"L1553*H1553","v":{"v":48.985640000000004,"d":"$48.99"}},{"v":11,"d":"$11.0"},{"$f":"N1553*H1553","v":{"v":84.45800000000001,"d":"$84"}}]
[{"$f":"IF(I1554<>\"\",1+MAX($A$6:A1553),\"\")","v":1104},"M2.2","M2.2",null,"8\" Dia Supply Duct",{"v":55.03,"d":"55"},{"v":0.1,"d":"10%"},{"v":60.53300000000001,"d":"61"},"LF",{"v":6.3,"d":"$6.3"},{"$f":"J1554*H1554","v":{"v":381.35790000000003,"d":"$381.36"}},{"v":8.7,"d":"$8.70"},{"$f":"L1554*H1554","v":{"v":526.6371,"d":"$526.64"}},{"v":15,"d":"$15.0"},{"v":907.9950000000001,"d":"$908"}]
[{"$f":"IF(I1555<>\"\",1+MAX($A$6:A1554),\"\")","v":1105},"M2.2","M2.2",null,"10\" Dia Supply Duct",{"v":38.71,"d":"39"},{"v":0.1,"d":"10%"},{"v":42.581,"d":"43"},"LF",{"v":7.9799999999999995,"d":"$8.0"},{"v":339.79638,"d":"$339.80"},{"v":11.02,"d":"$11.02"},{"v":469.24262,"d":"$469.24"},{"v":19,"d":"$19.0"},{"v":809.0390000000001,"d":"$809"}]
[{"$f":"IF(I1556<>\"\",1+MAX($A$6:A1555),\"\")","v":1106},"M2.2","M2.2",null,"New Insulated 12\"x24\"x12\" (LxWxH) Return Air Plenum",{"$f":"6*10","v":60},{"v":0.1,"d":"10%"},{"$f":"F1556*(1+G1556)","v":66},"LF",{"v":100,"d":"$100.0"},{"$f":"J1556*H1556","v":{"v":6600,"d":"$6,600.00"}},{"v":80,"d":"$80.00"},{"$f":"L1556*H1556","v":{"v":5280,"d":"$5,280.00"}},{"v":180,"d":"$180.0"},{"$f":"N1556*H1556","v":{"v":11880,"d":"$11,880"}}]
[{"$f":"IF(I1557<>\"\",1+MAX($A$6:A1556),\"\")","v":1107},"M2.2","M2.2",null,"New Insulated 12\"x24\"x12\" (LxWxH) Supply Air Plenum",{"$f":"6*10","v":60},{"v":0.1,"d":"10%"},{"$f":"F1557*(1+G1557)","v":66},"LF",{"v":100,"d":"$100.0"},{"$f":"J1557*H1557","v":{"v":6600,"d":"$6,600.00"}},{"v":80,"d":"$80.00"},{"$f":"L1557*H1557","v":{"v":5280,"d":"$5,280.00"}},{"v":180,"d":"$180.0"},{"$f":"N1557*H1557","v":{"v":11880,"d":"$11,880"}}]
[{"$f":"IF(I1558<>\"\",1+MAX($A$6:A1557),\"\")","v":""}]
[{"$f":"IF(I1559<>\"\",1+MAX($A$6:A1558),\"\")","v":""},{"$nulls":3},"HVAC FIXTURES / EQUIPMENTS"]
[{"$f":"IF(I1560<>\"\",1+MAX($A$6:A1559),\"\")","v":1108},"M0.1","M2.2",null,"FCU4 - Fan Coil Unit, CFM:250, Weight: 90 LBS, Manufacturer: Carrier 40VMM012A",1,{"v":0,"d":"0%"},{"$f":"F1560*(1+G1560)","v":1},"EA",{"v":924,"d":"$924.0"},{"$f":"J1560*H1560","v":{"v":924,"d":"$924.00"}},{"v":2200,"d":"$2,200.00"},{"$f":"L1560*H1560","v":{"v":2200,"d":"$2,200.00"}},{"v":3124,"d":"$3,124.0"},{"$f":"N1560*H1560","v":{"v":3124,"d":"$3,124"}}]
[{"$f":"IF(I1561<>\"\",1+MAX($A$6:A1560),\"\")","v":1109},"M0.1","M2.2",null,"FCU5 - Fan Coil Unit, CFM:115, Weight: 60 LBS, Manufacturer: Carrier 40VMM007A",1,{"v":0,"d":"0%"},1,"EA",{"v":588,"d":"$588.0"},{"v":588,"d":"$588.00"},{"v":1400,"d":"$1,400.00"},{"v":1400,"d":"$1,400.00"},{"v":1988,"d":"$1,988.0"},{"v":1988,"d":"$1,988"}]
[{"$f":"IF(I1562<>\"\",1+MAX($A$6:A1561),\"\")","v":1110},"M0.1","M2.2",null,"FCU6 - Fan Coil Unit, CFM:280, Weight: 60 LBS, Manufacturer: Carrier 40VMM009A",1,{"v":0,"d":"0%"},1,"EA",{"v":1029,"d":"$1,029.0"},{"$f":"J1562*H1562","v":{"v":1029,"d":"$1,029.00"}},{"v":2450,"d":"$2,450.00"},{"$f":"L1562*H1562","v":{"v":2450,"d":"$2,450.00"}},{"v":3479,"d":"$3,479.0"},{"v":3479,"d":"$3,479"}]
[{"$f":"IF(I1563<>\"\",1+MAX($A$6:A1562),\"\")","v":1111},"M0.1","M2.2",null,"FCU7 - Fan Coil Unit, CFM:480, Weight: 120 LBS, Manufacturer: Carrier 40VMM0018A",1,{"v":0,"d":"0%"},1,"EA",{"v":1638,"d":"$1,638.0"},{"v":1638,"d":"$1,638.00"},{"v":3900,"d":"$3,900.00"},{"v":3900,"d":"$3,900.00"},{"v":5538,"d":"$5,538.0"},{"v":5538,"d":"$5,538"}]
[{"$f":"IF(I1564<>\"\",1+MAX($A$6:A1563),\"\")","v":1112},"M0.1","M2.2",null,"FCU8 - Fan Coil Unit, CFM:95, Weight: 60 LBS, Manufacturer: Carrier 40VMM007A",1,{"v":0,"d":"0%"},1,"EA",{"v":567,"d":"$567.0"},{"v":567,"d":"$567.00"},{"v":1350,"d":"$1,350.00"},{"v":1350,"d":"$1,350.00"},{"v":1917,"d":"$1,917.0"},{"v":1917,"d":"$1,917"}]
[{"$f":"IF(I1565<>\"\",1+MAX($A$6:A1564),\"\")","v":1113},"M0.1","M2.2",null,"FCU9 - Fan Coil Unit, CFM:180, Weight: 60 LBS, Manufacturer: Carrier 40VMM007A",1,{"v":0,"d":"0%"},1,"EA",{"v":819,"d":"$819.0"},{"v":819,"d":"$819.00"},{"v":1950,"d":"$1,950.00"},{"v":1950,"d":"$1,950.00"},{"v":2769,"d":"$2,769.0"},{"v":2769,"d":"$2,769"}]
[{"$f":"IF(I1566<>\"\",1+MAX($A$6:A1565),\"\")","v":1114},"M0.1","M2.2",null,"WRG-1 - (10\"x6\") Air Distribution, CFM: 180, Manufacturer: TITUS 350",1,{"v":0,"d":"0%"},1,"EA",{"v":20.16,"d":"$20.2"},{"v":20.16,"d":"$20.16"},{"v":48,"d":"$48.00"},{"v":48,"d":"$48.00"},{"v":68.16,"d":"$68.2"},{"v":68.16,"d":"$68"}]
[{"$f":"IF(I1567<>\"\",1+MAX($A$6:A1566),\"\")","v":1115},"M0.1","M2.2",null,"WRG-1 - (10\"x6\") Air Distribution, CFM: 115, Manufacturer: TITUS 350",1,{"v":0,"d":"0%"},1,"EA",{"v":14.28,"d":"$14.3"},{"v":14.28,"d":"$14.28"},{"v":34,"d":"$34.00"},{"v":34,"d":"$34.00"},{"v":48.28,"d":"$48.3"},{"v":48.28,"d":"$48"}]
[{"$f":"IF(I1568<>\"\",1+MAX($A$6:A1567),\"\")","v":1116},"M0.1","M2.2",null,"WRG-2 - (14\"x6\") Air Distribution, CFM: 250, Manufacturer: TITUS 350",1,{"v":0,"d":"0%"},1,"EA",{"v":31.5,"d":"$31.5"},{"v":31.5,"d":"$31.50"},{"v":75,"d":"$75.00"},{"v":75,"d":"$75.00"},{"v":106.5,"d":"$106.5"},{"v":106.5,"d":"$107"}]
[{"$f":"IF(I1569<>\"\",1+MAX($A$6:A1568),\"\")","v":1117},"M0.1","M2.2",null,"WRG-2 - (14\"x6\") Air Distribution, CFM: 280, Manufacturer: TITUS 350",1,{"v":0,"d":"0%"},1,"EA",{"v":35.699999999999996,"d":"$35.7"},{"$f":"J1569*H1569","v":{"v":35.699999999999996,"d":"$35.70"}},{"v":85,"d":"$85.00"},{"$f":"L1569*H1569","v":{"v":85,"d":"$85.00"}},{"v":120.69999999999999,"d":"$120.7"},{"v":120.69999999999999,"d":"$121"}]
[{"$f":"IF(I1570<>\"\",1+MAX($A$6:A1569),\"\")","v":1118},"M0.1","M2.2",null,"WRG-3 - (24\"x6\") Air Distribution, CFM: 480, Manufacturer: TITUS 350",1,{"v":0,"d":"0%"},1,"EA",{"v":33.6,"d":"$33.6"},{"v":33.6,"d":"$33.60"},{"v":80,"d":"$80.00"},{"v":80,"d":"$80.00"},{"v":113.6,"d":"$113.6"},{"v":113.6,"d":"$114"}]
[{"$f":"IF(I1571<>\"\",1+MAX($A$6:A1570),\"\")","v":1119},"M0.1","M2.2",null,"WSG-1 - (10\"x6\") Air Distribution, CFM: 180, Manufacturer: TITUS 301",1,{"v":0,"d":"0%"},1,"EA",{"v":20.16,"d":"$20.2"},{"v":20.16,"d":"$20.16"},{"v":48,"d":"$48.00"},{"v":48,"d":"$48.00"},{"v":68.16,"d":"$68.2"},{"v":68.16,"d":"$68"}]
[{"$f":"IF(I1572<>\"\",1+MAX($A$6:A1571),\"\")","v":1120},"M0.1","M2.2",null,"WSG-1 - (10\"x6\") Air Distribution, CFM: 95, Manufacturer: TITUS 301",2,{"v":0,"d":"0%"},2,"EA",{"v":11.76,"d":"$11.8"},{"v":23.52,"d":"$23.52"},{"v":28,"d":"$28.00"},{"v":56,"d":"$56.00"},{"v":39.76,"d":"$39.8"},{"v":79.52,"d":"$80"}]
[{"$f":"IF(I1573<>\"\",1+MAX($A$6:A1572),\"\")","v":1121},"M0.1","M2.2",null,"WSG-1 - (10\"x6\") Air Distribution, CFM: 175, Manufacturer: TITUS 301",2,{"v":0,"d":"0%"},2,"EA",{"v":19.32,"d":"$19.3"},{"$f":"J1573*H1573","v":{"v":38.64,"d":"$38.64"}},{"v":46,"d":"$46.00"},{"$f":"L1573*H1573","v":{"v":92,"d":"$92.00"}},{"v":65.32,"d":"$65.3"},{"v":130.64,"d":"$131"}]
[{"$f":"IF(I1574<>\"\",1+MAX($A$6:A1573),\"\")","v":1122},"M0.1","M2.2",null,"WSG-1 - (10\"x6\") Air Distribution, CFM: 115, Manufacturer: TITUS 301",1,{"v":0,"d":"0%"},1,"EA",{"v":14.28,"d":"$14.3"},{"v":14.28,"d":"$14.28"},{"v":34,"d":"$34.00"},{"v":34,"d":"$34.00"},{"v":48.28,"d":"$48.3"},{"v":48.28,"d":"$48"}]
[{"$f":"IF(I1575<>\"\",1+MAX($A$6:A1574),\"\")","v":1123},"M0.1","M2.2",null,"EF-2 - Exhaust Fan, Voltage: 115V, Phase: 1PH, CFM: 115, Manufacturer: Green Heck",3,{"v":0,"d":"0%"},3,"EA",{"v":122.64,"d":"$122.6"},{"v":367.92,"d":"$367.92"},{"v":292,"d":"$292.00"},{"v":876,"d":"$876.00"},{"v":414.64,"d":"$414.6"},{"v":1243.92,"d":"$1,244"}]
[{"$f":"IF(I1576<>\"\",1+MAX($A$6:A1575),\"\")","v":1124},"M0.1","M2.2",null,"CD-1 - (10\"x6\") Air Distribution, CFM: 235, Manufacturer: TITUS 301",1,{"v":0,"d":"0%"},1,"EA",{"v":26.04,"d":"$26.0"},{"v":26.04,"d":"$26.04"},{"v":62,"d":"$62.00"},{"v":62,"d":"$62.00"},{"v":88.03999999999999,"d":"$88.0"},{"v":88.03999999999999,"d":"$88"}]
[{"$f":"IF(I1577<>\"\",1+MAX($A$6:A1576),\"\")","v":1125},"M0.1","M2.2",null,"CD-1 - (10\"x6\") Air Distribution, CFM: 140, Manufacturer: TITUS 301",1,{"v":0,"d":"0%"},1,"EA",{"v":17.64,"d":"$17.6"},{"v":17.64,"d":"$17.64"},{"v":42,"d":"$42.00"},{"$f":"L1577*H1577","v":{"v":42,"d":"$42.00"}},{"v":59.64,"d":"$59.6"},{"v":59.64,"d":"$60"}]
[{"$f":"IF(I1578<>\"\",1+MAX($A$6:A1577),\"\")","v":1126},"M0.1","M2.2",null,"CD-1 - (10\"x6\") Air Distribution, CFM: 140, Manufacturer: TITUS 301",1,{"v":0,"d":"0%"},1,"EA",{"v":17.64,"d":"$17.6"},{"v":17.64,"d":"$17.64"},{"v":42,"d":"$42.00"},{"v":42,"d":"$42.00"},{"v":59.64,"d":"$59.6"},{"v":59.64,"d":"$60"}]
[{"$f":"IF(I1579<>\"\",1+MAX($A$6:A1578),\"\")","v":1127},"M0.1","M2.2",null,"CD-2 - (14\"x6\") Air Distribution, CFM: 235, Manufacturer: TITUS 301",1,{"v":0,"d":"0%"},1,"EA",{"v":27.3,"d":"$27.3"},{"v":27.3,"d":"$27.30"},{"v":65,"d":"$65.00"},{"v":65,"d":"$65.00"},{"v":92.3,"d":"$92.3"},{"v":92.3,"d":"$92"}]
[{"$f":"IF(I1580<>\"\",1+MAX($A$6:A1579),\"\")","v":1128},"M0.1","M2.2",null,"H-2 - Mechanical Hood, Voltage: 120v, Phase: 1PH, Ampere: 1.53A, CFM: 460, Manufacturer: Broan",2,{"v":0,"d":"0%"},2,"EA",{"v":283.40000000000003,"d":"$283.4"},{"v":566.8000000000001,"d":"$566.80"},{"v":545,"d":"$545.00"},{"v":1090,"d":"$1,090.00"},{"v":828.4000000000001,"d":"$828.4"},{"v":1656.8000000000002,"d":"$1,657"}]
[{"$f":"IF(I1581<>\"\",1+MAX($A$6:A1580),\"\")","v":1129},"M0.1","M2.2",null,"H-1 - Mechanical Hood, Voltage: 120v, Phase: 1PH, Ampere: 9A, CFM: 1290, Manufacturer: Broan",1,{"v":0,"d":"0%"},1,"EA",{"v":795.6,"d":"$795.6"},{"v":795.6,"d":"$795.60"},{"v":1530,"d":"$1,530.00"},{"v":1530,"d":"$1,530.00"},{"v":2325.6,"d":"$2,325.6"},{"v":2325.6,"d":"$2,326"}]
[{"$f":"IF(I1582<>\"\",1+MAX($A$6:A1581),\"\")","v":""}]
[{"$f":"IF(I1583<>\"\",1+MAX($A$6:A1582),\"\")","v":""},{"$nulls":3},"FITTING"]
[{"$f":"IF(I1584<>\"\",1+MAX($A$6:A1583),\"\")","v":1130},"M2.2","M2.2",null,"10\" To 8\" Dia Reducing Wye",3,{"v":0,"d":"0%"},{"$f":"F1584*(1+G1584)","v":3},"EA",{"v":30,"d":"$30.0"},{"$f":"J1584*H1584","v":{"v":90,"d":"$90.00"}},{"v":55,"d":"$55.00"},{"$f":"L1584*H1584","v":{"v":165,"d":"$165.00"}},{"v":85,"d":"$85.0"},{"$f":"N1584*H1584","v":{"v":255,"d":"$255"}}]
[{"$f":"IF(I1585<>\"\",1+MAX($A$6:A1584),\"\")","v":1131},"M2.2","M2.2",null,"6\" Dia Wye",5,{"v":0,"d":"0%"},5,"EA",{"v":26,"d":"$26.0"},{"$f":"J1585*H1585","v":{"v":130,"d":"$130.00"}},{"v":44,"d":"$44.00"},{"$f":"L1585*H1585","v":{"v":220,"d":"$220.00"}},{"v":70,"d":"$70.0"},{"v":350,"d":"$350"}]
[{"$f":"IF(I1586<>\"\",1+MAX($A$6:A1585),\"\")","v":1132},"M2.2","M2.2",null,"4\" Dia Wye",1,{"v":0,"d":"0%"},1,"EA",{"v":24.7,"d":"$24.7"},{"$f":"J1586*H1586","v":{"v":24.7,"d":"$24.70"}},{"v":38,"d":"$38.00"},{"$f":"L1586*H1586","v":{"v":38,"d":"$38.00"}},{"v":62.7,"d":"$62.7"},{"v":62.7,"d":"$63"}]
[{"$f":"IF(I1587<>\"\",1+MAX($A$6:A1586),\"\")","v":1133},"M2.2","M2.2",null,"8\" Dia Wye",7,{"v":0,"d":"0%"},7,"EA",{"v":27,"d":"$27.0"},{"v":189,"d":"$189.00"},{"v":48,"d":"$48.00"},{"v":336,"d":"$336.00"},{"v":75,"d":"$75.0"},{"v":525,"d":"$525"}]
[{"$f":"IF(I1588<>\"\",1+MAX($A$6:A1587),\"\")","v":1134},"M2.2","M2.2",null,"10\" Dia Wye",3,{"v":0,"d":"0%"},3,"EA",{"v":30,"d":"$30.0"},{"v":90,"d":"$90.00"},{"v":55,"d":"$55.00"},{"v":165,"d":"$165.00"},{"v":85,"d":"$85.0"},{"v":255,"d":"$255"}]
[{"$f":"IF(I1589<>\"\",1+MAX($A$6:A1588),\"\")","v":""}]
[{"$f":"IF(I1590<>\"\",1+MAX($A$6:A1589),\"\")","v":""},{"$nulls":3},"SECOND FLOOR"]
[{"$f":"IF(I1591<>\"\",1+MAX($A$6:A1590),\"\")","v":""},{"$nulls":3},"EXHAUST DUCT"]
[{"$f":"IF(I1592<>\"\",1+MAX($A$6:A1591),\"\")","v":1135},"M2.3","M2.3",null,"6\" Dia Exhaust Air Duct",{"v":60.08,"d":"60"},{"v":0.1,"d":"10%"},{"$f":"F1592*(1+G1592)","v":{"v":66.08800000000001,"d":"66"}},"LF",{"v":4.62,"d":"$4.6"},{"$f":"J1592*H1592","v":{"v":305.32656000000003,"d":"$305.33"}},{"v":6.38,"d":"$6.38"},{"$f":"L1592*H1592","v":{"v":421.64144000000005,"d":"$421.64"}},{"v":11,"d":"$11.0"},{"$f":"N1592*H1592","v":{"v":726.9680000000001,"d":"$727"}}]
[{"$f":"IF(I1593<>\"\",1+MAX($A$6:A1592),\"\")","v":1136},"M2.3","M2.3",null,"8\" Dia Exhaust Air Duct",{"v":19.38,"d":"19"},{"v":0.1,"d":"10%"},{"v":21.318,"d":"21"},"LF",{"v":6.3,"d":"$6.3"},{"v":134.3034,"d":"$134.30"},{"v":8.7,"d":"$8.70"},{"v":185.4666,"d":"$185.47"},{"v":15,"d":"$15.0"},{"v":319.77000000000004,"d":"$320"}]
[{"$f":"IF(I1594<>\"\",1+MAX($A$6:A1593),\"\")","v":1137},"M2.3","M2.3",null,"6\" Dia Exhaust Air Riser Thru Faux Chimney. Provide With Backdraft Damper, Insect Screen And Rain Cap",{"$f":"1*10","v":10},{"v":0.1,"d":"10%"},11,"LF",{"v":4.62,"d":"$4.6"},{"$f":"J1594*H1594","v":{"v":50.82,"d":"$50.82"}},{"v":6.38,"d":"$6.38"},{"$f":"L1594*H1594","v":{"v":70.17999999999999,"d":"$70.18"}},{"v":11,"d":"$11.0"},{"v":121,"d":"$121"}]
[{"$f":"IF(I1595<>\"\",1+MAX($A$6:A1594),\"\")","v":1138},"M2.3","M2.3",null,"6\" Dia Gauge 24 Smooth Rigid Metal Dryer Exhaust Vent With Smooth Interior Surface Thru Faux Chimney. Provide With Backdraft Damper And Rain Cap",{"$f":"1*10","v":10},{"v":0.1,"d":"10%"},11,"LF",{"v":4.62,"d":"$4.6"},{"v":50.82,"d":"$50.82"},{"v":6.38,"d":"$6.38"},{"v":70.17999999999999,"d":"$70.18"},{"v":11,"d":"$11.0"},{"v":121,"d":"$121"}]
[{"$f":"IF(I1596<>\"\",1+MAX($A$6:A1595),\"\")","v":1139},"M2.3","M2.3",null,"8\" Dia Exhaust Air Riser Thru Faux Chimney. Provide With Backdraft Damper, Insect Screen And Rain Cap",{"$f":"1*10","v":10},{"v":0.1,"d":"10%"},11,"LF",{"v":6.3,"d":"$6.3"},{"v":69.3,"d":"$69.30"},{"v":8.7,"d":"$8.70"},{"v":95.69999999999999,"d":"$95.70"},{"v":15,"d":"$15.0"},{"v":165,"d":"$165"}]
[{"$f":"IF(I1597<>\"\",1+MAX($A$6:A1596),\"\")","v":""}]
[{"$f":"IF(I1598<>\"\",1+MAX($A$6:A1597),\"\")","v":""},{"$nulls":3},"RETURN DUCT"]
[{"$f":"IF(I1599<>\"\",1+MAX($A$6:A1598),\"\")","v":1140},"M2.3","M2.3",null,"8\" Dia Return Duct",{"v":25.54,"d":"26"},{"v":0.1,"d":"10%"},{"$f":"F1599*(1+G1599)","v":{"v":28.094,"d":"28"}},"LF",{"v":6.3,"d":"$6.3"},{"$f":"J1599*H1599","v":{"v":176.9922,"d":"$176.99"}},{"v":8.7,"d":"$8.70"},{"$f":"L1599*H1599","v":{"v":244.4178,"d":"$244.42"}},{"v":15,"d":"$15.0"},{"$f":"N1599*H1599","v":{"v":421.41,"d":"$421"}}]
[{"$f":"IF(I1600<>\"\",1+MAX($A$6:A1599),\"\")","v":1141},"M2.3","M2.3",null,"10\" Dia Return Supply",{"v":2.95,"d":"3"},{"v":0.1,"d":"10%"},{"v":3.2450000000000006,"d":"3"},"LF",{"v":7.9799999999999995,"d":"$8.0"},{"v":25.895100000000003,"d":"$25.90"},{"v":11.02,"d":"$11.02"},{"v":35.7599,"d":"$35.76"},{"v":19,"d":"$19.0"},{"v":61.65500000000001,"d":"$62"}]
[{"$f":"IF(I1601<>\"\",1+MAX($A$6:A1600),\"\")","v":""}]
[{"$f":"IF(I1602<>\"\",1+MAX($A$6:A1601),\"\")","v":""},{"$nulls":3},"SUPPLY DUCT"]
[{"$f":"IF(I1603<>\"\",1+MAX($A$6:A1602),\"\")","v":1142},"M2.3","M2.3",null,"8\" Dia Supply Duct",{"v":23.94,"d":"24"},{"v":0.1,"d":"10%"},{"$f":"F1603*(1+G1603)","v":{"v":26.334000000000003,"d":"26"}},"LF",{"v":6.3,"d":"$6.3"},{"$f":"J1603*H1603","v":{"v":165.9042,"d":"$165.90"}},{"v":8.7,"d":"$8.70"},{"$f":"L1603*H1603","v":{"v":229.10580000000002,"d":"$229.11"}},{"v":15,"d":"$15.0"},{"$f":"N1603*H1603","v":{"v":395.01000000000005,"d":"$395"}}]
[{"$f":"IF(I1604<>\"\",1+MAX($A$6:A1603),\"\")","v":1143},"M2.3","M2.3",null,"10\" Dia Supply Duct",{"v":1.36,"d":"1"},{"v":0.1,"d":"10%"},{"v":1.4960000000000002,"d":"1"},"LF",{"v":7.9799999999999995,"d":"$8.0"},{"v":11.938080000000001,"d":"$11.94"},{"v":11.02,"d":"$11.02"},{"v":16.48592,"d":"$16.49"},{"v":19,"d":"$19.0"},{"v":28.424000000000003,"d":"$28"}]
[{"$f":"IF(I1605<>\"\",1+MAX($A$6:A1604),\"\")","v":1144},"M2.3","M2.3",null,"New Insulated 12\"x24\"x12\" (LxWxH) Return Air Plenum",{"$f":"3*10","v":30},{"v":0.1,"d":"10%"},33,"LF",{"v":100,"d":"$100.0"},{"$f":"J1605*H1605","v":{"v":3300,"d":"$3,300.00"}},{"v":80,"d":"$80.00"},{"$f":"L1605*H1605","v":{"v":2640,"d":"$2,640.00"}},{"v":180,"d":"$180.0"},{"v":5940,"d":"$5,940"}]
[{"$f":"IF(I1606<>\"\",1+MAX($A$6:A1605),\"\")","v":1145},"M2.3","M2.3",null,"New Insulated 12\"x24\"x12\" (LxWxH) Supply Air Plenum",{"$f":"3*10","v":30},{"v":0.1,"d":"10%"},33,"LF",{"v":100,"d":"$100.0"},{"$f":"J1606*H1606","v":{"v":3300,"d":"$3,300.00"}},{"v":80,"d":"$80.00"},{"$f":"L1606*H1606","v":{"v":2640,"d":"$2,640.00"}},{"v":180,"d":"$180.0"},{"v":5940,"d":"$5,940"}]
[{"$f":"IF(I1607<>\"\",1+MAX($A$6:A1606),\"\")","v":""}]
[{"$f":"IF(I1608<>\"\",1+MAX($A$6:A1607),\"\")","v":""},{"$nulls":3},"HVAC FIXTURES / EQUIPMENTS"]
[{"$f":"IF(I1609<>\"\",1+MAX($A$6:A1608),\"\")","v":1146},"M0.1","M2.3",null,"FCU10 - Fan Coil Unit, CFM:240, Weight: 60 LBS, Manufacturer: Carrier 40VMM007A",1,{"v":0,"d":"0%"},{"$f":"F1609*(1+G1609)","v":1},"EA",{"v":903,"d":"$903.0"},{"$f":"J1609*H1609","v":{"v":903,"d":"$903.00"}},{"v":2150,"d":"$2,150.00"},{"$f":"L1609*H1609","v":{"v":2150,"d":"$2,150.00"}},{"v":3053,"d":"$3,053.0"},{"$f":"N1609*H1609","v":{"v":3053,"d":"$3,053"}}]
[{"$f":"IF(I1610<>\"\",1+MAX($A$6:A1609),\"\")","v":1147},"M0.1","M2.3",null,"FCU11 - Fan Coil Unit, CFM:215, Weight: 60 LBS, Manufacturer: Carrier 40VMM007A",1,{"v":0,"d":"0%"},1,"EA",{"v":840,"d":"$840.0"},{"$f":"J1610*H1610","v":{"v":840,"d":"$840.00"}},{"v":2000,"d":"$2,000.00"},{"$f":"L1610*H1610","v":{"v":2000,"d":"$2,000.00"}},{"v":2840,"d":"$2,840.0"},{"v":2840,"d":"$2,840"}]
[{"$f":"IF(I1611<>\"\",1+MAX($A$6:A1610),\"\")","v":1148},"M0.1","M2.3",null,"FCU12 - Fan Coil Unit, CFM:115, Weight: 60 LBS, Manufacturer: Carrier 40VMM007A",1,{"v":0,"d":"0%"},1,"EA",{"v":630,"d":"$630.0"},{"v":630,"d":"$630.00"},{"v":1500,"d":"$1,500.00"},{"v":1500,"d":"$1,500.00"},{"v":2130,"d":"$2,130.0"},{"v":2130,"d":"$2,130"}]
[{"$f":"IF(I1612<>\"\",1+MAX($A$6:A1611),\"\")","v":1149},"M0.1","M2.3",null,"WRG-1 - (10\"x6\") Air Distribution, CFM: 115, Manufacturer: TITUS 350",1,{"v":0,"d":"0%"},1,"EA",{"v":14.28,"d":"$14.3"},{"v":14.28,"d":"$14.28"},{"v":34,"d":"$34.00"},{"v":34,"d":"$34.00"},{"v":48.28,"d":"$48.3"},{"v":48.28,"d":"$48"}]
[{"$f":"IF(I1613<>\"\",1+MAX($A$6:A1612),\"\")","v":1150},"M0.1","M2.3",null,"WRG-2 - (14\"x6\") Air Distribution, CFM: 215, Manufacturer: TITUS 350",1,{"v":0,"d":"0%"},1,"EA",{"v":23.52,"d":"$23.5"},{"v":23.52,"d":"$23.52"},{"v":56,"d":"$56.00"},{"v":56,"d":"$56.00"},{"v":79.52,"d":"$79.5"},{"v":79.52,"d":"$80"}]
[{"$f":"IF(I1614<>\"\",1+MAX($A$6:A1613),\"\")","v":1151},"M0.1","M2.3",null,"WRG-2 - (14\"x6\") Air Distribution, CFM: 240, Manufacturer: TITUS 350",1,{"v":0,"d":"0%"},1,"EA",{"v":28.56,"d":"$28.6"},{"v":28.56,"d":"$28.56"},{"v":68,"d":"$68.00"},{"v":68,"d":"$68.00"},{"v":96.56,"d":"$96.6"},{"v":96.56,"d":"$97"}]
[{"$f":"IF(I1615<>\"\",1+MAX($A$6:A1614),\"\")","v":1152},"M0.1","M2.3",null,"WSG-1 - (10\"x6\") Air Distribution, CFM: 115, Manufacturer: TITUS 301",1,{"v":0,"d":"0%"},1,"EA",{"v":14.28,"d":"$14.3"},{"$f":"J1615*H1615","v":{"v":14.28,"d":"$14.28"}},{"v":34,"d":"$34.00"},{"$f":"L1615*H1615","v":{"v":34,"d":"$34.00"}},{"v":48.28,"d":"$48.3"},{"v":48.28,"d":"$48"}]
[{"$f":"IF(I1616<>\"\",1+MAX($A$6:A1615),\"\")","v":1153},"M0.1","M2.3",null,"WSG-2 - (14\"x6\") Air Distribution, CFM: 215, Manufacturer: TITUS 301",1,{"v":0,"d":"0%"},1,"EA",{"v":23.52,"d":"$23.5"},{"v":23.52,"d":"$23.52"},{"v":56,"d":"$56.00"},{"v":56,"d":"$56.00"},{"v":79.52,"d":"$79.5"},{"v":79.52,"d":"$80"}]
[{"$f":"IF(I1617<>\"\",1+MAX($A$6:A1616),\"\")","v":1154},"M0.1","M2.3",null,"WSG-2 - (14\"x6\") Air Distribution, CFM: 240, Manufacturer: TITUS 301",1,{"v":0,"d":"0%"},1,"EA",{"v":28.56,"d":"$28.6"},{"v":28.56,"d":"$28.56"},{"v":68,"d":"$68.00"},{"v":68,"d":"$68.00"},{"v":96.56,"d":"$96.6"},{"v":96.56,"d":"$97"}]
[{"$f":"IF(I1618<>\"\",1+MAX($A$6:A1617),\"\")","v":1155},"M0.1","M2.3",null,"EF-2 - Exhaust Fan, Voltage: 115V, Phase: 1PH, CFM: 115, Manufacturer: Green Heck",4,{"v":0,"d":"0%"},4,"EA",{"v":122.64,"d":"$122.6"},{"v":490.56,"d":"$490.56"},{"v":292,"d":"$292.00"},{"v":1168,"d":"$1,168.00"},{"v":414.64,"d":"$414.6"},{"v":1658.56,"d":"$1,659"}]
[{"$f":"IF(I1619<>\"\",1+MAX($A$6:A1618),\"\")","v":""}]
[{"$f":"IF(I1620<>\"\",1+MAX($A$6:A1619),\"\")","v":""},{"$nulls":3},"FITTING"]
[{"$f":"IF(I1621<>\"\",1+MAX($A$6:A1620),\"\")","v":1156},"M2.3","M2.3",null,"8\" Dia 45 Degree Bend",2,{"v":0,"d":"0%"},{"$f":"F1621*(1+G1621)","v":2},"EA",{"v":24,"d":"$24.0"},{"$f":"J1621*H1621","v":{"v":48,"d":"$48.00"}},{"v":44,"d":"$44.00"},{"$f":"L1621*H1621","v":{"v":88,"d":"$88.00"}},{"v":68,"d":"$68.0"},{"$f":"N1621*H1621","v":{"v":136,"d":"$136"}}]
[{"$f":"IF(I1622<>\"\",1+MAX($A$6:A1621),\"\")","v":1157},"M2.3","M2.3",null,"6\" Dia 45 Degree Bend",1,{"v":0,"d":"0%"},1,"EA",{"v":22,"d":"$22.0"},{"v":22,"d":"$22.00"},{"v":40,"d":"$40.00"},{"v":40,"d":"$40.00"},{"v":62,"d":"$62.0"},{"v":62,"d":"$62"}]
[{"$f":"IF(I1623<>\"\",1+MAX($A$6:A1622),\"\")","v":1158},"M2.3","M2.3",null,"8\" To 6\" Dia Reducing Wye",2,{"v":0,"d":"0%"},2,"EA",{"v":27,"d":"$27.0"},{"$f":"J1623*H1623","v":{"v":54,"d":"$54.00"}},{"v":48,"d":"$48.00"},{"$f":"L1623*H1623","v":{"v":96,"d":"$96.00"}},{"v":75,"d":"$75.0"},{"v":150,"d":"$150"}]
[{"$f":"IF(I1624<>\"\",1+MAX($A$6:A1623),\"\")","v":1159},"M2.3","M2.3",null,"6\" Dia Wye",3,{"v":0,"d":"0%"},3,"EA",{"v":26,"d":"$26.0"},{"v":78,"d":"$78.00"},{"v":44,"d":"$44.00"},{"v":132,"d":"$132.00"},{"v":70,"d":"$70.0"},{"v":210,"d":"$210"}]
[{"$f":"IF(I1625<>\"\",1+MAX($A$6:A1624),\"\")","v":1160},"M2.3","M2.3",null,"8\" Dia Wye",4,{"v":0,"d":"0%"},4,"EA",{"v":27,"d":"$27.0"},{"v":108,"d":"$108.00"},{"v":48,"d":"$48.00"},{"v":192,"d":"$192.00"},{"v":75,"d":"$75.0"},{"v":300,"d":"$300"}]
[{"$f":"IF(I1626<>\"\",1+MAX($A$6:A1625),\"\")","v":1161},"M2.3","M2.3",null,"10\" Dia Wye",2,{"v":0,"d":"0%"},2,"EA",{"v":24.7,"d":"$24.7"},{"v":49.4,"d":"$49.40"},{"v":38,"d":"$38.00"},{"v":76,"d":"$76.00"},{"v":62.7,"d":"$62.7"},{"v":125.4,"d":"$125"}]
[{"$f":"IF(I1627<>\"\",1+MAX($A$6:A1626),\"\")","v":""}]
[{"$f":"IF(I1628<>\"\",1+MAX($A$6:A1627),\"\")","v":""},null,null,"DIV. 26","ELECTRICAL",{"$nulls":10},{"$f":"SUM(O1629:O1777)","v":{"v":96439.31845599998,"d":"$96,439"}}]
[{"$f":"IF(I1629<>\"\",1+MAX($A$6:A1628),\"\")","v":""}]
[{"$f":"IF(I1630<>\"\",1+MAX($A$6:A1629),\"\")","v":""},{"$nulls":3},"BASEMENT"]
[{"$f":"IF(I1631<>\"\",1+MAX($A$6:A1630),\"\")","v":""}]
[{"$f":"IF(I1632<>\"\",1+MAX($A$6:A1631),\"\")","v":""},{"$nulls":3},"POWER FIXTURE"]
[{"$f":"IF(I1633<>\"\",1+MAX($A$6:A1632),\"\")","v":1162},"E1.0","E3.0",null,"Simplex Receptacle",5,{"v":0,"d":"0%"},{"$f":"F1633*(1+G1633)","v":5},"EA",{"v":11.200000000000001,"d":"$11.2"},{"$f":"J1633*H1633","v":{"v":56.00000000000001,"d":"$56.00"}},{"v":23.8,"d":"$23.80"},{"$f":"L1633*H1633","v":{"v":119,"d":"$119.00"}},{"v":35,"d":"$35.0"},{"$f":"N1633*H1633","v":{"v":175,"d":"$175"}}]
[{"$f":"IF(I1634<>\"\",1+MAX($A$6:A1633),\"\")","v":1163},"E1.0","E3.0",null,"Duplex Receptacle",3,{"v":0,"d":"0%"},3,"EA",{"v":19.2,"d":"$19.2"},{"$f":"J1634*H1634","v":{"v":57.599999999999994,"d":"$57.60"}},{"v":40.800000000000004,"d":"$40.80"},{"$f":"L1634*H1634","v":{"v":122.4,"d":"$122.40"}},{"v":60,"d":"$60.0"},{"v":180,"d":"$180"}]
[{"$f":"IF(I1635<>\"\",1+MAX($A$6:A1634),\"\")","v":1164},"E1.0","E3.0",null,"Duplex Receptacle - Ground Fault Circuit Interrupter",11,{"v":0,"d":"0%"},11,"EA",{"v":22.400000000000002,"d":"$22.4"},{"v":246.40000000000003,"d":"$246.40"},{"v":47.6,"d":"$47.60"},{"v":523.6,"d":"$523.60"},{"v":70,"d":"$70.0"},{"v":770,"d":"$770"}]
[{"$f":"IF(I1636<>\"\",1+MAX($A$6:A1635),\"\")","v":1165},"E1.0","E3.0",null,"Duplex Receptacle - Ground Fault Circuit Interrupter (Waterproof)",3,{"v":0,"d":"0%"},3,"EA",{"v":22.400000000000002,"d":"$22.4"},{"v":67.2,"d":"$67.20"},{"v":47.6,"d":"$47.60"},{"v":142.8,"d":"$142.80"},{"v":70,"d":"$70.0"},{"v":210,"d":"$210"}]
[{"$f":"IF(I1637<>\"\",1+MAX($A$6:A1636),\"\")","v":1166},"E1.0","E3.0",null,"Duplex Receptacle - Arc Fault Circuit Interrupter",17,{"v":0,"d":"0%"},17,"EA",{"v":22.400000000000002,"d":"$22.4"},{"v":380.8,"d":"$380.80"},{"v":47.6,"d":"$47.60"},{"v":809.2,"d":"$809.20"},{"v":70,"d":"$70.0"},{"v":1190,"d":"$1,190"}]
[{"$f":"IF(I1638<>\"\",1+MAX($A$6:A1637),\"\")","v":1167},"E1.0","E3.0",null,"Duplex Receptacle - Arc Fault Circuit Interrupter, Ground Fault Circuit Interrupter",5,{"v":0,"d":"0%"},5,"EA",{"v":22.400000000000002,"d":"$22.4"},{"v":112.00000000000001,"d":"$112.00"},{"v":47.6,"d":"$47.60"},{"v":238,"d":"$238.00"},{"v":70,"d":"$70.0"},{"v":350,"d":"$350"}]
[{"$f":"IF(I1639<>\"\",1+MAX($A$6:A1638),\"\")","v":1168},"E1.0","E3.0",null,"Duplex Receptacle on a Dedicated Circuit - GFCI",2,{"v":0,"d":"0%"},2,"EA",{"v":22.400000000000002,"d":"$22.4"},{"v":44.800000000000004,"d":"$44.80"},{"v":47.6,"d":"$47.60"},{"v":95.2,"d":"$95.20"},{"v":70,"d":"$70.0"},{"v":140,"d":"$140"}]
[{"$f":"IF(I1640<>\"\",1+MAX($A$6:A1639),\"\")","v":1169},"E1.0","E3.0",null,"Thermostat",2,{"v":0,"d":"0%"},2,"EA",{"v":25.2,"d":"$25.2"},{"v":50.4,"d":"$50.40"},{"v":60,"d":"$60.00"},{"v":120,"d":"$120.00"},{"v":85.2,"d":"$85.2"},{"v":170.4,"d":"$170"}]
[{"$f":"IF(I1641<>\"\",1+MAX($A$6:A1640),\"\")","v":1170},"E1.0","E3.0",null,"Junction Box",2,{"v":0,"d":"0%"},2,"EA",{"v":64,"d":"$64.0"},{"v":128,"d":"$128.00"},{"v":136,"d":"$136.00"},{"v":272,"d":"$272.00"},{"v":200,"d":"$200.0"},{"v":400,"d":"$400"}]
[{"$f":"IF(I1642<>\"\",1+MAX($A$6:A1641),\"\")","v":1171},"E1.0","E3.0",null,"Smoke Detector",2,{"v":0,"d":"0%"},2,"EA",{"v":42.00000000000001,"d":"$42.0"},{"v":84.00000000000001,"d":"$84.00"},{"v":108,"d":"$108.00"},{"v":216,"d":"$216.00"},{"v":150,"d":"$150.0"},{"v":300,"d":"$300"}]
[{"$f":"IF(I1643<>\"\",1+MAX($A$6:A1642),\"\")","v":1172},"E1.0","E3.0",null,"Telephone & Data Outlet",2,{"v":0,"d":"0%"},2,"EA",{"v":38.4,"d":"$38.4"},{"$f":"J1643*H1643","v":{"v":76.8,"d":"$76.80"}},{"v":81.60000000000001,"d":"$81.60"},{"$f":"L1643*H1643","v":{"v":163.20000000000002,"d":"$163.20"}},{"v":120,"d":"$120.0"},{"v":240,"d":"$240"}]
[{"$f":"IF(I1644<>\"\",1+MAX($A$6:A1643),\"\")","v":1173},"E1.0","E3.0",null,"Carbon Monoxide Detector",1,{"v":0,"d":"0%"},1,"EA",{"v":84,"d":"$84.0"},{"v":84,"d":"$84.00"},{"v":115.99999999999999,"d":"$116.00"},{"v":115.99999999999999,"d":"$116.00"},{"v":200,"d":"$200.0"},{"v":200,"d":"$200"}]
[{"$f":"IF(I1645<>\"\",1+MAX($A$6:A1644),\"\")","v":1174},"E1.0","E3.0",null,"CATV Outlet",2,{"v":0,"d":"0%"},2,"EA",{"v":25.6,"d":"$25.6"},{"v":51.2,"d":"$51.20"},{"v":54.400000000000006,"d":"$54.40"},{"v":108.80000000000001,"d":"$108.80"},{"v":80,"d":"$80.0"},{"v":160,"d":"$160"}]
[{"$f":"IF(I1646<>\"\",1+MAX($A$6:A1645),\"\")","v":1175},"E1.0","E3.0",null,"Receptacle,Voltage:240V, Ampere: 30A, NEMA Configuration",1,{"v":0,"d":"0%"},1,"EA",{"v":16,"d":"$16.0"},{"v":16,"d":"$16.00"},{"v":34,"d":"$34.00"},{"v":34,"d":"$34.00"},{"v":50,"d":"$50.0"},{"v":50,"d":"$50"}]
[{"$f":"IF(I1647<>\"\",1+MAX($A$6:A1646),\"\")","v":1176},"E1.0","E3.0",null,"Receptacle, Voltage: 240V, Ampere: 20A",1,{"v":0,"d":"0%"},1,"EA",{"v":12.8,"d":"$12.8"},{"v":12.8,"d":"$12.80"},{"v":27.200000000000003,"d":"$27.20"},{"v":27.200000000000003,"d":"$27.20"},{"v":40,"d":"$40.0"},{"v":40,"d":"$40"}]
[{"$f":"IF(I1648<>\"\",1+MAX($A$6:A1647),\"\")","v":1177},"E1.0","E3.0",null,"Wall Sconce",1,{"v":0,"d":"0%"},1,"EA",{"v":51.84,"d":"$51.8"},{"v":51.84,"d":"$51.84"},{"v":162,"d":"$162.00"},{"v":162,"d":"$162.00"},{"v":213.84,"d":"$213.8"},{"v":213.84,"d":"$214"}]
[{"$f":"IF(I1649<>\"\",1+MAX($A$6:A1648),\"\")","v":1178},"E1.0","E4.0",null,"Ceiling Fan With LED, Manufacturer: Lightology",2,{"v":0,"d":"0%"},2,"EA",{"v":73.60000000000001,"d":"$73.6"},{"v":147.20000000000002,"d":"$147.20"},{"v":230,"d":"$230.00"},{"v":460,"d":"$460.00"},{"v":303.6,"d":"$303.6"},{"v":607.2,"d":"$607"}]
[{"$f":"IF(I1650<>\"\",1+MAX($A$6:A1649),\"\")","v":1179},"E1.0","E4.0",null,"Vacancy Sensor Switch Control",2,{"v":0,"d":"0%"},2,"EA",{"v":8.96,"d":"$9.0"},{"$f":"J1650*H1650","v":{"v":17.92,"d":"$17.92"}},{"v":28,"d":"$28.00"},{"$f":"L1650*H1650","v":{"v":56,"d":"$56.00"}},{"v":36.96,"d":"$37.0"},{"v":73.92,"d":"$74"}]
[{"$f":"IF(I1651<>\"\",1+MAX($A$6:A1650),\"\")","v":""}]
[{"$f":"IF(I1652<>\"\",1+MAX($A$6:A1651),\"\")","v":""},{"$nulls":3},"SWITCHES"]
[{"$f":"IF(I1653<>\"\",1+MAX($A$6:A1652),\"\")","v":""}]
[{"$f":"IF(I1654<>\"\",1+MAX($A$6:A1653),\"\")","v":1180},"E1.0","E3.0",null,"30A, 2P Disconnect Switch",4,{"v":0,"d":"0%"},{"$f":"F1654*(1+G1654)","v":4},"EA",{"v":28.8,"d":"$28.8"},{"$f":"J1654*H1654","v":{"v":115.2,"d":"$115.20"}},{"v":90,"d":"$90.00"},{"$f":"L1654*H1654","v":{"v":360,"d":"$360.00"}},{"v":118.8,"d":"$118.8"},{"$f":"N1654*H1654","v":{"v":475.2,"d":"$475"}}]
[{"$f":"IF(I1655<>\"\",1+MAX($A$6:A1654),\"\")","v":1181},"E1.0","E3.0",null,"60A, 2P Disconnect Switch",2,{"v":0,"d":"0%"},2,"EA",{"v":52.480000000000004,"d":"$52.5"},{"$f":"J1655*H1655","v":{"v":104.96000000000001,"d":"$104.96"}},{"v":164,"d":"$164.00"},{"$f":"L1655*H1655","v":{"v":328,"d":"$328.00"}},{"v":216.48000000000002,"d":"$216.5"},{"v":432.96000000000004,"d":"$433"}]
[{"$f":"IF(I1656<>\"\",1+MAX($A$6:A1655),\"\")","v":1182},"E1.0","E4.0",null,"Single Pole Switch",19,{"v":0,"d":"0%"},19,"EA",{"v":5.44,"d":"$5.4"},{"$f":"J1656*H1656","v":{"v":103.36000000000001,"d":"$103.36"}},{"v":17,"d":"$17.00"},{"$f":"L1656*H1656","v":{"v":323,"d":"$323.00"}},{"v":22.44,"d":"$22.4"},{"v":426.36,"d":"$426"}]
[{"$f":"IF(I1657<>\"\",1+MAX($A$6:A1656),\"\")","v":1183},"E1.0","E3.0",null,"Motor Starter Switch",1,{"v":0,"d":"0%"},1,"EA",{"v":8,"d":"$8.0"},{"$f":"J1657*H1657","v":{"v":8,"d":"$8.00"}},{"v":25,"d":"$25.00"},{"$f":"L1657*H1657","v":{"v":25,"d":"$25.00"}},{"v":33,"d":"$33.0"},{"v":33,"d":"$33"}]
[{"$f":"IF(I1658<>\"\",1+MAX($A$6:A1657),\"\")","v":1184},"E1.0","E4.0",null,"Dimmers Switch",15,{"v":0,"d":"0%"},15,"EA",{"v":6.08,"d":"$6.1"},{"$f":"J1658*H1658","v":{"v":91.2,"d":"$91.20"}},{"v":19,"d":"$19.00"},{"$f":"L1658*H1658","v":{"v":285,"d":"$285.00"}},{"v":25.08,"d":"$25.1"},{"v":376.2,"d":"$376"}]
[{"$f":"IF(I1659<>\"\",1+MAX($A$6:A1658),\"\")","v":""}]
[{"$f":"IF(I1660<>\"\",1+MAX($A$6:A1659),\"\")","v":""},{"$nulls":3},"LIGHTING"]
[{"$f":"IF(I1661<>\"\",1+MAX($A$6:A1660),\"\")","v":1185},"E4.0","E4.0",null,"4\" Recessed LED Down light, Manufacturer: Juno Lighting",49,{"v":0,"d":"0%"},{"$f":"F1661*(1+G1661)","v":49},"EA",{"v":21.12,"d":"$21.1"},{"$f":"J1661*H1661","v":{"v":1034.88,"d":"$1,034.88"}},{"v":66,"d":"$66.00"},{"$f":"L1661*H1661","v":{"v":3234,"d":"$3,234.00"}},{"v":87.12,"d":"$87.1"},{"$f":"N1661*H1661","v":{"v":4268.88,"d":"$4,269"}}]
[{"$f":"IF(I1662<>\"\",1+MAX($A$6:A1661),\"\")","v":1186},"E4.0","E4.0",null,"4\" Recessed LED Down light (Waterproof), Manufacturer: Juno Lighting",3,{"v":0,"d":"0%"},3,"EA",{"v":23.04,"d":"$23.0"},{"v":69.12,"d":"$69.12"},{"v":72,"d":"$72.00"},{"v":216,"d":"$216.00"},{"v":95.03999999999999,"d":"$95.0"},{"v":285.12,"d":"$285"}]
[{"$f":"IF(I1663<>\"\",1+MAX($A$6:A1662),\"\")","v":1187},"E4.0","E4.0",null,"Outdoor Wall Sconce, Manufacturer: Lithonia Lighting",6,{"v":0,"d":"0%"},6,"EA",{"v":51.84,"d":"$51.8"},{"$f":"J1663*H1663","v":{"v":311.04,"d":"$311.04"}},{"v":162,"d":"$162.00"},{"$f":"L1663*H1663","v":{"v":972,"d":"$972.00"}},{"v":213.84,"d":"$213.8"},{"v":1283.04,"d":"$1,283"}]
[{"$f":"IF(I1664<>\"\",1+MAX($A$6:A1663),\"\")","v":1188},"E4.0","E4.0",null,"Indoor Vanity Light, Manufacturer: Lithonia Lighting",3,{"v":0,"d":"0%"},3,"EA",{"v":45.32,"d":"$45.3"},{"v":135.96,"d":"$135.96"},{"v":103,"d":"$103.00"},{"v":309,"d":"$309.00"},{"v":148.32,"d":"$148.3"},{"v":444.96,"d":"$445"}]
[{"$f":"IF(I1665<>\"\",1+MAX($A$6:A1664),\"\")","v":1189},"E4.0","E4.0",null,"Under cabinet Light, Manufacturer: Lithonia Lighting",4,{"v":0,"d":"0%"},4,"EA",{"v":15.12,"d":"$15.1"},{"v":60.48,"d":"$60.48"},{"v":36,"d":"$36.00"},{"v":144,"d":"$144.00"},{"v":51.12,"d":"$51.1"},{"v":204.48,"d":"$204"}]
[{"$f":"IF(I1666<>\"\",1+MAX($A$6:A1665),\"\")","v":1190},"E4.0","E4.0",null,"Indoor Wall Sconce, Manufacturer: Modern Forms",1,{"v":0,"d":"0%"},1,"EA",{"v":51.84,"d":"$51.8"},{"v":51.84,"d":"$51.84"},{"v":162,"d":"$162.00"},{"v":162,"d":"$162.00"},{"v":213.84,"d":"$213.8"},{"v":213.84,"d":"$214"}]
[{"$f":"IF(I1667<>\"\",1+MAX($A$6:A1666),\"\")","v":1191},"E4.0","E4.0",null,"Large Pendant Light Fixture With LED Driver, Manufacturer: WINONA Lighting",1,{"v":0,"d":"0%"},1,"EA",{"v":176,"d":"$176.0"},{"v":176,"d":"$176.00"},{"v":550,"d":"$550.00"},{"v":550,"d":"$550.00"},{"v":726,"d":"$726.0"},{"v":726,"d":"$726"}]
[{"$f":"IF(I1668<>\"\",1+MAX($A$6:A1667),\"\")","v":1192},"E4.0","E4.0",null,"Strip Light Suitable Or Wet Location, Manufacturer: Modern Forms",{"v":47.52,"d":"48"},{"v":0.1,"d":"10%"},{"v":52.272000000000006,"d":"52"},"LF",{"v":2.88,"d":"$2.9"},{"v":150.54336,"d":"$150.54"},{"v":6.12,"d":"$6.12"},{"v":319.90464000000003,"d":"$319.90"},{"v":9,"d":"$9.0"},{"v":470.44800000000004,"d":"$470"}]
[{"$f":"IF(I1669<>\"\",1+MAX($A$6:A1668),\"\")","v":1193},"E4.0","E4.0",null,"Strip Light, Manufacturer: Just LED + Lights",{"v":125.2,"d":"125"},{"v":0.1,"d":"10%"},{"v":137.72000000000003,"d":"138"},"LF",{"v":2.88,"d":"$2.9"},{"$f":"J1669*H1669","v":{"v":396.63360000000006,"d":"$396.63"}},{"v":6.12,"d":"$6.12"},{"$f":"L1669*H1669","v":{"v":842.8464000000001,"d":"$842.85"}},{"v":9,"d":"$9.0"},{"v":1239.4800000000002,"d":"$1,239"}]
[{"$f":"IF(I1670<>\"\",1+MAX($A$6:A1669),\"\")","v":""}]
[{"$f":"IF(I1671<>\"\",1+MAX($A$6:A1670),\"\")","v":""},{"$nulls":3},"FIRST FLOOR"]
[{"$f":"IF(I1672<>\"\",1+MAX($A$6:A1671),\"\")","v":""}]
[{"$f":"IF(I1673<>\"\",1+MAX($A$6:A1672),\"\")","v":""},{"$nulls":3},"POWER FIXTURE"]
[{"$f":"IF(I1674<>\"\",1+MAX($A$6:A1673),\"\")","v":1194},"E1.0","E3.1",null,"Simplex Receptacle",9,{"v":0,"d":"0%"},{"$f":"F1674*(1+G1674)","v":9},"EA",{"v":11.200000000000001,"d":"$11.2"},{"$f":"J1674*H1674","v":{"v":100.80000000000001,"d":"$100.80"}},{"v":23.8,"d":"$23.80"},{"$f":"L1674*H1674","v":{"v":214.20000000000002,"d":"$214.20"}},{"v":35,"d":"$35.0"},{"$f":"N1674*H1674","v":{"v":315,"d":"$315"}}]
[{"$f":"IF(I1675<>\"\",1+MAX($A$6:A1674),\"\")","v":1195},"E1.0","E3.1",null,"Simplex Receptacle - Ground Fault Circuit Interrupter",5,{"v":0,"d":"0%"},5,"EA",{"v":14.4,"d":"$14.4"},{"v":72,"d":"$72.00"},{"v":30.6,"d":"$30.60"},{"v":153,"d":"$153.00"},{"v":45,"d":"$45.0"},{"v":225,"d":"$225"}]
[{"$f":"IF(I1676<>\"\",1+MAX($A$6:A1675),\"\")","v":1196},"E1.0","E3.1",null,"Duplex Receptacle",4,{"v":0,"d":"0%"},4,"EA",{"v":19.2,"d":"$19.2"},{"$f":"J1676*H1676","v":{"v":76.8,"d":"$76.80"}},{"v":40.800000000000004,"d":"$40.80"},{"$f":"L1676*H1676","v":{"v":163.20000000000002,"d":"$163.20"}},{"v":60,"d":"$60.0"},{"v":240,"d":"$240"}]
[{"$f":"IF(I1677<>\"\",1+MAX($A$6:A1676),\"\")","v":1197},"E1.0","E3.1",null,"Duplex Receptacle w/ USB",2,{"v":0,"d":"0%"},2,"EA",{"v":27.2,"d":"$27.2"},{"v":54.4,"d":"$54.40"},{"v":57.800000000000004,"d":"$57.80"},{"v":115.60000000000001,"d":"$115.60"},{"v":85,"d":"$85.0"},{"v":170,"d":"$170"}]
[{"$f":"IF(I1678<>\"\",1+MAX($A$6:A1677),\"\")","v":1198},"E1.0","E3.1",null,"Duplex Receptacle - Ground Fault Circuit Interrupter",28,{"v":0,"d":"0%"},28,"EA",{"v":22.400000000000002,"d":"$22.4"},{"v":627.2,"d":"$627.20"},{"v":47.6,"d":"$47.60"},{"v":1332.8,"d":"$1,332.80"},{"v":70,"d":"$70.0"},{"v":1960,"d":"$1,960"}]
[{"$f":"IF(I1679<>\"\",1+MAX($A$6:A1678),\"\")","v":1199},"E1.0","E3.1",null,"Duplex Receptacle - Ground Fault Circuit Interrupter (Waterproof)",16,{"v":0,"d":"0%"},16,"EA",{"v":22.400000000000002,"d":"$22.4"},{"v":358.40000000000003,"d":"$358.40"},{"v":47.6,"d":"$47.60"},{"v":761.6,"d":"$761.60"},{"v":70,"d":"$70.0"},{"v":1120,"d":"$1,120"}]
[{"$f":"IF(I1680<>\"\",1+MAX($A$6:A1679),\"\")","v":1200},"E1.0","E3.1",null,"Duplex Receptacle - Arc Fault Circuit Interrupted",26,{"v":0,"d":"0%"},26,"EA",{"v":22.400000000000002,"d":"$22.4"},{"v":582.4000000000001,"d":"$582.40"},{"v":47.6,"d":"$47.60"},{"v":1237.6000000000001,"d":"$1,237.60"},{"v":70,"d":"$70.0"},{"v":1820,"d":"$1,820"}]
[{"$f":"IF(I1681<>\"\",1+MAX($A$6:A1680),\"\")","v":1201},"E1.0","E3.1",null,"Duplex Receptacle w/ USB - Arc Fault Circuit Interrupted",2,{"v":0,"d":"0%"},2,"EA",{"v":28.8,"d":"$28.8"},{"v":57.6,"d":"$57.60"},{"v":61.2,"d":"$61.20"},{"v":122.4,"d":"$122.40"},{"v":90,"d":"$90.0"},{"v":180,"d":"$180"}]
[{"$f":"IF(I1682<>\"\",1+MAX($A$6:A1681),\"\")","v":1202},"E1.0","E3.1",null,"Duplex Receptacle on a Dedicated Circuit - GFCI",1,{"v":0,"d":"0%"},1,"EA",{"v":22.400000000000002,"d":"$22.4"},{"v":22.400000000000002,"d":"$22.40"},{"v":47.6,"d":"$47.60"},{"v":47.6,"d":"$47.60"},{"v":70,"d":"$70.0"},{"v":70,"d":"$70"}]
[{"$f":"IF(I1683<>\"\",1+MAX($A$6:A1682),\"\")","v":1203},"E1.0","E3.1",null,"Quadruplex Receptacle",2,{"v":0,"d":"0%"},2,"EA",{"v":33.6,"d":"$33.6"},{"v":67.2,"d":"$67.20"},{"v":86.39999999999999,"d":"$86.40"},{"v":172.79999999999998,"d":"$172.80"},{"v":120,"d":"$120.0"},{"v":240,"d":"$240"}]
[{"$f":"IF(I1684<>\"\",1+MAX($A$6:A1683),\"\")","v":1204},"E1.0","E3.1",null,"Thermostat",6,{"v":0,"d":"0%"},6,"EA",{"v":25.2,"d":"$25.2"},{"v":151.2,"d":"$151.20"},{"v":60,"d":"$60.00"},{"v":360,"d":"$360.00"},{"v":85.2,"d":"$85.2"},{"v":511.20000000000005,"d":"$511"}]
[{"$f":"IF(I1685<>\"\",1+MAX($A$6:A1684),\"\")","v":1205},"E1.0","E3.1",null,"Junction Box",14,{"v":0,"d":"0%"},14,"EA",{"v":64,"d":"$64.0"},{"v":896,"d":"$896.00"},{"v":136,"d":"$136.00"},{"v":1904,"d":"$1,904.00"},{"v":200,"d":"$200.0"},{"v":2800,"d":"$2,800"}]
[{"$f":"IF(I1686<>\"\",1+MAX($A$6:A1685),\"\")","v":1206},"E1.0","E3.1",null,"Smoke Detector",5,{"v":0,"d":"0%"},5,"EA",{"v":42.00000000000001,"d":"$42.0"},{"v":210.00000000000003,"d":"$210.00"},{"v":108,"d":"$108.00"},{"v":540,"d":"$540.00"},{"v":150,"d":"$150.0"},{"v":750,"d":"$750"}]
[{"$f":"IF(I1687<>\"\",1+MAX($A$6:A1686),\"\")","v":1207},"E1.0","E3.1",null,"Telephone & Data Outlet",5,{"v":0,"d":"0%"},5,"EA",{"v":38.4,"d":"$38.4"},{"v":192,"d":"$192.00"},{"v":81.60000000000001,"d":"$81.60"},{"v":408.00000000000006,"d":"$408.00"},{"v":120,"d":"$120.0"},{"v":600,"d":"$600"}]
[{"$f":"IF(I1688<>\"\",1+MAX($A$6:A1687),\"\")","v":1208},"E1.0","E3.1",null,"Carbon Monoxide Detector",3,{"v":0,"d":"0%"},3,"EA",{"v":84,"d":"$84.0"},{"v":252,"d":"$252.00"},{"v":115.99999999999999,"d":"$116.00"},{"v":347.99999999999994,"d":"$348.00"},{"v":200,"d":"$200.0"},{"v":600,"d":"$600"}]
[{"$f":"IF(I1689<>\"\",1+MAX($A$6:A1688),\"\")","v":1209},"E1.0","E3.1",null,"CATV Outlet",5,{"v":0,"d":"0%"},5,"EA",{"v":25.6,"d":"$25.6"},{"v":128,"d":"$128.00"},{"v":54.400000000000006,"d":"$54.40"},{"v":272,"d":"$272.00"},{"v":80,"d":"$80.0"},{"v":400,"d":"$400"}]
[{"$f":"IF(I1690<>\"\",1+MAX($A$6:A1689),\"\")","v":1210},"E1.0","E3.1",null,"Wall Sconce",4,{"v":0,"d":"0%"},4,"EA",{"v":51.84,"d":"$51.8"},{"v":207.36,"d":"$207.36"},{"v":162,"d":"$162.00"},{"v":648,"d":"$648.00"},{"v":213.84,"d":"$213.8"},{"v":855.36,"d":"$855"}]
[{"$f":"IF(I1691<>\"\",1+MAX($A$6:A1690),\"\")","v":1211},"E1.0","E3.1",null,"Receptacle,Voltage:240V, Ampere: 30A, NEMA Configuration",2,{"v":0,"d":"0%"},2,"EA",{"v":16,"d":"$16.0"},{"v":32,"d":"$32.00"},{"v":34,"d":"$34.00"},{"v":68,"d":"$68.00"},{"v":50,"d":"$50.0"},{"v":100,"d":"$100"}]
[{"$f":"IF(I1692<>\"\",1+MAX($A$6:A1691),\"\")","v":1212},"E1.0","E3.1",null,"Receptacle, Voltage: 240V, Ampere: 20A",2,{"v":0,"d":"0%"},2,"EA",{"v":12.8,"d":"$12.8"},{"v":25.6,"d":"$25.60"},{"v":27.200000000000003,"d":"$27.20"},{"v":54.400000000000006,"d":"$54.40"},{"v":40,"d":"$40.0"},{"v":80,"d":"$80"}]
[{"$f":"IF(I1693<>\"\",1+MAX($A$6:A1692),\"\")","v":1213},"E1.0","E3.1",null,"Receptacle -Ground Fault Circuit Interrupter, Voltage: 240V, Ampere: 40A ",1,{"v":0,"d":"0%"},1,"EA",{"v":20.8,"d":"$20.8"},{"v":20.8,"d":"$20.80"},{"v":44.2,"d":"$44.20"},{"v":44.2,"d":"$44.20"},{"v":65,"d":"$65.0"},{"v":65,"d":"$65"}]
[{"$f":"IF(I1694<>\"\",1+MAX($A$6:A1693),\"\")","v":1214},"E1.0","E3.1",null,"Intersystem Bonding Termination",1,{"v":0,"d":"0%"},1,"EA",{"v":73.60000000000001,"d":"$73.6"},{"v":73.60000000000001,"d":"$73.60"},{"v":230,"d":"$230.00"},{"v":230,"d":"$230.00"},{"v":303.6,"d":"$303.6"},{"v":303.6,"d":"$304"}]
[{"$f":"IF(I1695<>\"\",1+MAX($A$6:A1694),\"\")","v":1215},"E1.0","E3.1",null,"EMON/DMON Meter",1,{"v":0,"d":"0%"},1,"EA",{"v":376.96,"d":"$377.0"},{"v":376.96,"d":"$376.96"},{"v":1178,"d":"$1,178.00"},{"v":1178,"d":"$1,178.00"},{"v":1554.96,"d":"$1,555.0"},{"v":1554.96,"d":"$1,555"}]
[{"$f":"IF(I1696<>\"\",1+MAX($A$6:A1695),\"\")","v":1216},"E1.0","E3.1",null,"Receptacle, Voltage: 240V, Ampere: 50A",1,{"v":0,"d":"0%"},1,"EA",{"v":27.2,"d":"$27.2"},{"v":27.2,"d":"$27.20"},{"v":57.800000000000004,"d":"$57.80"},{"v":57.800000000000004,"d":"$57.80"},{"v":85,"d":"$85.0"},{"v":85,"d":"$85"}]
[{"$f":"IF(I1697<>\"\",1+MAX($A$6:A1696),\"\")","v":1217},"E1.0","E3.1",null,"Receptacle-Ground Fault Circuit Interrupter, Voltage: 120V, Ampere: 15A OR 20A (Weather Proof)",1,{"v":0,"d":"0%"},1,"EA",{"v":24,"d":"$24.0"},{"v":24,"d":"$24.00"},{"v":51.00000000000001,"d":"$51.00"},{"v":51.00000000000001,"d":"$51.00"},{"v":75,"d":"$75.0"},{"v":75,"d":"$75"}]
[{"$f":"IF(I1698<>\"\",1+MAX($A$6:A1697),\"\")","v":1218},"E1.0","E4.1",null,"Vacancy Sensor Switch Control",4,{"v":0,"d":"0%"},4,"EA",{"v":8.96,"d":"$9.0"},{"$f":"J1698*H1698","v":{"v":35.84,"d":"$35.84"}},{"v":28,"d":"$28.00"},{"$f":"L1698*H1698","v":{"v":112,"d":"$112.00"}},{"v":36.96,"d":"$37.0"},{"v":147.84,"d":"$148"}]
[{"$f":"IF(I1699<>\"\",1+MAX($A$6:A1698),\"\")","v":1219},"E1.0","E3.1",null,"Time Clock",1,{"v":0,"d":"0%"},1,"EA",{"v":41.6,"d":"$41.6"},{"$f":"J1699*H1699","v":{"v":41.6,"d":"$41.60"}},{"v":130,"d":"$130.00"},{"$f":"L1699*H1699","v":{"v":130,"d":"$130.00"}},{"v":171.6,"d":"$171.6"},{"v":171.6,"d":"$172"}]
[{"$f":"IF(I1700<>\"\",1+MAX($A$6:A1699),\"\")","v":1220},"E1.0","E4.1",null,"Ceiling Fan With LED, Manufacturer: Lightology",1,{"v":0,"d":"0%"},1,"EA",{"v":73.60000000000001,"d":"$73.6"},{"v":73.60000000000001,"d":"$73.60"},{"v":230,"d":"$230.00"},{"v":230,"d":"$230.00"},{"v":303.6,"d":"$303.6"},{"v":303.6,"d":"$304"}]
[{"$f":"IF(I1701<>\"\",1+MAX($A$6:A1700),\"\")","v":1221},"E1.0","E3.1",null,"Power Strip",{"v":49.41,"d":"49"},{"v":0.1,"d":"10%"},{"v":54.351,"d":"54"},"LF",{"v":5.824,"d":"$5.8"},{"v":316.54022399999997,"d":"$316.54"},{"v":18.2,"d":"$18.20"},{"v":989.1881999999999,"d":"$989.19"},{"v":24.024,"d":"$24.0"},{"v":1305.7284240000001,"d":"$1,306"}]
[{"$f":"IF(I1702<>\"\",1+MAX($A$6:A1701),\"\")","v":""}]
[{"$f":"IF(I1703<>\"\",1+MAX($A$6:A1702),\"\")","v":""},{"$nulls":3},"SWITCHES"]
[{"$f":"IF(I1704<>\"\",1+MAX($A$6:A1703),\"\")","v":""}]
[{"$f":"IF(I1705<>\"\",1+MAX($A$6:A1704),\"\")","v":1222},"E1.0","E3.1",null,"30A, 2P Disconnect Switch",6,{"v":0,"d":"0%"},{"$f":"F1705*(1+G1705)","v":6},"EA",{"v":28.8,"d":"$28.8"},{"$f":"J1705*H1705","v":{"v":172.8,"d":"$172.80"}},{"v":90,"d":"$90.00"},{"$f":"L1705*H1705","v":{"v":540,"d":"$540.00"}},{"v":118.8,"d":"$118.8"},{"$f":"N1705*H1705","v":{"v":712.8,"d":"$713"}}]
[{"$f":"IF(I1706<>\"\",1+MAX($A$6:A1705),\"\")","v":1223},"E1.0","E3.1",null,"60A, 2P Disconnect Switch (Waterproof)",2,{"v":0,"d":"0%"},2,"EA",{"v":55.36,"d":"$55.4"},{"v":110.72,"d":"$110.72"},{"v":173,"d":"$173.00"},{"v":346,"d":"$346.00"},{"v":228.36,"d":"$228.4"},{"v":456.72,"d":"$457"}]
[{"$f":"IF(I1707<>\"\",1+MAX($A$6:A1706),\"\")","v":1224},"E1.0","E4.1",null,"Single Pole Switch",38,{"v":0,"d":"0%"},38,"EA",{"v":5.44,"d":"$5.4"},{"v":206.72000000000003,"d":"$206.72"},{"v":17,"d":"$17.00"},{"v":646,"d":"$646.00"},{"v":22.44,"d":"$22.4"},{"v":852.72,"d":"$853"}]
[{"$f":"IF(I1708<>\"\",1+MAX($A$6:A1707),\"\")","v":1225},"E1.0","E4.1",null,"3- Way Switch With Integral Neon Pilot Light",2,{"v":0,"d":"0%"},2,"EA",{"v":8.32,"d":"$8.3"},{"v":16.64,"d":"$16.64"},{"v":26,"d":"$26.00"},{"v":52,"d":"$52.00"},{"v":34.32,"d":"$34.3"},{"v":68.64,"d":"$69"}]
[{"$f":"IF(I1709<>\"\",1+MAX($A$6:A1708),\"\")","v":1226},"E1.0","E4.1",null,"Single Pole Switch With Integral Neon Pilot Light",1,{"v":0,"d":"0%"},1,"EA",{"v":7.36,"d":"$7.4"},{"v":7.36,"d":"$7.36"},{"v":23,"d":"$23.00"},{"v":23,"d":"$23.00"},{"v":30.36,"d":"$30.4"},{"v":30.36,"d":"$30"}]
[{"$f":"IF(I1710<>\"\",1+MAX($A$6:A1709),\"\")","v":1227},"E1.0","E3.1",null,"Motor Starter Switch",4,{"v":0,"d":"0%"},4,"EA",{"v":8,"d":"$8.0"},{"v":32,"d":"$32.00"},{"v":25,"d":"$25.00"},{"v":100,"d":"$100.00"},{"v":33,"d":"$33.0"},{"v":132,"d":"$132"}]
[{"$f":"IF(I1711<>\"\",1+MAX($A$6:A1710),\"\")","v":1228},"E1.0","E4.1",null,"Dimmers Switch",29,{"v":0,"d":"0%"},29,"EA",{"v":6.08,"d":"$6.1"},{"v":176.32,"d":"$176.32"},{"v":19,"d":"$19.00"},{"v":551,"d":"$551.00"},{"v":25.08,"d":"$25.1"},{"v":727.3199999999999,"d":"$727"}]
[{"$f":"IF(I1712<>\"\",1+MAX($A$6:A1711),\"\")","v":""}]
[{"$f":"IF(I1713<>\"\",1+MAX($A$6:A1712),\"\")","v":""},{"$nulls":3},"LIGHTING"]
[{"$f":"IF(I1714<>\"\",1+MAX($A$6:A1713),\"\")","v":1229},"E4.1","E4.1",null,"4\" Recessed LED Down light, Manufacturer: Juno Lighting",80,{"v":0,"d":"0%"},{"$f":"F1714*(1+G1714)","v":80},"EA",{"v":21.12,"d":"$21.1"},{"$f":"J1714*H1714","v":{"v":1689.6000000000001,"d":"$1,689.60"}},{"v":66,"d":"$66.00"},{"$f":"L1714*H1714","v":{"v":5280,"d":"$5,280.00"}},{"v":87.12,"d":"$87.1"},{"$f":"N1714*H1714","v":{"v":6969.6,"d":"$6,970"}}]
[{"$f":"IF(I1715<>\"\",1+MAX($A$6:A1714),\"\")","v":1230},"E4.1","E4.1",null,"4\" Recessed LED Down light w/ Battery Backup, Manufacturer: Juno Lighting",12,{"v":0,"d":"0%"},12,"EA",{"v":23.04,"d":"$23.0"},{"v":276.48,"d":"$276.48"},{"v":72,"d":"$72.00"},{"v":864,"d":"$864.00"},{"v":95.03999999999999,"d":"$95.0"},{"v":1140.48,"d":"$1,140"}]
[{"$f":"IF(I1716<>\"\",1+MAX($A$6:A1715),\"\")","v":1231},"E4.1","E4.1",null,"4\" Recessed LED Down light (Waterproof), Manufacturer: Juno Lighting",3,{"v":0,"d":"0%"},3,"EA",{"v":23.04,"d":"$23.0"},{"v":69.12,"d":"$69.12"},{"v":72,"d":"$72.00"},{"v":216,"d":"$216.00"},{"v":95.03999999999999,"d":"$95.0"},{"v":285.12,"d":"$285"}]
[{"$f":"IF(I1717<>\"\",1+MAX($A$6:A1716),\"\")","v":1232},"E4.1","E4.1",null,"Outdoor Wall Sconce, Manufacturer: Lithonia Lighting",12,{"v":0,"d":"0%"},12,"EA",{"v":51.84,"d":"$51.8"},{"$f":"J1717*H1717","v":{"v":622.08,"d":"$622.08"}},{"v":162,"d":"$162.00"},{"$f":"L1717*H1717","v":{"v":1944,"d":"$1,944.00"}},{"v":213.84,"d":"$213.8"},{"v":2566.08,"d":"$2,566"}]
[{"$f":"IF(I1718<>\"\",1+MAX($A$6:A1717),\"\")","v":1233},"E4.1","E4.1",null,"Indoor Vanity Light, Manufacturer: Lithonia Lighting",3,{"v":0,"d":"0%"},3,"EA",{"v":45.32,"d":"$45.3"},{"v":135.96,"d":"$135.96"},{"v":103,"d":"$103.00"},{"v":309,"d":"$309.00"},{"v":148.32,"d":"$148.3"},{"v":444.96,"d":"$445"}]
[{"$f":"IF(I1719<>\"\",1+MAX($A$6:A1718),\"\")","v":1234},"E4.1","E4.1",null,"Under cabinet Light, Manufacturer: Lithonia Lighting",3,{"v":0,"d":"0%"},3,"EA",{"v":15.12,"d":"$15.1"},{"v":45.36,"d":"$45.36"},{"v":36,"d":"$36.00"},{"v":108,"d":"$108.00"},{"v":51.12,"d":"$51.1"},{"v":153.35999999999999,"d":"$153"}]
[{"$f":"IF(I1720<>\"\",1+MAX($A$6:A1719),\"\")","v":1235},"E4.1","E4.1",null,"Indoor Wall Sconce, Manufacturer: Modern Forms",8,{"v":0,"d":"0%"},8,"EA",{"v":51.84,"d":"$51.8"},{"v":414.72,"d":"$414.72"},{"v":162,"d":"$162.00"},{"v":1296,"d":"$1,296.00"},{"v":213.84,"d":"$213.8"},{"v":1710.72,"d":"$1,711"}]
[{"$f":"IF(I1721<>\"\",1+MAX($A$6:A1720),\"\")","v":1236},"E4.1","E4.1",null,"2\"x4\" LED Recessed Light Fixture, Manufacturer: Philips Lighting",3,{"v":0,"d":"0%"},3,"EA",{"v":32.64,"d":"$32.6"},{"v":97.92,"d":"$97.92"},{"v":102,"d":"$102.00"},{"v":306,"d":"$306.00"},{"v":134.64,"d":"$134.6"},{"v":403.91999999999996,"d":"$404"}]
[{"$f":"IF(I1722<>\"\",1+MAX($A$6:A1721),\"\")","v":1237},"E4.1","E4.1",null,"Large Pendant Light Fixture, Manufacturer: Winona Lighting",8,{"v":0,"d":"0%"},8,"EA",{"v":176,"d":"$176.0"},{"v":1408,"d":"$1,408.00"},{"v":550,"d":"$550.00"},{"v":4400,"d":"$4,400.00"},{"v":726,"d":"$726.0"},{"v":5808,"d":"$5,808"}]
[{"$f":"IF(I1723<>\"\",1+MAX($A$6:A1722),\"\")","v":1238},"E4.1","E4.1",null,"Small Pendant Light Fixture, Manufacturer: American De Rose Lamp arts LLC",9,{"v":0,"d":"0%"},9,"EA",{"v":112,"d":"$112.0"},{"v":1008,"d":"$1,008.00"},{"v":350,"d":"$350.00"},{"v":3150,"d":"$3,150.00"},{"v":462,"d":"$462.0"},{"v":4158,"d":"$4,158"}]
[{"$f":"IF(I1724<>\"\",1+MAX($A$6:A1723),\"\")","v":1239},"E4.1","E4.1",null,"Strip Light Suitable Or Wet Location, Manufacturer: Modern Forms",{"v":58.3,"d":"58"},{"v":0.1,"d":"10%"},{"v":64.13,"d":"64"},"LF",{"v":2.88,"d":"$2.9"},{"v":184.69439999999997,"d":"$184.69"},{"v":6.12,"d":"$6.12"},{"v":392.4756,"d":"$392.48"},{"v":9,"d":"$9.0"},{"v":577.17,"d":"$577"}]
[{"$f":"IF(I1725<>\"\",1+MAX($A$6:A1724),\"\")","v":1240},"E4.1","E4.1",null,"Strip Light, Manufacturer: Just LED + Lights",{"v":237.47,"d":"237"},{"v":0.1,"d":"10%"},{"v":261.21700000000004,"d":"261"},"LF",{"v":2.88,"d":"$2.9"},{"v":752.30496,"d":"$752.30"},{"v":6.12,"d":"$6.12"},{"v":1598.6480400000003,"d":"$1,598.65"},{"v":9,"d":"$9.0"},{"v":2350.9530000000004,"d":"$2,351"}]
[{"$f":"IF(I1726<>\"\",1+MAX($A$6:A1725),\"\")","v":""}]
[{"$f":"IF(I1727<>\"\",1+MAX($A$6:A1726),\"\")","v":""},{"$nulls":3},"SECOND FLOOR"]
[{"$f":"IF(I1728<>\"\",1+MAX($A$6:A1727),\"\")","v":""}]
[{"$f":"IF(I1729<>\"\",1+MAX($A$6:A1728),\"\")","v":""},{"$nulls":3},"POWER FIXTURE"]
[{"$f":"IF(I1730<>\"\",1+MAX($A$6:A1729),\"\")","v":1241},"E1.0","E3.2",null,"Simplex Receptacle",1,{"v":0,"d":"0%"},{"$f":"F1730*(1+G1730)","v":1},"EA",{"v":11.200000000000001,"d":"$11.2"},{"$f":"J1730*H1730","v":{"v":11.200000000000001,"d":"$11.20"}},{"v":23.8,"d":"$23.80"},{"$f":"L1730*H1730","v":{"v":23.8,"d":"$23.80"}},{"v":35,"d":"$35.0"},{"$f":"N1730*H1730","v":{"v":35,"d":"$35"}}]
[{"$f":"IF(I1731<>\"\",1+MAX($A$6:A1730),\"\")","v":1242},"E1.0","E3.2",null,"Duplex Receptacle",1,{"v":0,"d":"0%"},1,"EA",{"v":19.2,"d":"$19.2"},{"$f":"J1731*H1731","v":{"v":19.2,"d":"$19.20"}},{"v":40.800000000000004,"d":"$40.80"},{"$f":"L1731*H1731","v":{"v":40.800000000000004,"d":"$40.80"}},{"v":60,"d":"$60.0"},{"v":60,"d":"$60"}]
[{"$f":"IF(I1732<>\"\",1+MAX($A$6:A1731),\"\")","v":1243},"E1.0","E3.2",null,"Duplex Receptacle - Ground Fault Circuit Interrupter",12,{"v":0,"d":"0%"},12,"EA",{"v":22.400000000000002,"d":"$22.4"},{"v":268.8,"d":"$268.80"},{"v":47.6,"d":"$47.60"},{"v":571.2,"d":"$571.20"},{"v":70,"d":"$70.0"},{"v":840,"d":"$840"}]
[{"$f":"IF(I1733<>\"\",1+MAX($A$6:A1732),\"\")","v":1244},"E1.0","E3.2",null,"Duplex Receptacle - Ground Fault Circuit Interrupter (Waterproof)",3,{"v":0,"d":"0%"},3,"EA",{"v":22.400000000000002,"d":"$22.4"},{"v":67.2,"d":"$67.20"},{"v":47.6,"d":"$47.60"},{"v":142.8,"d":"$142.80"},{"v":70,"d":"$70.0"},{"v":210,"d":"$210"}]
[{"$f":"IF(I1734<>\"\",1+MAX($A$6:A1733),\"\")","v":1245},"E1.0","E3.2",null,"Duplex Receptacle - Arc Fault Circuit Interrupter",29,{"v":0,"d":"0%"},29,"EA",{"v":22.400000000000002,"d":"$22.4"},{"v":649.6,"d":"$649.60"},{"v":47.6,"d":"$47.60"},{"v":1380.4,"d":"$1,380.40"},{"v":70,"d":"$70.0"},{"v":2030,"d":"$2,030"}]
[{"$f":"IF(I1735<>\"\",1+MAX($A$6:A1734),\"\")","v":1246},"E1.0","E3.2",null,"Duplex Receptacle w/ USB - Arc Fault Circuit Interrupter",6,{"v":0,"d":"0%"},6,"EA",{"v":28.8,"d":"$28.8"},{"v":172.8,"d":"$172.80"},{"v":61.2,"d":"$61.20"},{"v":367.20000000000005,"d":"$367.20"},{"v":90,"d":"$90.0"},{"v":540,"d":"$540"}]
[{"$f":"IF(I1736<>\"\",1+MAX($A$6:A1735),\"\")","v":1247},"E1.0","E3.2",null,"Thermostat",3,{"v":0,"d":"0%"},3,"EA",{"v":25.2,"d":"$25.2"},{"v":75.6,"d":"$75.60"},{"v":60,"d":"$60.00"},{"v":180,"d":"$180.00"},{"v":85.2,"d":"$85.2"},{"v":255.60000000000002,"d":"$256"}]
[{"$f":"IF(I1737<>\"\",1+MAX($A$6:A1736),\"\")","v":1248},"E1.0","E3.2",null,"Junction Box",3,{"v":0,"d":"0%"},3,"EA",{"v":64,"d":"$64.0"},{"v":192,"d":"$192.00"},{"v":136,"d":"$136.00"},{"v":408,"d":"$408.00"},{"v":200,"d":"$200.0"},{"v":600,"d":"$600"}]
[{"$f":"IF(I1738<>\"\",1+MAX($A$6:A1737),\"\")","v":1249},"E1.0","E3.2",null,"Smoke Detector",4,{"v":0,"d":"0%"},4,"EA",{"v":42.00000000000001,"d":"$42.0"},{"v":168.00000000000003,"d":"$168.00"},{"v":108,"d":"$108.00"},{"v":432,"d":"$432.00"},{"v":150,"d":"$150.0"},{"v":600,"d":"$600"}]
[{"$f":"IF(I1739<>\"\",1+MAX($A$6:A1738),\"\")","v":1250},"E1.0","E3.2",null,"Telephone & Data Outlet",3,{"v":0,"d":"0%"},3,"EA",{"v":38.4,"d":"$38.4"},{"v":115.19999999999999,"d":"$115.20"},{"v":81.60000000000001,"d":"$81.60"},{"v":244.8,"d":"$244.80"},{"v":120,"d":"$120.0"},{"v":360,"d":"$360"}]
[{"$f":"IF(I1740<>\"\",1+MAX($A$6:A1739),\"\")","v":1251},"E1.0","E3.2",null,"Carbon Monoxide Detector",1,{"v":0,"d":"0%"},1,"EA",{"v":84,"d":"$84.0"},{"v":84,"d":"$84.00"},{"v":115.99999999999999,"d":"$116.00"},{"v":115.99999999999999,"d":"$116.00"},{"v":200,"d":"$200.0"},{"v":200,"d":"$200"}]
[{"$f":"IF(I1741<>\"\",1+MAX($A$6:A1740),\"\")","v":1252},"E1.0","E3.2",null,"Receptacle, Voltage: 240V, Ampere: 50A",1,{"v":0,"d":"0%"},1,"EA",{"v":27.2,"d":"$27.2"},{"v":27.2,"d":"$27.20"},{"v":57.800000000000004,"d":"$57.80"},{"v":57.800000000000004,"d":"$57.80"},{"v":85,"d":"$85.0"},{"v":85,"d":"$85"}]
[{"$f":"IF(I1742<>\"\",1+MAX($A$6:A1741),\"\")","v":1253},"E1.0","E3.2",null,"Wall Sconce",3,{"v":0,"d":"0%"},3,"EA",{"v":51.84,"d":"$51.8"},{"v":155.52,"d":"$155.52"},{"v":162,"d":"$162.00"},{"v":486,"d":"$486.00"},{"v":213.84,"d":"$213.8"},{"v":641.52,"d":"$642"}]
[{"$f":"IF(I1743<>\"\",1+MAX($A$6:A1742),\"\")","v":1254},"E1.0","E3.2",null,"CATV Outlet",2,{"v":0,"d":"0%"},2,"EA",{"v":25.6,"d":"$25.6"},{"v":51.2,"d":"$51.20"},{"v":54.400000000000006,"d":"$54.40"},{"v":108.80000000000001,"d":"$108.80"},{"v":80,"d":"$80.0"},{"v":160,"d":"$160"}]
[{"$f":"IF(I1744<>\"\",1+MAX($A$6:A1743),\"\")","v":1255},"E1.0","E4.2",null,"Vacancy Sensor Switch Control",3,{"v":0,"d":"0%"},3,"EA",{"v":8.96,"d":"$9.0"},{"$f":"J1744*H1744","v":{"v":26.880000000000003,"d":"$26.88"}},{"v":28,"d":"$28.00"},{"$f":"L1744*H1744","v":{"v":84,"d":"$84.00"}},{"v":36.96,"d":"$37.0"},{"v":110.88,"d":"$111"}]
[{"$f":"IF(I1745<>\"\",1+MAX($A$6:A1744),\"\")","v":1256},"E1.0","E4.2",null,"Ceiling Fan With LED, Manufacturer: Lightology",1,{"v":0,"d":"0%"},1,"EA",{"v":73.60000000000001,"d":"$73.6"},{"$f":"J1745*H1745","v":{"v":73.60000000000001,"d":"$73.60"}},{"v":230,"d":"$230.00"},{"$f":"L1745*H1745","v":{"v":230,"d":"$230.00"}},{"v":303.6,"d":"$303.6"},{"v":303.6,"d":"$304"}]
[{"$f":"IF(I1746<>\"\",1+MAX($A$6:A1745),\"\")","v":1257},"E1.0","E3.2",null,"Power Strip",{"v":7.88,"d":"8"},{"v":0.1,"d":"10%"},{"v":8.668000000000001,"d":"9"},"LF",{"v":5.824,"d":"$5.8"},{"v":50.482432,"d":"$50.48"},{"v":18.2,"d":"$18.20"},{"v":157.75760000000002,"d":"$157.76"},{"v":24.024,"d":"$24.0"},{"v":208.24003200000004,"d":"$208"}]
[{"$f":"IF(I1747<>\"\",1+MAX($A$6:A1746),\"\")","v":""}]
[{"$f":"IF(I1748<>\"\",1+MAX($A$6:A1747),\"\")","v":""},{"$nulls":3},"SWITCHES"]
[{"$f":"IF(I1749<>\"\",1+MAX($A$6:A1748),\"\")","v":""}]
[{"$f":"IF(I1750<>\"\",1+MAX($A$6:A1749),\"\")","v":1258},"E1.0","E3.2",null,"30A, 2P Disconnect Switch",3,{"v":0,"d":"0%"},{"$f":"F1750*(1+G1750)","v":3},"EA",{"v":28.8,"d":"$28.8"},{"$f":"J1750*H1750","v":{"v":86.4,"d":"$86.40"}},{"v":90,"d":"$90.00"},{"$f":"L1750*H1750","v":{"v":270,"d":"$270.00"}},{"v":118.8,"d":"$118.8"},{"$f":"N1750*H1750","v":{"v":356.4,"d":"$356"}}]
[{"$f":"IF(I1751<>\"\",1+MAX($A$6:A1750),\"\")","v":1259},"E1.0","E4.2",null,"Single Pole Switch",32,{"v":0,"d":"0%"},32,"EA",{"v":5.44,"d":"$5.4"},{"$f":"J1751*H1751","v":{"v":174.08,"d":"$174.08"}},{"v":17,"d":"$17.00"},{"$f":"L1751*H1751","v":{"v":544,"d":"$544.00"}},{"v":22.44,"d":"$22.4"},{"v":718.08,"d":"$718"}]
[{"$f":"IF(I1752<>\"\",1+MAX($A$6:A1751),\"\")","v":1260},"E1.0","E4.2",null,"Dimmers Switch",16,{"v":0,"d":"0%"},16,"EA",{"v":6.08,"d":"$6.1"},{"$f":"J1752*H1752","v":{"v":97.28,"d":"$97.28"}},{"v":19,"d":"$19.00"},{"$f":"L1752*H1752","v":{"v":304,"d":"$304.00"}},{"v":25.08,"d":"$25.1"},{"v":401.28,"d":"$401"}]
[{"$f":"IF(I1753<>\"\",1+MAX($A$6:A1752),\"\")","v":""}]
[{"$f":"IF(I1754<>\"\",1+MAX($A$6:A1753),\"\")","v":""},{"$nulls":3},"LIGHTING"]
[{"$f":"IF(I1755<>\"\",1+MAX($A$6:A1754),\"\")","v":1261},"E4.2","E4.2",null,"4\" Recessed LED Down light, Manufacturer: Juno Lighting",25,{"v":0,"d":"0%"},{"$f":"F1755*(1+G1755)","v":25},"EA",{"v":21.12,"d":"$21.1"},{"$f":"J1755*H1755","v":{"v":528,"d":"$528.00"}},{"v":66,"d":"$66.00"},{"$f":"L1755*H1755","v":{"v":1650,"d":"$1,650.00"}},{"v":87.12,"d":"$87.1"},{"$f":"N1755*H1755","v":{"v":2178,"d":"$2,178"}}]
[{"$f":"IF(I1756<>\"\",1+MAX($A$6:A1755),\"\")","v":1262},"E4.2","E4.2",null,"4\" Recessed LED Down light w/ Battery Backup, Manufacturer: Juno Lighting",16,{"v":0,"d":"0%"},16,"EA",{"v":23.04,"d":"$23.0"},{"v":368.64,"d":"$368.64"},{"v":72,"d":"$72.00"},{"v":1152,"d":"$1,152.00"},{"v":95.03999999999999,"d":"$95.0"},{"v":1520.6399999999999,"d":"$1,521"}]
[{"$f":"IF(I1757<>\"\",1+MAX($A$6:A1756),\"\")","v":1263},"E4.2","E4.2",null,"4\" Recessed LED Down light (Waterproof), Manufacturer: Juno Lighting",3,{"v":0,"d":"0%"},3,"EA",{"v":23.04,"d":"$23.0"},{"v":69.12,"d":"$69.12"},{"v":72,"d":"$72.00"},{"v":216,"d":"$216.00"},{"v":95.03999999999999,"d":"$95.0"},{"v":285.12,"d":"$285"}]
[{"$f":"IF(I1758<>\"\",1+MAX($A$6:A1757),\"\")","v":1264},"E4.2","E4.2",null,"Outdoor Wall Sconce, Manufacturer: Lithonia Lighting",2,{"v":0,"d":"0%"},2,"EA",{"v":51.84,"d":"$51.8"},{"$f":"J1758*H1758","v":{"v":103.68,"d":"$103.68"}},{"v":162,"d":"$162.00"},{"$f":"L1758*H1758","v":{"v":324,"d":"$324.00"}},{"v":213.84,"d":"$213.8"},{"v":427.68,"d":"$428"}]
[{"$f":"IF(I1759<>\"\",1+MAX($A$6:A1758),\"\")","v":1265},"E4.2","E4.2",null,"Small Pendant Light, Manufacturer: American De Rosa Lam parts LLC",14,{"v":0,"d":"0%"},14,"EA",{"v":112,"d":"$112.0"},{"v":1568,"d":"$1,568.00"},{"v":350,"d":"$350.00"},{"v":4900,"d":"$4,900.00"},{"v":462,"d":"$462.0"},{"v":6468,"d":"$6,468"}]
[{"$f":"IF(I1760<>\"\",1+MAX($A$6:A1759),\"\")","v":1266},"E4.2","E4.2",null,"Indoor Vanity Light, Manufacturer: Lithonia Lighting",2,{"v":0,"d":"0%"},2,"EA",{"v":45.32,"d":"$45.3"},{"v":90.64,"d":"$90.64"},{"v":103,"d":"$103.00"},{"v":206,"d":"$206.00"},{"v":148.32,"d":"$148.3"},{"v":296.64,"d":"$297"}]
[{"$f":"IF(I1761<>\"\",1+MAX($A$6:A1760),\"\")","v":1267},"E4.2","E4.2",null,"Under cabinet Light, Manufacturer: Lithonia Lighting",1,{"v":0,"d":"0%"},1,"EA",{"v":15.12,"d":"$15.1"},{"v":15.12,"d":"$15.12"},{"v":36,"d":"$36.00"},{"v":36,"d":"$36.00"},{"v":51.12,"d":"$51.1"},{"v":51.12,"d":"$51"}]
[{"$f":"IF(I1762<>\"\",1+MAX($A$6:A1761),\"\")","v":1268},"E4.2","E4.2",null,"Indoor Wall Sconce, Manufacturer: Modern Forms",6,{"v":0,"d":"0%"},6,"EA",{"v":51.84,"d":"$51.8"},{"v":311.04,"d":"$311.04"},{"v":162,"d":"$162.00"},{"v":972,"d":"$972.00"},{"v":213.84,"d":"$213.8"},{"v":1283.04,"d":"$1,283"}]
[{"$f":"IF(I1763<>\"\",1+MAX($A$6:A1762),\"\")","v":1269},"E4.2","E4.2",null,"Large Pendant Light Fixture, Manufacturer: Winona Lighting",4,{"v":0,"d":"0%"},4,"EA",{"v":176,"d":"$176.0"},{"v":704,"d":"$704.00"},{"v":550,"d":"$550.00"},{"v":2200,"d":"$2,200.00"},{"v":726,"d":"$726.0"},{"v":2904,"d":"$2,904"}]
[{"$f":"IF(I1764<>\"\",1+MAX($A$6:A1763),\"\")","v":1270},"E4.2","E4.2",null,"Strip Light Suitable Or Wet Location, Manufacturer: Modern Forms",{"v":48.66,"d":"49"},{"v":0.1,"d":"10%"},{"v":53.526,"d":"54"},"LF",{"v":2.88,"d":"$2.9"},{"v":154.15488,"d":"$154.15"},{"v":6.12,"d":"$6.12"},{"v":327.57912000000005,"d":"$327.58"},{"v":9,"d":"$9.0"},{"v":481.73400000000004,"d":"$482"}]
[{"$f":"IF(I1765<>\"\",1+MAX($A$6:A1764),\"\")","v":1271},"E4.2","E4.2",null,"Strip Light, Manufacturer: Just LED + Lights",{"v":172.15,"d":"172"},{"v":0.1,"d":"10%"},{"v":189.365,"d":"189"},"LF",{"v":2.88,"d":"$2.9"},{"v":545.3712,"d":"$545.37"},{"v":6.12,"d":"$6.12"},{"v":1158.9138,"d":"$1,158.91"},{"v":9,"d":"$9.0"},{"v":1704.285,"d":"$1,704"}]
[{"$f":"IF(I1766<>\"\",1+MAX($A$6:A1765),\"\")","v":""}]
[{"$f":"IF(I1767<>\"\",1+MAX($A$6:A1766),\"\")","v":""},{"$nulls":3},"CIRCUIT BREAKER"]
[{"$f":"IF(I1768<>\"\",1+MAX($A$6:A1767),\"\")","v":1272},"E5.0","E5.0",null,"Circuit Breaker 200A/2P",3,{"v":0,"d":"0%"},{"$f":"F1768*(1+G1768)","v":3},"EA",{"v":56.64,"d":"$56.6"},{"$f":"J1768*H1768","v":{"v":169.92000000000002,"d":"$169.92"}},{"v":177,"d":"$177.00"},{"$f":"L1768*H1768","v":{"v":531,"d":"$531.00"}},{"v":233.64,"d":"$233.6"},{"$f":"N1768*H1768","v":{"v":700.92,"d":"$701"}}]
[{"$f":"IF(I1769<>\"\",1+MAX($A$6:A1768),\"\")","v":1273},"E5.0","E5.0",null,"Circuit Breaker 600A/2P",1,{"v":0,"d":"0%"},1,"EA",{"v":407.04,"d":"$407.0"},{"v":407.04,"d":"$407.04"},{"v":1272,"d":"$1,272.00"},{"v":1272,"d":"$1,272.00"},{"v":1679.04,"d":"$1,679.0"},{"v":1679.04,"d":"$1,679"}]
[{"$f":"IF(I1770<>\"\",1+MAX($A$6:A1769),\"\")","v":1274},"E5.0","E5.0",null,"Circuit Breaker 125A/2P",1,{"v":0,"d":"0%"},1,"EA",{"v":47.36,"d":"$47.4"},{"$f":"J1770*H1770","v":{"v":47.36,"d":"$47.36"}},{"v":148,"d":"$148.00"},{"$f":"L1770*H1770","v":{"v":148,"d":"$148.00"}},{"v":195.36,"d":"$195.4"},{"v":195.36,"d":"$195"}]
[{"$f":"IF(I1771<>\"\",1+MAX($A$6:A1770),\"\")","v":""}]
[{"$f":"IF(I1772<>\"\",1+MAX($A$6:A1771),\"\")","v":""},{"$nulls":3},"PANELS"]
[{"$f":"IF(I1773<>\"\",1+MAX($A$6:A1772),\"\")","v":1275},"E5.0","E5.0",null,"Panel: A , Voltage:240/120V , Capacity: 200A, Phase 1",1,{"v":0,"d":"0%"},{"$f":"F1773*(1+G1773)","v":1},"EA",{"v":550,"d":"$550.0"},{"$f":"J1773*H1773","v":{"v":550,"d":"$550.00"}},{"v":650,"d":"$650.00"},{"$f":"L1773*H1773","v":{"v":650,"d":"$650.00"}},{"v":1200,"d":"$1,200.0"},{"$f":"N1773*H1773","v":{"v":1200,"d":"$1,200"}}]
[{"$f":"IF(I1774<>\"\",1+MAX($A$6:A1773),\"\")","v":1276},"E5.0","E5.0",null,"Panel: A1 , Voltage:240/120V , Capacity: 200A, Phase 1",1,{"v":0,"d":"0%"},1,"EA",{"v":550,"d":"$550.0"},{"v":550,"d":"$550.00"},{"v":650,"d":"$650.00"},{"v":650,"d":"$650.00"},{"v":1200,"d":"$1,200.0"},{"v":1200,"d":"$1,200"}]
[{"$f":"IF(I1775<>\"\",1+MAX($A$6:A1774),\"\")","v":1277},"E5.0","E5.0",null,"Panel: ADU , Voltage:240/120V , Capacity: 125A, Phase 1",1,{"v":0,"d":"0%"},1,"EA",{"v":550,"d":"$550.0"},{"v":550,"d":"$550.00"},{"v":450,"d":"$450.00"},{"v":450,"d":"$450.00"},{"v":1000,"d":"$1,000.0"},{"v":1000,"d":"$1,000"}]
[{"$f":"IF(I1776<>\"\",1+MAX($A$6:A1775),\"\")","v":1278},"E5.0","E5.0",null,"Panel: A2 , Voltage:240/120V , Capacity: 200A, Phase 1",1,{"v":0,"d":"0%"},1,"EA",{"v":550,"d":"$550.0"},{"v":550,"d":"$550.00"},{"v":650,"d":"$650.00"},{"v":650,"d":"$650.00"},{"v":1200,"d":"$1,200.0"},{"v":1200,"d":"$1,200"}]
[{"$f":"IF(I1777<>\"\",1+MAX($A$6:A1776),\"\")","v":""}]
[{"$f":"IF(I1778<>\"\",1+MAX($A$6:A1777),\"\")","v":""},null,null,"DIV. 31","EARTHWORKS",{"$nulls":10},{"$f":"SUM(O1781:O1798)","v":{"v":327070.36592592596,"d":"$327,070"}}]
[{"$f":"IF(I1779<>\"\",1+MAX($A$6:A1778),\"\")","v":""}]
[{"$f":"IF(I1780<>\"\",1+MAX($A$6:A1779),\"\")","v":""},{"$nulls":3},"EXCAVATION & BACKFILL"]
[{"$f":"IF(I1781<>\"\",1+MAX($A$6:A1780),\"\")","v":""}]
[{"$f":"IF(I1782<>\"\",1+MAX($A$6:A1781),\"\")","v":1279},"S-2.1","S-2.1",null,"Excavation (For Basement)",{"v":1095.3066666666666,"d":"1,095"},{"v":0.1,"d":"10%"},{"$f":"F1782*(1+G1782)","v":{"v":1204.8373333333334,"d":"1205"}},"CY",{"v":110,"d":"$110.0"},{"$f":"J1782*H1782","v":{"v":132532.10666666666,"d":"$132,532.11"}},0,{"$f":"L1782*H1782","v":0},{"v":110,"d":"$110.0"},{"$f":"N1782*H1782","v":{"v":132532.10666666666,"d":"$132,532"}}]
[{"$f":"IF(I1783<>\"\",1+MAX($A$6:A1782),\"\")","v":1280},"C1 , C4","C1 , C4",null,"Excavation (For Utilities)",{"v":147.22222222222223,"d":"147"},{"v":0.1,"d":"10%"},{"$f":"F1783*(1+G1783)","v":{"v":161.94444444444446,"d":"162"}},"CY",{"v":110,"d":"$110.0"},{"$f":"J1783*H1783","v":{"v":17813.88888888889,"d":"$17,813.89"}},0,{"$f":"L1783*H1783","v":0},{"v":110,"d":"$110.0"},{"$f":"N1783*H1783","v":{"v":17813.88888888889,"d":"$17,814"}}]
[{"$f":"IF(I1784<>\"\",1+MAX($A$6:A1783),\"\")","v":""}]
[{"$f":"IF(I1785<>\"\",1+MAX($A$6:A1784),\"\")","v":1281},"S-2.1","S-2.1",null,"Backfill (Slabs) - Gravel Fill",{"v":98.92592592592592,"d":"99"},{"v":0.1,"d":"10%"},{"$f":"F1785*(1+G1785)","v":{"v":108.81851851851853,"d":"109"}},"CY",{"v":35,"d":"$35.0"},{"$f":"J1785*H1785","v":{"v":3808.6481481481487,"d":"$3,808.65"}},0,{"$f":"L1785*H1785","v":0},{"v":35,"d":"$35.0"},{"$f":"N1785*H1785","v":{"v":3808.6481481481487,"d":"$3,809"}}]
[{"$f":"IF(I1786<>\"\",1+MAX($A$6:A1785),\"\")","v":1282},"C1 , C4","C1 , C4",null,"Backfill (Utilities)",134,{"v":0.1,"d":"10%"},{"v":147.4,"d":"147"},"CY",{"v":35,"d":"$35.0"},{"v":5159,"d":"$5,159.00"},0,0,{"v":35,"d":"$35.0"},{"v":5159,"d":"$5,159"}]
[{"$f":"IF(I1787<>\"\",1+MAX($A$6:A1786),\"\")","v":1283},"S-2.1","S-2.1",null,"Backfill (Retaining Walls) - Free Draining Gravel Fill",{"v":145.88888888888889,"d":"146"},{"v":0.1,"d":"10%"},{"v":160.4777777777778,"d":"160"},"CY",{"v":35,"d":"$35.0"},{"v":5616.722222222223,"d":"$5,616.72"},0,0,{"v":35,"d":"$35.0"},{"v":5616.722222222223,"d":"$5,617"}]
[{"$f":"IF(I1788<>\"\",1+MAX($A$6:A1787),\"\")","v":""}]
[{"$f":"IF(I1789<>\"\",1+MAX($A$6:A1788),\"\")","v":""},{"$nulls":3},"GRADING"]
[{"$f":"IF(I1790<>\"\",1+MAX($A$6:A1789),\"\")","v":""}]
[{"$f":"IF(I1791<>\"\",1+MAX($A$6:A1790),\"\")","v":1284},"C1","C1",null,"Cut (Outside Building)",290,{"v":0.1,"d":"10%"},{"$f":"F1791*(1+G1791)","v":319},"CY",{"v":110,"d":"$110.0"},{"$f":"J1791*H1791","v":{"v":35090,"d":"$35,090.00"}},0,{"$f":"L1791*H1791","v":0},{"v":110,"d":"$110.0"},{"$f":"N1791*H1791","v":{"v":35090,"d":"$35,090"}}]
[{"$f":"IF(I1792<>\"\",1+MAX($A$6:A1791),\"\")","v":1285},"C1","C1",null,"Cut (Inside Building)",680,{"v":0.1,"d":"10%"},{"$f":"F1792*(1+G1792)","v":{"v":748.0000000000001,"d":"748"}},"CY",{"v":110,"d":"$110.0"},{"v":82280.00000000001,"d":"$82,280.00"},0,0,{"v":110,"d":"$110.0"},{"v":82280.00000000001,"d":"$82,280"}]
[{"$f":"IF(I1793<>\"\",1+MAX($A$6:A1792),\"\")","v":1286},"C1","C1",null,"Fill (Outside Building)",295,{"v":0.1,"d":"10%"},{"v":324.5,"d":"325"},"CY",{"v":35,"d":"$35.0"},{"v":11357.5,"d":"$11,357.50"},0,0,{"v":35,"d":"$35.0"},{"v":11357.5,"d":"$11,358"}]
[{"$f":"IF(I1794<>\"\",1+MAX($A$6:A1793),\"\")","v":""}]
[{"$f":"IF(I1795<>\"\",1+MAX($A$6:A1794),\"\")","v":""},{"$nulls":3},"SOIL EXPORTED"]
[{"$f":"IF(I1796<>\"\",1+MAX($A$6:A1795),\"\")","v":""}]
[{"$f":"IF(I1797<>\"\",1+MAX($A$6:A1796),\"\")","v":1287},"C1","C1",null,"Exported Soil",{"$f":"F1791+F1792-F1793","v":675},{"v":0.1,"d":"10%"},{"$f":"F1797*(1+G1797)","v":{"v":742.5000000000001,"d":"743"}},"CY",{"v":33.75,"d":"$33.8"},{"$f":"J1797*H1797","v":{"v":25059.375000000004,"d":"$25,059.38"}},{"v":11.25,"d":"$11.25"},{"$f":"L1797*H1797","v":{"v":8353.125000000002,"d":"$8,353.13"}},{"v":45,"d":"$45.0"},{"$f":"N1797*H1797","v":{"v":33412.50000000001,"d":"$33,413"}}]
[{"$f":"IF(I1798<>\"\",1+MAX($A$6:A1797),\"\")","v":""}]
[{"$f":"IF(I1799<>\"\",1+MAX($A$6:A1798),\"\")","v":""},null,null,"DIV. 32","EXTERIOR IMPROVEMENTS",{"$nulls":10},{"$f":"SUM(O1804:O1875)","v":{"v":170401.4184120518,"d":"$170,401"}}]
[{"$f":"IF(I1800<>\"\",1+MAX($A$6:A1799),\"\")","v":""}]
[{"$f":"IF(I1801<>\"\",1+MAX($A$6:A1800),\"\")","v":""},{"$nulls":3},"CIVIL WORKS"]
[{"$f":"IF(I1802<>\"\",1+MAX($A$6:A1801),\"\")","v":""}]
[{"$f":"IF(I1803<>\"\",1+MAX($A$6:A1802),\"\")","v":""},{"$nulls":3},"PAVERS DRIVEWAY"]
[{"$f":"IF(I1804<>\"\",1+MAX($A$6:A1803),\"\")","v":""}]
[{"$f":"IF(I1805<>\"\",1+MAX($A$6:A1804),\"\")","v":1288},"L1.1","L2.1",null,"1-1/2\" Thick Flagstone Veneer Pavers Driveway",{"v":744.76,"d":"745"},{"v":0.1,"d":"10%"},{"$f":"F1805*(1+G1805)","v":{"v":819.2360000000001,"d":"819"}},"SF",{"v":14.96,"d":"$15.0"},{"$f":"J1805*H1805","v":{"v":12255.770560000003,"d":"$12,255.77"}},{"v":7.04,"d":"$7.04"},{"$f":"L1805*H1805","v":{"v":5767.421440000001,"d":"$5,767.42"}},{"v":22,"d":"$22.0"},{"$f":"N1805*H1805","v":{"v":18023.192000000003,"d":"$18,023"}}]
[{"$f":"IF(I1806<>\"\",1+MAX($A$6:A1805),\"\")","v":1289},"L1.1","L2.1",null,"1\" Mortar Leveling Bed",{"$f":"0.08*F1805/27","v":{"v":2.2066962962962964,"d":"2"}},{"v":0.1,"d":"10%"},{"$f":"F1806*(1+G1806)","v":{"v":2.427365925925926,"d":"2"}},"CY",{"v":81.60000000000001,"d":"$81.6"},{"v":198.0730595555556,"d":"$198.07"},{"v":38.4,"d":"$38.40"},{"v":93.21085155555556,"d":"$93.21"},{"v":120,"d":"$120.0"},{"v":291.28391111111114,"d":"$291"}]
[{"$f":"IF(I1807<>\"\",1+MAX($A$6:A1806),\"\")","v":1290},"L1.1","L2.1",null,"3-1/2\" Concrete Slab ",{"v":744.76,"d":"745"},{"v":0.1,"d":"10%"},{"$f":"F1807*(1+G1807)","v":{"v":819.2360000000001,"d":"819"}},"SF",{"v":2.72,"d":"$2.7"},{"v":2228.3219200000003,"d":"$2,228.32"},{"v":1.28,"d":"$1.28"},{"$f":"L1807*H1807","v":{"v":1048.62208,"d":"$1,048.62"}},{"v":4,"d":"$4.0"},{"$f":"N1807*H1807","v":{"v":3276.9440000000004,"d":"$3,277"}}]
[{"$f":"IF(I1808<>\"\",1+MAX($A$6:A1807),\"\")","v":1291},"L1.1","L2.1",null,"#4 Bars @ 18\" O.C. E.W",{"$f":"F1807/1.5*2*0.668","v":{"v":663.3329066666666,"d":"663"}},{"v":0.1,"d":"10%"},{"$f":"F1808*(1+G1808)","v":{"v":729.6661973333333,"d":"730"}},"LBS",{"v":2.5,"d":"$3"},{"$f":"J1808*H1808","v":{"v":1824.1654933333334,"d":"$1,824.17"}},{"v":1.2,"d":"$1.20"},{"$f":"L1808*H1808","v":{"v":875.5994368,"d":"$875.60"}},{"v":3.7,"d":"$3.7"},{"$f":"N1808*H1808","v":{"v":2699.7649301333336,"d":"$2,700"}}]
[{"$f":"IF(I1809<>\"\",1+MAX($A$6:A1808),\"\")","v":1292},"L1.1","L2.1",null,"4\" Aggregate Base Rock",{"$f":"0.33*F1805/27","v":{"v":9.102622222222223,"d":"9"}},{"v":0.1,"d":"10%"},{"$f":"F1809*(1+G1809)","v":{"v":10.012884444444445,"d":"10"}},"CY",{"v":23.099999999999998,"d":"$23"},{"$f":"J1809*H1809","v":{"v":231.29763066666666,"d":"$231.30"}},{"v":31.9,"d":"$31.90"},{"$f":"L1809*H1809","v":{"v":319.4110137777778,"d":"$319.41"}},{"v":55,"d":"$55.0"},{"v":550.7086444444445,"d":"$551"}]
[{"$f":"IF(I1810<>\"\",1+MAX($A$6:A1809),\"\")","v":""}]
[{"$f":"IF(I1811<>\"\",1+MAX($A$6:A1810),\"\")","v":""},{"$nulls":3},"PAVERS WALKWAYS"]
[{"$f":"IF(I1812<>\"\",1+MAX($A$6:A1811),\"\")","v":""}]
[{"$f":"IF(I1813<>\"\",1+MAX($A$6:A1812),\"\")","v":1293},"L1.1","L2.1",null,"1-1/2\" Thick Flagstone Veneer Pavers Walkway",{"v":308.77,"d":"309"},{"v":0.1,"d":"10%"},{"$f":"F1813*(1+G1813)","v":{"v":339.647,"d":"340"}},"SF",{"v":14.96,"d":"$15.0"},{"$f":"J1813*H1813","v":{"v":5081.11912,"d":"$5,081.12"}},{"v":7.04,"d":"$7.04"},{"$f":"L1813*H1813","v":{"v":2391.11488,"d":"$2,391.11"}},{"v":22,"d":"$22.0"},{"$f":"N1813*H1813","v":{"v":7472.2339999999995,"d":"$7,472"}}]
[{"$f":"IF(I1814<>\"\",1+MAX($A$6:A1813),\"\")","v":1294},"L1.1","L2.1",null,"1\" Mortar Leveling Bed",{"$f":"0.08*F1813/27","v":{"v":0.9148740740740741,"d":"1"}},{"v":0.1,"d":"10%"},{"$f":"F1814*(1+G1814)","v":{"v":1.0063614814814816,"d":"1"}},"CY",{"v":81.60000000000001,"d":"$81.6"},{"v":82.1190968888889,"d":"$82.12"},{"v":38.4,"d":"$38.40"},{"v":38.64428088888889,"d":"$38.64"},{"v":120,"d":"$120.0"},{"v":120.76337777777779,"d":"$121"}]
[{"$f":"IF(I1815<>\"\",1+MAX($A$6:A1814),\"\")","v":1295},"L1.1","L2.1",null,"3-1/2\" Concrete Slab ",{"v":308.77,"d":"309"},{"v":0.1,"d":"10%"},{"$f":"F1815*(1+G1815)","v":{"v":339.647,"d":"340"}},"SF",{"v":2.72,"d":"$2.7"},{"v":923.8398400000001,"d":"$923.84"},{"v":1.28,"d":"$1.28"},{"v":434.74816,"d":"$434.75"},{"v":4,"d":"$4.0"},{"v":1358.588,"d":"$1,359"}]
[{"$f":"IF(I1816<>\"\",1+MAX($A$6:A1815),\"\")","v":1296},"L1.1","L2.1",null,"#4 Bars @ 18\" O.C. E.W",{"$f":"F1815/1.5*2*0.668","v":{"v":275.01114666666666,"d":"275"}},{"v":0.1,"d":"10%"},{"$f":"F1816*(1+G1816)","v":{"v":302.51226133333336,"d":"303"}},"LBS",{"v":2.5,"d":"$3"},{"$f":"J1816*H1816","v":{"v":756.2806533333334,"d":"$756.28"}},{"v":1.2,"d":"$1.20"},{"$f":"L1816*H1816","v":{"v":363.0147136,"d":"$363.01"}},{"v":3.7,"d":"$3.7"},{"v":1119.2953669333335,"d":"$1,119"}]
[{"$f":"IF(I1817<>\"\",1+MAX($A$6:A1816),\"\")","v":1297},"L1.1","L2.1",null,"4\" Aggregate Base Rock",{"$f":"0.33*F1813/27","v":{"v":3.7738555555555555,"d":"4"}},{"v":0.1,"d":"10%"},{"$f":"F1817*(1+G1817)","v":{"v":4.151241111111111,"d":"4"}},"CY",{"v":23.099999999999998,"d":"$23"},{"$f":"J1817*H1817","v":{"v":95.89366966666665,"d":"$95.89"}},{"v":31.9,"d":"$31.90"},{"$f":"L1817*H1817","v":{"v":132.42459144444445,"d":"$132.42"}},{"v":55,"d":"$55.0"},{"v":228.31826111111113,"d":"$228"}]
[{"$f":"IF(I1818<>\"\",1+MAX($A$6:A1817),\"\")","v":""}]
[{"$f":"IF(I1819<>\"\",1+MAX($A$6:A1818),\"\")","v":""},{"$nulls":3},"CONCRETE HARDSCAPE"]
[{"$f":"IF(I1820<>\"\",1+MAX($A$6:A1819),\"\")","v":""}]
[{"$f":"IF(I1821<>\"\",1+MAX($A$6:A1820),\"\")","v":1298},"L1.1","L2.1",null,"4\" Thick Concrete Patio (Class A) - 3500 PSI ",{"v":779.5,"d":"780"},{"v":0.1,"d":"10%"},{"$f":"F1821*(1+G1821)","v":{"v":857.45,"d":"857"}},"SF",{"v":4.08,"d":"$4.1"},{"$f":"J1821*H1821","v":{"v":3498.396,"d":"$3,498.40"}},{"v":1.92,"d":"$1.92"},{"$f":"L1821*H1821","v":{"v":1646.304,"d":"$1,646.30"}},{"v":6,"d":"$6.0"},{"$f":"N1821*H1821","v":{"v":5144.700000000001,"d":"$5,145"}}]
[{"$f":"IF(I1822<>\"\",1+MAX($A$6:A1821),\"\")","v":1299},"L1.1","L2.1",null,"#4 Bars @ 18\" O.C. Each Way - Assumed",{"$f":"F1821/1.5*2*0.668","v":{"v":694.2746666666667,"d":"694"}},{"v":0.1,"d":"10%"},{"$f":"F1822*(1+G1822)","v":{"v":763.7021333333334,"d":"764"}},"LBS",{"v":2.5,"d":"$3"},{"$f":"J1822*H1822","v":{"v":1909.2553333333335,"d":"$1,909.26"}},{"v":1.2,"d":"$1.20"},{"$f":"L1822*H1822","v":{"v":916.4425600000001,"d":"$916.44"}},{"v":3.7,"d":"$3.7"},{"v":2825.697893333334,"d":"$2,826"}]
[{"$f":"IF(I1823<>\"\",1+MAX($A$6:A1822),\"\")","v":1300},"L1.1","L2.1",null,"4\" Gravel Fill",{"$f":"0.33*F1821/27","v":{"v":9.527222222222223,"d":"10"}},{"v":0.1,"d":"10%"},{"$f":"F1823*(1+G1823)","v":{"v":10.479944444444445,"d":"10"}},"CY",{"v":23.099999999999998,"d":"$23"},{"$f":"J1823*H1823","v":{"v":242.08671666666666,"d":"$242.09"}},{"v":31.9,"d":"$31.90"},{"$f":"L1823*H1823","v":{"v":334.3102277777778,"d":"$334.31"}},{"v":55,"d":"$55.0"},{"v":576.3969444444444,"d":"$576"}]
[{"$f":"IF(I1824<>\"\",1+MAX($A$6:A1823),\"\")","v":""}]
[{"$f":"IF(I1825<>\"\",1+MAX($A$6:A1824),\"\")","v":""},{"$nulls":3},"STONE PAVING"]
[{"$f":"IF(I1826<>\"\",1+MAX($A$6:A1825),\"\")","v":""}]
[{"$f":"IF(I1827<>\"\",1+MAX($A$6:A1826),\"\")","v":1301},"L1.1","L2.1",null,"Stone Paving\nNote: Details are not Found",{"v":926.29,"d":"926"},{"v":0.1,"d":"10%"},{"$f":"F1827*(1+G1827)","v":{"v":1018.9190000000001,"d":"1019"}},"SF",{"v":9.520000000000001,"d":"$9.5"},{"$f":"J1827*H1827","v":{"v":9700.108880000002,"d":"$9,700.11"}},{"v":4.48,"d":"$4.48"},{"$f":"L1827*H1827","v":{"v":4564.757120000001,"d":"$4,564.76"}},{"v":14,"d":"$14.0"},{"$f":"N1827*H1827","v":{"v":14264.866000000002,"d":"$14,265"}}]
[{"$f":"IF(I1828<>\"\",1+MAX($A$6:A1827),\"\")","v":""}]
[{"$f":"IF(I1829<>\"\",1+MAX($A$6:A1828),\"\")","v":""},{"$nulls":3},"SEAT WALL"]
[{"$f":"IF(I1830<>\"\",1+MAX($A$6:A1829),\"\")","v":""}]
[{"$f":"IF(I1831<>\"\",1+MAX($A$6:A1830),\"\")","v":1302},"L1.1","L2.1",null,"8\" Concrete Seat Wall",{"$f":"25.98*4*0.67/27","v":{"v":2.578755555555556,"d":"3"}},{"v":0.1,"d":"10%"},{"$f":"F1831*(1+G1831)","v":{"v":2.8366311111111115,"d":"3"}},"CY",{"v":119.00000000000001,"d":"$119.0"},{"$f":"J1831*H1831","v":{"v":337.5591022222223,"d":"$337.56"}},{"v":56,"d":"$56.00"},{"$f":"L1831*H1831","v":{"v":158.85134222222226,"d":"$158.85"}},{"v":175,"d":"$175.0"},{"$f":"N1831*H1831","v":{"v":496.4104444444445,"d":"$496"}}]
[{"$f":"IF(I1832<>\"\",1+MAX($A$6:A1831),\"\")","v":1303},"L1.1","L2.1",null,"#3 Bars @ 12\" O.C. Each Way ",{"$f":"25.98/1.5*2*0.376","v":{"v":13.02464,"d":"13"}},{"v":0.1,"d":"10%"},{"$f":"F1832*(1+G1832)","v":{"v":14.327104,"d":"14"}},"LBS",{"v":1.4960000000000002,"d":"$1.5"},{"$f":"J1832*H1832","v":{"v":21.433347584000003,"d":"$21.43"}},{"v":0.7040000000000001,"d":"$0.70"},{"$f":"L1832*H1832","v":{"v":10.086281216000001,"d":"$10.09"}},{"v":2.2,"d":"$2.2"},{"v":31.519628800000003,"d":"$32"}]
[{"$f":"IF(I1833<>\"\",1+MAX($A$6:A1832),\"\")","v":""}]
[{"$f":"IF(I1834<>\"\",1+MAX($A$6:A1833),\"\")","v":1304},"L1.1","L2.1",null,"(16\"X12\") Conti. Footing",{"$f":"25.98*1.33*1/27","v":{"v":1.2797555555555558,"d":"1"}},{"v":0.1,"d":"10%"},{"$f":"F1834*(1+G1834)","v":{"v":1.4077311111111115,"d":"1"}},"CY",{"v":119.00000000000001,"d":"$119.0"},{"$f":"J1834*H1834","v":{"v":167.52000222222227,"d":"$167.52"}},{"v":56,"d":"$56.00"},{"$f":"L1834*H1834","v":{"v":78.83294222222224,"d":"$78.83"}},{"v":175,"d":"$175.0"},{"$f":"N1834*H1834","v":{"v":246.35294444444452,"d":"$246"}}]
[{"$f":"IF(I1835<>\"\",1+MAX($A$6:A1834),\"\")","v":1305},"L1.1","L2.1",null,"3#3 Bars Cont.",{"$f":"25.98*3*0.376","v":{"v":29.30544,"d":"29"}},{"v":0.1,"d":"10%"},{"$f":"F1835*(1+G1835)","v":{"v":32.235984,"d":"32"}},"LBS",{"v":1.4960000000000002,"d":"$1.5"},{"$f":"J1835*H1835","v":{"v":48.22503206400001,"d":"$48.23"}},{"v":0.7040000000000001,"d":"$0.70"},{"$f":"L1835*H1835","v":{"v":22.694132736000004,"d":"$22.69"}},{"v":2.2,"d":"$2.2"},{"v":70.9191648,"d":"$71"}]
[{"$f":"IF(I1836<>\"\",1+MAX($A$6:A1835),\"\")","v":""}]
[{"$f":"IF(I1837<>\"\",1+MAX($A$6:A1836),\"\")","v":""},{"$nulls":3},"RETAINING WALL"]
[{"$f":"IF(I1838<>\"\",1+MAX($A$6:A1837),\"\")","v":""}]
[{"$f":"IF(I1839<>\"\",1+MAX($A$6:A1838),\"\")","v":1306},"L1.1","L2.1",null,"8\" Concrete Seat Wall",{"$f":"73.64*3*0.67/27","v":{"v":5.48208888888889,"d":"5"}},{"v":0.1,"d":"10%"},{"$f":"F1839*(1+G1839)","v":{"v":6.030297777777779,"d":"6"}},"CY",{"v":119.00000000000001,"d":"$119.0"},{"$f":"J1839*H1839","v":{"v":717.6054355555558,"d":"$717.61"}},{"v":56,"d":"$56.00"},{"$f":"L1839*H1839","v":{"v":337.69667555555566,"d":"$337.70"}},{"v":175,"d":"$175.0"},{"$f":"N1839*H1839","v":{"v":1055.3021111111113,"d":"$1,055"}}]
[{"$f":"IF(I1840<>\"\",1+MAX($A$6:A1839),\"\")","v":1307},"L1.1","L2.1",null,"#5 Bars @ 12\" O.C. Each Way ",{"$f":"73.64/1.5*2*1.043","v":{"v":102.40869333333333,"d":"102"}},{"v":0.1,"d":"10%"},{"$f":"F1840*(1+G1840)","v":{"v":112.64956266666667,"d":"113"}},"LBS",{"v":2.04,"d":"$2.0"},{"$f":"J1840*H1840","v":{"v":229.80510784,"d":"$229.81"}},{"v":0.96,"d":"$0.96"},{"$f":"L1840*H1840","v":{"v":108.14358016,"d":"$108.14"}},{"v":3,"d":"$3.0"},{"v":337.948688,"d":"$338"}]
[{"$f":"IF(I1841<>\"\",1+MAX($A$6:A1840),\"\")","v":""}]
[{"$f":"IF(I1842<>\"\",1+MAX($A$6:A1841),\"\")","v":1308},"L1.1","L2.1",null,"(24\"X16\") Conti. Footing",{"$f":"73.64*1.33*2/27","v":{"v":7.254903703703705,"d":"7"}},{"v":0.1,"d":"10%"},{"$f":"F1842*(1+G1842)","v":{"v":7.980394074074076,"d":"8"}},"CY",{"v":119.00000000000001,"d":"$119.0"},{"$f":"J1842*H1842","v":{"v":949.6668948148152,"d":"$949.67"}},{"v":56,"d":"$56.00"},{"$f":"L1842*H1842","v":{"v":446.90206814814826,"d":"$446.90"}},{"v":175,"d":"$175.0"},{"$f":"N1842*H1842","v":{"v":1396.5689629629633,"d":"$1,397"}}]
[{"$f":"IF(I1843<>\"\",1+MAX($A$6:A1842),\"\")","v":1309},"L1.1","L2.1",null,"3#4 Bars Cont.",{"$f":"73.64*3*0.668","v":{"v":147.57456000000002,"d":"148"}},{"v":0.1,"d":"10%"},{"$f":"F1843*(1+G1843)","v":{"v":162.33201600000004,"d":"162"}},"LBS",{"v":1.4960000000000002,"d":"$1.5"},{"$f":"J1843*H1843","v":{"v":242.8486959360001,"d":"$242.85"}},{"v":0.7040000000000001,"d":"$0.70"},{"$f":"L1843*H1843","v":{"v":114.28173926400004,"d":"$114.28"}},{"v":2.2,"d":"$2.2"},{"v":357.13043520000014,"d":"$357"}]
[{"$f":"IF(I1844<>\"\",1+MAX($A$6:A1843),\"\")","v":""}]
[{"$f":"IF(I1845<>\"\",1+MAX($A$6:A1844),\"\")","v":""},{"$nulls":3},"SITE MISC. ITEMS"]
[{"$f":"IF(I1846<>\"\",1+MAX($A$6:A1845),\"\")","v":""}]
[{"$f":"IF(I1847<>\"\",1+MAX($A$6:A1846),\"\")","v":1310},"L1.1","L1.1",null,"Existing Fence To Be Repair / Refinish",{"v":407.58,"d":"408"},{"v":0.1,"d":"10%"},{"$f":"F1847*(1+G1847)","v":{"v":448.338,"d":"448"}},"LF",{"v":12,"d":"$12.0"},{"$f":"J1847*H1847","v":{"v":5380.0560000000005,"d":"$5,380.06"}},{"v":4,"d":"$4.00"},{"$f":"L1847*H1847","v":{"v":1793.352,"d":"$1,793.35"}},{"v":16,"d":"$16.0"},{"$f":"N1847*H1847","v":{"v":7173.408,"d":"$7,173"}}]
[{"$f":"IF(I1848<>\"\",1+MAX($A$6:A1847),\"\")","v":1311},"L1.1","L1.1",null,"Re-Shaped Existing Pond",{"v":189.85,"d":"190"},{"v":0.1,"d":"10%"},{"v":208.835,"d":"209"},"SF",{"v":68,"d":"$68.0"},{"$f":"J1848*H1848","v":{"v":14200.78,"d":"$14,200.78"}},{"v":28,"d":"$28.00"},{"$f":"L1848*H1848","v":{"v":5847.38,"d":"$5,847.38"}},{"v":96,"d":"$96.0"},{"v":20048.16,"d":"$20,048"}]
[{"$f":"IF(I1849<>\"\",1+MAX($A$6:A1848),\"\")","v":1312},"L1.1","L1.1",null,"Re-Shaped Existing SPA",{"v":35.25,"d":"35"},{"v":0.1,"d":"10%"},{"v":38.775000000000006,"d":"39"},"SF",{"v":58,"d":"$58.0"},{"v":2248.9500000000003,"d":"$2,248.95"},{"v":22,"d":"$22.00"},{"v":853.0500000000002,"d":"$853.05"},{"v":80,"d":"$80.0"},{"v":3102.0000000000005,"d":"$3,102"}]
[{"$f":"IF(I1850<>\"\",1+MAX($A$6:A1849),\"\")","v":1313},"L1.1","L1.1",null,"Re-Shaped Existing Fire Pit",{"v":20.1,"d":"20"},{"v":0.1,"d":"10%"},{"v":22.110000000000003,"d":"22"},"SF",{"v":72,"d":"$72.0"},{"v":1591.9200000000003,"d":"$1,591.92"},{"v":28,"d":"$28.00"},{"v":619.08,"d":"$619.08"},{"v":100,"d":"$100.0"},{"v":2211.0000000000005,"d":"$2,211"}]
[{"$f":"IF(I1851<>\"\",1+MAX($A$6:A1850),\"\")","v":1314},"L1.1","L1.1",null,"Existing Fence Gate To Be Repaired",1,{"v":0,"d":"0%"},1,"EA",{"v":140,"d":"$140.0"},{"$f":"J1851*H1851","v":{"v":140,"d":"$140.00"}},{"v":40,"d":"$40.00"},{"$f":"L1851*H1851","v":{"v":40,"d":"$40.00"}},{"v":180,"d":"$180.0"},{"v":180,"d":"$180"}]
[{"$f":"IF(I1852<>\"\",1+MAX($A$6:A1851),\"\")","v":""}]
[{"$f":"IF(I1853<>\"\",1+MAX($A$6:A1852),\"\")","v":""},{"$nulls":3},"LANDSCAPE"]
[{"$f":"IF(I1854<>\"\",1+MAX($A$6:A1853),\"\")","v":""},{"$nulls":3},"TREES"]
[{"$f":"IF(I1855<>\"\",1+MAX($A$6:A1854),\"\")","v":1315},"L7.1","L7.1",null,"Chinese Pistachio, Size Per Spacing: 36\" Box Std., Wucols: Water Use: Low, Mature Height: (20'x15')",4,{"v":0,"d":"0%"},{"$f":"F1855*(1+G1855)","v":4},"EA",{"v":1370.25,"d":"$1,370.3"},{"$f":"J1855*H1855","v":{"v":5481,"d":"$5,481.00"}},{"v":945,"d":"$945.00"},{"$f":"L1855*H1855","v":{"v":3780,"d":"$3,780.00"}},{"v":2315.25,"d":"$2,315.3"},{"$f":"N1855*H1855","v":{"v":9261,"d":"$9,261"}}]
[{"$f":"IF(I1856<>\"\",1+MAX($A$6:A1855),\"\")","v":1316},"L7.1","L7.1",null,"Saratogay Bay Laurel, Size Per Spacing: 36\" Box Std., Wucols: Water Use: Low, Mature Height: (25'x25')",3,{"v":0,"d":"0%"},{"$f":"F1856*(1+G1856)","v":3},"EA",{"v":1740,"d":"$1,740.0"},{"v":5220,"d":"$5,220.00"},{"v":1200,"d":"$1,200.00"},{"v":3600,"d":"$3,600.00"},{"v":2940,"d":"$2,940.0"},{"v":8820,"d":"$8,820"}]
[{"$f":"IF(I1857<>\"\",1+MAX($A$6:A1856),\"\")","v":1317},"L7.1","L7.1",null,"Crape Myrtle, Size Per Spacing: 36\" Box Std., Wucols: Water Use: Low, Mature Height: (20'x15')",6,{"v":0,"d":"0%"},{"$f":"F1857*(1+G1857)","v":6},"EA",{"v":1232.5,"d":"$1,232.5"},{"v":7395,"d":"$7,395.00"},{"v":850,"d":"$850.00"},{"v":5100,"d":"$5,100.00"},{"v":2082.5,"d":"$2,082.5"},{"v":12495,"d":"$12,495"}]
[{"$f":"IF(I1858<>\"\",1+MAX($A$6:A1857),\"\")","v":""}]
[{"$f":"IF(I1859<>\"\",1+MAX($A$6:A1858),\"\")","v":""},{"$nulls":3},"SHRUBS"]
[{"$f":"IF(I1860<>\"\",1+MAX($A$6:A1859),\"\")","v":1318},"L7.1","L7.1",null,"Berkeley Sedge, Size Per Spacing: 5 Gallon, Wucols: Water Use: Low, Mature Height: (0.25'x2')",58,{"v":0,"d":"0%"},{"$f":"F1860*(1+G1860)","v":58},"EA",{"v":42.05,"d":"$42.1"},{"$f":"J1860*H1860","v":{"v":2438.8999999999996,"d":"$2,438.90"}},{"v":29,"d":"$29.00"},{"$f":"L1860*H1860","v":{"v":1682,"d":"$1,682.00"}},{"v":71.05,"d":"$71.1"},{"$f":"N1860*H1860","v":{"v":4120.9,"d":"$4,121"}}]
[{"$f":"IF(I1861<>\"\",1+MAX($A$6:A1860),\"\")","v":1319},"L7.1","L7.1",null,"Variegated Dwarf Mat Rush, Size Per Spacing: 5 Gallon, Wucols: Water Use: Low, Mature Height: (3'x3')",49,{"v":0,"d":"0%"},{"$f":"F1861*(1+G1861)","v":49},"EA",{"v":68.14999999999999,"d":"$68.2"},{"v":3339.3499999999995,"d":"$3,339.35"},{"v":47,"d":"$47.00"},{"v":2303,"d":"$2,303.00"},{"v":115.14999999999999,"d":"$115.2"},{"v":5642.349999999999,"d":"$5,642"}]
[{"$f":"IF(I1862<>\"\",1+MAX($A$6:A1861),\"\")","v":1320},"L7.1","L7.1",null,"Yellow Wave New Zealand Flax, Size Per Spacing: 5 Gallon, Wucols: Water Use: Low, Mature Height: (0.25'x2')",8,{"v":0,"d":"0%"},{"$f":"F1862*(1+G1862)","v":8},"EA",{"v":33.35,"d":"$33.4"},{"v":266.8,"d":"$266.80"},{"v":23,"d":"$23.00"},{"v":184,"d":"$184.00"},{"v":56.35,"d":"$56.4"},{"v":450.8,"d":"$451"}]
[{"$f":"IF(I1863<>\"\",1+MAX($A$6:A1862),\"\")","v":""}]
[{"$f":"IF(I1864<>\"\",1+MAX($A$6:A1863),\"\")","v":""},{"$nulls":3},"GROUND COVERS"]
[{"$f":"IF(I1865<>\"\",1+MAX($A$6:A1864),\"\")","v":1321},"L7.1","L7.1",null,"Heavenly Green Or Equal",{"v":1001.27,"d":"1001"},{"v":0.1,"d":"10%"},{"$f":"F1865*(1+G1865)","v":{"v":1101.3970000000002,"d":"1101"}},"SF",{"v":0.899,"d":"$0.9"},{"$f":"J1865*H1865","v":{"v":990.1559030000002,"d":"$990.16"}},{"v":0.62,"d":"$0.62"},{"$f":"L1865*H1865","v":{"v":682.8661400000001,"d":"$682.87"}},{"v":1.5190000000000001,"d":"$1.5"},{"$f":"N1865*H1865","v":{"v":1673.0220430000004,"d":"$1,673"}}]
[{"$f":"IF(I1866<>\"\",1+MAX($A$6:A1865),\"\")","v":1322},"L7.1","L7.1",null,"Low Fast Coast Roseamary, Size Per Spacing: 1 Gallon, Wucols: Water Use: Low, Mature Height: (1'x2')",{"$f":"2*50","v":100},{"v":0.1,"d":"10%"},{"$f":"F1866*(1+G1866)","v":{"v":110.00000000000001,"d":"110"}},"SF",{"v":1.16,"d":"$1.2"},{"v":127.60000000000001,"d":"$127.60"},{"v":0.8,"d":"$0.80"},{"v":88.00000000000001,"d":"$88.00"},{"v":1.96,"d":"$2.0"},{"v":215.60000000000002,"d":"$216"}]
[{"$f":"IF(I1867<>\"\",1+MAX($A$6:A1866),\"\")","v":""}]
[{"$f":"IF(I1868<>\"\",1+MAX($A$6:A1867),\"\")","v":1323},"L1.1","L1.1",null,"Raised Planter",{"v":123.21,"d":"123"},{"v":0.1,"d":"10%"},{"$f":"F1868*(1+G1868)","v":{"v":135.531,"d":"136"}},"SF",{"v":12.4,"d":"$12.4"},{"$f":"J1868*H1868","v":{"v":1680.5844000000002,"d":"$1,680.58"}},{"v":7.6,"d":"$7.60"},{"$f":"L1868*H1868","v":{"v":1030.0356,"d":"$1,030.04"}},{"v":20,"d":"$20.0"},{"$f":"N1868*H1868","v":{"v":2710.62,"d":"$2,711"}}]
[{"$f":"IF(I1869<>\"\",1+MAX($A$6:A1868),\"\")","v":1324},"L1.1","L1.1",null,"Synthetic Turf",{"v":1004.04,"d":"1,004"},{"v":0.1,"d":"10%"},{"$f":"F1869*(1+G1869)","v":{"v":1104.444,"d":"1104"}},"SF",{"v":10.72,"d":"$10.7"},{"$f":"J1869*H1869","v":{"v":11839.63968,"d":"$11,839.64"}},{"v":5.28,"d":"$5.28"},{"$f":"L1869*H1869","v":{"v":5831.46432,"d":"$5,831.46"}},{"v":16,"d":"$16.0"},{"$f":"N1869*H1869","v":{"v":17671.104,"d":"$17,671"}}]
[{"$f":"IF(I1870<>\"\",1+MAX($A$6:A1869),\"\")","v":""}]
[{"$f":"IF(I1871<>\"\",1+MAX($A$6:A1870),\"\")","v":""},{"$nulls":3},"EROSION CONTROL"]
[{"$f":"IF(I1872<>\"\",1+MAX($A$6:A1871),\"\")","v":""}]
[{"$f":"IF(I1873<>\"\",1+MAX($A$6:A1872),\"\")","v":1325},"C-2","C-2",null,"(6\"-12\") Crushed Rocked Construction Entrance",{"v":494.86,"d":"495"},{"v":0.1,"d":"10%"},{"$f":"F1873*(1+G1873)","v":{"v":544.346,"d":"544"}},"SF",{"v":7,"d":"$7.0"},{"$f":"J1873*H1873","v":{"v":3810.422,"d":"$3,810.42"}},{"v":12,"d":"$12.00"},{"$f":"L1873*H1873","v":{"v":6532.152,"d":"$6,532.15"}},{"v":19,"d":"$19.0"},{"$f":"N1873*H1873","v":{"v":10342.574,"d":"$10,343"}}]
[{"$f":"IF(I1874<>\"\",1+MAX($A$6:A1873),\"\")","v":1326},"C-2","C-2",null,"Filter Fabric",{"v":494.86,"d":"495"},{"v":0.1,"d":"10%"},{"v":544.346,"d":"544"},"SF",{"v":0.86,"d":"$0.9"},{"$f":"J1874*H1874","v":{"v":468.13756,"d":"$468.14"}},{"v":0.35,"d":"$0.35"},{"$f":"L1874*H1874","v":{"v":190.5211,"d":"$190.52"}},{"v":1.21,"d":"$1.2"},{"v":658.6586599999999,"d":"$659"}]
[{"$f":"IF(I1875<>\"\",1+MAX($A$6:A1874),\"\")","v":1327},"C-2","C-2",null,"Install Fiber Rolls",{"v":381.89,"d":"382"},{"v":0.1,"d":"10%"},{"v":420.079,"d":"420"},"LF",{"v":1.88,"d":"$1.9"},{"$f":"J1875*H1875","v":{"v":789.74852,"d":"$789.75"}},{"v":2.12,"d":"$2.12"},{"$f":"L1875*H1875","v":{"v":890.56748,"d":"$890.57"}},{"v":4,"d":"$4.0"},{"v":1680.316,"d":"$1,680"}]
[{"$f":"IF(I1876<>\"\",1+MAX($A$6:A1875),\"\")","v":""}]
[{"$f":"IF(I1877<>\"\",1+MAX($A$6:A1876),\"\")","v":""},null,null,"DIV. 33","UTILITIES",{"$nulls":10},{"$f":"SUM(O1879:O1932)","v":{"v":47126.6295,"d":"$47,127"}}]
[{"$f":"IF(I1878<>\"\",1+MAX($A$6:A1877),\"\")","v":""}]
[{"$f":"IF(I1879<>\"\",1+MAX($A$6:A1878),\"\")","v":""},{"$nulls":3},"STORM ITEMS"]
[{"$f":"IF(I1880<>\"\",1+MAX($A$6:A1879),\"\")","v":""}]
[{"$f":"IF(I1881<>\"\",1+MAX($A$6:A1880),\"\")","v":""},{"$nulls":3},"STORM PIPES"]
[{"$f":"IF(I1882<>\"\",1+MAX($A$6:A1881),\"\")","v":""}]
[{"$f":"IF(I1883<>\"\",1+MAX($A$6:A1882),\"\")","v":1328},"C-1","C-1",null,"4\" Dia PVC Drain Pipe",{"v":599.5,"d":"600"},{"v":0.1,"d":"10%"},{"$f":"F1883*(1+G1883)","v":{"v":659.45,"d":"659"}},"LF",{"v":6,"d":"$6.0"},{"$f":"J1883*H1883","v":{"v":3956.7000000000003,"d":"$3,956.70"}},{"v":6.37,"d":"$6.37"},{"$f":"L1883*H1883","v":{"v":4200.6965,"d":"$4,200.70"}},{"v":12.370000000000001,"d":"$12.4"},{"$f":"N1883*H1883","v":{"v":8157.396500000002,"d":"$8,157"}}]
[{"$f":"IF(I1884<>\"\",1+MAX($A$6:A1883),\"\")","v":1329},"C-1","C-1",null,"4\" Dia PVC Perforated Drain Pipe",{"v":202.12,"d":"202"},{"v":0.1,"d":"10%"},{"$f":"F1884*(1+G1884)","v":{"v":222.33200000000002,"d":"222"}},"LF",{"v":6,"d":"$6.0"},{"$f":"J1884*H1884","v":{"v":1333.9920000000002,"d":"$1,333.99"}},{"v":7,"d":"$7.00"},{"$f":"L1884*H1884","v":{"v":1556.324,"d":"$1,556.32"}},{"v":13,"d":"$13.0"},{"$f":"N1884*H1884","v":{"v":2890.3160000000003,"d":"$2,890"}}]
[{"$f":"IF(I1885<>\"\",1+MAX($A$6:A1884),\"\")","v":""}]
[{"$f":"IF(I1886<>\"\",1+MAX($A$6:A1885),\"\")","v":""},{"$nulls":3},"STORM BENDS"]
[{"$f":"IF(I1887<>\"\",1+MAX($A$6:A1886),\"\")","v":""}]
[{"$f":"IF(I1888<>\"\",1+MAX($A$6:A1887),\"\")","v":1330},"C-1","C-1",null,"4\" PVC Elbow",24,{"v":0,"d":"0%"},{"$f":"F1888*(1+G1888)","v":24},"EA",{"v":14,"d":"$14.0"},{"$f":"J1888*H1888","v":{"v":336,"d":"$336.00"}},{"v":35,"d":"$35.00"},{"$f":"L1888*H1888","v":{"v":840,"d":"$840.00"}},{"v":49,"d":"$49.0"},{"$f":"N1888*H1888","v":{"v":1176,"d":"$1,176"}}]
[{"$f":"IF(I1889<>\"\",1+MAX($A$6:A1888),\"\")","v":""}]
[{"$f":"IF(I1890<>\"\",1+MAX($A$6:A1889),\"\")","v":""},{"$nulls":3},"STORM MISC. ITEMS"]
[{"$f":"IF(I1891<>\"\",1+MAX($A$6:A1890),\"\")","v":""}]
[{"$f":"IF(I1892<>\"\",1+MAX($A$6:A1891),\"\")","v":1331},"C-1","C-1",null,"6\" Storm Drain Cleanout",4,{"v":0,"d":"0%"},{"$f":"F1892*(1+G1892)","v":4},"EA",{"v":84,"d":"$84.0"},{"$f":"J1892*H1892","v":{"v":336,"d":"$336.00"}},{"v":115.99999999999999,"d":"$116.00"},{"$f":"L1892*H1892","v":{"v":463.99999999999994,"d":"$464.00"}},{"v":200,"d":"$200.0"},{"$f":"N1892*H1892","v":{"v":800,"d":"$800"}}]
[{"$f":"IF(I1893<>\"\",1+MAX($A$6:A1892),\"\")","v":1332},"C-1","C-1",null,"8\" Dia Area Drain",9,{"v":0,"d":"0%"},{"$f":"F1893*(1+G1893)","v":9},"EA",{"v":28.6,"d":"$28.6"},{"$f":"J1893*H1893","v":{"v":257.40000000000003,"d":"$257.40"}},{"v":52,"d":"$52.00"},{"$f":"L1893*H1893","v":{"v":468,"d":"$468.00"}},{"v":80.6,"d":"$80.6"},{"$f":"N1893*H1893","v":{"v":725.4,"d":"$725"}}]
[{"$f":"IF(I1894<>\"\",1+MAX($A$6:A1893),\"\")","v":1333},"C-1","C-1",null,"Catch Basin , Size: (2'X2')",1,{"v":0,"d":"0%"},1,"EA",{"v":215.04,"d":"$215.0"},{"$f":"J1894*H1894","v":{"v":215.04,"d":"$215.04"}},{"v":512,"d":"$512.00"},{"$f":"L1894*H1894","v":{"v":512,"d":"$512.00"}},{"v":727.04,"d":"$727.0"},{"v":727.04,"d":"$727"}]
[{"$f":"IF(I1895<>\"\",1+MAX($A$6:A1894),\"\")","v":1334},"C-1","C-1",null,"Sump Pump w/ Pit , Size: (2'X2')",1,{"v":0,"d":"0%"},1,"EA",{"v":252,"d":"$252.0"},{"$f":"J1895*H1895","v":{"v":252,"d":"$252.00"}},{"v":600,"d":"$600.00"},{"$f":"L1895*H1895","v":{"v":600,"d":"$600.00"}},{"v":852,"d":"$852.0"},{"v":852,"d":"$852"}]
[{"$f":"IF(I1896<>\"\",1+MAX($A$6:A1895),\"\")","v":1335},"C-1","C-1",null,"Lift Station , Size: (2'X2')",1,{"v":0,"d":"0%"},1,"EA",{"v":235.2,"d":"$235.2"},{"$f":"J1896*H1896","v":{"v":235.2,"d":"$235.20"}},{"v":560,"d":"$560.00"},{"$f":"L1896*H1896","v":{"v":560,"d":"$560.00"}},{"v":795.2,"d":"$795.2"},{"v":795.2,"d":"$795"}]
[{"$f":"IF(I1897<>\"\",1+MAX($A$6:A1896),\"\")","v":1336},"C-1","C-1",null,"Infiltration Device , Size: (6'X6')",2,{"v":0,"d":"0%"},2,"EA",{"v":1890,"d":"$1,890.0"},{"$f":"J1897*H1897","v":{"v":3780,"d":"$3,780.00"}},{"v":2250,"d":"$2,250.00"},{"$f":"L1897*H1897","v":{"v":4500,"d":"$4,500.00"}},{"v":4140,"d":"$4,140.0"},{"v":8280,"d":"$8,280"}]
[{"$f":"IF(I1898<>\"\",1+MAX($A$6:A1897),\"\")","v":""}]
[{"$f":"IF(I1899<>\"\",1+MAX($A$6:A1898),\"\")","v":""},{"$nulls":3},"UTILITIES ITEMS"]
[{"$f":"IF(I1900<>\"\",1+MAX($A$6:A1899),\"\")","v":""}]
[{"$f":"IF(I1901<>\"\",1+MAX($A$6:A1900),\"\")","v":""},{"$nulls":3},"UTILITIES PIPES"]
[{"$f":"IF(I1902<>\"\",1+MAX($A$6:A1901),\"\")","v":""}]
[{"$f":"IF(I1903<>\"\",1+MAX($A$6:A1902),\"\")","v":1337},"C-4","C-4",null,"2\" Dia Water Pipe - Materials Not Found",{"v":82.94,"d":"83"},{"v":0.1,"d":"10%"},{"$f":"F1903*(1+G1903)","v":{"v":91.23400000000001,"d":"91"}},"LF",{"v":31.5,"d":"$31.5"},{"$f":"J1903*H1903","v":{"v":2873.871,"d":"$2,873.87"}},{"v":43.5,"d":"$43.50"},{"$f":"L1903*H1903","v":{"v":3968.6790000000005,"d":"$3,968.68"}},{"v":75,"d":"$75.0"},{"$f":"N1903*H1903","v":{"v":6842.550000000001,"d":"$6,843"}}]
[{"$f":"IF(I1904<>\"\",1+MAX($A$6:A1903),\"\")","v":1338},"C-4","C-4",null,"4\" Dia PVC Sanitary Sewer Pipe",{"v":67.11,"d":"67"},{"v":0.1,"d":"10%"},{"$f":"F1904*(1+G1904)","v":{"v":73.82100000000001,"d":"74"}},"LF",{"v":10.5,"d":"$10.5"},{"$f":"J1904*H1904","v":{"v":775.1205000000001,"d":"$775.12"}},{"v":14.499999999999998,"d":"$14.50"},{"$f":"L1904*H1904","v":{"v":1070.4045,"d":"$1,070.40"}},{"v":25,"d":"$25.0"},{"v":1845.5250000000003,"d":"$1,846"}]
[{"$f":"IF(I1905<>\"\",1+MAX($A$6:A1904),\"\")","v":1339},"C-4","C-4",null,"2\" New Gas Pipe - Size Assumed",{"v":14.34,"d":"14"},{"v":0.1,"d":"10%"},{"$f":"F1905*(1+G1905)","v":{"v":15.774000000000001,"d":"16"}},"LF",{"v":5,"d":"$5.0"},{"$f":"J1905*H1905","v":{"v":78.87,"d":"$78.87"}},{"v":8,"d":"$8.00"},{"$f":"L1905*H1905","v":{"v":126.19200000000001,"d":"$126.19"}},{"v":13,"d":"$13.0"},{"$f":"N1905*H1905","v":{"v":205.062,"d":"$205"}}]
[{"$f":"IF(I1906<>\"\",1+MAX($A$6:A1905),\"\")","v":1340},"C-4","C-4",null,"24\" Wide Joint Trench (Electric , Gas , Phone, Cable)",{"v":59.45,"d":"59"},{"v":0.1,"d":"10%"},{"v":65.39500000000001,"d":"65"},"LF",{"v":10.5,"d":"$10.5"},{"$f":"J1906*H1906","v":{"v":686.6475000000002,"d":"$686.65"}},{"v":14.499999999999998,"d":"$14.50"},{"$f":"L1906*H1906","v":{"v":948.2275000000001,"d":"$948.23"}},{"v":25,"d":"$25.0"},{"v":1634.8750000000002,"d":"$1,635"}]
[{"$f":"IF(I1907<>\"\",1+MAX($A$6:A1906),\"\")","v":""}]
[{"$f":"IF(I1908<>\"\",1+MAX($A$6:A1907),\"\")","v":""},{"$nulls":3},"UTILITIES BENDS"]
[{"$f":"IF(I1909<>\"\",1+MAX($A$6:A1908),\"\")","v":""}]
[{"$f":"IF(I1910<>\"\",1+MAX($A$6:A1909),\"\")","v":1341},"C-4","C-4",null,"2\" 90 Degree Bend",1,{"v":0,"d":"0%"},{"$f":"F1910*(1+G1910)","v":1},"EA",{"v":15,"d":"$15.0"},{"$f":"J1910*H1910","v":{"v":15,"d":"$15.00"}},{"v":62,"d":"$62.00"},{"$f":"L1910*H1910","v":{"v":62,"d":"$62.00"}},{"v":77,"d":"$77.0"},{"$f":"N1910*H1910","v":{"v":77,"d":"$77"}}]
[{"$f":"IF(I1911<>\"\",1+MAX($A$6:A1910),\"\")","v":""}]
[{"$f":"IF(I1912<>\"\",1+MAX($A$6:A1911),\"\")","v":""},{"$nulls":3},"UTILITIES MISC. ITEMS"]
[{"$f":"IF(I1913<>\"\",1+MAX($A$6:A1912),\"\")","v":""}]
[{"$f":"IF(I1914<>\"\",1+MAX($A$6:A1913),\"\")","v":1342},"C-4","C-4",null,"Existing Water Meter To Be Upgraded",1,{"v":0,"d":"0%"},{"$f":"F1914*(1+G1914)","v":1},"EA",{"v":176,"d":"$176.0"},{"$f":"J1914*H1914","v":{"v":176,"d":"$176.00"}},{"v":550,"d":"$550.00"},{"$f":"L1914*H1914","v":{"v":550,"d":"$550.00"}},{"v":726,"d":"$726.0"},{"$f":"N1914*H1914","v":{"v":726,"d":"$726"}}]
[{"$f":"IF(I1915<>\"\",1+MAX($A$6:A1914),\"\")","v":1343},"C-4","C-4",null,"Connect Existing Water Pipe To New Water Pipe",1,{"v":0,"d":"0%"},1,"EA",{"v":100,"d":"$100.0"},{"$f":"J1915*H1915","v":{"v":100,"d":"$100.00"}},{"v":50,"d":"$50.00"},{"$f":"L1915*H1915","v":{"v":50,"d":"$50.00"}},{"v":150,"d":"$150.0"},{"v":150,"d":"$150"}]
[{"$f":"IF(I1916<>\"\",1+MAX($A$6:A1915),\"\")","v":1344},"C-4","C-4",null,"6\" Sanitary Sewer Cleanout",3,{"v":0,"d":"0%"},{"$f":"F1916*(1+G1916)","v":3},"EA",{"v":84,"d":"$84.0"},{"v":252,"d":"$252.00"},{"v":115.99999999999999,"d":"$116.00"},{"v":347.99999999999994,"d":"$348.00"},{"v":200,"d":"$200.0"},{"$f":"N1916*H1916","v":{"v":600,"d":"$600"}}]
[{"$f":"IF(I1917<>\"\",1+MAX($A$6:A1916),\"\")","v":1345},"C-4","C-4",null,"4\" Back Water Valve",1,{"v":0,"d":"0%"},1,"EA",{"v":203,"d":"$203.0"},{"$f":"J1917*H1917","v":{"v":203,"d":"$203.00"}},{"v":350,"d":"$350.00"},{"$f":"L1917*H1917","v":{"v":350,"d":"$350.00"}},{"v":553,"d":"$553.0"},{"v":553,"d":"$553"}]
[{"$f":"IF(I1918<>\"\",1+MAX($A$6:A1917),\"\")","v":1346},"C-4","C-4",null,"Connect Existing Sewer Pipe To New Sewer Pipe",1,{"v":0,"d":"0%"},1,"EA",{"v":200,"d":"$200.0"},{"v":200,"d":"$200.00"},{"v":120,"d":"$120.00"},{"v":120,"d":"$120.00"},{"v":320,"d":"$320.0"},{"v":320,"d":"$320"}]
[{"$f":"IF(I1919<>\"\",1+MAX($A$6:A1918),\"\")","v":1347},"C-4","C-4",null,"Connect Existing Gas Pipe To New Gas Pipe",1,{"v":0,"d":"0%"},1,"EA",{"v":180,"d":"$180.0"},{"v":180,"d":"$180.00"},{"v":100,"d":"$100.00"},{"v":100,"d":"$100.00"},{"v":280,"d":"$280.0"},{"v":280,"d":"$280"}]
[{"$f":"IF(I1920<>\"\",1+MAX($A$6:A1919),\"\")","v":1348},"C-4","C-4",null,"New Gas Meter",1,{"v":0,"d":"0%"},1,"EA",{"v":243.6,"d":"$243.6"},{"$f":"J1920*H1920","v":{"v":243.6,"d":"$243.60"}},{"v":420,"d":"$420.00"},{"$f":"L1920*H1920","v":{"v":420,"d":"$420.00"}},{"v":663.6,"d":"$663.6"},{"v":663.6,"d":"$664"}]
[{"$f":"IF(I1921<>\"\",1+MAX($A$6:A1920),\"\")","v":1349},"C-4","C-4",null,"200A Electrical Meter",1,{"v":0,"d":"0%"},1,"EA",{"v":207.05999999999997,"d":"$207.1"},{"v":207.05999999999997,"d":"$207.06"},{"v":357,"d":"$357.00"},{"v":357,"d":"$357.00"},{"v":564.06,"d":"$564.1"},{"v":564.06,"d":"$564"}]
[{"$f":"IF(I1922<>\"\",1+MAX($A$6:A1921),\"\")","v":""}]
[{"$f":"IF(I1923<>\"\",1+MAX($A$6:A1922),\"\")","v":""},{"$nulls":3},"IRRIGATION ITEMS"]
[{"$f":"IF(I1924<>\"\",1+MAX($A$6:A1923),\"\")","v":""}]
[{"$f":"IF(I1925<>\"\",1+MAX($A$6:A1924),\"\")","v":""},{"$nulls":3},"IRRIGATION PIPES"]
[{"$f":"IF(I1926<>\"\",1+MAX($A$6:A1925),\"\")","v":""}]
[{"$f":"IF(I1927<>\"\",1+MAX($A$6:A1926),\"\")","v":1350},"C-4","C-4",null,"PVC Main Supply Line",{"v":299.31,"d":"299"},{"v":0.1,"d":"10%"},{"$f":"F1927*(1+G1927)","v":{"v":329.24100000000004,"d":"329"}},"LF",{"v":2,"d":"$2.0"},{"$f":"J1927*H1927","v":{"v":658.4820000000001,"d":"$658.48"}},{"v":3,"d":"$3.00"},{"$f":"L1927*H1927","v":{"v":987.7230000000002,"d":"$987.72"}},{"v":5,"d":"$5.0"},{"$f":"N1927*H1927","v":{"v":1646.2050000000002,"d":"$1,646"}}]
[{"$f":"IF(I1928<>\"\",1+MAX($A$6:A1927),\"\")","v":""}]
[{"$f":"IF(I1929<>\"\",1+MAX($A$6:A1928),\"\")","v":""},{"$nulls":3},"MISC. ITEMS"]
[{"$f":"IF(I1930<>\"\",1+MAX($A$6:A1929),\"\")","v":""}]
[{"$f":"IF(I1931<>\"\",1+MAX($A$6:A1930),\"\")","v":1351},"C-4","C-4",null,"Backflow Preventer Assembly - Pre Assembly",5,{"v":0,"d":"0%"},{"$f":"F1931*(1+G1931)","v":5},"EA",{"v":121.00000000000001,"d":"$121.0"},{"$f":"J1931*H1931","v":{"v":605.0000000000001,"d":"$605.00"}},{"v":220,"d":"$220.00"},{"$f":"L1931*H1931","v":{"v":1100,"d":"$1,100.00"}},{"v":341,"d":"$341.0"},{"$f":"N1931*H1931","v":{"v":1705,"d":"$1,705"}}]
[{"$f":"IF(I1932<>\"\",1+MAX($A$6:A1931),\"\")","v":1352},"C-4","C-4",null,"Netafim TLFV - 1 Line Flushing Valve",9,{"v":0,"d":"0%"},9,"EA",{"v":193.60000000000002,"d":"$193.6"},{"v":1742.4,"d":"$1,742.40"},{"v":352,"d":"$352.00"},{"v":3168,"d":"$3,168.00"},{"v":545.6,"d":"$545.6"},{"v":4910.400000000001,"d":"$4,910"}]
[{"$f":"IF(I1933<>\"\",1+MAX($A$1:A1777),\"\")","v":""}]
["SUB TOTAL",{"$nulls":13},{"$f":"SUM(O8:O1933)","v":{"v":2716744.082866719,"d":"$2,716,744"}},{"$f":"SUM(P7:P1933)","v":{"v":2716744.0828667167,"d":"$2,716,744"}}]
["OVERHEAD & PROFIT (25%)",{"$nulls":12},{"v":0.25,"d":"25%"},{"$f":"N1935*O1934","v":{"v":679186.0207166797,"d":"$679,186"}},{"$f":"N1935*P1934","v":{"v":679186.0207166792,"d":"$679,186"}}]
["TOTAL BID",{"$nulls":13},{"$f":"SUM(O1934:O1935)","v":{"v":3395930.1035833987,"d":"$3,395,930"}},{"$f":"SUM(P1934:P1935)","v":{"v":3395930.103583396,"d":"$3,395,930"}}]